{"text_format":"1","workbook":"xlsx","n_sheets":4,"sheets":["Materiales","Fórmulas","Resumen","Presupuestación"],"not_rendered":{"charts":0,"images":2,"macros":1,"external_links":0,"defined_names":3,"comments":0,"pivot_tables":0},"unopened":[],"bounds":{"document_bytes":16777216,"sheet_cells":100000,"rows_first":2000,"rows_last":500,"rows_between":2000,"halvings":0,"cell_chars":16384,"cell_head_chars":4096},"cells_cut":0,"cells_raw":0,"read":"whole","date_system":"1900"}

{"sheet":"Materiales","index":0,"n_rows":65536,"n_cols":8,"rows_kept":4500,"cut":true,"hidden":false,"merged":[[0,1,0,4]],"bounds":{"rows_first":2000,"rows_last":500,"rows_between":2000,"halvings":0}}
[null,"Factor de Afectación Global:"]
["Código","Recurso","Unidad","Precio","Precio Afectado","Factor de Afectación Particular","Rubro","Grupo"]
[{"$f":"IF(B3<>\"\",1,\"\")","v":1},"Arena","m3",20,{"$f":"IF(D3<>\"\",IF(AND($F$1<>\"\",F3<>\"\"),D3*$F$1*F3,IF($F$1<>\"\",D3*$F$1,IF(F3<>\"\",F3*D3,D3))),\"\")","v":20},null,"Aridos","MA"]
[{"$f":"IF(AND(B3<>\"\",B4<>\"\"),A3+1,\"\")","v":2},"Cemento","Kg",0.4,{"$f":"IF(D4<>\"\",IF(AND($F$1<>\"\",F4<>\"\"),D4*$F$1*F4,IF($F$1<>\"\",D4*$F$1,IF(F4<>\"\",F4*D4,D4))),\"\")","v":0.4},null,"Cales y Cementos","MA"]
[{"$f":"IF(AND(B4<>\"\",B5<>\"\"),A4+1,\"\")","v":3},"Cal","Kg",0.34,0.34,null,"Cales y Cementos","MA"]
[4,"Cemento de Albañilería","Kg",0.34,0.34,null,"Cales y Cementos","MA"]
[5,"Hierro","Kg",8,8,null,"Hierros","MA"]
[6,"Piedra ","Tn",25,25,null,"Aridos","MA"]
[7,"Clavos","Kg",6.5,6.5,null,"Hierros","MA"]
[8,"Alambre","Kg",6.5,6.5,null,"Hierros","MA"]
[9,"Oficial","Hs",6.5,6.5,null,"Mano de Obra","MO"]
[10,"Ayudante","Hs",4.5,4.5,null,"Mano de Obra","MO"]
[11,"Trompo","Hs",20,20,null,"Equipos","EH"]
[12,"Camión","Hs",75,75,null,"Equipos","EH"]
[13,"Retroexcavadora","Hs",85,85,null,"Equipos","EH"]
[14,"Enseres de Obra Indeterminados","Gl",2.5,2.5,null,"Herramientas","EH"]
[15,"Pegamento Cerámicos","Kg",0.3,0.3,null,"Cales y Cementos","MA"]
[16,"Cemento blanco","kg",0.32,0.32,null,"Cales y Cementos","MA"]
[17,"Azulejos 15 x 15","m2",15,15,null,"Pisos","MA"]
[18,"Baldosa 30 x 30","m2",45,45,null,"Pisos","MA"]
[19,"Fe 10","Kg",8,8,null,"Hierros","MA"]
[20,"Bloque de Hormigón 10 x 20 x 40 1 cara vista","Nº",1.1499999999999999,1.1499999999999999,null,"Bloques y Ladrillos","MA"]
[21,"Bloque de Hormigón 20 x 20 x 40 1 cara vista","Nº",1.55,1.55,null,"Bloques y Ladrillos","MA"]
[22,"Bloque de Hormigón 10 x 20 x 40 2 caras vista","Nº",1.25,1.25,null,"Bloques y Ladrillos","MA"]
[23,"Bloque de Hormigón 20 x 20 x 40 2 caras vista","Nº",1.75,1.75,null,"Bloques y Ladrillos","MA"]
[24,"Bloque de Hormigón 10 x 19 x39","Nº",0.95,0.95,null,"Bloques y Ladrillos","MA"]
[25,"Bloque de Hormigón 20 x 19 x 39","Nº",1.1000000000000001,1.1000000000000001,null,"Bloques y Ladrillos","MA"]
[26,"Hidrófugo","Kg",4.5,4.5,null,"Aislaciones","MA"]
[27,"Ladrillo común","Nº",0.4,0.4,null,"Bloques y Ladrillos","MA"]
[28,"Cascote de Ladrillos molidos.","m3",50,50,null,"Bloques y Ladrillos","MA"]
[29,"Pastina para Cerámicos","Kg",2.5,2.5,null,"Cales y Cementos","MA"]
[30,"Cerámico 30 x 30","m2",19,19,null,"Pisos","MA"]
[31,"Adoquines","m2",25,25,null,"Pisos","MA"]
[32,"Ingeniero","Hs",60,60,null,"Mano de Obra","MO"]
[33,"Subcontrato Mano de Obra Pintura","Gl",5,5,null,"Mano de Obra","MO"]
[34,"Subcontrato Materiales Pintura","Gl",3,3,null,"Pintura","MA"]
[35,"Fe 8","Kg",6,6,null,"Hierros","MA"]
[36,"Fe 4,2","Kg",5,5,null,"Hierros","MA"]
[37,"Madera","m2",25,25,null,"Maderas","MA"]
["",null,null,null,""]
["",null,null,null,""]
["",null,null,null,""]
["",null,null,null,""]
["",null,null,null,""]
["",null,null,null,""]
["",null,null,null,""]
["",null,null,null,""]
["",null,null,null,""]
["",null,null,null,""]
["",null,null,null,""]
["",null,null,null,""]
["",null,null,null,""]
["",null,null,null,""]
["",null,null,null,""]
["",null,null,null,""]
["",null,null,null,""]
["",null,null,null,""]
["",null,null,null,""]
["",null,null,null,""]
["",null,null,null,""]
["",null,null,null,""]
["",null,null,null,""]
["",null,null,null,""]
["",null,null,null,""]
["",null,null,null,""]
["",null,null,null,""]
["",null,null,null,""]
["",null,null,null,{"$f":"IF(D68<>\"\",IF(AND($F$1<>\"\",F68<>\"\"),D68*$F$1*F68,IF($F$1<>\"\",D68*$F$1,IF(F68<>\"\",F68*D68,D68))),\"\")","v":""}]
[{"$f":"IF(AND(B68<>\"\",B69<>\"\"),A68+1,\"\")","v":""},null,null,null,""]
["",null,null,null,""]
["",null,null,null,""]
["",null,null,null,""]
["",null,null,null,""]
["",null,null,null,""]
["",null,null,null,""]
["",null,null,null,""]
["",null,null,null,""]
["",null,null,null,""]
["",null,null,null,""]
["",null,null,null,""]
["",null,null,null,""]
["",null,null,null,""]
["",null,null,null,""]
["",null,null,null,""]
["",null,null,null,""]
["",null,null,null,""]
["",null,null,null,""]
["",null,null,null,""]
["",null,null,null,""]
["",null,null,null,""]
["",null,null,null,""]
["",null,null,null,""]
["",null,null,null,""]
["",null,null,null,""]
["",null,null,null,""]
["",null,null,null,""]
["",null,null,null,""]
["",null,null,null,""]
["",null,null,null,""]
["",null,null,null,""]
["",null,null,null,""]
["",null,null,null,""]
["",null,null,null,""]
["",null,null,null,""]
["",null,null,null,""]
["",null,null,null,""]
["",null,null,null,""]
["",null,null,null,""]
["",null,null,null,""]
["",null,null,null,""]
["",null,null,null,""]
["",null,null,null,""]
["",null,null,null,""]
["",null,null,null,""]
["",null,null,null,""]
["",null,null,null,""]
["",null,null,null,""]
["",null,null,null,""]
["",null,null,null,""]
["",null,null,null,""]
["",null,null,null,""]
["",null,null,null,""]
["",null,null,null,""]
["",null,null,null,""]
["",null,null,null,""]
["",null,null,null,""]
["",null,null,null,""]
["",null,null,null,""]
["",null,null,null,""]
["",null,null,null,""]
["",null,null,null,""]
["",null,null,null,{"$f":"IF(D132<>\"\",IF(AND($F$1<>\"\",F132<>\"\"),D132*$F$1*F132,IF($F$1<>\"\",D132*$F$1,IF(F132<>\"\",F132*D132,D132))),\"\")","v":""}]
[{"$f":"IF(AND(B132<>\"\",B133<>\"\"),A132+1,\"\")","v":""},null,null,null,""]
["",null,null,null,""]
["",null,null,null,""]
["",null,null,null,""]
["",null,null,null,""]
["",null,null,null,""]
["",null,null,null,""]
["",null,null,null,""]
["",null,null,null,""]
["",null,null,null,""]
["",null,null,null,""]
["",null,null,null,""]
["",null,null,null,""]
["",null,null,null,""]
["",null,null,null,""]
["",null,null,null,""]
["",null,null,null,""]
["",null,null,null,""]
["",null,null,null,""]
["",null,null,null,""]
["",null,null,null,""]
["",null,null,null,""]
["",null,null,null,""]
["",null,null,null,""]
["",null,null,null,""]
["",null,null,null,""]
["",null,null,null,""]
["",null,null,null,""]
["",null,null,null,""]
["",null,null,null,""]
["",null,null,null,""]
["",null,null,null,""]
["",null,null,null,""]
["",null,null,null,""]
["",null,null,null,""]
["",null,null,null,""]
["",null,null,null,""]
["",null,null,null,""]
["",null,null,null,""]
["",null,null,null,""]
["",null,null,null,""]
["",null,null,null,""]
["",null,null,null,""]
["",null,null,null,""]
["",null,null,null,""]
["",null,null,null,""]
["",null,null,null,""]
["",null,null,null,""]
["",null,null,null,""]
["",null,null,null,""]
["",null,null,null,""]
["",null,null,null,""]
["",null,null,null,""]
["",null,null,null,""]
["",null,null,null,""]
["",null,null,null,""]
["",null,null,null,""]
["",null,null,null,""]
["",null,null,null,""]
["",null,null,null,""]
["",null,null,null,""]
["",null,null,null,""]
["",null,null,null,""]
["",null,null,null,{"$f":"IF(D196<>\"\",IF(AND($F$1<>\"\",F196<>\"\"),D196*$F$1*F196,IF($F$1<>\"\",D196*$F$1,IF(F196<>\"\",F196*D196,D196))),\"\")","v":""}]
[{"$f":"IF(AND(B196<>\"\",B197<>\"\"),A196+1,\"\")","v":""},null,null,null,""]
["",null,null,null,""]
["",null,null,null,""]
["",null,null,null,""]
["",null,null,null,""]
["",null,null,null,""]
["",null,null,null,""]
["",null,null,null,""]
["",null,null,null,""]
["",null,null,null,""]
["",null,null,null,""]
["",null,null,null,""]
["",null,null,null,""]
["",null,null,null,""]
["",null,null,null,""]
["",null,null,null,""]
["",null,null,null,""]
["",null,null,null,""]
["",null,null,null,""]
["",null,null,null,""]
["",null,null,null,""]
["",null,null,null,""]
["",null,null,null,""]
["",null,null,null,""]
["",null,null,null,""]
["",null,null,null,""]
["",null,null,null,""]
["",null,null,null,""]
["",null,null,null,""]
["",null,null,null,""]
["",null,null,null,""]
["",null,null,null,""]
["",null,null,null,""]
["",null,null,null,""]
["",null,null,null,""]
["",null,null,null,""]
["",null,null,null,""]
["",null,null,null,""]
["",null,null,null,""]
["",null,null,null,""]
["",null,null,null,""]
["",null,null,null,""]
["",null,null,null,""]
["",null,null,null,""]
["",null,null,null,""]
["",null,null,null,""]
["",null,null,null,""]
["",null,null,null,""]
["",null,null,null,""]
["",null,null,null,""]
["",null,null,null,""]
["",null,null,null,""]
["",null,null,null,""]
["",null,null,null,""]
["",null,null,null,""]
["",null,null,null,""]
["",null,null,null,""]
["",null,null,null,""]
["",null,null,null,""]
["",null,null,null,""]
["",null,null,null,""]
["",null,null,null,""]
["",null,null,null,""]
["",null,null,null,{"$f":"IF(D260<>\"\",IF(AND($F$1<>\"\",F260<>\"\"),D260*$F$1*F260,IF($F$1<>\"\",D260*$F$1,IF(F260<>\"\",F260*D260,D260))),\"\")","v":""}]
[{"$f":"IF(AND(B260<>\"\",B261<>\"\"),A260+1,\"\")","v":""},null,null,null,""]
["",null,null,null,""]
["",null,null,null,""]
["",null,null,null,""]
["",null,null,null,""]
["",null,null,null,""]
["",null,null,null,""]
["",null,null,null,""]
["",null,null,null,""]
["",null,null,null,""]
["",null,null,null,""]
["",null,null,null,""]
["",null,null,null,""]
["",null,null,null,""]
["",null,null,null,""]
["",null,null,null,""]
["",null,null,null,""]
["",null,null,null,""]
["",null,null,null,""]
["",null,null,null,""]
["",null,null,null,""]
["",null,null,null,""]
["",null,null,null,""]
["",null,null,null,""]
["",null,null,null,""]
["",null,null,null,""]
["",null,null,null,""]
["",null,null,null,""]
["",null,null,null,""]
["",null,null,null,""]
["",null,null,null,""]
["",null,null,null,""]
["",null,null,null,""]
["",null,null,null,""]
["",null,null,null,""]
["",null,null,null,""]
["",null,null,null,""]
["",null,null,null,""]
["",null,null,null,""]
["",null,null,null,""]
["",null,null,null,""]
["",null,null,null,""]
["",null,null,null,""]
["",null,null,null,""]
["",null,null,null,""]
["",null,null,null,""]
["",null,null,null,""]
["",null,null,null,""]
["",null,null,null,""]
["",null,null,null,""]
["",null,null,null,""]
["",null,null,null,""]
["",null,null,null,""]
["",null,null,null,""]
["",null,null,null,""]
["",null,null,null,""]
["",null,null,null,""]
["",null,null,null,""]
["",null,null,null,""]
["",null,null,null,""]
["",null,null,null,""]
["",null,null,null,""]
["",null,null,null,""]
["",null,null,null,{"$f":"IF(D324<>\"\",IF(AND($F$1<>\"\",F324<>\"\"),D324*$F$1*F324,IF($F$1<>\"\",D324*$F$1,IF(F324<>\"\",F324*D324,D324))),\"\")","v":""}]
[{"$f":"IF(AND(B324<>\"\",B325<>\"\"),A324+1,\"\")","v":""},null,null,null,""]
["",null,null,null,""]
["",null,null,null,""]
["",null,null,null,""]
["",null,null,null,""]
["",null,null,null,""]
["",null,null,null,""]
["",null,null,null,""]
["",null,null,null,""]
["",null,null,null,""]
["",null,null,null,""]
["",null,null,null,""]
["",null,null,null,""]
["",null,null,null,""]
["",null,null,null,""]
["",null,null,null,""]
["",null,null,null,""]
["",null,null,null,""]
["",null,null,null,""]
["",null,null,null,""]
["",null,null,null,""]
["",null,null,null,""]
["",null,null,null,""]
["",null,null,null,""]
["",null,null,null,""]
["",null,null,null,""]
["",null,null,null,""]
["",null,null,null,""]
["",null,null,null,""]
["",null,null,null,""]
["",null,null,null,""]
["",null,null,null,""]
["",null,null,null,""]
["",null,null,null,""]
["",null,null,null,""]
["",null,null,null,""]
["",null,null,null,""]
["",null,null,null,""]
["",null,null,null,""]
["",null,null,null,""]
["",null,null,null,""]
["",null,null,null,""]
["",null,null,null,""]
["",null,null,null,""]
["",null,null,null,""]
["",null,null,null,""]
["",null,null,null,""]
["",null,null,null,""]
["",null,null,null,""]
["",null,null,null,""]
["",null,null,null,""]
["",null,null,null,""]
["",null,null,null,""]
["",null,null,null,""]
["",null,null,null,""]
["",null,null,null,""]
["",null,null,null,""]
["",null,null,null,""]
["",null,null,null,""]
["",null,null,null,""]
["",null,null,null,""]
["",null,null,null,""]
["",null,null,null,""]
["",null,null,null,{"$f":"IF(D388<>\"\",IF(AND($F$1<>\"\",F388<>\"\"),D388*$F$1*F388,IF($F$1<>\"\",D388*$F$1,IF(F388<>\"\",F388*D388,D388))),\"\")","v":""}]
[{"$f":"IF(AND(B388<>\"\",B389<>\"\"),A388+1,\"\")","v":""},null,null,null,""]
["",null,null,null,""]
["",null,null,null,""]
["",null,null,null,""]
["",null,null,null,""]
["",null,null,null,""]
["",null,null,null,""]
["",null,null,null,""]
["",null,null,null,""]
["",null,null,null,""]
["",null,null,null,""]
["",null,null,null,""]
["",null,null,null,""]
["",null,null,null,""]
["",null,null,null,""]
["",null,null,null,""]
["",null,null,null,""]
["",null,null,null,""]
["",null,null,null,""]
["",null,null,null,""]
["",null,null,null,""]
["",null,null,null,""]
["",null,null,null,""]
["",null,null,null,""]
["",null,null,null,""]
["",null,null,null,""]
["",null,null,null,""]
["",null,null,null,""]
["",null,null,null,""]
["",null,null,null,""]
["",null,null,null,""]
["",null,null,null,""]
["",null,null,null,""]
["",null,null,null,""]
["",null,null,null,""]
["",null,null,null,""]
["",null,null,null,""]
["",null,null,null,""]
["",null,null,null,""]
["",null,null,null,""]
["",null,null,null,""]
["",null,null,null,""]
["",null,null,null,""]
["",null,null,null,""]
["",null,null,null,""]
["",null,null,null,""]
["",null,null,null,""]
["",null,null,null,""]
["",null,null,null,""]
["",null,null,null,""]
["",null,null,null,""]
["",null,null,null,""]
["",null,null,null,""]
["",null,null,null,""]
["",null,null,null,""]
["",null,null,null,""]
["",null,null,null,""]
["",null,null,null,""]
["",null,null,null,""]
["",null,null,null,""]
["",null,null,null,""]
["",null,null,null,""]
["",null,null,null,""]
["",null,null,null,{"$f":"IF(D452<>\"\",IF(AND($F$1<>\"\",F452<>\"\"),D452*$F$1*F452,IF($F$1<>\"\",D452*$F$1,IF(F452<>\"\",F452*D452,D452))),\"\")","v":""}]
[{"$f":"IF(AND(B452<>\"\",B453<>\"\"),A452+1,\"\")","v":""},null,null,null,""]
["",null,null,null,""]
["",null,null,null,""]
["",null,null,null,""]
["",null,null,null,""]
["",null,null,null,""]
["",null,null,null,""]
["",null,null,null,""]
["",null,null,null,""]
["",null,null,null,""]
["",null,null,null,""]
["",null,null,null,""]
["",null,null,null,""]
["",null,null,null,""]
["",null,null,null,""]
["",null,null,null,""]
["",null,null,null,""]
["",null,null,null,""]
["",null,null,null,""]
["",null,null,null,""]
["",null,null,null,""]
["",null,null,null,""]
["",null,null,null,""]
["",null,null,null,""]
["",null,null,null,""]
["",null,null,null,""]
["",null,null,null,""]
["",null,null,null,""]
["",null,null,null,""]
["",null,null,null,""]
["",null,null,null,""]
["",null,null,null,""]
["",null,null,null,""]
["",null,null,null,""]
["",null,null,null,""]
["",null,null,null,""]
["",null,null,null,""]
["",null,null,null,""]
["",null,null,null,""]
["",null,null,null,""]
["",null,null,null,""]
["",null,null,null,""]
["",null,null,null,""]
["",null,null,null,""]
["",null,null,null,""]
["",null,null,null,""]
["",null,null,null,""]
["",null,null,null,""]
["",null,null,null,""]
["",null,null,null,""]
["",null,null,null,""]
["",null,null,null,""]
["",null,null,null,""]
["",null,null,null,""]
["",null,null,null,""]
["",null,null,null,""]
["",null,null,null,""]
["",null,null,null,""]
["",null,null,null,""]
["",null,null,null,""]
["",null,null,null,""]
["",null,null,null,""]
["",null,null,null,""]
["",null,null,null,{"$f":"IF(D516<>\"\",IF(AND($F$1<>\"\",F516<>\"\"),D516*$F$1*F516,IF($F$1<>\"\",D516*$F$1,IF(F516<>\"\",F516*D516,D516))),\"\")","v":""}]
[{"$f":"IF(AND(B516<>\"\",B517<>\"\"),A516+1,\"\")","v":""},null,null,null,""]
["",null,null,null,""]
["",null,null,null,""]
["",null,null,null,""]
["",null,null,null,""]
["",null,null,null,""]
["",null,null,null,""]
["",null,null,null,""]
["",null,null,null,""]
["",null,null,null,""]
["",null,null,null,""]
["",null,null,null,""]
["",null,null,null,""]
["",null,null,null,""]
["",null,null,null,""]
["",null,null,null,""]
["",null,null,null,""]
["",null,null,null,""]
["",null,null,null,""]
["",null,null,null,""]
["",null,null,null,""]
["",null,null,null,""]
["",null,null,null,""]
["",null,null,null,""]
["",null,null,null,""]
["",null,null,null,""]
["",null,null,null,""]
["",null,null,null,""]
["",null,null,null,""]
["",null,null,null,""]
["",null,null,null,""]
["",null,null,null,""]
["",null,null,null,""]
["",null,null,null,""]
["",null,null,null,""]
["",null,null,null,""]
["",null,null,null,""]
["",null,null,null,""]
["",null,null,null,""]
["",null,null,null,""]
["",null,null,null,""]
["",null,null,null,""]
["",null,null,null,""]
["",null,null,null,""]
["",null,null,null,""]
["",null,null,null,""]
["",null,null,null,""]
["",null,null,null,""]
["",null,null,null,""]
["",null,null,null,""]
["",null,null,null,""]
["",null,null,null,""]
["",null,null,null,""]
["",null,null,null,""]
["",null,null,null,""]
["",null,null,null,""]
["",null,null,null,""]
["",null,null,null,""]
["",null,null,null,""]
["",null,null,null,""]
["",null,null,null,""]
["",null,null,null,""]
["",null,null,null,""]
["",null,null,null,{"$f":"IF(D580<>\"\",IF(AND($F$1<>\"\",F580<>\"\"),D580*$F$1*F580,IF($F$1<>\"\",D580*$F$1,IF(F580<>\"\",F580*D580,D580))),\"\")","v":""}]
[{"$f":"IF(AND(B580<>\"\",B581<>\"\"),A580+1,\"\")","v":""},null,null,null,""]
["",null,null,null,""]
["",null,null,null,""]
["",null,null,null,""]
["",null,null,null,""]
["",null,null,null,""]
["",null,null,null,""]
["",null,null,null,""]
["",null,null,null,""]
["",null,null,null,""]
["",null,null,null,""]
["",null,null,null,""]
["",null,null,null,""]
["",null,null,null,""]
["",null,null,null,""]
["",null,null,null,""]
["",null,null,null,""]
["",null,null,null,""]
["",null,null,null,""]
["",null,null,null,""]
["",null,null,null,""]
["",null,null,null,""]
["",null,null,null,""]
["",null,null,null,""]
["",null,null,null,""]
["",null,null,null,""]
["",null,null,null,""]
["",null,null,null,""]
["",null,null,null,""]
["",null,null,null,""]
["",null,null,null,""]
["",null,null,null,""]
["",null,null,null,""]
["",null,null,null,""]
["",null,null,null,""]
["",null,null,null,""]
["",null,null,null,""]
["",null,null,null,""]
["",null,null,null,""]
["",null,null,null,""]
["",null,null,null,""]
["",null,null,null,""]
["",null,null,null,""]
["",null,null,null,""]
["",null,null,null,""]
["",null,null,null,""]
["",null,null,null,""]
["",null,null,null,""]
["",null,null,null,""]
["",null,null,null,""]
["",null,null,null,""]
["",null,null,null,""]
["",null,null,null,""]
["",null,null,null,""]
["",null,null,null,""]
["",null,null,null,""]
["",null,null,null,""]
["",null,null,null,""]
["",null,null,null,""]
["",null,null,null,""]
["",null,null,null,""]
["",null,null,null,""]
["",null,null,null,""]
["",null,null,null,{"$f":"IF(D644<>\"\",IF(AND($F$1<>\"\",F644<>\"\"),D644*$F$1*F644,IF($F$1<>\"\",D644*$F$1,IF(F644<>\"\",F644*D644,D644))),\"\")","v":""}]
[{"$f":"IF(AND(B644<>\"\",B645<>\"\"),A644+1,\"\")","v":""},null,null,null,""]
["",null,null,null,""]
["",null,null,null,""]
["",null,null,null,""]
["",null,null,null,""]
["",null,null,null,""]
["",null,null,null,""]
["",null,null,null,""]
["",null,null,null,""]
["",null,null,null,""]
["",null,null,null,""]
["",null,null,null,""]
["",null,null,null,""]
["",null,null,null,""]
["",null,null,null,""]
["",null,null,null,""]
["",null,null,null,""]
["",null,null,null,""]
["",null,null,null,""]
["",null,null,null,""]
["",null,null,null,""]
["",null,null,null,""]
["",null,null,null,""]
["",null,null,null,""]
["",null,null,null,""]
["",null,null,null,""]
["",null,null,null,""]
["",null,null,null,""]
["",null,null,null,""]
["",null,null,null,""]
["",null,null,null,""]
["",null,null,null,""]
["",null,null,null,""]
["",null,null,null,""]
["",null,null,null,""]
["",null,null,null,""]
["",null,null,null,""]
["",null,null,null,""]
["",null,null,null,""]
["",null,null,null,""]
["",null,null,null,""]
["",null,null,null,""]
["",null,null,null,""]
["",null,null,null,""]
["",null,null,null,""]
["",null,null,null,""]
["",null,null,null,""]
["",null,null,null,""]
["",null,null,null,""]
["",null,null,null,""]
["",null,null,null,""]
["",null,null,null,""]
["",null,null,null,""]
["",null,null,null,""]
["",null,null,null,""]
["",null,null,null,""]
["",null,null,null,""]
["",null,null,null,""]
["",null,null,null,""]
["",null,null,null,""]
["",null,null,null,""]
["",null,null,null,""]
["",null,null,null,""]
["",null,null,null,{"$f":"IF(D708<>\"\",IF(AND($F$1<>\"\",F708<>\"\"),D708*$F$1*F708,IF($F$1<>\"\",D708*$F$1,IF(F708<>\"\",F708*D708,D708))),\"\")","v":""}]
[{"$f":"IF(AND(B708<>\"\",B709<>\"\"),A708+1,\"\")","v":""},null,null,null,""]
["",null,null,null,""]
["",null,null,null,""]
["",null,null,null,""]
["",null,null,null,""]
["",null,null,null,""]
["",null,null,null,""]
["",null,null,null,""]
["",null,null,null,""]
["",null,null,null,""]
["",null,null,null,""]
["",null,null,null,""]
["",null,null,null,""]
["",null,null,null,""]
["",null,null,null,""]
["",null,null,null,""]
["",null,null,null,""]
["",null,null,null,""]
["",null,null,null,""]
["",null,null,null,""]
["",null,null,null,""]
["",null,null,null,""]
["",null,null,null,""]
["",null,null,null,""]
["",null,null,null,""]
["",null,null,null,""]
["",null,null,null,""]
["",null,null,null,""]
["",null,null,null,""]
["",null,null,null,""]
["",null,null,null,""]
["",null,null,null,""]
["",null,null,null,""]
["",null,null,null,""]
["",null,null,null,""]
["",null,null,null,""]
["",null,null,null,""]
["",null,null,null,""]
["",null,null,null,""]
["",null,null,null,""]
["",null,null,null,""]
["",null,null,null,""]
["",null,null,null,""]
["",null,null,null,""]
["",null,null,null,""]
["",null,null,null,""]
["",null,null,null,""]
["",null,null,null,""]
["",null,null,null,""]
["",null,null,null,""]
["",null,null,null,""]
["",null,null,null,""]
["",null,null,null,""]
["",null,null,null,""]
["",null,null,null,""]
["",null,null,null,""]
["",null,null,null,""]
["",null,null,null,""]
["",null,null,null,""]
["",null,null,null,""]
["",null,null,null,""]
["",null,null,null,""]
["",null,null,null,""]
["",null,null,null,{"$f":"IF(D772<>\"\",IF(AND($F$1<>\"\",F772<>\"\"),D772*$F$1*F772,IF($F$1<>\"\",D772*$F$1,IF(F772<>\"\",F772*D772,D772))),\"\")","v":""}]
[{"$f":"IF(AND(B772<>\"\",B773<>\"\"),A772+1,\"\")","v":""},null,null,null,""]
["",null,null,null,""]
["",null,null,null,""]
["",null,null,null,""]
["",null,null,null,""]
["",null,null,null,""]
["",null,null,null,""]
["",null,null,null,""]
["",null,null,null,""]
["",null,null,null,""]
["",null,null,null,""]
["",null,null,null,""]
["",null,null,null,""]
["",null,null,null,""]
["",null,null,null,""]
["",null,null,null,""]
["",null,null,null,""]
["",null,null,null,""]
["",null,null,null,""]
["",null,null,null,""]
["",null,null,null,""]
["",null,null,null,""]
["",null,null,null,""]
["",null,null,null,""]
["",null,null,null,""]
["",null,null,null,""]
["",null,null,null,""]
["",null,null,null,""]
["",null,null,null,""]
["",null,null,null,""]
["",null,null,null,""]
["",null,null,null,""]
["",null,null,null,""]
["",null,null,null,""]
["",null,null,null,""]
["",null,null,null,""]
["",null,null,null,""]
["",null,null,null,""]
["",null,null,null,""]
["",null,null,null,""]
["",null,null,null,""]
["",null,null,null,""]
["",null,null,null,""]
["",null,null,null,""]
["",null,null,null,""]
["",null,null,null,""]
["",null,null,null,""]
["",null,null,null,""]
["",null,null,null,""]
["",null,null,null,""]
["",null,null,null,""]
["",null,null,null,""]
["",null,null,null,""]
["",null,null,null,""]
["",null,null,null,""]
["",null,null,null,""]
["",null,null,null,""]
["",null,null,null,""]
["",null,null,null,""]
["",null,null,null,""]
["",null,null,null,""]
["",null,null,null,""]
["",null,null,null,""]
["",null,null,null,{"$f":"IF(D836<>\"\",IF(AND($F$1<>\"\",F836<>\"\"),D836*$F$1*F836,IF($F$1<>\"\",D836*$F$1,IF(F836<>\"\",F836*D836,D836))),\"\")","v":""}]
[{"$f":"IF(AND(B836<>\"\",B837<>\"\"),A836+1,\"\")","v":""},null,null,null,""]
["",null,null,null,""]
["",null,null,null,""]
["",null,null,null,""]
["",null,null,null,""]
["",null,null,null,""]
["",null,null,null,""]
["",null,null,null,""]
["",null,null,null,""]
["",null,null,null,""]
["",null,null,null,""]
["",null,null,null,""]
["",null,null,null,""]
["",null,null,null,""]
["",null,null,null,""]
["",null,null,null,""]
["",null,null,null,""]
["",null,null,null,""]
["",null,null,null,""]
["",null,null,null,""]
["",null,null,null,""]
["",null,null,null,""]
["",null,null,null,""]
["",null,null,null,""]
["",null,null,null,""]
["",null,null,null,""]
["",null,null,null,""]
["",null,null,null,""]
["",null,null,null,""]
["",null,null,null,""]
["",null,null,null,""]
["",null,null,null,""]
["",null,null,null,""]
["",null,null,null,""]
["",null,null,null,""]
["",null,null,null,""]
["",null,null,null,""]
["",null,null,null,""]
["",null,null,null,""]
["",null,null,null,""]
["",null,null,null,""]
["",null,null,null,""]
["",null,null,null,""]
["",null,null,null,""]
["",null,null,null,""]
["",null,null,null,""]
["",null,null,null,""]
["",null,null,null,""]
["",null,null,null,""]
["",null,null,null,""]
["",null,null,null,""]
["",null,null,null,""]
["",null,null,null,""]
["",null,null,null,""]
["",null,null,null,""]
["",null,null,null,""]
["",null,null,null,""]
["",null,null,null,""]
["",null,null,null,""]
["",null,null,null,""]
["",null,null,null,""]
["",null,null,null,""]
["",null,null,null,""]
["",null,null,null,{"$f":"IF(D900<>\"\",IF(AND($F$1<>\"\",F900<>\"\"),D900*$F$1*F900,IF($F$1<>\"\",D900*$F$1,IF(F900<>\"\",F900*D900,D900))),\"\")","v":""}]
[{"$f":"IF(AND(B900<>\"\",B901<>\"\"),A900+1,\"\")","v":""},null,null,null,""]
["",null,null,null,""]
["",null,null,null,""]
["",null,null,null,""]
["",null,null,null,""]
["",null,null,null,""]
["",null,null,null,""]
["",null,null,null,""]
["",null,null,null,""]
["",null,null,null,""]
["",null,null,null,""]
["",null,null,null,""]
["",null,null,null,""]
["",null,null,null,""]
["",null,null,null,""]
["",null,null,null,""]
["",null,null,null,""]
["",null,null,null,""]
["",null,null,null,""]
["",null,null,null,""]
["",null,null,null,""]
["",null,null,null,""]
["",null,null,null,""]
["",null,null,null,""]
["",null,null,null,""]
["",null,null,null,""]
["",null,null,null,""]
["",null,null,null,""]
["",null,null,null,""]
["",null,null,null,""]
["",null,null,null,""]
["",null,null,null,""]
["",null,null,null,""]
["",null,null,null,""]
["",null,null,null,""]
["",null,null,null,""]
["",null,null,null,""]
["",null,null,null,""]
["",null,null,null,""]
["",null,null,null,""]
["",null,null,null,""]
["",null,null,null,""]
["",null,null,null,""]
["",null,null,null,""]
["",null,null,null,""]
["",null,null,null,""]
["",null,null,null,""]
["",null,null,null,""]
["",null,null,null,""]
["",null,null,null,""]
["",null,null,null,""]
["",null,null,null,""]
["",null,null,null,""]
["",null,null,null,""]
["",null,null,null,""]
["",null,null,null,""]
["",null,null,null,""]
["",null,null,null,""]
["",null,null,null,""]
["",null,null,null,""]
["",null,null,null,""]
["",null,null,null,""]
["",null,null,null,""]
["",null,null,null,{"$f":"IF(D964<>\"\",IF(AND($F$1<>\"\",F964<>\"\"),D964*$F$1*F964,IF($F$1<>\"\",D964*$F$1,IF(F964<>\"\",F964*D964,D964))),\"\")","v":""}]
[{"$f":"IF(AND(B964<>\"\",B965<>\"\"),A964+1,\"\")","v":""},null,null,null,""]
["",null,null,null,""]
["",null,null,null,""]
["",null,null,null,""]
["",null,null,null,""]
["",null,null,null,""]
["",null,null,null,""]
["",null,null,null,""]
["",null,null,null,""]
["",null,null,null,""]
["",null,null,null,""]
["",null,null,null,""]
["",null,null,null,""]
["",null,null,null,""]
["",null,null,null,""]
["",null,null,null,""]
["",null,null,null,""]
["",null,null,null,""]
["",null,null,null,""]
["",null,null,null,""]
["",null,null,null,""]
["",null,null,null,""]
["",null,null,null,""]
["",null,null,null,""]
["",null,null,null,""]
["",null,null,null,""]
["",null,null,null,""]
["",null,null,null,""]
["",null,null,null,""]
["",null,null,null,""]
["",null,null,null,""]
["",null,null,null,""]
["",null,null,null,""]
["",null,null,null,""]
["",null,null,null,""]
["",null,null,null,""]
["",null,null,null,""]
["",null,null,null,""]
["",null,null,null,""]
["",null,null,null,""]
["",null,null,null,""]
["",null,null,null,""]
["",null,null,null,""]
["",null,null,null,""]
["",null,null,null,""]
["",null,null,null,""]
["",null,null,null,""]
["",null,null,null,""]
["",null,null,null,""]
["",null,null,null,""]
["",null,null,null,""]
["",null,null,null,""]
["",null,null,null,""]
["",null,null,null,""]
["",null,null,null,""]
["",null,null,null,""]
["",null,null,null,""]
["",null,null,null,""]
["",null,null,null,""]
["",null,null,null,""]
["",null,null,null,""]
["",null,null,null,""]
["",null,null,null,""]
["",null,null,null,{"$f":"IF(D1028<>\"\",IF(AND($F$1<>\"\",F1028<>\"\"),D1028*$F$1*F1028,IF($F$1<>\"\",D1028*$F$1,IF(F1028<>\"\",F1028*D1028,D1028))),\"\")","v":""}]
[{"$f":"IF(AND(B1028<>\"\",B1029<>\"\"),A1028+1,\"\")","v":""},null,null,null,""]
["",null,null,null,""]
["",null,null,null,""]
["",null,null,null,""]
["",null,null,null,""]
["",null,null,null,""]
["",null,null,null,""]
["",null,null,null,""]
["",null,null,null,""]
["",null,null,null,""]
["",null,null,null,""]
["",null,null,null,""]
["",null,null,null,""]
["",null,null,null,""]
["",null,null,null,""]
["",null,null,null,""]
["",null,null,null,""]
["",null,null,null,""]
["",null,null,null,""]
["",null,null,null,""]
["",null,null,null,""]
["",null,null,null,""]
["",null,null,null,""]
["",null,null,null,""]
["",null,null,null,""]
["",null,null,null,""]
["",null,null,null,""]
["",null,null,null,""]
["",null,null,null,""]
["",null,null,null,""]
["",null,null,null,""]
["",null,null,null,""]
["",null,null,null,""]
["",null,null,null,""]
["",null,null,null,""]
["",null,null,null,""]
["",null,null,null,""]
["",null,null,null,""]
["",null,null,null,""]
["",null,null,null,""]
["",null,null,null,""]
["",null,null,null,""]
["",null,null,null,""]
["",null,null,null,""]
["",null,null,null,""]
["",null,null,null,""]
["",null,null,null,""]
["",null,null,null,""]
["",null,null,null,""]
["",null,null,null,""]
["",null,null,null,""]
["",null,null,null,""]
["",null,null,null,""]
["",null,null,null,""]
["",null,null,null,""]
["",null,null,null,""]
["",null,null,null,""]
["",null,null,null,""]
["",null,null,null,""]
["",null,null,null,""]
["",null,null,null,""]
["",null,null,null,""]
["",null,null,null,""]
["",null,null,null,{"$f":"IF(D1092<>\"\",IF(AND($F$1<>\"\",F1092<>\"\"),D1092*$F$1*F1092,IF($F$1<>\"\",D1092*$F$1,IF(F1092<>\"\",F1092*D1092,D1092))),\"\")","v":""}]
[{"$f":"IF(AND(B1092<>\"\",B1093<>\"\"),A1092+1,\"\")","v":""},null,null,null,""]
["",null,null,null,""]
["",null,null,null,""]
["",null,null,null,""]
["",null,null,null,""]
["",null,null,null,""]
["",null,null,null,""]
["",null,null,null,""]
["",null,null,null,""]
["",null,null,null,""]
["",null,null,null,""]
["",null,null,null,""]
["",null,null,null,""]
["",null,null,null,""]
["",null,null,null,""]
["",null,null,null,""]
["",null,null,null,""]
["",null,null,null,""]
["",null,null,null,""]
["",null,null,null,""]
["",null,null,null,""]
["",null,null,null,""]
["",null,null,null,""]
["",null,null,null,""]
["",null,null,null,""]
["",null,null,null,""]
["",null,null,null,""]
["",null,null,null,""]
["",null,null,null,""]
["",null,null,null,""]
["",null,null,null,""]
["",null,null,null,""]
["",null,null,null,""]
["",null,null,null,""]
["",null,null,null,""]
["",null,null,null,""]
["",null,null,null,""]
["",null,null,null,""]
["",null,null,null,""]
["",null,null,null,""]
["",null,null,null,""]
["",null,null,null,""]
["",null,null,null,""]
["",null,null,null,""]
["",null,null,null,""]
["",null,null,null,""]
["",null,null,null,""]
["",null,null,null,""]
["",null,null,null,""]
["",null,null,null,""]
["",null,null,null,""]
["",null,null,null,""]
["",null,null,null,""]
["",null,null,null,""]
["",null,null,null,""]
["",null,null,null,""]
["",null,null,null,""]
["",null,null,null,""]
["",null,null,null,""]
["",null,null,null,""]
["",null,null,null,""]
["",null,null,null,""]
["",null,null,null,""]
["",null,null,null,{"$f":"IF(D1156<>\"\",IF(AND($F$1<>\"\",F1156<>\"\"),D1156*$F$1*F1156,IF($F$1<>\"\",D1156*$F$1,IF(F1156<>\"\",F1156*D1156,D1156))),\"\")","v":""}]
[{"$f":"IF(AND(B1156<>\"\",B1157<>\"\"),A1156+1,\"\")","v":""},null,null,null,""]
["",null,null,null,""]
["",null,null,null,""]
["",null,null,null,""]
["",null,null,null,""]
["",null,null,null,""]
["",null,null,null,""]
["",null,null,null,""]
["",null,null,null,""]
["",null,null,null,""]
["",null,null,null,""]
["",null,null,null,""]
["",null,null,null,""]
["",null,null,null,""]
["",null,null,null,""]
["",null,null,null,""]
["",null,null,null,""]
["",null,null,null,""]
["",null,null,null,""]
["",null,null,null,""]
["",null,null,null,""]
["",null,null,null,""]
["",null,null,null,""]
["",null,null,null,""]
["",null,null,null,""]
["",null,null,null,""]
["",null,null,null,""]
["",null,null,null,""]
["",null,null,null,""]
["",null,null,null,""]
["",null,null,null,""]
["",null,null,null,""]
["",null,null,null,""]
["",null,null,null,""]
["",null,null,null,""]
["",null,null,null,""]
["",null,null,null,""]
["",null,null,null,""]
["",null,null,null,""]
["",null,null,null,""]
["",null,null,null,""]
["",null,null,null,""]
["",null,null,null,""]
["",null,null,null,""]
["",null,null,null,""]
["",null,null,null,""]
["",null,null,null,""]
["",null,null,null,""]
["",null,null,null,""]
["",null,null,null,""]
["",null,null,null,""]
["",null,null,null,""]
["",null,null,null,""]
["",null,null,null,""]
["",null,null,null,""]
["",null,null,null,""]
["",null,null,null,""]
["",null,null,null,""]
["",null,null,null,""]
["",null,null,null,""]
["",null,null,null,""]
["",null,null,null,""]
["",null,null,null,""]
["",null,null,null,{"$f":"IF(D1220<>\"\",IF(AND($F$1<>\"\",F1220<>\"\"),D1220*$F$1*F1220,IF($F$1<>\"\",D1220*$F$1,IF(F1220<>\"\",F1220*D1220,D1220))),\"\")","v":""}]
[{"$f":"IF(AND(B1220<>\"\",B1221<>\"\"),A1220+1,\"\")","v":""},null,null,null,""]
["",null,null,null,""]
["",null,null,null,""]
["",null,null,null,""]
["",null,null,null,""]
["",null,null,null,""]
["",null,null,null,""]
["",null,null,null,""]
["",null,null,null,""]
["",null,null,null,""]
["",null,null,null,""]
["",null,null,null,""]
["",null,null,null,""]
["",null,null,null,""]
["",null,null,null,""]
["",null,null,null,""]
["",null,null,null,""]
["",null,null,null,""]
["",null,null,null,""]
["",null,null,null,""]
["",null,null,null,""]
["",null,null,null,""]
["",null,null,null,""]
["",null,null,null,""]
["",null,null,null,""]
["",null,null,null,""]
["",null,null,null,""]
["",null,null,null,""]
["",null,null,null,""]
["",null,null,null,""]
["",null,null,null,""]
["",null,null,null,""]
["",null,null,null,""]
["",null,null,null,""]
["",null,null,null,""]
["",null,null,null,""]
["",null,null,null,""]
["",null,null,null,""]
["",null,null,null,""]
["",null,null,null,""]
["",null,null,null,""]
["",null,null,null,""]
["",null,null,null,""]
["",null,null,null,""]
["",null,null,null,""]
["",null,null,null,""]
["",null,null,null,""]
["",null,null,null,""]
["",null,null,null,""]
["",null,null,null,""]
["",null,null,null,""]
["",null,null,null,""]
["",null,null,null,""]
["",null,null,null,""]
["",null,null,null,""]
["",null,null,null,""]
["",null,null,null,""]
["",null,null,null,""]
["",null,null,null,""]
["",null,null,null,""]
["",null,null,null,""]
["",null,null,null,""]
["",null,null,null,""]
["",null,null,null,{"$f":"IF(D1284<>\"\",IF(AND($F$1<>\"\",F1284<>\"\"),D1284*$F$1*F1284,IF($F$1<>\"\",D1284*$F$1,IF(F1284<>\"\",F1284*D1284,D1284))),\"\")","v":""}]
[{"$f":"IF(AND(B1284<>\"\",B1285<>\"\"),A1284+1,\"\")","v":""},null,null,null,""]
["",null,null,null,""]
["",null,null,null,""]
["",null,null,null,""]
["",null,null,null,""]
["",null,null,null,""]
["",null,null,null,""]
["",null,null,null,""]
["",null,null,null,""]
["",null,null,null,""]
["",null,null,null,""]
["",null,null,null,""]
["",null,null,null,""]
["",null,null,null,""]
["",null,null,null,""]
["",null,null,null,""]
["",null,null,null,""]
["",null,null,null,""]
["",null,null,null,""]
["",null,null,null,""]
["",null,null,null,""]
["",null,null,null,""]
["",null,null,null,""]
["",null,null,null,""]
["",null,null,null,""]
["",null,null,null,""]
["",null,null,null,""]
["",null,null,null,""]
["",null,null,null,""]
["",null,null,null,""]
["",null,null,null,""]
["",null,null,null,""]
["",null,null,null,""]
["",null,null,null,""]
["",null,null,null,""]
["",null,null,null,""]
["",null,null,null,""]
["",null,null,null,""]
["",null,null,null,""]
["",null,null,null,""]
["",null,null,null,""]
["",null,null,null,""]
["",null,null,null,""]
["",null,null,null,""]
["",null,null,null,""]
["",null,null,null,""]
["",null,null,null,""]
["",null,null,null,""]
["",null,null,null,""]
["",null,null,null,""]
["",null,null,null,""]
["",null,null,null,""]
["",null,null,null,""]
["",null,null,null,""]
["",null,null,null,""]
["",null,null,null,""]
["",null,null,null,""]
["",null,null,null,""]
["",null,null,null,""]
["",null,null,null,""]
["",null,null,null,""]
["",null,null,null,""]
["",null,null,null,""]
["",null,null,null,{"$f":"IF(D1348<>\"\",IF(AND($F$1<>\"\",F1348<>\"\"),D1348*$F$1*F1348,IF($F$1<>\"\",D1348*$F$1,IF(F1348<>\"\",F1348*D1348,D1348))),\"\")","v":""}]
[{"$f":"IF(AND(B1348<>\"\",B1349<>\"\"),A1348+1,\"\")","v":""},null,null,null,""]
["",null,null,null,""]
["",null,null,null,""]
["",null,null,null,""]
["",null,null,null,""]
["",null,null,null,""]
["",null,null,null,""]
["",null,null,null,""]
["",null,null,null,""]
["",null,null,null,""]
["",null,null,null,""]
["",null,null,null,""]
["",null,null,null,""]
["",null,null,null,""]
["",null,null,null,""]
["",null,null,null,""]
["",null,null,null,""]
["",null,null,null,""]
["",null,null,null,""]
["",null,null,null,""]
["",null,null,null,""]
["",null,null,null,""]
["",null,null,null,""]
["",null,null,null,""]
["",null,null,null,""]
["",null,null,null,""]
["",null,null,null,""]
["",null,null,null,""]
["",null,null,null,""]
["",null,null,null,""]
["",null,null,null,""]
["",null,null,null,""]
["",null,null,null,""]
["",null,null,null,""]
["",null,null,null,""]
["",null,null,null,""]
["",null,null,null,""]
["",null,null,null,""]
["",null,null,null,""]
["",null,null,null,""]
["",null,null,null,""]
["",null,null,null,""]
["",null,null,null,""]
["",null,null,null,""]
["",null,null,null,""]
["",null,null,null,""]
["",null,null,null,""]
["",null,null,null,""]
["",null,null,null,""]
["",null,null,null,""]
["",null,null,null,""]
["",null,null,null,""]
["",null,null,null,""]
["",null,null,null,""]
["",null,null,null,""]
["",null,null,null,""]
["",null,null,null,""]
["",null,null,null,""]
["",null,null,null,""]
["",null,null,null,""]
["",null,null,null,""]
["",null,null,null,""]
["",null,null,null,""]
["",null,null,null,{"$f":"IF(D1412<>\"\",IF(AND($F$1<>\"\",F1412<>\"\"),D1412*$F$1*F1412,IF($F$1<>\"\",D1412*$F$1,IF(F1412<>\"\",F1412*D1412,D1412))),\"\")","v":""}]
[{"$f":"IF(AND(B1412<>\"\",B1413<>\"\"),A1412+1,\"\")","v":""},null,null,null,""]
["",null,null,null,""]
["",null,null,null,""]
["",null,null,null,""]
["",null,null,null,""]
["",null,null,null,""]
["",null,null,null,""]
["",null,null,null,""]
["",null,null,null,""]
["",null,null,null,""]
["",null,null,null,""]
["",null,null,null,""]
["",null,null,null,""]
["",null,null,null,""]
["",null,null,null,""]
["",null,null,null,""]
["",null,null,null,""]
["",null,null,null,""]
["",null,null,null,""]
["",null,null,null,""]
["",null,null,null,""]
["",null,null,null,""]
["",null,null,null,""]
["",null,null,null,""]
["",null,null,null,""]
["",null,null,null,""]
["",null,null,null,""]
["",null,null,null,""]
["",null,null,null,""]
["",null,null,null,""]
["",null,null,null,""]
["",null,null,null,""]
["",null,null,null,""]
["",null,null,null,""]
["",null,null,null,""]
["",null,null,null,""]
["",null,null,null,""]
["",null,null,null,""]
["",null,null,null,""]
["",null,null,null,""]
["",null,null,null,""]
["",null,null,null,""]
["",null,null,null,""]
["",null,null,null,""]
["",null,null,null,""]
["",null,null,null,""]
["",null,null,null,""]
["",null,null,null,""]
["",null,null,null,""]
["",null,null,null,""]
["",null,null,null,""]
["",null,null,null,""]
["",null,null,null,""]
["",null,null,null,""]
["",null,null,null,""]
["",null,null,null,""]
["",null,null,null,""]
["",null,null,null,""]
["",null,null,null,""]
["",null,null,null,""]
["",null,null,null,""]
["",null,null,null,""]
["",null,null,null,""]
["",null,null,null,{"$f":"IF(D1476<>\"\",IF(AND($F$1<>\"\",F1476<>\"\"),D1476*$F$1*F1476,IF($F$1<>\"\",D1476*$F$1,IF(F1476<>\"\",F1476*D1476,D1476))),\"\")","v":""}]
[{"$f":"IF(AND(B1476<>\"\",B1477<>\"\"),A1476+1,\"\")","v":""},null,null,null,""]
["",null,null,null,""]
["",null,null,null,""]
["",null,null,null,""]
["",null,null,null,""]
["",null,null,null,""]
["",null,null,null,""]
["",null,null,null,""]
["",null,null,null,""]
["",null,null,null,""]
["",null,null,null,""]
["",null,null,null,""]
["",null,null,null,""]
["",null,null,null,""]
["",null,null,null,""]
["",null,null,null,""]
["",null,null,null,""]
["",null,null,null,""]
["",null,null,null,""]
["",null,null,null,""]
["",null,null,null,""]
["",null,null,null,""]
["",null,null,null,""]
["",null,null,null,""]
["",null,null,null,""]
["",null,null,null,""]
["",null,null,null,""]
["",null,null,null,""]
["",null,null,null,""]
["",null,null,null,""]
["",null,null,null,""]
["",null,null,null,""]
["",null,null,null,""]
["",null,null,null,""]
["",null,null,null,""]
["",null,null,null,""]
["",null,null,null,""]
["",null,null,null,""]
["",null,null,null,""]
["",null,null,null,""]
["",null,null,null,""]
["",null,null,null,""]
["",null,null,null,""]
["",null,null,null,""]
["",null,null,null,""]
["",null,null,null,""]
["",null,null,null,""]
["",null,null,null,""]
["",null,null,null,""]
["",null,null,null,""]
["",null,null,null,""]
["",null,null,null,""]
["",null,null,null,""]
["",null,null,null,""]
["",null,null,null,""]
["",null,null,null,""]
["",null,null,null,""]
["",null,null,null,""]
["",null,null,null,""]
["",null,null,null,""]
["",null,null,null,""]
["",null,null,null,""]
["",null,null,null,""]
["",null,null,null,{"$f":"IF(D1540<>\"\",IF(AND($F$1<>\"\",F1540<>\"\"),D1540*$F$1*F1540,IF($F$1<>\"\",D1540*$F$1,IF(F1540<>\"\",F1540*D1540,D1540))),\"\")","v":""}]
[{"$f":"IF(AND(B1540<>\"\",B1541<>\"\"),A1540+1,\"\")","v":""},null,null,null,""]
["",null,null,null,""]
["",null,null,null,""]
["",null,null,null,""]
["",null,null,null,""]
["",null,null,null,""]
["",null,null,null,""]
["",null,null,null,""]
["",null,null,null,""]
["",null,null,null,""]
["",null,null,null,""]
["",null,null,null,""]
["",null,null,null,""]
["",null,null,null,""]
["",null,null,null,""]
["",null,null,null,""]
["",null,null,null,""]
["",null,null,null,""]
["",null,null,null,""]
["",null,null,null,""]
["",null,null,null,""]
["",null,null,null,""]
["",null,null,null,""]
["",null,null,null,""]
["",null,null,null,""]
["",null,null,null,""]
["",null,null,null,""]
["",null,null,null,""]
["",null,null,null,""]
["",null,null,null,""]
["",null,null,null,""]
["",null,null,null,""]
["",null,null,null,""]
["",null,null,null,""]
["",null,null,null,""]
["",null,null,null,""]
["",null,null,null,""]
["",null,null,null,""]
["",null,null,null,""]
["",null,null,null,""]
["",null,null,null,""]
["",null,null,null,""]
["",null,null,null,""]
["",null,null,null,""]
["",null,null,null,""]
["",null,null,null,""]
["",null,null,null,""]
["",null,null,null,""]
["",null,null,null,""]
["",null,null,null,""]
["",null,null,null,""]
["",null,null,null,""]
["",null,null,null,""]
["",null,null,null,""]
["",null,null,null,""]
["",null,null,null,""]
["",null,null,null,""]
["",null,null,null,""]
["",null,null,null,""]
["",null,null,null,""]
["",null,null,null,""]
["",null,null,null,""]
["",null,null,null,""]
["",null,null,null,{"$f":"IF(D1604<>\"\",IF(AND($F$1<>\"\",F1604<>\"\"),D1604*$F$1*F1604,IF($F$1<>\"\",D1604*$F$1,IF(F1604<>\"\",F1604*D1604,D1604))),\"\")","v":""}]
[{"$f":"IF(AND(B1604<>\"\",B1605<>\"\"),A1604+1,\"\")","v":""},null,null,null,""]
["",null,null,null,""]
["",null,null,null,""]
["",null,null,null,""]
["",null,null,null,""]
["",null,null,null,""]
["",null,null,null,""]
["",null,null,null,""]
["",null,null,null,""]
["",null,null,null,""]
["",null,null,null,""]
["",null,null,null,""]
["",null,null,null,""]
["",null,null,null,""]
["",null,null,null,""]
["",null,null,null,""]
["",null,null,null,""]
["",null,null,null,""]
["",null,null,null,""]
["",null,null,null,""]
["",null,null,null,""]
["",null,null,null,""]
["",null,null,null,""]
["",null,null,null,""]
["",null,null,null,""]
["",null,null,null,""]
["",null,null,null,""]
["",null,null,null,""]
["",null,null,null,""]
["",null,null,null,""]
["",null,null,null,""]
["",null,null,null,""]
["",null,null,null,""]
["",null,null,null,""]
["",null,null,null,""]
["",null,null,null,""]
["",null,null,null,""]
["",null,null,null,""]
["",null,null,null,""]
["",null,null,null,""]
["",null,null,null,""]
["",null,null,null,""]
["",null,null,null,""]
["",null,null,null,""]
["",null,null,null,""]
["",null,null,null,""]
["",null,null,null,""]
["",null,null,null,""]
["",null,null,null,""]
["",null,null,null,""]
["",null,null,null,""]
["",null,null,null,""]
["",null,null,null,""]
["",null,null,null,""]
["",null,null,null,""]
["",null,null,null,""]
["",null,null,null,""]
["",null,null,null,""]
["",null,null,null,""]
["",null,null,null,""]
["",null,null,null,""]
["",null,null,null,""]
["",null,null,null,""]
["",null,null,null,{"$f":"IF(D1668<>\"\",IF(AND($F$1<>\"\",F1668<>\"\"),D1668*$F$1*F1668,IF($F$1<>\"\",D1668*$F$1,IF(F1668<>\"\",F1668*D1668,D1668))),\"\")","v":""}]
[{"$f":"IF(AND(B1668<>\"\",B1669<>\"\"),A1668+1,\"\")","v":""},null,null,null,""]
["",null,null,null,""]
["",null,null,null,""]
["",null,null,null,""]
["",null,null,null,""]
["",null,null,null,""]
["",null,null,null,""]
["",null,null,null,""]
["",null,null,null,""]
["",null,null,null,""]
["",null,null,null,""]
["",null,null,null,""]
["",null,null,null,""]
["",null,null,null,""]
["",null,null,null,""]
["",null,null,null,""]
["",null,null,null,""]
["",null,null,null,""]
["",null,null,null,""]
["",null,null,null,""]
["",null,null,null,""]
["",null,null,null,""]
["",null,null,null,""]
["",null,null,null,""]
["",null,null,null,""]
["",null,null,null,""]
["",null,null,null,""]
["",null,null,null,""]
["",null,null,null,""]
["",null,null,null,""]
["",null,null,null,""]
["",null,null,null,""]
["",null,null,null,""]
["",null,null,null,""]
["",null,null,null,""]
["",null,null,null,""]
["",null,null,null,""]
["",null,null,null,""]
["",null,null,null,""]
["",null,null,null,""]
["",null,null,null,""]
["",null,null,null,""]
["",null,null,null,""]
["",null,null,null,""]
["",null,null,null,""]
["",null,null,null,""]
["",null,null,null,""]
["",null,null,null,""]
["",null,null,null,""]
["",null,null,null,""]
["",null,null,null,""]
["",null,null,null,""]
["",null,null,null,""]
["",null,null,null,""]
["",null,null,null,""]
["",null,null,null,""]
["",null,null,null,""]
["",null,null,null,""]
["",null,null,null,""]
["",null,null,null,""]
["",null,null,null,""]
["",null,null,null,""]
["",null,null,null,""]
["",null,null,null,{"$f":"IF(D1732<>\"\",IF(AND($F$1<>\"\",F1732<>\"\"),D1732*$F$1*F1732,IF($F$1<>\"\",D1732*$F$1,IF(F1732<>\"\",F1732*D1732,D1732))),\"\")","v":""}]
[{"$f":"IF(AND(B1732<>\"\",B1733<>\"\"),A1732+1,\"\")","v":""},null,null,null,""]
["",null,null,null,""]
["",null,null,null,""]
["",null,null,null,""]
["",null,null,null,""]
["",null,null,null,""]
["",null,null,null,""]
["",null,null,null,""]
["",null,null,null,""]
["",null,null,null,""]
["",null,null,null,""]
["",null,null,null,""]
["",null,null,null,""]
["",null,null,null,""]
["",null,null,null,""]
["",null,null,null,""]
["",null,null,null,""]
["",null,null,null,""]
["",null,null,null,""]
["",null,null,null,""]
["",null,null,null,""]
["",null,null,null,""]
["",null,null,null,""]
["",null,null,null,""]
["",null,null,null,""]
["",null,null,null,""]
["",null,null,null,""]
["",null,null,null,""]
["",null,null,null,""]
["",null,null,null,""]
["",null,null,null,""]
["",null,null,null,""]
["",null,null,null,""]
["",null,null,null,""]
["",null,null,null,""]
["",null,null,null,""]
["",null,null,null,""]
["",null,null,null,""]
["",null,null,null,""]
["",null,null,null,""]
["",null,null,null,""]
["",null,null,null,""]
["",null,null,null,""]
["",null,null,null,""]
["",null,null,null,""]
["",null,null,null,""]
["",null,null,null,""]
["",null,null,null,""]
["",null,null,null,""]
["",null,null,null,""]
["",null,null,null,""]
["",null,null,null,""]
["",null,null,null,""]
["",null,null,null,""]
["",null,null,null,""]
["",null,null,null,""]
["",null,null,null,""]
["",null,null,null,""]
["",null,null,null,""]
["",null,null,null,""]
["",null,null,null,""]
["",null,null,null,""]
["",null,null,null,""]
["",null,null,null,{"$f":"IF(D1796<>\"\",IF(AND($F$1<>\"\",F1796<>\"\"),D1796*$F$1*F1796,IF($F$1<>\"\",D1796*$F$1,IF(F1796<>\"\",F1796*D1796,D1796))),\"\")","v":""}]
[{"$f":"IF(AND(B1796<>\"\",B1797<>\"\"),A1796+1,\"\")","v":""},null,null,null,""]
["",null,null,null,""]
["",null,null,null,""]
["",null,null,null,""]
["",null,null,null,""]
["",null,null,null,""]
["",null,null,null,""]
["",null,null,null,""]
["",null,null,null,""]
["",null,null,null,""]
["",null,null,null,""]
["",null,null,null,""]
["",null,null,null,""]
["",null,null,null,""]
["",null,null,null,""]
["",null,null,null,""]
["",null,null,null,""]
["",null,null,null,""]
["",null,null,null,""]
["",null,null,null,""]
["",null,null,null,""]
["",null,null,null,""]
["",null,null,null,""]
["",null,null,null,""]
["",null,null,null,""]
["",null,null,null,""]
["",null,null,null,""]
["",null,null,null,""]
["",null,null,null,""]
["",null,null,null,""]
["",null,null,null,""]
["",null,null,null,""]
["",null,null,null,""]
["",null,null,null,""]
["",null,null,null,""]
["",null,null,null,""]
["",null,null,null,""]
["",null,null,null,""]
["",null,null,null,""]
["",null,null,null,""]
["",null,null,null,""]
["",null,null,null,""]
["",null,null,null,""]
["",null,null,null,""]
["",null,null,null,""]
["",null,null,null,""]
["",null,null,null,""]
["",null,null,null,""]
["",null,null,null,""]
["",null,null,null,""]
["",null,null,null,""]
["",null,null,null,""]
["",null,null,null,""]
["",null,null,null,""]
["",null,null,null,""]
["",null,null,null,""]
["",null,null,null,""]
["",null,null,null,""]
["",null,null,null,""]
["",null,null,null,""]
["",null,null,null,""]
["",null,null,null,""]
["",null,null,null,""]
["",null,null,null,{"$f":"IF(D1860<>\"\",IF(AND($F$1<>\"\",F1860<>\"\"),D1860*$F$1*F1860,IF($F$1<>\"\",D1860*$F$1,IF(F1860<>\"\",F1860*D1860,D1860))),\"\")","v":""}]
[{"$f":"IF(AND(B1860<>\"\",B1861<>\"\"),A1860+1,\"\")","v":""},null,null,null,""]
["",null,null,null,""]
["",null,null,null,""]
["",null,null,null,""]
["",null,null,null,""]
["",null,null,null,""]
["",null,null,null,""]
["",null,null,null,""]
["",null,null,null,""]
["",null,null,null,""]
["",null,null,null,""]
["",null,null,null,""]
["",null,null,null,""]
["",null,null,null,""]
["",null,null,null,""]
["",null,null,null,""]
["",null,null,null,""]
["",null,null,null,""]
["",null,null,null,""]
["",null,null,null,""]
["",null,null,null,""]
["",null,null,null,""]
["",null,null,null,""]
["",null,null,null,""]
["",null,null,null,""]
["",null,null,null,""]
["",null,null,null,""]
["",null,null,null,""]
["",null,null,null,""]
["",null,null,null,""]
["",null,null,null,""]
["",null,null,null,""]
["",null,null,null,""]
["",null,null,null,""]
["",null,null,null,""]
["",null,null,null,""]
["",null,null,null,""]
["",null,null,null,""]
["",null,null,null,""]
["",null,null,null,""]
["",null,null,null,""]
["",null,null,null,""]
["",null,null,null,""]
["",null,null,null,""]
["",null,null,null,""]
["",null,null,null,""]
["",null,null,null,""]
["",null,null,null,""]
["",null,null,null,""]
["",null,null,null,""]
["",null,null,null,""]
["",null,null,null,""]
["",null,null,null,""]
["",null,null,null,""]
["",null,null,null,""]
["",null,null,null,""]
["",null,null,null,""]
["",null,null,null,""]
["",null,null,null,""]
["",null,null,null,""]
["",null,null,null,""]
["",null,null,null,""]
["",null,null,null,""]
["",null,null,null,{"$f":"IF(D1924<>\"\",IF(AND($F$1<>\"\",F1924<>\"\"),D1924*$F$1*F1924,IF($F$1<>\"\",D1924*$F$1,IF(F1924<>\"\",F1924*D1924,D1924))),\"\")","v":""}]
[{"$f":"IF(AND(B1924<>\"\",B1925<>\"\"),A1924+1,\"\")","v":""},null,null,null,""]
["",null,null,null,""]
["",null,null,null,""]
["",null,null,null,""]
["",null,null,null,""]
["",null,null,null,""]
["",null,null,null,""]
["",null,null,null,""]
["",null,null,null,""]
["",null,null,null,""]
["",null,null,null,""]
["",null,null,null,""]
["",null,null,null,""]
["",null,null,null,""]
["",null,null,null,""]
["",null,null,null,""]
["",null,null,null,""]
["",null,null,null,""]
["",null,null,null,""]
["",null,null,null,""]
["",null,null,null,""]
["",null,null,null,""]
["",null,null,null,""]
["",null,null,null,""]
["",null,null,null,""]
["",null,null,null,""]
["",null,null,null,""]
["",null,null,null,""]
["",null,null,null,""]
["",null,null,null,""]
["",null,null,null,""]
["",null,null,null,""]
["",null,null,null,""]
["",null,null,null,""]
["",null,null,null,""]
["",null,null,null,""]
["",null,null,null,""]
["",null,null,null,""]
["",null,null,null,""]
["",null,null,null,""]
["",null,null,null,""]
["",null,null,null,""]
["",null,null,null,""]
["",null,null,null,""]
["",null,null,null,""]
["",null,null,null,""]
["",null,null,null,""]
["",null,null,null,""]
["",null,null,null,""]
["",null,null,null,""]
["",null,null,null,""]
["",null,null,null,""]
["",null,null,null,""]
["",null,null,null,""]
["",null,null,null,""]
["",null,null,null,""]
["",null,null,null,""]
["",null,null,null,""]
["",null,null,null,""]
["",null,null,null,""]
["",null,null,null,""]
["",null,null,null,""]
["",null,null,null,""]
["",null,null,null,{"$f":"IF(D1988<>\"\",IF(AND($F$1<>\"\",F1988<>\"\"),D1988*$F$1*F1988,IF($F$1<>\"\",D1988*$F$1,IF(F1988<>\"\",F1988*D1988,D1988))),\"\")","v":""}]
[{"$f":"IF(AND(B1988<>\"\",B1989<>\"\"),A1988+1,\"\")","v":""},null,null,null,""]
["",null,null,null,""]
["",null,null,null,""]
["",null,null,null,""]
["",null,null,null,""]
["",null,null,null,""]
["",null,null,null,""]
["",null,null,null,""]
["",null,null,null,""]
["",null,null,null,""]
["",null,null,null,""]
["",null,null,null,""]
["",null,null,null,""]
["",null,null,null,""]
["",null,null,null,""]
["",null,null,null,""]
["",null,null,null,""]
["",null,null,null,""]
["",null,null,null,""]
["",null,null,null,""]
["",null,null,null,""]
["",null,null,null,""]
["",null,null,null,""]
["",null,null,null,""]
["",null,null,null,""]
["",null,null,null,""]
["",null,null,null,""]
["",null,null,null,""]
["",null,null,null,""]
["",null,null,null,""]
["",null,null,null,""]
["",null,null,null,""]
["",null,null,null,""]
["",null,null,null,{"$f":"IF(D2692<>\"\",IF(AND($F$1<>\"\",F2692<>\"\"),D2692*$F$1*F2692,IF($F$1<>\"\",D2692*$F$1,IF(F2692<>\"\",F2692*D2692,D2692))),\"\")","v":""}]
["",null,null,null,""]
["",null,null,null,""]
["",null,null,null,""]
["",null,null,null,""]
["",null,null,null,{"$f":"IF(D2820<>\"\",IF(AND($F$1<>\"\",F2820<>\"\"),D2820*$F$1*F2820,IF($F$1<>\"\",D2820*$F$1,IF(F2820<>\"\",F2820*D2820,D2820))),\"\")","v":""}]
["",null,null,null,""]
["",null,null,null,""]
["",null,null,null,""]
["",null,null,null,""]
["",null,null,null,""]
["",null,null,null,""]
["",null,null,null,""]
["",null,null,null,""]
["",null,null,null,""]
["",null,null,null,""]
["",null,null,null,""]
["",null,null,null,""]
["",null,null,null,""]
["",null,null,null,""]
["",null,null,null,""]
["",null,null,null,""]
["",null,null,null,""]
["",null,null,null,""]
["",null,null,null,""]
["",null,null,null,""]
["",null,null,null,""]
["",null,null,null,""]
["",null,null,null,""]
["",null,null,null,""]
["",null,null,null,""]
["",null,null,null,{"$f":"IF(D3652<>\"\",IF(AND($F$1<>\"\",F3652<>\"\"),D3652*$F$1*F3652,IF($F$1<>\"\",D3652*$F$1,IF(F3652<>\"\",F3652*D3652,D3652))),\"\")","v":""}]
["",null,null,null,""]
[{"$f":"IF(AND(B3716<>\"\",B3717<>\"\"),A3716+1,\"\")","v":""},null,null,null,""]
["",null,null,null,""]
["",null,null,null,""]
["",null,null,null,""]
["",null,null,null,""]
["",null,null,null,""]
["",null,null,null,""]
["",null,null,null,""]
["",null,null,null,""]
["",null,null,null,""]
["",null,null,null,""]
["",null,null,null,""]
["",null,null,null,""]
["",null,null,null,""]
["",null,null,null,""]
["",null,null,null,""]
["",null,null,null,""]
["",null,null,null,""]
["",null,null,null,""]
["",null,null,null,""]
["",null,null,null,""]
["",null,null,null,""]
["",null,null,null,""]
["",null,null,null,""]
["",null,null,null,""]
["",null,null,null,""]
["",null,null,null,""]
["",null,null,null,""]
["",null,null,null,""]
["",null,null,null,""]
["",null,null,null,""]
["",null,null,null,""]
["",null,null,null,""]
["",null,null,null,""]
["",null,null,null,""]
["",null,null,null,""]
["",null,null,null,""]
["",null,null,null,""]
["",null,null,null,""]
["",null,null,null,""]
["",null,null,null,""]
["",null,null,null,""]
["",null,null,null,""]
["",null,null,null,""]
["",null,null,null,""]
["",null,null,null,""]
["",null,null,null,""]
["",null,null,null,""]
["",null,null,null,""]
["",null,null,null,""]
["",null,null,null,""]
["",null,null,null,""]
["",null,null,null,""]
["",null,null,null,""]
["",null,null,null,""]
["",null,null,null,""]
["",null,null,null,""]
["",null,null,null,""]
["",null,null,null,""]
["",null,null,null,""]
["",null,null,null,""]
["",null,null,null,""]
["",null,null,null,""]
["",null,null,null,""]
["",null,null,null,""]
["",null,null,null,""]
["",null,null,null,""]
["",null,null,null,""]
["",null,null,null,""]
["",null,null,null,""]
["",null,null,null,""]
["",null,null,null,""]
["",null,null,null,""]
["",null,null,null,""]
["",null,null,null,""]
["",null,null,null,""]
["",null,null,null,""]
["",null,null,null,""]
["",null,null,null,""]
["",null,null,null,""]
["",null,null,null,""]
["",null,null,null,""]
["",null,null,null,""]
["",null,null,null,""]
["",null,null,null,""]
[{"$f":"IF(AND(B6404<>\"\",B6405<>\"\"),A6404+1,\"\")","v":""},null,null,null,""]
["",null,null,null,""]
["",null,null,null,""]
["",null,null,null,""]
["",null,null,null,""]
["",null,null,null,""]
["",null,null,null,""]
["",null,null,null,""]
["",null,null,null,""]
["",null,null,null,""]
["",null,null,null,""]
["",null,null,null,""]
["",null,null,null,""]
["",null,null,null,""]
["",null,null,null,""]
["",null,null,null,""]
["",null,null,null,{"$f":"IF(D6916<>\"\",IF(AND($F$1<>\"\",F6916<>\"\"),D6916*$F$1*F6916,IF($F$1<>\"\",D6916*$F$1,IF(F6916<>\"\",F6916*D6916,D6916))),\"\")","v":""}]
["",null,null,null,""]
["",null,null,null,""]
["",null,null,null,""]
["",null,null,null,""]
["",null,null,null,""]
["",null,null,null,""]
["",null,null,null,""]
["",null,null,null,""]
["",null,null,null,""]
["",null,null,null,""]
["",null,null,null,""]
["",null,null,null,""]
["",null,null,null,""]
["",null,null,null,""]
["",null,null,null,{"$f":"IF(D7364<>\"\",IF(AND($F$1<>\"\",F7364<>\"\"),D7364*$F$1*F7364,IF($F$1<>\"\",D7364*$F$1,IF(F7364<>\"\",F7364*D7364,D7364))),\"\")","v":""}]
["",null,null,null,""]
["",null,null,null,""]
["",null,null,null,""]
["",null,null,null,""]
["",null,null,null,""]
["",null,null,null,""]
["",null,null,null,""]
["",null,null,null,""]
["",null,null,null,""]
["",null,null,null,""]
["",null,null,null,""]
["",null,null,null,""]
["",null,null,null,""]
["",null,null,null,""]
["",null,null,null,""]
["",null,null,null,""]
["",null,null,null,""]
["",null,null,null,""]
["",null,null,null,""]
["",null,null,null,""]
["",null,null,null,""]
["",null,null,null,""]
["",null,null,null,""]
["",null,null,null,""]
["",null,null,null,""]
["",null,null,null,""]
["",null,null,null,""]
["",null,null,null,""]
["",null,null,null,""]
["",null,null,null,""]
["",null,null,null,""]
["",null,null,null,""]
["",null,null,null,""]
["",null,null,null,""]
["",null,null,null,""]
["",null,null,null,""]
["",null,null,null,""]
["",null,null,null,""]
["",null,null,null,""]
["",null,null,null,""]
["",null,null,null,""]
["",null,null,null,""]
["",null,null,null,""]
["",null,null,null,""]
["",null,null,null,""]
["",null,null,null,""]
["",null,null,null,""]
["",null,null,null,""]
["",null,null,null,""]
["",null,null,null,""]
["",null,null,null,""]
["",null,null,null,""]
["",null,null,null,""]
["",null,null,null,""]
["",null,null,null,""]
["",null,null,null,""]
["",null,null,null,""]
["",null,null,null,""]
["",null,null,null,""]
["",null,null,null,""]
["",null,null,null,""]
["",null,null,null,""]
["",null,null,null,""]
["",null,null,null,""]
["",null,null,null,""]
["",null,null,null,""]
["",null,null,null,""]
["",null,null,null,""]
["",null,null,null,""]
["",null,null,null,""]
["",null,null,null,""]
["",null,null,null,""]
["",null,null,null,""]
["",null,null,null,""]
["",null,null,null,""]
["",null,null,null,""]
["",null,null,null,""]
["",null,null,null,""]
["",null,null,null,""]
["",null,null,null,""]
["",null,null,null,""]
["",null,null,null,""]
["",null,null,null,""]
["",null,null,null,""]
["",null,null,null,""]
["",null,null,null,""]
["",null,null,null,""]
["",null,null,null,""]
["",null,null,null,""]
["",null,null,null,""]
["",null,null,null,""]
["",null,null,null,""]
["",null,null,null,""]
["",null,null,null,""]
["",null,null,null,""]
["",null,null,null,""]
["",null,null,null,""]
["",null,null,null,""]
["",null,null,null,""]
["",null,null,null,""]
["",null,null,null,""]
["",null,null,null,""]
["",null,null,null,""]
["",null,null,null,""]
["",null,null,null,""]
["",null,null,null,""]
["",null,null,null,""]
["",null,null,null,""]
["",null,null,null,""]
["",null,null,null,""]
["",null,null,null,""]
["",null,null,null,""]
["",null,null,null,""]
["",null,null,null,""]
["",null,null,null,""]
["",null,null,null,""]
["",null,null,null,""]
["",null,null,null,""]
["",null,null,null,""]
["",null,null,null,""]
["",null,null,null,""]
["",null,null,null,""]
["",null,null,null,""]
["",null,null,null,""]
["",null,null,null,""]
["",null,null,null,""]
["",null,null,null,""]
["",null,null,null,{"$f":"IF(D11396<>\"\",IF(AND($F$1<>\"\",F11396<>\"\"),D11396*$F$1*F11396,IF($F$1<>\"\",D11396*$F$1,IF(F11396<>\"\",F11396*D11396,D11396))),\"\")","v":""}]
["",null,null,null,""]
["",null,null,null,""]
["",null,null,null,""]
["",null,null,null,""]
["",null,null,null,""]
["",null,null,null,""]
["",null,null,null,""]
["",null,null,null,""]
["",null,null,null,""]
["",null,null,null,""]
["",null,null,null,""]
["",null,null,null,""]
["",null,null,null,""]
["",null,null,null,""]
["",null,null,null,""]
["",null,null,null,""]
["",null,null,null,""]
["",null,null,null,""]
["",null,null,null,""]
["",null,null,null,""]
["",null,null,null,""]
["",null,null,null,""]
["",null,null,null,""]
["",null,null,null,""]
["",null,null,null,""]
["",null,null,null,""]
["",null,null,null,""]
["",null,null,null,""]
["",null,null,null,""]
["",null,null,null,""]
["",null,null,null,""]
["",null,null,null,""]
["",null,null,null,""]
["",null,null,null,""]
["",null,null,null,""]
["",null,null,null,""]
["",null,null,null,""]
["",null,null,null,""]
["",null,null,null,""]
["",null,null,null,""]
["",null,null,null,""]
["",null,null,null,""]
["",null,null,null,""]
["",null,null,null,""]
["",null,null,null,""]
["",null,null,null,""]
["",null,null,null,""]
["",null,null,null,""]
["",null,null,null,""]
["",null,null,null,""]
["",null,null,null,""]
["",null,null,null,""]
["",null,null,null,""]
["",null,null,null,""]
["",null,null,null,""]
["",null,null,null,""]
["",null,null,null,""]
["",null,null,null,""]
["",null,null,null,""]
["",null,null,null,""]
["",null,null,null,""]
["",null,null,null,""]
["",null,null,null,""]
["",null,null,null,""]
["",null,null,null,""]
["",null,null,null,""]
["",null,null,null,""]
["",null,null,null,""]
["",null,null,null,""]
["",null,null,null,""]
["",null,null,null,""]
["",null,null,null,""]
["",null,null,null,""]
["",null,null,null,""]
["",null,null,null,""]
["",null,null,null,""]
["",null,null,null,""]
["",null,null,null,""]
["",null,null,null,""]
["",null,null,null,""]
["",null,null,null,""]
["",null,null,null,""]
["",null,null,null,""]
["",null,null,null,""]
["",null,null,null,""]
["",null,null,null,""]
["",null,null,null,""]
["",null,null,null,""]
["",null,null,null,""]
["",null,null,null,""]
["",null,null,null,""]
["",null,null,null,""]
["",null,null,null,{"$f":"IF(D14340<>\"\",IF(AND($F$1<>\"\",F14340<>\"\"),D14340*$F$1*F14340,IF($F$1<>\"\",D14340*$F$1,IF(F14340<>\"\",F14340*D14340,D14340))),\"\")","v":""}]
["",null,null,null,""]
[{"$f":"IF(AND(B14404<>\"\",B14405<>\"\"),A14404+1,\"\")","v":""},null,null,null,""]
["",null,null,null,""]
["",null,null,null,""]
["",null,null,null,""]
["",null,null,null,""]
["",null,null,null,""]
["",null,null,null,""]
["",null,null,null,""]
["",null,null,null,""]
["",null,null,null,""]
["",null,null,null,""]
["",null,null,null,""]
["",null,null,null,""]
["",null,null,null,""]
["",null,null,null,""]
["",null,null,null,""]
["",null,null,null,""]
["",null,null,null,""]
["",null,null,null,""]
["",null,null,null,""]
["",null,null,null,""]
["",null,null,null,""]
["",null,null,null,""]
["",null,null,null,""]
["",null,null,null,""]
["",null,null,null,""]
["",null,null,null,""]
["",null,null,null,""]
["",null,null,null,""]
["",null,null,null,""]
["",null,null,null,""]
[{"$f":"IF(AND(B15364<>\"\",B15365<>\"\"),A15364+1,\"\")","v":""},null,null,null,""]
["",null,null,null,""]
["",null,null,null,""]
["",null,null,null,""]
["",null,null,null,""]
["",null,null,null,""]
["",null,null,null,""]
["",null,null,null,""]
["",null,null,null,""]
["",null,null,null,""]
["",null,null,null,""]
["",null,null,null,""]
["",null,null,null,""]
["",null,null,null,""]
["",null,null,null,""]
["",null,null,null,""]
["",null,null,null,""]
["",null,null,null,""]
["",null,null,null,""]
["",null,null,null,""]
["",null,null,null,""]
["",null,null,null,""]
["",null,null,null,""]
["",null,null,null,""]
["",null,null,null,""]
["",null,null,null,""]
["",null,null,null,""]
["",null,null,null,""]
["",null,null,null,""]
["",null,null,null,""]
["",null,null,null,""]
["",null,null,null,""]
["",null,null,null,""]
["",null,null,null,""]
["",null,null,null,""]
["",null,null,null,""]
["",null,null,null,""]
["",null,null,null,""]
["",null,null,null,""]
["",null,null,null,""]
["",null,null,null,""]
["",null,null,null,""]
["",null,null,null,""]
["",null,null,null,""]
["",null,null,null,""]
["",null,null,null,""]
["",null,null,null,""]
["",null,null,null,""]
["",null,null,null,""]
["",null,null,null,""]
["",null,null,null,""]
["",null,null,null,""]
["",null,null,null,""]
["",null,null,null,""]
["",null,null,null,""]
["",null,null,null,""]
["",null,null,null,""]
["",null,null,null,""]
["",null,null,null,""]
["",null,null,null,""]
["",null,null,null,{"$f":"IF(D17284<>\"\",IF(AND($F$1<>\"\",F17284<>\"\"),D17284*$F$1*F17284,IF($F$1<>\"\",D17284*$F$1,IF(F17284<>\"\",F17284*D17284,D17284))),\"\")","v":""}]
["",null,null,null,""]
[{"$f":"IF(AND(B17348<>\"\",B17349<>\"\"),A17348+1,\"\")","v":""},null,null,null,""]
["",null,null,null,""]
["",null,null,null,""]
["",null,null,null,""]
["",null,null,null,""]
["",null,null,null,""]
["",null,null,null,""]
["",null,null,null,""]
["",null,null,null,""]
["",null,null,null,""]
["",null,null,null,""]
["",null,null,null,""]
["",null,null,null,""]
["",null,null,null,""]
["",null,null,null,""]
["",null,null,null,""]
["",null,null,null,""]
["",null,null,null,""]
["",null,null,null,""]
["",null,null,null,""]
["",null,null,null,""]
["",null,null,null,""]
["",null,null,null,""]
["",null,null,null,""]
["",null,null,null,""]
["",null,null,null,""]
["",null,null,null,""]
["",null,null,null,""]
["",null,null,null,""]
["",null,null,null,{"$f":"IF(D18244<>\"\",IF(AND($F$1<>\"\",F18244<>\"\"),D18244*$F$1*F18244,IF($F$1<>\"\",D18244*$F$1,IF(F18244<>\"\",F18244*D18244,D18244))),\"\")","v":""}]
["",null,null,null,""]
[{"$f":"IF(AND(B18308<>\"\",B18309<>\"\"),A18308+1,\"\")","v":""},null,null,null,""]
["",null,null,null,""]
["",null,null,null,""]
["",null,null,null,""]
["",null,null,null,""]
["",null,null,null,""]
["",null,null,null,""]
["",null,null,null,""]
["",null,null,null,""]
["",null,null,null,""]
["",null,null,null,""]
["",null,null,null,""]
["",null,null,null,""]
["",null,null,null,""]
["",null,null,null,""]
["",null,null,null,""]
["",null,null,null,""]
["",null,null,null,""]
["",null,null,null,""]
["",null,null,null,""]
["",null,null,null,""]
["",null,null,null,""]
["",null,null,null,""]
["",null,null,null,""]
["",null,null,null,""]
["",null,null,null,""]
["",null,null,null,""]
["",null,null,null,""]
["",null,null,null,""]
["",null,null,null,""]
["",null,null,null,""]
["",null,null,null,""]
["",null,null,null,""]
["",null,null,null,""]
["",null,null,null,""]
["",null,null,null,""]
["",null,null,null,""]
["",null,null,null,""]
["",null,null,null,""]
["",null,null,null,""]
["",null,null,null,""]
["",null,null,null,""]
["",null,null,null,""]
["",null,null,null,""]
["",null,null,null,""]
["",null,null,null,""]
["",null,null,null,""]
["",null,null,null,""]
["",null,null,null,""]
["",null,null,null,""]
["",null,null,null,""]
["",null,null,null,""]
["",null,null,null,""]
["",null,null,null,{"$f":"IF(D19972<>\"\",IF(AND($F$1<>\"\",F19972<>\"\"),D19972*$F$1*F19972,IF($F$1<>\"\",D19972*$F$1,IF(F19972<>\"\",F19972*D19972,D19972))),\"\")","v":""}]
["",null,null,null,""]
["",null,null,null,""]
["",null,null,null,""]
["",null,null,null,""]
["",null,null,null,""]
["",null,null,null,""]
["",null,null,null,""]
["",null,null,null,""]
["",null,null,null,""]
["",null,null,null,""]
["",null,null,null,""]
["",null,null,null,""]
["",null,null,null,""]
["",null,null,null,""]
["",null,null,null,""]
["",null,null,null,""]
["",null,null,null,""]
["",null,null,null,""]
["",null,null,null,""]
["",null,null,null,""]
["",null,null,null,""]
["",null,null,null,""]
["",null,null,null,""]
["",null,null,null,""]
["",null,null,null,""]
["",null,null,null,""]
["",null,null,null,""]
["",null,null,null,""]
["",null,null,null,""]
["",null,null,null,""]
["",null,null,null,""]
["",null,null,null,""]
["",null,null,null,""]
["",null,null,null,""]
["",null,null,null,""]
["",null,null,null,""]
["",null,null,null,""]
["",null,null,null,{"$f":"IF(D21188<>\"\",IF(AND($F$1<>\"\",F21188<>\"\"),D21188*$F$1*F21188,IF($F$1<>\"\",D21188*$F$1,IF(F21188<>\"\",F21188*D21188,D21188))),\"\")","v":""}]
["",null,null,null,""]
[{"$f":"IF(AND(B21252<>\"\",B21253<>\"\"),A21252+1,\"\")","v":""},null,null,null,""]
["",null,null,null,""]
["",null,null,null,""]
["",null,null,null,""]
["",null,null,null,""]
["",null,null,null,""]
["",null,null,null,""]
["",null,null,null,""]
["",null,null,null,""]
["",null,null,null,""]
["",null,null,null,""]
["",null,null,null,""]
["",null,null,null,""]
["",null,null,null,""]
["",null,null,null,""]
["",null,null,null,""]
["",null,null,null,""]
["",null,null,null,""]
["",null,null,null,""]
["",null,null,null,""]
["",null,null,null,""]
["",null,null,null,""]
["",null,null,null,""]
["",null,null,null,""]
["",null,null,null,""]
["",null,null,null,""]
["",null,null,null,""]
["",null,null,null,""]
["",null,null,null,""]
["",null,null,null,""]
["",null,null,null,""]
["",null,null,null,""]
["",null,null,null,""]
["",null,null,null,""]
["",null,null,null,""]
["",null,null,null,""]
["",null,null,null,""]
["",null,null,null,""]
["",null,null,null,""]
[{"$f":"IF(AND(B22468<>\"\",B22469<>\"\"),A22468+1,\"\")","v":""},null,null,null,""]
["",null,null,null,""]
["",null,null,null,""]
["",null,null,null,""]
["",null,null,null,""]
["",null,null,null,""]
["",null,null,null,""]
["",null,null,null,""]
["",null,null,null,""]
["",null,null,null,""]
["",null,null,null,""]
["",null,null,null,""]
["",null,null,null,""]
["",null,null,null,""]
["",null,null,null,""]
["",null,null,null,""]
["",null,null,null,""]
["",null,null,null,""]
["",null,null,null,""]
["",null,null,null,""]
["",null,null,null,""]
["",null,null,null,""]
["",null,null,null,""]
["",null,null,null,""]
["",null,null,null,""]
["",null,null,null,""]
["",null,null,null,""]
["",null,null,null,""]
["",null,null,null,""]
["",null,null,null,""]
["",null,null,null,""]
["",null,null,null,""]
["",null,null,null,""]
["",null,null,null,""]
["",null,null,null,""]
["",null,null,null,""]
["",null,null,null,""]
["",null,null,null,""]
["",null,null,null,""]
["",null,null,null,""]
["",null,null,null,""]
["",null,null,null,""]
["",null,null,null,""]
["",null,null,null,""]
["",null,null,null,""]
["",null,null,null,""]
["",null,null,null,""]
["",null,null,null,""]
["",null,null,null,""]
["",null,null,null,""]
["",null,null,null,""]
["",null,null,null,""]
["",null,null,null,""]
["",null,null,null,""]
["",null,null,null,""]
["",null,null,null,""]
["",null,null,null,""]
["",null,null,null,""]
["",null,null,null,""]
["",null,null,null,""]
["",null,null,null,""]
["",null,null,null,""]
["",null,null,null,""]
["",null,null,null,""]
["",null,null,null,""]
["",null,null,null,""]
["",null,null,null,""]
["",null,null,null,""]
["",null,null,null,""]
["",null,null,null,""]
["",null,null,null,""]
["",null,null,null,""]
["",null,null,null,""]
["",null,null,null,""]
["",null,null,null,""]
["",null,null,null,""]
["",null,null,null,""]
["",null,null,null,""]
["",null,null,null,""]
["",null,null,null,""]
["",null,null,null,""]
["",null,null,null,""]
["",null,null,null,""]
["",null,null,null,""]
["",null,null,null,""]
["",null,null,null,""]
["",null,null,null,""]
["",null,null,null,""]
["",null,null,null,""]
["",null,null,null,""]
["",null,null,null,""]
["",null,null,null,""]
["",null,null,null,""]
["",null,null,null,""]
["",null,null,null,""]
["",null,null,null,""]
["",null,null,null,""]
["",null,null,null,""]
["",null,null,null,""]
["",null,null,null,""]
["",null,null,null,""]
["",null,null,null,""]
["",null,null,null,""]
["",null,null,null,""]
["",null,null,null,""]
["",null,null,null,""]
["",null,null,null,""]
["",null,null,null,""]
["",null,null,null,""]
["",null,null,null,""]
["",null,null,null,""]
["",null,null,null,""]
["",null,null,null,""]
["",null,null,null,""]
["",null,null,null,""]
["",null,null,null,""]
["",null,null,null,""]
["",null,null,null,""]
["",null,null,null,""]
["",null,null,null,""]
["",null,null,null,""]
["",null,null,null,""]
["",null,null,null,""]
["",null,null,null,""]
["",null,null,null,""]
["",null,null,null,""]
["",null,null,null,""]
["",null,null,null,""]
["",null,null,null,""]
["",null,null,null,""]
["",null,null,null,""]
["",null,null,null,""]
["",null,null,null,""]
["",null,null,null,""]
["",null,null,null,""]
["",null,null,null,""]
["",null,null,null,""]
["",null,null,null,""]
["",null,null,null,""]
["",null,null,null,""]
["",null,null,null,""]
["",null,null,null,""]
["",null,null,null,""]
["",null,null,null,""]
["",null,null,null,""]
["",null,null,null,""]
["",null,null,null,""]
["",null,null,null,""]
["",null,null,null,""]
["",null,null,null,""]
["",null,null,null,""]
["",null,null,null,""]
["",null,null,null,""]
["",null,null,null,""]
["",null,null,null,""]
["",null,null,null,""]
["",null,null,null,""]
["",null,null,null,""]
["",null,null,null,""]
["",null,null,null,""]
["",null,null,null,""]
["",null,null,null,""]
["",null,null,null,""]
["",null,null,null,""]
["",null,null,null,""]
["",null,null,null,""]
["",null,null,null,""]
["",null,null,null,""]
["",null,null,null,""]
["",null,null,null,""]
["",null,null,null,""]
["",null,null,null,""]
["",null,null,null,""]
["",null,null,null,""]
["",null,null,null,""]
["",null,null,null,""]
["",null,null,null,""]
["",null,null,null,""]
["",null,null,null,""]
["",null,null,null,""]
["",null,null,null,""]
["",null,null,null,""]
["",null,null,null,""]
["",null,null,null,""]
["",null,null,null,""]
["",null,null,null,""]
["",null,null,null,""]
["",null,null,null,""]
["",null,null,null,""]
["",null,null,null,""]
["",null,null,null,""]
["",null,null,null,""]
["",null,null,null,""]
["",null,null,null,{"$f":"IF(D28548<>\"\",IF(AND($F$1<>\"\",F28548<>\"\"),D28548*$F$1*F28548,IF($F$1<>\"\",D28548*$F$1,IF(F28548<>\"\",F28548*D28548,D28548))),\"\")","v":""}]
["",null,null,null,""]
["",null,null,null,""]
["",null,null,null,""]
["",null,null,null,""]
["",null,null,null,""]
["",null,null,null,""]
["",null,null,null,""]
["",null,null,null,""]
["",null,null,null,""]
["",null,null,null,""]
["",null,null,null,""]
["",null,null,null,""]
["",null,null,null,""]
["",null,null,null,""]
["",null,null,null,""]
["",null,null,null,""]
["",null,null,null,""]
["",null,null,null,""]
["",null,null,null,""]
["",null,null,null,""]
["",null,null,null,""]
["",null,null,null,""]
["",null,null,null,""]
["",null,null,null,""]
["",null,null,null,""]
["",null,null,null,""]
["",null,null,null,""]
["",null,null,null,""]
["",null,null,null,""]
["",null,null,null,""]
["",null,null,null,""]
["",null,null,null,""]
["",null,null,null,""]
["",null,null,null,""]
["",null,null,null,""]
["",null,null,null,""]
["",null,null,null,""]
["",null,null,null,""]
["",null,null,null,""]
["",null,null,null,""]
["",null,null,null,""]
["",null,null,null,""]
["",null,null,null,""]
["",null,null,null,""]
["",null,null,null,""]
["",null,null,null,""]
["",null,null,null,""]
["",null,null,null,""]
["",null,null,null,""]
["",null,null,null,""]
["",null,null,null,""]
["",null,null,null,""]
["",null,null,null,""]
["",null,null,null,""]
["",null,null,null,""]
["",null,null,null,""]
["",null,null,null,""]
["",null,null,null,""]
["",null,null,null,""]
["",null,null,null,""]
["",null,null,null,""]
["",null,null,null,""]
["",null,null,null,""]
["",null,null,null,""]
["",null,null,null,""]
["",null,null,null,""]
["",null,null,null,""]
["",null,null,null,""]
["",null,null,null,""]
["",null,null,null,""]
["",null,null,null,""]
["",null,null,null,""]
["",null,null,null,""]
["",null,null,null,""]
["",null,null,null,""]
["",null,null,null,""]
["",null,null,null,""]
["",null,null,null,""]
[{"$f":"IF(AND(B31044<>\"\",B31045<>\"\"),A31044+1,\"\")","v":""},null,null,null,""]
["",null,null,null,""]
["",null,null,null,""]
["",null,null,null,""]
["",null,null,null,""]
["",null,null,null,""]
["",null,null,null,""]
["",null,null,null,""]
["",null,null,null,""]
["",null,null,null,""]
["",null,null,null,""]
["",null,null,null,""]
["",null,null,null,""]
["",null,null,null,""]
["",null,null,null,""]
["",null,null,null,""]
["",null,null,null,{"$f":"IF(D31556<>\"\",IF(AND($F$1<>\"\",F31556<>\"\"),D31556*$F$1*F31556,IF($F$1<>\"\",D31556*$F$1,IF(F31556<>\"\",F31556*D31556,D31556))),\"\")","v":""}]
["",null,null,null,""]
["",null,null,null,""]
["",null,null,null,""]
["",null,null,null,""]
["",null,null,null,""]
["",null,null,null,""]
["",null,null,null,""]
["",null,null,null,""]
["",null,null,null,""]
["",null,null,null,{"$f":"IF(D31876<>\"\",IF(AND($F$1<>\"\",F31876<>\"\"),D31876*$F$1*F31876,IF($F$1<>\"\",D31876*$F$1,IF(F31876<>\"\",F31876*D31876,D31876))),\"\")","v":""}]
["",null,null,null,""]
[{"$f":"IF(AND(B31940<>\"\",B31941<>\"\"),A31940+1,\"\")","v":""},null,null,null,""]
["",null,null,null,""]
["",null,null,null,""]
["",null,null,null,""]
["",null,null,null,""]
[{"$f":"IF(AND(B32068<>\"\",B32069<>\"\"),A32068+1,\"\")","v":""},null,null,null,""]
["",null,null,null,""]
["",null,null,null,""]
["",null,null,null,""]
["",null,null,null,""]
["",null,null,null,""]
["",null,null,null,""]
["",null,null,null,""]
["",null,null,null,""]
["",null,null,null,""]
["",null,null,null,""]
["",null,null,null,""]
["",null,null,null,""]
["",null,null,null,""]
["",null,null,null,""]
["",null,null,null,""]
["",null,null,null,{"$f":"IF(D32580<>\"\",IF(AND($F$1<>\"\",F32580<>\"\"),D32580*$F$1*F32580,IF($F$1<>\"\",D32580*$F$1,IF(F32580<>\"\",F32580*D32580,D32580))),\"\")","v":""}]
["",null,null,null,""]
["",null,null,null,""]
["",null,null,null,""]
["",null,null,null,""]
["",null,null,null,""]
["",null,null,null,""]
["",null,null,null,""]
["",null,null,null,{"$f":"IF(D32836<>\"\",IF(AND($F$1<>\"\",F32836<>\"\"),D32836*$F$1*F32836,IF($F$1<>\"\",D32836*$F$1,IF(F32836<>\"\",F32836*D32836,D32836))),\"\")","v":""}]
["",null,null,null,""]
[{"$f":"IF(AND(B32900<>\"\",B32901<>\"\"),A32900+1,\"\")","v":""},null,null,null,""]
["",null,null,null,""]
["",null,null,null,""]
["",null,null,null,""]
["",null,null,null,""]
["",null,null,null,""]
["",null,null,null,""]
["",null,null,null,""]
["",null,null,null,""]
["",null,null,null,""]
["",null,null,null,""]
["",null,null,null,""]
["",null,null,null,""]
["",null,null,null,""]
["",null,null,null,""]
["",null,null,null,""]
["",null,null,null,""]
["",null,null,null,""]
["",null,null,null,""]
["",null,null,null,""]
["",null,null,null,""]
["",null,null,null,""]
["",null,null,null,""]
["",null,null,null,""]
["",null,null,null,""]
["",null,null,null,""]
["",null,null,null,""]
["",null,null,null,""]
["",null,null,null,""]
["",null,null,null,""]
["",null,null,null,""]
["",null,null,null,""]
["",null,null,null,""]
["",null,null,null,""]
["",null,null,null,""]
["",null,null,null,""]
["",null,null,null,""]
["",null,null,null,""]
["",null,null,null,""]
["",null,null,null,""]
["",null,null,null,""]
["",null,null,null,""]
["",null,null,null,""]
["",null,null,null,""]
["",null,null,null,""]
["",null,null,null,""]
["",null,null,null,""]
["",null,null,null,""]
["",null,null,null,""]
["",null,null,null,""]
["",null,null,null,""]
["",null,null,null,""]
["",null,null,null,""]
["",null,null,null,""]
["",null,null,null,""]
["",null,null,null,""]
["",null,null,null,""]
["",null,null,null,""]
["",null,null,null,""]
["",null,null,null,""]
["",null,null,null,""]
["",null,null,null,""]
["",null,null,null,""]
["",null,null,null,""]
["",null,null,null,""]
["",null,null,null,""]
["",null,null,null,""]
["",null,null,null,""]
["",null,null,null,""]
[{"$f":"IF(AND(B35076<>\"\",B35077<>\"\"),A35076+1,\"\")","v":""},null,null,null,""]
["",null,null,null,""]
["",null,null,null,""]
["",null,null,null,""]
["",null,null,null,""]
["",null,null,null,""]
["",null,null,null,""]
["",null,null,null,""]
["",null,null,null,""]
["",null,null,null,""]
["",null,null,null,""]
["",null,null,null,""]
["",null,null,null,""]
["",null,null,null,""]
["",null,null,null,""]
["",null,null,null,""]
["",null,null,null,""]
["",null,null,null,""]
["",null,null,null,""]
["",null,null,null,""]
["",null,null,null,""]
["",null,null,null,""]
["",null,null,null,{"$f":"IF(D35780<>\"\",IF(AND($F$1<>\"\",F35780<>\"\"),D35780*$F$1*F35780,IF($F$1<>\"\",D35780*$F$1,IF(F35780<>\"\",F35780*D35780,D35780))),\"\")","v":""}]
["",null,null,null,""]
[{"$f":"IF(AND(B35844<>\"\",B35845<>\"\"),A35844+1,\"\")","v":""},null,null,null,""]
["",null,null,null,""]
["",null,null,null,""]
["",null,null,null,""]
["",null,null,null,""]
["",null,null,null,""]
["",null,null,null,""]
["",null,null,null,""]
["",null,null,null,""]
["",null,null,null,""]
["",null,null,null,""]
["",null,null,null,""]
["",null,null,null,""]
["",null,null,null,""]
["",null,null,null,""]
["",null,null,null,""]
["",null,null,null,""]
["",null,null,null,""]
["",null,null,null,""]
["",null,null,null,""]
["",null,null,null,""]
["",null,null,null,""]
["",null,null,null,""]
["",null,null,null,""]
["",null,null,null,""]
["",null,null,null,""]
["",null,null,null,""]
["",null,null,null,""]
["",null,null,null,""]
["",null,null,null,{"$f":"IF(D36740<>\"\",IF(AND($F$1<>\"\",F36740<>\"\"),D36740*$F$1*F36740,IF($F$1<>\"\",D36740*$F$1,IF(F36740<>\"\",F36740*D36740,D36740))),\"\")","v":""}]
["",null,null,null,""]
[{"$f":"IF(AND(B36804<>\"\",B36805<>\"\"),A36804+1,\"\")","v":""},null,null,null,""]
["",null,null,null,""]
["",null,null,null,""]
["",null,null,null,""]
["",null,null,null,""]
["",null,null,null,""]
["",null,null,null,""]
["",null,null,null,""]
["",null,null,null,""]
["",null,null,null,""]
["",null,null,null,{"$f":"IF(D37124<>\"\",IF(AND($F$1<>\"\",F37124<>\"\"),D37124*$F$1*F37124,IF($F$1<>\"\",D37124*$F$1,IF(F37124<>\"\",F37124*D37124,D37124))),\"\")","v":""}]
["",null,null,null,""]
["",null,null,null,""]
["",null,null,null,""]
["",null,null,null,""]
["",null,null,null,""]
["",null,null,null,""]
["",null,null,null,""]
["",null,null,null,""]
["",null,null,null,""]
["",null,null,null,""]
["",null,null,null,""]
["",null,null,null,""]
["",null,null,null,""]
["",null,null,null,""]
["",null,null,null,""]
["",null,null,null,""]
["",null,null,null,""]
["",null,null,null,""]
["",null,null,null,""]
["",null,null,null,""]
["",null,null,null,""]
["",null,null,null,""]
["",null,null,null,""]
["",null,null,null,""]
["",null,null,null,""]
["",null,null,null,""]
["",null,null,null,""]
["",null,null,null,""]
["",null,null,null,""]
["",null,null,null,""]
["",null,null,null,""]
["",null,null,null,""]
["",null,null,null,""]
["",null,null,null,""]
["",null,null,null,""]
["",null,null,null,""]
["",null,null,null,""]
["",null,null,null,""]
["",null,null,null,""]
["",null,null,null,""]
["",null,null,null,""]
["",null,null,null,""]
["",null,null,null,""]
["",null,null,null,""]
["",null,null,null,""]
["",null,null,null,""]
["",null,null,null,""]
["",null,null,null,""]
["",null,null,null,""]
["",null,null,null,""]
["",null,null,null,""]
["",null,null,null,""]
["",null,null,null,""]
["",null,null,null,""]
["",null,null,null,""]
["",null,null,null,""]
["",null,null,null,""]
["",null,null,null,""]
["",null,null,null,""]
["",null,null,null,""]
["",null,null,null,""]
["",null,null,null,""]
["",null,null,null,""]
["",null,null,null,""]
["",null,null,null,""]
["",null,null,null,""]
["",null,null,null,""]
["",null,null,null,""]
["",null,null,null,""]
["",null,null,null,""]
["",null,null,null,""]
["",null,null,null,""]
["",null,null,null,""]
["",null,null,null,""]
["",null,null,null,""]
["",null,null,null,""]
["",null,null,null,""]
["",null,null,null,""]
["",null,null,null,""]
["",null,null,null,""]
["",null,null,null,""]
["",null,null,null,""]
["",null,null,null,""]
["",null,null,null,""]
["",null,null,null,""]
["",null,null,null,""]
["",null,null,null,""]
["",null,null,null,""]
["",null,null,null,""]
["",null,null,null,""]
["",null,null,null,""]
["",null,null,null,""]
["",null,null,null,""]
["",null,null,null,""]
["",null,null,null,{"$f":"IF(D40132<>\"\",IF(AND($F$1<>\"\",F40132<>\"\"),D40132*$F$1*F40132,IF($F$1<>\"\",D40132*$F$1,IF(F40132<>\"\",F40132*D40132,D40132))),\"\")","v":""}]
["",null,null,null,""]
["",null,null,null,""]
["",null,null,null,""]
["",null,null,null,""]
["",null,null,null,""]
["",null,null,null,""]
["",null,null,null,""]
["",null,null,null,""]
["",null,null,null,""]
["",null,null,null,""]
["",null,null,null,""]
["",null,null,null,""]
["",null,null,null,""]
["",null,null,null,""]
["",null,null,null,""]
["",null,null,null,""]
[{"$f":"IF(AND(B40644<>\"\",B40645<>\"\"),A40644+1,\"\")","v":""},null,null,null,""]
["",null,null,null,""]
["",null,null,null,""]
["",null,null,null,""]
["",null,null,null,""]
["",null,null,null,""]
["",null,null,null,""]
["",null,null,null,""]
["",null,null,null,""]
["",null,null,null,""]
["",null,null,null,""]
["",null,null,null,""]
["",null,null,null,""]
["",null,null,null,""]
["",null,null,null,""]
["",null,null,null,""]
["",null,null,null,{"$f":"IF(D41156<>\"\",IF(AND($F$1<>\"\",F41156<>\"\"),D41156*$F$1*F41156,IF($F$1<>\"\",D41156*$F$1,IF(F41156<>\"\",F41156*D41156,D41156))),\"\")","v":""}]
["",null,null,null,""]
["",null,null,null,""]
["",null,null,null,""]
["",null,null,null,""]
["",null,null,null,""]
["",null,null,null,""]
["",null,null,null,""]
["",null,null,null,""]
["",null,null,null,""]
["",null,null,null,""]
["",null,null,null,""]
["",null,null,null,""]
["",null,null,null,""]
["",null,null,null,""]
["",null,null,null,""]
["",null,null,null,""]
["",null,null,null,""]
["",null,null,null,""]
["",null,null,null,""]
["",null,null,null,""]
["",null,null,null,""]
["",null,null,null,""]
["",null,null,null,""]
["",null,null,null,""]
["",null,null,null,""]
["",null,null,null,""]
["",null,null,null,""]
["",null,null,null,""]
["",null,null,null,""]
["",null,null,null,""]
["",null,null,null,""]
["",null,null,null,""]
["",null,null,null,""]
["",null,null,null,""]
["",null,null,null,""]
["",null,null,null,""]
["",null,null,null,""]
["",null,null,null,""]
["",null,null,null,""]
["",null,null,null,""]
["",null,null,null,""]
["",null,null,null,""]
["",null,null,null,""]
["",null,null,null,""]
["",null,null,null,""]
["",null,null,null,""]
["",null,null,null,""]
["",null,null,null,""]
["",null,null,null,""]
["",null,null,null,""]
["",null,null,null,""]
["",null,null,null,""]
["",null,null,null,""]
["",null,null,null,""]
["",null,null,null,""]
["",null,null,null,""]
["",null,null,null,""]
["",null,null,null,""]
["",null,null,null,""]
["",null,null,null,""]
["",null,null,null,""]
["",null,null,null,""]
["",null,null,null,""]
["",null,null,null,""]
["",null,null,null,""]
["",null,null,null,""]
["",null,null,null,""]
["",null,null,null,""]
["",null,null,null,""]
["",null,null,null,""]
["",null,null,null,""]
["",null,null,null,""]
["",null,null,null,""]
["",null,null,null,""]
["",null,null,null,""]
["",null,null,null,""]
["",null,null,null,""]
["",null,null,null,""]
[{"$f":"IF(AND(B43652<>\"\",B43653<>\"\"),A43652+1,\"\")","v":""},null,null,null,""]
["",null,null,null,""]
["",null,null,null,""]
["",null,null,null,""]
["",null,null,null,""]
["",null,null,null,""]
["",null,null,null,""]
["",null,null,null,""]
["",null,null,null,""]
["",null,null,null,""]
["",null,null,null,""]
["",null,null,null,""]
["",null,null,null,""]
["",null,null,null,""]
["",null,null,null,""]
["",null,null,null,""]
["",null,null,null,""]
["",null,null,null,""]
["",null,null,null,""]
["",null,null,null,""]
["",null,null,null,""]
["",null,null,null,""]
["",null,null,null,""]
["",null,null,null,""]
["",null,null,null,""]
["",null,null,null,""]
["",null,null,null,""]
["",null,null,null,""]
["",null,null,null,""]
["",null,null,null,""]
["",null,null,null,""]
["",null,null,null,""]
["",null,null,null,""]
[{"$f":"IF(AND(B44676<>\"\",B44677<>\"\"),A44676+1,\"\")","v":""},null,null,null,""]
["",null,null,null,""]
["",null,null,null,""]
["",null,null,null,""]
["",null,null,null,""]
["",null,null,null,""]
["",null,null,null,""]
["",null,null,null,""]
["",null,null,null,""]
["",null,null,null,""]
["",null,null,null,""]
["",null,null,null,""]
["",null,null,null,""]
["",null,null,null,""]
["",null,null,null,""]
["",null,null,null,""]
["",null,null,null,""]
["",null,null,null,""]
["",null,null,null,""]
["",null,null,null,""]
["",null,null,null,""]
["",null,null,null,""]
["",null,null,null,""]
["",null,null,null,""]
["",null,null,null,""]
["",null,null,null,""]
["",null,null,null,""]
["",null,null,null,""]
["",null,null,null,""]
["",null,null,null,""]
["",null,null,null,""]
["",null,null,null,""]
["",null,null,null,""]
["",null,null,null,""]
["",null,null,null,""]
["",null,null,null,""]
["",null,null,null,""]
["",null,null,null,""]
["",null,null,null,""]
["",null,null,null,""]
["",null,null,null,""]
["",null,null,null,""]
["",null,null,null,""]
["",null,null,null,""]
["",null,null,null,""]
["",null,null,null,""]
["",null,null,null,""]
["",null,null,null,""]
["",null,null,null,""]
["",null,null,null,""]
["",null,null,null,""]
["",null,null,null,""]
["",null,null,null,""]
["",null,null,null,""]
["",null,null,null,""]
["",null,null,null,""]
["",null,null,null,""]
["",null,null,null,""]
["",null,null,null,""]
["",null,null,null,""]
["",null,null,null,""]
["",null,null,null,""]
["",null,null,null,""]
["",null,null,null,""]
["",null,null,null,""]
["",null,null,null,""]
["",null,null,null,""]
["",null,null,null,""]
["",null,null,null,""]
["",null,null,null,""]
["",null,null,null,""]
["",null,null,null,""]
["",null,null,null,""]
["",null,null,null,""]
["",null,null,null,""]
["",null,null,null,""]
["",null,null,null,""]
["",null,null,null,""]
["",null,null,null,""]
["",null,null,null,""]
["",null,null,null,""]
["",null,null,null,""]
["",null,null,null,""]
["",null,null,null,""]
["",null,null,null,""]
["",null,null,null,""]
["",null,null,null,""]
["",null,null,null,""]
["",null,null,null,""]
["",null,null,null,""]
["",null,null,null,""]
["",null,null,null,""]
["",null,null,null,""]
["",null,null,null,""]
["",null,null,null,""]
["",null,null,null,""]
["",null,null,null,""]
["",null,null,null,""]
["",null,null,null,""]
["",null,null,null,""]
["",null,null,null,""]
["",null,null,null,""]
["",null,null,null,""]
["",null,null,null,""]
["",null,null,null,""]
["",null,null,null,""]
["",null,null,null,""]
["",null,null,null,""]
["",null,null,null,""]
["",null,null,null,""]
["",null,null,null,""]
["",null,null,null,""]
["",null,null,null,""]
["",null,null,null,""]
["",null,null,null,""]
["",null,null,null,""]
["",null,null,null,""]
["",null,null,null,""]
["",null,null,null,""]
["",null,null,null,""]
["",null,null,null,""]
["",null,null,null,""]
["",null,null,null,""]
["",null,null,null,""]
["",null,null,null,""]
["",null,null,null,""]
["",null,null,null,""]
["",null,null,null,{"$f":"IF(D48708<>\"\",IF(AND($F$1<>\"\",F48708<>\"\"),D48708*$F$1*F48708,IF($F$1<>\"\",D48708*$F$1,IF(F48708<>\"\",F48708*D48708,D48708))),\"\")","v":""}]
["",null,null,null,""]
["",null,null,null,""]
["",null,null,null,""]
["",null,null,null,""]
["",null,null,null,""]
["",null,null,null,""]
["",null,null,null,""]
["",null,null,null,""]
["",null,null,null,""]
["",null,null,null,""]
["",null,null,null,""]
["",null,null,null,""]
["",null,null,null,""]
["",null,null,null,""]
["",null,null,null,""]
["",null,null,null,""]
["",null,null,null,""]
["",null,null,null,""]
["",null,null,null,""]
["",null,null,null,""]
["",null,null,null,""]
["",null,null,null,""]
["",null,null,null,""]
["",null,null,null,""]
["",null,null,null,""]
["",null,null,null,""]
["",null,null,null,""]
["",null,null,null,""]
["",null,null,null,""]
["",null,null,null,""]
["",null,null,null,""]
["",null,null,null,""]
["",null,null,null,{"$f":"IF(D49732<>\"\",IF(AND($F$1<>\"\",F49732<>\"\"),D49732*$F$1*F49732,IF($F$1<>\"\",D49732*$F$1,IF(F49732<>\"\",F49732*D49732,D49732))),\"\")","v":""}]
["",null,null,null,""]
["",null,null,null,""]
["",null,null,null,""]
["",null,null,null,""]
["",null,null,null,""]
["",null,null,null,""]
["",null,null,null,""]
["",null,null,null,""]
["",null,null,null,""]
["",null,null,null,""]
["",null,null,null,""]
["",null,null,null,""]
["",null,null,null,""]
["",null,null,null,""]
["",null,null,null,""]
["",null,null,null,""]
["",null,null,null,""]
["",null,null,null,""]
["",null,null,null,""]
["",null,null,null,{"$f":"IF(D50372<>\"\",IF(AND($F$1<>\"\",F50372<>\"\"),D50372*$F$1*F50372,IF($F$1<>\"\",D50372*$F$1,IF(F50372<>\"\",F50372*D50372,D50372))),\"\")","v":""}]
["",null,null,null,""]
[{"$f":"IF(AND(B50436<>\"\",B50437<>\"\"),A50436+1,\"\")","v":""},null,null,null,""]
["",null,null,null,""]
["",null,null,null,""]
["",null,null,null,""]
["",null,null,null,""]
["",null,null,null,""]
["",null,null,null,""]
["",null,null,null,""]
["",null,null,null,""]
["",null,null,null,""]
["",null,null,null,""]
["",null,null,null,""]
["",null,null,null,""]
["",null,null,null,""]
["",null,null,null,""]
["",null,null,null,""]
["",null,null,null,""]
["",null,null,null,""]
["",null,null,null,""]
["",null,null,null,""]
["",null,null,null,""]
["",null,null,null,""]
["",null,null,null,""]
["",null,null,null,""]
["",null,null,null,""]
["",null,null,null,""]
["",null,null,null,""]
["",null,null,null,""]
["",null,null,null,""]
["",null,null,null,{"$f":"IF(D51332<>\"\",IF(AND($F$1<>\"\",F51332<>\"\"),D51332*$F$1*F51332,IF($F$1<>\"\",D51332*$F$1,IF(F51332<>\"\",F51332*D51332,D51332))),\"\")","v":""}]
["",null,null,null,""]
[{"$f":"IF(AND(B51396<>\"\",B51397<>\"\"),A51396+1,\"\")","v":""},null,null,null,""]
["",null,null,null,""]
["",null,null,null,""]
["",null,null,null,""]
["",null,null,null,""]
["",null,null,null,""]
["",null,null,null,""]
["",null,null,null,""]
["",null,null,null,""]
["",null,null,null,""]
["",null,null,null,""]
["",null,null,null,""]
["",null,null,null,""]
["",null,null,null,""]
["",null,null,null,""]
["",null,null,null,""]
["",null,null,null,""]
["",null,null,null,""]
["",null,null,null,""]
["",null,null,null,""]
["",null,null,null,""]
["",null,null,null,""]
["",null,null,null,""]
["",null,null,null,""]
["",null,null,null,""]
["",null,null,null,""]
[{"$f":"IF(AND(B52228<>\"\",B52229<>\"\"),A52228+1,\"\")","v":""},null,null,null,""]
["",null,null,null,""]
["",null,null,null,""]
["",null,null,null,""]
["",null,null,null,""]
["",null,null,null,""]
["",null,null,null,""]
["",null,null,null,""]
["",null,null,null,""]
["",null,null,null,""]
["",null,null,null,""]
["",null,null,null,""]
["",null,null,null,""]
["",null,null,null,""]
["",null,null,null,""]
["",null,null,null,""]
["",null,null,null,{"$f":"IF(D52740<>\"\",IF(AND($F$1<>\"\",F52740<>\"\"),D52740*$F$1*F52740,IF($F$1<>\"\",D52740*$F$1,IF(F52740<>\"\",F52740*D52740,D52740))),\"\")","v":""}]
["",null,null,null,""]
["",null,null,null,""]
["",null,null,null,""]
["",null,null,null,""]
["",null,null,null,""]
["",null,null,null,""]
["",null,null,null,""]
["",null,null,null,""]
["",null,null,null,""]
["",null,null,null,""]
["",null,null,null,""]
["",null,null,null,""]
["",null,null,null,""]
["",null,null,null,""]
["",null,null,null,""]
["",null,null,null,""]
[{"$f":"IF(AND(B53252<>\"\",B53253<>\"\"),A53252+1,\"\")","v":""},null,null,null,""]
["",null,null,null,""]
["",null,null,null,""]
["",null,null,null,""]
["",null,null,null,""]
["",null,null,null,""]
["",null,null,null,""]
["",null,null,null,""]
["",null,null,null,""]
["",null,null,null,""]
["",null,null,null,""]
["",null,null,null,""]
["",null,null,null,""]
["",null,null,null,""]
["",null,null,null,""]
["",null,null,null,""]
["",null,null,null,""]
["",null,null,null,""]
["",null,null,null,""]
["",null,null,null,""]
["",null,null,null,""]
["",null,null,null,""]
["",null,null,null,""]
["",null,null,null,""]
["",null,null,null,""]
["",null,null,null,""]
["",null,null,null,""]
["",null,null,null,""]
["",null,null,null,""]
["",null,null,null,""]
["",null,null,null,""]
["",null,null,null,""]
["",null,null,null,{"$f":"IF(D54276<>\"\",IF(AND($F$1<>\"\",F54276<>\"\"),D54276*$F$1*F54276,IF($F$1<>\"\",D54276*$F$1,IF(F54276<>\"\",F54276*D54276,D54276))),\"\")","v":""}]
["",null,null,null,""]
[{"$f":"IF(AND(B54340<>\"\",B54341<>\"\"),A54340+1,\"\")","v":""},null,null,null,""]
["",null,null,null,""]
["",null,null,null,""]
["",null,null,null,""]
["",null,null,null,""]
["",null,null,null,""]
["",null,null,null,""]
["",null,null,null,""]
["",null,null,null,""]
["",null,null,null,""]
["",null,null,null,""]
["",null,null,null,""]
["",null,null,null,""]
["",null,null,null,""]
["",null,null,null,""]
["",null,null,null,""]
["",null,null,null,""]
["",null,null,null,""]
["",null,null,null,""]
["",null,null,null,""]
["",null,null,null,""]
["",null,null,null,""]
["",null,null,null,""]
["",null,null,null,""]
["",null,null,null,""]
["",null,null,null,""]
["",null,null,null,""]
["",null,null,null,""]
["",null,null,null,""]
["",null,null,null,{"$f":"IF(D55236<>\"\",IF(AND($F$1<>\"\",F55236<>\"\"),D55236*$F$1*F55236,IF($F$1<>\"\",D55236*$F$1,IF(F55236<>\"\",F55236*D55236,D55236))),\"\")","v":""}]
["",null,null,null,""]
[{"$f":"IF(AND(B55300<>\"\",B55301<>\"\"),A55300+1,\"\")","v":""},null,null,null,""]
["",null,null,null,""]
["",null,null,null,""]
["",null,null,null,""]
["",null,null,null,""]
["",null,null,null,""]
["",null,null,null,""]
["",null,null,null,""]
["",null,null,null,""]
["",null,null,null,""]
["",null,null,null,""]
["",null,null,null,""]
["",null,null,null,""]
["",null,null,null,""]
["",null,null,null,""]
["",null,null,null,""]
["",null,null,null,""]
["",null,null,null,""]
["",null,null,null,""]
["",null,null,null,""]
["",null,null,null,""]
["",null,null,null,""]
["",null,null,null,""]
["",null,null,null,""]
["",null,null,null,""]
["",null,null,null,""]
["",null,null,null,""]
["",null,null,null,""]
["",null,null,null,""]
["",null,null,null,""]
[{"$f":"IF(AND(B56260<>\"\",B56261<>\"\"),A56260+1,\"\")","v":""},null,null,null,""]
["",null,null,null,""]
["",null,null,null,""]
["",null,null,null,""]
["",null,null,null,""]
["",null,null,null,""]
["",null,null,null,""]
["",null,null,null,""]
["",null,null,null,""]
["",null,null,null,""]
["",null,null,null,""]
["",null,null,null,""]
["",null,null,null,""]
["",null,null,null,""]
["",null,null,null,""]
["",null,null,null,""]
["",null,null,null,""]
["",null,null,null,""]
["",null,null,null,""]
["",null,null,null,""]
["",null,null,null,""]
["",null,null,null,""]
["",null,null,null,""]
["",null,null,null,""]
["",null,null,null,""]
["",null,null,null,""]
["",null,null,null,""]
["",null,null,null,""]
["",null,null,null,""]
["",null,null,null,""]
["",null,null,null,""]
["",null,null,null,""]
["",null,null,null,""]
["",null,null,null,""]
["",null,null,null,""]
["",null,null,null,""]
["",null,null,null,""]
["",null,null,null,""]
["",null,null,null,""]
["",null,null,null,""]
["",null,null,null,""]
["",null,null,null,""]
["",null,null,null,""]
["",null,null,null,""]
["",null,null,null,""]
["",null,null,null,""]
["",null,null,null,""]
["",null,null,null,""]
["",null,null,null,""]
["",null,null,null,""]
["",null,null,null,""]
["",null,null,null,""]
["",null,null,null,""]
["",null,null,null,""]
["",null,null,null,""]
["",null,null,null,""]
["",null,null,null,""]
["",null,null,null,""]
["",null,null,null,""]
["",null,null,null,""]
["",null,null,null,""]
["",null,null,null,""]
["",null,null,null,""]
["",null,null,null,""]
["",null,null,null,""]
["",null,null,null,{"$f":"IF(D58308<>\"\",IF(AND($F$1<>\"\",F58308<>\"\"),D58308*$F$1*F58308,IF($F$1<>\"\",D58308*$F$1,IF(F58308<>\"\",F58308*D58308,D58308))),\"\")","v":""}]
["",null,null,null,""]
["",null,null,null,""]
["",null,null,null,""]
["",null,null,null,""]
["",null,null,null,""]
["",null,null,null,""]
["",null,null,null,""]
["",null,null,null,""]
["",null,null,null,""]
["",null,null,null,""]
["",null,null,null,""]
["",null,null,null,""]
["",null,null,null,""]
["",null,null,null,""]
["",null,null,null,""]
["",null,null,null,""]
["",null,null,null,""]
["",null,null,null,""]
["",null,null,null,""]
["",null,null,null,""]
["",null,null,null,""]
["",null,null,null,""]
["",null,null,null,""]
["",null,null,null,""]
["",null,null,null,""]
["",null,null,null,""]
["",null,null,null,""]
["",null,null,null,""]
["",null,null,null,""]
["",null,null,null,""]
["",null,null,null,""]
["",null,null,null,""]
["",null,null,null,""]
["",null,null,null,""]
["",null,null,null,""]
["",null,null,null,""]
["",null,null,null,""]
["",null,null,null,""]
["",null,null,null,""]
["",null,null,null,""]
["",null,null,null,""]
["",null,null,null,""]
["",null,null,null,""]
["",null,null,null,""]
["",null,null,null,""]
["",null,null,null,""]
["",null,null,null,""]
["",null,null,null,""]
["",null,null,null,""]
["",null,null,null,""]
["",null,null,null,""]
["",null,null,null,""]
["",null,null,null,""]
["",null,null,null,""]
["",null,null,null,""]
["",null,null,null,""]
["",null,null,null,""]
["",null,null,null,""]
["",null,null,null,""]
["",null,null,null,""]
["",null,null,null,""]
["",null,null,null,""]
["",null,null,null,""]
["",null,null,null,""]
["",null,null,null,""]
["",null,null,null,""]
["",null,null,null,""]
["",null,null,null,""]
["",null,null,null,""]
["",null,null,null,""]
["",null,null,null,""]
["",null,null,null,""]
["",null,null,null,""]
["",null,null,null,""]
["",null,null,null,""]
["",null,null,null,""]
["",null,null,null,""]
["",null,null,null,""]
[{"$f":"IF(AND(B60804<>\"\",B60805<>\"\"),A60804+1,\"\")","v":""},null,null,null,""]
["",null,null,null,""]
["",null,null,null,""]
["",null,null,null,""]
["",null,null,null,""]
["",null,null,null,""]
["",null,null,null,""]
["",null,null,null,""]
["",null,null,null,""]
["",null,null,null,""]
["",null,null,null,""]
["",null,null,null,""]
["",null,null,null,""]
["",null,null,null,""]
["",null,null,null,""]
["",null,null,null,""]
["",null,null,null,{"$f":"IF(D61316<>\"\",IF(AND($F$1<>\"\",F61316<>\"\"),D61316*$F$1*F61316,IF($F$1<>\"\",D61316*$F$1,IF(F61316<>\"\",F61316*D61316,D61316))),\"\")","v":""}]
["",null,null,null,""]
["",null,null,null,""]
["",null,null,null,""]
["",null,null,null,""]
["",null,null,null,""]
["",null,null,null,""]
["",null,null,null,""]
["",null,null,null,""]
["",null,null,null,""]
["",null,null,null,""]
["",null,null,null,""]
["",null,null,null,""]
["",null,null,null,""]
["",null,null,null,""]
["",null,null,null,""]
["",null,null,null,""]
["",null,null,null,""]
["",null,null,null,""]
["",null,null,null,""]
["",null,null,null,""]
["",null,null,null,""]
["",null,null,null,""]
["",null,null,null,""]
["",null,null,null,""]
["",null,null,null,""]
["",null,null,null,""]
["",null,null,null,""]
["",null,null,null,""]
["",null,null,null,""]
["",null,null,null,""]
["",null,null,null,""]
["",null,null,null,""]
["",null,null,null,{"$f":"IF(D62340<>\"\",IF(AND($F$1<>\"\",F62340<>\"\"),D62340*$F$1*F62340,IF($F$1<>\"\",D62340*$F$1,IF(F62340<>\"\",F62340*D62340,D62340))),\"\")","v":""}]
["",null,null,null,""]
["",null,null,null,""]
["",null,null,null,""]
["",null,null,null,""]
["",null,null,null,""]
["",null,null,null,""]
["",null,null,null,""]
["",null,null,null,""]
["",null,null,null,""]
["",null,null,null,""]
["",null,null,null,""]
["",null,null,null,""]
["",null,null,null,""]
["",null,null,null,""]
["",null,null,null,""]
["",null,null,null,""]
["",null,null,null,""]
["",null,null,null,""]
["",null,null,null,""]
["",null,null,null,""]
["",null,null,null,""]
["",null,null,null,""]
["",null,null,null,""]
["",null,null,null,""]
["",null,null,null,""]
["",null,null,null,""]
["",null,null,null,""]
["",null,null,null,""]
["",null,null,null,""]
["",null,null,null,""]
["",null,null,null,""]
["",null,null,null,""]
["",null,null,null,""]
["",null,null,null,""]
["",null,null,null,""]
["",null,null,null,""]
["",null,null,null,""]
["",null,null,null,""]
["",null,null,null,""]
["",null,null,null,""]
["",null,null,null,""]
["",null,null,null,""]
["",null,null,null,""]
["",null,null,null,""]
["",null,null,null,""]
["",null,null,null,""]
["",null,null,null,""]
["",null,null,null,""]
["",null,null,null,""]
["",null,null,null,""]
["",null,null,null,""]
["",null,null,null,""]
["",null,null,null,""]
["",null,null,null,""]
["",null,null,null,""]
["",null,null,null,""]
["",null,null,null,""]
["",null,null,null,""]
["",null,null,null,""]
["",null,null,null,""]
["",null,null,null,""]
["",null,null,null,""]
["",null,null,null,""]
["",null,null,null,""]
["",null,null,null,""]
["",null,null,null,""]
["",null,null,null,""]
["",null,null,null,""]
["",null,null,null,""]
["",null,null,null,""]
["",null,null,null,""]
["",null,null,null,""]
["",null,null,null,""]
["",null,null,null,""]
["",null,null,null,""]
["",null,null,null,""]
["",null,null,null,""]
["",null,null,null,""]
[{"$f":"IF(AND(B64836<>\"\",B64837<>\"\"),A64836+1,\"\")","v":""},null,null,null,""]
["",null,null,null,""]
["",null,null,null,""]
["",null,null,null,""]
["",null,null,null,""]
["",null,null,null,""]
[{"$f":"IF(AND(B65028<>\"\",B65029<>\"\"),A65028+1,\"\")","v":""},null,null,null,""]
["",null,null,null,""]
["",null,null,null,""]
["",null,null,null,""]
["",null,null,null,""]
["",null,null,null,""]
["",null,null,null,""]
["",null,null,null,""]
["",null,null,null,""]
["",null,null,null,""]
["",null,null,null,""]
["",null,null,null,""]
["",null,null,null,""]
["",null,null,null,""]
["",null,null,null,""]
["",null,null,null,""]
["",null,null,null,""]
["",null,null,null,""]
["",null,null,null,""]
["",null,null,null,""]
["",null,null,null,""]
["",null,null,null,""]
["",null,null,null,""]
["",null,null,null,""]
["",null,null,null,""]
["",null,null,null,""]
["",null,null,null,""]
["",null,null,null,""]
["",null,null,null,""]
["",null,null,null,""]
["",null,null,null,""]
["",null,null,null,""]
["",null,null,null,""]
["",null,null,null,""]
["",null,null,null,""]
["",null,null,null,""]
["",null,null,null,""]
["",null,null,null,""]
["",null,null,null,""]
["",null,null,null,""]
["",null,null,null,""]
["",null,null,null,""]
["",null,null,null,""]
["",null,null,null,""]
["",null,null,null,""]
["",null,null,null,""]
["",null,null,null,""]
["",null,null,null,""]
["",null,null,null,""]
["",null,null,null,""]
["",null,null,null,""]
["",null,null,null,""]
["",null,null,null,""]
["",null,null,null,""]
["",null,null,null,""]
["",null,null,null,""]
["",null,null,null,{"$f":"IF(D65092<>\"\",IF(AND($F$1<>\"\",F65092<>\"\"),D65092*$F$1*F65092,IF($F$1<>\"\",D65092*$F$1,IF(F65092<>\"\",F65092*D65092,D65092))),\"\")","v":""}]
[{"$f":"IF(AND(B65092<>\"\",B65093<>\"\"),A65092+1,\"\")","v":""},null,null,null,""]
["",null,null,null,""]
["",null,null,null,""]
["",null,null,null,""]
["",null,null,null,""]
["",null,null,null,""]
["",null,null,null,""]
["",null,null,null,""]
["",null,null,null,""]
["",null,null,null,""]
["",null,null,null,""]
["",null,null,null,""]
["",null,null,null,""]
["",null,null,null,""]
["",null,null,null,""]
["",null,null,null,""]
["",null,null,null,""]
["",null,null,null,""]
["",null,null,null,""]
["",null,null,null,""]
["",null,null,null,""]
["",null,null,null,""]
["",null,null,null,""]
["",null,null,null,""]
["",null,null,null,""]
["",null,null,null,""]
["",null,null,null,""]
["",null,null,null,""]
["",null,null,null,""]
["",null,null,null,""]
["",null,null,null,""]
["",null,null,null,""]
["",null,null,null,""]
["",null,null,null,""]
["",null,null,null,""]
["",null,null,null,""]
["",null,null,null,""]
["",null,null,null,""]
["",null,null,null,""]
["",null,null,null,""]
["",null,null,null,""]
["",null,null,null,""]
["",null,null,null,""]
["",null,null,null,""]
["",null,null,null,""]
["",null,null,null,""]
["",null,null,null,""]
["",null,null,null,""]
["",null,null,null,""]
["",null,null,null,""]
["",null,null,null,""]
["",null,null,null,""]
["",null,null,null,""]
["",null,null,null,""]
["",null,null,null,""]
["",null,null,null,""]
["",null,null,null,""]
["",null,null,null,""]
["",null,null,null,""]
["",null,null,null,""]
["",null,null,null,""]
["",null,null,null,""]
["",null,null,null,""]
["",null,null,null,{"$f":"IF(D65156<>\"\",IF(AND($F$1<>\"\",F65156<>\"\"),D65156*$F$1*F65156,IF($F$1<>\"\",D65156*$F$1,IF(F65156<>\"\",F65156*D65156,D65156))),\"\")","v":""}]
[{"$f":"IF(AND(B65156<>\"\",B65157<>\"\"),A65156+1,\"\")","v":""},null,null,null,""]
["",null,null,null,""]
["",null,null,null,""]
["",null,null,null,""]
["",null,null,null,""]
["",null,null,null,""]
["",null,null,null,""]
["",null,null,null,""]
["",null,null,null,""]
["",null,null,null,""]
["",null,null,null,""]
["",null,null,null,""]
["",null,null,null,""]
["",null,null,null,""]
["",null,null,null,""]
["",null,null,null,""]
["",null,null,null,""]
["",null,null,null,""]
["",null,null,null,""]
["",null,null,null,""]
["",null,null,null,""]
["",null,null,null,""]
["",null,null,null,""]
["",null,null,null,""]
["",null,null,null,""]
["",null,null,null,""]
["",null,null,null,""]
["",null,null,null,""]
["",null,null,null,""]
["",null,null,null,""]
["",null,null,null,""]
["",null,null,null,""]
["",null,null,null,""]
["",null,null,null,""]
["",null,null,null,""]
["",null,null,null,""]
["",null,null,null,""]
["",null,null,null,""]
["",null,null,null,""]
["",null,null,null,""]
["",null,null,null,""]
["",null,null,null,""]
["",null,null,null,""]
["",null,null,null,""]
["",null,null,null,""]
["",null,null,null,""]
["",null,null,null,""]
["",null,null,null,""]
["",null,null,null,""]
["",null,null,null,""]
["",null,null,null,""]
["",null,null,null,""]
["",null,null,null,""]
["",null,null,null,""]
["",null,null,null,""]
["",null,null,null,""]
["",null,null,null,""]
["",null,null,null,""]
["",null,null,null,""]
["",null,null,null,""]
["",null,null,null,""]
["",null,null,null,""]
["",null,null,null,""]
["",null,null,null,{"$f":"IF(D65220<>\"\",IF(AND($F$1<>\"\",F65220<>\"\"),D65220*$F$1*F65220,IF($F$1<>\"\",D65220*$F$1,IF(F65220<>\"\",F65220*D65220,D65220))),\"\")","v":""}]
[{"$f":"IF(AND(B65220<>\"\",B65221<>\"\"),A65220+1,\"\")","v":""},null,null,null,""]
["",null,null,null,""]
["",null,null,null,""]
["",null,null,null,""]
["",null,null,null,""]
["",null,null,null,""]
["",null,null,null,""]
["",null,null,null,""]
["",null,null,null,""]
["",null,null,null,""]
["",null,null,null,""]
["",null,null,null,""]
["",null,null,null,""]
["",null,null,null,""]
["",null,null,null,""]
["",null,null,null,""]
["",null,null,null,""]
["",null,null,null,""]
["",null,null,null,""]
["",null,null,null,""]
["",null,null,null,""]
["",null,null,null,""]
["",null,null,null,""]
["",null,null,null,""]
["",null,null,null,""]
["",null,null,null,""]
["",null,null,null,""]
["",null,null,null,""]
["",null,null,null,""]
["",null,null,null,""]
["",null,null,null,""]
["",null,null,null,""]
["",null,null,null,""]
["",null,null,null,""]
["",null,null,null,""]
["",null,null,null,""]
["",null,null,null,""]
["",null,null,null,""]
["",null,null,null,""]
["",null,null,null,""]
["",null,null,null,""]
["",null,null,null,""]
["",null,null,null,""]
["",null,null,null,""]
["",null,null,null,""]
["",null,null,null,""]
["",null,null,null,""]
["",null,null,null,""]
["",null,null,null,""]
["",null,null,null,""]
["",null,null,null,""]
["",null,null,null,""]
["",null,null,null,""]
["",null,null,null,""]
["",null,null,null,""]
["",null,null,null,""]
["",null,null,null,""]
["",null,null,null,""]
["",null,null,null,""]
["",null,null,null,""]
["",null,null,null,""]
["",null,null,null,""]
["",null,null,null,""]
["",null,null,null,{"$f":"IF(D65284<>\"\",IF(AND($F$1<>\"\",F65284<>\"\"),D65284*$F$1*F65284,IF($F$1<>\"\",D65284*$F$1,IF(F65284<>\"\",F65284*D65284,D65284))),\"\")","v":""}]
[{"$f":"IF(AND(B65284<>\"\",B65285<>\"\"),A65284+1,\"\")","v":""},null,null,null,""]
["",null,null,null,""]
["",null,null,null,""]
["",null,null,null,""]
["",null,null,null,""]
["",null,null,null,""]
["",null,null,null,""]
["",null,null,null,""]
["",null,null,null,""]
["",null,null,null,""]
["",null,null,null,""]
["",null,null,null,""]
["",null,null,null,""]
["",null,null,null,""]
["",null,null,null,""]
["",null,null,null,""]
["",null,null,null,""]
["",null,null,null,""]
["",null,null,null,""]
["",null,null,null,""]
["",null,null,null,""]
["",null,null,null,""]
["",null,null,null,""]
["",null,null,null,""]
["",null,null,null,""]
["",null,null,null,""]
["",null,null,null,""]
["",null,null,null,""]
["",null,null,null,""]
["",null,null,null,""]
["",null,null,null,""]
["",null,null,null,""]
["",null,null,null,""]
["",null,null,null,""]
["",null,null,null,""]
["",null,null,null,""]
["",null,null,null,""]
["",null,null,null,""]
["",null,null,null,""]
["",null,null,null,""]
["",null,null,null,""]
["",null,null,null,""]
["",null,null,null,""]
["",null,null,null,""]
["",null,null,null,""]
["",null,null,null,""]
["",null,null,null,""]
["",null,null,null,""]
["",null,null,null,""]
["",null,null,null,""]
["",null,null,null,""]
["",null,null,null,""]
["",null,null,null,""]
["",null,null,null,""]
["",null,null,null,""]
["",null,null,null,""]
["",null,null,null,""]
["",null,null,null,""]
["",null,null,null,""]
["",null,null,null,""]
["",null,null,null,""]
["",null,null,null,""]
["",null,null,null,""]
["",null,null,null,{"$f":"IF(D65348<>\"\",IF(AND($F$1<>\"\",F65348<>\"\"),D65348*$F$1*F65348,IF($F$1<>\"\",D65348*$F$1,IF(F65348<>\"\",F65348*D65348,D65348))),\"\")","v":""}]
[{"$f":"IF(AND(B65348<>\"\",B65349<>\"\"),A65348+1,\"\")","v":""},null,null,null,""]
["",null,null,null,""]
["",null,null,null,""]
["",null,null,null,""]
["",null,null,null,""]
["",null,null,null,""]
["",null,null,null,""]
["",null,null,null,""]
["",null,null,null,""]
["",null,null,null,""]
["",null,null,null,""]
["",null,null,null,""]
["",null,null,null,""]
["",null,null,null,""]
["",null,null,null,""]
["",null,null,null,""]
["",null,null,null,""]
["",null,null,null,""]
["",null,null,null,""]
["",null,null,null,""]
["",null,null,null,""]
["",null,null,null,""]
["",null,null,null,""]
["",null,null,null,""]
["",null,null,null,""]
["",null,null,null,""]
["",null,null,null,""]
["",null,null,null,""]
["",null,null,null,""]
["",null,null,null,""]
["",null,null,null,""]
["",null,null,null,""]
["",null,null,null,""]
["",null,null,null,""]
["",null,null,null,""]
["",null,null,null,""]
["",null,null,null,""]
["",null,null,null,""]
["",null,null,null,""]
["",null,null,null,""]
["",null,null,null,""]
["",null,null,null,""]
["",null,null,null,""]
["",null,null,null,""]
["",null,null,null,""]
["",null,null,null,""]
["",null,null,null,""]
["",null,null,null,""]
["",null,null,null,""]
["",null,null,null,""]
["",null,null,null,""]
["",null,null,null,""]
["",null,null,null,""]
["",null,null,null,""]
["",null,null,null,""]
["",null,null,null,""]
["",null,null,null,""]
["",null,null,null,""]
["",null,null,null,""]
["",null,null,null,""]
["",null,null,null,""]
["",null,null,null,""]
["",null,null,null,""]
["",null,null,null,{"$f":"IF(D65412<>\"\",IF(AND($F$1<>\"\",F65412<>\"\"),D65412*$F$1*F65412,IF($F$1<>\"\",D65412*$F$1,IF(F65412<>\"\",F65412*D65412,D65412))),\"\")","v":""}]
[{"$f":"IF(AND(B65412<>\"\",B65413<>\"\"),A65412+1,\"\")","v":""},null,null,null,""]
["",null,null,null,""]
["",null,null,null,""]
["",null,null,null,""]
["",null,null,null,""]
["",null,null,null,""]
["",null,null,null,""]
["",null,null,null,""]
["",null,null,null,""]
["",null,null,null,""]
["",null,null,null,""]
["",null,null,null,""]
["",null,null,null,""]
["",null,null,null,""]
["",null,null,null,""]
["",null,null,null,""]
["",null,null,null,""]
["",null,null,null,""]
["",null,null,null,""]
["",null,null,null,""]
["",null,null,null,""]
["",null,null,null,""]
["",null,null,null,""]
["",null,null,null,""]
["",null,null,null,""]
["",null,null,null,""]
["",null,null,null,""]
["",null,null,null,""]
["",null,null,null,""]
["",null,null,null,""]
["",null,null,null,""]
["",null,null,null,""]
["",null,null,null,""]
["",null,null,null,""]
["",null,null,null,""]
["",null,null,null,""]
["",null,null,null,""]
["",null,null,null,""]
["",null,null,null,""]
["",null,null,null,""]
["",null,null,null,""]
["",null,null,null,""]
["",null,null,null,""]
["",null,null,null,""]
["",null,null,null,""]
["",null,null,null,""]
["",null,null,null,""]
["",null,null,null,""]
["",null,null,null,""]
["",null,null,null,""]
["",null,null,null,""]
["",null,null,null,""]
["",null,null,null,""]
["",null,null,null,""]
["",null,null,null,""]
["",null,null,null,""]
["",null,null,null,""]
["",null,null,null,""]
["",null,null,null,""]
["",null,null,null,""]
["",null,null,null,""]
["",null,null,null,""]
["",null,null,null,""]
["",null,null,null,{"$f":"IF(D65476<>\"\",IF(AND($F$1<>\"\",F65476<>\"\"),D65476*$F$1*F65476,IF($F$1<>\"\",D65476*$F$1,IF(F65476<>\"\",F65476*D65476,D65476))),\"\")","v":""}]
[{"$f":"IF(AND(B65476<>\"\",B65477<>\"\"),A65476+1,\"\")","v":""},null,null,null,""]
["",null,null,null,""]
["",null,null,null,""]
["",null,null,null,""]
["",null,null,null,""]
["",null,null,null,""]
["",null,null,null,""]
["",null,null,null,""]
["",null,null,null,""]
["",null,null,null,""]
["",null,null,null,""]
["",null,null,null,""]
["",null,null,null,""]
["",null,null,null,""]
["",null,null,null,""]
["",null,null,null,""]
["",null,null,null,""]
["",null,null,null,""]
["",null,null,null,""]
["",null,null,null,""]
["",null,null,null,""]
["",null,null,null,""]
["",null,null,null,""]
["",null,null,null,""]
["",null,null,null,""]
["",null,null,null,""]
["",null,null,null,""]
["",null,null,null,""]
["",null,null,null,""]
["",null,null,null,""]
["",null,null,null,""]
["",null,null,null,""]
["",null,null,null,""]
["",null,null,null,""]
["",null,null,null,""]
["",null,null,null,""]
["",null,null,null,""]
["",null,null,null,""]
["",null,null,null,""]
["",null,null,null,""]
["",null,null,null,""]
["",null,null,null,""]
["",null,null,null,""]
["",null,null,null,""]
["",null,null,null,""]
["",null,null,null,""]
["",null,null,null,""]
["",null,null,null,""]
["",null,null,null,""]
["",null,null,null,""]
["",null,null,null,""]
["",null,null,null,""]
["",null,null,null,""]
["",null,null,null,""]
["",null,null,null,""]
["",null,null,null,""]
["",null,null,null,""]
["",null,null,null,""]
["",null,null,null,""]
["",null,null,null,""]

{"sheet":"Fórmulas","index":1,"n_rows":260,"n_cols":8,"rows_kept":260,"cut":false,"hidden":false,"merged":[[221,2,221,5],[222,2,222,5],[223,2,223,5],[205,7,206,7],[205,5,205,6],[219,2,219,5],[220,2,220,5],[204,0,204,6],[205,0,206,0],[205,1,206,1],[205,2,206,2],[205,3,206,3],[205,4,206,4],[198,2,198,5],[199,2,199,5],[200,2,200,5],[201,2,201,5],[191,4,192,4],[191,7,192,7],[191,5,191,6],[197,2,197,5],[191,0,192,0],[191,1,192,1],[191,2,192,2],[191,3,192,3],[185,2,185,5],[186,2,186,5],[187,2,187,5],[190,0,190,6],[174,7,175,7],[174,5,174,6],[183,2,183,5],[184,2,184,5],[173,0,173,6],[174,0,175,0],[174,1,175,1],[174,2,175,2],[174,3,175,3],[174,4,175,4],[167,2,167,5],[168,2,168,5],[169,2,169,5],[170,2,170,5],[157,4,158,4],[157,7,158,7],[157,5,157,6],[166,2,166,5],[157,0,158,0],[157,1,158,1],[157,2,158,2],[157,3,158,3],[151,2,151,5],[152,2,152,5],[153,2,153,5],[156,0,156,6],[140,7,141,7],[140,5,140,6],[149,2,149,5],[150,2,150,5],[139,0,139,6],[140,0,141,0],[140,1,141,1],[140,2,141,2],[140,3,141,3],[140,4,141,4],[133,2,133,5],[134,2,134,5],[135,2,135,5],[136,2,136,5],[126,4,127,4],[126,7,127,7],[126,5,126,6],[132,2,132,5],[126,0,127,0],[126,1,127,1],[126,2,127,2],[126,3,127,3],[120,2,120,5],[121,2,121,5],[122,2,122,5],[125,0,125,6],[108,7,109,7],[108,5,108,6],[118,2,118,5],[119,2,119,5],[107,0,107,6],[108,0,109,0],[108,1,109,1],[108,2,109,2],[108,3,109,3],[108,4,109,4],[102,2,102,5],[103,2,103,5],[104,2,104,5],[105,2,105,5],[89,4,90,4],[89,7,90,7],[89,5,89,6],[101,2,101,5],[89,0,90,0],[89,1,90,1],[89,2,90,2],[89,3,90,3],[83,2,83,5],[84,2,84,5],[85,2,85,5],[88,0,88,6],[72,7,73,7],[72,5,72,6],[81,2,81,5],[82,2,82,5],[71,0,71,6],[72,0,73,0],[72,1,73,1],[72,2,73,2],[72,3,73,3],[72,4,73,4],[65,2,65,5],[66,2,66,5],[67,2,67,5],[68,2,68,5],[54,4,55,4],[54,7,55,7],[54,5,54,6],[64,2,64,5],[54,0,55,0],[54,1,55,1],[54,2,55,2],[54,3,55,3],[48,2,48,5],[49,2,49,5],[50,2,50,5],[53,0,53,6],[38,7,39,7],[38,5,38,6],[46,2,46,5],[47,2,47,5],[37,0,37,6],[38,0,39,0],[38,1,39,1],[38,2,39,2],[38,3,39,3],[38,4,39,4],[0,0,0,7],[2,0,2,6],[3,0,4,0],[3,1,4,1],[3,2,4,2],[3,3,4,3],[3,4,4,4],[3,7,4,7],[3,5,3,6],[13,2,13,5],[14,2,14,5],[15,2,15,5],[16,2,16,5],[17,2,17,5],[20,0,20,6],[21,0,22,0],[21,1,22,1],[21,2,22,2],[21,3,22,3],[21,4,22,4],[33,2,33,5],[34,2,34,5],[35,2,35,5],[21,7,22,7],[21,5,21,6],[31,2,31,5],[32,2,32,5],[225,0,225,6],[226,0,227,0],[226,1,227,1],[226,2,227,2],[226,3,227,3],[226,4,227,4],[237,2,237,5],[238,2,238,5],[239,2,239,5],[226,7,227,7],[226,5,226,6],[235,2,235,5],[236,2,236,5],[241,0,241,6],[242,0,243,0],[242,1,243,1],[242,2,243,2],[242,3,243,3],[242,4,243,4],[259,2,259,5],[242,7,243,7],[242,5,242,6],[255,2,255,5],[256,2,256,5],[257,2,257,5],[258,2,258,5]]}
["Análisis de Precios"]
[]
["Mampostería de Ladrillos Comunes en Recalce de Muros",null,null,null,null,null,null,"m3"]
["Nº","Código","Recurso","Unidad","Rendimiento","Precio",null,"Grupo"]
[null,null,null,null,null,"Unitario","Total"]
[{"$f":"IF(B6<>\"\",1,\"\")","v":1},27,{"$f":"IF(B6<>\"\",VLOOKUP(B6,Materiales,2,FALSE),\"\")","v":"Ladrillo común"},{"$f":"IF(B6<>\"\",VLOOKUP(B6,Materiales,3,FALSE),\"\")","v":"Nº"},400,{"$f":"IF(B6<>\"\",VLOOKUP(B6,Materiales,5,FALSE),\"\")","v":0.4},{"$f":"IF(AND(E6<>\"\",F6<>\"\"),E6*F6,\"\")","v":160},{"$f":"IF(B6<>\"\",VLOOKUP(B6,Materiales,8,FALSE),\"\")","v":"MA"}]
[{"$f":"IF(AND(B7<>\"\",B6<>\"\"),A6+1,\"\")","v":2},2,"Cemento","Kg",170,0.4,68,"MA"]
[{"$f":"IF(AND(B8<>\"\",B7<>\"\"),A7+1,\"\")","v":3},1,"Arena","m3",0.36,20,7.1999999999999993,"MA"]
[{"$f":"IF(AND(B9<>\"\",B8<>\"\"),A8+1,\"\")","v":4},9,"Oficial","Hs",7.5,6.5,48.75,"MO"]
[{"$f":"IF(AND(B10<>\"\",B9<>\"\"),A9+1,\"\")","v":5},10,"Ayudante","Hs",10,4.5,45,"MO"]
[{"$f":"IF(AND(B11<>\"\",B7<>\"\"),A7+1,\"\")","v":3},14,"Enseres de Obra Indeterminados","Gl",1,2.5,2.5,"EH"]
[]
[]
[null,null,"Costo - Costo:",null,null,null,{"$f":"IF(SUM(G6:G11)>0,SUM(G6:G11),\"\")","v":331.45}]
[null,null,"Costo Materiales:",null,null,null,{"$f":"SUMIF(H6:H11,\"=MA\",G6:G11)","v":235.2}]
[null,null,"Costo Mano de Obra:",null,null,null,{"$f":"SUMIF(H6:H11,\"=MO\",G6:G11)","v":93.75}]
[null,null,"Costo de Equipos y Herramientas:",null,null,null,{"$f":"SUMIF(H6:H11,\"=EH\",G6:G11)","v":2.5}]
[null,null,"Tiempo:",null,null,null,{"$f":"MAX(E9:E10)","v":10}]
[]
[]
["Mampostería de Ladrillos Comunes en Elevación",null,null,null,null,null,null,"m3"]
["Nº","Código","Recurso","Unidad","Rendimiento","Precio",null,"Grupo"]
[null,null,null,null,null,"Unitario","Total"]
[{"$f":"IF(B24<>\"\",1,\"\")","v":1},27,{"$f":"IF(B24<>\"\",VLOOKUP(B24,Materiales,2,FALSE),\"\")","v":"Ladrillo común"},{"$f":"IF(B24<>\"\",VLOOKUP(B24,Materiales,3,FALSE),\"\")","v":"Nº"},400,{"$f":"IF(B24<>\"\",VLOOKUP(B24,Materiales,5,FALSE),\"\")","v":0.4},{"$f":"IF(AND(E24<>\"\",F24<>\"\"),E24*F24,\"\")","v":160},{"$f":"IF(B24<>\"\",VLOOKUP(B24,Materiales,8,FALSE),\"\")","v":"MA"}]
[{"$f":"IF(AND(B25<>\"\",B24<>\"\"),A24+1,\"\")","v":2},3,"Cal","Kg",53,0.34,18.02,"MA"]
[{"$f":"IF(AND(B26<>\"\",B25<>\"\"),A25+1,\"\")","v":3},1,"Arena","m3",0.24,20,4.8,"MA"]
[{"$f":"IF(AND(B27<>\"\",B26<>\"\"),A26+1,\"\")","v":4},9,"Oficial","Hs",6.2,6.5,40.300000000000004,"MO"]
[{"$f":"IF(AND(B28<>\"\",B27<>\"\"),A27+1,\"\")","v":5},10,"Ayudante","Hs",6.5,4.5,29.25,"MO"]
[{"$f":"IF(AND(B29<>\"\",B25<>\"\"),A25+1,\"\")","v":3},14,"Enseres de Obra Indeterminados","Gl",1.5,2.5,3.75,"EH"]
[]
[]
[null,null,"Costo - Costo:",null,null,null,{"$f":"IF(SUM(G24:G29)>0,SUM(G24:G29),\"\")","v":256.12}]
[null,null,"Costo Materiales:",null,null,null,{"$f":"SUMIF(H24:H29,\"=MA\",G24:G29)","v":182.82000000000002}]
[null,null,"Costo Mano de Obra:",null,null,null,{"$f":"SUMIF(H24:H29,\"=MO\",G24:G29)","v":69.550000000000011}]
[null,null,"Costo de Equipos y Herramientas:",null,null,null,{"$f":"SUMIF(H24:H29,\"=EH\",G24:G29)","v":3.75}]
[null,null,"Tiempo:",null,null,null,{"$f":"MAX(E28:E29)","v":6.5}]
[]
["Piso de Adoquines",null,null,null,null,null,null,"m2"]
["Nº","Código","Recurso","Unidad","Rendimiento","Precio",null,"Grupo"]
[null,null,null,null,null,"Unitario","Total"]
[{"$f":"IF(B41<>\"\",1,\"\")","v":1},1,{"$f":"IF(B41<>\"\",VLOOKUP(B41,Materiales,2,FALSE),\"\")","v":"Arena"},{"$f":"IF(B41<>\"\",VLOOKUP(B41,Materiales,3,FALSE),\"\")","v":"m3"},0.09,{"$f":"IF(B41<>\"\",VLOOKUP(B41,Materiales,5,FALSE),\"\")","v":20},{"$f":"IF(AND(E41<>\"\",F41<>\"\"),E41*F41,\"\")","v":1.7999999999999998},{"$f":"IF(B41<>\"\",VLOOKUP(B41,Materiales,8,FALSE),\"\")","v":"MA"}]
[{"$f":"IF(AND(B42<>\"\",B41<>\"\"),A41+1,\"\")","v":2},31,{"$f":"IF(B42<>\"\",VLOOKUP(B42,Materiales,2,FALSE),\"\")","v":"Adoquines"},{"$f":"IF(B42<>\"\",VLOOKUP(B42,Materiales,3,FALSE),\"\")","v":"m2"},1.05,{"$f":"IF(B42<>\"\",VLOOKUP(B42,Materiales,5,FALSE),\"\")","v":25},{"$f":"IF(AND(E42<>\"\",F42<>\"\"),E42*F42,\"\")","v":26.25},{"$f":"IF(B42<>\"\",VLOOKUP(B42,Materiales,8,FALSE),\"\")","v":"MA"}]
[{"$f":"IF(AND(B43<>\"\",B42<>\"\"),A42+1,\"\")","v":3},9,{"$f":"IF(B43<>\"\",VLOOKUP(B43,Materiales,2,FALSE),\"\")","v":"Oficial"},{"$f":"IF(B43<>\"\",VLOOKUP(B43,Materiales,3,FALSE),\"\")","v":"Hs"},1,{"$f":"IF(B43<>\"\",VLOOKUP(B43,Materiales,5,FALSE),\"\")","v":6.5},{"$f":"IF(AND(E43<>\"\",F43<>\"\"),E43*F43,\"\")","v":6.5},{"$f":"IF(B43<>\"\",VLOOKUP(B43,Materiales,8,FALSE),\"\")","v":"MO"}]
[{"$f":"IF(AND(B44<>\"\",B43<>\"\"),A43+1,\"\")","v":4},10,{"$f":"IF(B44<>\"\",VLOOKUP(B44,Materiales,2,FALSE),\"\")","v":"Ayudante"},{"$f":"IF(B44<>\"\",VLOOKUP(B44,Materiales,3,FALSE),\"\")","v":"Hs"},0.5,{"$f":"IF(B44<>\"\",VLOOKUP(B44,Materiales,5,FALSE),\"\")","v":4.5},{"$f":"IF(AND(E44<>\"\",F44<>\"\"),E44*F44,\"\")","v":2.25},{"$f":"IF(B44<>\"\",VLOOKUP(B44,Materiales,8,FALSE),\"\")","v":"MO"}]
[]
[]
[null,null,"Costo - Costo:",null,null,null,{"$f":"IF(SUM(G41:G44)>0,SUM(G41:G44),\"\")","v":36.799999999999997}]
[null,null,"Costo Materiales:",null,null,null,{"$f":"SUMIF(H41:H44,\"=MA\",G41:G44)","v":28.05}]
[null,null,"Costo Mano de Obra:",null,null,null,{"$f":"SUMIF(H41:H44,\"=MO\",G41:G44)","v":8.75}]
[null,null,"Costo de Equipos y Herramientas:",null,null,null,{"$f":"SUMIF(H41:H44,\"=EH\",G41:G44)","v":0}]
[null,null,"Tiempo:",null,null,null,{"$f":"MAX(E43:E44)","v":1}]
[]
[]
["Carpeta Alisada de cemento",null,null,null,null,null,null,"m2"]
["Nº","Código","Recurso","Unidad","Rendimiento","Precio",null,"Grupo"]
[null,null,null,null,null,"Unitario","Total"]
[{"$f":"IF(B57<>\"\",1,\"\")","v":1},1,{"$f":"IF(B57<>\"\",VLOOKUP(B57,Materiales,2,FALSE),\"\")","v":"Arena"},{"$f":"IF(B57<>\"\",VLOOKUP(B57,Materiales,3,FALSE),\"\")","v":"m3"},0.03,{"$f":"IF(B57<>\"\",VLOOKUP(B57,Materiales,5,FALSE),\"\")","v":20},{"$f":"IF(AND(E57<>\"\",F57<>\"\"),E57*F57,\"\")","v":0.6},{"$f":"IF(B57<>\"\",VLOOKUP(B57,Materiales,8,FALSE),\"\")","v":"MA"}]
[{"$f":"IF(AND(B58<>\"\",B57<>\"\"),A57+1,\"\")","v":2},2,"Cemento","Kg",12.5,0.4,5,"MA"]
[{"$f":"IF(AND(B59<>\"\",B58<>\"\"),A58+1,\"\")","v":3},3,"Cal","Kg",3.75,0.34,1.2750000000000001,"MA"]
[{"$f":"IF(AND(B60<>\"\",B59<>\"\"),A59+1,\"\")","v":4},14,"Enseres de Obra Indeterminados","Gl",0.2,2.5,0.5,"EH"]
[{"$f":"IF(AND(B61<>\"\",B60<>\"\"),A60+1,\"\")","v":5},9,"Oficial","Hs",0.5,6.5,3.25,"MO"]
[{"$f":"IF(AND(B62<>\"\",B61<>\"\"),A61+1,\"\")","v":6},10,"Ayudante","Hs",0.5,4.5,2.25,"MO"]
[]
[]
[null,null,"Costo - Costo:",null,null,null,{"$f":"IF(SUM(G57:G62)>0,SUM(G57:G62),\"\")","v":12.875}]
[null,null,"Costo Materiales:",null,null,null,{"$f":"SUMIF(H57:H62,\"=MA\",G57:G62)","v":6.875}]
[null,null,"Costo Mano de Obra:",null,null,null,{"$f":"SUMIF(H57:H62,\"=MO\",G57:G62)","v":5.5}]
[null,null,"Costo de Equipos y Herramientas:",null,null,null,{"$f":"SUMIF(H57:H62,\"=EH\",G57:G62)","v":0.5}]
[null,null,"Tiempo:",null,null,null,0.5]
[]
[]
["Revestimiento de Azulejos 15x15",null,null,null,null,null,null,"m2"]
["Nº","Código","Recurso","Unidad","Rendimiento","Precio",null,"Grupo"]
[null,null,null,null,null,"Unitario","Total"]
[{"$f":"IF(B75<>\"\",1,\"\")","v":1},15,{"$f":"IF(B75<>\"\",VLOOKUP(B75,Materiales,2,FALSE),\"\")","v":"Pegamento Cerámicos"},{"$f":"IF(B75<>\"\",VLOOKUP(B75,Materiales,3,FALSE),\"\")","v":"Kg"},4.2,{"$f":"IF(B75<>\"\",VLOOKUP(B75,Materiales,5,FALSE),\"\")","v":0.3},{"$f":"IF(AND(E75<>\"\",F75<>\"\"),E75*F75,\"\")","v":1.26},{"$f":"IF(B75<>\"\",VLOOKUP(B75,Materiales,8,FALSE),\"\")","v":"MA"}]
[{"$f":"IF(AND(B76<>\"\",B75<>\"\"),A75+1,\"\")","v":2},29,{"$f":"IF(B76<>\"\",VLOOKUP(B76,Materiales,2,FALSE),\"\")","v":"Pastina para Cerámicos"},{"$f":"IF(B76<>\"\",VLOOKUP(B76,Materiales,3,FALSE),\"\")","v":"Kg"},0.3,{"$f":"IF(B76<>\"\",VLOOKUP(B76,Materiales,5,FALSE),\"\")","v":2.5},{"$f":"IF(AND(E76<>\"\",F76<>\"\"),E76*F76,\"\")","v":0.75},{"$f":"IF(B76<>\"\",VLOOKUP(B76,Materiales,8,FALSE),\"\")","v":"MA"}]
[{"$f":"IF(AND(B77<>\"\",B76<>\"\"),A76+1,\"\")","v":3},17,{"$f":"IF(B77<>\"\",VLOOKUP(B77,Materiales,2,FALSE),\"\")","v":"Azulejos 15 x 15"},{"$f":"IF(B77<>\"\",VLOOKUP(B77,Materiales,3,FALSE),\"\")","v":"m2"},1.05,{"$f":"IF(B77<>\"\",VLOOKUP(B77,Materiales,5,FALSE),\"\")","v":15},{"$f":"IF(AND(E77<>\"\",F77<>\"\"),E77*F77,\"\")","v":15.75},{"$f":"IF(B77<>\"\",VLOOKUP(B77,Materiales,8,FALSE),\"\")","v":"MA"}]
[{"$f":"IF(AND(B78<>\"\",B77<>\"\"),A77+1,\"\")","v":4},9,{"$f":"IF(B78<>\"\",VLOOKUP(B78,Materiales,2,FALSE),\"\")","v":"Oficial"},{"$f":"IF(B78<>\"\",VLOOKUP(B78,Materiales,3,FALSE),\"\")","v":"Hs"},1.82,{"$f":"IF(B78<>\"\",VLOOKUP(B78,Materiales,5,FALSE),\"\")","v":6.5},{"$f":"IF(AND(E78<>\"\",F78<>\"\"),E78*F78,\"\")","v":11.83},{"$f":"IF(B78<>\"\",VLOOKUP(B78,Materiales,8,FALSE),\"\")","v":"MO"}]
[{"$f":"IF(AND(B79<>\"\",B78<>\"\"),A78+1,\"\")","v":5},10,{"$f":"IF(B79<>\"\",VLOOKUP(B79,Materiales,2,FALSE),\"\")","v":"Ayudante"},{"$f":"IF(B79<>\"\",VLOOKUP(B79,Materiales,3,FALSE),\"\")","v":"Hs"},1.04,{"$f":"IF(B79<>\"\",VLOOKUP(B79,Materiales,5,FALSE),\"\")","v":4.5},{"$f":"IF(AND(E79<>\"\",F79<>\"\"),E79*F79,\"\")","v":4.68},{"$f":"IF(B79<>\"\",VLOOKUP(B79,Materiales,8,FALSE),\"\")","v":"MO"}]
[]
[]
[null,null,"Costo - Costo:",null,null,null,{"$f":"IF(SUM(G75:G79)>0,SUM(G75:G79),\"\")","v":34.269999999999996}]
[null,null,"Costo Materiales:",null,null,null,{"$f":"SUMIF(H75:H79,\"=MA\",G75:G79)","v":17.759999999999998}]
[null,null,"Costo Mano de Obra:",null,null,null,{"$f":"SUMIF(H75:H79,\"=MO\",G75:G79)","v":16.509999999999998}]
[null,null,"Costo de Equipos y Herramientas:",null,null,null,{"$f":"SUMIF(H75:H79,\"=EH\",G75:G79)","v":0}]
[null,null,"Tiempo:",null,null,null,1.82]
[]
[]
["Bases",null,null,null,null,null,null,"m3"]
["Nº","Código","Recurso","Unidad","Rendimiento","Precio",null,"Grupo"]
[null,null,null,null,null,"Unitario","Total"]
[{"$f":"IF(B92<>\"\",1,\"\")","v":1},6,{"$f":"IF(B92<>\"\",VLOOKUP(B92,Materiales,2,FALSE),\"\")","v":"Piedra "},{"$f":"IF(B92<>\"\",VLOOKUP(B92,Materiales,3,FALSE),\"\")","v":"Tn"},0.65,{"$f":"IF(B92<>\"\",VLOOKUP(B92,Materiales,5,FALSE),\"\")","v":25},{"$f":"IF(AND(E92<>\"\",F92<>\"\"),E92*F92,\"\")","v":16.25},{"$f":"IF(B92<>\"\",VLOOKUP(B92,Materiales,8,FALSE),\"\")","v":"MA"}]
[{"$f":"IF(AND(B93<>\"\",B92<>\"\"),A92+1,\"\")","v":2},1,"Arena","m3",0.65,20,{"$f":"IF(AND(E93<>\"\",F93<>\"\"),E93*F93,\"\")","v":13},"MA"]
[{"$f":"IF(AND(B94<>\"\",B93<>\"\"),A93+1,\"\")","v":3},2,"Cemento","Kg",7,0.4,{"$f":"IF(AND(E94<>\"\",F94<>\"\"),E94*F94,\"\")","v":2.8000000000000003},"MA"]
[4,14,"Enseres de Obra Indeterminados","Gl",3,2.5,7.5,"EH"]
[5,19,"Fe 10","Kg",60,8,480,"MA"]
[6,8,"Alambre","Kg",0.3,6.5,1.95,"MA"]
[7,9,"Oficial","Hs",8,6.5,52,"MO"]
[8,10,"Ayudante","Hs",6,4.5,27,"MO"]
[]
[]
[null,null,"Costo - Costo:",null,null,null,{"$f":"IF(SUM(G92:G99)>0,SUM(G92:G99),\"\")","v":600.5}]
[null,null,"Costo Materiales:",null,null,null,{"$f":"SUMIF(H92:H99,\"=MA\",G92:G99)","v":514}]
[null,null,"Costo Mano de Obra:",null,null,null,{"$f":"SUMIF(H92:H99,\"=MO\",G92:G99)","v":79}]
[null,null,"Costo de Equipos y Herramientas:",null,null,null,{"$f":"SUMIF(H92:H99,\"=EH\",G92:G99)","v":7.5}]
[null,null,"Tiempo:",null,null,null,8]
[]
["Revoque Bolseado",null,null,null,null,null,null,"m2"]
["Nº","Código","Recurso","Unidad","Rendimiento","Precio",null,"Grupo"]
[null,null,null,null,null,"Unitario","Total"]
[{"$f":"IF(B111<>\"\",1,\"\")","v":1},1,{"$f":"IF(B111<>\"\",VLOOKUP(B111,Materiales,2,FALSE),\"\")","v":"Arena"},{"$f":"IF(B111<>\"\",VLOOKUP(B111,Materiales,3,FALSE),\"\")","v":"m3"},0.02,{"$f":"IF(B111<>\"\",VLOOKUP(B111,Materiales,5,FALSE),\"\")","v":20},{"$f":"IF(AND(E111<>\"\",F111<>\"\"),E111*F111,\"\")","v":0.4},{"$f":"IF(B111<>\"\",VLOOKUP(B111,Materiales,8,FALSE),\"\")","v":"MA"}]
[{"$f":"IF(AND(B112<>\"\",B111<>\"\"),A111+1,\"\")","v":2},2,"Cemento","Kg",1.5,0.4,0.60000000000000009,"MA"]
[{"$f":"IF(AND(B113<>\"\",B112<>\"\"),A112+1,\"\")","v":3},3,"Cal","Kg",3,0.34,1.02,"MA"]
[{"$f":"IF(AND(B114<>\"\",B113<>\"\"),A113+1,\"\")","v":4},14,"Enseres de Obra Indeterminados","Gl",0.2,2.5,0.5,"EH"]
[{"$f":"IF(AND(B115<>\"\",B114<>\"\"),A114+1,\"\")","v":5},9,"Oficial","Hs",1.2,6.5,7.8,"MO"]
[{"$f":"IF(AND(B116<>\"\",B115<>\"\"),A115+1,\"\")","v":6},10,"Ayudante","Hs",0.3,4.5,1.3499999999999999,"MO"]
[]
[]
[null,null,"Costo - Costo:",null,null,null,{"$f":"IF(SUM(G111:G116)>0,SUM(G111:G116),\"\")","v":11.67}]
[null,null,"Costo Materiales:",null,null,null,{"$f":"SUMIF(H111:H116,\"=MA\",G111:G116)","v":2.02}]
[null,null,"Costo Mano de Obra:",null,null,null,{"$f":"SUMIF(H111:H116,\"=MO\",G111:G116)","v":9.15}]
[null,null,"Costo de Equipos y Herramientas:",null,null,null,{"$f":"SUMIF(H111:H116,\"=EH\",G111:G116)","v":0.5}]
[null,null,"Tiempo:",null,null,null,1.2]
[]
[]
["Desmonte de Tierra Vegetal a mano",null,null,null,null,null,null,"m3"]
["Nº","Código","Recurso","Unidad","Rendimiento","Precio",null,"Grupo"]
[null,null,null,null,null,"Unitario","Total"]
[{"$f":"IF(B129<>\"\",1,\"\")","v":1},10,{"$f":"IF(B129<>\"\",VLOOKUP(B129,Materiales,2,FALSE),\"\")","v":"Ayudante"},{"$f":"IF(B129<>\"\",VLOOKUP(B129,Materiales,3,FALSE),\"\")","v":"Hs"},8,{"$f":"IF(B129<>\"\",VLOOKUP(B129,Materiales,5,FALSE),\"\")","v":4.5},{"$f":"IF(AND(E129<>\"\",F129<>\"\"),E129*F129,\"\")","v":36},{"$f":"IF(B129<>\"\",VLOOKUP(B129,Materiales,8,FALSE),\"\")","v":"MO"}]
[{"$f":"IF(AND(B130<>\"\",B129<>\"\"),A129+1,\"\")","v":2},12,{"$f":"IF(B130<>\"\",VLOOKUP(B130,Materiales,2,FALSE),\"\")","v":"Camión"},{"$f":"IF(B130<>\"\",VLOOKUP(B130,Materiales,3,FALSE),\"\")","v":"Hs"},0.15,{"$f":"IF(B130<>\"\",VLOOKUP(B130,Materiales,5,FALSE),\"\")","v":75},{"$f":"IF(AND(E130<>\"\",F130<>\"\"),E130*F130,\"\")","v":11.25},{"$f":"IF(B130<>\"\",VLOOKUP(B130,Materiales,8,FALSE),\"\")","v":"EH"}]
[]
[]
[null,null,"Costo - Costo:",null,null,null,{"$f":"IF(SUM(G129:G130)>0,SUM(G129:G130),\"\")","v":47.25}]
[null,null,"Costo Materiales:",null,null,null,{"$f":"SUMIF(H129:H130,\"=MA\",G129:G130)","v":0}]
[null,null,"Costo Mano de Obra:",null,null,null,{"$f":"SUMIF(H129:H130,\"=MO\",G129:G130)","v":36}]
[null,null,"Costo de Equipos y Herramientas:",null,null,null,{"$f":"SUMIF(H129:H130,\"=EH\",G129:G130)","v":11.25}]
[null,null,"Tiempo:",null,null,null,8]
[]
[]
["Capa aisladora horizontal en muros",null,null,null,null,null,null,"m2"]
["Nº","Código","Recurso","Unidad","Rendimiento","Precio",null,"Grupo"]
[null,null,null,null,null,"Unitario","Total"]
[{"$f":"IF(B143<>\"\",1,\"\")","v":1},26,{"$f":"IF(B143<>\"\",VLOOKUP(B143,Materiales,2,FALSE),\"\")","v":"Hidrófugo"},{"$f":"IF(B143<>\"\",VLOOKUP(B143,Materiales,3,FALSE),\"\")","v":"Kg"},1.75,{"$f":"IF(B143<>\"\",VLOOKUP(B143,Materiales,5,FALSE),\"\")","v":4.5},{"$f":"IF(AND(E143<>\"\",F143<>\"\"),E143*F143,\"\")","v":7.875},{"$f":"IF(B143<>\"\",VLOOKUP(B143,Materiales,8,FALSE),\"\")","v":"MA"}]
[{"$f":"IF(AND(B144<>\"\",B143<>\"\"),A143+1,\"\")","v":2},1,{"$f":"IF(B144<>\"\",VLOOKUP(B144,Materiales,2,FALSE),\"\")","v":"Arena"},{"$f":"IF(B144<>\"\",VLOOKUP(B144,Materiales,3,FALSE),\"\")","v":"m3"},0.03,{"$f":"IF(B144<>\"\",VLOOKUP(B144,Materiales,5,FALSE),\"\")","v":20},{"$f":"IF(AND(E144<>\"\",F144<>\"\"),E144*F144,\"\")","v":0.6},{"$f":"IF(B144<>\"\",VLOOKUP(B144,Materiales,8,FALSE),\"\")","v":"MA"}]
[{"$f":"IF(AND(B145<>\"\",B144<>\"\"),A144+1,\"\")","v":3},2,{"$f":"IF(B145<>\"\",VLOOKUP(B145,Materiales,2,FALSE),\"\")","v":"Cemento"},{"$f":"IF(B145<>\"\",VLOOKUP(B145,Materiales,3,FALSE),\"\")","v":"Kg"},14.5,{"$f":"IF(B145<>\"\",VLOOKUP(B145,Materiales,5,FALSE),\"\")","v":0.4},{"$f":"IF(AND(E145<>\"\",F145<>\"\"),E145*F145,\"\")","v":5.8000000000000007},{"$f":"IF(B145<>\"\",VLOOKUP(B145,Materiales,8,FALSE),\"\")","v":"MA"}]
[{"$f":"IF(AND(B146<>\"\",B145<>\"\"),A145+1,\"\")","v":4},9,{"$f":"IF(B146<>\"\",VLOOKUP(B146,Materiales,2,FALSE),\"\")","v":"Oficial"},{"$f":"IF(B146<>\"\",VLOOKUP(B146,Materiales,3,FALSE),\"\")","v":"Hs"},0.75,{"$f":"IF(B146<>\"\",VLOOKUP(B146,Materiales,5,FALSE),\"\")","v":6.5},{"$f":"IF(AND(E146<>\"\",F146<>\"\"),E146*F146,\"\")","v":4.875},{"$f":"IF(B146<>\"\",VLOOKUP(B146,Materiales,8,FALSE),\"\")","v":"MO"}]
[{"$f":"IF(AND(B147<>\"\",B146<>\"\"),A146+1,\"\")","v":5},10,{"$f":"IF(B147<>\"\",VLOOKUP(B147,Materiales,2,FALSE),\"\")","v":"Ayudante"},{"$f":"IF(B147<>\"\",VLOOKUP(B147,Materiales,3,FALSE),\"\")","v":"Hs"},0.5,{"$f":"IF(B147<>\"\",VLOOKUP(B147,Materiales,5,FALSE),\"\")","v":4.5},{"$f":"IF(AND(E147<>\"\",F147<>\"\"),E147*F147,\"\")","v":2.25},{"$f":"IF(B147<>\"\",VLOOKUP(B147,Materiales,8,FALSE),\"\")","v":"MO"}]
[]
[]
[null,null,"Costo - Costo:",null,null,null,{"$f":"IF(SUM(G143:G147)>0,SUM(G143:G147),\"\")","v":21.4}]
[null,null,"Costo Materiales:",null,null,null,{"$f":"SUMIF(H143:H147,\"=MA\",G143:G147)","v":14.275}]
[null,null,"Costo Mano de Obra:",null,null,null,{"$f":"SUMIF(H143:H147,\"=MO\",G143:G147)","v":7.125}]
[null,null,"Costo de Equipos y Herramientas:",null,null,null,{"$f":"SUMIF(H143:H147,\"=EH\",G143:G147)","v":0}]
[null,null,"Tiempo:",null,null,null,0.75]
[]
[]
["Mampostería de Ladrillos Comunes en elevación - Muros Comunes",null,null,null,null,null,null,"m3"]
["Nº","Código","Recurso","Unidad","Rendimiento","Precio",null,"Grupo"]
[null,null,null,null,null,"Unitario","Total"]
[{"$f":"IF(B160<>\"\",1,\"\")","v":1},1,{"$f":"IF(B160<>\"\",VLOOKUP(B160,Materiales,2,FALSE),\"\")","v":"Arena"},{"$f":"IF(B160<>\"\",VLOOKUP(B160,Materiales,3,FALSE),\"\")","v":"m3"},0.34,{"$f":"IF(B160<>\"\",VLOOKUP(B160,Materiales,5,FALSE),\"\")","v":20},{"$f":"IF(AND(E160<>\"\",F160<>\"\"),E160*F160,\"\")","v":6.8000000000000007},{"$f":"IF(B160<>\"\",VLOOKUP(B160,Materiales,8,FALSE),\"\")","v":"MA"}]
[{"$f":"IF(AND(B161<>\"\",B160<>\"\"),A160+1,\"\")","v":2},4,{"$f":"IF(B161<>\"\",VLOOKUP(B161,Materiales,2,FALSE),\"\")","v":"Cemento de Albañilería"},{"$f":"IF(B161<>\"\",VLOOKUP(B161,Materiales,3,FALSE),\"\")","v":"Kg"},110.5,{"$f":"IF(B161<>\"\",VLOOKUP(B161,Materiales,5,FALSE),\"\")","v":0.34},{"$f":"IF(AND(E161<>\"\",F161<>\"\"),E161*F161,\"\")","v":37.57},{"$f":"IF(B161<>\"\",VLOOKUP(B161,Materiales,8,FALSE),\"\")","v":"MA"}]
[{"$f":"IF(AND(B162<>\"\",B161<>\"\"),A161+1,\"\")","v":3},27,{"$f":"IF(B162<>\"\",VLOOKUP(B162,Materiales,2,FALSE),\"\")","v":"Ladrillo común"},{"$f":"IF(B162<>\"\",VLOOKUP(B162,Materiales,3,FALSE),\"\")","v":"Nº"},420,{"$f":"IF(B162<>\"\",VLOOKUP(B162,Materiales,5,FALSE),\"\")","v":0.4},{"$f":"IF(AND(E162<>\"\",F162<>\"\"),E162*F162,\"\")","v":168},{"$f":"IF(B162<>\"\",VLOOKUP(B162,Materiales,8,FALSE),\"\")","v":"MA"}]
[{"$f":"IF(AND(B163<>\"\",B162<>\"\"),A162+1,\"\")","v":4},9,{"$f":"IF(B163<>\"\",VLOOKUP(B163,Materiales,2,FALSE),\"\")","v":"Oficial"},{"$f":"IF(B163<>\"\",VLOOKUP(B163,Materiales,3,FALSE),\"\")","v":"Hs"},7.41,{"$f":"IF(B163<>\"\",VLOOKUP(B163,Materiales,5,FALSE),\"\")","v":6.5},{"$f":"IF(AND(E163<>\"\",F163<>\"\"),E163*F163,\"\")","v":48.164999999999999},{"$f":"IF(B163<>\"\",VLOOKUP(B163,Materiales,8,FALSE),\"\")","v":"MO"}]
[{"$f":"IF(AND(B164<>\"\",B163<>\"\"),A163+1,\"\")","v":5},10,{"$f":"IF(B164<>\"\",VLOOKUP(B164,Materiales,2,FALSE),\"\")","v":"Ayudante"},{"$f":"IF(B164<>\"\",VLOOKUP(B164,Materiales,3,FALSE),\"\")","v":"Hs"},1.17,{"$f":"IF(B164<>\"\",VLOOKUP(B164,Materiales,5,FALSE),\"\")","v":4.5},{"$f":"IF(AND(E164<>\"\",F164<>\"\"),E164*F164,\"\")","v":5.2649999999999997},{"$f":"IF(B164<>\"\",VLOOKUP(B164,Materiales,8,FALSE),\"\")","v":"MO"}]
[]
[]
[null,null,"Costo - Costo:",null,null,null,{"$f":"IF(SUM(G160:G164)>0,SUM(G160:G164),\"\")","v":265.8}]
[null,null,"Costo Materiales:",null,null,null,{"$f":"SUMIF(H160:H164,\"=MA\",G160:G164)","v":212.37}]
[null,null,"Costo Mano de Obra:",null,null,null,{"$f":"SUMIF(H160:H164,\"=MO\",G160:G164)","v":53.43}]
[null,null,"Costo de Equipos y Herramientas:",null,null,null,{"$f":"SUMIF(H160:H164,\"=EH\",G160:G164)","v":0}]
[null,null,"Tiempo:",null,null,null,7.17]
[]
[]
["Replanteo y Nivelación",null,null,null,null,null,null,"m2"]
["Nº","Código","Recurso","Unidad","Rendimiento","Precio",null,"Grupo"]
[null,null,null,null,null,"Unitario","Total"]
[{"$f":"IF(B177<>\"\",1,\"\")","v":1},14,{"$f":"IF(B177<>\"\",VLOOKUP(B177,Materiales,2,FALSE),\"\")","v":"Enseres de Obra Indeterminados"},{"$f":"IF(B177<>\"\",VLOOKUP(B177,Materiales,3,FALSE),\"\")","v":"Gl"},1,{"$f":"IF(B177<>\"\",VLOOKUP(B177,Materiales,5,FALSE),\"\")","v":2.5},{"$f":"IF(AND(E177<>\"\",F177<>\"\"),E177*F177,\"\")","v":2.5},{"$f":"IF(B177<>\"\",VLOOKUP(B177,Materiales,8,FALSE),\"\")","v":"EH"}]
[{"$f":"IF(AND(B178<>\"\",B177<>\"\"),A177+1,\"\")","v":2},7,{"$f":"IF(B178<>\"\",VLOOKUP(B178,Materiales,2,FALSE),\"\")","v":"Clavos"},{"$f":"IF(B178<>\"\",VLOOKUP(B178,Materiales,3,FALSE),\"\")","v":"Kg"},0.01,{"$f":"IF(B178<>\"\",VLOOKUP(B178,Materiales,5,FALSE),\"\")","v":6.5},{"$f":"IF(AND(E178<>\"\",F178<>\"\"),E178*F178,\"\")","v":6.5000000000000002E-2},{"$f":"IF(B178<>\"\",VLOOKUP(B178,Materiales,8,FALSE),\"\")","v":"MA"}]
[{"$f":"IF(AND(B179<>\"\",B178<>\"\"),A178+1,\"\")","v":3},32,{"$f":"IF(B179<>\"\",VLOOKUP(B179,Materiales,2,FALSE),\"\")","v":"Ingeniero"},{"$f":"IF(B179<>\"\",VLOOKUP(B179,Materiales,3,FALSE),\"\")","v":"Hs"},0.08,{"$f":"IF(B179<>\"\",VLOOKUP(B179,Materiales,5,FALSE),\"\")","v":60},{"$f":"IF(AND(E179<>\"\",F179<>\"\"),E179*F179,\"\")","v":4.8},{"$f":"IF(B179<>\"\",VLOOKUP(B179,Materiales,8,FALSE),\"\")","v":"MO"}]
[{"$f":"IF(AND(B180<>\"\",B179<>\"\"),A179+1,\"\")","v":4},9,{"$f":"IF(B180<>\"\",VLOOKUP(B180,Materiales,2,FALSE),\"\")","v":"Oficial"},{"$f":"IF(B180<>\"\",VLOOKUP(B180,Materiales,3,FALSE),\"\")","v":"Hs"},0.2,{"$f":"IF(B180<>\"\",VLOOKUP(B180,Materiales,5,FALSE),\"\")","v":6.5},{"$f":"IF(AND(E180<>\"\",F180<>\"\"),E180*F180,\"\")","v":1.3},{"$f":"IF(B180<>\"\",VLOOKUP(B180,Materiales,8,FALSE),\"\")","v":"MO"}]
[{"$f":"IF(AND(B181<>\"\",B178<>\"\"),A178+1,\"\")","v":3},10,{"$f":"IF(B181<>\"\",VLOOKUP(B181,Materiales,2,FALSE),\"\")","v":"Ayudante"},{"$f":"IF(B181<>\"\",VLOOKUP(B181,Materiales,3,FALSE),\"\")","v":"Hs"},0.4,{"$f":"IF(B181<>\"\",VLOOKUP(B181,Materiales,5,FALSE),\"\")","v":4.5},{"$f":"IF(AND(E181<>\"\",F181<>\"\"),E181*F181,\"\")","v":1.8},{"$f":"IF(B181<>\"\",VLOOKUP(B181,Materiales,8,FALSE),\"\")","v":"MO"}]
[]
[]
[null,null,"Costo - Costo:",null,null,null,{"$f":"IF(SUM(G177:G181)>0,SUM(G177:G181),\"\")","v":10.465000000000002}]
[null,null,"Costo Materiales:",null,null,null,{"$f":"SUMIF(H177:H181,\"=MA\",G177:G181)","v":6.5000000000000002E-2}]
[null,null,"Costo Mano de Obra:",null,null,null,{"$f":"SUMIF(H177:H181,\"=MO\",G177:G181)","v":7.8999999999999995}]
[null,null,"Costo de Equipos y Herramientas:",null,null,null,{"$f":"SUMIF(H177:H181,\"=EH\",G177:G181)","v":2.5}]
[null,null,"Tiempo:",null,null,null,{"$f":"AVERAGE(E179:E181)","v":0.22666666666666668}]
[]
[]
["Pintura al látex acrílico",null,null,null,null,null,null,"m2"]
["Nº","Código","Recurso","Unidad","Rendimiento","Precio",null,"Grupo"]
[null,null,null,null,null,"Unitario","Total"]
[{"$f":"IF(B194<>\"\",1,\"\")","v":1},34,{"$f":"IF(B194<>\"\",VLOOKUP(B194,Materiales,2,FALSE),\"\")","v":"Subcontrato Materiales Pintura"},{"$f":"IF(B194<>\"\",VLOOKUP(B194,Materiales,3,FALSE),\"\")","v":"Gl"},2.6,{"$f":"IF(B194<>\"\",VLOOKUP(B194,Materiales,5,FALSE),\"\")","v":3},{"$f":"IF(AND(E194<>\"\",F194<>\"\"),E194*F194,\"\")","v":7.8000000000000007},{"$f":"IF(B194<>\"\",VLOOKUP(B194,Materiales,8,FALSE),\"\")","v":"MA"}]
[{"$f":"IF(AND(B195<>\"\",B194<>\"\"),A194+1,\"\")","v":2},33,{"$f":"IF(B195<>\"\",VLOOKUP(B195,Materiales,2,FALSE),\"\")","v":"Subcontrato Mano de Obra Pintura"},{"$f":"IF(B195<>\"\",VLOOKUP(B195,Materiales,3,FALSE),\"\")","v":"Gl"},1.9,{"$f":"IF(B195<>\"\",VLOOKUP(B195,Materiales,5,FALSE),\"\")","v":5},{"$f":"IF(AND(E195<>\"\",F195<>\"\"),E195*F195,\"\")","v":9.5},{"$f":"IF(B195<>\"\",VLOOKUP(B195,Materiales,8,FALSE),\"\")","v":"MO"}]
[]
[]
[null,null,"Costo - Costo:",null,null,null,{"$f":"IF(SUM(G194:G195)>0,SUM(G194:G195),\"\")","v":17.3}]
[null,null,"Costo Materiales:",null,null,null,{"$f":"SUMIF(H194:H195,\"=MA\",G194:G195)","v":7.8000000000000007}]
[null,null,"Costo Mano de Obra:",null,null,null,{"$f":"SUMIF(H194:H195,\"=MO\",G194:G195)","v":9.5}]
[null,null,"Costo de Equipos y Herramientas:",null,null,null,{"$f":"SUMIF(H194:H195,\"=EH\",G194:G195)","v":0}]
[null,null,"Tiempo:",null,null,null,2]
[]
[]
["Viga de encadenado superior 20x30",null,null,null,null,null,null,"ml"]
["Nº","Código","Recurso","Unidad","Rendimiento","Precio",null,"Grupo"]
[null,null,null,null,null,"Unitario","Total"]
[{"$f":"IF(B208<>\"\",1,\"\")","v":1},6,{"$f":"IF(B208<>\"\",VLOOKUP(B208,Materiales,2,FALSE),\"\")","v":"Piedra "},{"$f":"IF(B208<>\"\",VLOOKUP(B208,Materiales,3,FALSE),\"\")","v":"Tn"},0.39,{"$f":"IF(B208<>\"\",VLOOKUP(B208,Materiales,5,FALSE),\"\")","v":25},{"$f":"IF(AND(E208<>\"\",F208<>\"\"),E208*F208,\"\")","v":9.75},{"$f":"IF(B208<>\"\",VLOOKUP(B208,Materiales,8,FALSE),\"\")","v":"MA"}]
[{"$f":"IF(AND(B209<>\"\",B208<>\"\"),A208+1,\"\")","v":2},1,"Arena","m3",0.39,20,{"$f":"IF(AND(E209<>\"\",F209<>\"\"),E209*F209,\"\")","v":7.8000000000000007},"MA"]
[{"$f":"IF(AND(B210<>\"\",B209<>\"\"),A209+1,\"\")","v":3},2,"Cemento","Kg",21,0.4,{"$f":"IF(AND(E210<>\"\",F210<>\"\"),E210*F210,\"\")","v":8.4},"MA"]
[4,14,"Enseres de Obra Indeterminados","Gl",1,2.5,2.5,"EH"]
[5,35,"Fe 8","Kg",2,6,12,"MA"]
[6,36,"Fe 4,2","Kg",1,5,5,"MA"]
[7,7,"Clavos","Kg",0.02,6.5,0.13,"MA"]
[8,8,"Alambre","Kg",0.02,6.5,0.13,"MA"]
[9,9,"Oficial","Hs",1.5,6.5,9.75,"MO"]
[{"$f":"IF(AND(B217<>\"\",B209<>\"\"),A209+1,\"\")","v":3},10,"Ayudante","Hs",1.8,4.5,{"$f":"IF(AND(E217<>\"\",F217<>\"\"),E217*F217,\"\")","v":8.1},"MO"]
[]
[]
[null,null,"Costo - Costo:",null,null,null,{"$f":"IF(SUM(G208:G217)>0,SUM(G208:G217),\"\")","v":63.560000000000009}]
[null,null,"Costo Materiales:",null,null,null,{"$f":"SUMIF(H208:H217,\"=MA\",G208:G217)","v":43.210000000000008}]
[null,null,"Costo Mano de Obra:",null,null,null,{"$f":"SUMIF(H208:H217,\"=MO\",G208:G217)","v":17.850000000000001}]
[null,null,"Costo de Equipos y Herramientas:",null,null,null,{"$f":"SUMIF(H208:H217,\"=EH\",G208:G217)","v":2.5}]
[null,null,"Tiempo:",null,null,null,1.8]
[]
["Mortero para losa",null,null,null,null,null,null,"m3"]
["Nº","Código","Recurso","Unidad","Rendimiento","Precio",null,"Grupo"]
[null,null,null,null,null,"Unitario","Total"]
[{"$f":"IF(B229<>\"\",1,\"\")","v":1},2,{"$f":"IF(B229<>\"\",VLOOKUP(B229,Materiales,2,FALSE),\"\")","v":"Cemento"},{"$f":"IF(B229<>\"\",VLOOKUP(B229,Materiales,3,FALSE),\"\")","v":"Kg"},350,{"$f":"IF(B229<>\"\",VLOOKUP(B229,Materiales,5,FALSE),\"\")","v":0.4},{"$f":"IF(AND(E229<>\"\",F229<>\"\"),E229*F229,\"\")","v":140},{"$f":"IF(B229<>\"\",VLOOKUP(B229,Materiales,8,FALSE),\"\")","v":"MA"}]
[{"$f":"IF(AND(B230<>\"\",B229<>\"\"),A229+1,\"\")","v":2},6,{"$f":"IF(B230<>\"\",VLOOKUP(B230,Materiales,2,FALSE),\"\")","v":"Piedra "},{"$f":"IF(B230<>\"\",VLOOKUP(B230,Materiales,3,FALSE),\"\")","v":"Tn"},0.67,{"$f":"IF(B230<>\"\",VLOOKUP(B230,Materiales,5,FALSE),\"\")","v":25},{"$f":"IF(AND(E230<>\"\",F230<>\"\"),E230*F230,\"\")","v":16.75},{"$f":"IF(B230<>\"\",VLOOKUP(B230,Materiales,8,FALSE),\"\")","v":"MA"}]
[{"$f":"IF(AND(B231<>\"\",B230<>\"\"),A230+1,\"\")","v":3},1,{"$f":"IF(B231<>\"\",VLOOKUP(B231,Materiales,2,FALSE),\"\")","v":"Arena"},{"$f":"IF(B231<>\"\",VLOOKUP(B231,Materiales,3,FALSE),\"\")","v":"m3"},0.67,{"$f":"IF(B231<>\"\",VLOOKUP(B231,Materiales,5,FALSE),\"\")","v":20},{"$f":"IF(AND(E231<>\"\",F231<>\"\"),E231*F231,\"\")","v":13.4},{"$f":"IF(B231<>\"\",VLOOKUP(B231,Materiales,8,FALSE),\"\")","v":"MA"}]
[{"$f":"IF(AND(B232<>\"\",B231<>\"\"),A231+1,\"\")","v":4},9,{"$f":"IF(B232<>\"\",VLOOKUP(B232,Materiales,2,FALSE),\"\")","v":"Oficial"},{"$f":"IF(B232<>\"\",VLOOKUP(B232,Materiales,3,FALSE),\"\")","v":"Hs"},2.5,{"$f":"IF(B232<>\"\",VLOOKUP(B232,Materiales,5,FALSE),\"\")","v":6.5},{"$f":"IF(AND(E232<>\"\",F232<>\"\"),E232*F232,\"\")","v":16.25},{"$f":"IF(B232<>\"\",VLOOKUP(B232,Materiales,8,FALSE),\"\")","v":"MO"}]
[{"$f":"IF(AND(B233<>\"\",B230<>\"\"),A230+1,\"\")","v":3},10,{"$f":"IF(B233<>\"\",VLOOKUP(B233,Materiales,2,FALSE),\"\")","v":"Ayudante"},{"$f":"IF(B233<>\"\",VLOOKUP(B233,Materiales,3,FALSE),\"\")","v":"Hs"},3,{"$f":"IF(B233<>\"\",VLOOKUP(B233,Materiales,5,FALSE),\"\")","v":4.5},{"$f":"IF(AND(E233<>\"\",F233<>\"\"),E233*F233,\"\")","v":13.5},{"$f":"IF(B233<>\"\",VLOOKUP(B233,Materiales,8,FALSE),\"\")","v":"MO"}]
[]
[]
[null,null,"Costo - Costo:",null,null,null,{"$f":"IF(SUM(G229:G233)>0,SUM(G229:G233),\"\")","v":199.9}]
[null,null,"Costo Materiales:",null,null,null,{"$f":"SUMIF(H229:H233,\"=MA\",G229:G233)","v":170.15}]
[null,null,"Costo Mano de Obra:",null,null,null,{"$f":"SUMIF(H229:H233,\"=MO\",G229:G233)","v":29.75}]
[null,null,"Costo de Equipos y Herramientas:",null,null,null,{"$f":"SUMIF(H229:H233,\"=EH\",G229:G233)","v":0}]
[null,null,"Tiempo:",null,null,null,2]
[]
["Zapata Corrida",null,null,null,null,null,null,"m3"]
["Nº","Código","Recurso","Unidad","Rendimiento","Precio",null,"Grupo"]
[null,null,null,null,null,"Unitario","Total"]
[{"$f":"IF(B245<>\"\",1,\"\")","v":1},1,{"$f":"IF(B245<>\"\",VLOOKUP(B245,Materiales,2,FALSE),\"\")","v":"Arena"},{"$f":"IF(B245<>\"\",VLOOKUP(B245,Materiales,3,FALSE),\"\")","v":"m3"},0.65,{"$f":"IF(B245<>\"\",VLOOKUP(B245,Materiales,5,FALSE),\"\")","v":20},{"$f":"IF(AND(E245<>\"\",F245<>\"\"),E245*F245,\"\")","v":13},{"$f":"IF(B245<>\"\",VLOOKUP(B245,Materiales,8,FALSE),\"\")","v":"MA"}]
[{"$f":"IF(AND(B246<>\"\",B245<>\"\"),A245+1,\"\")","v":2},6,"Piedra ","Tn",0.65,25,{"$f":"IF(AND(E246<>\"\",F246<>\"\"),E246*F246,\"\")","v":16.25},"MA"]
[{"$f":"IF(AND(B247<>\"\",B246<>\"\"),A246+1,\"\")","v":3},5,"Hierro","Kg",100,8,{"$f":"IF(AND(E247<>\"\",F247<>\"\"),E247*F247,\"\")","v":800},"MA"]
[4,2,"Cemento","Kg",200,0.4,80,"MA"]
[5,7,"Clavos","Kg",0.5,6.5,3.25,"MA"]
[6,8,"Alambre","Kg",0.5,6.5,3.25,"MA"]
[7,37,"Madera","m2",0.5,25,{"$f":"IF(AND(E251<>\"\",F251<>\"\"),E251*F251,\"\")","v":12.5},"MA"]
[8,9,"Oficial","Hs",3.5,6.5,22.75,"MO"]
[9,10,"Ayudante","Hs",2,4.5,{"$f":"IF(AND(E253<>\"\",F253<>\"\"),E253*F253,\"\")","v":9},"MO"]
[]
[]
[null,null,"Costo - Costo:",null,null,null,{"$f":"IF(SUM(G245:G253)>0,SUM(G245:G253),\"\")","v":960}]
[null,null,"Costo Materiales:",null,null,null,{"$f":"SUMIF(H245:H253,\"=MA\",G245:G253)","v":928.25}]
[null,null,"Costo Mano de Obra:",null,null,null,{"$f":"SUMIF(H245:H253,\"=MO\",G245:G253)","v":31.75}]
[null,null,"Costo de Equipos y Herramientas:",null,null,null,{"$f":"SUMIF(H245:H253,\"=EH\",G245:G253)","v":0}]
[null,null,"Tiempo:",null,null,null,3.5]

{"sheet":"Resumen","index":2,"n_rows":65536,"n_cols":8,"rows_kept":65536,"cut":false,"hidden":false,"merged":[]}
["Código","Tarea","Unidad","Materiales","Mano de Obra","Herramientas y Equipos","Total","Tiempo Unitario"]
[{"$f":"IF(B2<>\"\",1,\"\")","v":1},{"$f":"Fórmulas!A3","v":"Mampostería de Ladrillos Comunes en Recalce de Muros"},{"$f":"Fórmulas!H3","v":"m3"},{"$f":"Fórmulas!G15","v":235.2},{"$f":"Fórmulas!G16","v":93.75},{"$f":"Fórmulas!G17","v":2.5},{"$f":"Fórmulas!G14","v":331.45},{"$f":"Fórmulas!G18","v":10}]
[{"$f":"IF(AND(B2<>\"\",B3<>\"\"),A2+1,\"\")","v":2},{"$f":"Fórmulas!A21","v":"Mampostería de Ladrillos Comunes en Elevación"},{"$f":"Fórmulas!H21","v":"m3"},{"$f":"Fórmulas!G33","v":182.82000000000002},{"$f":"Fórmulas!G34","v":69.550000000000011},{"$f":"Fórmulas!G35","v":3.75},{"$f":"Fórmulas!G32","v":256.12},{"$f":"Fórmulas!G36","v":6.5}]
[{"$f":"IF(AND(B3<>\"\",B4<>\"\"),A3+1,\"\")","v":3},{"$f":"Fórmulas!A38","v":"Piso de Adoquines"},{"$f":"Fórmulas!H38","v":"m2"},{"$f":"Fórmulas!G48","v":28.05},{"$f":"Fórmulas!G49","v":8.75},{"$f":"Fórmulas!G50","v":0},{"$f":"Fórmulas!G47","v":36.799999999999997},{"$f":"Fórmulas!G51","v":1}]
[4,{"$f":"Fórmulas!A54","v":"Carpeta Alisada de cemento"},{"$f":"Fórmulas!H54","v":"m2"},{"$f":"Fórmulas!G66","v":6.875},{"$f":"Fórmulas!G67","v":5.5},{"$f":"Fórmulas!G68","v":0.5},{"$f":"Fórmulas!G65","v":12.875},{"$f":"Fórmulas!G69","v":0.5}]
[5,{"$f":"Fórmulas!A72","v":"Revestimiento de Azulejos 15x15"},{"$f":"Fórmulas!H72","v":"m2"},{"$f":"Fórmulas!G83","v":17.759999999999998},{"$f":"Fórmulas!G84","v":16.509999999999998},{"$f":"Fórmulas!G85","v":0},{"$f":"Fórmulas!G82","v":34.269999999999996},{"$f":"Fórmulas!G86","v":1.82}]
[6,{"$f":"Fórmulas!A89","v":"Bases"},{"$f":"Fórmulas!H89","v":"m3"},{"$f":"Fórmulas!G103","v":514},{"$f":"Fórmulas!G104","v":79},{"$f":"Fórmulas!G105","v":7.5},{"$f":"Fórmulas!G102","v":600.5},{"$f":"Fórmulas!G106","v":8}]
[7,{"$f":"Fórmulas!A108","v":"Revoque Bolseado"},{"$f":"Fórmulas!H108","v":"m2"},{"$f":"Fórmulas!G120","v":2.02},{"$f":"Fórmulas!G121","v":9.15},{"$f":"Fórmulas!G122","v":0.5},{"$f":"Fórmulas!G119","v":11.67},{"$f":"Fórmulas!G123","v":1.2}]
[8,{"$f":"Fórmulas!A126","v":"Desmonte de Tierra Vegetal a mano"},{"$f":"Fórmulas!H126","v":"m3"},{"$f":"Fórmulas!G134","v":0},{"$f":"Fórmulas!G135","v":36},{"$f":"Fórmulas!G136","v":11.25},{"$f":"Fórmulas!G133","v":47.25},{"$f":"Fórmulas!G137","v":8}]
[9,{"$f":"Fórmulas!A140","v":"Capa aisladora horizontal en muros"},{"$f":"Fórmulas!H140","v":"m2"},{"$f":"Fórmulas!G151","v":14.275},{"$f":"Fórmulas!G152","v":7.125},{"$f":"Fórmulas!G153","v":0},{"$f":"Fórmulas!G150","v":21.4},{"$f":"Fórmulas!G154","v":0.75}]
[10,{"$f":"Fórmulas!A157","v":"Mampostería de Ladrillos Comunes en elevación - Muros Comunes"},{"$f":"Fórmulas!H157","v":"m3"},{"$f":"Fórmulas!G168","v":212.37},{"$f":"Fórmulas!G169","v":53.43},{"$f":"Fórmulas!G170","v":0},{"$f":"Fórmulas!G167","v":265.8},{"$f":"Fórmulas!G171","v":7.17}]
[11,{"$f":"Fórmulas!A174","v":"Replanteo y Nivelación"},{"$f":"Fórmulas!H174","v":"m2"},{"$f":"Fórmulas!G185","v":6.5000000000000002E-2},{"$f":"Fórmulas!G186","v":7.8999999999999995},{"$f":"Fórmulas!G187","v":2.5},{"$f":"Fórmulas!G184","v":10.465000000000002},{"$f":"Fórmulas!G188","v":0.22666666666666668}]
[12,{"$f":"Fórmulas!A191","v":"Pintura al látex acrílico"},{"$f":"Fórmulas!H191","v":"m2"},{"$f":"Fórmulas!G199","v":7.8000000000000007},{"$f":"Fórmulas!G200","v":9.5},{"$f":"Fórmulas!G201","v":0},{"$f":"Fórmulas!G198","v":17.3},{"$f":"Fórmulas!G202","v":2}]
[13,{"$f":"Fórmulas!A205","v":"Viga de encadenado superior 20x30"},{"$f":"Fórmulas!H205","v":"ml"},{"$f":"Fórmulas!G221","v":43.210000000000008},{"$f":"Fórmulas!G222","v":17.850000000000001},{"$f":"Fórmulas!G223","v":2.5},{"$f":"Fórmulas!G220","v":63.560000000000009},{"$f":"Fórmulas!G224","v":1.8}]
[14,{"$f":"Fórmulas!A226","v":"Mortero para losa"},{"$f":"Fórmulas!H226","v":"m3"},{"$f":"Fórmulas!G237","v":170.15},{"$f":"Fórmulas!G238","v":29.75},{"$f":"Fórmulas!G239","v":0},{"$f":"Fórmulas!G236","v":199.9},{"$f":"Fórmulas!G240","v":2}]
[15,{"$f":"Fórmulas!A242","v":"Zapata Corrida"},{"$f":"Fórmulas!H242","v":"m3"},{"$f":"Fórmulas!G257","v":928.25},{"$f":"Fórmulas!G258","v":31.75},{"$f":"Fórmulas!G259","v":0},{"$f":"Fórmulas!G256","v":960},{"$f":"Fórmulas!G260","v":3.5}]
[""]
[""]
[""]
[""]
[""]
[""]
[""]
[""]
[""]
[""]
[""]
[""]
[""]
[""]
[""]
[""]
[""]
[""]
[""]
[""]
[""]
[""]
[""]
[""]
[""]
[""]
[""]
[""]
[""]
[""]
[""]
[""]
[""]
[""]
[""]
[""]
[""]
[""]
[""]
[""]
[""]
[""]
[""]
[""]
[""]
[""]
[""]
[""]
[""]
[""]
[""]
[{"$f":"IF(AND(B67<>\"\",B68<>\"\"),A67+1,\"\")","v":""}]
[""]
[""]
[""]
[""]
[""]
[""]
[""]
[""]
[""]
[""]
[""]
[""]
[""]
[""]
[""]
[""]
[""]
[""]
[""]
[""]
[""]
[""]
[""]
[""]
[""]
[""]
[""]
[""]
[""]
[""]
[""]
[""]
[""]
[""]
[""]
[""]
[""]
[""]
[""]
[""]
[""]
[""]
[""]
[""]
[""]
[""]
[""]
[""]
[""]
[""]
[""]
[""]
[""]
[""]
[""]
[""]
[""]
[""]
[""]
[""]
[""]
[""]
[""]
[{"$f":"IF(AND(B131<>\"\",B132<>\"\"),A131+1,\"\")","v":""}]
[""]
[""]
[""]
[""]
[""]
[""]
[""]
[""]
[""]
[""]
[""]
[""]
[""]
[""]
[""]
[""]
[""]
[""]
[""]
[""]
[""]
[""]
[""]
[""]
[""]
[""]
[""]
[""]
[""]
[""]
[""]
[""]
[""]
[""]
[""]
[""]
[""]
[""]
[""]
[""]
[""]
[""]
[""]
[""]
[""]
[""]
[""]
[""]
[""]
[""]
[""]
[""]
[""]
[""]
[""]
[""]
[""]
[""]
[""]
[""]
[""]
[""]
[""]
[{"$f":"IF(AND(B195<>\"\",B196<>\"\"),A195+1,\"\")","v":""}]
[""]
[""]
[""]
[""]
[""]
[""]
[""]
[""]
[""]
[""]
[""]
[""]
[""]
[""]
[""]
[""]
[""]
[""]
[""]
[""]
[""]
[""]
[""]
[""]
[""]
[""]
[""]
[""]
[""]
[""]
[""]
[""]
[""]
[""]
[""]
[""]
[""]
[""]
[""]
[""]
[""]
[""]
[""]
[""]
[""]
[""]
[""]
[""]
[""]
[""]
[""]
[""]
[""]
[""]
[""]
[""]
[""]
[""]
[""]
[""]
[""]
[""]
[""]
[{"$f":"IF(AND(B259<>\"\",B260<>\"\"),A259+1,\"\")","v":""}]
[""]
[""]
[""]
[""]
[""]
[""]
[""]
[""]
[""]
[""]
[""]
[""]
[""]
[""]
[""]
[""]
[""]
[""]
[""]
[""]
[""]
[""]
[""]
[""]
[""]
[""]
[""]
[""]
[""]
[""]
[""]
[""]
[""]
[""]
[""]
[""]
[""]
[""]
[""]
[""]
[""]
[""]
[""]
[""]
[""]
[""]
[""]
[""]
[""]
[""]
[""]
[""]
[""]
[""]
[""]
[""]
[""]
[""]
[""]
[""]
[""]
[""]
[""]
[{"$f":"IF(AND(B323<>\"\",B324<>\"\"),A323+1,\"\")","v":""}]
[""]
[""]
[""]
[""]
[""]
[""]
[""]
[""]
[""]
[""]
[""]
[""]
[""]
[""]
[""]
[""]
[""]
[""]
[""]
[""]
[""]
[""]
[""]
[""]
[""]
[""]
[""]
[""]
[""]
[""]
[""]
[""]
[""]
[""]
[""]
[""]
[""]
[""]
[""]
[""]
[""]
[""]
[""]
[""]
[""]
[""]
[""]
[""]
[""]
[""]
[""]
[""]
[""]
[""]
[""]
[""]
[""]
[""]
[""]
[""]
[""]
[""]
[""]
[{"$f":"IF(AND(B387<>\"\",B388<>\"\"),A387+1,\"\")","v":""}]
[""]
[""]
[""]
[""]
[""]
[""]
[""]
[""]
[""]
[""]
[""]
[""]
[""]
[""]
[""]
[""]
[""]
[""]
[""]
[""]
[""]
[""]
[""]
[""]
[""]
[""]
[""]
[""]
[""]
[""]
[""]
[""]
[""]
[""]
[""]
[""]
[""]
[""]
[""]
[""]
[""]
[""]
[""]
[""]
[""]
[""]
[""]
[""]
[""]
[""]
[""]
[""]
[""]
[""]
[""]
[""]
[""]
[""]
[""]
[""]
[""]
[""]
[""]
[{"$f":"IF(AND(B451<>\"\",B452<>\"\"),A451+1,\"\")","v":""}]
[""]
[""]
[""]
[""]
[""]
[""]
[""]
[""]
[""]
[""]
[""]
[""]
[""]
[""]
[""]
[""]
[""]
[""]
[""]
[""]
[""]
[""]
[""]
[""]
[""]
[""]
[""]
[""]
[""]
[""]
[""]
[""]
[""]
[""]
[""]
[""]
[""]
[""]
[""]
[""]
[""]
[""]
[""]
[""]
[""]
[""]
[""]
[""]
[""]
[""]
[""]
[""]
[""]
[""]
[""]
[""]
[""]
[""]
[""]
[""]
[""]
[""]
[""]
[{"$f":"IF(AND(B515<>\"\",B516<>\"\"),A515+1,\"\")","v":""}]
[""]
[""]
[""]
[""]
[""]
[""]
[""]
[""]
[""]
[""]
[""]
[""]
[""]
[""]
[""]
[""]
[""]
[""]
[""]
[""]
[""]
[""]
[""]
[""]
[""]
[""]
[""]
[""]
[""]
[""]
[""]
[""]
[""]
[""]
[""]
[""]
[""]
[""]
[""]
[""]
[""]
[""]
[""]
[""]
[""]
[""]
[""]
[""]
[""]
[""]
[""]
[""]
[""]
[""]
[""]
[""]
[""]
[""]
[""]
[""]
[""]
[""]
[""]
[{"$f":"IF(AND(B579<>\"\",B580<>\"\"),A579+1,\"\")","v":""}]
[""]
[""]
[""]
[""]
[""]
[""]
[""]
[""]
[""]
[""]
[""]
[""]
[""]
[""]
[""]
[""]
[""]
[""]
[""]
[""]
[""]
[""]
[""]
[""]
[""]
[""]
[""]
[""]
[""]
[""]
[""]
[""]
[""]
[""]
[""]
[""]
[""]
[""]
[""]
[""]
[""]
[""]
[""]
[""]
[""]
[""]
[""]
[""]
[""]
[""]
[""]
[""]
[""]
[""]
[""]
[""]
[""]
[""]
[""]
[""]
[""]
[""]
[""]
[{"$f":"IF(AND(B643<>\"\",B644<>\"\"),A643+1,\"\")","v":""}]
[""]
[""]
[""]
[""]
[""]
[""]
[""]
[""]
[""]
[""]
[""]
[""]
[""]
[""]
[""]
[""]
[""]
[""]
[""]
[""]
[""]
[""]
[""]
[""]
[""]
[""]
[""]
[""]
[""]
[""]
[""]
[""]
[""]
[""]
[""]
[""]
[""]
[""]
[""]
[""]
[""]
[""]
[""]
[""]
[""]
[""]
[""]
[""]
[""]
[""]
[""]
[""]
[""]
[""]
[""]
[""]
[""]
[""]
[""]
[""]
[""]
[""]
[""]
[{"$f":"IF(AND(B707<>\"\",B708<>\"\"),A707+1,\"\")","v":""}]
[""]
[""]
[""]
[""]
[""]
[""]
[""]
[""]
[""]
[""]
[""]
[""]
[""]
[""]
[""]
[""]
[""]
[""]
[""]
[""]
[""]
[""]
[""]
[""]
[""]
[""]
[""]
[""]
[""]
[""]
[""]
[""]
[""]
[""]
[""]
[""]
[""]
[""]
[""]
[""]
[""]
[""]
[""]
[""]
[""]
[""]
[""]
[""]
[""]
[""]
[""]
[""]
[""]
[""]
[""]
[""]
[""]
[""]
[""]
[""]
[""]
[""]
[""]
[{"$f":"IF(AND(B771<>\"\",B772<>\"\"),A771+1,\"\")","v":""}]
[""]
[""]
[""]
[""]
[""]
[""]
[""]
[""]
[""]
[""]
[""]
[""]
[""]
[""]
[""]
[""]
[""]
[""]
[""]
[""]
[""]
[""]
[""]
[""]
[""]
[""]
[""]
[""]
[""]
[""]
[""]
[""]
[""]
[""]
[""]
[""]
[""]
[""]
[""]
[""]
[""]
[""]
[""]
[""]
[""]
[""]
[""]
[""]
[""]
[""]
[""]
[""]
[""]
[""]
[""]
[""]
[""]
[""]
[""]
[""]
[""]
[""]
[""]
[{"$f":"IF(AND(B835<>\"\",B836<>\"\"),A835+1,\"\")","v":""}]
[""]
[""]
[""]
[""]
[""]
[""]
[""]
[""]
[""]
[""]
[""]
[""]
[""]
[""]
[""]
[""]
[""]
[""]
[""]
[""]
[""]
[""]
[""]
[""]
[""]
[""]
[""]
[""]
[""]
[""]
[""]
[""]
[""]
[""]
[""]
[""]
[""]
[""]
[""]
[""]
[""]
[""]
[""]
[""]
[""]
[""]
[""]
[""]
[""]
[""]
[""]
[""]
[""]
[""]
[""]
[""]
[""]
[""]
[""]
[""]
[""]
[""]
[""]
[{"$f":"IF(AND(B899<>\"\",B900<>\"\"),A899+1,\"\")","v":""}]
[""]
[""]
[""]
[""]
[""]
[""]
[""]
[""]
[""]
[""]
[""]
[""]
[""]
[""]
[""]
[""]
[""]
[""]
[""]
[""]
[""]
[""]
[""]
[""]
[""]
[""]
[""]
[""]
[""]
[""]
[""]
[""]
[""]
[""]
[""]
[""]
[""]
[""]
[""]
[""]
[""]
[""]
[""]
[""]
[""]
[""]
[""]
[""]
[""]
[""]
[""]
[""]
[""]
[""]
[""]
[""]
[""]
[""]
[""]
[""]
[""]
[""]
[""]
[{"$f":"IF(AND(B963<>\"\",B964<>\"\"),A963+1,\"\")","v":""}]
[""]
[""]
[""]
[""]
[""]
[""]
[""]
[""]
[""]
[""]
[""]
[""]
[""]
[""]
[""]
[""]
[""]
[""]
[""]
[""]
[""]
[""]
[""]
[""]
[""]
[""]
[""]
[""]
[""]
[""]
[""]
[""]
[""]
[""]
[""]
[""]
[""]
[""]
[""]
[""]
[""]
[""]
[""]
[""]
[""]
[""]
[""]
[""]
[""]
[""]
[""]
[""]
[""]
[""]
[""]
[""]
[""]
[""]
[""]
[""]
[""]
[""]
[""]
[{"$f":"IF(AND(B1027<>\"\",B1028<>\"\"),A1027+1,\"\")","v":""}]
[""]
[""]
[""]
[""]
[""]
[""]
[""]
[""]
[""]
[""]
[""]
[""]
[""]
[""]
[""]
[""]
[""]
[""]
[""]
[""]
[""]
[""]
[""]
[""]
[""]
[""]
[""]
[""]
[""]
[""]
[""]
[""]
[""]
[""]
[""]
[""]
[""]
[""]
[""]
[""]
[""]
[""]
[""]
[""]
[""]
[""]
[""]
[""]
[""]
[""]
[""]
[""]
[""]
[""]
[""]
[""]
[""]
[""]
[""]
[""]
[""]
[""]
[""]
[{"$f":"IF(AND(B1091<>\"\",B1092<>\"\"),A1091+1,\"\")","v":""}]
[""]
[""]
[""]
[""]
[""]
[""]
[""]
[""]
[""]
[""]
[""]
[""]
[""]
[""]
[""]
[""]
[""]
[""]
[""]
[""]
[""]
[""]
[""]
[""]
[""]
[""]
[""]
[""]
[""]
[""]
[""]
[""]
[""]
[""]
[""]
[""]
[""]
[""]
[""]
[""]
[""]
[""]
[""]
[""]
[""]
[""]
[""]
[""]
[""]
[""]
[""]
[""]
[""]
[""]
[""]
[""]
[""]
[""]
[""]
[""]
[""]
[""]
[""]
[{"$f":"IF(AND(B1155<>\"\",B1156<>\"\"),A1155+1,\"\")","v":""}]
[""]
[""]
[""]
[""]
[""]
[""]
[""]
[""]
[""]
[""]
[""]
[""]
[""]
[""]
[""]
[""]
[""]
[""]
[""]
[""]
[""]
[""]
[""]
[""]
[""]
[""]
[""]
[""]
[""]
[""]
[""]
[""]
[""]
[""]
[""]
[""]
[""]
[""]
[""]
[""]
[""]
[""]
[""]
[""]
[""]
[""]
[""]
[""]
[""]
[""]
[""]
[""]
[""]
[""]
[""]
[""]
[""]
[""]
[""]
[""]
[""]
[""]
[""]
[{"$f":"IF(AND(B1219<>\"\",B1220<>\"\"),A1219+1,\"\")","v":""}]
[""]
[""]
[""]
[""]
[""]
[""]
[""]
[""]
[""]
[""]
[""]
[""]
[""]
[""]
[""]
[""]
[""]
[""]
[""]
[""]
[""]
[""]
[""]
[""]
[""]
[""]
[""]
[""]
[""]
[""]
[""]
[""]
[""]
[""]
[""]
[""]
[""]
[""]
[""]
[""]
[""]
[""]
[""]
[""]
[""]
[""]
[""]
[""]
[""]
[""]
[""]
[""]
[""]
[""]
[""]
[""]
[""]
[""]
[""]
[""]
[""]
[""]
[""]
[{"$f":"IF(AND(B1283<>\"\",B1284<>\"\"),A1283+1,\"\")","v":""}]
[""]
[""]
[""]
[""]
[""]
[""]
[""]
[""]
[""]
[""]
[""]
[""]
[""]
[""]
[""]
[""]
[""]
[""]
[""]
[""]
[""]
[""]
[""]
[""]
[""]
[""]
[""]
[""]
[""]
[""]
[""]
[""]
[""]
[""]
[""]
[""]
[""]
[""]
[""]
[""]
[""]
[""]
[""]
[""]
[""]
[""]
[""]
[""]
[""]
[""]
[""]
[""]
[""]
[""]
[""]
[""]
[""]
[""]
[""]
[""]
[""]
[""]
[""]
[{"$f":"IF(AND(B1347<>\"\",B1348<>\"\"),A1347+1,\"\")","v":""}]
[""]
[""]
[""]
[""]
[""]
[""]
[""]
[""]
[""]
[""]
[""]
[""]
[""]
[""]
[""]
[""]
[""]
[""]
[""]
[""]
[""]
[""]
[""]
[""]
[""]
[""]
[""]
[""]
[""]
[""]
[""]
[""]
[""]
[""]
[""]
[""]
[""]
[""]
[""]
[""]
[""]
[""]
[""]
[""]
[""]
[""]
[""]
[""]
[""]
[""]
[""]
[""]
[""]
[""]
[""]
[""]
[""]
[""]
[""]
[""]
[""]
[""]
[""]
[{"$f":"IF(AND(B1411<>\"\",B1412<>\"\"),A1411+1,\"\")","v":""}]
[""]
[""]
[""]
[""]
[""]
[""]
[""]
[""]
[""]
[""]
[""]
[""]
[""]
[""]
[""]
[""]
[""]
[""]
[""]
[""]
[""]
[""]
[""]
[""]
[""]
[""]
[""]
[""]
[""]
[""]
[""]
[""]
[""]
[""]
[""]
[""]
[""]
[""]
[""]
[""]
[""]
[""]
[""]
[""]
[""]
[""]
[""]
[""]
[""]
[""]
[""]
[""]
[""]
[""]
[""]
[""]
[""]
[""]
[""]
[""]
[""]
[""]
[""]
[{"$f":"IF(AND(B1475<>\"\",B1476<>\"\"),A1475+1,\"\")","v":""}]
[""]
[""]
[""]
[""]
[""]
[""]
[""]
[""]
[""]
[""]
[""]
[""]
[""]
[""]
[""]
[""]
[""]
[""]
[""]
[""]
[""]
[""]
[""]
[""]
[""]
[""]
[""]
[""]
[""]
[""]
[""]
[""]
[""]
[""]
[""]
[""]
[""]
[""]
[""]
[""]
[""]
[""]
[""]
[""]
[""]
[""]
[""]
[""]
[""]
[""]
[""]
[""]
[""]
[""]
[""]
[""]
[""]
[""]
[""]
[""]
[""]
[""]
[""]
[{"$f":"IF(AND(B1539<>\"\",B1540<>\"\"),A1539+1,\"\")","v":""}]
[""]
[""]
[""]
[""]
[""]
[""]
[""]
[""]
[""]
[""]
[""]
[""]
[""]
[""]
[""]
[""]
[""]
[""]
[""]
[""]
[""]
[""]
[""]
[""]
[""]
[""]
[""]
[""]
[""]
[""]
[""]
[""]
[""]
[""]
[""]
[""]
[""]
[""]
[""]
[""]
[""]
[""]
[""]
[""]
[""]
[""]
[""]
[""]
[""]
[""]
[""]
[""]
[""]
[""]
[""]
[""]
[""]
[""]
[""]
[""]
[""]
[""]
[""]
[{"$f":"IF(AND(B1603<>\"\",B1604<>\"\"),A1603+1,\"\")","v":""}]
[""]
[""]
[""]
[""]
[""]
[""]
[""]
[""]
[""]
[""]
[""]
[""]
[""]
[""]
[""]
[""]
[""]
[""]
[""]
[""]
[""]
[""]
[""]
[""]
[""]
[""]
[""]
[""]
[""]
[""]
[""]
[""]
[""]
[""]
[""]
[""]
[""]
[""]
[""]
[""]
[""]
[""]
[""]
[""]
[""]
[""]
[""]
[""]
[""]
[""]
[""]
[""]
[""]
[""]
[""]
[""]
[""]
[""]
[""]
[""]
[""]
[""]
[""]
[{"$f":"IF(AND(B1667<>\"\",B1668<>\"\"),A1667+1,\"\")","v":""}]
[""]
[""]
[""]
[""]
[""]
[""]
[""]
[""]
[""]
[""]
[""]
[""]
[""]
[""]
[""]
[""]
[""]
[""]
[""]
[""]
[""]
[""]
[""]
[""]
[""]
[""]
[""]
[""]
[""]
[""]
[""]
[""]
[""]
[""]
[""]
[""]
[""]
[""]
[""]
[""]
[""]
[""]
[""]
[""]
[""]
[""]
[""]
[""]
[""]
[""]
[""]
[""]
[""]
[""]
[""]
[""]
[""]
[""]
[""]
[""]
[""]
[""]
[""]
[{"$f":"IF(AND(B1731<>\"\",B1732<>\"\"),A1731+1,\"\")","v":""}]
[""]
[""]
[""]
[""]
[""]
[""]
[""]
[""]
[""]
[""]
[""]
[""]
[""]
[""]
[""]
[""]
[""]
[""]
[""]
[""]
[""]
[""]
[""]
[""]
[""]
[""]
[""]
[""]
[""]
[""]
[""]
[""]
[""]
[""]
[""]
[""]
[""]
[""]
[""]
[""]
[""]
[""]
[""]
[""]
[""]
[""]
[""]
[""]
[""]
[""]
[""]
[""]
[""]
[""]
[""]
[""]
[""]
[""]
[""]
[""]
[""]
[""]
[""]
[{"$f":"IF(AND(B1795<>\"\",B1796<>\"\"),A1795+1,\"\")","v":""}]
[""]
[""]
[""]
[""]
[""]
[""]
[""]
[""]
[""]
[""]
[""]
[""]
[""]
[""]
[""]
[""]
[""]
[""]
[""]
[""]
[""]
[""]
[""]
[""]
[""]
[""]
[""]
[""]
[""]
[""]
[""]
[""]
[""]
[""]
[""]
[""]
[""]
[""]
[""]
[""]
[""]
[""]
[""]
[""]
[""]
[""]
[""]
[""]
[""]
[""]
[""]
[""]
[""]
[""]
[""]
[""]
[""]
[""]
[""]
[""]
[""]
[""]
[""]
[{"$f":"IF(AND(B1859<>\"\",B1860<>\"\"),A1859+1,\"\")","v":""}]
[""]
[""]
[""]
[""]
[""]
[""]
[""]
[""]
[""]
[""]
[""]
[""]
[""]
[""]
[""]
[""]
[""]
[""]
[""]
[""]
[""]
[""]
[""]
[""]
[""]
[""]
[""]
[""]
[""]
[""]
[""]
[""]
[""]
[""]
[""]
[""]
[""]
[""]
[""]
[""]
[""]
[""]
[""]
[""]
[""]
[""]
[""]
[""]
[""]
[""]
[""]
[""]
[""]
[""]
[""]
[""]
[""]
[""]
[""]
[""]
[""]
[""]
[""]
[{"$f":"IF(AND(B1923<>\"\",B1924<>\"\"),A1923+1,\"\")","v":""}]
[""]
[""]
[""]
[""]
[""]
[""]
[""]
[""]
[""]
[""]
[""]
[""]
[""]
[""]
[""]
[""]
[""]
[""]
[""]
[""]
[""]
[""]
[""]
[""]
[""]
[""]
[""]
[""]
[""]
[""]
[""]
[""]
[""]
[""]
[""]
[""]
[""]
[""]
[""]
[""]
[""]
[""]
[""]
[""]
[""]
[""]
[""]
[""]
[""]
[""]
[""]
[""]
[""]
[""]
[""]
[""]
[""]
[""]
[""]
[""]
[""]
[""]
[""]
[{"$f":"IF(AND(B1987<>\"\",B1988<>\"\"),A1987+1,\"\")","v":""}]
[""]
[""]
[""]
[""]
[""]
[""]
[""]
[""]
[""]
[""]
[""]
[""]
[""]
[""]
[""]
[""]
[""]
[""]
[""]
[""]
[""]
[""]
[""]
[""]
[""]
[""]
[""]
[""]
[""]
[""]
[""]
[""]
[""]
[""]
[""]
[""]
[""]
[""]
[""]
[""]
[""]
[""]
[""]
[""]
[""]
[""]
[""]
[""]
[""]
[""]
[""]
[""]
[""]
[""]
[""]
[""]
[""]
[""]
[""]
[""]
[""]
[""]
[""]
[{"$f":"IF(AND(B2051<>\"\",B2052<>\"\"),A2051+1,\"\")","v":""}]
[""]
[""]
[""]
[""]
[""]
[""]
[""]
[""]
[""]
[""]
[""]
[""]
[""]
[""]
[""]
[""]
[""]
[""]
[""]
[""]
[""]
[""]
[""]
[""]
[""]
[""]
[""]
[""]
[""]
[""]
[""]
[""]
[""]
[""]
[""]
[""]
[""]
[""]
[""]
[""]
[""]
[""]
[""]
[""]
[""]
[""]
[""]
[""]
[""]
[""]
[""]
[""]
[""]
[""]
[""]
[""]
[""]
[""]
[""]
[""]
[""]
[""]
[""]
[{"$f":"IF(AND(B2115<>\"\",B2116<>\"\"),A2115+1,\"\")","v":""}]
[""]
[""]
[""]
[""]
[""]
[""]
[""]
[""]
[""]
[""]
[""]
[""]
[""]
[""]
[""]
[""]
[""]
[""]
[""]
[""]
[""]
[""]
[""]
[""]
[""]
[""]
[""]
[""]
[""]
[""]
[""]
[""]
[""]
[""]
[""]
[""]
[""]
[""]
[""]
[""]
[""]
[""]
[""]
[""]
[""]
[""]
[""]
[""]
[""]
[""]
[""]
[""]
[""]
[""]
[""]
[""]
[""]
[""]
[""]
[""]
[""]
[""]
[""]
[{"$f":"IF(AND(B2179<>\"\",B2180<>\"\"),A2179+1,\"\")","v":""}]
[""]
[""]
[""]
[""]
[""]
[""]
[""]
[""]
[""]
[""]
[""]
[""]
[""]
[""]
[""]
[""]
[""]
[""]
[""]
[""]
[""]
[""]
[""]
[""]
[""]
[""]
[""]
[""]
[""]
[""]
[""]
[""]
[""]
[""]
[""]
[""]
[""]
[""]
[""]
[""]
[""]
[""]
[""]
[""]
[""]
[""]
[""]
[""]
[""]
[""]
[""]
[""]
[""]
[""]
[""]
[""]
[""]
[""]
[""]
[""]
[""]
[""]
[""]
[{"$f":"IF(AND(B2243<>\"\",B2244<>\"\"),A2243+1,\"\")","v":""}]
[""]
[""]
[""]
[""]
[""]
[""]
[""]
[""]
[""]
[""]
[""]
[""]
[""]
[""]
[""]
[""]
[""]
[""]
[""]
[""]
[""]
[""]
[""]
[""]
[""]
[""]
[""]
[""]
[""]
[""]
[""]
[""]
[""]
[""]
[""]
[""]
[""]
[""]
[""]
[""]
[""]
[""]
[""]
[""]
[""]
[""]
[""]
[""]
[""]
[""]
[""]
[""]
[""]
[""]
[""]
[""]
[""]
[""]
[""]
[""]
[""]
[""]
[""]
[{"$f":"IF(AND(B2307<>\"\",B2308<>\"\"),A2307+1,\"\")","v":""}]
[""]
[""]
[""]
[""]
[""]
[""]
[""]
[""]
[""]
[""]
[""]
[""]
[""]
[""]
[""]
[""]
[""]
[""]
[""]
[""]
[""]
[""]
[""]
[""]
[""]
[""]
[""]
[""]
[""]
[""]
[""]
[""]
[""]
[""]
[""]
[""]
[""]
[""]
[""]
[""]
[""]
[""]
[""]
[""]
[""]
[""]
[""]
[""]
[""]
[""]
[""]
[""]
[""]
[""]
[""]
[""]
[""]
[""]
[""]
[""]
[""]
[""]
[""]
[{"$f":"IF(AND(B2371<>\"\",B2372<>\"\"),A2371+1,\"\")","v":""}]
[""]
[""]
[""]
[""]
[""]
[""]
[""]
[""]
[""]
[""]
[""]
[""]
[""]
[""]
[""]
[""]
[""]
[""]
[""]
[""]
[""]
[""]
[""]
[""]
[""]
[""]
[""]
[""]
[""]
[""]
[""]
[""]
[""]
[""]
[""]
[""]
[""]
[""]
[""]
[""]
[""]
[""]
[""]
[""]
[""]
[""]
[""]
[""]
[""]
[""]
[""]
[""]
[""]
[""]
[""]
[""]
[""]
[""]
[""]
[""]
[""]
[""]
[""]
[{"$f":"IF(AND(B2435<>\"\",B2436<>\"\"),A2435+1,\"\")","v":""}]
[""]
[""]
[""]
[""]
[""]
[""]
[""]
[""]
[""]
[""]
[""]
[""]
[""]
[""]
[""]
[""]
[""]
[""]
[""]
[""]
[""]
[""]
[""]
[""]
[""]
[""]
[""]
[""]
[""]
[""]
[""]
[""]
[""]
[""]
[""]
[""]
[""]
[""]
[""]
[""]
[""]
[""]
[""]
[""]
[""]
[""]
[""]
[""]
[""]
[""]
[""]
[""]
[""]
[""]
[""]
[""]
[""]
[""]
[""]
[""]
[""]
[""]
[""]
[{"$f":"IF(AND(B2499<>\"\",B2500<>\"\"),A2499+1,\"\")","v":""}]
[""]
[""]
[""]
[""]
[""]
[""]
[""]
[""]
[""]
[""]
[""]
[""]
[""]
[""]
[""]
[""]
[""]
[""]
[""]
[""]
[""]
[""]
[""]
[""]
[""]
[""]
[""]
[""]
[""]
[""]
[""]
[""]
[""]
[""]
[""]
[""]
[""]
[""]
[""]
[""]
[""]
[""]
[""]
[""]
[""]
[""]
[""]
[""]
[""]
[""]
[""]
[""]
[""]
[""]
[""]
[""]
[""]
[""]
[""]
[""]
[""]
[""]
[""]
[{"$f":"IF(AND(B2563<>\"\",B2564<>\"\"),A2563+1,\"\")","v":""}]
[""]
[""]
[""]
[""]
[""]
[""]
[""]
[""]
[""]
[""]
[""]
[""]
[""]
[""]
[""]
[""]
[""]
[""]
[""]
[""]
[""]
[""]
[""]
[""]
[""]
[""]
[""]
[""]
[""]
[""]
[""]
[""]
[""]
[""]
[""]
[""]
[""]
[""]
[""]
[""]
[""]
[""]
[""]
[""]
[""]
[""]
[""]
[""]
[""]
[""]
[""]
[""]
[""]
[""]
[""]
[""]
[""]
[""]
[""]
[""]
[""]
[""]
[""]
[{"$f":"IF(AND(B2627<>\"\",B2628<>\"\"),A2627+1,\"\")","v":""}]
[""]
[""]
[""]
[""]
[""]
[""]
[""]
[""]
[""]
[""]
[""]
[""]
[""]
[""]
[""]
[""]
[""]
[""]
[""]
[""]
[""]
[""]
[""]
[""]
[""]
[""]
[""]
[""]
[""]
[""]
[""]
[""]
[""]
[""]
[""]
[""]
[""]
[""]
[""]
[""]
[""]
[""]
[""]
[""]
[""]
[""]
[""]
[""]
[""]
[""]
[""]
[""]
[""]
[""]
[""]
[""]
[""]
[""]
[""]
[""]
[""]
[""]
[""]
[{"$f":"IF(AND(B2691<>\"\",B2692<>\"\"),A2691+1,\"\")","v":""}]
[""]
[""]
[""]
[""]
[""]
[""]
[""]
[""]
[""]
[""]
[""]
[""]
[""]
[""]
[""]
[""]
[""]
[""]
[""]
[""]
[""]
[""]
[""]
[""]
[""]
[""]
[""]
[""]
[""]
[""]
[""]
[""]
[""]
[""]
[""]
[""]
[""]
[""]
[""]
[""]
[""]
[""]
[""]
[""]
[""]
[""]
[""]
[""]
[""]
[""]
[""]
[""]
[""]
[""]
[""]
[""]
[""]
[""]
[""]
[""]
[""]
[""]
[""]
[{"$f":"IF(AND(B2755<>\"\",B2756<>\"\"),A2755+1,\"\")","v":""}]
[""]
[""]
[""]
[""]
[""]
[""]
[""]
[""]
[""]
[""]
[""]
[""]
[""]
[""]
[""]
[""]
[""]
[""]
[""]
[""]
[""]
[""]
[""]
[""]
[""]
[""]
[""]
[""]
[""]
[""]
[""]
[""]
[""]
[""]
[""]
[""]
[""]
[""]
[""]
[""]
[""]
[""]
[""]
[""]
[""]
[""]
[""]
[""]
[""]
[""]
[""]
[""]
[""]
[""]
[""]
[""]
[""]
[""]
[""]
[""]
[""]
[""]
[""]
[{"$f":"IF(AND(B2819<>\"\",B2820<>\"\"),A2819+1,\"\")","v":""}]
[""]
[""]
[""]
[""]
[""]
[""]
[""]
[""]
[""]
[""]
[""]
[""]
[""]
[""]
[""]
[""]
[""]
[""]
[""]
[""]
[""]
[""]
[""]
[""]
[""]
[""]
[""]
[""]
[""]
[""]
[""]
[""]
[""]
[""]
[""]
[""]
[""]
[""]
[""]
[""]
[""]
[""]
[""]
[""]
[""]
[""]
[""]
[""]
[""]
[""]
[""]
[""]
[""]
[""]
[""]
[""]
[""]
[""]
[""]
[""]
[""]
[""]
[""]
[{"$f":"IF(AND(B2883<>\"\",B2884<>\"\"),A2883+1,\"\")","v":""}]
[""]
[""]
[""]
[""]
[""]
[""]
[""]
[""]
[""]
[""]
[""]
[""]
[""]
[""]
[""]
[""]
[""]
[""]
[""]
[""]
[""]
[""]
[""]
[""]
[""]
[""]
[""]
[""]
[""]
[""]
[""]
[""]
[""]
[""]
[""]
[""]
[""]
[""]
[""]
[""]
[""]
[""]
[""]
[""]
[""]
[""]
[""]
[""]
[""]
[""]
[""]
[""]
[""]
[""]
[""]
[""]
[""]
[""]
[""]
[""]
[""]
[""]
[""]
[{"$f":"IF(AND(B2947<>\"\",B2948<>\"\"),A2947+1,\"\")","v":""}]
[""]
[""]
[""]
[""]
[""]
[""]
[""]
[""]
[""]
[""]
[""]
[""]
[""]
[""]
[""]
[""]
[""]
[""]
[""]
[""]
[""]
[""]
[""]
[""]
[""]
[""]
[""]
[""]
[""]
[""]
[""]
[""]
[""]
[""]
[""]
[""]
[""]
[""]
[""]
[""]
[""]
[""]
[""]
[""]
[""]
[""]
[""]
[""]
[""]
[""]
[""]
[""]
[""]
[""]
[""]
[""]
[""]
[""]
[""]
[""]
[""]
[""]
[""]
[{"$f":"IF(AND(B3011<>\"\",B3012<>\"\"),A3011+1,\"\")","v":""}]
[""]
[""]
[""]
[""]
[""]
[""]
[""]
[""]
[""]
[""]
[""]
[""]
[""]
[""]
[""]
[""]
[""]
[""]
[""]
[""]
[""]
[""]
[""]
[""]
[""]
[""]
[""]
[""]
[""]
[""]
[""]
[""]
[""]
[""]
[""]
[""]
[""]
[""]
[""]
[""]
[""]
[""]
[""]
[""]
[""]
[""]
[""]
[""]
[""]
[""]
[""]
[""]
[""]
[""]
[""]
[""]
[""]
[""]
[""]
[""]
[""]
[""]
[""]
[{"$f":"IF(AND(B3075<>\"\",B3076<>\"\"),A3075+1,\"\")","v":""}]
[""]
[""]
[""]
[""]
[""]
[""]
[""]
[""]
[""]
[""]
[""]
[""]
[""]
[""]
[""]
[""]
[""]
[""]
[""]
[""]
[""]
[""]
[""]
[""]
[""]
[""]
[""]
[""]
[""]
[""]
[""]
[""]
[""]
[""]
[""]
[""]
[""]
[""]
[""]
[""]
[""]
[""]
[""]
[""]
[""]
[""]
[""]
[""]
[""]
[""]
[""]
[""]
[""]
[""]
[""]
[""]
[""]
[""]
[""]
[""]
[""]
[""]
[""]
[{"$f":"IF(AND(B3139<>\"\",B3140<>\"\"),A3139+1,\"\")","v":""}]
[""]
[""]
[""]
[""]
[""]
[""]
[""]
[""]
[""]
[""]
[""]
[""]
[""]
[""]
[""]
[""]
[""]
[""]
[""]
[""]
[""]
[""]
[""]
[""]
[""]
[""]
[""]
[""]
[""]
[""]
[""]
[""]
[""]
[""]
[""]
[""]
[""]
[""]
[""]
[""]
[""]
[""]
[""]
[""]
[""]
[""]
[""]
[""]
[""]
[""]
[""]
[""]
[""]
[""]
[""]
[""]
[""]
[""]
[""]
[""]
[""]
[""]
[""]
[{"$f":"IF(AND(B3203<>\"\",B3204<>\"\"),A3203+1,\"\")","v":""}]
[""]
[""]
[""]
[""]
[""]
[""]
[""]
[""]
[""]
[""]
[""]
[""]
[""]
[""]
[""]
[""]
[""]
[""]
[""]
[""]
[""]
[""]
[""]
[""]
[""]
[""]
[""]
[""]
[""]
[""]
[""]
[""]
[""]
[""]
[""]
[""]
[""]
[""]
[""]
[""]
[""]
[""]
[""]
[""]
[""]
[""]
[""]
[""]
[""]
[""]
[""]
[""]
[""]
[""]
[""]
[""]
[""]
[""]
[""]
[""]
[""]
[""]
[""]
[{"$f":"IF(AND(B3267<>\"\",B3268<>\"\"),A3267+1,\"\")","v":""}]
[""]
[""]
[""]
[""]
[""]
[""]
[""]
[""]
[""]
[""]
[""]
[""]
[""]
[""]
[""]
[""]
[""]
[""]
[""]
[""]
[""]
[""]
[""]
[""]
[""]
[""]
[""]
[""]
[""]
[""]
[""]
[""]
[""]
[""]
[""]
[""]
[""]
[""]
[""]
[""]
[""]
[""]
[""]
[""]
[""]
[""]
[""]
[""]
[""]
[""]
[""]
[""]
[""]
[""]
[""]
[""]
[""]
[""]
[""]
[""]
[""]
[""]
[""]
[{"$f":"IF(AND(B3331<>\"\",B3332<>\"\"),A3331+1,\"\")","v":""}]
[""]
[""]
[""]
[""]
[""]
[""]
[""]
[""]
[""]
[""]
[""]
[""]
[""]
[""]
[""]
[""]
[""]
[""]
[""]
[""]
[""]
[""]
[""]
[""]
[""]
[""]
[""]
[""]
[""]
[""]
[""]
[""]
[""]
[""]
[""]
[""]
[""]
[""]
[""]
[""]
[""]
[""]
[""]
[""]
[""]
[""]
[""]
[""]
[""]
[""]
[""]
[""]
[""]
[""]
[""]
[""]
[""]
[""]
[""]
[""]
[""]
[""]
[""]
[{"$f":"IF(AND(B3395<>\"\",B3396<>\"\"),A3395+1,\"\")","v":""}]
[""]
[""]
[""]
[""]
[""]
[""]
[""]
[""]
[""]
[""]
[""]
[""]
[""]
[""]
[""]
[""]
[""]
[""]
[""]
[""]
[""]
[""]
[""]
[""]
[""]
[""]
[""]
[""]
[""]
[""]
[""]
[""]
[""]
[""]
[""]
[""]
[""]
[""]
[""]
[""]
[""]
[""]
[""]
[""]
[""]
[""]
[""]
[""]
[""]
[""]
[""]
[""]
[""]
[""]
[""]
[""]
[""]
[""]
[""]
[""]
[""]
[""]
[""]
[{"$f":"IF(AND(B3459<>\"\",B3460<>\"\"),A3459+1,\"\")","v":""}]
[""]
[""]
[""]
[""]
[""]
[""]
[""]
[""]
[""]
[""]
[""]
[""]
[""]
[""]
[""]
[""]
[""]
[""]
[""]
[""]
[""]
[""]
[""]
[""]
[""]
[""]
[""]
[""]
[""]
[""]
[""]
[""]
[""]
[""]
[""]
[""]
[""]
[""]
[""]
[""]
[""]
[""]
[""]
[""]
[""]
[""]
[""]
[""]
[""]
[""]
[""]
[""]
[""]
[""]
[""]
[""]
[""]
[""]
[""]
[""]
[""]
[""]
[""]
[{"$f":"IF(AND(B3523<>\"\",B3524<>\"\"),A3523+1,\"\")","v":""}]
[""]
[""]
[""]
[""]
[""]
[""]
[""]
[""]
[""]
[""]
[""]
[""]
[""]
[""]
[""]
[""]
[""]
[""]
[""]
[""]
[""]
[""]
[""]
[""]
[""]
[""]
[""]
[""]
[""]
[""]
[""]
[""]
[""]
[""]
[""]
[""]
[""]
[""]
[""]
[""]
[""]
[""]
[""]
[""]
[""]
[""]
[""]
[""]
[""]
[""]
[""]
[""]
[""]
[""]
[""]
[""]
[""]
[""]
[""]
[""]
[""]
[""]
[""]
[{"$f":"IF(AND(B3587<>\"\",B3588<>\"\"),A3587+1,\"\")","v":""}]
[""]
[""]
[""]
[""]
[""]
[""]
[""]
[""]
[""]
[""]
[""]
[""]
[""]
[""]
[""]
[""]
[""]
[""]
[""]
[""]
[""]
[""]
[""]
[""]
[""]
[""]
[""]
[""]
[""]
[""]
[""]
[""]
[""]
[""]
[""]
[""]
[""]
[""]
[""]
[""]
[""]
[""]
[""]
[""]
[""]
[""]
[""]
[""]
[""]
[""]
[""]
[""]
[""]
[""]
[""]
[""]
[""]
[""]
[""]
[""]
[""]
[""]
[""]
[{"$f":"IF(AND(B3651<>\"\",B3652<>\"\"),A3651+1,\"\")","v":""}]
[""]
[""]
[""]
[""]
[""]
[""]
[""]
[""]
[""]
[""]
[""]
[""]
[""]
[""]
[""]
[""]
[""]
[""]
[""]
[""]
[""]
[""]
[""]
[""]
[""]
[""]
[""]
[""]
[""]
[""]
[""]
[""]
[""]
[""]
[""]
[""]
[""]
[""]
[""]
[""]
[""]
[""]
[""]
[""]
[""]
[""]
[""]
[""]
[""]
[""]
[""]
[""]
[""]
[""]
[""]
[""]
[""]
[""]
[""]
[""]
[""]
[""]
[""]
[{"$f":"IF(AND(B3715<>\"\",B3716<>\"\"),A3715+1,\"\")","v":""}]
[""]
[""]
[""]
[""]
[""]
[""]
[""]
[""]
[""]
[""]
[""]
[""]
[""]
[""]
[""]
[""]
[""]
[""]
[""]
[""]
[""]
[""]
[""]
[""]
[""]
[""]
[""]
[""]
[""]
[""]
[""]
[""]
[""]
[""]
[""]
[""]
[""]
[""]
[""]
[""]
[""]
[""]
[""]
[""]
[""]
[""]
[""]
[""]
[""]
[""]
[""]
[""]
[""]
[""]
[""]
[""]
[""]
[""]
[""]
[""]
[""]
[""]
[""]
[{"$f":"IF(AND(B3779<>\"\",B3780<>\"\"),A3779+1,\"\")","v":""}]
[""]
[""]
[""]
[""]
[""]
[""]
[""]
[""]
[""]
[""]
[""]
[""]
[""]
[""]
[""]
[""]
[""]
[""]
[""]
[""]
[""]
[""]
[""]
[""]
[""]
[""]
[""]
[""]
[""]
[""]
[""]
[""]
[""]
[""]
[""]
[""]
[""]
[""]
[""]
[""]
[""]
[""]
[""]
[""]
[""]
[""]
[""]
[""]
[""]
[""]
[""]
[""]
[""]
[""]
[""]
[""]
[""]
[""]
[""]
[""]
[""]
[""]
[""]
[{"$f":"IF(AND(B3843<>\"\",B3844<>\"\"),A3843+1,\"\")","v":""}]
[""]
[""]
[""]
[""]
[""]
[""]
[""]
[""]
[""]
[""]
[""]
[""]
[""]
[""]
[""]
[""]
[""]
[""]
[""]
[""]
[""]
[""]
[""]
[""]
[""]
[""]
[""]
[""]
[""]
[""]
[""]
[""]
[""]
[""]
[""]
[""]
[""]
[""]
[""]
[""]
[""]
[""]
[""]
[""]
[""]
[""]
[""]
[""]
[""]
[""]
[""]
[""]
[""]
[""]
[""]
[""]
[""]
[""]
[""]
[""]
[""]
[""]
[""]
[{"$f":"IF(AND(B3907<>\"\",B3908<>\"\"),A3907+1,\"\")","v":""}]
[""]
[""]
[""]
[""]
[""]
[""]
[""]
[""]
[""]
[""]
[""]
[""]
[""]
[""]
[""]
[""]
[""]
[""]
[""]
[""]
[""]
[""]
[""]
[""]
[""]
[""]
[""]
[""]
[""]
[""]
[""]
[""]
[""]
[""]
[""]
[""]
[""]
[""]
[""]
[""]
[""]
[""]
[""]
[""]
[""]
[""]
[""]
[""]
[""]
[""]
[""]
[""]
[""]
[""]
[""]
[""]
[""]
[""]
[""]
[""]
[""]
[""]
[""]
[{"$f":"IF(AND(B3971<>\"\",B3972<>\"\"),A3971+1,\"\")","v":""}]
[""]
[""]
[""]
[""]
[""]
[""]
[""]
[""]
[""]
[""]
[""]
[""]
[""]
[""]
[""]
[""]
[""]
[""]
[""]
[""]
[""]
[""]
[""]
[""]
[""]
[""]
[""]
[""]
[""]
[""]
[""]
[""]
[""]
[""]
[""]
[""]
[""]
[""]
[""]
[""]
[""]
[""]
[""]
[""]
[""]
[""]
[""]
[""]
[""]
[""]
[""]
[""]
[""]
[""]
[""]
[""]
[""]
[""]
[""]
[""]
[""]
[""]
[""]
[{"$f":"IF(AND(B4035<>\"\",B4036<>\"\"),A4035+1,\"\")","v":""}]
[""]
[""]
[""]
[""]
[""]
[""]
[""]
[""]
[""]
[""]
[""]
[""]
[""]
[""]
[""]
[""]
[""]
[""]
[""]
[""]
[""]
[""]
[""]
[""]
[""]
[""]
[""]
[""]
[""]
[""]
[""]
[""]
[""]
[""]
[""]
[""]
[""]
[""]
[""]
[""]
[""]
[""]
[""]
[""]
[""]
[""]
[""]
[""]
[""]
[""]
[""]
[""]
[""]
[""]
[""]
[""]
[""]
[""]
[""]
[""]
[""]
[""]
[""]
[{"$f":"IF(AND(B4099<>\"\",B4100<>\"\"),A4099+1,\"\")","v":""}]
[""]
[""]
[""]
[""]
[""]
[""]
[""]
[""]
[""]
[""]
[""]
[""]
[""]
[""]
[""]
[""]
[""]
[""]
[""]
[""]
[""]
[""]
[""]
[""]
[""]
[""]
[""]
[""]
[""]
[""]
[""]
[""]
[""]
[""]
[""]
[""]
[""]
[""]
[""]
[""]
[""]
[""]
[""]
[""]
[""]
[""]
[""]
[""]
[""]
[""]
[""]
[""]
[""]
[""]
[""]
[""]
[""]
[""]
[""]
[""]
[""]
[""]
[""]
[{"$f":"IF(AND(B4163<>\"\",B4164<>\"\"),A4163+1,\"\")","v":""}]
[""]
[""]
[""]
[""]
[""]
[""]
[""]
[""]
[""]
[""]
[""]
[""]
[""]
[""]
[""]
[""]
[""]
[""]
[""]
[""]
[""]
[""]
[""]
[""]
[""]
[""]
[""]
[""]
[""]
[""]
[""]
[""]
[""]
[""]
[""]
[""]
[""]
[""]
[""]
[""]
[""]
[""]
[""]
[""]
[""]
[""]
[""]
[""]
[""]
[""]
[""]
[""]
[""]
[""]
[""]
[""]
[""]
[""]
[""]
[""]
[""]
[""]
[""]
[{"$f":"IF(AND(B4227<>\"\",B4228<>\"\"),A4227+1,\"\")","v":""}]
[""]
[""]
[""]
[""]
[""]
[""]
[""]
[""]
[""]
[""]
[""]
[""]
[""]
[""]
[""]
[""]
[""]
[""]
[""]
[""]
[""]
[""]
[""]
[""]
[""]
[""]
[""]
[""]
[""]
[""]
[""]
[""]
[""]
[""]
[""]
[""]
[""]
[""]
[""]
[""]
[""]
[""]
[""]
[""]
[""]
[""]
[""]
[""]
[""]
[""]
[""]
[""]
[""]
[""]
[""]
[""]
[""]
[""]
[""]
[""]
[""]
[""]
[""]
[{"$f":"IF(AND(B4291<>\"\",B4292<>\"\"),A4291+1,\"\")","v":""}]
[""]
[""]
[""]
[""]
[""]
[""]
[""]
[""]
[""]
[""]
[""]
[""]
[""]
[""]
[""]
[""]
[""]
[""]
[""]
[""]
[""]
[""]
[""]
[""]
[""]
[""]
[""]
[""]
[""]
[""]
[""]
[""]
[""]
[""]
[""]
[""]
[""]
[""]
[""]
[""]
[""]
[""]
[""]
[""]
[""]
[""]
[""]
[""]
[""]
[""]
[""]
[""]
[""]
[""]
[""]
[""]
[""]
[""]
[""]
[""]
[""]
[""]
[""]
[{"$f":"IF(AND(B4355<>\"\",B4356<>\"\"),A4355+1,\"\")","v":""}]
[""]
[""]
[""]
[""]
[""]
[""]
[""]
[""]
[""]
[""]
[""]
[""]
[""]
[""]
[""]
[""]
[""]
[""]
[""]
[""]
[""]
[""]
[""]
[""]
[""]
[""]
[""]
[""]
[""]
[""]
[""]
[""]
[""]
[""]
[""]
[""]
[""]
[""]
[""]
[""]
[""]
[""]
[""]
[""]
[""]
[""]
[""]
[""]
[""]
[""]
[""]
[""]
[""]
[""]
[""]
[""]
[""]
[""]
[""]
[""]
[""]
[""]
[""]
[{"$f":"IF(AND(B4419<>\"\",B4420<>\"\"),A4419+1,\"\")","v":""}]
[""]
[""]
[""]
[""]
[""]
[""]
[""]
[""]
[""]
[""]
[""]
[""]
[""]
[""]
[""]
[""]
[""]
[""]
[""]
[""]
[""]
[""]
[""]
[""]
[""]
[""]
[""]
[""]
[""]
[""]
[""]
[""]
[""]
[""]
[""]
[""]
[""]
[""]
[""]
[""]
[""]
[""]
[""]
[""]
[""]
[""]
[""]
[""]
[""]
[""]
[""]
[""]
[""]
[""]
[""]
[""]
[""]
[""]
[""]
[""]
[""]
[""]
[""]
[{"$f":"IF(AND(B4483<>\"\",B4484<>\"\"),A4483+1,\"\")","v":""}]
[""]
[""]
[""]
[""]
[""]
[""]
[""]
[""]
[""]
[""]
[""]
[""]
[""]
[""]
[""]
[""]
[""]
[""]
[""]
[""]
[""]
[""]
[""]
[""]
[""]
[""]
[""]
[""]
[""]
[""]
[""]
[""]
[""]
[""]
[""]
[""]
[""]
[""]
[""]
[""]
[""]
[""]
[""]
[""]
[""]
[""]
[""]
[""]
[""]
[""]
[""]
[""]
[""]
[""]
[""]
[""]
[""]
[""]
[""]
[""]
[""]
[""]
[""]
[{"$f":"IF(AND(B4547<>\"\",B4548<>\"\"),A4547+1,\"\")","v":""}]
[""]
[""]
[""]
[""]
[""]
[""]
[""]
[""]
[""]
[""]
[""]
[""]
[""]
[""]
[""]
[""]
[""]
[""]
[""]
[""]
[""]
[""]
[""]
[""]
[""]
[""]
[""]
[""]
[""]
[""]
[""]
[""]
[""]
[""]
[""]
[""]
[""]
[""]
[""]
[""]
[""]
[""]
[""]
[""]
[""]
[""]
[""]
[""]
[""]
[""]
[""]
[""]
[""]
[""]
[""]
[""]
[""]
[""]
[""]
[""]
[""]
[""]
[""]
[{"$f":"IF(AND(B4611<>\"\",B4612<>\"\"),A4611+1,\"\")","v":""}]
[""]
[""]
[""]
[""]
[""]
[""]
[""]
[""]
[""]
[""]
[""]
[""]
[""]
[""]
[""]
[""]
[""]
[""]
[""]
[""]
[""]
[""]
[""]
[""]
[""]
[""]
[""]
[""]
[""]
[""]
[""]
[""]
[""]
[""]
[""]
[""]
[""]
[""]
[""]
[""]
[""]
[""]
[""]
[""]
[""]
[""]
[""]
[""]
[""]
[""]
[""]
[""]
[""]
[""]
[""]
[""]
[""]
[""]
[""]
[""]
[""]
[""]
[""]
[{"$f":"IF(AND(B4675<>\"\",B4676<>\"\"),A4675+1,\"\")","v":""}]
[""]
[""]
[""]
[""]
[""]
[""]
[""]
[""]
[""]
[""]
[""]
[""]
[""]
[""]
[""]
[""]
[""]
[""]
[""]
[""]
[""]
[""]
[""]
[""]
[""]
[""]
[""]
[""]
[""]
[""]
[""]
[""]
[""]
[""]
[""]
[""]
[""]
[""]
[""]
[""]
[""]
[""]
[""]
[""]
[""]
[""]
[""]
[""]
[""]
[""]
[""]
[""]
[""]
[""]
[""]
[""]
[""]
[""]
[""]
[""]
[""]
[""]
[""]
[{"$f":"IF(AND(B4739<>\"\",B4740<>\"\"),A4739+1,\"\")","v":""}]
[""]
[""]
[""]
[""]
[""]
[""]
[""]
[""]
[""]
[""]
[""]
[""]
[""]
[""]
[""]
[""]
[""]
[""]
[""]
[""]
[""]
[""]
[""]
[""]
[""]
[""]
[""]
[""]
[""]
[""]
[""]
[""]
[""]
[""]
[""]
[""]
[""]
[""]
[""]
[""]
[""]
[""]
[""]
[""]
[""]
[""]
[""]
[""]
[""]
[""]
[""]
[""]
[""]
[""]
[""]
[""]
[""]
[""]
[""]
[""]
[""]
[""]
[""]
[{"$f":"IF(AND(B4803<>\"\",B4804<>\"\"),A4803+1,\"\")","v":""}]
[""]
[""]
[""]
[""]
[""]
[""]
[""]
[""]
[""]
[""]
[""]
[""]
[""]
[""]
[""]
[""]
[""]
[""]
[""]
[""]
[""]
[""]
[""]
[""]
[""]
[""]
[""]
[""]
[""]
[""]
[""]
[""]
[""]
[""]
[""]
[""]
[""]
[""]
[""]
[""]
[""]
[""]
[""]
[""]
[""]
[""]
[""]
[""]
[""]
[""]
[""]
[""]
[""]
[""]
[""]
[""]
[""]
[""]
[""]
[""]
[""]
[""]
[""]
[{"$f":"IF(AND(B4867<>\"\",B4868<>\"\"),A4867+1,\"\")","v":""}]
[""]
[""]
[""]
[""]
[""]
[""]
[""]
[""]
[""]
[""]
[""]
[""]
[""]
[""]
[""]
[""]
[""]
[""]
[""]
[""]
[""]
[""]
[""]
[""]
[""]
[""]
[""]
[""]
[""]
[""]
[""]
[""]
[""]
[""]
[""]
[""]
[""]
[""]
[""]
[""]
[""]
[""]
[""]
[""]
[""]
[""]
[""]
[""]
[""]
[""]
[""]
[""]
[""]
[""]
[""]
[""]
[""]
[""]
[""]
[""]
[""]
[""]
[""]
[{"$f":"IF(AND(B4931<>\"\",B4932<>\"\"),A4931+1,\"\")","v":""}]
[""]
[""]
[""]
[""]
[""]
[""]
[""]
[""]
[""]
[""]
[""]
[""]
[""]
[""]
[""]
[""]
[""]
[""]
[""]
[""]
[""]
[""]
[""]
[""]
[""]
[""]
[""]
[""]
[""]
[""]
[""]
[""]
[""]
[""]
[""]
[""]
[""]
[""]
[""]
[""]
[""]
[""]
[""]
[""]
[""]
[""]
[""]
[""]
[""]
[""]
[""]
[""]
[""]
[""]
[""]
[""]
[""]
[""]
[""]
[""]
[""]
[""]
[""]
[{"$f":"IF(AND(B4995<>\"\",B4996<>\"\"),A4995+1,\"\")","v":""}]
[""]
[""]
[""]
[""]
[""]
[""]
[""]
[""]
[""]
[""]
[""]
[""]
[""]
[""]
[""]
[""]
[""]
[""]
[""]
[""]
[""]
[""]
[""]
[""]
[""]
[""]
[""]
[""]
[""]
[""]
[""]
[""]
[""]
[""]
[""]
[""]
[""]
[""]
[""]
[""]
[""]
[""]
[""]
[""]
[""]
[""]
[""]
[""]
[""]
[""]
[""]
[""]
[""]
[""]
[""]
[""]
[""]
[""]
[""]
[""]
[""]
[""]
[""]
[{"$f":"IF(AND(B5059<>\"\",B5060<>\"\"),A5059+1,\"\")","v":""}]
[""]
[""]
[""]
[""]
[""]
[""]
[""]
[""]
[""]
[""]
[""]
[""]
[""]
[""]
[""]
[""]
[""]
[""]
[""]
[""]
[""]
[""]
[""]
[""]
[""]
[""]
[""]
[""]
[""]
[""]
[""]
[""]
[""]
[""]
[""]
[""]
[""]
[""]
[""]
[""]
[""]
[""]
[""]
[""]
[""]
[""]
[""]
[""]
[""]
[""]
[""]
[""]
[""]
[""]
[""]
[""]
[""]
[""]
[""]
[""]
[""]
[""]
[""]
[{"$f":"IF(AND(B5123<>\"\",B5124<>\"\"),A5123+1,\"\")","v":""}]
[""]
[""]
[""]
[""]
[""]
[""]
[""]
[""]
[""]
[""]
[""]
[""]
[""]
[""]
[""]
[""]
[""]
[""]
[""]
[""]
[""]
[""]
[""]
[""]
[""]
[""]
[""]
[""]
[""]
[""]
[""]
[""]
[""]
[""]
[""]
[""]
[""]
[""]
[""]
[""]
[""]
[""]
[""]
[""]
[""]
[""]
[""]
[""]
[""]
[""]
[""]
[""]
[""]
[""]
[""]
[""]
[""]
[""]
[""]
[""]
[""]
[""]
[""]
[{"$f":"IF(AND(B5187<>\"\",B5188<>\"\"),A5187+1,\"\")","v":""}]
[""]
[""]
[""]
[""]
[""]
[""]
[""]
[""]
[""]
[""]
[""]
[""]
[""]
[""]
[""]
[""]
[""]
[""]
[""]
[""]
[""]
[""]
[""]
[""]
[""]
[""]
[""]
[""]
[""]
[""]
[""]
[""]
[""]
[""]
[""]
[""]
[""]
[""]
[""]
[""]
[""]
[""]
[""]
[""]
[""]
[""]
[""]
[""]
[""]
[""]
[""]
[""]
[""]
[""]
[""]
[""]
[""]
[""]
[""]
[""]
[""]
[""]
[""]
[{"$f":"IF(AND(B5251<>\"\",B5252<>\"\"),A5251+1,\"\")","v":""}]
[""]
[""]
[""]
[""]
[""]
[""]
[""]
[""]
[""]
[""]
[""]
[""]
[""]
[""]
[""]
[""]
[""]
[""]
[""]
[""]
[""]
[""]
[""]
[""]
[""]
[""]
[""]
[""]
[""]
[""]
[""]
[""]
[""]
[""]
[""]
[""]
[""]
[""]
[""]
[""]
[""]
[""]
[""]
[""]
[""]
[""]
[""]
[""]
[""]
[""]
[""]
[""]
[""]
[""]
[""]
[""]
[""]
[""]
[""]
[""]
[""]
[""]
[""]
[{"$f":"IF(AND(B5315<>\"\",B5316<>\"\"),A5315+1,\"\")","v":""}]
[""]
[""]
[""]
[""]
[""]
[""]
[""]
[""]
[""]
[""]
[""]
[""]
[""]
[""]
[""]
[""]
[""]
[""]
[""]
[""]
[""]
[""]
[""]
[""]
[""]
[""]
[""]
[""]
[""]
[""]
[""]
[""]
[""]
[""]
[""]
[""]
[""]
[""]
[""]
[""]
[""]
[""]
[""]
[""]
[""]
[""]
[""]
[""]
[""]
[""]
[""]
[""]
[""]
[""]
[""]
[""]
[""]
[""]
[""]
[""]
[""]
[""]
[""]
[{"$f":"IF(AND(B5379<>\"\",B5380<>\"\"),A5379+1,\"\")","v":""}]
[""]
[""]
[""]
[""]
[""]
[""]
[""]
[""]
[""]
[""]
[""]
[""]
[""]
[""]
[""]
[""]
[""]
[""]
[""]
[""]
[""]
[""]
[""]
[""]
[""]
[""]
[""]
[""]
[""]
[""]
[""]
[""]
[""]
[""]
[""]
[""]
[""]
[""]
[""]
[""]
[""]
[""]
[""]
[""]
[""]
[""]
[""]
[""]
[""]
[""]
[""]
[""]
[""]
[""]
[""]
[""]
[""]
[""]
[""]
[""]
[""]
[""]
[""]
[{"$f":"IF(AND(B5443<>\"\",B5444<>\"\"),A5443+1,\"\")","v":""}]
[""]
[""]
[""]
[""]
[""]
[""]
[""]
[""]
[""]
[""]
[""]
[""]
[""]
[""]
[""]
[""]
[""]
[""]
[""]
[""]
[""]
[""]
[""]
[""]
[""]
[""]
[""]
[""]
[""]
[""]
[""]
[""]
[""]
[""]
[""]
[""]
[""]
[""]
[""]
[""]
[""]
[""]
[""]
[""]
[""]
[""]
[""]
[""]
[""]
[""]
[""]
[""]
[""]
[""]
[""]
[""]
[""]
[""]
[""]
[""]
[""]
[""]
[""]
[{"$f":"IF(AND(B5507<>\"\",B5508<>\"\"),A5507+1,\"\")","v":""}]
[""]
[""]
[""]
[""]
[""]
[""]
[""]
[""]
[""]
[""]
[""]
[""]
[""]
[""]
[""]
[""]
[""]
[""]
[""]
[""]
[""]
[""]
[""]
[""]
[""]
[""]
[""]
[""]
[""]
[""]
[""]
[""]
[""]
[""]
[""]
[""]
[""]
[""]
[""]
[""]
[""]
[""]
[""]
[""]
[""]
[""]
[""]
[""]
[""]
[""]
[""]
[""]
[""]
[""]
[""]
[""]
[""]
[""]
[""]
[""]
[""]
[""]
[""]
[{"$f":"IF(AND(B5571<>\"\",B5572<>\"\"),A5571+1,\"\")","v":""}]
[""]
[""]
[""]
[""]
[""]
[""]
[""]
[""]
[""]
[""]
[""]
[""]
[""]
[""]
[""]
[""]
[""]
[""]
[""]
[""]
[""]
[""]
[""]
[""]
[""]
[""]
[""]
[""]
[""]
[""]
[""]
[""]
[""]
[""]
[""]
[""]
[""]
[""]
[""]
[""]
[""]
[""]
[""]
[""]
[""]
[""]
[""]
[""]
[""]
[""]
[""]
[""]
[""]
[""]
[""]
[""]
[""]
[""]
[""]
[""]
[""]
[""]
[""]
[{"$f":"IF(AND(B5635<>\"\",B5636<>\"\"),A5635+1,\"\")","v":""}]
[""]
[""]
[""]
[""]
[""]
[""]
[""]
[""]
[""]
[""]
[""]
[""]
[""]
[""]
[""]
[""]
[""]
[""]
[""]
[""]
[""]
[""]
[""]
[""]
[""]
[""]
[""]
[""]
[""]
[""]
[""]
[""]
[""]
[""]
[""]
[""]
[""]
[""]
[""]
[""]
[""]
[""]
[""]
[""]
[""]
[""]
[""]
[""]
[""]
[""]
[""]
[""]
[""]
[""]
[""]
[""]
[""]
[""]
[""]
[""]
[""]
[""]
[""]
[{"$f":"IF(AND(B5699<>\"\",B5700<>\"\"),A5699+1,\"\")","v":""}]
[""]
[""]
[""]
[""]
[""]
[""]
[""]
[""]
[""]
[""]
[""]
[""]
[""]
[""]
[""]
[""]
[""]
[""]
[""]
[""]
[""]
[""]
[""]
[""]
[""]
[""]
[""]
[""]
[""]
[""]
[""]
[""]
[""]
[""]
[""]
[""]
[""]
[""]
[""]
[""]
[""]
[""]
[""]
[""]
[""]
[""]
[""]
[""]
[""]
[""]
[""]
[""]
[""]
[""]
[""]
[""]
[""]
[""]
[""]
[""]
[""]
[""]
[""]
[{"$f":"IF(AND(B5763<>\"\",B5764<>\"\"),A5763+1,\"\")","v":""}]
[""]
[""]
[""]
[""]
[""]
[""]
[""]
[""]
[""]
[""]
[""]
[""]
[""]
[""]
[""]
[""]
[""]
[""]
[""]
[""]
[""]
[""]
[""]
[""]
[""]
[""]
[""]
[""]
[""]
[""]
[""]
[""]
[""]
[""]
[""]
[""]
[""]
[""]
[""]
[""]
[""]
[""]
[""]
[""]
[""]
[""]
[""]
[""]
[""]
[""]
[""]
[""]
[""]
[""]
[""]
[""]
[""]
[""]
[""]
[""]
[""]
[""]
[""]
[{"$f":"IF(AND(B5827<>\"\",B5828<>\"\"),A5827+1,\"\")","v":""}]
[""]
[""]
[""]
[""]
[""]
[""]
[""]
[""]
[""]
[""]
[""]
[""]
[""]
[""]
[""]
[""]
[""]
[""]
[""]
[""]
[""]
[""]
[""]
[""]
[""]
[""]
[""]
[""]
[""]
[""]
[""]
[""]
[""]
[""]
[""]
[""]
[""]
[""]
[""]
[""]
[""]
[""]
[""]
[""]
[""]
[""]
[""]
[""]
[""]
[""]
[""]
[""]
[""]
[""]
[""]
[""]
[""]
[""]
[""]
[""]
[""]
[""]
[""]
[{"$f":"IF(AND(B5891<>\"\",B5892<>\"\"),A5891+1,\"\")","v":""}]
[""]
[""]
[""]
[""]
[""]
[""]
[""]
[""]
[""]
[""]
[""]
[""]
[""]
[""]
[""]
[""]
[""]
[""]
[""]
[""]
[""]
[""]
[""]
[""]
[""]
[""]
[""]
[""]
[""]
[""]
[""]
[""]
[""]
[""]
[""]
[""]
[""]
[""]
[""]
[""]
[""]
[""]
[""]
[""]
[""]
[""]
[""]
[""]
[""]
[""]
[""]
[""]
[""]
[""]
[""]
[""]
[""]
[""]
[""]
[""]
[""]
[""]
[""]
[{"$f":"IF(AND(B5955<>\"\",B5956<>\"\"),A5955+1,\"\")","v":""}]
[""]
[""]
[""]
[""]
[""]
[""]
[""]
[""]
[""]
[""]
[""]
[""]
[""]
[""]
[""]
[""]
[""]
[""]
[""]
[""]
[""]
[""]
[""]
[""]
[""]
[""]
[""]
[""]
[""]
[""]
[""]
[""]
[""]
[""]
[""]
[""]
[""]
[""]
[""]
[""]
[""]
[""]
[""]
[""]
[""]
[""]
[""]
[""]
[""]
[""]
[""]
[""]
[""]
[""]
[""]
[""]
[""]
[""]
[""]
[""]
[""]
[""]
[""]
[{"$f":"IF(AND(B6019<>\"\",B6020<>\"\"),A6019+1,\"\")","v":""}]
[""]
[""]
[""]
[""]
[""]
[""]
[""]
[""]
[""]
[""]
[""]
[""]
[""]
[""]
[""]
[""]
[""]
[""]
[""]
[""]
[""]
[""]
[""]
[""]
[""]
[""]
[""]
[""]
[""]
[""]
[""]
[""]
[""]
[""]
[""]
[""]
[""]
[""]
[""]
[""]
[""]
[""]
[""]
[""]
[""]
[""]
[""]
[""]
[""]
[""]
[""]
[""]
[""]
[""]
[""]
[""]
[""]
[""]
[""]
[""]
[""]
[""]
[""]
[{"$f":"IF(AND(B6083<>\"\",B6084<>\"\"),A6083+1,\"\")","v":""}]
[""]
[""]
[""]
[""]
[""]
[""]
[""]
[""]
[""]
[""]
[""]
[""]
[""]
[""]
[""]
[""]
[""]
[""]
[""]
[""]
[""]
[""]
[""]
[""]
[""]
[""]
[""]
[""]
[""]
[""]
[""]
[""]
[""]
[""]
[""]
[""]
[""]
[""]
[""]
[""]
[""]
[""]
[""]
[""]
[""]
[""]
[""]
[""]
[""]
[""]
[""]
[""]
[""]
[""]
[""]
[""]
[""]
[""]
[""]
[""]
[""]
[""]
[""]
[{"$f":"IF(AND(B6147<>\"\",B6148<>\"\"),A6147+1,\"\")","v":""}]
[""]
[""]
[""]
[""]
[""]
[""]
[""]
[""]
[""]
[""]
[""]
[""]
[""]
[""]
[""]
[""]
[""]
[""]
[""]
[""]
[""]
[""]
[""]
[""]
[""]
[""]
[""]
[""]
[""]
[""]
[""]
[""]
[""]
[""]
[""]
[""]
[""]
[""]
[""]
[""]
[""]
[""]
[""]
[""]
[""]
[""]
[""]
[""]
[""]
[""]
[""]
[""]
[""]
[""]
[""]
[""]
[""]
[""]
[""]
[""]
[""]
[""]
[""]
[{"$f":"IF(AND(B6211<>\"\",B6212<>\"\"),A6211+1,\"\")","v":""}]
[""]
[""]
[""]
[""]
[""]
[""]
[""]
[""]
[""]
[""]
[""]
[""]
[""]
[""]
[""]
[""]
[""]
[""]
[""]
[""]
[""]
[""]
[""]
[""]
[""]
[""]
[""]
[""]
[""]
[""]
[""]
[""]
[""]
[""]
[""]
[""]
[""]
[""]
[""]
[""]
[""]
[""]
[""]
[""]
[""]
[""]
[""]
[""]
[""]
[""]
[""]
[""]
[""]
[""]
[""]
[""]
[""]
[""]
[""]
[""]
[""]
[""]
[""]
[{"$f":"IF(AND(B6275<>\"\",B6276<>\"\"),A6275+1,\"\")","v":""}]
[""]
[""]
[""]
[""]
[""]
[""]
[""]
[""]
[""]
[""]
[""]
[""]
[""]
[""]
[""]
[""]
[""]
[""]
[""]
[""]
[""]
[""]
[""]
[""]
[""]
[""]
[""]
[""]
[""]
[""]
[""]
[""]
[""]
[""]
[""]
[""]
[""]
[""]
[""]
[""]
[""]
[""]
[""]
[""]
[""]
[""]
[""]
[""]
[""]
[""]
[""]
[""]
[""]
[""]
[""]
[""]
[""]
[""]
[""]
[""]
[""]
[""]
[""]
[{"$f":"IF(AND(B6339<>\"\",B6340<>\"\"),A6339+1,\"\")","v":""}]
[""]
[""]
[""]
[""]
[""]
[""]
[""]
[""]
[""]
[""]
[""]
[""]
[""]
[""]
[""]
[""]
[""]
[""]
[""]
[""]
[""]
[""]
[""]
[""]
[""]
[""]
[""]
[""]
[""]
[""]
[""]
[""]
[""]
[""]
[""]
[""]
[""]
[""]
[""]
[""]
[""]
[""]
[""]
[""]
[""]
[""]
[""]
[""]
[""]
[""]
[""]
[""]
[""]
[""]
[""]
[""]
[""]
[""]
[""]
[""]
[""]
[""]
[""]
[{"$f":"IF(AND(B6403<>\"\",B6404<>\"\"),A6403+1,\"\")","v":""}]
[""]
[""]
[""]
[""]
[""]
[""]
[""]
[""]
[""]
[""]
[""]
[""]
[""]
[""]
[""]
[""]
[""]
[""]
[""]
[""]
[""]
[""]
[""]
[""]
[""]
[""]
[""]
[""]
[""]
[""]
[""]
[""]
[""]
[""]
[""]
[""]
[""]
[""]
[""]
[""]
[""]
[""]
[""]
[""]
[""]
[""]
[""]
[""]
[""]
[""]
[""]
[""]
[""]
[""]
[""]
[""]
[""]
[""]
[""]
[""]
[""]
[""]
[""]
[{"$f":"IF(AND(B6467<>\"\",B6468<>\"\"),A6467+1,\"\")","v":""}]
[""]
[""]
[""]
[""]
[""]
[""]
[""]
[""]
[""]
[""]
[""]
[""]
[""]
[""]
[""]
[""]
[""]
[""]
[""]
[""]
[""]
[""]
[""]
[""]
[""]
[""]
[""]
[""]
[""]
[""]
[""]
[""]
[""]
[""]
[""]
[""]
[""]
[""]
[""]
[""]
[""]
[""]
[""]
[""]
[""]
[""]
[""]
[""]
[""]
[""]
[""]
[""]
[""]
[""]
[""]
[""]
[""]
[""]
[""]
[""]
[""]
[""]
[""]
[{"$f":"IF(AND(B6531<>\"\",B6532<>\"\"),A6531+1,\"\")","v":""}]
[""]
[""]
[""]
[""]
[""]
[""]
[""]
[""]
[""]
[""]
[""]
[""]
[""]
[""]
[""]
[""]
[""]
[""]
[""]
[""]
[""]
[""]
[""]
[""]
[""]
[""]
[""]
[""]
[""]
[""]
[""]
[""]
[""]
[""]
[""]
[""]
[""]
[""]
[""]
[""]
[""]
[""]
[""]
[""]
[""]
[""]
[""]
[""]
[""]
[""]
[""]
[""]
[""]
[""]
[""]
[""]
[""]
[""]
[""]
[""]
[""]
[""]
[""]
[{"$f":"IF(AND(B6595<>\"\",B6596<>\"\"),A6595+1,\"\")","v":""}]
[""]
[""]
[""]
[""]
[""]
[""]
[""]
[""]
[""]
[""]
[""]
[""]
[""]
[""]
[""]
[""]
[""]
[""]
[""]
[""]
[""]
[""]
[""]
[""]
[""]
[""]
[""]
[""]
[""]
[""]
[""]
[""]
[""]
[""]
[""]
[""]
[""]
[""]
[""]
[""]
[""]
[""]
[""]
[""]
[""]
[""]
[""]
[""]
[""]
[""]
[""]
[""]
[""]
[""]
[""]
[""]
[""]
[""]
[""]
[""]
[""]
[""]
[""]
[{"$f":"IF(AND(B6659<>\"\",B6660<>\"\"),A6659+1,\"\")","v":""}]
[""]
[""]
[""]
[""]
[""]
[""]
[""]
[""]
[""]
[""]
[""]
[""]
[""]
[""]
[""]
[""]
[""]
[""]
[""]
[""]
[""]
[""]
[""]
[""]
[""]
[""]
[""]
[""]
[""]
[""]
[""]
[""]
[""]
[""]
[""]
[""]
[""]
[""]
[""]
[""]
[""]
[""]
[""]
[""]
[""]
[""]
[""]
[""]
[""]
[""]
[""]
[""]
[""]
[""]
[""]
[""]
[""]
[""]
[""]
[""]
[""]
[""]
[""]
[{"$f":"IF(AND(B6723<>\"\",B6724<>\"\"),A6723+1,\"\")","v":""}]
[""]
[""]
[""]
[""]
[""]
[""]
[""]
[""]
[""]
[""]
[""]
[""]
[""]
[""]
[""]
[""]
[""]
[""]
[""]
[""]
[""]
[""]
[""]
[""]
[""]
[""]
[""]
[""]
[""]
[""]
[""]
[""]
[""]
[""]
[""]
[""]
[""]
[""]
[""]
[""]
[""]
[""]
[""]
[""]
[""]
[""]
[""]
[""]
[""]
[""]
[""]
[""]
[""]
[""]
[""]
[""]
[""]
[""]
[""]
[""]
[""]
[""]
[""]
[{"$f":"IF(AND(B6787<>\"\",B6788<>\"\"),A6787+1,\"\")","v":""}]
[""]
[""]
[""]
[""]
[""]
[""]
[""]
[""]
[""]
[""]
[""]
[""]
[""]
[""]
[""]
[""]
[""]
[""]
[""]
[""]
[""]
[""]
[""]
[""]
[""]
[""]
[""]
[""]
[""]
[""]
[""]
[""]
[""]
[""]
[""]
[""]
[""]
[""]
[""]
[""]
[""]
[""]
[""]
[""]
[""]
[""]
[""]
[""]
[""]
[""]
[""]
[""]
[""]
[""]
[""]
[""]
[""]
[""]
[""]
[""]
[""]
[""]
[""]
[{"$f":"IF(AND(B6851<>\"\",B6852<>\"\"),A6851+1,\"\")","v":""}]
[""]
[""]
[""]
[""]
[""]
[""]
[""]
[""]
[""]
[""]
[""]
[""]
[""]
[""]
[""]
[""]
[""]
[""]
[""]
[""]
[""]
[""]
[""]
[""]
[""]
[""]
[""]
[""]
[""]
[""]
[""]
[""]
[""]
[""]
[""]
[""]
[""]
[""]
[""]
[""]
[""]
[""]
[""]
[""]
[""]
[""]
[""]
[""]
[""]
[""]
[""]
[""]
[""]
[""]
[""]
[""]
[""]
[""]
[""]
[""]
[""]
[""]
[""]
[{"$f":"IF(AND(B6915<>\"\",B6916<>\"\"),A6915+1,\"\")","v":""}]
[""]
[""]
[""]
[""]
[""]
[""]
[""]
[""]
[""]
[""]
[""]
[""]
[""]
[""]
[""]
[""]
[""]
[""]
[""]
[""]
[""]
[""]
[""]
[""]
[""]
[""]
[""]
[""]
[""]
[""]
[""]
[""]
[""]
[""]
[""]
[""]
[""]
[""]
[""]
[""]
[""]
[""]
[""]
[""]
[""]
[""]
[""]
[""]
[""]
[""]
[""]
[""]
[""]
[""]
[""]
[""]
[""]
[""]
[""]
[""]
[""]
[""]
[""]
[{"$f":"IF(AND(B6979<>\"\",B6980<>\"\"),A6979+1,\"\")","v":""}]
[""]
[""]
[""]
[""]
[""]
[""]
[""]
[""]
[""]
[""]
[""]
[""]
[""]
[""]
[""]
[""]
[""]
[""]
[""]
[""]
[""]
[""]
[""]
[""]
[""]
[""]
[""]
[""]
[""]
[""]
[""]
[""]
[""]
[""]
[""]
[""]
[""]
[""]
[""]
[""]
[""]
[""]
[""]
[""]
[""]
[""]
[""]
[""]
[""]
[""]
[""]
[""]
[""]
[""]
[""]
[""]
[""]
[""]
[""]
[""]
[""]
[""]
[""]
[{"$f":"IF(AND(B7043<>\"\",B7044<>\"\"),A7043+1,\"\")","v":""}]
[""]
[""]
[""]
[""]
[""]
[""]
[""]
[""]
[""]
[""]
[""]
[""]
[""]
[""]
[""]
[""]
[""]
[""]
[""]
[""]
[""]
[""]
[""]
[""]
[""]
[""]
[""]
[""]
[""]
[""]
[""]
[""]
[""]
[""]
[""]
[""]
[""]
[""]
[""]
[""]
[""]
[""]
[""]
[""]
[""]
[""]
[""]
[""]
[""]
[""]
[""]
[""]
[""]
[""]
[""]
[""]
[""]
[""]
[""]
[""]
[""]
[""]
[""]
[{"$f":"IF(AND(B7107<>\"\",B7108<>\"\"),A7107+1,\"\")","v":""}]
[""]
[""]
[""]
[""]
[""]
[""]
[""]
[""]
[""]
[""]
[""]
[""]
[""]
[""]
[""]
[""]
[""]
[""]
[""]
[""]
[""]
[""]
[""]
[""]
[""]
[""]
[""]
[""]
[""]
[""]
[""]
[""]
[""]
[""]
[""]
[""]
[""]
[""]
[""]
[""]
[""]
[""]
[""]
[""]
[""]
[""]
[""]
[""]
[""]
[""]
[""]
[""]
[""]
[""]
[""]
[""]
[""]
[""]
[""]
[""]
[""]
[""]
[""]
[{"$f":"IF(AND(B7171<>\"\",B7172<>\"\"),A7171+1,\"\")","v":""}]
[""]
[""]
[""]
[""]
[""]
[""]
[""]
[""]
[""]
[""]
[""]
[""]
[""]
[""]
[""]
[""]
[""]
[""]
[""]
[""]
[""]
[""]
[""]
[""]
[""]
[""]
[""]
[""]
[""]
[""]
[""]
[""]
[""]
[""]
[""]
[""]
[""]
[""]
[""]
[""]
[""]
[""]
[""]
[""]
[""]
[""]
[""]
[""]
[""]
[""]
[""]
[""]
[""]
[""]
[""]
[""]
[""]
[""]
[""]
[""]
[""]
[""]
[""]
[{"$f":"IF(AND(B7235<>\"\",B7236<>\"\"),A7235+1,\"\")","v":""}]
[""]
[""]
[""]
[""]
[""]
[""]
[""]
[""]
[""]
[""]
[""]
[""]
[""]
[""]
[""]
[""]
[""]
[""]
[""]
[""]
[""]
[""]
[""]
[""]
[""]
[""]
[""]
[""]
[""]
[""]
[""]
[""]
[""]
[""]
[""]
[""]
[""]
[""]
[""]
[""]
[""]
[""]
[""]
[""]
[""]
[""]
[""]
[""]
[""]
[""]
[""]
[""]
[""]
[""]
[""]
[""]
[""]
[""]
[""]
[""]
[""]
[""]
[""]
[{"$f":"IF(AND(B7299<>\"\",B7300<>\"\"),A7299+1,\"\")","v":""}]
[""]
[""]
[""]
[""]
[""]
[""]
[""]
[""]
[""]
[""]
[""]
[""]
[""]
[""]
[""]
[""]
[""]
[""]
[""]
[""]
[""]
[""]
[""]
[""]
[""]
[""]
[""]
[""]
[""]
[""]
[""]
[""]
[""]
[""]
[""]
[""]
[""]
[""]
[""]
[""]
[""]
[""]
[""]
[""]
[""]
[""]
[""]
[""]
[""]
[""]
[""]
[""]
[""]
[""]
[""]
[""]
[""]
[""]
[""]
[""]
[""]
[""]
[""]
[{"$f":"IF(AND(B7363<>\"\",B7364<>\"\"),A7363+1,\"\")","v":""}]
[""]
[""]
[""]
[""]
[""]
[""]
[""]
[""]
[""]
[""]
[""]
[""]
[""]
[""]
[""]
[""]
[""]
[""]
[""]
[""]
[""]
[""]
[""]
[""]
[""]
[""]
[""]
[""]
[""]
[""]
[""]
[""]
[""]
[""]
[""]
[""]
[""]
[""]
[""]
[""]
[""]
[""]
[""]
[""]
[""]
[""]
[""]
[""]
[""]
[""]
[""]
[""]
[""]
[""]
[""]
[""]
[""]
[""]
[""]
[""]
[""]
[""]
[""]
[{"$f":"IF(AND(B7427<>\"\",B7428<>\"\"),A7427+1,\"\")","v":""}]
[""]
[""]
[""]
[""]
[""]
[""]
[""]
[""]
[""]
[""]
[""]
[""]
[""]
[""]
[""]
[""]
[""]
[""]
[""]
[""]
[""]
[""]
[""]
[""]
[""]
[""]
[""]
[""]
[""]
[""]
[""]
[""]
[""]
[""]
[""]
[""]
[""]
[""]
[""]
[""]
[""]
[""]
[""]
[""]
[""]
[""]
[""]
[""]
[""]
[""]
[""]
[""]
[""]
[""]
[""]
[""]
[""]
[""]
[""]
[""]
[""]
[""]
[""]
[{"$f":"IF(AND(B7491<>\"\",B7492<>\"\"),A7491+1,\"\")","v":""}]
[""]
[""]
[""]
[""]
[""]
[""]
[""]
[""]
[""]
[""]
[""]
[""]
[""]
[""]
[""]
[""]
[""]
[""]
[""]
[""]
[""]
[""]
[""]
[""]
[""]
[""]
[""]
[""]
[""]
[""]
[""]
[""]
[""]
[""]
[""]
[""]
[""]
[""]
[""]
[""]
[""]
[""]
[""]
[""]
[""]
[""]
[""]
[""]
[""]
[""]
[""]
[""]
[""]
[""]
[""]
[""]
[""]
[""]
[""]
[""]
[""]
[""]
[""]
[{"$f":"IF(AND(B7555<>\"\",B7556<>\"\"),A7555+1,\"\")","v":""}]
[""]
[""]
[""]
[""]
[""]
[""]
[""]
[""]
[""]
[""]
[""]
[""]
[""]
[""]
[""]
[""]
[""]
[""]
[""]
[""]
[""]
[""]
[""]
[""]
[""]
[""]
[""]
[""]
[""]
[""]
[""]
[""]
[""]
[""]
[""]
[""]
[""]
[""]
[""]
[""]
[""]
[""]
[""]
[""]
[""]
[""]
[""]
[""]
[""]
[""]
[""]
[""]
[""]
[""]
[""]
[""]
[""]
[""]
[""]
[""]
[""]
[""]
[""]
[{"$f":"IF(AND(B7619<>\"\",B7620<>\"\"),A7619+1,\"\")","v":""}]
[""]
[""]
[""]
[""]
[""]
[""]
[""]
[""]
[""]
[""]
[""]
[""]
[""]
[""]
[""]
[""]
[""]
[""]
[""]
[""]
[""]
[""]
[""]
[""]
[""]
[""]
[""]
[""]
[""]
[""]
[""]
[""]
[""]
[""]
[""]
[""]
[""]
[""]
[""]
[""]
[""]
[""]
[""]
[""]
[""]
[""]
[""]
[""]
[""]
[""]
[""]
[""]
[""]
[""]
[""]
[""]
[""]
[""]
[""]
[""]
[""]
[""]
[""]
[{"$f":"IF(AND(B7683<>\"\",B7684<>\"\"),A7683+1,\"\")","v":""}]
[""]
[""]
[""]
[""]
[""]
[""]
[""]
[""]
[""]
[""]
[""]
[""]
[""]
[""]
[""]
[""]
[""]
[""]
[""]
[""]
[""]
[""]
[""]
[""]
[""]
[""]
[""]
[""]
[""]
[""]
[""]
[""]
[""]
[""]
[""]
[""]
[""]
[""]
[""]
[""]
[""]
[""]
[""]
[""]
[""]
[""]
[""]
[""]
[""]
[""]
[""]
[""]
[""]
[""]
[""]
[""]
[""]
[""]
[""]
[""]
[""]
[""]
[""]
[{"$f":"IF(AND(B7747<>\"\",B7748<>\"\"),A7747+1,\"\")","v":""}]
[""]
[""]
[""]
[""]
[""]
[""]
[""]
[""]
[""]
[""]
[""]
[""]
[""]
[""]
[""]
[""]
[""]
[""]
[""]
[""]
[""]
[""]
[""]
[""]
[""]
[""]
[""]
[""]
[""]
[""]
[""]
[""]
[""]
[""]
[""]
[""]
[""]
[""]
[""]
[""]
[""]
[""]
[""]
[""]
[""]
[""]
[""]
[""]
[""]
[""]
[""]
[""]
[""]
[""]
[""]
[""]
[""]
[""]
[""]
[""]
[""]
[""]
[""]
[{"$f":"IF(AND(B7811<>\"\",B7812<>\"\"),A7811+1,\"\")","v":""}]
[""]
[""]
[""]
[""]
[""]
[""]
[""]
[""]
[""]
[""]
[""]
[""]
[""]
[""]
[""]
[""]
[""]
[""]
[""]
[""]
[""]
[""]
[""]
[""]
[""]
[""]
[""]
[""]
[""]
[""]
[""]
[""]
[""]
[""]
[""]
[""]
[""]
[""]
[""]
[""]
[""]
[""]
[""]
[""]
[""]
[""]
[""]
[""]
[""]
[""]
[""]
[""]
[""]
[""]
[""]
[""]
[""]
[""]
[""]
[""]
[""]
[""]
[""]
[{"$f":"IF(AND(B7875<>\"\",B7876<>\"\"),A7875+1,\"\")","v":""}]
[""]
[""]
[""]
[""]
[""]
[""]
[""]
[""]
[""]
[""]
[""]
[""]
[""]
[""]
[""]
[""]
[""]
[""]
[""]
[""]
[""]
[""]
[""]
[""]
[""]
[""]
[""]
[""]
[""]
[""]
[""]
[""]
[""]
[""]
[""]
[""]
[""]
[""]
[""]
[""]
[""]
[""]
[""]
[""]
[""]
[""]
[""]
[""]
[""]
[""]
[""]
[""]
[""]
[""]
[""]
[""]
[""]
[""]
[""]
[""]
[""]
[""]
[""]
[{"$f":"IF(AND(B7939<>\"\",B7940<>\"\"),A7939+1,\"\")","v":""}]
[""]
[""]
[""]
[""]
[""]
[""]
[""]
[""]
[""]
[""]
[""]
[""]
[""]
[""]
[""]
[""]
[""]
[""]
[""]
[""]
[""]
[""]
[""]
[""]
[""]
[""]
[""]
[""]
[""]
[""]
[""]
[""]
[""]
[""]
[""]
[""]
[""]
[""]
[""]
[""]
[""]
[""]
[""]
[""]
[""]
[""]
[""]
[""]
[""]
[""]
[""]
[""]
[""]
[""]
[""]
[""]
[""]
[""]
[""]
[""]
[""]
[""]
[""]
[{"$f":"IF(AND(B8003<>\"\",B8004<>\"\"),A8003+1,\"\")","v":""}]
[""]
[""]
[""]
[""]
[""]
[""]
[""]
[""]
[""]
[""]
[""]
[""]
[""]
[""]
[""]
[""]
[""]
[""]
[""]
[""]
[""]
[""]
[""]
[""]
[""]
[""]
[""]
[""]
[""]
[""]
[""]
[""]
[""]
[""]
[""]
[""]
[""]
[""]
[""]
[""]
[""]
[""]
[""]
[""]
[""]
[""]
[""]
[""]
[""]
[""]
[""]
[""]
[""]
[""]
[""]
[""]
[""]
[""]
[""]
[""]
[""]
[""]
[""]
[{"$f":"IF(AND(B8067<>\"\",B8068<>\"\"),A8067+1,\"\")","v":""}]
[""]
[""]
[""]
[""]
[""]
[""]
[""]
[""]
[""]
[""]
[""]
[""]
[""]
[""]
[""]
[""]
[""]
[""]
[""]
[""]
[""]
[""]
[""]
[""]
[""]
[""]
[""]
[""]
[""]
[""]
[""]
[""]
[""]
[""]
[""]
[""]
[""]
[""]
[""]
[""]
[""]
[""]
[""]
[""]
[""]
[""]
[""]
[""]
[""]
[""]
[""]
[""]
[""]
[""]
[""]
[""]
[""]
[""]
[""]
[""]
[""]
[""]
[""]
[{"$f":"IF(AND(B8131<>\"\",B8132<>\"\"),A8131+1,\"\")","v":""}]
[""]
[""]
[""]
[""]
[""]
[""]
[""]
[""]
[""]
[""]
[""]
[""]
[""]
[""]
[""]
[""]
[""]
[""]
[""]
[""]
[""]
[""]
[""]
[""]
[""]
[""]
[""]
[""]
[""]
[""]
[""]
[""]
[""]
[""]
[""]
[""]
[""]
[""]
[""]
[""]
[""]
[""]
[""]
[""]
[""]
[""]
[""]
[""]
[""]
[""]
[""]
[""]
[""]
[""]
[""]
[""]
[""]
[""]
[""]
[""]
[""]
[""]
[""]
[{"$f":"IF(AND(B8195<>\"\",B8196<>\"\"),A8195+1,\"\")","v":""}]
[""]
[""]
[""]
[""]
[""]
[""]
[""]
[""]
[""]
[""]
[""]
[""]
[""]
[""]
[""]
[""]
[""]
[""]
[""]
[""]
[""]
[""]
[""]
[""]
[""]
[""]
[""]
[""]
[""]
[""]
[""]
[""]
[""]
[""]
[""]
[""]
[""]
[""]
[""]
[""]
[""]
[""]
[""]
[""]
[""]
[""]
[""]
[""]
[""]
[""]
[""]
[""]
[""]
[""]
[""]
[""]
[""]
[""]
[""]
[""]
[""]
[""]
[""]
[{"$f":"IF(AND(B8259<>\"\",B8260<>\"\"),A8259+1,\"\")","v":""}]
[""]
[""]
[""]
[""]
[""]
[""]
[""]
[""]
[""]
[""]
[""]
[""]
[""]
[""]
[""]
[""]
[""]
[""]
[""]
[""]
[""]
[""]
[""]
[""]
[""]
[""]
[""]
[""]
[""]
[""]
[""]
[""]
[""]
[""]
[""]
[""]
[""]
[""]
[""]
[""]
[""]
[""]
[""]
[""]
[""]
[""]
[""]
[""]
[""]
[""]
[""]
[""]
[""]
[""]
[""]
[""]
[""]
[""]
[""]
[""]
[""]
[""]
[""]
[{"$f":"IF(AND(B8323<>\"\",B8324<>\"\"),A8323+1,\"\")","v":""}]
[""]
[""]
[""]
[""]
[""]
[""]
[""]
[""]
[""]
[""]
[""]
[""]
[""]
[""]
[""]
[""]
[""]
[""]
[""]
[""]
[""]
[""]
[""]
[""]
[""]
[""]
[""]
[""]
[""]
[""]
[""]
[""]
[""]
[""]
[""]
[""]
[""]
[""]
[""]
[""]
[""]
[""]
[""]
[""]
[""]
[""]
[""]
[""]
[""]
[""]
[""]
[""]
[""]
[""]
[""]
[""]
[""]
[""]
[""]
[""]
[""]
[""]
[""]
[{"$f":"IF(AND(B8387<>\"\",B8388<>\"\"),A8387+1,\"\")","v":""}]
[""]
[""]
[""]
[""]
[""]
[""]
[""]
[""]
[""]
[""]
[""]
[""]
[""]
[""]
[""]
[""]
[""]
[""]
[""]
[""]
[""]
[""]
[""]
[""]
[""]
[""]
[""]
[""]
[""]
[""]
[""]
[""]
[""]
[""]
[""]
[""]
[""]
[""]
[""]
[""]
[""]
[""]
[""]
[""]
[""]
[""]
[""]
[""]
[""]
[""]
[""]
[""]
[""]
[""]
[""]
[""]
[""]
[""]
[""]
[""]
[""]
[""]
[""]
[{"$f":"IF(AND(B8451<>\"\",B8452<>\"\"),A8451+1,\"\")","v":""}]
[""]
[""]
[""]
[""]
[""]
[""]
[""]
[""]
[""]
[""]
[""]
[""]
[""]
[""]
[""]
[""]
[""]
[""]
[""]
[""]
[""]
[""]
[""]
[""]
[""]
[""]
[""]
[""]
[""]
[""]
[""]
[""]
[""]
[""]
[""]
[""]
[""]
[""]
[""]
[""]
[""]
[""]
[""]
[""]
[""]
[""]
[""]
[""]
[""]
[""]
[""]
[""]
[""]
[""]
[""]
[""]
[""]
[""]
[""]
[""]
[""]
[""]
[""]
[{"$f":"IF(AND(B8515<>\"\",B8516<>\"\"),A8515+1,\"\")","v":""}]
[""]
[""]
[""]
[""]
[""]
[""]
[""]
[""]
[""]
[""]
[""]
[""]
[""]
[""]
[""]
[""]
[""]
[""]
[""]
[""]
[""]
[""]
[""]
[""]
[""]
[""]
[""]
[""]
[""]
[""]
[""]
[""]
[""]
[""]
[""]
[""]
[""]
[""]
[""]
[""]
[""]
[""]
[""]
[""]
[""]
[""]
[""]
[""]
[""]
[""]
[""]
[""]
[""]
[""]
[""]
[""]
[""]
[""]
[""]
[""]
[""]
[""]
[""]
[{"$f":"IF(AND(B8579<>\"\",B8580<>\"\"),A8579+1,\"\")","v":""}]
[""]
[""]
[""]
[""]
[""]
[""]
[""]
[""]
[""]
[""]
[""]
[""]
[""]
[""]
[""]
[""]
[""]
[""]
[""]
[""]
[""]
[""]
[""]
[""]
[""]
[""]
[""]
[""]
[""]
[""]
[""]
[""]
[""]
[""]
[""]
[""]
[""]
[""]
[""]
[""]
[""]
[""]
[""]
[""]
[""]
[""]
[""]
[""]
[""]
[""]
[""]
[""]
[""]
[""]
[""]
[""]
[""]
[""]
[""]
[""]
[""]
[""]
[""]
[{"$f":"IF(AND(B8643<>\"\",B8644<>\"\"),A8643+1,\"\")","v":""}]
[""]
[""]
[""]
[""]
[""]
[""]
[""]
[""]
[""]
[""]
[""]
[""]
[""]
[""]
[""]
[""]
[""]
[""]
[""]
[""]
[""]
[""]
[""]
[""]
[""]
[""]
[""]
[""]
[""]
[""]
[""]
[""]
[""]
[""]
[""]
[""]
[""]
[""]
[""]
[""]
[""]
[""]
[""]
[""]
[""]
[""]
[""]
[""]
[""]
[""]
[""]
[""]
[""]
[""]
[""]
[""]
[""]
[""]
[""]
[""]
[""]
[""]
[""]
[{"$f":"IF(AND(B8707<>\"\",B8708<>\"\"),A8707+1,\"\")","v":""}]
[""]
[""]
[""]
[""]
[""]
[""]
[""]
[""]
[""]
[""]
[""]
[""]
[""]
[""]
[""]
[""]
[""]
[""]
[""]
[""]
[""]
[""]
[""]
[""]
[""]
[""]
[""]
[""]
[""]
[""]
[""]
[""]
[""]
[""]
[""]
[""]
[""]
[""]
[""]
[""]
[""]
[""]
[""]
[""]
[""]
[""]
[""]
[""]
[""]
[""]
[""]
[""]
[""]
[""]
[""]
[""]
[""]
[""]
[""]
[""]
[""]
[""]
[""]
[{"$f":"IF(AND(B8771<>\"\",B8772<>\"\"),A8771+1,\"\")","v":""}]
[""]
[""]
[""]
[""]
[""]
[""]
[""]
[""]
[""]
[""]
[""]
[""]
[""]
[""]
[""]
[""]
[""]
[""]
[""]
[""]
[""]
[""]
[""]
[""]
[""]
[""]
[""]
[""]
[""]
[""]
[""]
[""]
[""]
[""]
[""]
[""]
[""]
[""]
[""]
[""]
[""]
[""]
[""]
[""]
[""]
[""]
[""]
[""]
[""]
[""]
[""]
[""]
[""]
[""]
[""]
[""]
[""]
[""]
[""]
[""]
[""]
[""]
[""]
[{"$f":"IF(AND(B8835<>\"\",B8836<>\"\"),A8835+1,\"\")","v":""}]
[""]
[""]
[""]
[""]
[""]
[""]
[""]
[""]
[""]
[""]
[""]
[""]
[""]
[""]
[""]
[""]
[""]
[""]
[""]
[""]
[""]
[""]
[""]
[""]
[""]
[""]
[""]
[""]
[""]
[""]
[""]
[""]
[""]
[""]
[""]
[""]
[""]
[""]
[""]
[""]
[""]
[""]
[""]
[""]
[""]
[""]
[""]
[""]
[""]
[""]
[""]
[""]
[""]
[""]
[""]
[""]
[""]
[""]
[""]
[""]
[""]
[""]
[""]
[{"$f":"IF(AND(B8899<>\"\",B8900<>\"\"),A8899+1,\"\")","v":""}]
[""]
[""]
[""]
[""]
[""]
[""]
[""]
[""]
[""]
[""]
[""]
[""]
[""]
[""]
[""]
[""]
[""]
[""]
[""]
[""]
[""]
[""]
[""]
[""]
[""]
[""]
[""]
[""]
[""]
[""]
[""]
[""]
[""]
[""]
[""]
[""]
[""]
[""]
[""]
[""]
[""]
[""]
[""]
[""]
[""]
[""]
[""]
[""]
[""]
[""]
[""]
[""]
[""]
[""]
[""]
[""]
[""]
[""]
[""]
[""]
[""]
[""]
[""]
[{"$f":"IF(AND(B8963<>\"\",B8964<>\"\"),A8963+1,\"\")","v":""}]
[""]
[""]
[""]
[""]
[""]
[""]
[""]
[""]
[""]
[""]
[""]
[""]
[""]
[""]
[""]
[""]
[""]
[""]
[""]
[""]
[""]
[""]
[""]
[""]
[""]
[""]
[""]
[""]
[""]
[""]
[""]
[""]
[""]
[""]
[""]
[""]
[""]
[""]
[""]
[""]
[""]
[""]
[""]
[""]
[""]
[""]
[""]
[""]
[""]
[""]
[""]
[""]
[""]
[""]
[""]
[""]
[""]
[""]
[""]
[""]
[""]
[""]
[""]
[{"$f":"IF(AND(B9027<>\"\",B9028<>\"\"),A9027+1,\"\")","v":""}]
[""]
[""]
[""]
[""]
[""]
[""]
[""]
[""]
[""]
[""]
[""]
[""]
[""]
[""]
[""]
[""]
[""]
[""]
[""]
[""]
[""]
[""]
[""]
[""]
[""]
[""]
[""]
[""]
[""]
[""]
[""]
[""]
[""]
[""]
[""]
[""]
[""]
[""]
[""]
[""]
[""]
[""]
[""]
[""]
[""]
[""]
[""]
[""]
[""]
[""]
[""]
[""]
[""]
[""]
[""]
[""]
[""]
[""]
[""]
[""]
[""]
[""]
[""]
[{"$f":"IF(AND(B9091<>\"\",B9092<>\"\"),A9091+1,\"\")","v":""}]
[""]
[""]
[""]
[""]
[""]
[""]
[""]
[""]
[""]
[""]
[""]
[""]
[""]
[""]
[""]
[""]
[""]
[""]
[""]
[""]
[""]
[""]
[""]
[""]
[""]
[""]
[""]
[""]
[""]
[""]
[""]
[""]
[""]
[""]
[""]
[""]
[""]
[""]
[""]
[""]
[""]
[""]
[""]
[""]
[""]
[""]
[""]
[""]
[""]
[""]
[""]
[""]
[""]
[""]
[""]
[""]
[""]
[""]
[""]
[""]
[""]
[""]
[""]
[{"$f":"IF(AND(B9155<>\"\",B9156<>\"\"),A9155+1,\"\")","v":""}]
[""]
[""]
[""]
[""]
[""]
[""]
[""]
[""]
[""]
[""]
[""]
[""]
[""]
[""]
[""]
[""]
[""]
[""]
[""]
[""]
[""]
[""]
[""]
[""]
[""]
[""]
[""]
[""]
[""]
[""]
[""]
[""]
[""]
[""]
[""]
[""]
[""]
[""]
[""]
[""]
[""]
[""]
[""]
[""]
[""]
[""]
[""]
[""]
[""]
[""]
[""]
[""]
[""]
[""]
[""]
[""]
[""]
[""]
[""]
[""]
[""]
[""]
[""]
[{"$f":"IF(AND(B9219<>\"\",B9220<>\"\"),A9219+1,\"\")","v":""}]
[""]
[""]
[""]
[""]
[""]
[""]
[""]
[""]
[""]
[""]
[""]
[""]
[""]
[""]
[""]
[""]
[""]
[""]
[""]
[""]
[""]
[""]
[""]
[""]
[""]
[""]
[""]
[""]
[""]
[""]
[""]
[""]
[""]
[""]
[""]
[""]
[""]
[""]
[""]
[""]
[""]
[""]
[""]
[""]
[""]
[""]
[""]
[""]
[""]
[""]
[""]
[""]
[""]
[""]
[""]
[""]
[""]
[""]
[""]
[""]
[""]
[""]
[""]
[{"$f":"IF(AND(B9283<>\"\",B9284<>\"\"),A9283+1,\"\")","v":""}]
[""]
[""]
[""]
[""]
[""]
[""]
[""]
[""]
[""]
[""]
[""]
[""]
[""]
[""]
[""]
[""]
[""]
[""]
[""]
[""]
[""]
[""]
[""]
[""]
[""]
[""]
[""]
[""]
[""]
[""]
[""]
[""]
[""]
[""]
[""]
[""]
[""]
[""]
[""]
[""]
[""]
[""]
[""]
[""]
[""]
[""]
[""]
[""]
[""]
[""]
[""]
[""]
[""]
[""]
[""]
[""]
[""]
[""]
[""]
[""]
[""]
[""]
[""]
[{"$f":"IF(AND(B9347<>\"\",B9348<>\"\"),A9347+1,\"\")","v":""}]
[""]
[""]
[""]
[""]
[""]
[""]
[""]
[""]
[""]
[""]
[""]
[""]
[""]
[""]
[""]
[""]
[""]
[""]
[""]
[""]
[""]
[""]
[""]
[""]
[""]
[""]
[""]
[""]
[""]
[""]
[""]
[""]
[""]
[""]
[""]
[""]
[""]
[""]
[""]
[""]
[""]
[""]
[""]
[""]
[""]
[""]
[""]
[""]
[""]
[""]
[""]
[""]
[""]
[""]
[""]
[""]
[""]
[""]
[""]
[""]
[""]
[""]
[""]
[{"$f":"IF(AND(B9411<>\"\",B9412<>\"\"),A9411+1,\"\")","v":""}]
[""]
[""]
[""]
[""]
[""]
[""]
[""]
[""]
[""]
[""]
[""]
[""]
[""]
[""]
[""]
[""]
[""]
[""]
[""]
[""]
[""]
[""]
[""]
[""]
[""]
[""]
[""]
[""]
[""]
[""]
[""]
[""]
[""]
[""]
[""]
[""]
[""]
[""]
[""]
[""]
[""]
[""]
[""]
[""]
[""]
[""]
[""]
[""]
[""]
[""]
[""]
[""]
[""]
[""]
[""]
[""]
[""]
[""]
[""]
[""]
[""]
[""]
[""]
[{"$f":"IF(AND(B9475<>\"\",B9476<>\"\"),A9475+1,\"\")","v":""}]
[""]
[""]
[""]
[""]
[""]
[""]
[""]
[""]
[""]
[""]
[""]
[""]
[""]
[""]
[""]
[""]
[""]
[""]
[""]
[""]
[""]
[""]
[""]
[""]
[""]
[""]
[""]
[""]
[""]
[""]
[""]
[""]
[""]
[""]
[""]
[""]
[""]
[""]
[""]
[""]
[""]
[""]
[""]
[""]
[""]
[""]
[""]
[""]
[""]
[""]
[""]
[""]
[""]
[""]
[""]
[""]
[""]
[""]
[""]
[""]
[""]
[""]
[""]
[{"$f":"IF(AND(B9539<>\"\",B9540<>\"\"),A9539+1,\"\")","v":""}]
[""]
[""]
[""]
[""]
[""]
[""]
[""]
[""]
[""]
[""]
[""]
[""]
[""]
[""]
[""]
[""]
[""]
[""]
[""]
[""]
[""]
[""]
[""]
[""]
[""]
[""]
[""]
[""]
[""]
[""]
[""]
[""]
[""]
[""]
[""]
[""]
[""]
[""]
[""]
[""]
[""]
[""]
[""]
[""]
[""]
[""]
[""]
[""]
[""]
[""]
[""]
[""]
[""]
[""]
[""]
[""]
[""]
[""]
[""]
[""]
[""]
[""]
[""]
[{"$f":"IF(AND(B9603<>\"\",B9604<>\"\"),A9603+1,\"\")","v":""}]
[""]
[""]
[""]
[""]
[""]
[""]
[""]
[""]
[""]
[""]
[""]
[""]
[""]
[""]
[""]
[""]
[""]
[""]
[""]
[""]
[""]
[""]
[""]
[""]
[""]
[""]
[""]
[""]
[""]
[""]
[""]
[""]
[""]
[""]
[""]
[""]
[""]
[""]
[""]
[""]
[""]
[""]
[""]
[""]
[""]
[""]
[""]
[""]
[""]
[""]
[""]
[""]
[""]
[""]
[""]
[""]
[""]
[""]
[""]
[""]
[""]
[""]
[""]
[{"$f":"IF(AND(B9667<>\"\",B9668<>\"\"),A9667+1,\"\")","v":""}]
[""]
[""]
[""]
[""]
[""]
[""]
[""]
[""]
[""]
[""]
[""]
[""]
[""]
[""]
[""]
[""]
[""]
[""]
[""]
[""]
[""]
[""]
[""]
[""]
[""]
[""]
[""]
[""]
[""]
[""]
[""]
[""]
[""]
[""]
[""]
[""]
[""]
[""]
[""]
[""]
[""]
[""]
[""]
[""]
[""]
[""]
[""]
[""]
[""]
[""]
[""]
[""]
[""]
[""]
[""]
[""]
[""]
[""]
[""]
[""]
[""]
[""]
[""]
[{"$f":"IF(AND(B9731<>\"\",B9732<>\"\"),A9731+1,\"\")","v":""}]
[""]
[""]
[""]
[""]
[""]
[""]
[""]
[""]
[""]
[""]
[""]
[""]
[""]
[""]
[""]
[""]
[""]
[""]
[""]
[""]
[""]
[""]
[""]
[""]
[""]
[""]
[""]
[""]
[""]
[""]
[""]
[""]
[""]
[""]
[""]
[""]
[""]
[""]
[""]
[""]
[""]
[""]
[""]
[""]
[""]
[""]
[""]
[""]
[""]
[""]
[""]
[""]
[""]
[""]
[""]
[""]
[""]
[""]
[""]
[""]
[""]
[""]
[""]
[{"$f":"IF(AND(B9795<>\"\",B9796<>\"\"),A9795+1,\"\")","v":""}]
[""]
[""]
[""]
[""]
[""]
[""]
[""]
[""]
[""]
[""]
[""]
[""]
[""]
[""]
[""]
[""]
[""]
[""]
[""]
[""]
[""]
[""]
[""]
[""]
[""]
[""]
[""]
[""]
[""]
[""]
[""]
[""]
[""]
[""]
[""]
[""]
[""]
[""]
[""]
[""]
[""]
[""]
[""]
[""]
[""]
[""]
[""]
[""]
[""]
[""]
[""]
[""]
[""]
[""]
[""]
[""]
[""]
[""]
[""]
[""]
[""]
[""]
[""]
[{"$f":"IF(AND(B9859<>\"\",B9860<>\"\"),A9859+1,\"\")","v":""}]
[""]
[""]
[""]
[""]
[""]
[""]
[""]
[""]
[""]
[""]
[""]
[""]
[""]
[""]
[""]
[""]
[""]
[""]
[""]
[""]
[""]
[""]
[""]
[""]
[""]
[""]
[""]
[""]
[""]
[""]
[""]
[""]
[""]
[""]
[""]
[""]
[""]
[""]
[""]
[""]
[""]
[""]
[""]
[""]
[""]
[""]
[""]
[""]
[""]
[""]
[""]
[""]
[""]
[""]
[""]
[""]
[""]
[""]
[""]
[""]
[""]
[""]
[""]
[{"$f":"IF(AND(B9923<>\"\",B9924<>\"\"),A9923+1,\"\")","v":""}]
[""]
[""]
[""]
[""]
[""]
[""]
[""]
[""]
[""]
[""]
[""]
[""]
[""]
[""]
[""]
[""]
[""]
[""]
[""]
[""]
[""]
[""]
[""]
[""]
[""]
[""]
[""]
[""]
[""]
[""]
[""]
[""]
[""]
[""]
[""]
[""]
[""]
[""]
[""]
[""]
[""]
[""]
[""]
[""]
[""]
[""]
[""]
[""]
[""]
[""]
[""]
[""]
[""]
[""]
[""]
[""]
[""]
[""]
[""]
[""]
[""]
[""]
[""]
[{"$f":"IF(AND(B9987<>\"\",B9988<>\"\"),A9987+1,\"\")","v":""}]
[""]
[""]
[""]
[""]
[""]
[""]
[""]
[""]
[""]
[""]
[""]
[""]
[""]
[""]
[""]
[""]
[""]
[""]
[""]
[""]
[""]
[""]
[""]
[""]
[""]
[""]
[""]
[""]
[""]
[""]
[""]
[""]
[""]
[""]
[""]
[""]
[""]
[""]
[""]
[""]
[""]
[""]
[""]
[""]
[""]
[""]
[""]
[""]
[""]
[""]
[""]
[""]
[""]
[""]
[""]
[""]
[""]
[""]
[""]
[""]
[""]
[""]
[""]
[{"$f":"IF(AND(B10051<>\"\",B10052<>\"\"),A10051+1,\"\")","v":""}]
[""]
[""]
[""]
[""]
[""]
[""]
[""]
[""]
[""]
[""]
[""]
[""]
[""]
[""]
[""]
[""]
[""]
[""]
[""]
[""]
[""]
[""]
[""]
[""]
[""]
[""]
[""]
[""]
[""]
[""]
[""]
[""]
[""]
[""]
[""]
[""]
[""]
[""]
[""]
[""]
[""]
[""]
[""]
[""]
[""]
[""]
[""]
[""]
[""]
[""]
[""]
[""]
[""]
[""]
[""]
[""]
[""]
[""]
[""]
[""]
[""]
[""]
[""]
[{"$f":"IF(AND(B10115<>\"\",B10116<>\"\"),A10115+1,\"\")","v":""}]
[""]
[""]
[""]
[""]
[""]
[""]
[""]
[""]
[""]
[""]
[""]
[""]
[""]
[""]
[""]
[""]
[""]
[""]
[""]
[""]
[""]
[""]
[""]
[""]
[""]
[""]
[""]
[""]
[""]
[""]
[""]
[""]
[""]
[""]
[""]
[""]
[""]
[""]
[""]
[""]
[""]
[""]
[""]
[""]
[""]
[""]
[""]
[""]
[""]
[""]
[""]
[""]
[""]
[""]
[""]
[""]
[""]
[""]
[""]
[""]
[""]
[""]
[""]
[{"$f":"IF(AND(B10179<>\"\",B10180<>\"\"),A10179+1,\"\")","v":""}]
[""]
[""]
[""]
[""]
[""]
[""]
[""]
[""]
[""]
[""]
[""]
[""]
[""]
[""]
[""]
[""]
[""]
[""]
[""]
[""]
[""]
[""]
[""]
[""]
[""]
[""]
[""]
[""]
[""]
[""]
[""]
[""]
[""]
[""]
[""]
[""]
[""]
[""]
[""]
[""]
[""]
[""]
[""]
[""]
[""]
[""]
[""]
[""]
[""]
[""]
[""]
[""]
[""]
[""]
[""]
[""]
[""]
[""]
[""]
[""]
[""]
[""]
[""]
[{"$f":"IF(AND(B10243<>\"\",B10244<>\"\"),A10243+1,\"\")","v":""}]
[""]
[""]
[""]
[""]
[""]
[""]
[""]
[""]
[""]
[""]
[""]
[""]
[""]
[""]
[""]
[""]
[""]
[""]
[""]
[""]
[""]
[""]
[""]
[""]
[""]
[""]
[""]
[""]
[""]
[""]
[""]
[""]
[""]
[""]
[""]
[""]
[""]
[""]
[""]
[""]
[""]
[""]
[""]
[""]
[""]
[""]
[""]
[""]
[""]
[""]
[""]
[""]
[""]
[""]
[""]
[""]
[""]
[""]
[""]
[""]
[""]
[""]
[""]
[{"$f":"IF(AND(B10307<>\"\",B10308<>\"\"),A10307+1,\"\")","v":""}]
[""]
[""]
[""]
[""]
[""]
[""]
[""]
[""]
[""]
[""]
[""]
[""]
[""]
[""]
[""]
[""]
[""]
[""]
[""]
[""]
[""]
[""]
[""]
[""]
[""]
[""]
[""]
[""]
[""]
[""]
[""]
[""]
[""]
[""]
[""]
[""]
[""]
[""]
[""]
[""]
[""]
[""]
[""]
[""]
[""]
[""]
[""]
[""]
[""]
[""]
[""]
[""]
[""]
[""]
[""]
[""]
[""]
[""]
[""]
[""]
[""]
[""]
[""]
[{"$f":"IF(AND(B10371<>\"\",B10372<>\"\"),A10371+1,\"\")","v":""}]
[""]
[""]
[""]
[""]
[""]
[""]
[""]
[""]
[""]
[""]
[""]
[""]
[""]
[""]
[""]
[""]
[""]
[""]
[""]
[""]
[""]
[""]
[""]
[""]
[""]
[""]
[""]
[""]
[""]
[""]
[""]
[""]
[""]
[""]
[""]
[""]
[""]
[""]
[""]
[""]
[""]
[""]
[""]
[""]
[""]
[""]
[""]
[""]
[""]
[""]
[""]
[""]
[""]
[""]
[""]
[""]
[""]
[""]
[""]
[""]
[""]
[""]
[""]
[{"$f":"IF(AND(B10435<>\"\",B10436<>\"\"),A10435+1,\"\")","v":""}]
[""]
[""]
[""]
[""]
[""]
[""]
[""]
[""]
[""]
[""]
[""]
[""]
[""]
[""]
[""]
[""]
[""]
[""]
[""]
[""]
[""]
[""]
[""]
[""]
[""]
[""]
[""]
[""]
[""]
[""]
[""]
[""]
[""]
[""]
[""]
[""]
[""]
[""]
[""]
[""]
[""]
[""]
[""]
[""]
[""]
[""]
[""]
[""]
[""]
[""]
[""]
[""]
[""]
[""]
[""]
[""]
[""]
[""]
[""]
[""]
[""]
[""]
[""]
[{"$f":"IF(AND(B10499<>\"\",B10500<>\"\"),A10499+1,\"\")","v":""}]
[""]
[""]
[""]
[""]
[""]
[""]
[""]
[""]
[""]
[""]
[""]
[""]
[""]
[""]
[""]
[""]
[""]
[""]
[""]
[""]
[""]
[""]
[""]
[""]
[""]
[""]
[""]
[""]
[""]
[""]
[""]
[""]
[""]
[""]
[""]
[""]
[""]
[""]
[""]
[""]
[""]
[""]
[""]
[""]
[""]
[""]
[""]
[""]
[""]
[""]
[""]
[""]
[""]
[""]
[""]
[""]
[""]
[""]
[""]
[""]
[""]
[""]
[""]
[{"$f":"IF(AND(B10563<>\"\",B10564<>\"\"),A10563+1,\"\")","v":""}]
[""]
[""]
[""]
[""]
[""]
[""]
[""]
[""]
[""]
[""]
[""]
[""]
[""]
[""]
[""]
[""]
[""]
[""]
[""]
[""]
[""]
[""]
[""]
[""]
[""]
[""]
[""]
[""]
[""]
[""]
[""]
[""]
[""]
[""]
[""]
[""]
[""]
[""]
[""]
[""]
[""]
[""]
[""]
[""]
[""]
[""]
[""]
[""]
[""]
[""]
[""]
[""]
[""]
[""]
[""]
[""]
[""]
[""]
[""]
[""]
[""]
[""]
[""]
[{"$f":"IF(AND(B10627<>\"\",B10628<>\"\"),A10627+1,\"\")","v":""}]
[""]
[""]
[""]
[""]
[""]
[""]
[""]
[""]
[""]
[""]
[""]
[""]
[""]
[""]
[""]
[""]
[""]
[""]
[""]
[""]
[""]
[""]
[""]
[""]
[""]
[""]
[""]
[""]
[""]
[""]
[""]
[""]
[""]
[""]
[""]
[""]
[""]
[""]
[""]
[""]
[""]
[""]
[""]
[""]
[""]
[""]
[""]
[""]
[""]
[""]
[""]
[""]
[""]
[""]
[""]
[""]
[""]
[""]
[""]
[""]
[""]
[""]
[""]
[{"$f":"IF(AND(B10691<>\"\",B10692<>\"\"),A10691+1,\"\")","v":""}]
[""]
[""]
[""]
[""]
[""]
[""]
[""]
[""]
[""]
[""]
[""]
[""]
[""]
[""]
[""]
[""]
[""]
[""]
[""]
[""]
[""]
[""]
[""]
[""]
[""]
[""]
[""]
[""]
[""]
[""]
[""]
[""]
[""]
[""]
[""]
[""]
[""]
[""]
[""]
[""]
[""]
[""]
[""]
[""]
[""]
[""]
[""]
[""]
[""]
[""]
[""]
[""]
[""]
[""]
[""]
[""]
[""]
[""]
[""]
[""]
[""]
[""]
[""]
[{"$f":"IF(AND(B10755<>\"\",B10756<>\"\"),A10755+1,\"\")","v":""}]
[""]
[""]
[""]
[""]
[""]
[""]
[""]
[""]
[""]
[""]
[""]
[""]
[""]
[""]
[""]
[""]
[""]
[""]
[""]
[""]
[""]
[""]
[""]
[""]
[""]
[""]
[""]
[""]
[""]
[""]
[""]
[""]
[""]
[""]
[""]
[""]
[""]
[""]
[""]
[""]
[""]
[""]
[""]
[""]
[""]
[""]
[""]
[""]
[""]
[""]
[""]
[""]
[""]
[""]
[""]
[""]
[""]
[""]
[""]
[""]
[""]
[""]
[""]
[{"$f":"IF(AND(B10819<>\"\",B10820<>\"\"),A10819+1,\"\")","v":""}]
[""]
[""]
[""]
[""]
[""]
[""]
[""]
[""]
[""]
[""]
[""]
[""]
[""]
[""]
[""]
[""]
[""]
[""]
[""]
[""]
[""]
[""]
[""]
[""]
[""]
[""]
[""]
[""]
[""]
[""]
[""]
[""]
[""]
[""]
[""]
[""]
[""]
[""]
[""]
[""]
[""]
[""]
[""]
[""]
[""]
[""]
[""]
[""]
[""]
[""]
[""]
[""]
[""]
[""]
[""]
[""]
[""]
[""]
[""]
[""]
[""]
[""]
[""]
[{"$f":"IF(AND(B10883<>\"\",B10884<>\"\"),A10883+1,\"\")","v":""}]
[""]
[""]
[""]
[""]
[""]
[""]
[""]
[""]
[""]
[""]
[""]
[""]
[""]
[""]
[""]
[""]
[""]
[""]
[""]
[""]
[""]
[""]
[""]
[""]
[""]
[""]
[""]
[""]
[""]
[""]
[""]
[""]
[""]
[""]
[""]
[""]
[""]
[""]
[""]
[""]
[""]
[""]
[""]
[""]
[""]
[""]
[""]
[""]
[""]
[""]
[""]
[""]
[""]
[""]
[""]
[""]
[""]
[""]
[""]
[""]
[""]
[""]
[""]
[{"$f":"IF(AND(B10947<>\"\",B10948<>\"\"),A10947+1,\"\")","v":""}]
[""]
[""]
[""]
[""]
[""]
[""]
[""]
[""]
[""]
[""]
[""]
[""]
[""]
[""]
[""]
[""]
[""]
[""]
[""]
[""]
[""]
[""]
[""]
[""]
[""]
[""]
[""]
[""]
[""]
[""]
[""]
[""]
[""]
[""]
[""]
[""]
[""]
[""]
[""]
[""]
[""]
[""]
[""]
[""]
[""]
[""]
[""]
[""]
[""]
[""]
[""]
[""]
[""]
[""]
[""]
[""]
[""]
[""]
[""]
[""]
[""]
[""]
[""]
[{"$f":"IF(AND(B11011<>\"\",B11012<>\"\"),A11011+1,\"\")","v":""}]
[""]
[""]
[""]
[""]
[""]
[""]
[""]
[""]
[""]
[""]
[""]
[""]
[""]
[""]
[""]
[""]
[""]
[""]
[""]
[""]
[""]
[""]
[""]
[""]
[""]
[""]
[""]
[""]
[""]
[""]
[""]
[""]
[""]
[""]
[""]
[""]
[""]
[""]
[""]
[""]
[""]
[""]
[""]
[""]
[""]
[""]
[""]
[""]
[""]
[""]
[""]
[""]
[""]
[""]
[""]
[""]
[""]
[""]
[""]
[""]
[""]
[""]
[""]
[{"$f":"IF(AND(B11075<>\"\",B11076<>\"\"),A11075+1,\"\")","v":""}]
[""]
[""]
[""]
[""]
[""]
[""]
[""]
[""]
[""]
[""]
[""]
[""]
[""]
[""]
[""]
[""]
[""]
[""]
[""]
[""]
[""]
[""]
[""]
[""]
[""]
[""]
[""]
[""]
[""]
[""]
[""]
[""]
[""]
[""]
[""]
[""]
[""]
[""]
[""]
[""]
[""]
[""]
[""]
[""]
[""]
[""]
[""]
[""]
[""]
[""]
[""]
[""]
[""]
[""]
[""]
[""]
[""]
[""]
[""]
[""]
[""]
[""]
[""]
[{"$f":"IF(AND(B11139<>\"\",B11140<>\"\"),A11139+1,\"\")","v":""}]
[""]
[""]
[""]
[""]
[""]
[""]
[""]
[""]
[""]
[""]
[""]
[""]
[""]
[""]
[""]
[""]
[""]
[""]
[""]
[""]
[""]
[""]
[""]
[""]
[""]
[""]
[""]
[""]
[""]
[""]
[""]
[""]
[""]
[""]
[""]
[""]
[""]
[""]
[""]
[""]
[""]
[""]
[""]
[""]
[""]
[""]
[""]
[""]
[""]
[""]
[""]
[""]
[""]
[""]
[""]
[""]
[""]
[""]
[""]
[""]
[""]
[""]
[""]
[{"$f":"IF(AND(B11203<>\"\",B11204<>\"\"),A11203+1,\"\")","v":""}]
[""]
[""]
[""]
[""]
[""]
[""]
[""]
[""]
[""]
[""]
[""]
[""]
[""]
[""]
[""]
[""]
[""]
[""]
[""]
[""]
[""]
[""]
[""]
[""]
[""]
[""]
[""]
[""]
[""]
[""]
[""]
[""]
[""]
[""]
[""]
[""]
[""]
[""]
[""]
[""]
[""]
[""]
[""]
[""]
[""]
[""]
[""]
[""]
[""]
[""]
[""]
[""]
[""]
[""]
[""]
[""]
[""]
[""]
[""]
[""]
[""]
[""]
[""]
[{"$f":"IF(AND(B11267<>\"\",B11268<>\"\"),A11267+1,\"\")","v":""}]
[""]
[""]
[""]
[""]
[""]
[""]
[""]
[""]
[""]
[""]
[""]
[""]
[""]
[""]
[""]
[""]
[""]
[""]
[""]
[""]
[""]
[""]
[""]
[""]
[""]
[""]
[""]
[""]
[""]
[""]
[""]
[""]
[""]
[""]
[""]
[""]
[""]
[""]
[""]
[""]
[""]
[""]
[""]
[""]
[""]
[""]
[""]
[""]
[""]
[""]
[""]
[""]
[""]
[""]
[""]
[""]
[""]
[""]
[""]
[""]
[""]
[""]
[""]
[{"$f":"IF(AND(B11331<>\"\",B11332<>\"\"),A11331+1,\"\")","v":""}]
[""]
[""]
[""]
[""]
[""]
[""]
[""]
[""]
[""]
[""]
[""]
[""]
[""]
[""]
[""]
[""]
[""]
[""]
[""]
[""]
[""]
[""]
[""]
[""]
[""]
[""]
[""]
[""]
[""]
[""]
[""]
[""]
[""]
[""]
[""]
[""]
[""]
[""]
[""]
[""]
[""]
[""]
[""]
[""]
[""]
[""]
[""]
[""]
[""]
[""]
[""]
[""]
[""]
[""]
[""]
[""]
[""]
[""]
[""]
[""]
[""]
[""]
[""]
[{"$f":"IF(AND(B11395<>\"\",B11396<>\"\"),A11395+1,\"\")","v":""}]
[""]
[""]
[""]
[""]
[""]
[""]
[""]
[""]
[""]
[""]
[""]
[""]
[""]
[""]
[""]
[""]
[""]
[""]
[""]
[""]
[""]
[""]
[""]
[""]
[""]
[""]
[""]
[""]
[""]
[""]
[""]
[""]
[""]
[""]
[""]
[""]
[""]
[""]
[""]
[""]
[""]
[""]
[""]
[""]
[""]
[""]
[""]
[""]
[""]
[""]
[""]
[""]
[""]
[""]
[""]
[""]
[""]
[""]
[""]
[""]
[""]
[""]
[""]
[{"$f":"IF(AND(B11459<>\"\",B11460<>\"\"),A11459+1,\"\")","v":""}]
[""]
[""]
[""]
[""]
[""]
[""]
[""]
[""]
[""]
[""]
[""]
[""]
[""]
[""]
[""]
[""]
[""]
[""]
[""]
[""]
[""]
[""]
[""]
[""]
[""]
[""]
[""]
[""]
[""]
[""]
[""]
[""]
[""]
[""]
[""]
[""]
[""]
[""]
[""]
[""]
[""]
[""]
[""]
[""]
[""]
[""]
[""]
[""]
[""]
[""]
[""]
[""]
[""]
[""]
[""]
[""]
[""]
[""]
[""]
[""]
[""]
[""]
[""]
[{"$f":"IF(AND(B11523<>\"\",B11524<>\"\"),A11523+1,\"\")","v":""}]
[""]
[""]
[""]
[""]
[""]
[""]
[""]
[""]
[""]
[""]
[""]
[""]
[""]
[""]
[""]
[""]
[""]
[""]
[""]
[""]
[""]
[""]
[""]
[""]
[""]
[""]
[""]
[""]
[""]
[""]
[""]
[""]
[""]
[""]
[""]
[""]
[""]
[""]
[""]
[""]
[""]
[""]
[""]
[""]
[""]
[""]
[""]
[""]
[""]
[""]
[""]
[""]
[""]
[""]
[""]
[""]
[""]
[""]
[""]
[""]
[""]
[""]
[""]
[{"$f":"IF(AND(B11587<>\"\",B11588<>\"\"),A11587+1,\"\")","v":""}]
[""]
[""]
[""]
[""]
[""]
[""]
[""]
[""]
[""]
[""]
[""]
[""]
[""]
[""]
[""]
[""]
[""]
[""]
[""]
[""]
[""]
[""]
[""]
[""]
[""]
[""]
[""]
[""]
[""]
[""]
[""]
[""]
[""]
[""]
[""]
[""]
[""]
[""]
[""]
[""]
[""]
[""]
[""]
[""]
[""]
[""]
[""]
[""]
[""]
[""]
[""]
[""]
[""]
[""]
[""]
[""]
[""]
[""]
[""]
[""]
[""]
[""]
[""]
[{"$f":"IF(AND(B11651<>\"\",B11652<>\"\"),A11651+1,\"\")","v":""}]
[""]
[""]
[""]
[""]
[""]
[""]
[""]
[""]
[""]
[""]
[""]
[""]
[""]
[""]
[""]
[""]
[""]
[""]
[""]
[""]
[""]
[""]
[""]
[""]
[""]
[""]
[""]
[""]
[""]
[""]
[""]
[""]
[""]
[""]
[""]
[""]
[""]
[""]
[""]
[""]
[""]
[""]
[""]
[""]
[""]
[""]
[""]
[""]
[""]
[""]
[""]
[""]
[""]
[""]
[""]
[""]
[""]
[""]
[""]
[""]
[""]
[""]
[""]
[{"$f":"IF(AND(B11715<>\"\",B11716<>\"\"),A11715+1,\"\")","v":""}]
[""]
[""]
[""]
[""]
[""]
[""]
[""]
[""]
[""]
[""]
[""]
[""]
[""]
[""]
[""]
[""]
[""]
[""]
[""]
[""]
[""]
[""]
[""]
[""]
[""]
[""]
[""]
[""]
[""]
[""]
[""]
[""]
[""]
[""]
[""]
[""]
[""]
[""]
[""]
[""]
[""]
[""]
[""]
[""]
[""]
[""]
[""]
[""]
[""]
[""]
[""]
[""]
[""]
[""]
[""]
[""]
[""]
[""]
[""]
[""]
[""]
[""]
[""]
[{"$f":"IF(AND(B11779<>\"\",B11780<>\"\"),A11779+1,\"\")","v":""}]
[""]
[""]
[""]
[""]
[""]
[""]
[""]
[""]
[""]
[""]
[""]
[""]
[""]
[""]
[""]
[""]
[""]
[""]
[""]
[""]
[""]
[""]
[""]
[""]
[""]
[""]
[""]
[""]
[""]
[""]
[""]
[""]
[""]
[""]
[""]
[""]
[""]
[""]
[""]
[""]
[""]
[""]
[""]
[""]
[""]
[""]
[""]
[""]
[""]
[""]
[""]
[""]
[""]
[""]
[""]
[""]
[""]
[""]
[""]
[""]
[""]
[""]
[""]
[{"$f":"IF(AND(B11843<>\"\",B11844<>\"\"),A11843+1,\"\")","v":""}]
[""]
[""]
[""]
[""]
[""]
[""]
[""]
[""]
[""]
[""]
[""]
[""]
[""]
[""]
[""]
[""]
[""]
[""]
[""]
[""]
[""]
[""]
[""]
[""]
[""]
[""]
[""]
[""]
[""]
[""]
[""]
[""]
[""]
[""]
[""]
[""]
[""]
[""]
[""]
[""]
[""]
[""]
[""]
[""]
[""]
[""]
[""]
[""]
[""]
[""]
[""]
[""]
[""]
[""]
[""]
[""]
[""]
[""]
[""]
[""]
[""]
[""]
[""]
[{"$f":"IF(AND(B11907<>\"\",B11908<>\"\"),A11907+1,\"\")","v":""}]
[""]
[""]
[""]
[""]
[""]
[""]
[""]
[""]
[""]
[""]
[""]
[""]
[""]
[""]
[""]
[""]
[""]
[""]
[""]
[""]
[""]
[""]
[""]
[""]
[""]
[""]
[""]
[""]
[""]
[""]
[""]
[""]
[""]
[""]
[""]
[""]
[""]
[""]
[""]
[""]
[""]
[""]
[""]
[""]
[""]
[""]
[""]
[""]
[""]
[""]
[""]
[""]
[""]
[""]
[""]
[""]
[""]
[""]
[""]
[""]
[""]
[""]
[""]
[{"$f":"IF(AND(B11971<>\"\",B11972<>\"\"),A11971+1,\"\")","v":""}]
[""]
[""]
[""]
[""]
[""]
[""]
[""]
[""]
[""]
[""]
[""]
[""]
[""]
[""]
[""]
[""]
[""]
[""]
[""]
[""]
[""]
[""]
[""]
[""]
[""]
[""]
[""]
[""]
[""]
[""]
[""]
[""]
[""]
[""]
[""]
[""]
[""]
[""]
[""]
[""]
[""]
[""]
[""]
[""]
[""]
[""]
[""]
[""]
[""]
[""]
[""]
[""]
[""]
[""]
[""]
[""]
[""]
[""]
[""]
[""]
[""]
[""]
[""]
[{"$f":"IF(AND(B12035<>\"\",B12036<>\"\"),A12035+1,\"\")","v":""}]
[""]
[""]
[""]
[""]
[""]
[""]
[""]
[""]
[""]
[""]
[""]
[""]
[""]
[""]
[""]
[""]
[""]
[""]
[""]
[""]
[""]
[""]
[""]
[""]
[""]
[""]
[""]
[""]
[""]
[""]
[""]
[""]
[""]
[""]
[""]
[""]
[""]
[""]
[""]
[""]
[""]
[""]
[""]
[""]
[""]
[""]
[""]
[""]
[""]
[""]
[""]
[""]
[""]
[""]
[""]
[""]
[""]
[""]
[""]
[""]
[""]
[""]
[""]
[{"$f":"IF(AND(B12099<>\"\",B12100<>\"\"),A12099+1,\"\")","v":""}]
[""]
[""]
[""]
[""]
[""]
[""]
[""]
[""]
[""]
[""]
[""]
[""]
[""]
[""]
[""]
[""]
[""]
[""]
[""]
[""]
[""]
[""]
[""]
[""]
[""]
[""]
[""]
[""]
[""]
[""]
[""]
[""]
[""]
[""]
[""]
[""]
[""]
[""]
[""]
[""]
[""]
[""]
[""]
[""]
[""]
[""]
[""]
[""]
[""]
[""]
[""]
[""]
[""]
[""]
[""]
[""]
[""]
[""]
[""]
[""]
[""]
[""]
[""]
[{"$f":"IF(AND(B12163<>\"\",B12164<>\"\"),A12163+1,\"\")","v":""}]
[""]
[""]
[""]
[""]
[""]
[""]
[""]
[""]
[""]
[""]
[""]
[""]
[""]
[""]
[""]
[""]
[""]
[""]
[""]
[""]
[""]
[""]
[""]
[""]
[""]
[""]
[""]
[""]
[""]
[""]
[""]
[""]
[""]
[""]
[""]
[""]
[""]
[""]
[""]
[""]
[""]
[""]
[""]
[""]
[""]
[""]
[""]
[""]
[""]
[""]
[""]
[""]
[""]
[""]
[""]
[""]
[""]
[""]
[""]
[""]
[""]
[""]
[""]
[{"$f":"IF(AND(B12227<>\"\",B12228<>\"\"),A12227+1,\"\")","v":""}]
[""]
[""]
[""]
[""]
[""]
[""]
[""]
[""]
[""]
[""]
[""]
[""]
[""]
[""]
[""]
[""]
[""]
[""]
[""]
[""]
[""]
[""]
[""]
[""]
[""]
[""]
[""]
[""]
[""]
[""]
[""]
[""]
[""]
[""]
[""]
[""]
[""]
[""]
[""]
[""]
[""]
[""]
[""]
[""]
[""]
[""]
[""]
[""]
[""]
[""]
[""]
[""]
[""]
[""]
[""]
[""]
[""]
[""]
[""]
[""]
[""]
[""]
[""]
[{"$f":"IF(AND(B12291<>\"\",B12292<>\"\"),A12291+1,\"\")","v":""}]
[""]
[""]
[""]
[""]
[""]
[""]
[""]
[""]
[""]
[""]
[""]
[""]
[""]
[""]
[""]
[""]
[""]
[""]
[""]
[""]
[""]
[""]
[""]
[""]
[""]
[""]
[""]
[""]
[""]
[""]
[""]
[""]
[""]
[""]
[""]
[""]
[""]
[""]
[""]
[""]
[""]
[""]
[""]
[""]
[""]
[""]
[""]
[""]
[""]
[""]
[""]
[""]
[""]
[""]
[""]
[""]
[""]
[""]
[""]
[""]
[""]
[""]
[""]
[{"$f":"IF(AND(B12355<>\"\",B12356<>\"\"),A12355+1,\"\")","v":""}]
[""]
[""]
[""]
[""]
[""]
[""]
[""]
[""]
[""]
[""]
[""]
[""]
[""]
[""]
[""]
[""]
[""]
[""]
[""]
[""]
[""]
[""]
[""]
[""]
[""]
[""]
[""]
[""]
[""]
[""]
[""]
[""]
[""]
[""]
[""]
[""]
[""]
[""]
[""]
[""]
[""]
[""]
[""]
[""]
[""]
[""]
[""]
[""]
[""]
[""]
[""]
[""]
[""]
[""]
[""]
[""]
[""]
[""]
[""]
[""]
[""]
[""]
[""]
[{"$f":"IF(AND(B12419<>\"\",B12420<>\"\"),A12419+1,\"\")","v":""}]
[""]
[""]
[""]
[""]
[""]
[""]
[""]
[""]
[""]
[""]
[""]
[""]
[""]
[""]
[""]
[""]
[""]
[""]
[""]
[""]
[""]
[""]
[""]
[""]
[""]
[""]
[""]
[""]
[""]
[""]
[""]
[""]
[""]
[""]
[""]
[""]
[""]
[""]
[""]
[""]
[""]
[""]
[""]
[""]
[""]
[""]
[""]
[""]
[""]
[""]
[""]
[""]
[""]
[""]
[""]
[""]
[""]
[""]
[""]
[""]
[""]
[""]
[""]
[{"$f":"IF(AND(B12483<>\"\",B12484<>\"\"),A12483+1,\"\")","v":""}]
[""]
[""]
[""]
[""]
[""]
[""]
[""]
[""]
[""]
[""]
[""]
[""]
[""]
[""]
[""]
[""]
[""]
[""]
[""]
[""]
[""]
[""]
[""]
[""]
[""]
[""]
[""]
[""]
[""]
[""]
[""]
[""]
[""]
[""]
[""]
[""]
[""]
[""]
[""]
[""]
[""]
[""]
[""]
[""]
[""]
[""]
[""]
[""]
[""]
[""]
[""]
[""]
[""]
[""]
[""]
[""]
[""]
[""]
[""]
[""]
[""]
[""]
[""]
[{"$f":"IF(AND(B12547<>\"\",B12548<>\"\"),A12547+1,\"\")","v":""}]
[""]
[""]
[""]
[""]
[""]
[""]
[""]
[""]
[""]
[""]
[""]
[""]
[""]
[""]
[""]
[""]
[""]
[""]
[""]
[""]
[""]
[""]
[""]
[""]
[""]
[""]
[""]
[""]
[""]
[""]
[""]
[""]
[""]
[""]
[""]
[""]
[""]
[""]
[""]
[""]
[""]
[""]
[""]
[""]
[""]
[""]
[""]
[""]
[""]
[""]
[""]
[""]
[""]
[""]
[""]
[""]
[""]
[""]
[""]
[""]
[""]
[""]
[""]
[{"$f":"IF(AND(B12611<>\"\",B12612<>\"\"),A12611+1,\"\")","v":""}]
[""]
[""]
[""]
[""]
[""]
[""]
[""]
[""]
[""]
[""]
[""]
[""]
[""]
[""]
[""]
[""]
[""]
[""]
[""]
[""]
[""]
[""]
[""]
[""]
[""]
[""]
[""]
[""]
[""]
[""]
[""]
[""]
[""]
[""]
[""]
[""]
[""]
[""]
[""]
[""]
[""]
[""]
[""]
[""]
[""]
[""]
[""]
[""]
[""]
[""]
[""]
[""]
[""]
[""]
[""]
[""]
[""]
[""]
[""]
[""]
[""]
[""]
[""]
[{"$f":"IF(AND(B12675<>\"\",B12676<>\"\"),A12675+1,\"\")","v":""}]
[""]
[""]
[""]
[""]
[""]
[""]
[""]
[""]
[""]
[""]
[""]
[""]
[""]
[""]
[""]
[""]
[""]
[""]
[""]
[""]
[""]
[""]
[""]
[""]
[""]
[""]
[""]
[""]
[""]
[""]
[""]
[""]
[""]
[""]
[""]
[""]
[""]
[""]
[""]
[""]
[""]
[""]
[""]
[""]
[""]
[""]
[""]
[""]
[""]
[""]
[""]
[""]
[""]
[""]
[""]
[""]
[""]
[""]
[""]
[""]
[""]
[""]
[""]
[{"$f":"IF(AND(B12739<>\"\",B12740<>\"\"),A12739+1,\"\")","v":""}]
[""]
[""]
[""]
[""]
[""]
[""]
[""]
[""]
[""]
[""]
[""]
[""]
[""]
[""]
[""]
[""]
[""]
[""]
[""]
[""]
[""]
[""]
[""]
[""]
[""]
[""]
[""]
[""]
[""]
[""]
[""]
[""]
[""]
[""]
[""]
[""]
[""]
[""]
[""]
[""]
[""]
[""]
[""]
[""]
[""]
[""]
[""]
[""]
[""]
[""]
[""]
[""]
[""]
[""]
[""]
[""]
[""]
[""]
[""]
[""]
[""]
[""]
[""]
[{"$f":"IF(AND(B12803<>\"\",B12804<>\"\"),A12803+1,\"\")","v":""}]
[""]
[""]
[""]
[""]
[""]
[""]
[""]
[""]
[""]
[""]
[""]
[""]
[""]
[""]
[""]
[""]
[""]
[""]
[""]
[""]
[""]
[""]
[""]
[""]
[""]
[""]
[""]
[""]
[""]
[""]
[""]
[""]
[""]
[""]
[""]
[""]
[""]
[""]
[""]
[""]
[""]
[""]
[""]
[""]
[""]
[""]
[""]
[""]
[""]
[""]
[""]
[""]
[""]
[""]
[""]
[""]
[""]
[""]
[""]
[""]
[""]
[""]
[""]
[{"$f":"IF(AND(B12867<>\"\",B12868<>\"\"),A12867+1,\"\")","v":""}]
[""]
[""]
[""]
[""]
[""]
[""]
[""]
[""]
[""]
[""]
[""]
[""]
[""]
[""]
[""]
[""]
[""]
[""]
[""]
[""]
[""]
[""]
[""]
[""]
[""]
[""]
[""]
[""]
[""]
[""]
[""]
[""]
[""]
[""]
[""]
[""]
[""]
[""]
[""]
[""]
[""]
[""]
[""]
[""]
[""]
[""]
[""]
[""]
[""]
[""]
[""]
[""]
[""]
[""]
[""]
[""]
[""]
[""]
[""]
[""]
[""]
[""]
[""]
[{"$f":"IF(AND(B12931<>\"\",B12932<>\"\"),A12931+1,\"\")","v":""}]
[""]
[""]
[""]
[""]
[""]
[""]
[""]
[""]
[""]
[""]
[""]
[""]
[""]
[""]
[""]
[""]
[""]
[""]
[""]
[""]
[""]
[""]
[""]
[""]
[""]
[""]
[""]
[""]
[""]
[""]
[""]
[""]
[""]
[""]
[""]
[""]
[""]
[""]
[""]
[""]
[""]
[""]
[""]
[""]
[""]
[""]
[""]
[""]
[""]
[""]
[""]
[""]
[""]
[""]
[""]
[""]
[""]
[""]
[""]
[""]
[""]
[""]
[""]
[{"$f":"IF(AND(B12995<>\"\",B12996<>\"\"),A12995+1,\"\")","v":""}]
[""]
[""]
[""]
[""]
[""]
[""]
[""]
[""]
[""]
[""]
[""]
[""]
[""]
[""]
[""]
[""]
[""]
[""]
[""]
[""]
[""]
[""]
[""]
[""]
[""]
[""]
[""]
[""]
[""]
[""]
[""]
[""]
[""]
[""]
[""]
[""]
[""]
[""]
[""]
[""]
[""]
[""]
[""]
[""]
[""]
[""]
[""]
[""]
[""]
[""]
[""]
[""]
[""]
[""]
[""]
[""]
[""]
[""]
[""]
[""]
[""]
[""]
[""]
[{"$f":"IF(AND(B13059<>\"\",B13060<>\"\"),A13059+1,\"\")","v":""}]
[""]
[""]
[""]
[""]
[""]
[""]
[""]
[""]
[""]
[""]
[""]
[""]
[""]
[""]
[""]
[""]
[""]
[""]
[""]
[""]
[""]
[""]
[""]
[""]
[""]
[""]
[""]
[""]
[""]
[""]
[""]
[""]
[""]
[""]
[""]
[""]
[""]
[""]
[""]
[""]
[""]
[""]
[""]
[""]
[""]
[""]
[""]
[""]
[""]
[""]
[""]
[""]
[""]
[""]
[""]
[""]
[""]
[""]
[""]
[""]
[""]
[""]
[""]
[{"$f":"IF(AND(B13123<>\"\",B13124<>\"\"),A13123+1,\"\")","v":""}]
[""]
[""]
[""]
[""]
[""]
[""]
[""]
[""]
[""]
[""]
[""]
[""]
[""]
[""]
[""]
[""]
[""]
[""]
[""]
[""]
[""]
[""]
[""]
[""]
[""]
[""]
[""]
[""]
[""]
[""]
[""]
[""]
[""]
[""]
[""]
[""]
[""]
[""]
[""]
[""]
[""]
[""]
[""]
[""]
[""]
[""]
[""]
[""]
[""]
[""]
[""]
[""]
[""]
[""]
[""]
[""]
[""]
[""]
[""]
[""]
[""]
[""]
[""]
[{"$f":"IF(AND(B13187<>\"\",B13188<>\"\"),A13187+1,\"\")","v":""}]
[""]
[""]
[""]
[""]
[""]
[""]
[""]
[""]
[""]
[""]
[""]
[""]
[""]
[""]
[""]
[""]
[""]
[""]
[""]
[""]
[""]
[""]
[""]
[""]
[""]
[""]
[""]
[""]
[""]
[""]
[""]
[""]
[""]
[""]
[""]
[""]
[""]
[""]
[""]
[""]
[""]
[""]
[""]
[""]
[""]
[""]
[""]
[""]
[""]
[""]
[""]
[""]
[""]
[""]
[""]
[""]
[""]
[""]
[""]
[""]
[""]
[""]
[""]
[{"$f":"IF(AND(B13251<>\"\",B13252<>\"\"),A13251+1,\"\")","v":""}]
[""]
[""]
[""]
[""]
[""]
[""]
[""]
[""]
[""]
[""]
[""]
[""]
[""]
[""]
[""]
[""]
[""]
[""]
[""]
[""]
[""]
[""]
[""]
[""]
[""]
[""]
[""]
[""]
[""]
[""]
[""]
[""]
[""]
[""]
[""]
[""]
[""]
[""]
[""]
[""]
[""]
[""]
[""]
[""]
[""]
[""]
[""]
[""]
[""]
[""]
[""]
[""]
[""]
[""]
[""]
[""]
[""]
[""]
[""]
[""]
[""]
[""]
[""]
[{"$f":"IF(AND(B13315<>\"\",B13316<>\"\"),A13315+1,\"\")","v":""}]
[""]
[""]
[""]
[""]
[""]
[""]
[""]
[""]
[""]
[""]
[""]
[""]
[""]
[""]
[""]
[""]
[""]
[""]
[""]
[""]
[""]
[""]
[""]
[""]
[""]
[""]
[""]
[""]
[""]
[""]
[""]
[""]
[""]
[""]
[""]
[""]
[""]
[""]
[""]
[""]
[""]
[""]
[""]
[""]
[""]
[""]
[""]
[""]
[""]
[""]
[""]
[""]
[""]
[""]
[""]
[""]
[""]
[""]
[""]
[""]
[""]
[""]
[""]
[{"$f":"IF(AND(B13379<>\"\",B13380<>\"\"),A13379+1,\"\")","v":""}]
[""]
[""]
[""]
[""]
[""]
[""]
[""]
[""]
[""]
[""]
[""]
[""]
[""]
[""]
[""]
[""]
[""]
[""]
[""]
[""]
[""]
[""]
[""]
[""]
[""]
[""]
[""]
[""]
[""]
[""]
[""]
[""]
[""]
[""]
[""]
[""]
[""]
[""]
[""]
[""]
[""]
[""]
[""]
[""]
[""]
[""]
[""]
[""]
[""]
[""]
[""]
[""]
[""]
[""]
[""]
[""]
[""]
[""]
[""]
[""]
[""]
[""]
[""]
[{"$f":"IF(AND(B13443<>\"\",B13444<>\"\"),A13443+1,\"\")","v":""}]
[""]
[""]
[""]
[""]
[""]
[""]
[""]
[""]
[""]
[""]
[""]
[""]
[""]
[""]
[""]
[""]
[""]
[""]
[""]
[""]
[""]
[""]
[""]
[""]
[""]
[""]
[""]
[""]
[""]
[""]
[""]
[""]
[""]
[""]
[""]
[""]
[""]
[""]
[""]
[""]
[""]
[""]
[""]
[""]
[""]
[""]
[""]
[""]
[""]
[""]
[""]
[""]
[""]
[""]
[""]
[""]
[""]
[""]
[""]
[""]
[""]
[""]
[""]
[{"$f":"IF(AND(B13507<>\"\",B13508<>\"\"),A13507+1,\"\")","v":""}]
[""]
[""]
[""]
[""]
[""]
[""]
[""]
[""]
[""]
[""]
[""]
[""]
[""]
[""]
[""]
[""]
[""]
[""]
[""]
[""]
[""]
[""]
[""]
[""]
[""]
[""]
[""]
[""]
[""]
[""]
[""]
[""]
[""]
[""]
[""]
[""]
[""]
[""]
[""]
[""]
[""]
[""]
[""]
[""]
[""]
[""]
[""]
[""]
[""]
[""]
[""]
[""]
[""]
[""]
[""]
[""]
[""]
[""]
[""]
[""]
[""]
[""]
[""]
[{"$f":"IF(AND(B13571<>\"\",B13572<>\"\"),A13571+1,\"\")","v":""}]
[""]
[""]
[""]
[""]
[""]
[""]
[""]
[""]
[""]
[""]
[""]
[""]
[""]
[""]
[""]
[""]
[""]
[""]
[""]
[""]
[""]
[""]
[""]
[""]
[""]
[""]
[""]
[""]
[""]
[""]
[""]
[""]
[""]
[""]
[""]
[""]
[""]
[""]
[""]
[""]
[""]
[""]
[""]
[""]
[""]
[""]
[""]
[""]
[""]
[""]
[""]
[""]
[""]
[""]
[""]
[""]
[""]
[""]
[""]
[""]
[""]
[""]
[""]
[{"$f":"IF(AND(B13635<>\"\",B13636<>\"\"),A13635+1,\"\")","v":""}]
[""]
[""]
[""]
[""]
[""]
[""]
[""]
[""]
[""]
[""]
[""]
[""]
[""]
[""]
[""]
[""]
[""]
[""]
[""]
[""]
[""]
[""]
[""]
[""]
[""]
[""]
[""]
[""]
[""]
[""]
[""]
[""]
[""]
[""]
[""]
[""]
[""]
[""]
[""]
[""]
[""]
[""]
[""]
[""]
[""]
[""]
[""]
[""]
[""]
[""]
[""]
[""]
[""]
[""]
[""]
[""]
[""]
[""]
[""]
[""]
[""]
[""]
[""]
[{"$f":"IF(AND(B13699<>\"\",B13700<>\"\"),A13699+1,\"\")","v":""}]
[""]
[""]
[""]
[""]
[""]
[""]
[""]
[""]
[""]
[""]
[""]
[""]
[""]
[""]
[""]
[""]
[""]
[""]
[""]
[""]
[""]
[""]
[""]
[""]
[""]
[""]
[""]
[""]
[""]
[""]
[""]
[""]
[""]
[""]
[""]
[""]
[""]
[""]
[""]
[""]
[""]
[""]
[""]
[""]
[""]
[""]
[""]
[""]
[""]
[""]
[""]
[""]
[""]
[""]
[""]
[""]
[""]
[""]
[""]
[""]
[""]
[""]
[""]
[{"$f":"IF(AND(B13763<>\"\",B13764<>\"\"),A13763+1,\"\")","v":""}]
[""]
[""]
[""]
[""]
[""]
[""]
[""]
[""]
[""]
[""]
[""]
[""]
[""]
[""]
[""]
[""]
[""]
[""]
[""]
[""]
[""]
[""]
[""]
[""]
[""]
[""]
[""]
[""]
[""]
[""]
[""]
[""]
[""]
[""]
[""]
[""]
[""]
[""]
[""]
[""]
[""]
[""]
[""]
[""]
[""]
[""]
[""]
[""]
[""]
[""]
[""]
[""]
[""]
[""]
[""]
[""]
[""]
[""]
[""]
[""]
[""]
[""]
[""]
[{"$f":"IF(AND(B13827<>\"\",B13828<>\"\"),A13827+1,\"\")","v":""}]
[""]
[""]
[""]
[""]
[""]
[""]
[""]
[""]
[""]
[""]
[""]
[""]
[""]
[""]
[""]
[""]
[""]
[""]
[""]
[""]
[""]
[""]
[""]
[""]
[""]
[""]
[""]
[""]
[""]
[""]
[""]
[""]
[""]
[""]
[""]
[""]
[""]
[""]
[""]
[""]
[""]
[""]
[""]
[""]
[""]
[""]
[""]
[""]
[""]
[""]
[""]
[""]
[""]
[""]
[""]
[""]
[""]
[""]
[""]
[""]
[""]
[""]
[""]
[{"$f":"IF(AND(B13891<>\"\",B13892<>\"\"),A13891+1,\"\")","v":""}]
[""]
[""]
[""]
[""]
[""]
[""]
[""]
[""]
[""]
[""]
[""]
[""]
[""]
[""]
[""]
[""]
[""]
[""]
[""]
[""]
[""]
[""]
[""]
[""]
[""]
[""]
[""]
[""]
[""]
[""]
[""]
[""]
[""]
[""]
[""]
[""]
[""]
[""]
[""]
[""]
[""]
[""]
[""]
[""]
[""]
[""]
[""]
[""]
[""]
[""]
[""]
[""]
[""]
[""]
[""]
[""]
[""]
[""]
[""]
[""]
[""]
[""]
[""]
[{"$f":"IF(AND(B13955<>\"\",B13956<>\"\"),A13955+1,\"\")","v":""}]
[""]
[""]
[""]
[""]
[""]
[""]
[""]
[""]
[""]
[""]
[""]
[""]
[""]
[""]
[""]
[""]
[""]
[""]
[""]
[""]
[""]
[""]
[""]
[""]
[""]
[""]
[""]
[""]
[""]
[""]
[""]
[""]
[""]
[""]
[""]
[""]
[""]
[""]
[""]
[""]
[""]
[""]
[""]
[""]
[""]
[""]
[""]
[""]
[""]
[""]
[""]
[""]
[""]
[""]
[""]
[""]
[""]
[""]
[""]
[""]
[""]
[""]
[""]
[{"$f":"IF(AND(B14019<>\"\",B14020<>\"\"),A14019+1,\"\")","v":""}]
[""]
[""]
[""]
[""]
[""]
[""]
[""]
[""]
[""]
[""]
[""]
[""]
[""]
[""]
[""]
[""]
[""]
[""]
[""]
[""]
[""]
[""]
[""]
[""]
[""]
[""]
[""]
[""]
[""]
[""]
[""]
[""]
[""]
[""]
[""]
[""]
[""]
[""]
[""]
[""]
[""]
[""]
[""]
[""]
[""]
[""]
[""]
[""]
[""]
[""]
[""]
[""]
[""]
[""]
[""]
[""]
[""]
[""]
[""]
[""]
[""]
[""]
[""]
[{"$f":"IF(AND(B14083<>\"\",B14084<>\"\"),A14083+1,\"\")","v":""}]
[""]
[""]
[""]
[""]
[""]
[""]
[""]
[""]
[""]
[""]
[""]
[""]
[""]
[""]
[""]
[""]
[""]
[""]
[""]
[""]
[""]
[""]
[""]
[""]
[""]
[""]
[""]
[""]
[""]
[""]
[""]
[""]
[""]
[""]
[""]
[""]
[""]
[""]
[""]
[""]
[""]
[""]
[""]
[""]
[""]
[""]
[""]
[""]
[""]
[""]
[""]
[""]
[""]
[""]
[""]
[""]
[""]
[""]
[""]
[""]
[""]
[""]
[""]
[{"$f":"IF(AND(B14147<>\"\",B14148<>\"\"),A14147+1,\"\")","v":""}]
[""]
[""]
[""]
[""]
[""]
[""]
[""]
[""]
[""]
[""]
[""]
[""]
[""]
[""]
[""]
[""]
[""]
[""]
[""]
[""]
[""]
[""]
[""]
[""]
[""]
[""]
[""]
[""]
[""]
[""]
[""]
[""]
[""]
[""]
[""]
[""]
[""]
[""]
[""]
[""]
[""]
[""]
[""]
[""]
[""]
[""]
[""]
[""]
[""]
[""]
[""]
[""]
[""]
[""]
[""]
[""]
[""]
[""]
[""]
[""]
[""]
[""]
[""]
[{"$f":"IF(AND(B14211<>\"\",B14212<>\"\"),A14211+1,\"\")","v":""}]
[""]
[""]
[""]
[""]
[""]
[""]
[""]
[""]
[""]
[""]
[""]
[""]
[""]
[""]
[""]
[""]
[""]
[""]
[""]
[""]
[""]
[""]
[""]
[""]
[""]
[""]
[""]
[""]
[""]
[""]
[""]
[""]
[""]
[""]
[""]
[""]
[""]
[""]
[""]
[""]
[""]
[""]
[""]
[""]
[""]
[""]
[""]
[""]
[""]
[""]
[""]
[""]
[""]
[""]
[""]
[""]
[""]
[""]
[""]
[""]
[""]
[""]
[""]
[{"$f":"IF(AND(B14275<>\"\",B14276<>\"\"),A14275+1,\"\")","v":""}]
[""]
[""]
[""]
[""]
[""]
[""]
[""]
[""]
[""]
[""]
[""]
[""]
[""]
[""]
[""]
[""]
[""]
[""]
[""]
[""]
[""]
[""]
[""]
[""]
[""]
[""]
[""]
[""]
[""]
[""]
[""]
[""]
[""]
[""]
[""]
[""]
[""]
[""]
[""]
[""]
[""]
[""]
[""]
[""]
[""]
[""]
[""]
[""]
[""]
[""]
[""]
[""]
[""]
[""]
[""]
[""]
[""]
[""]
[""]
[""]
[""]
[""]
[""]
[{"$f":"IF(AND(B14339<>\"\",B14340<>\"\"),A14339+1,\"\")","v":""}]
[""]
[""]
[""]
[""]
[""]
[""]
[""]
[""]
[""]
[""]
[""]
[""]
[""]
[""]
[""]
[""]
[""]
[""]
[""]
[""]
[""]
[""]
[""]
[""]
[""]
[""]
[""]
[""]
[""]
[""]
[""]
[""]
[""]
[""]
[""]
[""]
[""]
[""]
[""]
[""]
[""]
[""]
[""]
[""]
[""]
[""]
[""]
[""]
[""]
[""]
[""]
[""]
[""]
[""]
[""]
[""]
[""]
[""]
[""]
[""]
[""]
[""]
[""]
[{"$f":"IF(AND(B14403<>\"\",B14404<>\"\"),A14403+1,\"\")","v":""}]
[""]
[""]
[""]
[""]
[""]
[""]
[""]
[""]
[""]
[""]
[""]
[""]
[""]
[""]
[""]
[""]
[""]
[""]
[""]
[""]
[""]
[""]
[""]
[""]
[""]
[""]
[""]
[""]
[""]
[""]
[""]
[""]
[""]
[""]
[""]
[""]
[""]
[""]
[""]
[""]
[""]
[""]
[""]
[""]
[""]
[""]
[""]
[""]
[""]
[""]
[""]
[""]
[""]
[""]
[""]
[""]
[""]
[""]
[""]
[""]
[""]
[""]
[""]
[{"$f":"IF(AND(B14467<>\"\",B14468<>\"\"),A14467+1,\"\")","v":""}]
[""]
[""]
[""]
[""]
[""]
[""]
[""]
[""]
[""]
[""]
[""]
[""]
[""]
[""]
[""]
[""]
[""]
[""]
[""]
[""]
[""]
[""]
[""]
[""]
[""]
[""]
[""]
[""]
[""]
[""]
[""]
[""]
[""]
[""]
[""]
[""]
[""]
[""]
[""]
[""]
[""]
[""]
[""]
[""]
[""]
[""]
[""]
[""]
[""]
[""]
[""]
[""]
[""]
[""]
[""]
[""]
[""]
[""]
[""]
[""]
[""]
[""]
[""]
[{"$f":"IF(AND(B14531<>\"\",B14532<>\"\"),A14531+1,\"\")","v":""}]
[""]
[""]
[""]
[""]
[""]
[""]
[""]
[""]
[""]
[""]
[""]
[""]
[""]
[""]
[""]
[""]
[""]
[""]
[""]
[""]
[""]
[""]
[""]
[""]
[""]
[""]
[""]
[""]
[""]
[""]
[""]
[""]
[""]
[""]
[""]
[""]
[""]
[""]
[""]
[""]
[""]
[""]
[""]
[""]
[""]
[""]
[""]
[""]
[""]
[""]
[""]
[""]
[""]
[""]
[""]
[""]
[""]
[""]
[""]
[""]
[""]
[""]
[""]
[{"$f":"IF(AND(B14595<>\"\",B14596<>\"\"),A14595+1,\"\")","v":""}]
[""]
[""]
[""]
[""]
[""]
[""]
[""]
[""]
[""]
[""]
[""]
[""]
[""]
[""]
[""]
[""]
[""]
[""]
[""]
[""]
[""]
[""]
[""]
[""]
[""]
[""]
[""]
[""]
[""]
[""]
[""]
[""]
[""]
[""]
[""]
[""]
[""]
[""]
[""]
[""]
[""]
[""]
[""]
[""]
[""]
[""]
[""]
[""]
[""]
[""]
[""]
[""]
[""]
[""]
[""]
[""]
[""]
[""]
[""]
[""]
[""]
[""]
[""]
[{"$f":"IF(AND(B14659<>\"\",B14660<>\"\"),A14659+1,\"\")","v":""}]
[""]
[""]
[""]
[""]
[""]
[""]
[""]
[""]
[""]
[""]
[""]
[""]
[""]
[""]
[""]
[""]
[""]
[""]
[""]
[""]
[""]
[""]
[""]
[""]
[""]
[""]
[""]
[""]
[""]
[""]
[""]
[""]
[""]
[""]
[""]
[""]
[""]
[""]
[""]
[""]
[""]
[""]
[""]
[""]
[""]
[""]
[""]
[""]
[""]
[""]
[""]
[""]
[""]
[""]
[""]
[""]
[""]
[""]
[""]
[""]
[""]
[""]
[""]
[{"$f":"IF(AND(B14723<>\"\",B14724<>\"\"),A14723+1,\"\")","v":""}]
[""]
[""]
[""]
[""]
[""]
[""]
[""]
[""]
[""]
[""]
[""]
[""]
[""]
[""]
[""]
[""]
[""]
[""]
[""]
[""]
[""]
[""]
[""]
[""]
[""]
[""]
[""]
[""]
[""]
[""]
[""]
[""]
[""]
[""]
[""]
[""]
[""]
[""]
[""]
[""]
[""]
[""]
[""]
[""]
[""]
[""]
[""]
[""]
[""]
[""]
[""]
[""]
[""]
[""]
[""]
[""]
[""]
[""]
[""]
[""]
[""]
[""]
[""]
[{"$f":"IF(AND(B14787<>\"\",B14788<>\"\"),A14787+1,\"\")","v":""}]
[""]
[""]
[""]
[""]
[""]
[""]
[""]
[""]
[""]
[""]
[""]
[""]
[""]
[""]
[""]
[""]
[""]
[""]
[""]
[""]
[""]
[""]
[""]
[""]
[""]
[""]
[""]
[""]
[""]
[""]
[""]
[""]
[""]
[""]
[""]
[""]
[""]
[""]
[""]
[""]
[""]
[""]
[""]
[""]
[""]
[""]
[""]
[""]
[""]
[""]
[""]
[""]
[""]
[""]
[""]
[""]
[""]
[""]
[""]
[""]
[""]
[""]
[""]
[{"$f":"IF(AND(B14851<>\"\",B14852<>\"\"),A14851+1,\"\")","v":""}]
[""]
[""]
[""]
[""]
[""]
[""]
[""]
[""]
[""]
[""]
[""]
[""]
[""]
[""]
[""]
[""]
[""]
[""]
[""]
[""]
[""]
[""]
[""]
[""]
[""]
[""]
[""]
[""]
[""]
[""]
[""]
[""]
[""]
[""]
[""]
[""]
[""]
[""]
[""]
[""]
[""]
[""]
[""]
[""]
[""]
[""]
[""]
[""]
[""]
[""]
[""]
[""]
[""]
[""]
[""]
[""]
[""]
[""]
[""]
[""]
[""]
[""]
[""]
[{"$f":"IF(AND(B14915<>\"\",B14916<>\"\"),A14915+1,\"\")","v":""}]
[""]
[""]
[""]
[""]
[""]
[""]
[""]
[""]
[""]
[""]
[""]
[""]
[""]
[""]
[""]
[""]
[""]
[""]
[""]
[""]
[""]
[""]
[""]
[""]
[""]
[""]
[""]
[""]
[""]
[""]
[""]
[""]
[""]
[""]
[""]
[""]
[""]
[""]
[""]
[""]
[""]
[""]
[""]
[""]
[""]
[""]
[""]
[""]
[""]
[""]
[""]
[""]
[""]
[""]
[""]
[""]
[""]
[""]
[""]
[""]
[""]
[""]
[""]
[{"$f":"IF(AND(B14979<>\"\",B14980<>\"\"),A14979+1,\"\")","v":""}]
[""]
[""]
[""]
[""]
[""]
[""]
[""]
[""]
[""]
[""]
[""]
[""]
[""]
[""]
[""]
[""]
[""]
[""]
[""]
[""]
[""]
[""]
[""]
[""]
[""]
[""]
[""]
[""]
[""]
[""]
[""]
[""]
[""]
[""]
[""]
[""]
[""]
[""]
[""]
[""]
[""]
[""]
[""]
[""]
[""]
[""]
[""]
[""]
[""]
[""]
[""]
[""]
[""]
[""]
[""]
[""]
[""]
[""]
[""]
[""]
[""]
[""]
[""]
[{"$f":"IF(AND(B15043<>\"\",B15044<>\"\"),A15043+1,\"\")","v":""}]
[""]
[""]
[""]
[""]
[""]
[""]
[""]
[""]
[""]
[""]
[""]
[""]
[""]
[""]
[""]
[""]
[""]
[""]
[""]
[""]
[""]
[""]
[""]
[""]
[""]
[""]
[""]
[""]
[""]
[""]
[""]
[""]
[""]
[""]
[""]
[""]
[""]
[""]
[""]
[""]
[""]
[""]
[""]
[""]
[""]
[""]
[""]
[""]
[""]
[""]
[""]
[""]
[""]
[""]
[""]
[""]
[""]
[""]
[""]
[""]
[""]
[""]
[""]
[{"$f":"IF(AND(B15107<>\"\",B15108<>\"\"),A15107+1,\"\")","v":""}]
[""]
[""]
[""]
[""]
[""]
[""]
[""]
[""]
[""]
[""]
[""]
[""]
[""]
[""]
[""]
[""]
[""]
[""]
[""]
[""]
[""]
[""]
[""]
[""]
[""]
[""]
[""]
[""]
[""]
[""]
[""]
[""]
[""]
[""]
[""]
[""]
[""]
[""]
[""]
[""]
[""]
[""]
[""]
[""]
[""]
[""]
[""]
[""]
[""]
[""]
[""]
[""]
[""]
[""]
[""]
[""]
[""]
[""]
[""]
[""]
[""]
[""]
[""]
[{"$f":"IF(AND(B15171<>\"\",B15172<>\"\"),A15171+1,\"\")","v":""}]
[""]
[""]
[""]
[""]
[""]
[""]
[""]
[""]
[""]
[""]
[""]
[""]
[""]
[""]
[""]
[""]
[""]
[""]
[""]
[""]
[""]
[""]
[""]
[""]
[""]
[""]
[""]
[""]
[""]
[""]
[""]
[""]
[""]
[""]
[""]
[""]
[""]
[""]
[""]
[""]
[""]
[""]
[""]
[""]
[""]
[""]
[""]
[""]
[""]
[""]
[""]
[""]
[""]
[""]
[""]
[""]
[""]
[""]
[""]
[""]
[""]
[""]
[""]
[{"$f":"IF(AND(B15235<>\"\",B15236<>\"\"),A15235+1,\"\")","v":""}]
[""]
[""]
[""]
[""]
[""]
[""]
[""]
[""]
[""]
[""]
[""]
[""]
[""]
[""]
[""]
[""]
[""]
[""]
[""]
[""]
[""]
[""]
[""]
[""]
[""]
[""]
[""]
[""]
[""]
[""]
[""]
[""]
[""]
[""]
[""]
[""]
[""]
[""]
[""]
[""]
[""]
[""]
[""]
[""]
[""]
[""]
[""]
[""]
[""]
[""]
[""]
[""]
[""]
[""]
[""]
[""]
[""]
[""]
[""]
[""]
[""]
[""]
[""]
[{"$f":"IF(AND(B15299<>\"\",B15300<>\"\"),A15299+1,\"\")","v":""}]
[""]
[""]
[""]
[""]
[""]
[""]
[""]
[""]
[""]
[""]
[""]
[""]
[""]
[""]
[""]
[""]
[""]
[""]
[""]
[""]
[""]
[""]
[""]
[""]
[""]
[""]
[""]
[""]
[""]
[""]
[""]
[""]
[""]
[""]
[""]
[""]
[""]
[""]
[""]
[""]
[""]
[""]
[""]
[""]
[""]
[""]
[""]
[""]
[""]
[""]
[""]
[""]
[""]
[""]
[""]
[""]
[""]
[""]
[""]
[""]
[""]
[""]
[""]
[{"$f":"IF(AND(B15363<>\"\",B15364<>\"\"),A15363+1,\"\")","v":""}]
[""]
[""]
[""]
[""]
[""]
[""]
[""]
[""]
[""]
[""]
[""]
[""]
[""]
[""]
[""]
[""]
[""]
[""]
[""]
[""]
[""]
[""]
[""]
[""]
[""]
[""]
[""]
[""]
[""]
[""]
[""]
[""]
[""]
[""]
[""]
[""]
[""]
[""]
[""]
[""]
[""]
[""]
[""]
[""]
[""]
[""]
[""]
[""]
[""]
[""]
[""]
[""]
[""]
[""]
[""]
[""]
[""]
[""]
[""]
[""]
[""]
[""]
[""]
[{"$f":"IF(AND(B15427<>\"\",B15428<>\"\"),A15427+1,\"\")","v":""}]
[""]
[""]
[""]
[""]
[""]
[""]
[""]
[""]
[""]
[""]
[""]
[""]
[""]
[""]
[""]
[""]
[""]
[""]
[""]
[""]
[""]
[""]
[""]
[""]
[""]
[""]
[""]
[""]
[""]
[""]
[""]
[""]
[""]
[""]
[""]
[""]
[""]
[""]
[""]
[""]
[""]
[""]
[""]
[""]
[""]
[""]
[""]
[""]
[""]
[""]
[""]
[""]
[""]
[""]
[""]
[""]
[""]
[""]
[""]
[""]
[""]
[""]
[""]
[{"$f":"IF(AND(B15491<>\"\",B15492<>\"\"),A15491+1,\"\")","v":""}]
[""]
[""]
[""]
[""]
[""]
[""]
[""]
[""]
[""]
[""]
[""]
[""]
[""]
[""]
[""]
[""]
[""]
[""]
[""]
[""]
[""]
[""]
[""]
[""]
[""]
[""]
[""]
[""]
[""]
[""]
[""]
[""]
[""]
[""]
[""]
[""]
[""]
[""]
[""]
[""]
[""]
[""]
[""]
[""]
[""]
[""]
[""]
[""]
[""]
[""]
[""]
[""]
[""]
[""]
[""]
[""]
[""]
[""]
[""]
[""]
[""]
[""]
[""]
[{"$f":"IF(AND(B15555<>\"\",B15556<>\"\"),A15555+1,\"\")","v":""}]
[""]
[""]
[""]
[""]
[""]
[""]
[""]
[""]
[""]
[""]
[""]
[""]
[""]
[""]
[""]
[""]
[""]
[""]
[""]
[""]
[""]
[""]
[""]
[""]
[""]
[""]
[""]
[""]
[""]
[""]
[""]
[""]
[""]
[""]
[""]
[""]
[""]
[""]
[""]
[""]
[""]
[""]
[""]
[""]
[""]
[""]
[""]
[""]
[""]
[""]
[""]
[""]
[""]
[""]
[""]
[""]
[""]
[""]
[""]
[""]
[""]
[""]
[""]
[{"$f":"IF(AND(B15619<>\"\",B15620<>\"\"),A15619+1,\"\")","v":""}]
[""]
[""]
[""]
[""]
[""]
[""]
[""]
[""]
[""]
[""]
[""]
[""]
[""]
[""]
[""]
[""]
[""]
[""]
[""]
[""]
[""]
[""]
[""]
[""]
[""]
[""]
[""]
[""]
[""]
[""]
[""]
[""]
[""]
[""]
[""]
[""]
[""]
[""]
[""]
[""]
[""]
[""]
[""]
[""]
[""]
[""]
[""]
[""]
[""]
[""]
[""]
[""]
[""]
[""]
[""]
[""]
[""]
[""]
[""]
[""]
[""]
[""]
[""]
[{"$f":"IF(AND(B15683<>\"\",B15684<>\"\"),A15683+1,\"\")","v":""}]
[""]
[""]
[""]
[""]
[""]
[""]
[""]
[""]
[""]
[""]
[""]
[""]
[""]
[""]
[""]
[""]
[""]
[""]
[""]
[""]
[""]
[""]
[""]
[""]
[""]
[""]
[""]
[""]
[""]
[""]
[""]
[""]
[""]
[""]
[""]
[""]
[""]
[""]
[""]
[""]
[""]
[""]
[""]
[""]
[""]
[""]
[""]
[""]
[""]
[""]
[""]
[""]
[""]
[""]
[""]
[""]
[""]
[""]
[""]
[""]
[""]
[""]
[""]
[{"$f":"IF(AND(B15747<>\"\",B15748<>\"\"),A15747+1,\"\")","v":""}]
[""]
[""]
[""]
[""]
[""]
[""]
[""]
[""]
[""]
[""]
[""]
[""]
[""]
[""]
[""]
[""]
[""]
[""]
[""]
[""]
[""]
[""]
[""]
[""]
[""]
[""]
[""]
[""]
[""]
[""]
[""]
[""]
[""]
[""]
[""]
[""]
[""]
[""]
[""]
[""]
[""]
[""]
[""]
[""]
[""]
[""]
[""]
[""]
[""]
[""]
[""]
[""]
[""]
[""]
[""]
[""]
[""]
[""]
[""]
[""]
[""]
[""]
[""]
[{"$f":"IF(AND(B15811<>\"\",B15812<>\"\"),A15811+1,\"\")","v":""}]
[""]
[""]
[""]
[""]
[""]
[""]
[""]
[""]
[""]
[""]
[""]
[""]
[""]
[""]
[""]
[""]
[""]
[""]
[""]
[""]
[""]
[""]
[""]
[""]
[""]
[""]
[""]
[""]
[""]
[""]
[""]
[""]
[""]
[""]
[""]
[""]
[""]
[""]
[""]
[""]
[""]
[""]
[""]
[""]
[""]
[""]
[""]
[""]
[""]
[""]
[""]
[""]
[""]
[""]
[""]
[""]
[""]
[""]
[""]
[""]
[""]
[""]
[""]
[{"$f":"IF(AND(B15875<>\"\",B15876<>\"\"),A15875+1,\"\")","v":""}]
[""]
[""]
[""]
[""]
[""]
[""]
[""]
[""]
[""]
[""]
[""]
[""]
[""]
[""]
[""]
[""]
[""]
[""]
[""]
[""]
[""]
[""]
[""]
[""]
[""]
[""]
[""]
[""]
[""]
[""]
[""]
[""]
[""]
[""]
[""]
[""]
[""]
[""]
[""]
[""]
[""]
[""]
[""]
[""]
[""]
[""]
[""]
[""]
[""]
[""]
[""]
[""]
[""]
[""]
[""]
[""]
[""]
[""]
[""]
[""]
[""]
[""]
[""]
[{"$f":"IF(AND(B15939<>\"\",B15940<>\"\"),A15939+1,\"\")","v":""}]
[""]
[""]
[""]
[""]
[""]
[""]
[""]
[""]
[""]
[""]
[""]
[""]
[""]
[""]
[""]
[""]
[""]
[""]
[""]
[""]
[""]
[""]
[""]
[""]
[""]
[""]
[""]
[""]
[""]
[""]
[""]
[""]
[""]
[""]
[""]
[""]
[""]
[""]
[""]
[""]
[""]
[""]
[""]
[""]
[""]
[""]
[""]
[""]
[""]
[""]
[""]
[""]
[""]
[""]
[""]
[""]
[""]
[""]
[""]
[""]
[""]
[""]
[""]
[{"$f":"IF(AND(B16003<>\"\",B16004<>\"\"),A16003+1,\"\")","v":""}]
[""]
[""]
[""]
[""]
[""]
[""]
[""]
[""]
[""]
[""]
[""]
[""]
[""]
[""]
[""]
[""]
[""]
[""]
[""]
[""]
[""]
[""]
[""]
[""]
[""]
[""]
[""]
[""]
[""]
[""]
[""]
[""]
[""]
[""]
[""]
[""]
[""]
[""]
[""]
[""]
[""]
[""]
[""]
[""]
[""]
[""]
[""]
[""]
[""]
[""]
[""]
[""]
[""]
[""]
[""]
[""]
[""]
[""]
[""]
[""]
[""]
[""]
[""]
[{"$f":"IF(AND(B16067<>\"\",B16068<>\"\"),A16067+1,\"\")","v":""}]
[""]
[""]
[""]
[""]
[""]
[""]
[""]
[""]
[""]
[""]
[""]
[""]
[""]
[""]
[""]
[""]
[""]
[""]
[""]
[""]
[""]
[""]
[""]
[""]
[""]
[""]
[""]
[""]
[""]
[""]
[""]
[""]
[""]
[""]
[""]
[""]
[""]
[""]
[""]
[""]
[""]
[""]
[""]
[""]
[""]
[""]
[""]
[""]
[""]
[""]
[""]
[""]
[""]
[""]
[""]
[""]
[""]
[""]
[""]
[""]
[""]
[""]
[""]
[{"$f":"IF(AND(B16131<>\"\",B16132<>\"\"),A16131+1,\"\")","v":""}]
[""]
[""]
[""]
[""]
[""]
[""]
[""]
[""]
[""]
[""]
[""]
[""]
[""]
[""]
[""]
[""]
[""]
[""]
[""]
[""]
[""]
[""]
[""]
[""]
[""]
[""]
[""]
[""]
[""]
[""]
[""]
[""]
[""]
[""]
[""]
[""]
[""]
[""]
[""]
[""]
[""]
[""]
[""]
[""]
[""]
[""]
[""]
[""]
[""]
[""]
[""]
[""]
[""]
[""]
[""]
[""]
[""]
[""]
[""]
[""]
[""]
[""]
[""]
[{"$f":"IF(AND(B16195<>\"\",B16196<>\"\"),A16195+1,\"\")","v":""}]
[""]
[""]
[""]
[""]
[""]
[""]
[""]
[""]
[""]
[""]
[""]
[""]
[""]
[""]
[""]
[""]
[""]
[""]
[""]
[""]
[""]
[""]
[""]
[""]
[""]
[""]
[""]
[""]
[""]
[""]
[""]
[""]
[""]
[""]
[""]
[""]
[""]
[""]
[""]
[""]
[""]
[""]
[""]
[""]
[""]
[""]
[""]
[""]
[""]
[""]
[""]
[""]
[""]
[""]
[""]
[""]
[""]
[""]
[""]
[""]
[""]
[""]
[""]
[{"$f":"IF(AND(B16259<>\"\",B16260<>\"\"),A16259+1,\"\")","v":""}]
[""]
[""]
[""]
[""]
[""]
[""]
[""]
[""]
[""]
[""]
[""]
[""]
[""]
[""]
[""]
[""]
[""]
[""]
[""]
[""]
[""]
[""]
[""]
[""]
[""]
[""]
[""]
[""]
[""]
[""]
[""]
[""]
[""]
[""]
[""]
[""]
[""]
[""]
[""]
[""]
[""]
[""]
[""]
[""]
[""]
[""]
[""]
[""]
[""]
[""]
[""]
[""]
[""]
[""]
[""]
[""]
[""]
[""]
[""]
[""]
[""]
[""]
[""]
[{"$f":"IF(AND(B16323<>\"\",B16324<>\"\"),A16323+1,\"\")","v":""}]
[""]
[""]
[""]
[""]
[""]
[""]
[""]
[""]
[""]
[""]
[""]
[""]
[""]
[""]
[""]
[""]
[""]
[""]
[""]
[""]
[""]
[""]
[""]
[""]
[""]
[""]
[""]
[""]
[""]
[""]
[""]
[""]
[""]
[""]
[""]
[""]
[""]
[""]
[""]
[""]
[""]
[""]
[""]
[""]
[""]
[""]
[""]
[""]
[""]
[""]
[""]
[""]
[""]
[""]
[""]
[""]
[""]
[""]
[""]
[""]
[""]
[""]
[""]
[{"$f":"IF(AND(B16387<>\"\",B16388<>\"\"),A16387+1,\"\")","v":""}]
[""]
[""]
[""]
[""]
[""]
[""]
[""]
[""]
[""]
[""]
[""]
[""]
[""]
[""]
[""]
[""]
[""]
[""]
[""]
[""]
[""]
[""]
[""]
[""]
[""]
[""]
[""]
[""]
[""]
[""]
[""]
[""]
[""]
[""]
[""]
[""]
[""]
[""]
[""]
[""]
[""]
[""]
[""]
[""]
[""]
[""]
[""]
[""]
[""]
[""]
[""]
[""]
[""]
[""]
[""]
[""]
[""]
[""]
[""]
[""]
[""]
[""]
[""]
[{"$f":"IF(AND(B16451<>\"\",B16452<>\"\"),A16451+1,\"\")","v":""}]
[""]
[""]
[""]
[""]
[""]
[""]
[""]
[""]
[""]
[""]
[""]
[""]
[""]
[""]
[""]
[""]
[""]
[""]
[""]
[""]
[""]
[""]
[""]
[""]
[""]
[""]
[""]
[""]
[""]
[""]
[""]
[""]
[""]
[""]
[""]
[""]
[""]
[""]
[""]
[""]
[""]
[""]
[""]
[""]
[""]
[""]
[""]
[""]
[""]
[""]
[""]
[""]
[""]
[""]
[""]
[""]
[""]
[""]
[""]
[""]
[""]
[""]
[""]
[{"$f":"IF(AND(B16515<>\"\",B16516<>\"\"),A16515+1,\"\")","v":""}]
[""]
[""]
[""]
[""]
[""]
[""]
[""]
[""]
[""]
[""]
[""]
[""]
[""]
[""]
[""]
[""]
[""]
[""]
[""]
[""]
[""]
[""]
[""]
[""]
[""]
[""]
[""]
[""]
[""]
[""]
[""]
[""]
[""]
[""]
[""]
[""]
[""]
[""]
[""]
[""]
[""]
[""]
[""]
[""]
[""]
[""]
[""]
[""]
[""]
[""]
[""]
[""]
[""]
[""]
[""]
[""]
[""]
[""]
[""]
[""]
[""]
[""]
[""]
[{"$f":"IF(AND(B16579<>\"\",B16580<>\"\"),A16579+1,\"\")","v":""}]
[""]
[""]
[""]
[""]
[""]
[""]
[""]
[""]
[""]
[""]
[""]
[""]
[""]
[""]
[""]
[""]
[""]
[""]
[""]
[""]
[""]
[""]
[""]
[""]
[""]
[""]
[""]
[""]
[""]
[""]
[""]
[""]
[""]
[""]
[""]
[""]
[""]
[""]
[""]
[""]
[""]
[""]
[""]
[""]
[""]
[""]
[""]
[""]
[""]
[""]
[""]
[""]
[""]
[""]
[""]
[""]
[""]
[""]
[""]
[""]
[""]
[""]
[""]
[{"$f":"IF(AND(B16643<>\"\",B16644<>\"\"),A16643+1,\"\")","v":""}]
[""]
[""]
[""]
[""]
[""]
[""]
[""]
[""]
[""]
[""]
[""]
[""]
[""]
[""]
[""]
[""]
[""]
[""]
[""]
[""]
[""]
[""]
[""]
[""]
[""]
[""]
[""]
[""]
[""]
[""]
[""]
[""]
[""]
[""]
[""]
[""]
[""]
[""]
[""]
[""]
[""]
[""]
[""]
[""]
[""]
[""]
[""]
[""]
[""]
[""]
[""]
[""]
[""]
[""]
[""]
[""]
[""]
[""]
[""]
[""]
[""]
[""]
[""]
[{"$f":"IF(AND(B16707<>\"\",B16708<>\"\"),A16707+1,\"\")","v":""}]
[""]
[""]
[""]
[""]
[""]
[""]
[""]
[""]
[""]
[""]
[""]
[""]
[""]
[""]
[""]
[""]
[""]
[""]
[""]
[""]
[""]
[""]
[""]
[""]
[""]
[""]
[""]
[""]
[""]
[""]
[""]
[""]
[""]
[""]
[""]
[""]
[""]
[""]
[""]
[""]
[""]
[""]
[""]
[""]
[""]
[""]
[""]
[""]
[""]
[""]
[""]
[""]
[""]
[""]
[""]
[""]
[""]
[""]
[""]
[""]
[""]
[""]
[""]
[{"$f":"IF(AND(B16771<>\"\",B16772<>\"\"),A16771+1,\"\")","v":""}]
[""]
[""]
[""]
[""]
[""]
[""]
[""]
[""]
[""]
[""]
[""]
[""]
[""]
[""]
[""]
[""]
[""]
[""]
[""]
[""]
[""]
[""]
[""]
[""]
[""]
[""]
[""]
[""]
[""]
[""]
[""]
[""]
[""]
[""]
[""]
[""]
[""]
[""]
[""]
[""]
[""]
[""]
[""]
[""]
[""]
[""]
[""]
[""]
[""]
[""]
[""]
[""]
[""]
[""]
[""]
[""]
[""]
[""]
[""]
[""]
[""]
[""]
[""]
[{"$f":"IF(AND(B16835<>\"\",B16836<>\"\"),A16835+1,\"\")","v":""}]
[""]
[""]
[""]
[""]
[""]
[""]
[""]
[""]
[""]
[""]
[""]
[""]
[""]
[""]
[""]
[""]
[""]
[""]
[""]
[""]
[""]
[""]
[""]
[""]
[""]
[""]
[""]
[""]
[""]
[""]
[""]
[""]
[""]
[""]
[""]
[""]
[""]
[""]
[""]
[""]
[""]
[""]
[""]
[""]
[""]
[""]
[""]
[""]
[""]
[""]
[""]
[""]
[""]
[""]
[""]
[""]
[""]
[""]
[""]
[""]
[""]
[""]
[""]
[{"$f":"IF(AND(B16899<>\"\",B16900<>\"\"),A16899+1,\"\")","v":""}]
[""]
[""]
[""]
[""]
[""]
[""]
[""]
[""]
[""]
[""]
[""]
[""]
[""]
[""]
[""]
[""]
[""]
[""]
[""]
[""]
[""]
[""]
[""]
[""]
[""]
[""]
[""]
[""]
[""]
[""]
[""]
[""]
[""]
[""]
[""]
[""]
[""]
[""]
[""]
[""]
[""]
[""]
[""]
[""]
[""]
[""]
[""]
[""]
[""]
[""]
[""]
[""]
[""]
[""]
[""]
[""]
[""]
[""]
[""]
[""]
[""]
[""]
[""]
[{"$f":"IF(AND(B16963<>\"\",B16964<>\"\"),A16963+1,\"\")","v":""}]
[""]
[""]
[""]
[""]
[""]
[""]
[""]
[""]
[""]
[""]
[""]
[""]
[""]
[""]
[""]
[""]
[""]
[""]
[""]
[""]
[""]
[""]
[""]
[""]
[""]
[""]
[""]
[""]
[""]
[""]
[""]
[""]
[""]
[""]
[""]
[""]
[""]
[""]
[""]
[""]
[""]
[""]
[""]
[""]
[""]
[""]
[""]
[""]
[""]
[""]
[""]
[""]
[""]
[""]
[""]
[""]
[""]
[""]
[""]
[""]
[""]
[""]
[""]
[{"$f":"IF(AND(B17027<>\"\",B17028<>\"\"),A17027+1,\"\")","v":""}]
[""]
[""]
[""]
[""]
[""]
[""]
[""]
[""]
[""]
[""]
[""]
[""]
[""]
[""]
[""]
[""]
[""]
[""]
[""]
[""]
[""]
[""]
[""]
[""]
[""]
[""]
[""]
[""]
[""]
[""]
[""]
[""]
[""]
[""]
[""]
[""]
[""]
[""]
[""]
[""]
[""]
[""]
[""]
[""]
[""]
[""]
[""]
[""]
[""]
[""]
[""]
[""]
[""]
[""]
[""]
[""]
[""]
[""]
[""]
[""]
[""]
[""]
[""]
[{"$f":"IF(AND(B17091<>\"\",B17092<>\"\"),A17091+1,\"\")","v":""}]
[""]
[""]
[""]
[""]
[""]
[""]
[""]
[""]
[""]
[""]
[""]
[""]
[""]
[""]
[""]
[""]
[""]
[""]
[""]
[""]
[""]
[""]
[""]
[""]
[""]
[""]
[""]
[""]
[""]
[""]
[""]
[""]
[""]
[""]
[""]
[""]
[""]
[""]
[""]
[""]
[""]
[""]
[""]
[""]
[""]
[""]
[""]
[""]
[""]
[""]
[""]
[""]
[""]
[""]
[""]
[""]
[""]
[""]
[""]
[""]
[""]
[""]
[""]
[{"$f":"IF(AND(B17155<>\"\",B17156<>\"\"),A17155+1,\"\")","v":""}]
[""]
[""]
[""]
[""]
[""]
[""]
[""]
[""]
[""]
[""]
[""]
[""]
[""]
[""]
[""]
[""]
[""]
[""]
[""]
[""]
[""]
[""]
[""]
[""]
[""]
[""]
[""]
[""]
[""]
[""]
[""]
[""]
[""]
[""]
[""]
[""]
[""]
[""]
[""]
[""]
[""]
[""]
[""]
[""]
[""]
[""]
[""]
[""]
[""]
[""]
[""]
[""]
[""]
[""]
[""]
[""]
[""]
[""]
[""]
[""]
[""]
[""]
[""]
[{"$f":"IF(AND(B17219<>\"\",B17220<>\"\"),A17219+1,\"\")","v":""}]
[""]
[""]
[""]
[""]
[""]
[""]
[""]
[""]
[""]
[""]
[""]
[""]
[""]
[""]
[""]
[""]
[""]
[""]
[""]
[""]
[""]
[""]
[""]
[""]
[""]
[""]
[""]
[""]
[""]
[""]
[""]
[""]
[""]
[""]
[""]
[""]
[""]
[""]
[""]
[""]
[""]
[""]
[""]
[""]
[""]
[""]
[""]
[""]
[""]
[""]
[""]
[""]
[""]
[""]
[""]
[""]
[""]
[""]
[""]
[""]
[""]
[""]
[""]
[{"$f":"IF(AND(B17283<>\"\",B17284<>\"\"),A17283+1,\"\")","v":""}]
[""]
[""]
[""]
[""]
[""]
[""]
[""]
[""]
[""]
[""]
[""]
[""]
[""]
[""]
[""]
[""]
[""]
[""]
[""]
[""]
[""]
[""]
[""]
[""]
[""]
[""]
[""]
[""]
[""]
[""]
[""]
[""]
[""]
[""]
[""]
[""]
[""]
[""]
[""]
[""]
[""]
[""]
[""]
[""]
[""]
[""]
[""]
[""]
[""]
[""]
[""]
[""]
[""]
[""]
[""]
[""]
[""]
[""]
[""]
[""]
[""]
[""]
[""]
[{"$f":"IF(AND(B17347<>\"\",B17348<>\"\"),A17347+1,\"\")","v":""}]
[""]
[""]
[""]
[""]
[""]
[""]
[""]
[""]
[""]
[""]
[""]
[""]
[""]
[""]
[""]
[""]
[""]
[""]
[""]
[""]
[""]
[""]
[""]
[""]
[""]
[""]
[""]
[""]
[""]
[""]
[""]
[""]
[""]
[""]
[""]
[""]
[""]
[""]
[""]
[""]
[""]
[""]
[""]
[""]
[""]
[""]
[""]
[""]
[""]
[""]
[""]
[""]
[""]
[""]
[""]
[""]
[""]
[""]
[""]
[""]
[""]
[""]
[""]
[{"$f":"IF(AND(B17411<>\"\",B17412<>\"\"),A17411+1,\"\")","v":""}]
[""]
[""]
[""]
[""]
[""]
[""]
[""]
[""]
[""]
[""]
[""]
[""]
[""]
[""]
[""]
[""]
[""]
[""]
[""]
[""]
[""]
[""]
[""]
[""]
[""]
[""]
[""]
[""]
[""]
[""]
[""]
[""]
[""]
[""]
[""]
[""]
[""]
[""]
[""]
[""]
[""]
[""]
[""]
[""]
[""]
[""]
[""]
[""]
[""]
[""]
[""]
[""]
[""]
[""]
[""]
[""]
[""]
[""]
[""]
[""]
[""]
[""]
[""]
[{"$f":"IF(AND(B17475<>\"\",B17476<>\"\"),A17475+1,\"\")","v":""}]
[""]
[""]
[""]
[""]
[""]
[""]
[""]
[""]
[""]
[""]
[""]
[""]
[""]
[""]
[""]
[""]
[""]
[""]
[""]
[""]
[""]
[""]
[""]
[""]
[""]
[""]
[""]
[""]
[""]
[""]
[""]
[""]
[""]
[""]
[""]
[""]
[""]
[""]
[""]
[""]
[""]
[""]
[""]
[""]
[""]
[""]
[""]
[""]
[""]
[""]
[""]
[""]
[""]
[""]
[""]
[""]
[""]
[""]
[""]
[""]
[""]
[""]
[""]
[{"$f":"IF(AND(B17539<>\"\",B17540<>\"\"),A17539+1,\"\")","v":""}]
[""]
[""]
[""]
[""]
[""]
[""]
[""]
[""]
[""]
[""]
[""]
[""]
[""]
[""]
[""]
[""]
[""]
[""]
[""]
[""]
[""]
[""]
[""]
[""]
[""]
[""]
[""]
[""]
[""]
[""]
[""]
[""]
[""]
[""]
[""]
[""]
[""]
[""]
[""]
[""]
[""]
[""]
[""]
[""]
[""]
[""]
[""]
[""]
[""]
[""]
[""]
[""]
[""]
[""]
[""]
[""]
[""]
[""]
[""]
[""]
[""]
[""]
[""]
[{"$f":"IF(AND(B17603<>\"\",B17604<>\"\"),A17603+1,\"\")","v":""}]
[""]
[""]
[""]
[""]
[""]
[""]
[""]
[""]
[""]
[""]
[""]
[""]
[""]
[""]
[""]
[""]
[""]
[""]
[""]
[""]
[""]
[""]
[""]
[""]
[""]
[""]
[""]
[""]
[""]
[""]
[""]
[""]
[""]
[""]
[""]
[""]
[""]
[""]
[""]
[""]
[""]
[""]
[""]
[""]
[""]
[""]
[""]
[""]
[""]
[""]
[""]
[""]
[""]
[""]
[""]
[""]
[""]
[""]
[""]
[""]
[""]
[""]
[""]
[{"$f":"IF(AND(B17667<>\"\",B17668<>\"\"),A17667+1,\"\")","v":""}]
[""]
[""]
[""]
[""]
[""]
[""]
[""]
[""]
[""]
[""]
[""]
[""]
[""]
[""]
[""]
[""]
[""]
[""]
[""]
[""]
[""]
[""]
[""]
[""]
[""]
[""]
[""]
[""]
[""]
[""]
[""]
[""]
[""]
[""]
[""]
[""]
[""]
[""]
[""]
[""]
[""]
[""]
[""]
[""]
[""]
[""]
[""]
[""]
[""]
[""]
[""]
[""]
[""]
[""]
[""]
[""]
[""]
[""]
[""]
[""]
[""]
[""]
[""]
[{"$f":"IF(AND(B17731<>\"\",B17732<>\"\"),A17731+1,\"\")","v":""}]
[""]
[""]
[""]
[""]
[""]
[""]
[""]
[""]
[""]
[""]
[""]
[""]
[""]
[""]
[""]
[""]
[""]
[""]
[""]
[""]
[""]
[""]
[""]
[""]
[""]
[""]
[""]
[""]
[""]
[""]
[""]
[""]
[""]
[""]
[""]
[""]
[""]
[""]
[""]
[""]
[""]
[""]
[""]
[""]
[""]
[""]
[""]
[""]
[""]
[""]
[""]
[""]
[""]
[""]
[""]
[""]
[""]
[""]
[""]
[""]
[""]
[""]
[""]
[{"$f":"IF(AND(B17795<>\"\",B17796<>\"\"),A17795+1,\"\")","v":""}]
[""]
[""]
[""]
[""]
[""]
[""]
[""]
[""]
[""]
[""]
[""]
[""]
[""]
[""]
[""]
[""]
[""]
[""]
[""]
[""]
[""]
[""]
[""]
[""]
[""]
[""]
[""]
[""]
[""]
[""]
[""]
[""]
[""]
[""]
[""]
[""]
[""]
[""]
[""]
[""]
[""]
[""]
[""]
[""]
[""]
[""]
[""]
[""]
[""]
[""]
[""]
[""]
[""]
[""]
[""]
[""]
[""]
[""]
[""]
[""]
[""]
[""]
[""]
[{"$f":"IF(AND(B17859<>\"\",B17860<>\"\"),A17859+1,\"\")","v":""}]
[""]
[""]
[""]
[""]
[""]
[""]
[""]
[""]
[""]
[""]
[""]
[""]
[""]
[""]
[""]
[""]
[""]
[""]
[""]
[""]
[""]
[""]
[""]
[""]
[""]
[""]
[""]
[""]
[""]
[""]
[""]
[""]
[""]
[""]
[""]
[""]
[""]
[""]
[""]
[""]
[""]
[""]
[""]
[""]
[""]
[""]
[""]
[""]
[""]
[""]
[""]
[""]
[""]
[""]
[""]
[""]
[""]
[""]
[""]
[""]
[""]
[""]
[""]
[{"$f":"IF(AND(B17923<>\"\",B17924<>\"\"),A17923+1,\"\")","v":""}]
[""]
[""]
[""]
[""]
[""]
[""]
[""]
[""]
[""]
[""]
[""]
[""]
[""]
[""]
[""]
[""]
[""]
[""]
[""]
[""]
[""]
[""]
[""]
[""]
[""]
[""]
[""]
[""]
[""]
[""]
[""]
[""]
[""]
[""]
[""]
[""]
[""]
[""]
[""]
[""]
[""]
[""]
[""]
[""]
[""]
[""]
[""]
[""]
[""]
[""]
[""]
[""]
[""]
[""]
[""]
[""]
[""]
[""]
[""]
[""]
[""]
[""]
[""]
[{"$f":"IF(AND(B17987<>\"\",B17988<>\"\"),A17987+1,\"\")","v":""}]
[""]
[""]
[""]
[""]
[""]
[""]
[""]
[""]
[""]
[""]
[""]
[""]
[""]
[""]
[""]
[""]
[""]
[""]
[""]
[""]
[""]
[""]
[""]
[""]
[""]
[""]
[""]
[""]
[""]
[""]
[""]
[""]
[""]
[""]
[""]
[""]
[""]
[""]
[""]
[""]
[""]
[""]
[""]
[""]
[""]
[""]
[""]
[""]
[""]
[""]
[""]
[""]
[""]
[""]
[""]
[""]
[""]
[""]
[""]
[""]
[""]
[""]
[""]
[{"$f":"IF(AND(B18051<>\"\",B18052<>\"\"),A18051+1,\"\")","v":""}]
[""]
[""]
[""]
[""]
[""]
[""]
[""]
[""]
[""]
[""]
[""]
[""]
[""]
[""]
[""]
[""]
[""]
[""]
[""]
[""]
[""]
[""]
[""]
[""]
[""]
[""]
[""]
[""]
[""]
[""]
[""]
[""]
[""]
[""]
[""]
[""]
[""]
[""]
[""]
[""]
[""]
[""]
[""]
[""]
[""]
[""]
[""]
[""]
[""]
[""]
[""]
[""]
[""]
[""]
[""]
[""]
[""]
[""]
[""]
[""]
[""]
[""]
[""]
[{"$f":"IF(AND(B18115<>\"\",B18116<>\"\"),A18115+1,\"\")","v":""}]
[""]
[""]
[""]
[""]
[""]
[""]
[""]
[""]
[""]
[""]
[""]
[""]
[""]
[""]
[""]
[""]
[""]
[""]
[""]
[""]
[""]
[""]
[""]
[""]
[""]
[""]
[""]
[""]
[""]
[""]
[""]
[""]
[""]
[""]
[""]
[""]
[""]
[""]
[""]
[""]
[""]
[""]
[""]
[""]
[""]
[""]
[""]
[""]
[""]
[""]
[""]
[""]
[""]
[""]
[""]
[""]
[""]
[""]
[""]
[""]
[""]
[""]
[""]
[{"$f":"IF(AND(B18179<>\"\",B18180<>\"\"),A18179+1,\"\")","v":""}]
[""]
[""]
[""]
[""]
[""]
[""]
[""]
[""]
[""]
[""]
[""]
[""]
[""]
[""]
[""]
[""]
[""]
[""]
[""]
[""]
[""]
[""]
[""]
[""]
[""]
[""]
[""]
[""]
[""]
[""]
[""]
[""]
[""]
[""]
[""]
[""]
[""]
[""]
[""]
[""]
[""]
[""]
[""]
[""]
[""]
[""]
[""]
[""]
[""]
[""]
[""]
[""]
[""]
[""]
[""]
[""]
[""]
[""]
[""]
[""]
[""]
[""]
[""]
[{"$f":"IF(AND(B18243<>\"\",B18244<>\"\"),A18243+1,\"\")","v":""}]
[""]
[""]
[""]
[""]
[""]
[""]
[""]
[""]
[""]
[""]
[""]
[""]
[""]
[""]
[""]
[""]
[""]
[""]
[""]
[""]
[""]
[""]
[""]
[""]
[""]
[""]
[""]
[""]
[""]
[""]
[""]
[""]
[""]
[""]
[""]
[""]
[""]
[""]
[""]
[""]
[""]
[""]
[""]
[""]
[""]
[""]
[""]
[""]
[""]
[""]
[""]
[""]
[""]
[""]
[""]
[""]
[""]
[""]
[""]
[""]
[""]
[""]
[""]
[{"$f":"IF(AND(B18307<>\"\",B18308<>\"\"),A18307+1,\"\")","v":""}]
[""]
[""]
[""]
[""]
[""]
[""]
[""]
[""]
[""]
[""]
[""]
[""]
[""]
[""]
[""]
[""]
[""]
[""]
[""]
[""]
[""]
[""]
[""]
[""]
[""]
[""]
[""]
[""]
[""]
[""]
[""]
[""]
[""]
[""]
[""]
[""]
[""]
[""]
[""]
[""]
[""]
[""]
[""]
[""]
[""]
[""]
[""]
[""]
[""]
[""]
[""]
[""]
[""]
[""]
[""]
[""]
[""]
[""]
[""]
[""]
[""]
[""]
[""]
[{"$f":"IF(AND(B18371<>\"\",B18372<>\"\"),A18371+1,\"\")","v":""}]
[""]
[""]
[""]
[""]
[""]
[""]
[""]
[""]
[""]
[""]
[""]
[""]
[""]
[""]
[""]
[""]
[""]
[""]
[""]
[""]
[""]
[""]
[""]
[""]
[""]
[""]
[""]
[""]
[""]
[""]
[""]
[""]
[""]
[""]
[""]
[""]
[""]
[""]
[""]
[""]
[""]
[""]
[""]
[""]
[""]
[""]
[""]
[""]
[""]
[""]
[""]
[""]
[""]
[""]
[""]
[""]
[""]
[""]
[""]
[""]
[""]
[""]
[""]
[{"$f":"IF(AND(B18435<>\"\",B18436<>\"\"),A18435+1,\"\")","v":""}]
[""]
[""]
[""]
[""]
[""]
[""]
[""]
[""]
[""]
[""]
[""]
[""]
[""]
[""]
[""]
[""]
[""]
[""]
[""]
[""]
[""]
[""]
[""]
[""]
[""]
[""]
[""]
[""]
[""]
[""]
[""]
[""]
[""]
[""]
[""]
[""]
[""]
[""]
[""]
[""]
[""]
[""]
[""]
[""]
[""]
[""]
[""]
[""]
[""]
[""]
[""]
[""]
[""]
[""]
[""]
[""]
[""]
[""]
[""]
[""]
[""]
[""]
[""]
[{"$f":"IF(AND(B18499<>\"\",B18500<>\"\"),A18499+1,\"\")","v":""}]
[""]
[""]
[""]
[""]
[""]
[""]
[""]
[""]
[""]
[""]
[""]
[""]
[""]
[""]
[""]
[""]
[""]
[""]
[""]
[""]
[""]
[""]
[""]
[""]
[""]
[""]
[""]
[""]
[""]
[""]
[""]
[""]
[""]
[""]
[""]
[""]
[""]
[""]
[""]
[""]
[""]
[""]
[""]
[""]
[""]
[""]
[""]
[""]
[""]
[""]
[""]
[""]
[""]
[""]
[""]
[""]
[""]
[""]
[""]
[""]
[""]
[""]
[""]
[{"$f":"IF(AND(B18563<>\"\",B18564<>\"\"),A18563+1,\"\")","v":""}]
[""]
[""]
[""]
[""]
[""]
[""]
[""]
[""]
[""]
[""]
[""]
[""]
[""]
[""]
[""]
[""]
[""]
[""]
[""]
[""]
[""]
[""]
[""]
[""]
[""]
[""]
[""]
[""]
[""]
[""]
[""]
[""]
[""]
[""]
[""]
[""]
[""]
[""]
[""]
[""]
[""]
[""]
[""]
[""]
[""]
[""]
[""]
[""]
[""]
[""]
[""]
[""]
[""]
[""]
[""]
[""]
[""]
[""]
[""]
[""]
[""]
[""]
[""]
[{"$f":"IF(AND(B18627<>\"\",B18628<>\"\"),A18627+1,\"\")","v":""}]
[""]
[""]
[""]
[""]
[""]
[""]
[""]
[""]
[""]
[""]
[""]
[""]
[""]
[""]
[""]
[""]
[""]
[""]
[""]
[""]
[""]
[""]
[""]
[""]
[""]
[""]
[""]
[""]
[""]
[""]
[""]
[""]
[""]
[""]
[""]
[""]
[""]
[""]
[""]
[""]
[""]
[""]
[""]
[""]
[""]
[""]
[""]
[""]
[""]
[""]
[""]
[""]
[""]
[""]
[""]
[""]
[""]
[""]
[""]
[""]
[""]
[""]
[""]
[{"$f":"IF(AND(B18691<>\"\",B18692<>\"\"),A18691+1,\"\")","v":""}]
[""]
[""]
[""]
[""]
[""]
[""]
[""]
[""]
[""]
[""]
[""]
[""]
[""]
[""]
[""]
[""]
[""]
[""]
[""]
[""]
[""]
[""]
[""]
[""]
[""]
[""]
[""]
[""]
[""]
[""]
[""]
[""]
[""]
[""]
[""]
[""]
[""]
[""]
[""]
[""]
[""]
[""]
[""]
[""]
[""]
[""]
[""]
[""]
[""]
[""]
[""]
[""]
[""]
[""]
[""]
[""]
[""]
[""]
[""]
[""]
[""]
[""]
[""]
[{"$f":"IF(AND(B18755<>\"\",B18756<>\"\"),A18755+1,\"\")","v":""}]
[""]
[""]
[""]
[""]
[""]
[""]
[""]
[""]
[""]
[""]
[""]
[""]
[""]
[""]
[""]
[""]
[""]
[""]
[""]
[""]
[""]
[""]
[""]
[""]
[""]
[""]
[""]
[""]
[""]
[""]
[""]
[""]
[""]
[""]
[""]
[""]
[""]
[""]
[""]
[""]
[""]
[""]
[""]
[""]
[""]
[""]
[""]
[""]
[""]
[""]
[""]
[""]
[""]
[""]
[""]
[""]
[""]
[""]
[""]
[""]
[""]
[""]
[""]
[{"$f":"IF(AND(B18819<>\"\",B18820<>\"\"),A18819+1,\"\")","v":""}]
[""]
[""]
[""]
[""]
[""]
[""]
[""]
[""]
[""]
[""]
[""]
[""]
[""]
[""]
[""]
[""]
[""]
[""]
[""]
[""]
[""]
[""]
[""]
[""]
[""]
[""]
[""]
[""]
[""]
[""]
[""]
[""]
[""]
[""]
[""]
[""]
[""]
[""]
[""]
[""]
[""]
[""]
[""]
[""]
[""]
[""]
[""]
[""]
[""]
[""]
[""]
[""]
[""]
[""]
[""]
[""]
[""]
[""]
[""]
[""]
[""]
[""]
[""]
[{"$f":"IF(AND(B18883<>\"\",B18884<>\"\"),A18883+1,\"\")","v":""}]
[""]
[""]
[""]
[""]
[""]
[""]
[""]
[""]
[""]
[""]
[""]
[""]
[""]
[""]
[""]
[""]
[""]
[""]
[""]
[""]
[""]
[""]
[""]
[""]
[""]
[""]
[""]
[""]
[""]
[""]
[""]
[""]
[""]
[""]
[""]
[""]
[""]
[""]
[""]
[""]
[""]
[""]
[""]
[""]
[""]
[""]
[""]
[""]
[""]
[""]
[""]
[""]
[""]
[""]
[""]
[""]
[""]
[""]
[""]
[""]
[""]
[""]
[""]
[{"$f":"IF(AND(B18947<>\"\",B18948<>\"\"),A18947+1,\"\")","v":""}]
[""]
[""]
[""]
[""]
[""]
[""]
[""]
[""]
[""]
[""]
[""]
[""]
[""]
[""]
[""]
[""]
[""]
[""]
[""]
[""]
[""]
[""]
[""]
[""]
[""]
[""]
[""]
[""]
[""]
[""]
[""]
[""]
[""]
[""]
[""]
[""]
[""]
[""]
[""]
[""]
[""]
[""]
[""]
[""]
[""]
[""]
[""]
[""]
[""]
[""]
[""]
[""]
[""]
[""]
[""]
[""]
[""]
[""]
[""]
[""]
[""]
[""]
[""]
[{"$f":"IF(AND(B19011<>\"\",B19012<>\"\"),A19011+1,\"\")","v":""}]
[""]
[""]
[""]
[""]
[""]
[""]
[""]
[""]
[""]
[""]
[""]
[""]
[""]
[""]
[""]
[""]
[""]
[""]
[""]
[""]
[""]
[""]
[""]
[""]
[""]
[""]
[""]
[""]
[""]
[""]
[""]
[""]
[""]
[""]
[""]
[""]
[""]
[""]
[""]
[""]
[""]
[""]
[""]
[""]
[""]
[""]
[""]
[""]
[""]
[""]
[""]
[""]
[""]
[""]
[""]
[""]
[""]
[""]
[""]
[""]
[""]
[""]
[""]
[{"$f":"IF(AND(B19075<>\"\",B19076<>\"\"),A19075+1,\"\")","v":""}]
[""]
[""]
[""]
[""]
[""]
[""]
[""]
[""]
[""]
[""]
[""]
[""]
[""]
[""]
[""]
[""]
[""]
[""]
[""]
[""]
[""]
[""]
[""]
[""]
[""]
[""]
[""]
[""]
[""]
[""]
[""]
[""]
[""]
[""]
[""]
[""]
[""]
[""]
[""]
[""]
[""]
[""]
[""]
[""]
[""]
[""]
[""]
[""]
[""]
[""]
[""]
[""]
[""]
[""]
[""]
[""]
[""]
[""]
[""]
[""]
[""]
[""]
[""]
[{"$f":"IF(AND(B19139<>\"\",B19140<>\"\"),A19139+1,\"\")","v":""}]
[""]
[""]
[""]
[""]
[""]
[""]
[""]
[""]
[""]
[""]
[""]
[""]
[""]
[""]
[""]
[""]
[""]
[""]
[""]
[""]
[""]
[""]
[""]
[""]
[""]
[""]
[""]
[""]
[""]
[""]
[""]
[""]
[""]
[""]
[""]
[""]
[""]
[""]
[""]
[""]
[""]
[""]
[""]
[""]
[""]
[""]
[""]
[""]
[""]
[""]
[""]
[""]
[""]
[""]
[""]
[""]
[""]
[""]
[""]
[""]
[""]
[""]
[""]
[{"$f":"IF(AND(B19203<>\"\",B19204<>\"\"),A19203+1,\"\")","v":""}]
[""]
[""]
[""]
[""]
[""]
[""]
[""]
[""]
[""]
[""]
[""]
[""]
[""]
[""]
[""]
[""]
[""]
[""]
[""]
[""]
[""]
[""]
[""]
[""]
[""]
[""]
[""]
[""]
[""]
[""]
[""]
[""]
[""]
[""]
[""]
[""]
[""]
[""]
[""]
[""]
[""]
[""]
[""]
[""]
[""]
[""]
[""]
[""]
[""]
[""]
[""]
[""]
[""]
[""]
[""]
[""]
[""]
[""]
[""]
[""]
[""]
[""]
[""]
[{"$f":"IF(AND(B19267<>\"\",B19268<>\"\"),A19267+1,\"\")","v":""}]
[""]
[""]
[""]
[""]
[""]
[""]
[""]
[""]
[""]
[""]
[""]
[""]
[""]
[""]
[""]
[""]
[""]
[""]
[""]
[""]
[""]
[""]
[""]
[""]
[""]
[""]
[""]
[""]
[""]
[""]
[""]
[""]
[""]
[""]
[""]
[""]
[""]
[""]
[""]
[""]
[""]
[""]
[""]
[""]
[""]
[""]
[""]
[""]
[""]
[""]
[""]
[""]
[""]
[""]
[""]
[""]
[""]
[""]
[""]
[""]
[""]
[""]
[""]
[{"$f":"IF(AND(B19331<>\"\",B19332<>\"\"),A19331+1,\"\")","v":""}]
[""]
[""]
[""]
[""]
[""]
[""]
[""]
[""]
[""]
[""]
[""]
[""]
[""]
[""]
[""]
[""]
[""]
[""]
[""]
[""]
[""]
[""]
[""]
[""]
[""]
[""]
[""]
[""]
[""]
[""]
[""]
[""]
[""]
[""]
[""]
[""]
[""]
[""]
[""]
[""]
[""]
[""]
[""]
[""]
[""]
[""]
[""]
[""]
[""]
[""]
[""]
[""]
[""]
[""]
[""]
[""]
[""]
[""]
[""]
[""]
[""]
[""]
[""]
[{"$f":"IF(AND(B19395<>\"\",B19396<>\"\"),A19395+1,\"\")","v":""}]
[""]
[""]
[""]
[""]
[""]
[""]
[""]
[""]
[""]
[""]
[""]
[""]
[""]
[""]
[""]
[""]
[""]
[""]
[""]
[""]
[""]
[""]
[""]
[""]
[""]
[""]
[""]
[""]
[""]
[""]
[""]
[""]
[""]
[""]
[""]
[""]
[""]
[""]
[""]
[""]
[""]
[""]
[""]
[""]
[""]
[""]
[""]
[""]
[""]
[""]
[""]
[""]
[""]
[""]
[""]
[""]
[""]
[""]
[""]
[""]
[""]
[""]
[""]
[{"$f":"IF(AND(B19459<>\"\",B19460<>\"\"),A19459+1,\"\")","v":""}]
[""]
[""]
[""]
[""]
[""]
[""]
[""]
[""]
[""]
[""]
[""]
[""]
[""]
[""]
[""]
[""]
[""]
[""]
[""]
[""]
[""]
[""]
[""]
[""]
[""]
[""]
[""]
[""]
[""]
[""]
[""]
[""]
[""]
[""]
[""]
[""]
[""]
[""]
[""]
[""]
[""]
[""]
[""]
[""]
[""]
[""]
[""]
[""]
[""]
[""]
[""]
[""]
[""]
[""]
[""]
[""]
[""]
[""]
[""]
[""]
[""]
[""]
[""]
[{"$f":"IF(AND(B19523<>\"\",B19524<>\"\"),A19523+1,\"\")","v":""}]
[""]
[""]
[""]
[""]
[""]
[""]
[""]
[""]
[""]
[""]
[""]
[""]
[""]
[""]
[""]
[""]
[""]
[""]
[""]
[""]
[""]
[""]
[""]
[""]
[""]
[""]
[""]
[""]
[""]
[""]
[""]
[""]
[""]
[""]
[""]
[""]
[""]
[""]
[""]
[""]
[""]
[""]
[""]
[""]
[""]
[""]
[""]
[""]
[""]
[""]
[""]
[""]
[""]
[""]
[""]
[""]
[""]
[""]
[""]
[""]
[""]
[""]
[""]
[{"$f":"IF(AND(B19587<>\"\",B19588<>\"\"),A19587+1,\"\")","v":""}]
[""]
[""]
[""]
[""]
[""]
[""]
[""]
[""]
[""]
[""]
[""]
[""]
[""]
[""]
[""]
[""]
[""]
[""]
[""]
[""]
[""]
[""]
[""]
[""]
[""]
[""]
[""]
[""]
[""]
[""]
[""]
[""]
[""]
[""]
[""]
[""]
[""]
[""]
[""]
[""]
[""]
[""]
[""]
[""]
[""]
[""]
[""]
[""]
[""]
[""]
[""]
[""]
[""]
[""]
[""]
[""]
[""]
[""]
[""]
[""]
[""]
[""]
[""]
[{"$f":"IF(AND(B19651<>\"\",B19652<>\"\"),A19651+1,\"\")","v":""}]
[""]
[""]
[""]
[""]
[""]
[""]
[""]
[""]
[""]
[""]
[""]
[""]
[""]
[""]
[""]
[""]
[""]
[""]
[""]
[""]
[""]
[""]
[""]
[""]
[""]
[""]
[""]
[""]
[""]
[""]
[""]
[""]
[""]
[""]
[""]
[""]
[""]
[""]
[""]
[""]
[""]
[""]
[""]
[""]
[""]
[""]
[""]
[""]
[""]
[""]
[""]
[""]
[""]
[""]
[""]
[""]
[""]
[""]
[""]
[""]
[""]
[""]
[""]
[{"$f":"IF(AND(B19715<>\"\",B19716<>\"\"),A19715+1,\"\")","v":""}]
[""]
[""]
[""]
[""]
[""]
[""]
[""]
[""]
[""]
[""]
[""]
[""]
[""]
[""]
[""]
[""]
[""]
[""]
[""]
[""]
[""]
[""]
[""]
[""]
[""]
[""]
[""]
[""]
[""]
[""]
[""]
[""]
[""]
[""]
[""]
[""]
[""]
[""]
[""]
[""]
[""]
[""]
[""]
[""]
[""]
[""]
[""]
[""]
[""]
[""]
[""]
[""]
[""]
[""]
[""]
[""]
[""]
[""]
[""]
[""]
[""]
[""]
[""]
[{"$f":"IF(AND(B19779<>\"\",B19780<>\"\"),A19779+1,\"\")","v":""}]
[""]
[""]
[""]
[""]
[""]
[""]
[""]
[""]
[""]
[""]
[""]
[""]
[""]
[""]
[""]
[""]
[""]
[""]
[""]
[""]
[""]
[""]
[""]
[""]
[""]
[""]
[""]
[""]
[""]
[""]
[""]
[""]
[""]
[""]
[""]
[""]
[""]
[""]
[""]
[""]
[""]
[""]
[""]
[""]
[""]
[""]
[""]
[""]
[""]
[""]
[""]
[""]
[""]
[""]
[""]
[""]
[""]
[""]
[""]
[""]
[""]
[""]
[""]
[{"$f":"IF(AND(B19843<>\"\",B19844<>\"\"),A19843+1,\"\")","v":""}]
[""]
[""]
[""]
[""]
[""]
[""]
[""]
[""]
[""]
[""]
[""]
[""]
[""]
[""]
[""]
[""]
[""]
[""]
[""]
[""]
[""]
[""]
[""]
[""]
[""]
[""]
[""]
[""]
[""]
[""]
[""]
[""]
[""]
[""]
[""]
[""]
[""]
[""]
[""]
[""]
[""]
[""]
[""]
[""]
[""]
[""]
[""]
[""]
[""]
[""]
[""]
[""]
[""]
[""]
[""]
[""]
[""]
[""]
[""]
[""]
[""]
[""]
[""]
[{"$f":"IF(AND(B19907<>\"\",B19908<>\"\"),A19907+1,\"\")","v":""}]
[""]
[""]
[""]
[""]
[""]
[""]
[""]
[""]
[""]
[""]
[""]
[""]
[""]
[""]
[""]
[""]
[""]
[""]
[""]
[""]
[""]
[""]
[""]
[""]
[""]
[""]
[""]
[""]
[""]
[""]
[""]
[""]
[""]
[""]
[""]
[""]
[""]
[""]
[""]
[""]
[""]
[""]
[""]
[""]
[""]
[""]
[""]
[""]
[""]
[""]
[""]
[""]
[""]
[""]
[""]
[""]
[""]
[""]
[""]
[""]
[""]
[""]
[""]
[{"$f":"IF(AND(B19971<>\"\",B19972<>\"\"),A19971+1,\"\")","v":""}]
[""]
[""]
[""]
[""]
[""]
[""]
[""]
[""]
[""]
[""]
[""]
[""]
[""]
[""]
[""]
[""]
[""]
[""]
[""]
[""]
[""]
[""]
[""]
[""]
[""]
[""]
[""]
[""]
[""]
[""]
[""]
[""]
[""]
[""]
[""]
[""]
[""]
[""]
[""]
[""]
[""]
[""]
[""]
[""]
[""]
[""]
[""]
[""]
[""]
[""]
[""]
[""]
[""]
[""]
[""]
[""]
[""]
[""]
[""]
[""]
[""]
[""]
[""]
[{"$f":"IF(AND(B20035<>\"\",B20036<>\"\"),A20035+1,\"\")","v":""}]
[""]
[""]
[""]
[""]
[""]
[""]
[""]
[""]
[""]
[""]
[""]
[""]
[""]
[""]
[""]
[""]
[""]
[""]
[""]
[""]
[""]
[""]
[""]
[""]
[""]
[""]
[""]
[""]
[""]
[""]
[""]
[""]
[""]
[""]
[""]
[""]
[""]
[""]
[""]
[""]
[""]
[""]
[""]
[""]
[""]
[""]
[""]
[""]
[""]
[""]
[""]
[""]
[""]
[""]
[""]
[""]
[""]
[""]
[""]
[""]
[""]
[""]
[""]
[{"$f":"IF(AND(B20099<>\"\",B20100<>\"\"),A20099+1,\"\")","v":""}]
[""]
[""]
[""]
[""]
[""]
[""]
[""]
[""]
[""]
[""]
[""]
[""]
[""]
[""]
[""]
[""]
[""]
[""]
[""]
[""]
[""]
[""]
[""]
[""]
[""]
[""]
[""]
[""]
[""]
[""]
[""]
[""]
[""]
[""]
[""]
[""]
[""]
[""]
[""]
[""]
[""]
[""]
[""]
[""]
[""]
[""]
[""]
[""]
[""]
[""]
[""]
[""]
[""]
[""]
[""]
[""]
[""]
[""]
[""]
[""]
[""]
[""]
[""]
[{"$f":"IF(AND(B20163<>\"\",B20164<>\"\"),A20163+1,\"\")","v":""}]
[""]
[""]
[""]
[""]
[""]
[""]
[""]
[""]
[""]
[""]
[""]
[""]
[""]
[""]
[""]
[""]
[""]
[""]
[""]
[""]
[""]
[""]
[""]
[""]
[""]
[""]
[""]
[""]
[""]
[""]
[""]
[""]
[""]
[""]
[""]
[""]
[""]
[""]
[""]
[""]
[""]
[""]
[""]
[""]
[""]
[""]
[""]
[""]
[""]
[""]
[""]
[""]
[""]
[""]
[""]
[""]
[""]
[""]
[""]
[""]
[""]
[""]
[""]
[{"$f":"IF(AND(B20227<>\"\",B20228<>\"\"),A20227+1,\"\")","v":""}]
[""]
[""]
[""]
[""]
[""]
[""]
[""]
[""]
[""]
[""]
[""]
[""]
[""]
[""]
[""]
[""]
[""]
[""]
[""]
[""]
[""]
[""]
[""]
[""]
[""]
[""]
[""]
[""]
[""]
[""]
[""]
[""]
[""]
[""]
[""]
[""]
[""]
[""]
[""]
[""]
[""]
[""]
[""]
[""]
[""]
[""]
[""]
[""]
[""]
[""]
[""]
[""]
[""]
[""]
[""]
[""]
[""]
[""]
[""]
[""]
[""]
[""]
[""]
[{"$f":"IF(AND(B20291<>\"\",B20292<>\"\"),A20291+1,\"\")","v":""}]
[""]
[""]
[""]
[""]
[""]
[""]
[""]
[""]
[""]
[""]
[""]
[""]
[""]
[""]
[""]
[""]
[""]
[""]
[""]
[""]
[""]
[""]
[""]
[""]
[""]
[""]
[""]
[""]
[""]
[""]
[""]
[""]
[""]
[""]
[""]
[""]
[""]
[""]
[""]
[""]
[""]
[""]
[""]
[""]
[""]
[""]
[""]
[""]
[""]
[""]
[""]
[""]
[""]
[""]
[""]
[""]
[""]
[""]
[""]
[""]
[""]
[""]
[""]
[{"$f":"IF(AND(B20355<>\"\",B20356<>\"\"),A20355+1,\"\")","v":""}]
[""]
[""]
[""]
[""]
[""]
[""]
[""]
[""]
[""]
[""]
[""]
[""]
[""]
[""]
[""]
[""]
[""]
[""]
[""]
[""]
[""]
[""]
[""]
[""]
[""]
[""]
[""]
[""]
[""]
[""]
[""]
[""]
[""]
[""]
[""]
[""]
[""]
[""]
[""]
[""]
[""]
[""]
[""]
[""]
[""]
[""]
[""]
[""]
[""]
[""]
[""]
[""]
[""]
[""]
[""]
[""]
[""]
[""]
[""]
[""]
[""]
[""]
[""]
[{"$f":"IF(AND(B20419<>\"\",B20420<>\"\"),A20419+1,\"\")","v":""}]
[""]
[""]
[""]
[""]
[""]
[""]
[""]
[""]
[""]
[""]
[""]
[""]
[""]
[""]
[""]
[""]
[""]
[""]
[""]
[""]
[""]
[""]
[""]
[""]
[""]
[""]
[""]
[""]
[""]
[""]
[""]
[""]
[""]
[""]
[""]
[""]
[""]
[""]
[""]
[""]
[""]
[""]
[""]
[""]
[""]
[""]
[""]
[""]
[""]
[""]
[""]
[""]
[""]
[""]
[""]
[""]
[""]
[""]
[""]
[""]
[""]
[""]
[""]
[{"$f":"IF(AND(B20483<>\"\",B20484<>\"\"),A20483+1,\"\")","v":""}]
[""]
[""]
[""]
[""]
[""]
[""]
[""]
[""]
[""]
[""]
[""]
[""]
[""]
[""]
[""]
[""]
[""]
[""]
[""]
[""]
[""]
[""]
[""]
[""]
[""]
[""]
[""]
[""]
[""]
[""]
[""]
[""]
[""]
[""]
[""]
[""]
[""]
[""]
[""]
[""]
[""]
[""]
[""]
[""]
[""]
[""]
[""]
[""]
[""]
[""]
[""]
[""]
[""]
[""]
[""]
[""]
[""]
[""]
[""]
[""]
[""]
[""]
[""]
[{"$f":"IF(AND(B20547<>\"\",B20548<>\"\"),A20547+1,\"\")","v":""}]
[""]
[""]
[""]
[""]
[""]
[""]
[""]
[""]
[""]
[""]
[""]
[""]
[""]
[""]
[""]
[""]
[""]
[""]
[""]
[""]
[""]
[""]
[""]
[""]
[""]
[""]
[""]
[""]
[""]
[""]
[""]
[""]
[""]
[""]
[""]
[""]
[""]
[""]
[""]
[""]
[""]
[""]
[""]
[""]
[""]
[""]
[""]
[""]
[""]
[""]
[""]
[""]
[""]
[""]
[""]
[""]
[""]
[""]
[""]
[""]
[""]
[""]
[""]
[{"$f":"IF(AND(B20611<>\"\",B20612<>\"\"),A20611+1,\"\")","v":""}]
[""]
[""]
[""]
[""]
[""]
[""]
[""]
[""]
[""]
[""]
[""]
[""]
[""]
[""]
[""]
[""]
[""]
[""]
[""]
[""]
[""]
[""]
[""]
[""]
[""]
[""]
[""]
[""]
[""]
[""]
[""]
[""]
[""]
[""]
[""]
[""]
[""]
[""]
[""]
[""]
[""]
[""]
[""]
[""]
[""]
[""]
[""]
[""]
[""]
[""]
[""]
[""]
[""]
[""]
[""]
[""]
[""]
[""]
[""]
[""]
[""]
[""]
[""]
[{"$f":"IF(AND(B20675<>\"\",B20676<>\"\"),A20675+1,\"\")","v":""}]
[""]
[""]
[""]
[""]
[""]
[""]
[""]
[""]
[""]
[""]
[""]
[""]
[""]
[""]
[""]
[""]
[""]
[""]
[""]
[""]
[""]
[""]
[""]
[""]
[""]
[""]
[""]
[""]
[""]
[""]
[""]
[""]
[""]
[""]
[""]
[""]
[""]
[""]
[""]
[""]
[""]
[""]
[""]
[""]
[""]
[""]
[""]
[""]
[""]
[""]
[""]
[""]
[""]
[""]
[""]
[""]
[""]
[""]
[""]
[""]
[""]
[""]
[""]
[{"$f":"IF(AND(B20739<>\"\",B20740<>\"\"),A20739+1,\"\")","v":""}]
[""]
[""]
[""]
[""]
[""]
[""]
[""]
[""]
[""]
[""]
[""]
[""]
[""]
[""]
[""]
[""]
[""]
[""]
[""]
[""]
[""]
[""]
[""]
[""]
[""]
[""]
[""]
[""]
[""]
[""]
[""]
[""]
[""]
[""]
[""]
[""]
[""]
[""]
[""]
[""]
[""]
[""]
[""]
[""]
[""]
[""]
[""]
[""]
[""]
[""]
[""]
[""]
[""]
[""]
[""]
[""]
[""]
[""]
[""]
[""]
[""]
[""]
[""]
[{"$f":"IF(AND(B20803<>\"\",B20804<>\"\"),A20803+1,\"\")","v":""}]
[""]
[""]
[""]
[""]
[""]
[""]
[""]
[""]
[""]
[""]
[""]
[""]
[""]
[""]
[""]
[""]
[""]
[""]
[""]
[""]
[""]
[""]
[""]
[""]
[""]
[""]
[""]
[""]
[""]
[""]
[""]
[""]
[""]
[""]
[""]
[""]
[""]
[""]
[""]
[""]
[""]
[""]
[""]
[""]
[""]
[""]
[""]
[""]
[""]
[""]
[""]
[""]
[""]
[""]
[""]
[""]
[""]
[""]
[""]
[""]
[""]
[""]
[""]
[{"$f":"IF(AND(B20867<>\"\",B20868<>\"\"),A20867+1,\"\")","v":""}]
[""]
[""]
[""]
[""]
[""]
[""]
[""]
[""]
[""]
[""]
[""]
[""]
[""]
[""]
[""]
[""]
[""]
[""]
[""]
[""]
[""]
[""]
[""]
[""]
[""]
[""]
[""]
[""]
[""]
[""]
[""]
[""]
[""]
[""]
[""]
[""]
[""]
[""]
[""]
[""]
[""]
[""]
[""]
[""]
[""]
[""]
[""]
[""]
[""]
[""]
[""]
[""]
[""]
[""]
[""]
[""]
[""]
[""]
[""]
[""]
[""]
[""]
[""]
[{"$f":"IF(AND(B20931<>\"\",B20932<>\"\"),A20931+1,\"\")","v":""}]
[""]
[""]
[""]
[""]
[""]
[""]
[""]
[""]
[""]
[""]
[""]
[""]
[""]
[""]
[""]
[""]
[""]
[""]
[""]
[""]
[""]
[""]
[""]
[""]
[""]
[""]
[""]
[""]
[""]
[""]
[""]
[""]
[""]
[""]
[""]
[""]
[""]
[""]
[""]
[""]
[""]
[""]
[""]
[""]
[""]
[""]
[""]
[""]
[""]
[""]
[""]
[""]
[""]
[""]
[""]
[""]
[""]
[""]
[""]
[""]
[""]
[""]
[""]
[{"$f":"IF(AND(B20995<>\"\",B20996<>\"\"),A20995+1,\"\")","v":""}]
[""]
[""]
[""]
[""]
[""]
[""]
[""]
[""]
[""]
[""]
[""]
[""]
[""]
[""]
[""]
[""]
[""]
[""]
[""]
[""]
[""]
[""]
[""]
[""]
[""]
[""]
[""]
[""]
[""]
[""]
[""]
[""]
[""]
[""]
[""]
[""]
[""]
[""]
[""]
[""]
[""]
[""]
[""]
[""]
[""]
[""]
[""]
[""]
[""]
[""]
[""]
[""]
[""]
[""]
[""]
[""]
[""]
[""]
[""]
[""]
[""]
[""]
[""]
[{"$f":"IF(AND(B21059<>\"\",B21060<>\"\"),A21059+1,\"\")","v":""}]
[""]
[""]
[""]
[""]
[""]
[""]
[""]
[""]
[""]
[""]
[""]
[""]
[""]
[""]
[""]
[""]
[""]
[""]
[""]
[""]
[""]
[""]
[""]
[""]
[""]
[""]
[""]
[""]
[""]
[""]
[""]
[""]
[""]
[""]
[""]
[""]
[""]
[""]
[""]
[""]
[""]
[""]
[""]
[""]
[""]
[""]
[""]
[""]
[""]
[""]
[""]
[""]
[""]
[""]
[""]
[""]
[""]
[""]
[""]
[""]
[""]
[""]
[""]
[{"$f":"IF(AND(B21123<>\"\",B21124<>\"\"),A21123+1,\"\")","v":""}]
[""]
[""]
[""]
[""]
[""]
[""]
[""]
[""]
[""]
[""]
[""]
[""]
[""]
[""]
[""]
[""]
[""]
[""]
[""]
[""]
[""]
[""]
[""]
[""]
[""]
[""]
[""]
[""]
[""]
[""]
[""]
[""]
[""]
[""]
[""]
[""]
[""]
[""]
[""]
[""]
[""]
[""]
[""]
[""]
[""]
[""]
[""]
[""]
[""]
[""]
[""]
[""]
[""]
[""]
[""]
[""]
[""]
[""]
[""]
[""]
[""]
[""]
[""]
[{"$f":"IF(AND(B21187<>\"\",B21188<>\"\"),A21187+1,\"\")","v":""}]
[""]
[""]
[""]
[""]
[""]
[""]
[""]
[""]
[""]
[""]
[""]
[""]
[""]
[""]
[""]
[""]
[""]
[""]
[""]
[""]
[""]
[""]
[""]
[""]
[""]
[""]
[""]
[""]
[""]
[""]
[""]
[""]
[""]
[""]
[""]
[""]
[""]
[""]
[""]
[""]
[""]
[""]
[""]
[""]
[""]
[""]
[""]
[""]
[""]
[""]
[""]
[""]
[""]
[""]
[""]
[""]
[""]
[""]
[""]
[""]
[""]
[""]
[""]
[{"$f":"IF(AND(B21251<>\"\",B21252<>\"\"),A21251+1,\"\")","v":""}]
[""]
[""]
[""]
[""]
[""]
[""]
[""]
[""]
[""]
[""]
[""]
[""]
[""]
[""]
[""]
[""]
[""]
[""]
[""]
[""]
[""]
[""]
[""]
[""]
[""]
[""]
[""]
[""]
[""]
[""]
[""]
[""]
[""]
[""]
[""]
[""]
[""]
[""]
[""]
[""]
[""]
[""]
[""]
[""]
[""]
[""]
[""]
[""]
[""]
[""]
[""]
[""]
[""]
[""]
[""]
[""]
[""]
[""]
[""]
[""]
[""]
[""]
[""]
[{"$f":"IF(AND(B21315<>\"\",B21316<>\"\"),A21315+1,\"\")","v":""}]
[""]
[""]
[""]
[""]
[""]
[""]
[""]
[""]
[""]
[""]
[""]
[""]
[""]
[""]
[""]
[""]
[""]
[""]
[""]
[""]
[""]
[""]
[""]
[""]
[""]
[""]
[""]
[""]
[""]
[""]
[""]
[""]
[""]
[""]
[""]
[""]
[""]
[""]
[""]
[""]
[""]
[""]
[""]
[""]
[""]
[""]
[""]
[""]
[""]
[""]
[""]
[""]
[""]
[""]
[""]
[""]
[""]
[""]
[""]
[""]
[""]
[""]
[""]
[{"$f":"IF(AND(B21379<>\"\",B21380<>\"\"),A21379+1,\"\")","v":""}]
[""]
[""]
[""]
[""]
[""]
[""]
[""]
[""]
[""]
[""]
[""]
[""]
[""]
[""]
[""]
[""]
[""]
[""]
[""]
[""]
[""]
[""]
[""]
[""]
[""]
[""]
[""]
[""]
[""]
[""]
[""]
[""]
[""]
[""]
[""]
[""]
[""]
[""]
[""]
[""]
[""]
[""]
[""]
[""]
[""]
[""]
[""]
[""]
[""]
[""]
[""]
[""]
[""]
[""]
[""]
[""]
[""]
[""]
[""]
[""]
[""]
[""]
[""]
[{"$f":"IF(AND(B21443<>\"\",B21444<>\"\"),A21443+1,\"\")","v":""}]
[""]
[""]
[""]
[""]
[""]
[""]
[""]
[""]
[""]
[""]
[""]
[""]
[""]
[""]
[""]
[""]
[""]
[""]
[""]
[""]
[""]
[""]
[""]
[""]
[""]
[""]
[""]
[""]
[""]
[""]
[""]
[""]
[""]
[""]
[""]
[""]
[""]
[""]
[""]
[""]
[""]
[""]
[""]
[""]
[""]
[""]
[""]
[""]
[""]
[""]
[""]
[""]
[""]
[""]
[""]
[""]
[""]
[""]
[""]
[""]
[""]
[""]
[""]
[{"$f":"IF(AND(B21507<>\"\",B21508<>\"\"),A21507+1,\"\")","v":""}]
[""]
[""]
[""]
[""]
[""]
[""]
[""]
[""]
[""]
[""]
[""]
[""]
[""]
[""]
[""]
[""]
[""]
[""]
[""]
[""]
[""]
[""]
[""]
[""]
[""]
[""]
[""]
[""]
[""]
[""]
[""]
[""]
[""]
[""]
[""]
[""]
[""]
[""]
[""]
[""]
[""]
[""]
[""]
[""]
[""]
[""]
[""]
[""]
[""]
[""]
[""]
[""]
[""]
[""]
[""]
[""]
[""]
[""]
[""]
[""]
[""]
[""]
[""]
[{"$f":"IF(AND(B21571<>\"\",B21572<>\"\"),A21571+1,\"\")","v":""}]
[""]
[""]
[""]
[""]
[""]
[""]
[""]
[""]
[""]
[""]
[""]
[""]
[""]
[""]
[""]
[""]
[""]
[""]
[""]
[""]
[""]
[""]
[""]
[""]
[""]
[""]
[""]
[""]
[""]
[""]
[""]
[""]
[""]
[""]
[""]
[""]
[""]
[""]
[""]
[""]
[""]
[""]
[""]
[""]
[""]
[""]
[""]
[""]
[""]
[""]
[""]
[""]
[""]
[""]
[""]
[""]
[""]
[""]
[""]
[""]
[""]
[""]
[""]
[{"$f":"IF(AND(B21635<>\"\",B21636<>\"\"),A21635+1,\"\")","v":""}]
[""]
[""]
[""]
[""]
[""]
[""]
[""]
[""]
[""]
[""]
[""]
[""]
[""]
[""]
[""]
[""]
[""]
[""]
[""]
[""]
[""]
[""]
[""]
[""]
[""]
[""]
[""]
[""]
[""]
[""]
[""]
[""]
[""]
[""]
[""]
[""]
[""]
[""]
[""]
[""]
[""]
[""]
[""]
[""]
[""]
[""]
[""]
[""]
[""]
[""]
[""]
[""]
[""]
[""]
[""]
[""]
[""]
[""]
[""]
[""]
[""]
[""]
[""]
[{"$f":"IF(AND(B21699<>\"\",B21700<>\"\"),A21699+1,\"\")","v":""}]
[""]
[""]
[""]
[""]
[""]
[""]
[""]
[""]
[""]
[""]
[""]
[""]
[""]
[""]
[""]
[""]
[""]
[""]
[""]
[""]
[""]
[""]
[""]
[""]
[""]
[""]
[""]
[""]
[""]
[""]
[""]
[""]
[""]
[""]
[""]
[""]
[""]
[""]
[""]
[""]
[""]
[""]
[""]
[""]
[""]
[""]
[""]
[""]
[""]
[""]
[""]
[""]
[""]
[""]
[""]
[""]
[""]
[""]
[""]
[""]
[""]
[""]
[""]
[{"$f":"IF(AND(B21763<>\"\",B21764<>\"\"),A21763+1,\"\")","v":""}]
[""]
[""]
[""]
[""]
[""]
[""]
[""]
[""]
[""]
[""]
[""]
[""]
[""]
[""]
[""]
[""]
[""]
[""]
[""]
[""]
[""]
[""]
[""]
[""]
[""]
[""]
[""]
[""]
[""]
[""]
[""]
[""]
[""]
[""]
[""]
[""]
[""]
[""]
[""]
[""]
[""]
[""]
[""]
[""]
[""]
[""]
[""]
[""]
[""]
[""]
[""]
[""]
[""]
[""]
[""]
[""]
[""]
[""]
[""]
[""]
[""]
[""]
[""]
[{"$f":"IF(AND(B21827<>\"\",B21828<>\"\"),A21827+1,\"\")","v":""}]
[""]
[""]
[""]
[""]
[""]
[""]
[""]
[""]
[""]
[""]
[""]
[""]
[""]
[""]
[""]
[""]
[""]
[""]
[""]
[""]
[""]
[""]
[""]
[""]
[""]
[""]
[""]
[""]
[""]
[""]
[""]
[""]
[""]
[""]
[""]
[""]
[""]
[""]
[""]
[""]
[""]
[""]
[""]
[""]
[""]
[""]
[""]
[""]
[""]
[""]
[""]
[""]
[""]
[""]
[""]
[""]
[""]
[""]
[""]
[""]
[""]
[""]
[""]
[{"$f":"IF(AND(B21891<>\"\",B21892<>\"\"),A21891+1,\"\")","v":""}]
[""]
[""]
[""]
[""]
[""]
[""]
[""]
[""]
[""]
[""]
[""]
[""]
[""]
[""]
[""]
[""]
[""]
[""]
[""]
[""]
[""]
[""]
[""]
[""]
[""]
[""]
[""]
[""]
[""]
[""]
[""]
[""]
[""]
[""]
[""]
[""]
[""]
[""]
[""]
[""]
[""]
[""]
[""]
[""]
[""]
[""]
[""]
[""]
[""]
[""]
[""]
[""]
[""]
[""]
[""]
[""]
[""]
[""]
[""]
[""]
[""]
[""]
[""]
[{"$f":"IF(AND(B21955<>\"\",B21956<>\"\"),A21955+1,\"\")","v":""}]
[""]
[""]
[""]
[""]
[""]
[""]
[""]
[""]
[""]
[""]
[""]
[""]
[""]
[""]
[""]
[""]
[""]
[""]
[""]
[""]
[""]
[""]
[""]
[""]
[""]
[""]
[""]
[""]
[""]
[""]
[""]
[""]
[""]
[""]
[""]
[""]
[""]
[""]
[""]
[""]
[""]
[""]
[""]
[""]
[""]
[""]
[""]
[""]
[""]
[""]
[""]
[""]
[""]
[""]
[""]
[""]
[""]
[""]
[""]
[""]
[""]
[""]
[""]
[{"$f":"IF(AND(B22019<>\"\",B22020<>\"\"),A22019+1,\"\")","v":""}]
[""]
[""]
[""]
[""]
[""]
[""]
[""]
[""]
[""]
[""]
[""]
[""]
[""]
[""]
[""]
[""]
[""]
[""]
[""]
[""]
[""]
[""]
[""]
[""]
[""]
[""]
[""]
[""]
[""]
[""]
[""]
[""]
[""]
[""]
[""]
[""]
[""]
[""]
[""]
[""]
[""]
[""]
[""]
[""]
[""]
[""]
[""]
[""]
[""]
[""]
[""]
[""]
[""]
[""]
[""]
[""]
[""]
[""]
[""]
[""]
[""]
[""]
[""]
[{"$f":"IF(AND(B22083<>\"\",B22084<>\"\"),A22083+1,\"\")","v":""}]
[""]
[""]
[""]
[""]
[""]
[""]
[""]
[""]
[""]
[""]
[""]
[""]
[""]
[""]
[""]
[""]
[""]
[""]
[""]
[""]
[""]
[""]
[""]
[""]
[""]
[""]
[""]
[""]
[""]
[""]
[""]
[""]
[""]
[""]
[""]
[""]
[""]
[""]
[""]
[""]
[""]
[""]
[""]
[""]
[""]
[""]
[""]
[""]
[""]
[""]
[""]
[""]
[""]
[""]
[""]
[""]
[""]
[""]
[""]
[""]
[""]
[""]
[""]
[{"$f":"IF(AND(B22147<>\"\",B22148<>\"\"),A22147+1,\"\")","v":""}]
[""]
[""]
[""]
[""]
[""]
[""]
[""]
[""]
[""]
[""]
[""]
[""]
[""]
[""]
[""]
[""]
[""]
[""]
[""]
[""]
[""]
[""]
[""]
[""]
[""]
[""]
[""]
[""]
[""]
[""]
[""]
[""]
[""]
[""]
[""]
[""]
[""]
[""]
[""]
[""]
[""]
[""]
[""]
[""]
[""]
[""]
[""]
[""]
[""]
[""]
[""]
[""]
[""]
[""]
[""]
[""]
[""]
[""]
[""]
[""]
[""]
[""]
[""]
[{"$f":"IF(AND(B22211<>\"\",B22212<>\"\"),A22211+1,\"\")","v":""}]
[""]
[""]
[""]
[""]
[""]
[""]
[""]
[""]
[""]
[""]
[""]
[""]
[""]
[""]
[""]
[""]
[""]
[""]
[""]
[""]
[""]
[""]
[""]
[""]
[""]
[""]
[""]
[""]
[""]
[""]
[""]
[""]
[""]
[""]
[""]
[""]
[""]
[""]
[""]
[""]
[""]
[""]
[""]
[""]
[""]
[""]
[""]
[""]
[""]
[""]
[""]
[""]
[""]
[""]
[""]
[""]
[""]
[""]
[""]
[""]
[""]
[""]
[""]
[{"$f":"IF(AND(B22275<>\"\",B22276<>\"\"),A22275+1,\"\")","v":""}]
[""]
[""]
[""]
[""]
[""]
[""]
[""]
[""]
[""]
[""]
[""]
[""]
[""]
[""]
[""]
[""]
[""]
[""]
[""]
[""]
[""]
[""]
[""]
[""]
[""]
[""]
[""]
[""]
[""]
[""]
[""]
[""]
[""]
[""]
[""]
[""]
[""]
[""]
[""]
[""]
[""]
[""]
[""]
[""]
[""]
[""]
[""]
[""]
[""]
[""]
[""]
[""]
[""]
[""]
[""]
[""]
[""]
[""]
[""]
[""]
[""]
[""]
[""]
[{"$f":"IF(AND(B22339<>\"\",B22340<>\"\"),A22339+1,\"\")","v":""}]
[""]
[""]
[""]
[""]
[""]
[""]
[""]
[""]
[""]
[""]
[""]
[""]
[""]
[""]
[""]
[""]
[""]
[""]
[""]
[""]
[""]
[""]
[""]
[""]
[""]
[""]
[""]
[""]
[""]
[""]
[""]
[""]
[""]
[""]
[""]
[""]
[""]
[""]
[""]
[""]
[""]
[""]
[""]
[""]
[""]
[""]
[""]
[""]
[""]
[""]
[""]
[""]
[""]
[""]
[""]
[""]
[""]
[""]
[""]
[""]
[""]
[""]
[""]
[{"$f":"IF(AND(B22403<>\"\",B22404<>\"\"),A22403+1,\"\")","v":""}]
[""]
[""]
[""]
[""]
[""]
[""]
[""]
[""]
[""]
[""]
[""]
[""]
[""]
[""]
[""]
[""]
[""]
[""]
[""]
[""]
[""]
[""]
[""]
[""]
[""]
[""]
[""]
[""]
[""]
[""]
[""]
[""]
[""]
[""]
[""]
[""]
[""]
[""]
[""]
[""]
[""]
[""]
[""]
[""]
[""]
[""]
[""]
[""]
[""]
[""]
[""]
[""]
[""]
[""]
[""]
[""]
[""]
[""]
[""]
[""]
[""]
[""]
[""]
[{"$f":"IF(AND(B22467<>\"\",B22468<>\"\"),A22467+1,\"\")","v":""}]
[""]
[""]
[""]
[""]
[""]
[""]
[""]
[""]
[""]
[""]
[""]
[""]
[""]
[""]
[""]
[""]
[""]
[""]
[""]
[""]
[""]
[""]
[""]
[""]
[""]
[""]
[""]
[""]
[""]
[""]
[""]
[""]
[""]
[""]
[""]
[""]
[""]
[""]
[""]
[""]
[""]
[""]
[""]
[""]
[""]
[""]
[""]
[""]
[""]
[""]
[""]
[""]
[""]
[""]
[""]
[""]
[""]
[""]
[""]
[""]
[""]
[""]
[""]
[{"$f":"IF(AND(B22531<>\"\",B22532<>\"\"),A22531+1,\"\")","v":""}]
[""]
[""]
[""]
[""]
[""]
[""]
[""]
[""]
[""]
[""]
[""]
[""]
[""]
[""]
[""]
[""]
[""]
[""]
[""]
[""]
[""]
[""]
[""]
[""]
[""]
[""]
[""]
[""]
[""]
[""]
[""]
[""]
[""]
[""]
[""]
[""]
[""]
[""]
[""]
[""]
[""]
[""]
[""]
[""]
[""]
[""]
[""]
[""]
[""]
[""]
[""]
[""]
[""]
[""]
[""]
[""]
[""]
[""]
[""]
[""]
[""]
[""]
[""]
[{"$f":"IF(AND(B22595<>\"\",B22596<>\"\"),A22595+1,\"\")","v":""}]
[""]
[""]
[""]
[""]
[""]
[""]
[""]
[""]
[""]
[""]
[""]
[""]
[""]
[""]
[""]
[""]
[""]
[""]
[""]
[""]
[""]
[""]
[""]
[""]
[""]
[""]
[""]
[""]
[""]
[""]
[""]
[""]
[""]
[""]
[""]
[""]
[""]
[""]
[""]
[""]
[""]
[""]
[""]
[""]
[""]
[""]
[""]
[""]
[""]
[""]
[""]
[""]
[""]
[""]
[""]
[""]
[""]
[""]
[""]
[""]
[""]
[""]
[""]
[{"$f":"IF(AND(B22659<>\"\",B22660<>\"\"),A22659+1,\"\")","v":""}]
[""]
[""]
[""]
[""]
[""]
[""]
[""]
[""]
[""]
[""]
[""]
[""]
[""]
[""]
[""]
[""]
[""]
[""]
[""]
[""]
[""]
[""]
[""]
[""]
[""]
[""]
[""]
[""]
[""]
[""]
[""]
[""]
[""]
[""]
[""]
[""]
[""]
[""]
[""]
[""]
[""]
[""]
[""]
[""]
[""]
[""]
[""]
[""]
[""]
[""]
[""]
[""]
[""]
[""]
[""]
[""]
[""]
[""]
[""]
[""]
[""]
[""]
[""]
[{"$f":"IF(AND(B22723<>\"\",B22724<>\"\"),A22723+1,\"\")","v":""}]
[""]
[""]
[""]
[""]
[""]
[""]
[""]
[""]
[""]
[""]
[""]
[""]
[""]
[""]
[""]
[""]
[""]
[""]
[""]
[""]
[""]
[""]
[""]
[""]
[""]
[""]
[""]
[""]
[""]
[""]
[""]
[""]
[""]
[""]
[""]
[""]
[""]
[""]
[""]
[""]
[""]
[""]
[""]
[""]
[""]
[""]
[""]
[""]
[""]
[""]
[""]
[""]
[""]
[""]
[""]
[""]
[""]
[""]
[""]
[""]
[""]
[""]
[""]
[{"$f":"IF(AND(B22787<>\"\",B22788<>\"\"),A22787+1,\"\")","v":""}]
[""]
[""]
[""]
[""]
[""]
[""]
[""]
[""]
[""]
[""]
[""]
[""]
[""]
[""]
[""]
[""]
[""]
[""]
[""]
[""]
[""]
[""]
[""]
[""]
[""]
[""]
[""]
[""]
[""]
[""]
[""]
[""]
[""]
[""]
[""]
[""]
[""]
[""]
[""]
[""]
[""]
[""]
[""]
[""]
[""]
[""]
[""]
[""]
[""]
[""]
[""]
[""]
[""]
[""]
[""]
[""]
[""]
[""]
[""]
[""]
[""]
[""]
[""]
[{"$f":"IF(AND(B22851<>\"\",B22852<>\"\"),A22851+1,\"\")","v":""}]
[""]
[""]
[""]
[""]
[""]
[""]
[""]
[""]
[""]
[""]
[""]
[""]
[""]
[""]
[""]
[""]
[""]
[""]
[""]
[""]
[""]
[""]
[""]
[""]
[""]
[""]
[""]
[""]
[""]
[""]
[""]
[""]
[""]
[""]
[""]
[""]
[""]
[""]
[""]
[""]
[""]
[""]
[""]
[""]
[""]
[""]
[""]
[""]
[""]
[""]
[""]
[""]
[""]
[""]
[""]
[""]
[""]
[""]
[""]
[""]
[""]
[""]
[""]
[{"$f":"IF(AND(B22915<>\"\",B22916<>\"\"),A22915+1,\"\")","v":""}]
[""]
[""]
[""]
[""]
[""]
[""]
[""]
[""]
[""]
[""]
[""]
[""]
[""]
[""]
[""]
[""]
[""]
[""]
[""]
[""]
[""]
[""]
[""]
[""]
[""]
[""]
[""]
[""]
[""]
[""]
[""]
[""]
[""]
[""]
[""]
[""]
[""]
[""]
[""]
[""]
[""]
[""]
[""]
[""]
[""]
[""]
[""]
[""]
[""]
[""]
[""]
[""]
[""]
[""]
[""]
[""]
[""]
[""]
[""]
[""]
[""]
[""]
[""]
[{"$f":"IF(AND(B22979<>\"\",B22980<>\"\"),A22979+1,\"\")","v":""}]
[""]
[""]
[""]
[""]
[""]
[""]
[""]
[""]
[""]
[""]
[""]
[""]
[""]
[""]
[""]
[""]
[""]
[""]
[""]
[""]
[""]
[""]
[""]
[""]
[""]
[""]
[""]
[""]
[""]
[""]
[""]
[""]
[""]
[""]
[""]
[""]
[""]
[""]
[""]
[""]
[""]
[""]
[""]
[""]
[""]
[""]
[""]
[""]
[""]
[""]
[""]
[""]
[""]
[""]
[""]
[""]
[""]
[""]
[""]
[""]
[""]
[""]
[""]
[{"$f":"IF(AND(B23043<>\"\",B23044<>\"\"),A23043+1,\"\")","v":""}]
[""]
[""]
[""]
[""]
[""]
[""]
[""]
[""]
[""]
[""]
[""]
[""]
[""]
[""]
[""]
[""]
[""]
[""]
[""]
[""]
[""]
[""]
[""]
[""]
[""]
[""]
[""]
[""]
[""]
[""]
[""]
[""]
[""]
[""]
[""]
[""]
[""]
[""]
[""]
[""]
[""]
[""]
[""]
[""]
[""]
[""]
[""]
[""]
[""]
[""]
[""]
[""]
[""]
[""]
[""]
[""]
[""]
[""]
[""]
[""]
[""]
[""]
[""]
[{"$f":"IF(AND(B23107<>\"\",B23108<>\"\"),A23107+1,\"\")","v":""}]
[""]
[""]
[""]
[""]
[""]
[""]
[""]
[""]
[""]
[""]
[""]
[""]
[""]
[""]
[""]
[""]
[""]
[""]
[""]
[""]
[""]
[""]
[""]
[""]
[""]
[""]
[""]
[""]
[""]
[""]
[""]
[""]
[""]
[""]
[""]
[""]
[""]
[""]
[""]
[""]
[""]
[""]
[""]
[""]
[""]
[""]
[""]
[""]
[""]
[""]
[""]
[""]
[""]
[""]
[""]
[""]
[""]
[""]
[""]
[""]
[""]
[""]
[""]
[{"$f":"IF(AND(B23171<>\"\",B23172<>\"\"),A23171+1,\"\")","v":""}]
[""]
[""]
[""]
[""]
[""]
[""]
[""]
[""]
[""]
[""]
[""]
[""]
[""]
[""]
[""]
[""]
[""]
[""]
[""]
[""]
[""]
[""]
[""]
[""]
[""]
[""]
[""]
[""]
[""]
[""]
[""]
[""]
[""]
[""]
[""]
[""]
[""]
[""]
[""]
[""]
[""]
[""]
[""]
[""]
[""]
[""]
[""]
[""]
[""]
[""]
[""]
[""]
[""]
[""]
[""]
[""]
[""]
[""]
[""]
[""]
[""]
[""]
[""]
[{"$f":"IF(AND(B23235<>\"\",B23236<>\"\"),A23235+1,\"\")","v":""}]
[""]
[""]
[""]
[""]
[""]
[""]
[""]
[""]
[""]
[""]
[""]
[""]
[""]
[""]
[""]
[""]
[""]
[""]
[""]
[""]
[""]
[""]
[""]
[""]
[""]
[""]
[""]
[""]
[""]
[""]
[""]
[""]
[""]
[""]
[""]
[""]
[""]
[""]
[""]
[""]
[""]
[""]
[""]
[""]
[""]
[""]
[""]
[""]
[""]
[""]
[""]
[""]
[""]
[""]
[""]
[""]
[""]
[""]
[""]
[""]
[""]
[""]
[""]
[{"$f":"IF(AND(B23299<>\"\",B23300<>\"\"),A23299+1,\"\")","v":""}]
[""]
[""]
[""]
[""]
[""]
[""]
[""]
[""]
[""]
[""]
[""]
[""]
[""]
[""]
[""]
[""]
[""]
[""]
[""]
[""]
[""]
[""]
[""]
[""]
[""]
[""]
[""]
[""]
[""]
[""]
[""]
[""]
[""]
[""]
[""]
[""]
[""]
[""]
[""]
[""]
[""]
[""]
[""]
[""]
[""]
[""]
[""]
[""]
[""]
[""]
[""]
[""]
[""]
[""]
[""]
[""]
[""]
[""]
[""]
[""]
[""]
[""]
[""]
[{"$f":"IF(AND(B23363<>\"\",B23364<>\"\"),A23363+1,\"\")","v":""}]
[""]
[""]
[""]
[""]
[""]
[""]
[""]
[""]
[""]
[""]
[""]
[""]
[""]
[""]
[""]
[""]
[""]
[""]
[""]
[""]
[""]
[""]
[""]
[""]
[""]
[""]
[""]
[""]
[""]
[""]
[""]
[""]
[""]
[""]
[""]
[""]
[""]
[""]
[""]
[""]
[""]
[""]
[""]
[""]
[""]
[""]
[""]
[""]
[""]
[""]
[""]
[""]
[""]
[""]
[""]
[""]
[""]
[""]
[""]
[""]
[""]
[""]
[""]
[{"$f":"IF(AND(B23427<>\"\",B23428<>\"\"),A23427+1,\"\")","v":""}]
[""]
[""]
[""]
[""]
[""]
[""]
[""]
[""]
[""]
[""]
[""]
[""]
[""]
[""]
[""]
[""]
[""]
[""]
[""]
[""]
[""]
[""]
[""]
[""]
[""]
[""]
[""]
[""]
[""]
[""]
[""]
[""]
[""]
[""]
[""]
[""]
[""]
[""]
[""]
[""]
[""]
[""]
[""]
[""]
[""]
[""]
[""]
[""]
[""]
[""]
[""]
[""]
[""]
[""]
[""]
[""]
[""]
[""]
[""]
[""]
[""]
[""]
[""]
[{"$f":"IF(AND(B23491<>\"\",B23492<>\"\"),A23491+1,\"\")","v":""}]
[""]
[""]
[""]
[""]
[""]
[""]
[""]
[""]
[""]
[""]
[""]
[""]
[""]
[""]
[""]
[""]
[""]
[""]
[""]
[""]
[""]
[""]
[""]
[""]
[""]
[""]
[""]
[""]
[""]
[""]
[""]
[""]
[""]
[""]
[""]
[""]
[""]
[""]
[""]
[""]
[""]
[""]
[""]
[""]
[""]
[""]
[""]
[""]
[""]
[""]
[""]
[""]
[""]
[""]
[""]
[""]
[""]
[""]
[""]
[""]
[""]
[""]
[""]
[{"$f":"IF(AND(B23555<>\"\",B23556<>\"\"),A23555+1,\"\")","v":""}]
[""]
[""]
[""]
[""]
[""]
[""]
[""]
[""]
[""]
[""]
[""]
[""]
[""]
[""]
[""]
[""]
[""]
[""]
[""]
[""]
[""]
[""]
[""]
[""]
[""]
[""]
[""]
[""]
[""]
[""]
[""]
[""]
[""]
[""]
[""]
[""]
[""]
[""]
[""]
[""]
[""]
[""]
[""]
[""]
[""]
[""]
[""]
[""]
[""]
[""]
[""]
[""]
[""]
[""]
[""]
[""]
[""]
[""]
[""]
[""]
[""]
[""]
[""]
[{"$f":"IF(AND(B23619<>\"\",B23620<>\"\"),A23619+1,\"\")","v":""}]
[""]
[""]
[""]
[""]
[""]
[""]
[""]
[""]
[""]
[""]
[""]
[""]
[""]
[""]
[""]
[""]
[""]
[""]
[""]
[""]
[""]
[""]
[""]
[""]
[""]
[""]
[""]
[""]
[""]
[""]
[""]
[""]
[""]
[""]
[""]
[""]
[""]
[""]
[""]
[""]
[""]
[""]
[""]
[""]
[""]
[""]
[""]
[""]
[""]
[""]
[""]
[""]
[""]
[""]
[""]
[""]
[""]
[""]
[""]
[""]
[""]
[""]
[""]
[{"$f":"IF(AND(B23683<>\"\",B23684<>\"\"),A23683+1,\"\")","v":""}]
[""]
[""]
[""]
[""]
[""]
[""]
[""]
[""]
[""]
[""]
[""]
[""]
[""]
[""]
[""]
[""]
[""]
[""]
[""]
[""]
[""]
[""]
[""]
[""]
[""]
[""]
[""]
[""]
[""]
[""]
[""]
[""]
[""]
[""]
[""]
[""]
[""]
[""]
[""]
[""]
[""]
[""]
[""]
[""]
[""]
[""]
[""]
[""]
[""]
[""]
[""]
[""]
[""]
[""]
[""]
[""]
[""]
[""]
[""]
[""]
[""]
[""]
[""]
[{"$f":"IF(AND(B23747<>\"\",B23748<>\"\"),A23747+1,\"\")","v":""}]
[""]
[""]
[""]
[""]
[""]
[""]
[""]
[""]
[""]
[""]
[""]
[""]
[""]
[""]
[""]
[""]
[""]
[""]
[""]
[""]
[""]
[""]
[""]
[""]
[""]
[""]
[""]
[""]
[""]
[""]
[""]
[""]
[""]
[""]
[""]
[""]
[""]
[""]
[""]
[""]
[""]
[""]
[""]
[""]
[""]
[""]
[""]
[""]
[""]
[""]
[""]
[""]
[""]
[""]
[""]
[""]
[""]
[""]
[""]
[""]
[""]
[""]
[""]
[{"$f":"IF(AND(B23811<>\"\",B23812<>\"\"),A23811+1,\"\")","v":""}]
[""]
[""]
[""]
[""]
[""]
[""]
[""]
[""]
[""]
[""]
[""]
[""]
[""]
[""]
[""]
[""]
[""]
[""]
[""]
[""]
[""]
[""]
[""]
[""]
[""]
[""]
[""]
[""]
[""]
[""]
[""]
[""]
[""]
[""]
[""]
[""]
[""]
[""]
[""]
[""]
[""]
[""]
[""]
[""]
[""]
[""]
[""]
[""]
[""]
[""]
[""]
[""]
[""]
[""]
[""]
[""]
[""]
[""]
[""]
[""]
[""]
[""]
[""]
[{"$f":"IF(AND(B23875<>\"\",B23876<>\"\"),A23875+1,\"\")","v":""}]
[""]
[""]
[""]
[""]
[""]
[""]
[""]
[""]
[""]
[""]
[""]
[""]
[""]
[""]
[""]
[""]
[""]
[""]
[""]
[""]
[""]
[""]
[""]
[""]
[""]
[""]
[""]
[""]
[""]
[""]
[""]
[""]
[""]
[""]
[""]
[""]
[""]
[""]
[""]
[""]
[""]
[""]
[""]
[""]
[""]
[""]
[""]
[""]
[""]
[""]
[""]
[""]
[""]
[""]
[""]
[""]
[""]
[""]
[""]
[""]
[""]
[""]
[""]
[{"$f":"IF(AND(B23939<>\"\",B23940<>\"\"),A23939+1,\"\")","v":""}]
[""]
[""]
[""]
[""]
[""]
[""]
[""]
[""]
[""]
[""]
[""]
[""]
[""]
[""]
[""]
[""]
[""]
[""]
[""]
[""]
[""]
[""]
[""]
[""]
[""]
[""]
[""]
[""]
[""]
[""]
[""]
[""]
[""]
[""]
[""]
[""]
[""]
[""]
[""]
[""]
[""]
[""]
[""]
[""]
[""]
[""]
[""]
[""]
[""]
[""]
[""]
[""]
[""]
[""]
[""]
[""]
[""]
[""]
[""]
[""]
[""]
[""]
[""]
[{"$f":"IF(AND(B24003<>\"\",B24004<>\"\"),A24003+1,\"\")","v":""}]
[""]
[""]
[""]
[""]
[""]
[""]
[""]
[""]
[""]
[""]
[""]
[""]
[""]
[""]
[""]
[""]
[""]
[""]
[""]
[""]
[""]
[""]
[""]
[""]
[""]
[""]
[""]
[""]
[""]
[""]
[""]
[""]
[""]
[""]
[""]
[""]
[""]
[""]
[""]
[""]
[""]
[""]
[""]
[""]
[""]
[""]
[""]
[""]
[""]
[""]
[""]
[""]
[""]
[""]
[""]
[""]
[""]
[""]
[""]
[""]
[""]
[""]
[""]
[{"$f":"IF(AND(B24067<>\"\",B24068<>\"\"),A24067+1,\"\")","v":""}]
[""]
[""]
[""]
[""]
[""]
[""]
[""]
[""]
[""]
[""]
[""]
[""]
[""]
[""]
[""]
[""]
[""]
[""]
[""]
[""]
[""]
[""]
[""]
[""]
[""]
[""]
[""]
[""]
[""]
[""]
[""]
[""]
[""]
[""]
[""]
[""]
[""]
[""]
[""]
[""]
[""]
[""]
[""]
[""]
[""]
[""]
[""]
[""]
[""]
[""]
[""]
[""]
[""]
[""]
[""]
[""]
[""]
[""]
[""]
[""]
[""]
[""]
[""]
[{"$f":"IF(AND(B24131<>\"\",B24132<>\"\"),A24131+1,\"\")","v":""}]
[""]
[""]
[""]
[""]
[""]
[""]
[""]
[""]
[""]
[""]
[""]
[""]
[""]
[""]
[""]
[""]
[""]
[""]
[""]
[""]
[""]
[""]
[""]
[""]
[""]
[""]
[""]
[""]
[""]
[""]
[""]
[""]
[""]
[""]
[""]
[""]
[""]
[""]
[""]
[""]
[""]
[""]
[""]
[""]
[""]
[""]
[""]
[""]
[""]
[""]
[""]
[""]
[""]
[""]
[""]
[""]
[""]
[""]
[""]
[""]
[""]
[""]
[""]
[{"$f":"IF(AND(B24195<>\"\",B24196<>\"\"),A24195+1,\"\")","v":""}]
[""]
[""]
[""]
[""]
[""]
[""]
[""]
[""]
[""]
[""]
[""]
[""]
[""]
[""]
[""]
[""]
[""]
[""]
[""]
[""]
[""]
[""]
[""]
[""]
[""]
[""]
[""]
[""]
[""]
[""]
[""]
[""]
[""]
[""]
[""]
[""]
[""]
[""]
[""]
[""]
[""]
[""]
[""]
[""]
[""]
[""]
[""]
[""]
[""]
[""]
[""]
[""]
[""]
[""]
[""]
[""]
[""]
[""]
[""]
[""]
[""]
[""]
[""]
[{"$f":"IF(AND(B24259<>\"\",B24260<>\"\"),A24259+1,\"\")","v":""}]
[""]
[""]
[""]
[""]
[""]
[""]
[""]
[""]
[""]
[""]
[""]
[""]
[""]
[""]
[""]
[""]
[""]
[""]
[""]
[""]
[""]
[""]
[""]
[""]
[""]
[""]
[""]
[""]
[""]
[""]
[""]
[""]
[""]
[""]
[""]
[""]
[""]
[""]
[""]
[""]
[""]
[""]
[""]
[""]
[""]
[""]
[""]
[""]
[""]
[""]
[""]
[""]
[""]
[""]
[""]
[""]
[""]
[""]
[""]
[""]
[""]
[""]
[""]
[{"$f":"IF(AND(B24323<>\"\",B24324<>\"\"),A24323+1,\"\")","v":""}]
[""]
[""]
[""]
[""]
[""]
[""]
[""]
[""]
[""]
[""]
[""]
[""]
[""]
[""]
[""]
[""]
[""]
[""]
[""]
[""]
[""]
[""]
[""]
[""]
[""]
[""]
[""]
[""]
[""]
[""]
[""]
[""]
[""]
[""]
[""]
[""]
[""]
[""]
[""]
[""]
[""]
[""]
[""]
[""]
[""]
[""]
[""]
[""]
[""]
[""]
[""]
[""]
[""]
[""]
[""]
[""]
[""]
[""]
[""]
[""]
[""]
[""]
[""]
[{"$f":"IF(AND(B24387<>\"\",B24388<>\"\"),A24387+1,\"\")","v":""}]
[""]
[""]
[""]
[""]
[""]
[""]
[""]
[""]
[""]
[""]
[""]
[""]
[""]
[""]
[""]
[""]
[""]
[""]
[""]
[""]
[""]
[""]
[""]
[""]
[""]
[""]
[""]
[""]
[""]
[""]
[""]
[""]
[""]
[""]
[""]
[""]
[""]
[""]
[""]
[""]
[""]
[""]
[""]
[""]
[""]
[""]
[""]
[""]
[""]
[""]
[""]
[""]
[""]
[""]
[""]
[""]
[""]
[""]
[""]
[""]
[""]
[""]
[""]
[{"$f":"IF(AND(B24451<>\"\",B24452<>\"\"),A24451+1,\"\")","v":""}]
[""]
[""]
[""]
[""]
[""]
[""]
[""]
[""]
[""]
[""]
[""]
[""]
[""]
[""]
[""]
[""]
[""]
[""]
[""]
[""]
[""]
[""]
[""]
[""]
[""]
[""]
[""]
[""]
[""]
[""]
[""]
[""]
[""]
[""]
[""]
[""]
[""]
[""]
[""]
[""]
[""]
[""]
[""]
[""]
[""]
[""]
[""]
[""]
[""]
[""]
[""]
[""]
[""]
[""]
[""]
[""]
[""]
[""]
[""]
[""]
[""]
[""]
[""]
[{"$f":"IF(AND(B24515<>\"\",B24516<>\"\"),A24515+1,\"\")","v":""}]
[""]
[""]
[""]
[""]
[""]
[""]
[""]
[""]
[""]
[""]
[""]
[""]
[""]
[""]
[""]
[""]
[""]
[""]
[""]
[""]
[""]
[""]
[""]
[""]
[""]
[""]
[""]
[""]
[""]
[""]
[""]
[""]
[""]
[""]
[""]
[""]
[""]
[""]
[""]
[""]
[""]
[""]
[""]
[""]
[""]
[""]
[""]
[""]
[""]
[""]
[""]
[""]
[""]
[""]
[""]
[""]
[""]
[""]
[""]
[""]
[""]
[""]
[""]
[{"$f":"IF(AND(B24579<>\"\",B24580<>\"\"),A24579+1,\"\")","v":""}]
[""]
[""]
[""]
[""]
[""]
[""]
[""]
[""]
[""]
[""]
[""]
[""]
[""]
[""]
[""]
[""]
[""]
[""]
[""]
[""]
[""]
[""]
[""]
[""]
[""]
[""]
[""]
[""]
[""]
[""]
[""]
[""]
[""]
[""]
[""]
[""]
[""]
[""]
[""]
[""]
[""]
[""]
[""]
[""]
[""]
[""]
[""]
[""]
[""]
[""]
[""]
[""]
[""]
[""]
[""]
[""]
[""]
[""]
[""]
[""]
[""]
[""]
[""]
[{"$f":"IF(AND(B24643<>\"\",B24644<>\"\"),A24643+1,\"\")","v":""}]
[""]
[""]
[""]
[""]
[""]
[""]
[""]
[""]
[""]
[""]
[""]
[""]
[""]
[""]
[""]
[""]
[""]
[""]
[""]
[""]
[""]
[""]
[""]
[""]
[""]
[""]
[""]
[""]
[""]
[""]
[""]
[""]
[""]
[""]
[""]
[""]
[""]
[""]
[""]
[""]
[""]
[""]
[""]
[""]
[""]
[""]
[""]
[""]
[""]
[""]
[""]
[""]
[""]
[""]
[""]
[""]
[""]
[""]
[""]
[""]
[""]
[""]
[""]
[{"$f":"IF(AND(B24707<>\"\",B24708<>\"\"),A24707+1,\"\")","v":""}]
[""]
[""]
[""]
[""]
[""]
[""]
[""]
[""]
[""]
[""]
[""]
[""]
[""]
[""]
[""]
[""]
[""]
[""]
[""]
[""]
[""]
[""]
[""]
[""]
[""]
[""]
[""]
[""]
[""]
[""]
[""]
[""]
[""]
[""]
[""]
[""]
[""]
[""]
[""]
[""]
[""]
[""]
[""]
[""]
[""]
[""]
[""]
[""]
[""]
[""]
[""]
[""]
[""]
[""]
[""]
[""]
[""]
[""]
[""]
[""]
[""]
[""]
[""]
[{"$f":"IF(AND(B24771<>\"\",B24772<>\"\"),A24771+1,\"\")","v":""}]
[""]
[""]
[""]
[""]
[""]
[""]
[""]
[""]
[""]
[""]
[""]
[""]
[""]
[""]
[""]
[""]
[""]
[""]
[""]
[""]
[""]
[""]
[""]
[""]
[""]
[""]
[""]
[""]
[""]
[""]
[""]
[""]
[""]
[""]
[""]
[""]
[""]
[""]
[""]
[""]
[""]
[""]
[""]
[""]
[""]
[""]
[""]
[""]
[""]
[""]
[""]
[""]
[""]
[""]
[""]
[""]
[""]
[""]
[""]
[""]
[""]
[""]
[""]
[{"$f":"IF(AND(B24835<>\"\",B24836<>\"\"),A24835+1,\"\")","v":""}]
[""]
[""]
[""]
[""]
[""]
[""]
[""]
[""]
[""]
[""]
[""]
[""]
[""]
[""]
[""]
[""]
[""]
[""]
[""]
[""]
[""]
[""]
[""]
[""]
[""]
[""]
[""]
[""]
[""]
[""]
[""]
[""]
[""]
[""]
[""]
[""]
[""]
[""]
[""]
[""]
[""]
[""]
[""]
[""]
[""]
[""]
[""]
[""]
[""]
[""]
[""]
[""]
[""]
[""]
[""]
[""]
[""]
[""]
[""]
[""]
[""]
[""]
[""]
[{"$f":"IF(AND(B24899<>\"\",B24900<>\"\"),A24899+1,\"\")","v":""}]
[""]
[""]
[""]
[""]
[""]
[""]
[""]
[""]
[""]
[""]
[""]
[""]
[""]
[""]
[""]
[""]
[""]
[""]
[""]
[""]
[""]
[""]
[""]
[""]
[""]
[""]
[""]
[""]
[""]
[""]
[""]
[""]
[""]
[""]
[""]
[""]
[""]
[""]
[""]
[""]
[""]
[""]
[""]
[""]
[""]
[""]
[""]
[""]
[""]
[""]
[""]
[""]
[""]
[""]
[""]
[""]
[""]
[""]
[""]
[""]
[""]
[""]
[""]
[{"$f":"IF(AND(B24963<>\"\",B24964<>\"\"),A24963+1,\"\")","v":""}]
[""]
[""]
[""]
[""]
[""]
[""]
[""]
[""]
[""]
[""]
[""]
[""]
[""]
[""]
[""]
[""]
[""]
[""]
[""]
[""]
[""]
[""]
[""]
[""]
[""]
[""]
[""]
[""]
[""]
[""]
[""]
[""]
[""]
[""]
[""]
[""]
[""]
[""]
[""]
[""]
[""]
[""]
[""]
[""]
[""]
[""]
[""]
[""]
[""]
[""]
[""]
[""]
[""]
[""]
[""]
[""]
[""]
[""]
[""]
[""]
[""]
[""]
[""]
[{"$f":"IF(AND(B25027<>\"\",B25028<>\"\"),A25027+1,\"\")","v":""}]
[""]
[""]
[""]
[""]
[""]
[""]
[""]
[""]
[""]
[""]
[""]
[""]
[""]
[""]
[""]
[""]
[""]
[""]
[""]
[""]
[""]
[""]
[""]
[""]
[""]
[""]
[""]
[""]
[""]
[""]
[""]
[""]
[""]
[""]
[""]
[""]
[""]
[""]
[""]
[""]
[""]
[""]
[""]
[""]
[""]
[""]
[""]
[""]
[""]
[""]
[""]
[""]
[""]
[""]
[""]
[""]
[""]
[""]
[""]
[""]
[""]
[""]
[""]
[{"$f":"IF(AND(B25091<>\"\",B25092<>\"\"),A25091+1,\"\")","v":""}]
[""]
[""]
[""]
[""]
[""]
[""]
[""]
[""]
[""]
[""]
[""]
[""]
[""]
[""]
[""]
[""]
[""]
[""]
[""]
[""]
[""]
[""]
[""]
[""]
[""]
[""]
[""]
[""]
[""]
[""]
[""]
[""]
[""]
[""]
[""]
[""]
[""]
[""]
[""]
[""]
[""]
[""]
[""]
[""]
[""]
[""]
[""]
[""]
[""]
[""]
[""]
[""]
[""]
[""]
[""]
[""]
[""]
[""]
[""]
[""]
[""]
[""]
[""]
[{"$f":"IF(AND(B25155<>\"\",B25156<>\"\"),A25155+1,\"\")","v":""}]
[""]
[""]
[""]
[""]
[""]
[""]
[""]
[""]
[""]
[""]
[""]
[""]
[""]
[""]
[""]
[""]
[""]
[""]
[""]
[""]
[""]
[""]
[""]
[""]
[""]
[""]
[""]
[""]
[""]
[""]
[""]
[""]
[""]
[""]
[""]
[""]
[""]
[""]
[""]
[""]
[""]
[""]
[""]
[""]
[""]
[""]
[""]
[""]
[""]
[""]
[""]
[""]
[""]
[""]
[""]
[""]
[""]
[""]
[""]
[""]
[""]
[""]
[""]
[{"$f":"IF(AND(B25219<>\"\",B25220<>\"\"),A25219+1,\"\")","v":""}]
[""]
[""]
[""]
[""]
[""]
[""]
[""]
[""]
[""]
[""]
[""]
[""]
[""]
[""]
[""]
[""]
[""]
[""]
[""]
[""]
[""]
[""]
[""]
[""]
[""]
[""]
[""]
[""]
[""]
[""]
[""]
[""]
[""]
[""]
[""]
[""]
[""]
[""]
[""]
[""]
[""]
[""]
[""]
[""]
[""]
[""]
[""]
[""]
[""]
[""]
[""]
[""]
[""]
[""]
[""]
[""]
[""]
[""]
[""]
[""]
[""]
[""]
[""]
[{"$f":"IF(AND(B25283<>\"\",B25284<>\"\"),A25283+1,\"\")","v":""}]
[""]
[""]
[""]
[""]
[""]
[""]
[""]
[""]
[""]
[""]
[""]
[""]
[""]
[""]
[""]
[""]
[""]
[""]
[""]
[""]
[""]
[""]
[""]
[""]
[""]
[""]
[""]
[""]
[""]
[""]
[""]
[""]
[""]
[""]
[""]
[""]
[""]
[""]
[""]
[""]
[""]
[""]
[""]
[""]
[""]
[""]
[""]
[""]
[""]
[""]
[""]
[""]
[""]
[""]
[""]
[""]
[""]
[""]
[""]
[""]
[""]
[""]
[""]
[{"$f":"IF(AND(B25347<>\"\",B25348<>\"\"),A25347+1,\"\")","v":""}]
[""]
[""]
[""]
[""]
[""]
[""]
[""]
[""]
[""]
[""]
[""]
[""]
[""]
[""]
[""]
[""]
[""]
[""]
[""]
[""]
[""]
[""]
[""]
[""]
[""]
[""]
[""]
[""]
[""]
[""]
[""]
[""]
[""]
[""]
[""]
[""]
[""]
[""]
[""]
[""]
[""]
[""]
[""]
[""]
[""]
[""]
[""]
[""]
[""]
[""]
[""]
[""]
[""]
[""]
[""]
[""]
[""]
[""]
[""]
[""]
[""]
[""]
[""]
[{"$f":"IF(AND(B25411<>\"\",B25412<>\"\"),A25411+1,\"\")","v":""}]
[""]
[""]
[""]
[""]
[""]
[""]
[""]
[""]
[""]
[""]
[""]
[""]
[""]
[""]
[""]
[""]
[""]
[""]
[""]
[""]
[""]
[""]
[""]
[""]
[""]
[""]
[""]
[""]
[""]
[""]
[""]
[""]
[""]
[""]
[""]
[""]
[""]
[""]
[""]
[""]
[""]
[""]
[""]
[""]
[""]
[""]
[""]
[""]
[""]
[""]
[""]
[""]
[""]
[""]
[""]
[""]
[""]
[""]
[""]
[""]
[""]
[""]
[""]
[{"$f":"IF(AND(B25475<>\"\",B25476<>\"\"),A25475+1,\"\")","v":""}]
[""]
[""]
[""]
[""]
[""]
[""]
[""]
[""]
[""]
[""]
[""]
[""]
[""]
[""]
[""]
[""]
[""]
[""]
[""]
[""]
[""]
[""]
[""]
[""]
[""]
[""]
[""]
[""]
[""]
[""]
[""]
[""]
[""]
[""]
[""]
[""]
[""]
[""]
[""]
[""]
[""]
[""]
[""]
[""]
[""]
[""]
[""]
[""]
[""]
[""]
[""]
[""]
[""]
[""]
[""]
[""]
[""]
[""]
[""]
[""]
[""]
[""]
[""]
[{"$f":"IF(AND(B25539<>\"\",B25540<>\"\"),A25539+1,\"\")","v":""}]
[""]
[""]
[""]
[""]
[""]
[""]
[""]
[""]
[""]
[""]
[""]
[""]
[""]
[""]
[""]
[""]
[""]
[""]
[""]
[""]
[""]
[""]
[""]
[""]
[""]
[""]
[""]
[""]
[""]
[""]
[""]
[""]
[""]
[""]
[""]
[""]
[""]
[""]
[""]
[""]
[""]
[""]
[""]
[""]
[""]
[""]
[""]
[""]
[""]
[""]
[""]
[""]
[""]
[""]
[""]
[""]
[""]
[""]
[""]
[""]
[""]
[""]
[""]
[{"$f":"IF(AND(B25603<>\"\",B25604<>\"\"),A25603+1,\"\")","v":""}]
[""]
[""]
[""]
[""]
[""]
[""]
[""]
[""]
[""]
[""]
[""]
[""]
[""]
[""]
[""]
[""]
[""]
[""]
[""]
[""]
[""]
[""]
[""]
[""]
[""]
[""]
[""]
[""]
[""]
[""]
[""]
[""]
[""]
[""]
[""]
[""]
[""]
[""]
[""]
[""]
[""]
[""]
[""]
[""]
[""]
[""]
[""]
[""]
[""]
[""]
[""]
[""]
[""]
[""]
[""]
[""]
[""]
[""]
[""]
[""]
[""]
[""]
[""]
[{"$f":"IF(AND(B25667<>\"\",B25668<>\"\"),A25667+1,\"\")","v":""}]
[""]
[""]
[""]
[""]
[""]
[""]
[""]
[""]
[""]
[""]
[""]
[""]
[""]
[""]
[""]
[""]
[""]
[""]
[""]
[""]
[""]
[""]
[""]
[""]
[""]
[""]
[""]
[""]
[""]
[""]
[""]
[""]
[""]
[""]
[""]
[""]
[""]
[""]
[""]
[""]
[""]
[""]
[""]
[""]
[""]
[""]
[""]
[""]
[""]
[""]
[""]
[""]
[""]
[""]
[""]
[""]
[""]
[""]
[""]
[""]
[""]
[""]
[""]
[{"$f":"IF(AND(B25731<>\"\",B25732<>\"\"),A25731+1,\"\")","v":""}]
[""]
[""]
[""]
[""]
[""]
[""]
[""]
[""]
[""]
[""]
[""]
[""]
[""]
[""]
[""]
[""]
[""]
[""]
[""]
[""]
[""]
[""]
[""]
[""]
[""]
[""]
[""]
[""]
[""]
[""]
[""]
[""]
[""]
[""]
[""]
[""]
[""]
[""]
[""]
[""]
[""]
[""]
[""]
[""]
[""]
[""]
[""]
[""]
[""]
[""]
[""]
[""]
[""]
[""]
[""]
[""]
[""]
[""]
[""]
[""]
[""]
[""]
[""]
[{"$f":"IF(AND(B25795<>\"\",B25796<>\"\"),A25795+1,\"\")","v":""}]
[""]
[""]
[""]
[""]
[""]
[""]
[""]
[""]
[""]
[""]
[""]
[""]
[""]
[""]
[""]
[""]
[""]
[""]
[""]
[""]
[""]
[""]
[""]
[""]
[""]
[""]
[""]
[""]
[""]
[""]
[""]
[""]
[""]
[""]
[""]
[""]
[""]
[""]
[""]
[""]
[""]
[""]
[""]
[""]
[""]
[""]
[""]
[""]
[""]
[""]
[""]
[""]
[""]
[""]
[""]
[""]
[""]
[""]
[""]
[""]
[""]
[""]
[""]
[{"$f":"IF(AND(B25859<>\"\",B25860<>\"\"),A25859+1,\"\")","v":""}]
[""]
[""]
[""]
[""]
[""]
[""]
[""]
[""]
[""]
[""]
[""]
[""]
[""]
[""]
[""]
[""]
[""]
[""]
[""]
[""]
[""]
[""]
[""]
[""]
[""]
[""]
[""]
[""]
[""]
[""]
[""]
[""]
[""]
[""]
[""]
[""]
[""]
[""]
[""]
[""]
[""]
[""]
[""]
[""]
[""]
[""]
[""]
[""]
[""]
[""]
[""]
[""]
[""]
[""]
[""]
[""]
[""]
[""]
[""]
[""]
[""]
[""]
[""]
[{"$f":"IF(AND(B25923<>\"\",B25924<>\"\"),A25923+1,\"\")","v":""}]
[""]
[""]
[""]
[""]
[""]
[""]
[""]
[""]
[""]
[""]
[""]
[""]
[""]
[""]
[""]
[""]
[""]
[""]
[""]
[""]
[""]
[""]
[""]
[""]
[""]
[""]
[""]
[""]
[""]
[""]
[""]
[""]
[""]
[""]
[""]
[""]
[""]
[""]
[""]
[""]
[""]
[""]
[""]
[""]
[""]
[""]
[""]
[""]
[""]
[""]
[""]
[""]
[""]
[""]
[""]
[""]
[""]
[""]
[""]
[""]
[""]
[""]
[""]
[{"$f":"IF(AND(B25987<>\"\",B25988<>\"\"),A25987+1,\"\")","v":""}]
[""]
[""]
[""]
[""]
[""]
[""]
[""]
[""]
[""]
[""]
[""]
[""]
[""]
[""]
[""]
[""]
[""]
[""]
[""]
[""]
[""]
[""]
[""]
[""]
[""]
[""]
[""]
[""]
[""]
[""]
[""]
[""]
[""]
[""]
[""]
[""]
[""]
[""]
[""]
[""]
[""]
[""]
[""]
[""]
[""]
[""]
[""]
[""]
[""]
[""]
[""]
[""]
[""]
[""]
[""]
[""]
[""]
[""]
[""]
[""]
[""]
[""]
[""]
[{"$f":"IF(AND(B26051<>\"\",B26052<>\"\"),A26051+1,\"\")","v":""}]
[""]
[""]
[""]
[""]
[""]
[""]
[""]
[""]
[""]
[""]
[""]
[""]
[""]
[""]
[""]
[""]
[""]
[""]
[""]
[""]
[""]
[""]
[""]
[""]
[""]
[""]
[""]
[""]
[""]
[""]
[""]
[""]
[""]
[""]
[""]
[""]
[""]
[""]
[""]
[""]
[""]
[""]
[""]
[""]
[""]
[""]
[""]
[""]
[""]
[""]
[""]
[""]
[""]
[""]
[""]
[""]
[""]
[""]
[""]
[""]
[""]
[""]
[""]
[{"$f":"IF(AND(B26115<>\"\",B26116<>\"\"),A26115+1,\"\")","v":""}]
[""]
[""]
[""]
[""]
[""]
[""]
[""]
[""]
[""]
[""]
[""]
[""]
[""]
[""]
[""]
[""]
[""]
[""]
[""]
[""]
[""]
[""]
[""]
[""]
[""]
[""]
[""]
[""]
[""]
[""]
[""]
[""]
[""]
[""]
[""]
[""]
[""]
[""]
[""]
[""]
[""]
[""]
[""]
[""]
[""]
[""]
[""]
[""]
[""]
[""]
[""]
[""]
[""]
[""]
[""]
[""]
[""]
[""]
[""]
[""]
[""]
[""]
[""]
[{"$f":"IF(AND(B26179<>\"\",B26180<>\"\"),A26179+1,\"\")","v":""}]
[""]
[""]
[""]
[""]
[""]
[""]
[""]
[""]
[""]
[""]
[""]
[""]
[""]
[""]
[""]
[""]
[""]
[""]
[""]
[""]
[""]
[""]
[""]
[""]
[""]
[""]
[""]
[""]
[""]
[""]
[""]
[""]
[""]
[""]
[""]
[""]
[""]
[""]
[""]
[""]
[""]
[""]
[""]
[""]
[""]
[""]
[""]
[""]
[""]
[""]
[""]
[""]
[""]
[""]
[""]
[""]
[""]
[""]
[""]
[""]
[""]
[""]
[""]
[{"$f":"IF(AND(B26243<>\"\",B26244<>\"\"),A26243+1,\"\")","v":""}]
[""]
[""]
[""]
[""]
[""]
[""]
[""]
[""]
[""]
[""]
[""]
[""]
[""]
[""]
[""]
[""]
[""]
[""]
[""]
[""]
[""]
[""]
[""]
[""]
[""]
[""]
[""]
[""]
[""]
[""]
[""]
[""]
[""]
[""]
[""]
[""]
[""]
[""]
[""]
[""]
[""]
[""]
[""]
[""]
[""]
[""]
[""]
[""]
[""]
[""]
[""]
[""]
[""]
[""]
[""]
[""]
[""]
[""]
[""]
[""]
[""]
[""]
[""]
[{"$f":"IF(AND(B26307<>\"\",B26308<>\"\"),A26307+1,\"\")","v":""}]
[""]
[""]
[""]
[""]
[""]
[""]
[""]
[""]
[""]
[""]
[""]
[""]
[""]
[""]
[""]
[""]
[""]
[""]
[""]
[""]
[""]
[""]
[""]
[""]
[""]
[""]
[""]
[""]
[""]
[""]
[""]
[""]
[""]
[""]
[""]
[""]
[""]
[""]
[""]
[""]
[""]
[""]
[""]
[""]
[""]
[""]
[""]
[""]
[""]
[""]
[""]
[""]
[""]
[""]
[""]
[""]
[""]
[""]
[""]
[""]
[""]
[""]
[""]
[{"$f":"IF(AND(B26371<>\"\",B26372<>\"\"),A26371+1,\"\")","v":""}]
[""]
[""]
[""]
[""]
[""]
[""]
[""]
[""]
[""]
[""]
[""]
[""]
[""]
[""]
[""]
[""]
[""]
[""]
[""]
[""]
[""]
[""]
[""]
[""]
[""]
[""]
[""]
[""]
[""]
[""]
[""]
[""]
[""]
[""]
[""]
[""]
[""]
[""]
[""]
[""]
[""]
[""]
[""]
[""]
[""]
[""]
[""]
[""]
[""]
[""]
[""]
[""]
[""]
[""]
[""]
[""]
[""]
[""]
[""]
[""]
[""]
[""]
[""]
[{"$f":"IF(AND(B26435<>\"\",B26436<>\"\"),A26435+1,\"\")","v":""}]
[""]
[""]
[""]
[""]
[""]
[""]
[""]
[""]
[""]
[""]
[""]
[""]
[""]
[""]
[""]
[""]
[""]
[""]
[""]
[""]
[""]
[""]
[""]
[""]
[""]
[""]
[""]
[""]
[""]
[""]
[""]
[""]
[""]
[""]
[""]
[""]
[""]
[""]
[""]
[""]
[""]
[""]
[""]
[""]
[""]
[""]
[""]
[""]
[""]
[""]
[""]
[""]
[""]
[""]
[""]
[""]
[""]
[""]
[""]
[""]
[""]
[""]
[""]
[{"$f":"IF(AND(B26499<>\"\",B26500<>\"\"),A26499+1,\"\")","v":""}]
[""]
[""]
[""]
[""]
[""]
[""]
[""]
[""]
[""]
[""]
[""]
[""]
[""]
[""]
[""]
[""]
[""]
[""]
[""]
[""]
[""]
[""]
[""]
[""]
[""]
[""]
[""]
[""]
[""]
[""]
[""]
[""]
[""]
[""]
[""]
[""]
[""]
[""]
[""]
[""]
[""]
[""]
[""]
[""]
[""]
[""]
[""]
[""]
[""]
[""]
[""]
[""]
[""]
[""]
[""]
[""]
[""]
[""]
[""]
[""]
[""]
[""]
[""]
[{"$f":"IF(AND(B26563<>\"\",B26564<>\"\"),A26563+1,\"\")","v":""}]
[""]
[""]
[""]
[""]
[""]
[""]
[""]
[""]
[""]
[""]
[""]
[""]
[""]
[""]
[""]
[""]
[""]
[""]
[""]
[""]
[""]
[""]
[""]
[""]
[""]
[""]
[""]
[""]
[""]
[""]
[""]
[""]
[""]
[""]
[""]
[""]
[""]
[""]
[""]
[""]
[""]
[""]
[""]
[""]
[""]
[""]
[""]
[""]
[""]
[""]
[""]
[""]
[""]
[""]
[""]
[""]
[""]
[""]
[""]
[""]
[""]
[""]
[""]
[{"$f":"IF(AND(B26627<>\"\",B26628<>\"\"),A26627+1,\"\")","v":""}]
[""]
[""]
[""]
[""]
[""]
[""]
[""]
[""]
[""]
[""]
[""]
[""]
[""]
[""]
[""]
[""]
[""]
[""]
[""]
[""]
[""]
[""]
[""]
[""]
[""]
[""]
[""]
[""]
[""]
[""]
[""]
[""]
[""]
[""]
[""]
[""]
[""]
[""]
[""]
[""]
[""]
[""]
[""]
[""]
[""]
[""]
[""]
[""]
[""]
[""]
[""]
[""]
[""]
[""]
[""]
[""]
[""]
[""]
[""]
[""]
[""]
[""]
[""]
[{"$f":"IF(AND(B26691<>\"\",B26692<>\"\"),A26691+1,\"\")","v":""}]
[""]
[""]
[""]
[""]
[""]
[""]
[""]
[""]
[""]
[""]
[""]
[""]
[""]
[""]
[""]
[""]
[""]
[""]
[""]
[""]
[""]
[""]
[""]
[""]
[""]
[""]
[""]
[""]
[""]
[""]
[""]
[""]
[""]
[""]
[""]
[""]
[""]
[""]
[""]
[""]
[""]
[""]
[""]
[""]
[""]
[""]
[""]
[""]
[""]
[""]
[""]
[""]
[""]
[""]
[""]
[""]
[""]
[""]
[""]
[""]
[""]
[""]
[""]
[{"$f":"IF(AND(B26755<>\"\",B26756<>\"\"),A26755+1,\"\")","v":""}]
[""]
[""]
[""]
[""]
[""]
[""]
[""]
[""]
[""]
[""]
[""]
[""]
[""]
[""]
[""]
[""]
[""]
[""]
[""]
[""]
[""]
[""]
[""]
[""]
[""]
[""]
[""]
[""]
[""]
[""]
[""]
[""]
[""]
[""]
[""]
[""]
[""]
[""]
[""]
[""]
[""]
[""]
[""]
[""]
[""]
[""]
[""]
[""]
[""]
[""]
[""]
[""]
[""]
[""]
[""]
[""]
[""]
[""]
[""]
[""]
[""]
[""]
[""]
[{"$f":"IF(AND(B26819<>\"\",B26820<>\"\"),A26819+1,\"\")","v":""}]
[""]
[""]
[""]
[""]
[""]
[""]
[""]
[""]
[""]
[""]
[""]
[""]
[""]
[""]
[""]
[""]
[""]
[""]
[""]
[""]
[""]
[""]
[""]
[""]
[""]
[""]
[""]
[""]
[""]
[""]
[""]
[""]
[""]
[""]
[""]
[""]
[""]
[""]
[""]
[""]
[""]
[""]
[""]
[""]
[""]
[""]
[""]
[""]
[""]
[""]
[""]
[""]
[""]
[""]
[""]
[""]
[""]
[""]
[""]
[""]
[""]
[""]
[""]
[{"$f":"IF(AND(B26883<>\"\",B26884<>\"\"),A26883+1,\"\")","v":""}]
[""]
[""]
[""]
[""]
[""]
[""]
[""]
[""]
[""]
[""]
[""]
[""]
[""]
[""]
[""]
[""]
[""]
[""]
[""]
[""]
[""]
[""]
[""]
[""]
[""]
[""]
[""]
[""]
[""]
[""]
[""]
[""]
[""]
[""]
[""]
[""]
[""]
[""]
[""]
[""]
[""]
[""]
[""]
[""]
[""]
[""]
[""]
[""]
[""]
[""]
[""]
[""]
[""]
[""]
[""]
[""]
[""]
[""]
[""]
[""]
[""]
[""]
[""]
[{"$f":"IF(AND(B26947<>\"\",B26948<>\"\"),A26947+1,\"\")","v":""}]
[""]
[""]
[""]
[""]
[""]
[""]
[""]
[""]
[""]
[""]
[""]
[""]
[""]
[""]
[""]
[""]
[""]
[""]
[""]
[""]
[""]
[""]
[""]
[""]
[""]
[""]
[""]
[""]
[""]
[""]
[""]
[""]
[""]
[""]
[""]
[""]
[""]
[""]
[""]
[""]
[""]
[""]
[""]
[""]
[""]
[""]
[""]
[""]
[""]
[""]
[""]
[""]
[""]
[""]
[""]
[""]
[""]
[""]
[""]
[""]
[""]
[""]
[""]
[{"$f":"IF(AND(B27011<>\"\",B27012<>\"\"),A27011+1,\"\")","v":""}]
[""]
[""]
[""]
[""]
[""]
[""]
[""]
[""]
[""]
[""]
[""]
[""]
[""]
[""]
[""]
[""]
[""]
[""]
[""]
[""]
[""]
[""]
[""]
[""]
[""]
[""]
[""]
[""]
[""]
[""]
[""]
[""]
[""]
[""]
[""]
[""]
[""]
[""]
[""]
[""]
[""]
[""]
[""]
[""]
[""]
[""]
[""]
[""]
[""]
[""]
[""]
[""]
[""]
[""]
[""]
[""]
[""]
[""]
[""]
[""]
[""]
[""]
[""]
[{"$f":"IF(AND(B27075<>\"\",B27076<>\"\"),A27075+1,\"\")","v":""}]
[""]
[""]
[""]
[""]
[""]
[""]
[""]
[""]
[""]
[""]
[""]
[""]
[""]
[""]
[""]
[""]
[""]
[""]
[""]
[""]
[""]
[""]
[""]
[""]
[""]
[""]
[""]
[""]
[""]
[""]
[""]
[""]
[""]
[""]
[""]
[""]
[""]
[""]
[""]
[""]
[""]
[""]
[""]
[""]
[""]
[""]
[""]
[""]
[""]
[""]
[""]
[""]
[""]
[""]
[""]
[""]
[""]
[""]
[""]
[""]
[""]
[""]
[""]
[{"$f":"IF(AND(B27139<>\"\",B27140<>\"\"),A27139+1,\"\")","v":""}]
[""]
[""]
[""]
[""]
[""]
[""]
[""]
[""]
[""]
[""]
[""]
[""]
[""]
[""]
[""]
[""]
[""]
[""]
[""]
[""]
[""]
[""]
[""]
[""]
[""]
[""]
[""]
[""]
[""]
[""]
[""]
[""]
[""]
[""]
[""]
[""]
[""]
[""]
[""]
[""]
[""]
[""]
[""]
[""]
[""]
[""]
[""]
[""]
[""]
[""]
[""]
[""]
[""]
[""]
[""]
[""]
[""]
[""]
[""]
[""]
[""]
[""]
[""]
[{"$f":"IF(AND(B27203<>\"\",B27204<>\"\"),A27203+1,\"\")","v":""}]
[""]
[""]
[""]
[""]
[""]
[""]
[""]
[""]
[""]
[""]
[""]
[""]
[""]
[""]
[""]
[""]
[""]
[""]
[""]
[""]
[""]
[""]
[""]
[""]
[""]
[""]
[""]
[""]
[""]
[""]
[""]
[""]
[""]
[""]
[""]
[""]
[""]
[""]
[""]
[""]
[""]
[""]
[""]
[""]
[""]
[""]
[""]
[""]
[""]
[""]
[""]
[""]
[""]
[""]
[""]
[""]
[""]
[""]
[""]
[""]
[""]
[""]
[""]
[{"$f":"IF(AND(B27267<>\"\",B27268<>\"\"),A27267+1,\"\")","v":""}]
[""]
[""]
[""]
[""]
[""]
[""]
[""]
[""]
[""]
[""]
[""]
[""]
[""]
[""]
[""]
[""]
[""]
[""]
[""]
[""]
[""]
[""]
[""]
[""]
[""]
[""]
[""]
[""]
[""]
[""]
[""]
[""]
[""]
[""]
[""]
[""]
[""]
[""]
[""]
[""]
[""]
[""]
[""]
[""]
[""]
[""]
[""]
[""]
[""]
[""]
[""]
[""]
[""]
[""]
[""]
[""]
[""]
[""]
[""]
[""]
[""]
[""]
[""]
[{"$f":"IF(AND(B27331<>\"\",B27332<>\"\"),A27331+1,\"\")","v":""}]
[""]
[""]
[""]
[""]
[""]
[""]
[""]
[""]
[""]
[""]
[""]
[""]
[""]
[""]
[""]
[""]
[""]
[""]
[""]
[""]
[""]
[""]
[""]
[""]
[""]
[""]
[""]
[""]
[""]
[""]
[""]
[""]
[""]
[""]
[""]
[""]
[""]
[""]
[""]
[""]
[""]
[""]
[""]
[""]
[""]
[""]
[""]
[""]
[""]
[""]
[""]
[""]
[""]
[""]
[""]
[""]
[""]
[""]
[""]
[""]
[""]
[""]
[""]
[{"$f":"IF(AND(B27395<>\"\",B27396<>\"\"),A27395+1,\"\")","v":""}]
[""]
[""]
[""]
[""]
[""]
[""]
[""]
[""]
[""]
[""]
[""]
[""]
[""]
[""]
[""]
[""]
[""]
[""]
[""]
[""]
[""]
[""]
[""]
[""]
[""]
[""]
[""]
[""]
[""]
[""]
[""]
[""]
[""]
[""]
[""]
[""]
[""]
[""]
[""]
[""]
[""]
[""]
[""]
[""]
[""]
[""]
[""]
[""]
[""]
[""]
[""]
[""]
[""]
[""]
[""]
[""]
[""]
[""]
[""]
[""]
[""]
[""]
[""]
[{"$f":"IF(AND(B27459<>\"\",B27460<>\"\"),A27459+1,\"\")","v":""}]
[""]
[""]
[""]
[""]
[""]
[""]
[""]
[""]
[""]
[""]
[""]
[""]
[""]
[""]
[""]
[""]
[""]
[""]
[""]
[""]
[""]
[""]
[""]
[""]
[""]
[""]
[""]
[""]
[""]
[""]
[""]
[""]
[""]
[""]
[""]
[""]
[""]
[""]
[""]
[""]
[""]
[""]
[""]
[""]
[""]
[""]
[""]
[""]
[""]
[""]
[""]
[""]
[""]
[""]
[""]
[""]
[""]
[""]
[""]
[""]
[""]
[""]
[""]
[{"$f":"IF(AND(B27523<>\"\",B27524<>\"\"),A27523+1,\"\")","v":""}]
[""]
[""]
[""]
[""]
[""]
[""]
[""]
[""]
[""]
[""]
[""]
[""]
[""]
[""]
[""]
[""]
[""]
[""]
[""]
[""]
[""]
[""]
[""]
[""]
[""]
[""]
[""]
[""]
[""]
[""]
[""]
[""]
[""]
[""]
[""]
[""]
[""]
[""]
[""]
[""]
[""]
[""]
[""]
[""]
[""]
[""]
[""]
[""]
[""]
[""]
[""]
[""]
[""]
[""]
[""]
[""]
[""]
[""]
[""]
[""]
[""]
[""]
[""]
[{"$f":"IF(AND(B27587<>\"\",B27588<>\"\"),A27587+1,\"\")","v":""}]
[""]
[""]
[""]
[""]
[""]
[""]
[""]
[""]
[""]
[""]
[""]
[""]
[""]
[""]
[""]
[""]
[""]
[""]
[""]
[""]
[""]
[""]
[""]
[""]
[""]
[""]
[""]
[""]
[""]
[""]
[""]
[""]
[""]
[""]
[""]
[""]
[""]
[""]
[""]
[""]
[""]
[""]
[""]
[""]
[""]
[""]
[""]
[""]
[""]
[""]
[""]
[""]
[""]
[""]
[""]
[""]
[""]
[""]
[""]
[""]
[""]
[""]
[""]
[{"$f":"IF(AND(B27651<>\"\",B27652<>\"\"),A27651+1,\"\")","v":""}]
[""]
[""]
[""]
[""]
[""]
[""]
[""]
[""]
[""]
[""]
[""]
[""]
[""]
[""]
[""]
[""]
[""]
[""]
[""]
[""]
[""]
[""]
[""]
[""]
[""]
[""]
[""]
[""]
[""]
[""]
[""]
[""]
[""]
[""]
[""]
[""]
[""]
[""]
[""]
[""]
[""]
[""]
[""]
[""]
[""]
[""]
[""]
[""]
[""]
[""]
[""]
[""]
[""]
[""]
[""]
[""]
[""]
[""]
[""]
[""]
[""]
[""]
[""]
[{"$f":"IF(AND(B27715<>\"\",B27716<>\"\"),A27715+1,\"\")","v":""}]
[""]
[""]
[""]
[""]
[""]
[""]
[""]
[""]
[""]
[""]
[""]
[""]
[""]
[""]
[""]
[""]
[""]
[""]
[""]
[""]
[""]
[""]
[""]
[""]
[""]
[""]
[""]
[""]
[""]
[""]
[""]
[""]
[""]
[""]
[""]
[""]
[""]
[""]
[""]
[""]
[""]
[""]
[""]
[""]
[""]
[""]
[""]
[""]
[""]
[""]
[""]
[""]
[""]
[""]
[""]
[""]
[""]
[""]
[""]
[""]
[""]
[""]
[""]
[{"$f":"IF(AND(B27779<>\"\",B27780<>\"\"),A27779+1,\"\")","v":""}]
[""]
[""]
[""]
[""]
[""]
[""]
[""]
[""]
[""]
[""]
[""]
[""]
[""]
[""]
[""]
[""]
[""]
[""]
[""]
[""]
[""]
[""]
[""]
[""]
[""]
[""]
[""]
[""]
[""]
[""]
[""]
[""]
[""]
[""]
[""]
[""]
[""]
[""]
[""]
[""]
[""]
[""]
[""]
[""]
[""]
[""]
[""]
[""]
[""]
[""]
[""]
[""]
[""]
[""]
[""]
[""]
[""]
[""]
[""]
[""]
[""]
[""]
[""]
[{"$f":"IF(AND(B27843<>\"\",B27844<>\"\"),A27843+1,\"\")","v":""}]
[""]
[""]
[""]
[""]
[""]
[""]
[""]
[""]
[""]
[""]
[""]
[""]
[""]
[""]
[""]
[""]
[""]
[""]
[""]
[""]
[""]
[""]
[""]
[""]
[""]
[""]
[""]
[""]
[""]
[""]
[""]
[""]
[""]
[""]
[""]
[""]
[""]
[""]
[""]
[""]
[""]
[""]
[""]
[""]
[""]
[""]
[""]
[""]
[""]
[""]
[""]
[""]
[""]
[""]
[""]
[""]
[""]
[""]
[""]
[""]
[""]
[""]
[""]
[{"$f":"IF(AND(B27907<>\"\",B27908<>\"\"),A27907+1,\"\")","v":""}]
[""]
[""]
[""]
[""]
[""]
[""]
[""]
[""]
[""]
[""]
[""]
[""]
[""]
[""]
[""]
[""]
[""]
[""]
[""]
[""]
[""]
[""]
[""]
[""]
[""]
[""]
[""]
[""]
[""]
[""]
[""]
[""]
[""]
[""]
[""]
[""]
[""]
[""]
[""]
[""]
[""]
[""]
[""]
[""]
[""]
[""]
[""]
[""]
[""]
[""]
[""]
[""]
[""]
[""]
[""]
[""]
[""]
[""]
[""]
[""]
[""]
[""]
[""]
[{"$f":"IF(AND(B27971<>\"\",B27972<>\"\"),A27971+1,\"\")","v":""}]
[""]
[""]
[""]
[""]
[""]
[""]
[""]
[""]
[""]
[""]
[""]
[""]
[""]
[""]
[""]
[""]
[""]
[""]
[""]
[""]
[""]
[""]
[""]
[""]
[""]
[""]
[""]
[""]
[""]
[""]
[""]
[""]
[""]
[""]
[""]
[""]
[""]
[""]
[""]
[""]
[""]
[""]
[""]
[""]
[""]
[""]
[""]
[""]
[""]
[""]
[""]
[""]
[""]
[""]
[""]
[""]
[""]
[""]
[""]
[""]
[""]
[""]
[""]
[{"$f":"IF(AND(B28035<>\"\",B28036<>\"\"),A28035+1,\"\")","v":""}]
[""]
[""]
[""]
[""]
[""]
[""]
[""]
[""]
[""]
[""]
[""]
[""]
[""]
[""]
[""]
[""]
[""]
[""]
[""]
[""]
[""]
[""]
[""]
[""]
[""]
[""]
[""]
[""]
[""]
[""]
[""]
[""]
[""]
[""]
[""]
[""]
[""]
[""]
[""]
[""]
[""]
[""]
[""]
[""]
[""]
[""]
[""]
[""]
[""]
[""]
[""]
[""]
[""]
[""]
[""]
[""]
[""]
[""]
[""]
[""]
[""]
[""]
[""]
[{"$f":"IF(AND(B28099<>\"\",B28100<>\"\"),A28099+1,\"\")","v":""}]
[""]
[""]
[""]
[""]
[""]
[""]
[""]
[""]
[""]
[""]
[""]
[""]
[""]
[""]
[""]
[""]
[""]
[""]
[""]
[""]
[""]
[""]
[""]
[""]
[""]
[""]
[""]
[""]
[""]
[""]
[""]
[""]
[""]
[""]
[""]
[""]
[""]
[""]
[""]
[""]
[""]
[""]
[""]
[""]
[""]
[""]
[""]
[""]
[""]
[""]
[""]
[""]
[""]
[""]
[""]
[""]
[""]
[""]
[""]
[""]
[""]
[""]
[""]
[{"$f":"IF(AND(B28163<>\"\",B28164<>\"\"),A28163+1,\"\")","v":""}]
[""]
[""]
[""]
[""]
[""]
[""]
[""]
[""]
[""]
[""]
[""]
[""]
[""]
[""]
[""]
[""]
[""]
[""]
[""]
[""]
[""]
[""]
[""]
[""]
[""]
[""]
[""]
[""]
[""]
[""]
[""]
[""]
[""]
[""]
[""]
[""]
[""]
[""]
[""]
[""]
[""]
[""]
[""]
[""]
[""]
[""]
[""]
[""]
[""]
[""]
[""]
[""]
[""]
[""]
[""]
[""]
[""]
[""]
[""]
[""]
[""]
[""]
[""]
[{"$f":"IF(AND(B28227<>\"\",B28228<>\"\"),A28227+1,\"\")","v":""}]
[""]
[""]
[""]
[""]
[""]
[""]
[""]
[""]
[""]
[""]
[""]
[""]
[""]
[""]
[""]
[""]
[""]
[""]
[""]
[""]
[""]
[""]
[""]
[""]
[""]
[""]
[""]
[""]
[""]
[""]
[""]
[""]
[""]
[""]
[""]
[""]
[""]
[""]
[""]
[""]
[""]
[""]
[""]
[""]
[""]
[""]
[""]
[""]
[""]
[""]
[""]
[""]
[""]
[""]
[""]
[""]
[""]
[""]
[""]
[""]
[""]
[""]
[""]
[{"$f":"IF(AND(B28291<>\"\",B28292<>\"\"),A28291+1,\"\")","v":""}]
[""]
[""]
[""]
[""]
[""]
[""]
[""]
[""]
[""]
[""]
[""]
[""]
[""]
[""]
[""]
[""]
[""]
[""]
[""]
[""]
[""]
[""]
[""]
[""]
[""]
[""]
[""]
[""]
[""]
[""]
[""]
[""]
[""]
[""]
[""]
[""]
[""]
[""]
[""]
[""]
[""]
[""]
[""]
[""]
[""]
[""]
[""]
[""]
[""]
[""]
[""]
[""]
[""]
[""]
[""]
[""]
[""]
[""]
[""]
[""]
[""]
[""]
[""]
[{"$f":"IF(AND(B28355<>\"\",B28356<>\"\"),A28355+1,\"\")","v":""}]
[""]
[""]
[""]
[""]
[""]
[""]
[""]
[""]
[""]
[""]
[""]
[""]
[""]
[""]
[""]
[""]
[""]
[""]
[""]
[""]
[""]
[""]
[""]
[""]
[""]
[""]
[""]
[""]
[""]
[""]
[""]
[""]
[""]
[""]
[""]
[""]
[""]
[""]
[""]
[""]
[""]
[""]
[""]
[""]
[""]
[""]
[""]
[""]
[""]
[""]
[""]
[""]
[""]
[""]
[""]
[""]
[""]
[""]
[""]
[""]
[""]
[""]
[""]
[{"$f":"IF(AND(B28419<>\"\",B28420<>\"\"),A28419+1,\"\")","v":""}]
[""]
[""]
[""]
[""]
[""]
[""]
[""]
[""]
[""]
[""]
[""]
[""]
[""]
[""]
[""]
[""]
[""]
[""]
[""]
[""]
[""]
[""]
[""]
[""]
[""]
[""]
[""]
[""]
[""]
[""]
[""]
[""]
[""]
[""]
[""]
[""]
[""]
[""]
[""]
[""]
[""]
[""]
[""]
[""]
[""]
[""]
[""]
[""]
[""]
[""]
[""]
[""]
[""]
[""]
[""]
[""]
[""]
[""]
[""]
[""]
[""]
[""]
[""]
[{"$f":"IF(AND(B28483<>\"\",B28484<>\"\"),A28483+1,\"\")","v":""}]
[""]
[""]
[""]
[""]
[""]
[""]
[""]
[""]
[""]
[""]
[""]
[""]
[""]
[""]
[""]
[""]
[""]
[""]
[""]
[""]
[""]
[""]
[""]
[""]
[""]
[""]
[""]
[""]
[""]
[""]
[""]
[""]
[""]
[""]
[""]
[""]
[""]
[""]
[""]
[""]
[""]
[""]
[""]
[""]
[""]
[""]
[""]
[""]
[""]
[""]
[""]
[""]
[""]
[""]
[""]
[""]
[""]
[""]
[""]
[""]
[""]
[""]
[""]
[{"$f":"IF(AND(B28547<>\"\",B28548<>\"\"),A28547+1,\"\")","v":""}]
[""]
[""]
[""]
[""]
[""]
[""]
[""]
[""]
[""]
[""]
[""]
[""]
[""]
[""]
[""]
[""]
[""]
[""]
[""]
[""]
[""]
[""]
[""]
[""]
[""]
[""]
[""]
[""]
[""]
[""]
[""]
[""]
[""]
[""]
[""]
[""]
[""]
[""]
[""]
[""]
[""]
[""]
[""]
[""]
[""]
[""]
[""]
[""]
[""]
[""]
[""]
[""]
[""]
[""]
[""]
[""]
[""]
[""]
[""]
[""]
[""]
[""]
[""]
[{"$f":"IF(AND(B28611<>\"\",B28612<>\"\"),A28611+1,\"\")","v":""}]
[""]
[""]
[""]
[""]
[""]
[""]
[""]
[""]
[""]
[""]
[""]
[""]
[""]
[""]
[""]
[""]
[""]
[""]
[""]
[""]
[""]
[""]
[""]
[""]
[""]
[""]
[""]
[""]
[""]
[""]
[""]
[""]
[""]
[""]
[""]
[""]
[""]
[""]
[""]
[""]
[""]
[""]
[""]
[""]
[""]
[""]
[""]
[""]
[""]
[""]
[""]
[""]
[""]
[""]
[""]
[""]
[""]
[""]
[""]
[""]
[""]
[""]
[""]
[{"$f":"IF(AND(B28675<>\"\",B28676<>\"\"),A28675+1,\"\")","v":""}]
[""]
[""]
[""]
[""]
[""]
[""]
[""]
[""]
[""]
[""]
[""]
[""]
[""]
[""]
[""]
[""]
[""]
[""]
[""]
[""]
[""]
[""]
[""]
[""]
[""]
[""]
[""]
[""]
[""]
[""]
[""]
[""]
[""]
[""]
[""]
[""]
[""]
[""]
[""]
[""]
[""]
[""]
[""]
[""]
[""]
[""]
[""]
[""]
[""]
[""]
[""]
[""]
[""]
[""]
[""]
[""]
[""]
[""]
[""]
[""]
[""]
[""]
[""]
[{"$f":"IF(AND(B28739<>\"\",B28740<>\"\"),A28739+1,\"\")","v":""}]
[""]
[""]
[""]
[""]
[""]
[""]
[""]
[""]
[""]
[""]
[""]
[""]
[""]
[""]
[""]
[""]
[""]
[""]
[""]
[""]
[""]
[""]
[""]
[""]
[""]
[""]
[""]
[""]
[""]
[""]
[""]
[""]
[""]
[""]
[""]
[""]
[""]
[""]
[""]
[""]
[""]
[""]
[""]
[""]
[""]
[""]
[""]
[""]
[""]
[""]
[""]
[""]
[""]
[""]
[""]
[""]
[""]
[""]
[""]
[""]
[""]
[""]
[""]
[{"$f":"IF(AND(B28803<>\"\",B28804<>\"\"),A28803+1,\"\")","v":""}]
[""]
[""]
[""]
[""]
[""]
[""]
[""]
[""]
[""]
[""]
[""]
[""]
[""]
[""]
[""]
[""]
[""]
[""]
[""]
[""]
[""]
[""]
[""]
[""]
[""]
[""]
[""]
[""]
[""]
[""]
[""]
[""]
[""]
[""]
[""]
[""]
[""]
[""]
[""]
[""]
[""]
[""]
[""]
[""]
[""]
[""]
[""]
[""]
[""]
[""]
[""]
[""]
[""]
[""]
[""]
[""]
[""]
[""]
[""]
[""]
[""]
[""]
[""]
[{"$f":"IF(AND(B28867<>\"\",B28868<>\"\"),A28867+1,\"\")","v":""}]
[""]
[""]
[""]
[""]
[""]
[""]
[""]
[""]
[""]
[""]
[""]
[""]
[""]
[""]
[""]
[""]
[""]
[""]
[""]
[""]
[""]
[""]
[""]
[""]
[""]
[""]
[""]
[""]
[""]
[""]
[""]
[""]
[""]
[""]
[""]
[""]
[""]
[""]
[""]
[""]
[""]
[""]
[""]
[""]
[""]
[""]
[""]
[""]
[""]
[""]
[""]
[""]
[""]
[""]
[""]
[""]
[""]
[""]
[""]
[""]
[""]
[""]
[""]
[{"$f":"IF(AND(B28931<>\"\",B28932<>\"\"),A28931+1,\"\")","v":""}]
[""]
[""]
[""]
[""]
[""]
[""]
[""]
[""]
[""]
[""]
[""]
[""]
[""]
[""]
[""]
[""]
[""]
[""]
[""]
[""]
[""]
[""]
[""]
[""]
[""]
[""]
[""]
[""]
[""]
[""]
[""]
[""]
[""]
[""]
[""]
[""]
[""]
[""]
[""]
[""]
[""]
[""]
[""]
[""]
[""]
[""]
[""]
[""]
[""]
[""]
[""]
[""]
[""]
[""]
[""]
[""]
[""]
[""]
[""]
[""]
[""]
[""]
[""]
[{"$f":"IF(AND(B28995<>\"\",B28996<>\"\"),A28995+1,\"\")","v":""}]
[""]
[""]
[""]
[""]
[""]
[""]
[""]
[""]
[""]
[""]
[""]
[""]
[""]
[""]
[""]
[""]
[""]
[""]
[""]
[""]
[""]
[""]
[""]
[""]
[""]
[""]
[""]
[""]
[""]
[""]
[""]
[""]
[""]
[""]
[""]
[""]
[""]
[""]
[""]
[""]
[""]
[""]
[""]
[""]
[""]
[""]
[""]
[""]
[""]
[""]
[""]
[""]
[""]
[""]
[""]
[""]
[""]
[""]
[""]
[""]
[""]
[""]
[""]
[{"$f":"IF(AND(B29059<>\"\",B29060<>\"\"),A29059+1,\"\")","v":""}]
[""]
[""]
[""]
[""]
[""]
[""]
[""]
[""]
[""]
[""]
[""]
[""]
[""]
[""]
[""]
[""]
[""]
[""]
[""]
[""]
[""]
[""]
[""]
[""]
[""]
[""]
[""]
[""]
[""]
[""]
[""]
[""]
[""]
[""]
[""]
[""]
[""]
[""]
[""]
[""]
[""]
[""]
[""]
[""]
[""]
[""]
[""]
[""]
[""]
[""]
[""]
[""]
[""]
[""]
[""]
[""]
[""]
[""]
[""]
[""]
[""]
[""]
[""]
[{"$f":"IF(AND(B29123<>\"\",B29124<>\"\"),A29123+1,\"\")","v":""}]
[""]
[""]
[""]
[""]
[""]
[""]
[""]
[""]
[""]
[""]
[""]
[""]
[""]
[""]
[""]
[""]
[""]
[""]
[""]
[""]
[""]
[""]
[""]
[""]
[""]
[""]
[""]
[""]
[""]
[""]
[""]
[""]
[""]
[""]
[""]
[""]
[""]
[""]
[""]
[""]
[""]
[""]
[""]
[""]
[""]
[""]
[""]
[""]
[""]
[""]
[""]
[""]
[""]
[""]
[""]
[""]
[""]
[""]
[""]
[""]
[""]
[""]
[""]
[{"$f":"IF(AND(B29187<>\"\",B29188<>\"\"),A29187+1,\"\")","v":""}]
[""]
[""]
[""]
[""]
[""]
[""]
[""]
[""]
[""]
[""]
[""]
[""]
[""]
[""]
[""]
[""]
[""]
[""]
[""]
[""]
[""]
[""]
[""]
[""]
[""]
[""]
[""]
[""]
[""]
[""]
[""]
[""]
[""]
[""]
[""]
[""]
[""]
[""]
[""]
[""]
[""]
[""]
[""]
[""]
[""]
[""]
[""]
[""]
[""]
[""]
[""]
[""]
[""]
[""]
[""]
[""]
[""]
[""]
[""]
[""]
[""]
[""]
[""]
[{"$f":"IF(AND(B29251<>\"\",B29252<>\"\"),A29251+1,\"\")","v":""}]
[""]
[""]
[""]
[""]
[""]
[""]
[""]
[""]
[""]
[""]
[""]
[""]
[""]
[""]
[""]
[""]
[""]
[""]
[""]
[""]
[""]
[""]
[""]
[""]
[""]
[""]
[""]
[""]
[""]
[""]
[""]
[""]
[""]
[""]
[""]
[""]
[""]
[""]
[""]
[""]
[""]
[""]
[""]
[""]
[""]
[""]
[""]
[""]
[""]
[""]
[""]
[""]
[""]
[""]
[""]
[""]
[""]
[""]
[""]
[""]
[""]
[""]
[""]
[{"$f":"IF(AND(B29315<>\"\",B29316<>\"\"),A29315+1,\"\")","v":""}]
[""]
[""]
[""]
[""]
[""]
[""]
[""]
[""]
[""]
[""]
[""]
[""]
[""]
[""]
[""]
[""]
[""]
[""]
[""]
[""]
[""]
[""]
[""]
[""]
[""]
[""]
[""]
[""]
[""]
[""]
[""]
[""]
[""]
[""]
[""]
[""]
[""]
[""]
[""]
[""]
[""]
[""]
[""]
[""]
[""]
[""]
[""]
[""]
[""]
[""]
[""]
[""]
[""]
[""]
[""]
[""]
[""]
[""]
[""]
[""]
[""]
[""]
[""]
[{"$f":"IF(AND(B29379<>\"\",B29380<>\"\"),A29379+1,\"\")","v":""}]
[""]
[""]
[""]
[""]
[""]
[""]
[""]
[""]
[""]
[""]
[""]
[""]
[""]
[""]
[""]
[""]
[""]
[""]
[""]
[""]
[""]
[""]
[""]
[""]
[""]
[""]
[""]
[""]
[""]
[""]
[""]
[""]
[""]
[""]
[""]
[""]
[""]
[""]
[""]
[""]
[""]
[""]
[""]
[""]
[""]
[""]
[""]
[""]
[""]
[""]
[""]
[""]
[""]
[""]
[""]
[""]
[""]
[""]
[""]
[""]
[""]
[""]
[""]
[{"$f":"IF(AND(B29443<>\"\",B29444<>\"\"),A29443+1,\"\")","v":""}]
[""]
[""]
[""]
[""]
[""]
[""]
[""]
[""]
[""]
[""]
[""]
[""]
[""]
[""]
[""]
[""]
[""]
[""]
[""]
[""]
[""]
[""]
[""]
[""]
[""]
[""]
[""]
[""]
[""]
[""]
[""]
[""]
[""]
[""]
[""]
[""]
[""]
[""]
[""]
[""]
[""]
[""]
[""]
[""]
[""]
[""]
[""]
[""]
[""]
[""]
[""]
[""]
[""]
[""]
[""]
[""]
[""]
[""]
[""]
[""]
[""]
[""]
[""]
[{"$f":"IF(AND(B29507<>\"\",B29508<>\"\"),A29507+1,\"\")","v":""}]
[""]
[""]
[""]
[""]
[""]
[""]
[""]
[""]
[""]
[""]
[""]
[""]
[""]
[""]
[""]
[""]
[""]
[""]
[""]
[""]
[""]
[""]
[""]
[""]
[""]
[""]
[""]
[""]
[""]
[""]
[""]
[""]
[""]
[""]
[""]
[""]
[""]
[""]
[""]
[""]
[""]
[""]
[""]
[""]
[""]
[""]
[""]
[""]
[""]
[""]
[""]
[""]
[""]
[""]
[""]
[""]
[""]
[""]
[""]
[""]
[""]
[""]
[""]
[{"$f":"IF(AND(B29571<>\"\",B29572<>\"\"),A29571+1,\"\")","v":""}]
[""]
[""]
[""]
[""]
[""]
[""]
[""]
[""]
[""]
[""]
[""]
[""]
[""]
[""]
[""]
[""]
[""]
[""]
[""]
[""]
[""]
[""]
[""]
[""]
[""]
[""]
[""]
[""]
[""]
[""]
[""]
[""]
[""]
[""]
[""]
[""]
[""]
[""]
[""]
[""]
[""]
[""]
[""]
[""]
[""]
[""]
[""]
[""]
[""]
[""]
[""]
[""]
[""]
[""]
[""]
[""]
[""]
[""]
[""]
[""]
[""]
[""]
[""]
[{"$f":"IF(AND(B29635<>\"\",B29636<>\"\"),A29635+1,\"\")","v":""}]
[""]
[""]
[""]
[""]
[""]
[""]
[""]
[""]
[""]
[""]
[""]
[""]
[""]
[""]
[""]
[""]
[""]
[""]
[""]
[""]
[""]
[""]
[""]
[""]
[""]
[""]
[""]
[""]
[""]
[""]
[""]
[""]
[""]
[""]
[""]
[""]
[""]
[""]
[""]
[""]
[""]
[""]
[""]
[""]
[""]
[""]
[""]
[""]
[""]
[""]
[""]
[""]
[""]
[""]
[""]
[""]
[""]
[""]
[""]
[""]
[""]
[""]
[""]
[{"$f":"IF(AND(B29699<>\"\",B29700<>\"\"),A29699+1,\"\")","v":""}]
[""]
[""]
[""]
[""]
[""]
[""]
[""]
[""]
[""]
[""]
[""]
[""]
[""]
[""]
[""]
[""]
[""]
[""]
[""]
[""]
[""]
[""]
[""]
[""]
[""]
[""]
[""]
[""]
[""]
[""]
[""]
[""]
[""]
[""]
[""]
[""]
[""]
[""]
[""]
[""]
[""]
[""]
[""]
[""]
[""]
[""]
[""]
[""]
[""]
[""]
[""]
[""]
[""]
[""]
[""]
[""]
[""]
[""]
[""]
[""]
[""]
[""]
[""]
[{"$f":"IF(AND(B29763<>\"\",B29764<>\"\"),A29763+1,\"\")","v":""}]
[""]
[""]
[""]
[""]
[""]
[""]
[""]
[""]
[""]
[""]
[""]
[""]
[""]
[""]
[""]
[""]
[""]
[""]
[""]
[""]
[""]
[""]
[""]
[""]
[""]
[""]
[""]
[""]
[""]
[""]
[""]
[""]
[""]
[""]
[""]
[""]
[""]
[""]
[""]
[""]
[""]
[""]
[""]
[""]
[""]
[""]
[""]
[""]
[""]
[""]
[""]
[""]
[""]
[""]
[""]
[""]
[""]
[""]
[""]
[""]
[""]
[""]
[""]
[{"$f":"IF(AND(B29827<>\"\",B29828<>\"\"),A29827+1,\"\")","v":""}]
[""]
[""]
[""]
[""]
[""]
[""]
[""]
[""]
[""]
[""]
[""]
[""]
[""]
[""]
[""]
[""]
[""]
[""]
[""]
[""]
[""]
[""]
[""]
[""]
[""]
[""]
[""]
[""]
[""]
[""]
[""]
[""]
[""]
[""]
[""]
[""]
[""]
[""]
[""]
[""]
[""]
[""]
[""]
[""]
[""]
[""]
[""]
[""]
[""]
[""]
[""]
[""]
[""]
[""]
[""]
[""]
[""]
[""]
[""]
[""]
[""]
[""]
[""]
[{"$f":"IF(AND(B29891<>\"\",B29892<>\"\"),A29891+1,\"\")","v":""}]
[""]
[""]
[""]
[""]
[""]
[""]
[""]
[""]
[""]
[""]
[""]
[""]
[""]
[""]
[""]
[""]
[""]
[""]
[""]
[""]
[""]
[""]
[""]
[""]
[""]
[""]
[""]
[""]
[""]
[""]
[""]
[""]
[""]
[""]
[""]
[""]
[""]
[""]
[""]
[""]
[""]
[""]
[""]
[""]
[""]
[""]
[""]
[""]
[""]
[""]
[""]
[""]
[""]
[""]
[""]
[""]
[""]
[""]
[""]
[""]
[""]
[""]
[""]
[{"$f":"IF(AND(B29955<>\"\",B29956<>\"\"),A29955+1,\"\")","v":""}]
[""]
[""]
[""]
[""]
[""]
[""]
[""]
[""]
[""]
[""]
[""]
[""]
[""]
[""]
[""]
[""]
[""]
[""]
[""]
[""]
[""]
[""]
[""]
[""]
[""]
[""]
[""]
[""]
[""]
[""]
[""]
[""]
[""]
[""]
[""]
[""]
[""]
[""]
[""]
[""]
[""]
[""]
[""]
[""]
[""]
[""]
[""]
[""]
[""]
[""]
[""]
[""]
[""]
[""]
[""]
[""]
[""]
[""]
[""]
[""]
[""]
[""]
[""]
[{"$f":"IF(AND(B30019<>\"\",B30020<>\"\"),A30019+1,\"\")","v":""}]
[""]
[""]
[""]
[""]
[""]
[""]
[""]
[""]
[""]
[""]
[""]
[""]
[""]
[""]
[""]
[""]
[""]
[""]
[""]
[""]
[""]
[""]
[""]
[""]
[""]
[""]
[""]
[""]
[""]
[""]
[""]
[""]
[""]
[""]
[""]
[""]
[""]
[""]
[""]
[""]
[""]
[""]
[""]
[""]
[""]
[""]
[""]
[""]
[""]
[""]
[""]
[""]
[""]
[""]
[""]
[""]
[""]
[""]
[""]
[""]
[""]
[""]
[""]
[{"$f":"IF(AND(B30083<>\"\",B30084<>\"\"),A30083+1,\"\")","v":""}]
[""]
[""]
[""]
[""]
[""]
[""]
[""]
[""]
[""]
[""]
[""]
[""]
[""]
[""]
[""]
[""]
[""]
[""]
[""]
[""]
[""]
[""]
[""]
[""]
[""]
[""]
[""]
[""]
[""]
[""]
[""]
[""]
[""]
[""]
[""]
[""]
[""]
[""]
[""]
[""]
[""]
[""]
[""]
[""]
[""]
[""]
[""]
[""]
[""]
[""]
[""]
[""]
[""]
[""]
[""]
[""]
[""]
[""]
[""]
[""]
[""]
[""]
[""]
[{"$f":"IF(AND(B30147<>\"\",B30148<>\"\"),A30147+1,\"\")","v":""}]
[""]
[""]
[""]
[""]
[""]
[""]
[""]
[""]
[""]
[""]
[""]
[""]
[""]
[""]
[""]
[""]
[""]
[""]
[""]
[""]
[""]
[""]
[""]
[""]
[""]
[""]
[""]
[""]
[""]
[""]
[""]
[""]
[""]
[""]
[""]
[""]
[""]
[""]
[""]
[""]
[""]
[""]
[""]
[""]
[""]
[""]
[""]
[""]
[""]
[""]
[""]
[""]
[""]
[""]
[""]
[""]
[""]
[""]
[""]
[""]
[""]
[""]
[""]
[{"$f":"IF(AND(B30211<>\"\",B30212<>\"\"),A30211+1,\"\")","v":""}]
[""]
[""]
[""]
[""]
[""]
[""]
[""]
[""]
[""]
[""]
[""]
[""]
[""]
[""]
[""]
[""]
[""]
[""]
[""]
[""]
[""]
[""]
[""]
[""]
[""]
[""]
[""]
[""]
[""]
[""]
[""]
[""]
[""]
[""]
[""]
[""]
[""]
[""]
[""]
[""]
[""]
[""]
[""]
[""]
[""]
[""]
[""]
[""]
[""]
[""]
[""]
[""]
[""]
[""]
[""]
[""]
[""]
[""]
[""]
[""]
[""]
[""]
[""]
[{"$f":"IF(AND(B30275<>\"\",B30276<>\"\"),A30275+1,\"\")","v":""}]
[""]
[""]
[""]
[""]
[""]
[""]
[""]
[""]
[""]
[""]
[""]
[""]
[""]
[""]
[""]
[""]
[""]
[""]
[""]
[""]
[""]
[""]
[""]
[""]
[""]
[""]
[""]
[""]
[""]
[""]
[""]
[""]
[""]
[""]
[""]
[""]
[""]
[""]
[""]
[""]
[""]
[""]
[""]
[""]
[""]
[""]
[""]
[""]
[""]
[""]
[""]
[""]
[""]
[""]
[""]
[""]
[""]
[""]
[""]
[""]
[""]
[""]
[""]
[{"$f":"IF(AND(B30339<>\"\",B30340<>\"\"),A30339+1,\"\")","v":""}]
[""]
[""]
[""]
[""]
[""]
[""]
[""]
[""]
[""]
[""]
[""]
[""]
[""]
[""]
[""]
[""]
[""]
[""]
[""]
[""]
[""]
[""]
[""]
[""]
[""]
[""]
[""]
[""]
[""]
[""]
[""]
[""]
[""]
[""]
[""]
[""]
[""]
[""]
[""]
[""]
[""]
[""]
[""]
[""]
[""]
[""]
[""]
[""]
[""]
[""]
[""]
[""]
[""]
[""]
[""]
[""]
[""]
[""]
[""]
[""]
[""]
[""]
[""]
[{"$f":"IF(AND(B30403<>\"\",B30404<>\"\"),A30403+1,\"\")","v":""}]
[""]
[""]
[""]
[""]
[""]
[""]
[""]
[""]
[""]
[""]
[""]
[""]
[""]
[""]
[""]
[""]
[""]
[""]
[""]
[""]
[""]
[""]
[""]
[""]
[""]
[""]
[""]
[""]
[""]
[""]
[""]
[""]
[""]
[""]
[""]
[""]
[""]
[""]
[""]
[""]
[""]
[""]
[""]
[""]
[""]
[""]
[""]
[""]
[""]
[""]
[""]
[""]
[""]
[""]
[""]
[""]
[""]
[""]
[""]
[""]
[""]
[""]
[""]
[{"$f":"IF(AND(B30467<>\"\",B30468<>\"\"),A30467+1,\"\")","v":""}]
[""]
[""]
[""]
[""]
[""]
[""]
[""]
[""]
[""]
[""]
[""]
[""]
[""]
[""]
[""]
[""]
[""]
[""]
[""]
[""]
[""]
[""]
[""]
[""]
[""]
[""]
[""]
[""]
[""]
[""]
[""]
[""]
[""]
[""]
[""]
[""]
[""]
[""]
[""]
[""]
[""]
[""]
[""]
[""]
[""]
[""]
[""]
[""]
[""]
[""]
[""]
[""]
[""]
[""]
[""]
[""]
[""]
[""]
[""]
[""]
[""]
[""]
[""]
[{"$f":"IF(AND(B30531<>\"\",B30532<>\"\"),A30531+1,\"\")","v":""}]
[""]
[""]
[""]
[""]
[""]
[""]
[""]
[""]
[""]
[""]
[""]
[""]
[""]
[""]
[""]
[""]
[""]
[""]
[""]
[""]
[""]
[""]
[""]
[""]
[""]
[""]
[""]
[""]
[""]
[""]
[""]
[""]
[""]
[""]
[""]
[""]
[""]
[""]
[""]
[""]
[""]
[""]
[""]
[""]
[""]
[""]
[""]
[""]
[""]
[""]
[""]
[""]
[""]
[""]
[""]
[""]
[""]
[""]
[""]
[""]
[""]
[""]
[""]
[{"$f":"IF(AND(B30595<>\"\",B30596<>\"\"),A30595+1,\"\")","v":""}]
[""]
[""]
[""]
[""]
[""]
[""]
[""]
[""]
[""]
[""]
[""]
[""]
[""]
[""]
[""]
[""]
[""]
[""]
[""]
[""]
[""]
[""]
[""]
[""]
[""]
[""]
[""]
[""]
[""]
[""]
[""]
[""]
[""]
[""]
[""]
[""]
[""]
[""]
[""]
[""]
[""]
[""]
[""]
[""]
[""]
[""]
[""]
[""]
[""]
[""]
[""]
[""]
[""]
[""]
[""]
[""]
[""]
[""]
[""]
[""]
[""]
[""]
[""]
[{"$f":"IF(AND(B30659<>\"\",B30660<>\"\"),A30659+1,\"\")","v":""}]
[""]
[""]
[""]
[""]
[""]
[""]
[""]
[""]
[""]
[""]
[""]
[""]
[""]
[""]
[""]
[""]
[""]
[""]
[""]
[""]
[""]
[""]
[""]
[""]
[""]
[""]
[""]
[""]
[""]
[""]
[""]
[""]
[""]
[""]
[""]
[""]
[""]
[""]
[""]
[""]
[""]
[""]
[""]
[""]
[""]
[""]
[""]
[""]
[""]
[""]
[""]
[""]
[""]
[""]
[""]
[""]
[""]
[""]
[""]
[""]
[""]
[""]
[""]
[{"$f":"IF(AND(B30723<>\"\",B30724<>\"\"),A30723+1,\"\")","v":""}]
[""]
[""]
[""]
[""]
[""]
[""]
[""]
[""]
[""]
[""]
[""]
[""]
[""]
[""]
[""]
[""]
[""]
[""]
[""]
[""]
[""]
[""]
[""]
[""]
[""]
[""]
[""]
[""]
[""]
[""]
[""]
[""]
[""]
[""]
[""]
[""]
[""]
[""]
[""]
[""]
[""]
[""]
[""]
[""]
[""]
[""]
[""]
[""]
[""]
[""]
[""]
[""]
[""]
[""]
[""]
[""]
[""]
[""]
[""]
[""]
[""]
[""]
[""]
[{"$f":"IF(AND(B30787<>\"\",B30788<>\"\"),A30787+1,\"\")","v":""}]
[""]
[""]
[""]
[""]
[""]
[""]
[""]
[""]
[""]
[""]
[""]
[""]
[""]
[""]
[""]
[""]
[""]
[""]
[""]
[""]
[""]
[""]
[""]
[""]
[""]
[""]
[""]
[""]
[""]
[""]
[""]
[""]
[""]
[""]
[""]
[""]
[""]
[""]
[""]
[""]
[""]
[""]
[""]
[""]
[""]
[""]
[""]
[""]
[""]
[""]
[""]
[""]
[""]
[""]
[""]
[""]
[""]
[""]
[""]
[""]
[""]
[""]
[""]
[{"$f":"IF(AND(B30851<>\"\",B30852<>\"\"),A30851+1,\"\")","v":""}]
[""]
[""]
[""]
[""]
[""]
[""]
[""]
[""]
[""]
[""]
[""]
[""]
[""]
[""]
[""]
[""]
[""]
[""]
[""]
[""]
[""]
[""]
[""]
[""]
[""]
[""]
[""]
[""]
[""]
[""]
[""]
[""]
[""]
[""]
[""]
[""]
[""]
[""]
[""]
[""]
[""]
[""]
[""]
[""]
[""]
[""]
[""]
[""]
[""]
[""]
[""]
[""]
[""]
[""]
[""]
[""]
[""]
[""]
[""]
[""]
[""]
[""]
[""]
[{"$f":"IF(AND(B30915<>\"\",B30916<>\"\"),A30915+1,\"\")","v":""}]
[""]
[""]
[""]
[""]
[""]
[""]
[""]
[""]
[""]
[""]
[""]
[""]
[""]
[""]
[""]
[""]
[""]
[""]
[""]
[""]
[""]
[""]
[""]
[""]
[""]
[""]
[""]
[""]
[""]
[""]
[""]
[""]
[""]
[""]
[""]
[""]
[""]
[""]
[""]
[""]
[""]
[""]
[""]
[""]
[""]
[""]
[""]
[""]
[""]
[""]
[""]
[""]
[""]
[""]
[""]
[""]
[""]
[""]
[""]
[""]
[""]
[""]
[""]
[{"$f":"IF(AND(B30979<>\"\",B30980<>\"\"),A30979+1,\"\")","v":""}]
[""]
[""]
[""]
[""]
[""]
[""]
[""]
[""]
[""]
[""]
[""]
[""]
[""]
[""]
[""]
[""]
[""]
[""]
[""]
[""]
[""]
[""]
[""]
[""]
[""]
[""]
[""]
[""]
[""]
[""]
[""]
[""]
[""]
[""]
[""]
[""]
[""]
[""]
[""]
[""]
[""]
[""]
[""]
[""]
[""]
[""]
[""]
[""]
[""]
[""]
[""]
[""]
[""]
[""]
[""]
[""]
[""]
[""]
[""]
[""]
[""]
[""]
[""]
[{"$f":"IF(AND(B31043<>\"\",B31044<>\"\"),A31043+1,\"\")","v":""}]
[""]
[""]
[""]
[""]
[""]
[""]
[""]
[""]
[""]
[""]
[""]
[""]
[""]
[""]
[""]
[""]
[""]
[""]
[""]
[""]
[""]
[""]
[""]
[""]
[""]
[""]
[""]
[""]
[""]
[""]
[""]
[""]
[""]
[""]
[""]
[""]
[""]
[""]
[""]
[""]
[""]
[""]
[""]
[""]
[""]
[""]
[""]
[""]
[""]
[""]
[""]
[""]
[""]
[""]
[""]
[""]
[""]
[""]
[""]
[""]
[""]
[""]
[""]
[{"$f":"IF(AND(B31107<>\"\",B31108<>\"\"),A31107+1,\"\")","v":""}]
[""]
[""]
[""]
[""]
[""]
[""]
[""]
[""]
[""]
[""]
[""]
[""]
[""]
[""]
[""]
[""]
[""]
[""]
[""]
[""]
[""]
[""]
[""]
[""]
[""]
[""]
[""]
[""]
[""]
[""]
[""]
[""]
[""]
[""]
[""]
[""]
[""]
[""]
[""]
[""]
[""]
[""]
[""]
[""]
[""]
[""]
[""]
[""]
[""]
[""]
[""]
[""]
[""]
[""]
[""]
[""]
[""]
[""]
[""]
[""]
[""]
[""]
[""]
[{"$f":"IF(AND(B31171<>\"\",B31172<>\"\"),A31171+1,\"\")","v":""}]
[""]
[""]
[""]
[""]
[""]
[""]
[""]
[""]
[""]
[""]
[""]
[""]
[""]
[""]
[""]
[""]
[""]
[""]
[""]
[""]
[""]
[""]
[""]
[""]
[""]
[""]
[""]
[""]
[""]
[""]
[""]
[""]
[""]
[""]
[""]
[""]
[""]
[""]
[""]
[""]
[""]
[""]
[""]
[""]
[""]
[""]
[""]
[""]
[""]
[""]
[""]
[""]
[""]
[""]
[""]
[""]
[""]
[""]
[""]
[""]
[""]
[""]
[""]
[{"$f":"IF(AND(B31235<>\"\",B31236<>\"\"),A31235+1,\"\")","v":""}]
[""]
[""]
[""]
[""]
[""]
[""]
[""]
[""]
[""]
[""]
[""]
[""]
[""]
[""]
[""]
[""]
[""]
[""]
[""]
[""]
[""]
[""]
[""]
[""]
[""]
[""]
[""]
[""]
[""]
[""]
[""]
[""]
[""]
[""]
[""]
[""]
[""]
[""]
[""]
[""]
[""]
[""]
[""]
[""]
[""]
[""]
[""]
[""]
[""]
[""]
[""]
[""]
[""]
[""]
[""]
[""]
[""]
[""]
[""]
[""]
[""]
[""]
[""]
[{"$f":"IF(AND(B31299<>\"\",B31300<>\"\"),A31299+1,\"\")","v":""}]
[""]
[""]
[""]
[""]
[""]
[""]
[""]
[""]
[""]
[""]
[""]
[""]
[""]
[""]
[""]
[""]
[""]
[""]
[""]
[""]
[""]
[""]
[""]
[""]
[""]
[""]
[""]
[""]
[""]
[""]
[""]
[""]
[""]
[""]
[""]
[""]
[""]
[""]
[""]
[""]
[""]
[""]
[""]
[""]
[""]
[""]
[""]
[""]
[""]
[""]
[""]
[""]
[""]
[""]
[""]
[""]
[""]
[""]
[""]
[""]
[""]
[""]
[""]
[{"$f":"IF(AND(B31363<>\"\",B31364<>\"\"),A31363+1,\"\")","v":""}]
[""]
[""]
[""]
[""]
[""]
[""]
[""]
[""]
[""]
[""]
[""]
[""]
[""]
[""]
[""]
[""]
[""]
[""]
[""]
[""]
[""]
[""]
[""]
[""]
[""]
[""]
[""]
[""]
[""]
[""]
[""]
[""]
[""]
[""]
[""]
[""]
[""]
[""]
[""]
[""]
[""]
[""]
[""]
[""]
[""]
[""]
[""]
[""]
[""]
[""]
[""]
[""]
[""]
[""]
[""]
[""]
[""]
[""]
[""]
[""]
[""]
[""]
[""]
[{"$f":"IF(AND(B31427<>\"\",B31428<>\"\"),A31427+1,\"\")","v":""}]
[""]
[""]
[""]
[""]
[""]
[""]
[""]
[""]
[""]
[""]
[""]
[""]
[""]
[""]
[""]
[""]
[""]
[""]
[""]
[""]
[""]
[""]
[""]
[""]
[""]
[""]
[""]
[""]
[""]
[""]
[""]
[""]
[""]
[""]
[""]
[""]
[""]
[""]
[""]
[""]
[""]
[""]
[""]
[""]
[""]
[""]
[""]
[""]
[""]
[""]
[""]
[""]
[""]
[""]
[""]
[""]
[""]
[""]
[""]
[""]
[""]
[""]
[""]
[{"$f":"IF(AND(B31491<>\"\",B31492<>\"\"),A31491+1,\"\")","v":""}]
[""]
[""]
[""]
[""]
[""]
[""]
[""]
[""]
[""]
[""]
[""]
[""]
[""]
[""]
[""]
[""]
[""]
[""]
[""]
[""]
[""]
[""]
[""]
[""]
[""]
[""]
[""]
[""]
[""]
[""]
[""]
[""]
[""]
[""]
[""]
[""]
[""]
[""]
[""]
[""]
[""]
[""]
[""]
[""]
[""]
[""]
[""]
[""]
[""]
[""]
[""]
[""]
[""]
[""]
[""]
[""]
[""]
[""]
[""]
[""]
[""]
[""]
[""]
[{"$f":"IF(AND(B31555<>\"\",B31556<>\"\"),A31555+1,\"\")","v":""}]
[""]
[""]
[""]
[""]
[""]
[""]
[""]
[""]
[""]
[""]
[""]
[""]
[""]
[""]
[""]
[""]
[""]
[""]
[""]
[""]
[""]
[""]
[""]
[""]
[""]
[""]
[""]
[""]
[""]
[""]
[""]
[""]
[""]
[""]
[""]
[""]
[""]
[""]
[""]
[""]
[""]
[""]
[""]
[""]
[""]
[""]
[""]
[""]
[""]
[""]
[""]
[""]
[""]
[""]
[""]
[""]
[""]
[""]
[""]
[""]
[""]
[""]
[""]
[{"$f":"IF(AND(B31619<>\"\",B31620<>\"\"),A31619+1,\"\")","v":""}]
[""]
[""]
[""]
[""]
[""]
[""]
[""]
[""]
[""]
[""]
[""]
[""]
[""]
[""]
[""]
[""]
[""]
[""]
[""]
[""]
[""]
[""]
[""]
[""]
[""]
[""]
[""]
[""]
[""]
[""]
[""]
[""]
[""]
[""]
[""]
[""]
[""]
[""]
[""]
[""]
[""]
[""]
[""]
[""]
[""]
[""]
[""]
[""]
[""]
[""]
[""]
[""]
[""]
[""]
[""]
[""]
[""]
[""]
[""]
[""]
[""]
[""]
[""]
[{"$f":"IF(AND(B31683<>\"\",B31684<>\"\"),A31683+1,\"\")","v":""}]
[""]
[""]
[""]
[""]
[""]
[""]
[""]
[""]
[""]
[""]
[""]
[""]
[""]
[""]
[""]
[""]
[""]
[""]
[""]
[""]
[""]
[""]
[""]
[""]
[""]
[""]
[""]
[""]
[""]
[""]
[""]
[""]
[""]
[""]
[""]
[""]
[""]
[""]
[""]
[""]
[""]
[""]
[""]
[""]
[""]
[""]
[""]
[""]
[""]
[""]
[""]
[""]
[""]
[""]
[""]
[""]
[""]
[""]
[""]
[""]
[""]
[""]
[""]
[{"$f":"IF(AND(B31747<>\"\",B31748<>\"\"),A31747+1,\"\")","v":""}]
[""]
[""]
[""]
[""]
[""]
[""]
[""]
[""]
[""]
[""]
[""]
[""]
[""]
[""]
[""]
[""]
[""]
[""]
[""]
[""]
[""]
[""]
[""]
[""]
[""]
[""]
[""]
[""]
[""]
[""]
[""]
[""]
[""]
[""]
[""]
[""]
[""]
[""]
[""]
[""]
[""]
[""]
[""]
[""]
[""]
[""]
[""]
[""]
[""]
[""]
[""]
[""]
[""]
[""]
[""]
[""]
[""]
[""]
[""]
[""]
[""]
[""]
[""]
[{"$f":"IF(AND(B31811<>\"\",B31812<>\"\"),A31811+1,\"\")","v":""}]
[""]
[""]
[""]
[""]
[""]
[""]
[""]
[""]
[""]
[""]
[""]
[""]
[""]
[""]
[""]
[""]
[""]
[""]
[""]
[""]
[""]
[""]
[""]
[""]
[""]
[""]
[""]
[""]
[""]
[""]
[""]
[""]
[""]
[""]
[""]
[""]
[""]
[""]
[""]
[""]
[""]
[""]
[""]
[""]
[""]
[""]
[""]
[""]
[""]
[""]
[""]
[""]
[""]
[""]
[""]
[""]
[""]
[""]
[""]
[""]
[""]
[""]
[""]
[{"$f":"IF(AND(B31875<>\"\",B31876<>\"\"),A31875+1,\"\")","v":""}]
[""]
[""]
[""]
[""]
[""]
[""]
[""]
[""]
[""]
[""]
[""]
[""]
[""]
[""]
[""]
[""]
[""]
[""]
[""]
[""]
[""]
[""]
[""]
[""]
[""]
[""]
[""]
[""]
[""]
[""]
[""]
[""]
[""]
[""]
[""]
[""]
[""]
[""]
[""]
[""]
[""]
[""]
[""]
[""]
[""]
[""]
[""]
[""]
[""]
[""]
[""]
[""]
[""]
[""]
[""]
[""]
[""]
[""]
[""]
[""]
[""]
[""]
[""]
[{"$f":"IF(AND(B31939<>\"\",B31940<>\"\"),A31939+1,\"\")","v":""}]
[""]
[""]
[""]
[""]
[""]
[""]
[""]
[""]
[""]
[""]
[""]
[""]
[""]
[""]
[""]
[""]
[""]
[""]
[""]
[""]
[""]
[""]
[""]
[""]
[""]
[""]
[""]
[""]
[""]
[""]
[""]
[""]
[""]
[""]
[""]
[""]
[""]
[""]
[""]
[""]
[""]
[""]
[""]
[""]
[""]
[""]
[""]
[""]
[""]
[""]
[""]
[""]
[""]
[""]
[""]
[""]
[""]
[""]
[""]
[""]
[""]
[""]
[""]
[{"$f":"IF(AND(B32003<>\"\",B32004<>\"\"),A32003+1,\"\")","v":""}]
[""]
[""]
[""]
[""]
[""]
[""]
[""]
[""]
[""]
[""]
[""]
[""]
[""]
[""]
[""]
[""]
[""]
[""]
[""]
[""]
[""]
[""]
[""]
[""]
[""]
[""]
[""]
[""]
[""]
[""]
[""]
[""]
[""]
[""]
[""]
[""]
[""]
[""]
[""]
[""]
[""]
[""]
[""]
[""]
[""]
[""]
[""]
[""]
[""]
[""]
[""]
[""]
[""]
[""]
[""]
[""]
[""]
[""]
[""]
[""]
[""]
[""]
[""]
[{"$f":"IF(AND(B32067<>\"\",B32068<>\"\"),A32067+1,\"\")","v":""}]
[""]
[""]
[""]
[""]
[""]
[""]
[""]
[""]
[""]
[""]
[""]
[""]
[""]
[""]
[""]
[""]
[""]
[""]
[""]
[""]
[""]
[""]
[""]
[""]
[""]
[""]
[""]
[""]
[""]
[""]
[""]
[""]
[""]
[""]
[""]
[""]
[""]
[""]
[""]
[""]
[""]
[""]
[""]
[""]
[""]
[""]
[""]
[""]
[""]
[""]
[""]
[""]
[""]
[""]
[""]
[""]
[""]
[""]
[""]
[""]
[""]
[""]
[""]
[{"$f":"IF(AND(B32131<>\"\",B32132<>\"\"),A32131+1,\"\")","v":""}]
[""]
[""]
[""]
[""]
[""]
[""]
[""]
[""]
[""]
[""]
[""]
[""]
[""]
[""]
[""]
[""]
[""]
[""]
[""]
[""]
[""]
[""]
[""]
[""]
[""]
[""]
[""]
[""]
[""]
[""]
[""]
[""]
[""]
[""]
[""]
[""]
[""]
[""]
[""]
[""]
[""]
[""]
[""]
[""]
[""]
[""]
[""]
[""]
[""]
[""]
[""]
[""]
[""]
[""]
[""]
[""]
[""]
[""]
[""]
[""]
[""]
[""]
[""]
[{"$f":"IF(AND(B32195<>\"\",B32196<>\"\"),A32195+1,\"\")","v":""}]
[""]
[""]
[""]
[""]
[""]
[""]
[""]
[""]
[""]
[""]
[""]
[""]
[""]
[""]
[""]
[""]
[""]
[""]
[""]
[""]
[""]
[""]
[""]
[""]
[""]
[""]
[""]
[""]
[""]
[""]
[""]
[""]
[""]
[""]
[""]
[""]
[""]
[""]
[""]
[""]
[""]
[""]
[""]
[""]
[""]
[""]
[""]
[""]
[""]
[""]
[""]
[""]
[""]
[""]
[""]
[""]
[""]
[""]
[""]
[""]
[""]
[""]
[""]
[{"$f":"IF(AND(B32259<>\"\",B32260<>\"\"),A32259+1,\"\")","v":""}]
[""]
[""]
[""]
[""]
[""]
[""]
[""]
[""]
[""]
[""]
[""]
[""]
[""]
[""]
[""]
[""]
[""]
[""]
[""]
[""]
[""]
[""]
[""]
[""]
[""]
[""]
[""]
[""]
[""]
[""]
[""]
[""]
[""]
[""]
[""]
[""]
[""]
[""]
[""]
[""]
[""]
[""]
[""]
[""]
[""]
[""]
[""]
[""]
[""]
[""]
[""]
[""]
[""]
[""]
[""]
[""]
[""]
[""]
[""]
[""]
[""]
[""]
[""]
[{"$f":"IF(AND(B32323<>\"\",B32324<>\"\"),A32323+1,\"\")","v":""}]
[""]
[""]
[""]
[""]
[""]
[""]
[""]
[""]
[""]
[""]
[""]
[""]
[""]
[""]
[""]
[""]
[""]
[""]
[""]
[""]
[""]
[""]
[""]
[""]
[""]
[""]
[""]
[""]
[""]
[""]
[""]
[""]
[""]
[""]
[""]
[""]
[""]
[""]
[""]
[""]
[""]
[""]
[""]
[""]
[""]
[""]
[""]
[""]
[""]
[""]
[""]
[""]
[""]
[""]
[""]
[""]
[""]
[""]
[""]
[""]
[""]
[""]
[""]
[{"$f":"IF(AND(B32387<>\"\",B32388<>\"\"),A32387+1,\"\")","v":""}]
[""]
[""]
[""]
[""]
[""]
[""]
[""]
[""]
[""]
[""]
[""]
[""]
[""]
[""]
[""]
[""]
[""]
[""]
[""]
[""]
[""]
[""]
[""]
[""]
[""]
[""]
[""]
[""]
[""]
[""]
[""]
[""]
[""]
[""]
[""]
[""]
[""]
[""]
[""]
[""]
[""]
[""]
[""]
[""]
[""]
[""]
[""]
[""]
[""]
[""]
[""]
[""]
[""]
[""]
[""]
[""]
[""]
[""]
[""]
[""]
[""]
[""]
[""]
[{"$f":"IF(AND(B32451<>\"\",B32452<>\"\"),A32451+1,\"\")","v":""}]
[""]
[""]
[""]
[""]
[""]
[""]
[""]
[""]
[""]
[""]
[""]
[""]
[""]
[""]
[""]
[""]
[""]
[""]
[""]
[""]
[""]
[""]
[""]
[""]
[""]
[""]
[""]
[""]
[""]
[""]
[""]
[""]
[""]
[""]
[""]
[""]
[""]
[""]
[""]
[""]
[""]
[""]
[""]
[""]
[""]
[""]
[""]
[""]
[""]
[""]
[""]
[""]
[""]
[""]
[""]
[""]
[""]
[""]
[""]
[""]
[""]
[""]
[""]
[{"$f":"IF(AND(B32515<>\"\",B32516<>\"\"),A32515+1,\"\")","v":""}]
[""]
[""]
[""]
[""]
[""]
[""]
[""]
[""]
[""]
[""]
[""]
[""]
[""]
[""]
[""]
[""]
[""]
[""]
[""]
[""]
[""]
[""]
[""]
[""]
[""]
[""]
[""]
[""]
[""]
[""]
[""]
[""]
[""]
[""]
[""]
[""]
[""]
[""]
[""]
[""]
[""]
[""]
[""]
[""]
[""]
[""]
[""]
[""]
[""]
[""]
[""]
[""]
[""]
[""]
[""]
[""]
[""]
[""]
[""]
[""]
[""]
[""]
[""]
[{"$f":"IF(AND(B32579<>\"\",B32580<>\"\"),A32579+1,\"\")","v":""}]
[""]
[""]
[""]
[""]
[""]
[""]
[""]
[""]
[""]
[""]
[""]
[""]
[""]
[""]
[""]
[""]
[""]
[""]
[""]
[""]
[""]
[""]
[""]
[""]
[""]
[""]
[""]
[""]
[""]
[""]
[""]
[""]
[""]
[""]
[""]
[""]
[""]
[""]
[""]
[""]
[""]
[""]
[""]
[""]
[""]
[""]
[""]
[""]
[""]
[""]
[""]
[""]
[""]
[""]
[""]
[""]
[""]
[""]
[""]
[""]
[""]
[""]
[""]
[{"$f":"IF(AND(B32643<>\"\",B32644<>\"\"),A32643+1,\"\")","v":""}]
[""]
[""]
[""]
[""]
[""]
[""]
[""]
[""]
[""]
[""]
[""]
[""]
[""]
[""]
[""]
[""]
[""]
[""]
[""]
[""]
[""]
[""]
[""]
[""]
[""]
[""]
[""]
[""]
[""]
[""]
[""]
[""]
[""]
[""]
[""]
[""]
[""]
[""]
[""]
[""]
[""]
[""]
[""]
[""]
[""]
[""]
[""]
[""]
[""]
[""]
[""]
[""]
[""]
[""]
[""]
[""]
[""]
[""]
[""]
[""]
[""]
[""]
[""]
[{"$f":"IF(AND(B32707<>\"\",B32708<>\"\"),A32707+1,\"\")","v":""}]
[""]
[""]
[""]
[""]
[""]
[""]
[""]
[""]
[""]
[""]
[""]
[""]
[""]
[""]
[""]
[""]
[""]
[""]
[""]
[""]
[""]
[""]
[""]
[""]
[""]
[""]
[""]
[""]
[""]
[""]
[""]
[""]
[""]
[""]
[""]
[""]
[""]
[""]
[""]
[""]
[""]
[""]
[""]
[""]
[""]
[""]
[""]
[""]
[""]
[""]
[""]
[""]
[""]
[""]
[""]
[""]
[""]
[""]
[""]
[""]
[""]
[""]
[""]
[{"$f":"IF(AND(B32771<>\"\",B32772<>\"\"),A32771+1,\"\")","v":""}]
[""]
[""]
[""]
[""]
[""]
[""]
[""]
[""]
[""]
[""]
[""]
[""]
[""]
[""]
[""]
[""]
[""]
[""]
[""]
[""]
[""]
[""]
[""]
[""]
[""]
[""]
[""]
[""]
[""]
[""]
[""]
[""]
[""]
[""]
[""]
[""]
[""]
[""]
[""]
[""]
[""]
[""]
[""]
[""]
[""]
[""]
[""]
[""]
[""]
[""]
[""]
[""]
[""]
[""]
[""]
[""]
[""]
[""]
[""]
[""]
[""]
[""]
[""]
[{"$f":"IF(AND(B32835<>\"\",B32836<>\"\"),A32835+1,\"\")","v":""}]
[""]
[""]
[""]
[""]
[""]
[""]
[""]
[""]
[""]
[""]
[""]
[""]
[""]
[""]
[""]
[""]
[""]
[""]
[""]
[""]
[""]
[""]
[""]
[""]
[""]
[""]
[""]
[""]
[""]
[""]
[""]
[""]
[""]
[""]
[""]
[""]
[""]
[""]
[""]
[""]
[""]
[""]
[""]
[""]
[""]
[""]
[""]
[""]
[""]
[""]
[""]
[""]
[""]
[""]
[""]
[""]
[""]
[""]
[""]
[""]
[""]
[""]
[""]
[{"$f":"IF(AND(B32899<>\"\",B32900<>\"\"),A32899+1,\"\")","v":""}]
[""]
[""]
[""]
[""]
[""]
[""]
[""]
[""]
[""]
[""]
[""]
[""]
[""]
[""]
[""]
[""]
[""]
[""]
[""]
[""]
[""]
[""]
[""]
[""]
[""]
[""]
[""]
[""]
[""]
[""]
[""]
[""]
[""]
[""]
[""]
[""]
[""]
[""]
[""]
[""]
[""]
[""]
[""]
[""]
[""]
[""]
[""]
[""]
[""]
[""]
[""]
[""]
[""]
[""]
[""]
[""]
[""]
[""]
[""]
[""]
[""]
[""]
[""]
[{"$f":"IF(AND(B32963<>\"\",B32964<>\"\"),A32963+1,\"\")","v":""}]
[""]
[""]
[""]
[""]
[""]
[""]
[""]
[""]
[""]
[""]
[""]
[""]
[""]
[""]
[""]
[""]
[""]
[""]
[""]
[""]
[""]
[""]
[""]
[""]
[""]
[""]
[""]
[""]
[""]
[""]
[""]
[""]
[""]
[""]
[""]
[""]
[""]
[""]
[""]
[""]
[""]
[""]
[""]
[""]
[""]
[""]
[""]
[""]
[""]
[""]
[""]
[""]
[""]
[""]
[""]
[""]
[""]
[""]
[""]
[""]
[""]
[""]
[""]
[{"$f":"IF(AND(B33027<>\"\",B33028<>\"\"),A33027+1,\"\")","v":""}]
[""]
[""]
[""]
[""]
[""]
[""]
[""]
[""]
[""]
[""]
[""]
[""]
[""]
[""]
[""]
[""]
[""]
[""]
[""]
[""]
[""]
[""]
[""]
[""]
[""]
[""]
[""]
[""]
[""]
[""]
[""]
[""]
[""]
[""]
[""]
[""]
[""]
[""]
[""]
[""]
[""]
[""]
[""]
[""]
[""]
[""]
[""]
[""]
[""]
[""]
[""]
[""]
[""]
[""]
[""]
[""]
[""]
[""]
[""]
[""]
[""]
[""]
[""]
[{"$f":"IF(AND(B33091<>\"\",B33092<>\"\"),A33091+1,\"\")","v":""}]
[""]
[""]
[""]
[""]
[""]
[""]
[""]
[""]
[""]
[""]
[""]
[""]
[""]
[""]
[""]
[""]
[""]
[""]
[""]
[""]
[""]
[""]
[""]
[""]
[""]
[""]
[""]
[""]
[""]
[""]
[""]
[""]
[""]
[""]
[""]
[""]
[""]
[""]
[""]
[""]
[""]
[""]
[""]
[""]
[""]
[""]
[""]
[""]
[""]
[""]
[""]
[""]
[""]
[""]
[""]
[""]
[""]
[""]
[""]
[""]
[""]
[""]
[""]
[{"$f":"IF(AND(B33155<>\"\",B33156<>\"\"),A33155+1,\"\")","v":""}]
[""]
[""]
[""]
[""]
[""]
[""]
[""]
[""]
[""]
[""]
[""]
[""]
[""]
[""]
[""]
[""]
[""]
[""]
[""]
[""]
[""]
[""]
[""]
[""]
[""]
[""]
[""]
[""]
[""]
[""]
[""]
[""]
[""]
[""]
[""]
[""]
[""]
[""]
[""]
[""]
[""]
[""]
[""]
[""]
[""]
[""]
[""]
[""]
[""]
[""]
[""]
[""]
[""]
[""]
[""]
[""]
[""]
[""]
[""]
[""]
[""]
[""]
[""]
[{"$f":"IF(AND(B33219<>\"\",B33220<>\"\"),A33219+1,\"\")","v":""}]
[""]
[""]
[""]
[""]
[""]
[""]
[""]
[""]
[""]
[""]
[""]
[""]
[""]
[""]
[""]
[""]
[""]
[""]
[""]
[""]
[""]
[""]
[""]
[""]
[""]
[""]
[""]
[""]
[""]
[""]
[""]
[""]
[""]
[""]
[""]
[""]
[""]
[""]
[""]
[""]
[""]
[""]
[""]
[""]
[""]
[""]
[""]
[""]
[""]
[""]
[""]
[""]
[""]
[""]
[""]
[""]
[""]
[""]
[""]
[""]
[""]
[""]
[""]
[{"$f":"IF(AND(B33283<>\"\",B33284<>\"\"),A33283+1,\"\")","v":""}]
[""]
[""]
[""]
[""]
[""]
[""]
[""]
[""]
[""]
[""]
[""]
[""]
[""]
[""]
[""]
[""]
[""]
[""]
[""]
[""]
[""]
[""]
[""]
[""]
[""]
[""]
[""]
[""]
[""]
[""]
[""]
[""]
[""]
[""]
[""]
[""]
[""]
[""]
[""]
[""]
[""]
[""]
[""]
[""]
[""]
[""]
[""]
[""]
[""]
[""]
[""]
[""]
[""]
[""]
[""]
[""]
[""]
[""]
[""]
[""]
[""]
[""]
[""]
[{"$f":"IF(AND(B33347<>\"\",B33348<>\"\"),A33347+1,\"\")","v":""}]
[""]
[""]
[""]
[""]
[""]
[""]
[""]
[""]
[""]
[""]
[""]
[""]
[""]
[""]
[""]
[""]
[""]
[""]
[""]
[""]
[""]
[""]
[""]
[""]
[""]
[""]
[""]
[""]
[""]
[""]
[""]
[""]
[""]
[""]
[""]
[""]
[""]
[""]
[""]
[""]
[""]
[""]
[""]
[""]
[""]
[""]
[""]
[""]
[""]
[""]
[""]
[""]
[""]
[""]
[""]
[""]
[""]
[""]
[""]
[""]
[""]
[""]
[""]
[{"$f":"IF(AND(B33411<>\"\",B33412<>\"\"),A33411+1,\"\")","v":""}]
[""]
[""]
[""]
[""]
[""]
[""]
[""]
[""]
[""]
[""]
[""]
[""]
[""]
[""]
[""]
[""]
[""]
[""]
[""]
[""]
[""]
[""]
[""]
[""]
[""]
[""]
[""]
[""]
[""]
[""]
[""]
[""]
[""]
[""]
[""]
[""]
[""]
[""]
[""]
[""]
[""]
[""]
[""]
[""]
[""]
[""]
[""]
[""]
[""]
[""]
[""]
[""]
[""]
[""]
[""]
[""]
[""]
[""]
[""]
[""]
[""]
[""]
[""]
[{"$f":"IF(AND(B33475<>\"\",B33476<>\"\"),A33475+1,\"\")","v":""}]
[""]
[""]
[""]
[""]
[""]
[""]
[""]
[""]
[""]
[""]
[""]
[""]
[""]
[""]
[""]
[""]
[""]
[""]
[""]
[""]
[""]
[""]
[""]
[""]
[""]
[""]
[""]
[""]
[""]
[""]
[""]
[""]
[""]
[""]
[""]
[""]
[""]
[""]
[""]
[""]
[""]
[""]
[""]
[""]
[""]
[""]
[""]
[""]
[""]
[""]
[""]
[""]
[""]
[""]
[""]
[""]
[""]
[""]
[""]
[""]
[""]
[""]
[""]
[{"$f":"IF(AND(B33539<>\"\",B33540<>\"\"),A33539+1,\"\")","v":""}]
[""]
[""]
[""]
[""]
[""]
[""]
[""]
[""]
[""]
[""]
[""]
[""]
[""]
[""]
[""]
[""]
[""]
[""]
[""]
[""]
[""]
[""]
[""]
[""]
[""]
[""]
[""]
[""]
[""]
[""]
[""]
[""]
[""]
[""]
[""]
[""]
[""]
[""]
[""]
[""]
[""]
[""]
[""]
[""]
[""]
[""]
[""]
[""]
[""]
[""]
[""]
[""]
[""]
[""]
[""]
[""]
[""]
[""]
[""]
[""]
[""]
[""]
[""]
[{"$f":"IF(AND(B33603<>\"\",B33604<>\"\"),A33603+1,\"\")","v":""}]
[""]
[""]
[""]
[""]
[""]
[""]
[""]
[""]
[""]
[""]
[""]
[""]
[""]
[""]
[""]
[""]
[""]
[""]
[""]
[""]
[""]
[""]
[""]
[""]
[""]
[""]
[""]
[""]
[""]
[""]
[""]
[""]
[""]
[""]
[""]
[""]
[""]
[""]
[""]
[""]
[""]
[""]
[""]
[""]
[""]
[""]
[""]
[""]
[""]
[""]
[""]
[""]
[""]
[""]
[""]
[""]
[""]
[""]
[""]
[""]
[""]
[""]
[""]
[{"$f":"IF(AND(B33667<>\"\",B33668<>\"\"),A33667+1,\"\")","v":""}]
[""]
[""]
[""]
[""]
[""]
[""]
[""]
[""]
[""]
[""]
[""]
[""]
[""]
[""]
[""]
[""]
[""]
[""]
[""]
[""]
[""]
[""]
[""]
[""]
[""]
[""]
[""]
[""]
[""]
[""]
[""]
[""]
[""]
[""]
[""]
[""]
[""]
[""]
[""]
[""]
[""]
[""]
[""]
[""]
[""]
[""]
[""]
[""]
[""]
[""]
[""]
[""]
[""]
[""]
[""]
[""]
[""]
[""]
[""]
[""]
[""]
[""]
[""]
[{"$f":"IF(AND(B33731<>\"\",B33732<>\"\"),A33731+1,\"\")","v":""}]
[""]
[""]
[""]
[""]
[""]
[""]
[""]
[""]
[""]
[""]
[""]
[""]
[""]
[""]
[""]
[""]
[""]
[""]
[""]
[""]
[""]
[""]
[""]
[""]
[""]
[""]
[""]
[""]
[""]
[""]
[""]
[""]
[""]
[""]
[""]
[""]
[""]
[""]
[""]
[""]
[""]
[""]
[""]
[""]
[""]
[""]
[""]
[""]
[""]
[""]
[""]
[""]
[""]
[""]
[""]
[""]
[""]
[""]
[""]
[""]
[""]
[""]
[""]
[{"$f":"IF(AND(B33795<>\"\",B33796<>\"\"),A33795+1,\"\")","v":""}]
[""]
[""]
[""]
[""]
[""]
[""]
[""]
[""]
[""]
[""]
[""]
[""]
[""]
[""]
[""]
[""]
[""]
[""]
[""]
[""]
[""]
[""]
[""]
[""]
[""]
[""]
[""]
[""]
[""]
[""]
[""]
[""]
[""]
[""]
[""]
[""]
[""]
[""]
[""]
[""]
[""]
[""]
[""]
[""]
[""]
[""]
[""]
[""]
[""]
[""]
[""]
[""]
[""]
[""]
[""]
[""]
[""]
[""]
[""]
[""]
[""]
[""]
[""]
[{"$f":"IF(AND(B33859<>\"\",B33860<>\"\"),A33859+1,\"\")","v":""}]
[""]
[""]
[""]
[""]
[""]
[""]
[""]
[""]
[""]
[""]
[""]
[""]
[""]
[""]
[""]
[""]
[""]
[""]
[""]
[""]
[""]
[""]
[""]
[""]
[""]
[""]
[""]
[""]
[""]
[""]
[""]
[""]
[""]
[""]
[""]
[""]
[""]
[""]
[""]
[""]
[""]
[""]
[""]
[""]
[""]
[""]
[""]
[""]
[""]
[""]
[""]
[""]
[""]
[""]
[""]
[""]
[""]
[""]
[""]
[""]
[""]
[""]
[""]
[{"$f":"IF(AND(B33923<>\"\",B33924<>\"\"),A33923+1,\"\")","v":""}]
[""]
[""]
[""]
[""]
[""]
[""]
[""]
[""]
[""]
[""]
[""]
[""]
[""]
[""]
[""]
[""]
[""]
[""]
[""]
[""]
[""]
[""]
[""]
[""]
[""]
[""]
[""]
[""]
[""]
[""]
[""]
[""]
[""]
[""]
[""]
[""]
[""]
[""]
[""]
[""]
[""]
[""]
[""]
[""]
[""]
[""]
[""]
[""]
[""]
[""]
[""]
[""]
[""]
[""]
[""]
[""]
[""]
[""]
[""]
[""]
[""]
[""]
[""]
[{"$f":"IF(AND(B33987<>\"\",B33988<>\"\"),A33987+1,\"\")","v":""}]
[""]
[""]
[""]
[""]
[""]
[""]
[""]
[""]
[""]
[""]
[""]
[""]
[""]
[""]
[""]
[""]
[""]
[""]
[""]
[""]
[""]
[""]
[""]
[""]
[""]
[""]
[""]
[""]
[""]
[""]
[""]
[""]
[""]
[""]
[""]
[""]
[""]
[""]
[""]
[""]
[""]
[""]
[""]
[""]
[""]
[""]
[""]
[""]
[""]
[""]
[""]
[""]
[""]
[""]
[""]
[""]
[""]
[""]
[""]
[""]
[""]
[""]
[""]
[{"$f":"IF(AND(B34051<>\"\",B34052<>\"\"),A34051+1,\"\")","v":""}]
[""]
[""]
[""]
[""]
[""]
[""]
[""]
[""]
[""]
[""]
[""]
[""]
[""]
[""]
[""]
[""]
[""]
[""]
[""]
[""]
[""]
[""]
[""]
[""]
[""]
[""]
[""]
[""]
[""]
[""]
[""]
[""]
[""]
[""]
[""]
[""]
[""]
[""]
[""]
[""]
[""]
[""]
[""]
[""]
[""]
[""]
[""]
[""]
[""]
[""]
[""]
[""]
[""]
[""]
[""]
[""]
[""]
[""]
[""]
[""]
[""]
[""]
[""]
[{"$f":"IF(AND(B34115<>\"\",B34116<>\"\"),A34115+1,\"\")","v":""}]
[""]
[""]
[""]
[""]
[""]
[""]
[""]
[""]
[""]
[""]
[""]
[""]
[""]
[""]
[""]
[""]
[""]
[""]
[""]
[""]
[""]
[""]
[""]
[""]
[""]
[""]
[""]
[""]
[""]
[""]
[""]
[""]
[""]
[""]
[""]
[""]
[""]
[""]
[""]
[""]
[""]
[""]
[""]
[""]
[""]
[""]
[""]
[""]
[""]
[""]
[""]
[""]
[""]
[""]
[""]
[""]
[""]
[""]
[""]
[""]
[""]
[""]
[""]
[{"$f":"IF(AND(B34179<>\"\",B34180<>\"\"),A34179+1,\"\")","v":""}]
[""]
[""]
[""]
[""]
[""]
[""]
[""]
[""]
[""]
[""]
[""]
[""]
[""]
[""]
[""]
[""]
[""]
[""]
[""]
[""]
[""]
[""]
[""]
[""]
[""]
[""]
[""]
[""]
[""]
[""]
[""]
[""]
[""]
[""]
[""]
[""]
[""]
[""]
[""]
[""]
[""]
[""]
[""]
[""]
[""]
[""]
[""]
[""]
[""]
[""]
[""]
[""]
[""]
[""]
[""]
[""]
[""]
[""]
[""]
[""]
[""]
[""]
[""]
[{"$f":"IF(AND(B34243<>\"\",B34244<>\"\"),A34243+1,\"\")","v":""}]
[""]
[""]
[""]
[""]
[""]
[""]
[""]
[""]
[""]
[""]
[""]
[""]
[""]
[""]
[""]
[""]
[""]
[""]
[""]
[""]
[""]
[""]
[""]
[""]
[""]
[""]
[""]
[""]
[""]
[""]
[""]
[""]
[""]
[""]
[""]
[""]
[""]
[""]
[""]
[""]
[""]
[""]
[""]
[""]
[""]
[""]
[""]
[""]
[""]
[""]
[""]
[""]
[""]
[""]
[""]
[""]
[""]
[""]
[""]
[""]
[""]
[""]
[""]
[{"$f":"IF(AND(B34307<>\"\",B34308<>\"\"),A34307+1,\"\")","v":""}]
[""]
[""]
[""]
[""]
[""]
[""]
[""]
[""]
[""]
[""]
[""]
[""]
[""]
[""]
[""]
[""]
[""]
[""]
[""]
[""]
[""]
[""]
[""]
[""]
[""]
[""]
[""]
[""]
[""]
[""]
[""]
[""]
[""]
[""]
[""]
[""]
[""]
[""]
[""]
[""]
[""]
[""]
[""]
[""]
[""]
[""]
[""]
[""]
[""]
[""]
[""]
[""]
[""]
[""]
[""]
[""]
[""]
[""]
[""]
[""]
[""]
[""]
[""]
[{"$f":"IF(AND(B34371<>\"\",B34372<>\"\"),A34371+1,\"\")","v":""}]
[""]
[""]
[""]
[""]
[""]
[""]
[""]
[""]
[""]
[""]
[""]
[""]
[""]
[""]
[""]
[""]
[""]
[""]
[""]
[""]
[""]
[""]
[""]
[""]
[""]
[""]
[""]
[""]
[""]
[""]
[""]
[""]
[""]
[""]
[""]
[""]
[""]
[""]
[""]
[""]
[""]
[""]
[""]
[""]
[""]
[""]
[""]
[""]
[""]
[""]
[""]
[""]
[""]
[""]
[""]
[""]
[""]
[""]
[""]
[""]
[""]
[""]
[""]
[{"$f":"IF(AND(B34435<>\"\",B34436<>\"\"),A34435+1,\"\")","v":""}]
[""]
[""]
[""]
[""]
[""]
[""]
[""]
[""]
[""]
[""]
[""]
[""]
[""]
[""]
[""]
[""]
[""]
[""]
[""]
[""]
[""]
[""]
[""]
[""]
[""]
[""]
[""]
[""]
[""]
[""]
[""]
[""]
[""]
[""]
[""]
[""]
[""]
[""]
[""]
[""]
[""]
[""]
[""]
[""]
[""]
[""]
[""]
[""]
[""]
[""]
[""]
[""]
[""]
[""]
[""]
[""]
[""]
[""]
[""]
[""]
[""]
[""]
[""]
[{"$f":"IF(AND(B34499<>\"\",B34500<>\"\"),A34499+1,\"\")","v":""}]
[""]
[""]
[""]
[""]
[""]
[""]
[""]
[""]
[""]
[""]
[""]
[""]
[""]
[""]
[""]
[""]
[""]
[""]
[""]
[""]
[""]
[""]
[""]
[""]
[""]
[""]
[""]
[""]
[""]
[""]
[""]
[""]
[""]
[""]
[""]
[""]
[""]
[""]
[""]
[""]
[""]
[""]
[""]
[""]
[""]
[""]
[""]
[""]
[""]
[""]
[""]
[""]
[""]
[""]
[""]
[""]
[""]
[""]
[""]
[""]
[""]
[""]
[""]
[{"$f":"IF(AND(B34563<>\"\",B34564<>\"\"),A34563+1,\"\")","v":""}]
[""]
[""]
[""]
[""]
[""]
[""]
[""]
[""]
[""]
[""]
[""]
[""]
[""]
[""]
[""]
[""]
[""]
[""]
[""]
[""]
[""]
[""]
[""]
[""]
[""]
[""]
[""]
[""]
[""]
[""]
[""]
[""]
[""]
[""]
[""]
[""]
[""]
[""]
[""]
[""]
[""]
[""]
[""]
[""]
[""]
[""]
[""]
[""]
[""]
[""]
[""]
[""]
[""]
[""]
[""]
[""]
[""]
[""]
[""]
[""]
[""]
[""]
[""]
[{"$f":"IF(AND(B34627<>\"\",B34628<>\"\"),A34627+1,\"\")","v":""}]
[""]
[""]
[""]
[""]
[""]
[""]
[""]
[""]
[""]
[""]
[""]
[""]
[""]
[""]
[""]
[""]
[""]
[""]
[""]
[""]
[""]
[""]
[""]
[""]
[""]
[""]
[""]
[""]
[""]
[""]
[""]
[""]
[""]
[""]
[""]
[""]
[""]
[""]
[""]
[""]
[""]
[""]
[""]
[""]
[""]
[""]
[""]
[""]
[""]
[""]
[""]
[""]
[""]
[""]
[""]
[""]
[""]
[""]
[""]
[""]
[""]
[""]
[""]
[{"$f":"IF(AND(B34691<>\"\",B34692<>\"\"),A34691+1,\"\")","v":""}]
[""]
[""]
[""]
[""]
[""]
[""]
[""]
[""]
[""]
[""]
[""]
[""]
[""]
[""]
[""]
[""]
[""]
[""]
[""]
[""]
[""]
[""]
[""]
[""]
[""]
[""]
[""]
[""]
[""]
[""]
[""]
[""]
[""]
[""]
[""]
[""]
[""]
[""]
[""]
[""]
[""]
[""]
[""]
[""]
[""]
[""]
[""]
[""]
[""]
[""]
[""]
[""]
[""]
[""]
[""]
[""]
[""]
[""]
[""]
[""]
[""]
[""]
[""]
[{"$f":"IF(AND(B34755<>\"\",B34756<>\"\"),A34755+1,\"\")","v":""}]
[""]
[""]
[""]
[""]
[""]
[""]
[""]
[""]
[""]
[""]
[""]
[""]
[""]
[""]
[""]
[""]
[""]
[""]
[""]
[""]
[""]
[""]
[""]
[""]
[""]
[""]
[""]
[""]
[""]
[""]
[""]
[""]
[""]
[""]
[""]
[""]
[""]
[""]
[""]
[""]
[""]
[""]
[""]
[""]
[""]
[""]
[""]
[""]
[""]
[""]
[""]
[""]
[""]
[""]
[""]
[""]
[""]
[""]
[""]
[""]
[""]
[""]
[""]
[{"$f":"IF(AND(B34819<>\"\",B34820<>\"\"),A34819+1,\"\")","v":""}]
[""]
[""]
[""]
[""]
[""]
[""]
[""]
[""]
[""]
[""]
[""]
[""]
[""]
[""]
[""]
[""]
[""]
[""]
[""]
[""]
[""]
[""]
[""]
[""]
[""]
[""]
[""]
[""]
[""]
[""]
[""]
[""]
[""]
[""]
[""]
[""]
[""]
[""]
[""]
[""]
[""]
[""]
[""]
[""]
[""]
[""]
[""]
[""]
[""]
[""]
[""]
[""]
[""]
[""]
[""]
[""]
[""]
[""]
[""]
[""]
[""]
[""]
[""]
[{"$f":"IF(AND(B34883<>\"\",B34884<>\"\"),A34883+1,\"\")","v":""}]
[""]
[""]
[""]
[""]
[""]
[""]
[""]
[""]
[""]
[""]
[""]
[""]
[""]
[""]
[""]
[""]
[""]
[""]
[""]
[""]
[""]
[""]
[""]
[""]
[""]
[""]
[""]
[""]
[""]
[""]
[""]
[""]
[""]
[""]
[""]
[""]
[""]
[""]
[""]
[""]
[""]
[""]
[""]
[""]
[""]
[""]
[""]
[""]
[""]
[""]
[""]
[""]
[""]
[""]
[""]
[""]
[""]
[""]
[""]
[""]
[""]
[""]
[""]
[{"$f":"IF(AND(B34947<>\"\",B34948<>\"\"),A34947+1,\"\")","v":""}]
[""]
[""]
[""]
[""]
[""]
[""]
[""]
[""]
[""]
[""]
[""]
[""]
[""]
[""]
[""]
[""]
[""]
[""]
[""]
[""]
[""]
[""]
[""]
[""]
[""]
[""]
[""]
[""]
[""]
[""]
[""]
[""]
[""]
[""]
[""]
[""]
[""]
[""]
[""]
[""]
[""]
[""]
[""]
[""]
[""]
[""]
[""]
[""]
[""]
[""]
[""]
[""]
[""]
[""]
[""]
[""]
[""]
[""]
[""]
[""]
[""]
[""]
[""]
[{"$f":"IF(AND(B35011<>\"\",B35012<>\"\"),A35011+1,\"\")","v":""}]
[""]
[""]
[""]
[""]
[""]
[""]
[""]
[""]
[""]
[""]
[""]
[""]
[""]
[""]
[""]
[""]
[""]
[""]
[""]
[""]
[""]
[""]
[""]
[""]
[""]
[""]
[""]
[""]
[""]
[""]
[""]
[""]
[""]
[""]
[""]
[""]
[""]
[""]
[""]
[""]
[""]
[""]
[""]
[""]
[""]
[""]
[""]
[""]
[""]
[""]
[""]
[""]
[""]
[""]
[""]
[""]
[""]
[""]
[""]
[""]
[""]
[""]
[""]
[{"$f":"IF(AND(B35075<>\"\",B35076<>\"\"),A35075+1,\"\")","v":""}]
[""]
[""]
[""]
[""]
[""]
[""]
[""]
[""]
[""]
[""]
[""]
[""]
[""]
[""]
[""]
[""]
[""]
[""]
[""]
[""]
[""]
[""]
[""]
[""]
[""]
[""]
[""]
[""]
[""]
[""]
[""]
[""]
[""]
[""]
[""]
[""]
[""]
[""]
[""]
[""]
[""]
[""]
[""]
[""]
[""]
[""]
[""]
[""]
[""]
[""]
[""]
[""]
[""]
[""]
[""]
[""]
[""]
[""]
[""]
[""]
[""]
[""]
[""]
[{"$f":"IF(AND(B35139<>\"\",B35140<>\"\"),A35139+1,\"\")","v":""}]
[""]
[""]
[""]
[""]
[""]
[""]
[""]
[""]
[""]
[""]
[""]
[""]
[""]
[""]
[""]
[""]
[""]
[""]
[""]
[""]
[""]
[""]
[""]
[""]
[""]
[""]
[""]
[""]
[""]
[""]
[""]
[""]
[""]
[""]
[""]
[""]
[""]
[""]
[""]
[""]
[""]
[""]
[""]
[""]
[""]
[""]
[""]
[""]
[""]
[""]
[""]
[""]
[""]
[""]
[""]
[""]
[""]
[""]
[""]
[""]
[""]
[""]
[""]
[{"$f":"IF(AND(B35203<>\"\",B35204<>\"\"),A35203+1,\"\")","v":""}]
[""]
[""]
[""]
[""]
[""]
[""]
[""]
[""]
[""]
[""]
[""]
[""]
[""]
[""]
[""]
[""]
[""]
[""]
[""]
[""]
[""]
[""]
[""]
[""]
[""]
[""]
[""]
[""]
[""]
[""]
[""]
[""]
[""]
[""]
[""]
[""]
[""]
[""]
[""]
[""]
[""]
[""]
[""]
[""]
[""]
[""]
[""]
[""]
[""]
[""]
[""]
[""]
[""]
[""]
[""]
[""]
[""]
[""]
[""]
[""]
[""]
[""]
[""]
[{"$f":"IF(AND(B35267<>\"\",B35268<>\"\"),A35267+1,\"\")","v":""}]
[""]
[""]
[""]
[""]
[""]
[""]
[""]
[""]
[""]
[""]
[""]
[""]
[""]
[""]
[""]
[""]
[""]
[""]
[""]
[""]
[""]
[""]
[""]
[""]
[""]
[""]
[""]
[""]
[""]
[""]
[""]
[""]
[""]
[""]
[""]
[""]
[""]
[""]
[""]
[""]
[""]
[""]
[""]
[""]
[""]
[""]
[""]
[""]
[""]
[""]
[""]
[""]
[""]
[""]
[""]
[""]
[""]
[""]
[""]
[""]
[""]
[""]
[""]
[{"$f":"IF(AND(B35331<>\"\",B35332<>\"\"),A35331+1,\"\")","v":""}]
[""]
[""]
[""]
[""]
[""]
[""]
[""]
[""]
[""]
[""]
[""]
[""]
[""]
[""]
[""]
[""]
[""]
[""]
[""]
[""]
[""]
[""]
[""]
[""]
[""]
[""]
[""]
[""]
[""]
[""]
[""]
[""]
[""]
[""]
[""]
[""]
[""]
[""]
[""]
[""]
[""]
[""]
[""]
[""]
[""]
[""]
[""]
[""]
[""]
[""]
[""]
[""]
[""]
[""]
[""]
[""]
[""]
[""]
[""]
[""]
[""]
[""]
[""]
[{"$f":"IF(AND(B35395<>\"\",B35396<>\"\"),A35395+1,\"\")","v":""}]
[""]
[""]
[""]
[""]
[""]
[""]
[""]
[""]
[""]
[""]
[""]
[""]
[""]
[""]
[""]
[""]
[""]
[""]
[""]
[""]
[""]
[""]
[""]
[""]
[""]
[""]
[""]
[""]
[""]
[""]
[""]
[""]
[""]
[""]
[""]
[""]
[""]
[""]
[""]
[""]
[""]
[""]
[""]
[""]
[""]
[""]
[""]
[""]
[""]
[""]
[""]
[""]
[""]
[""]
[""]
[""]
[""]
[""]
[""]
[""]
[""]
[""]
[""]
[{"$f":"IF(AND(B35459<>\"\",B35460<>\"\"),A35459+1,\"\")","v":""}]
[""]
[""]
[""]
[""]
[""]
[""]
[""]
[""]
[""]
[""]
[""]
[""]
[""]
[""]
[""]
[""]
[""]
[""]
[""]
[""]
[""]
[""]
[""]
[""]
[""]
[""]
[""]
[""]
[""]
[""]
[""]
[""]
[""]
[""]
[""]
[""]
[""]
[""]
[""]
[""]
[""]
[""]
[""]
[""]
[""]
[""]
[""]
[""]
[""]
[""]
[""]
[""]
[""]
[""]
[""]
[""]
[""]
[""]
[""]
[""]
[""]
[""]
[""]
[{"$f":"IF(AND(B35523<>\"\",B35524<>\"\"),A35523+1,\"\")","v":""}]
[""]
[""]
[""]
[""]
[""]
[""]
[""]
[""]
[""]
[""]
[""]
[""]
[""]
[""]
[""]
[""]
[""]
[""]
[""]
[""]
[""]
[""]
[""]
[""]
[""]
[""]
[""]
[""]
[""]
[""]
[""]
[""]
[""]
[""]
[""]
[""]
[""]
[""]
[""]
[""]
[""]
[""]
[""]
[""]
[""]
[""]
[""]
[""]
[""]
[""]
[""]
[""]
[""]
[""]
[""]
[""]
[""]
[""]
[""]
[""]
[""]
[""]
[""]
[{"$f":"IF(AND(B35587<>\"\",B35588<>\"\"),A35587+1,\"\")","v":""}]
[""]
[""]
[""]
[""]
[""]
[""]
[""]
[""]
[""]
[""]
[""]
[""]
[""]
[""]
[""]
[""]
[""]
[""]
[""]
[""]
[""]
[""]
[""]
[""]
[""]
[""]
[""]
[""]
[""]
[""]
[""]
[""]
[""]
[""]
[""]
[""]
[""]
[""]
[""]
[""]
[""]
[""]
[""]
[""]
[""]
[""]
[""]
[""]
[""]
[""]
[""]
[""]
[""]
[""]
[""]
[""]
[""]
[""]
[""]
[""]
[""]
[""]
[""]
[{"$f":"IF(AND(B35651<>\"\",B35652<>\"\"),A35651+1,\"\")","v":""}]
[""]
[""]
[""]
[""]
[""]
[""]
[""]
[""]
[""]
[""]
[""]
[""]
[""]
[""]
[""]
[""]
[""]
[""]
[""]
[""]
[""]
[""]
[""]
[""]
[""]
[""]
[""]
[""]
[""]
[""]
[""]
[""]
[""]
[""]
[""]
[""]
[""]
[""]
[""]
[""]
[""]
[""]
[""]
[""]
[""]
[""]
[""]
[""]
[""]
[""]
[""]
[""]
[""]
[""]
[""]
[""]
[""]
[""]
[""]
[""]
[""]
[""]
[""]
[{"$f":"IF(AND(B35715<>\"\",B35716<>\"\"),A35715+1,\"\")","v":""}]
[""]
[""]
[""]
[""]
[""]
[""]
[""]
[""]
[""]
[""]
[""]
[""]
[""]
[""]
[""]
[""]
[""]
[""]
[""]
[""]
[""]
[""]
[""]
[""]
[""]
[""]
[""]
[""]
[""]
[""]
[""]
[""]
[""]
[""]
[""]
[""]
[""]
[""]
[""]
[""]
[""]
[""]
[""]
[""]
[""]
[""]
[""]
[""]
[""]
[""]
[""]
[""]
[""]
[""]
[""]
[""]
[""]
[""]
[""]
[""]
[""]
[""]
[""]
[{"$f":"IF(AND(B35779<>\"\",B35780<>\"\"),A35779+1,\"\")","v":""}]
[""]
[""]
[""]
[""]
[""]
[""]
[""]
[""]
[""]
[""]
[""]
[""]
[""]
[""]
[""]
[""]
[""]
[""]
[""]
[""]
[""]
[""]
[""]
[""]
[""]
[""]
[""]
[""]
[""]
[""]
[""]
[""]
[""]
[""]
[""]
[""]
[""]
[""]
[""]
[""]
[""]
[""]
[""]
[""]
[""]
[""]
[""]
[""]
[""]
[""]
[""]
[""]
[""]
[""]
[""]
[""]
[""]
[""]
[""]
[""]
[""]
[""]
[""]
[{"$f":"IF(AND(B35843<>\"\",B35844<>\"\"),A35843+1,\"\")","v":""}]
[""]
[""]
[""]
[""]
[""]
[""]
[""]
[""]
[""]
[""]
[""]
[""]
[""]
[""]
[""]
[""]
[""]
[""]
[""]
[""]
[""]
[""]
[""]
[""]
[""]
[""]
[""]
[""]
[""]
[""]
[""]
[""]
[""]
[""]
[""]
[""]
[""]
[""]
[""]
[""]
[""]
[""]
[""]
[""]
[""]
[""]
[""]
[""]
[""]
[""]
[""]
[""]
[""]
[""]
[""]
[""]
[""]
[""]
[""]
[""]
[""]
[""]
[""]
[{"$f":"IF(AND(B35907<>\"\",B35908<>\"\"),A35907+1,\"\")","v":""}]
[""]
[""]
[""]
[""]
[""]
[""]
[""]
[""]
[""]
[""]
[""]
[""]
[""]
[""]
[""]
[""]
[""]
[""]
[""]
[""]
[""]
[""]
[""]
[""]
[""]
[""]
[""]
[""]
[""]
[""]
[""]
[""]
[""]
[""]
[""]
[""]
[""]
[""]
[""]
[""]
[""]
[""]
[""]
[""]
[""]
[""]
[""]
[""]
[""]
[""]
[""]
[""]
[""]
[""]
[""]
[""]
[""]
[""]
[""]
[""]
[""]
[""]
[""]
[{"$f":"IF(AND(B35971<>\"\",B35972<>\"\"),A35971+1,\"\")","v":""}]
[""]
[""]
[""]
[""]
[""]
[""]
[""]
[""]
[""]
[""]
[""]
[""]
[""]
[""]
[""]
[""]
[""]
[""]
[""]
[""]
[""]
[""]
[""]
[""]
[""]
[""]
[""]
[""]
[""]
[""]
[""]
[""]
[""]
[""]
[""]
[""]
[""]
[""]
[""]
[""]
[""]
[""]
[""]
[""]
[""]
[""]
[""]
[""]
[""]
[""]
[""]
[""]
[""]
[""]
[""]
[""]
[""]
[""]
[""]
[""]
[""]
[""]
[""]
[{"$f":"IF(AND(B36035<>\"\",B36036<>\"\"),A36035+1,\"\")","v":""}]
[""]
[""]
[""]
[""]
[""]
[""]
[""]
[""]
[""]
[""]
[""]
[""]
[""]
[""]
[""]
[""]
[""]
[""]
[""]
[""]
[""]
[""]
[""]
[""]
[""]
[""]
[""]
[""]
[""]
[""]
[""]
[""]
[""]
[""]
[""]
[""]
[""]
[""]
[""]
[""]
[""]
[""]
[""]
[""]
[""]
[""]
[""]
[""]
[""]
[""]
[""]
[""]
[""]
[""]
[""]
[""]
[""]
[""]
[""]
[""]
[""]
[""]
[""]
[{"$f":"IF(AND(B36099<>\"\",B36100<>\"\"),A36099+1,\"\")","v":""}]
[""]
[""]
[""]
[""]
[""]
[""]
[""]
[""]
[""]
[""]
[""]
[""]
[""]
[""]
[""]
[""]
[""]
[""]
[""]
[""]
[""]
[""]
[""]
[""]
[""]
[""]
[""]
[""]
[""]
[""]
[""]
[""]
[""]
[""]
[""]
[""]
[""]
[""]
[""]
[""]
[""]
[""]
[""]
[""]
[""]
[""]
[""]
[""]
[""]
[""]
[""]
[""]
[""]
[""]
[""]
[""]
[""]
[""]
[""]
[""]
[""]
[""]
[""]
[{"$f":"IF(AND(B36163<>\"\",B36164<>\"\"),A36163+1,\"\")","v":""}]
[""]
[""]
[""]
[""]
[""]
[""]
[""]
[""]
[""]
[""]
[""]
[""]
[""]
[""]
[""]
[""]
[""]
[""]
[""]
[""]
[""]
[""]
[""]
[""]
[""]
[""]
[""]
[""]
[""]
[""]
[""]
[""]
[""]
[""]
[""]
[""]
[""]
[""]
[""]
[""]
[""]
[""]
[""]
[""]
[""]
[""]
[""]
[""]
[""]
[""]
[""]
[""]
[""]
[""]
[""]
[""]
[""]
[""]
[""]
[""]
[""]
[""]
[""]
[{"$f":"IF(AND(B36227<>\"\",B36228<>\"\"),A36227+1,\"\")","v":""}]
[""]
[""]
[""]
[""]
[""]
[""]
[""]
[""]
[""]
[""]
[""]
[""]
[""]
[""]
[""]
[""]
[""]
[""]
[""]
[""]
[""]
[""]
[""]
[""]
[""]
[""]
[""]
[""]
[""]
[""]
[""]
[""]
[""]
[""]
[""]
[""]
[""]
[""]
[""]
[""]
[""]
[""]
[""]
[""]
[""]
[""]
[""]
[""]
[""]
[""]
[""]
[""]
[""]
[""]
[""]
[""]
[""]
[""]
[""]
[""]
[""]
[""]
[""]
[{"$f":"IF(AND(B36291<>\"\",B36292<>\"\"),A36291+1,\"\")","v":""}]
[""]
[""]
[""]
[""]
[""]
[""]
[""]
[""]
[""]
[""]
[""]
[""]
[""]
[""]
[""]
[""]
[""]
[""]
[""]
[""]
[""]
[""]
[""]
[""]
[""]
[""]
[""]
[""]
[""]
[""]
[""]
[""]
[""]
[""]
[""]
[""]
[""]
[""]
[""]
[""]
[""]
[""]
[""]
[""]
[""]
[""]
[""]
[""]
[""]
[""]
[""]
[""]
[""]
[""]
[""]
[""]
[""]
[""]
[""]
[""]
[""]
[""]
[""]
[{"$f":"IF(AND(B36355<>\"\",B36356<>\"\"),A36355+1,\"\")","v":""}]
[""]
[""]
[""]
[""]
[""]
[""]
[""]
[""]
[""]
[""]
[""]
[""]
[""]
[""]
[""]
[""]
[""]
[""]
[""]
[""]
[""]
[""]
[""]
[""]
[""]
[""]
[""]
[""]
[""]
[""]
[""]
[""]
[""]
[""]
[""]
[""]
[""]
[""]
[""]
[""]
[""]
[""]
[""]
[""]
[""]
[""]
[""]
[""]
[""]
[""]
[""]
[""]
[""]
[""]
[""]
[""]
[""]
[""]
[""]
[""]
[""]
[""]
[""]
[{"$f":"IF(AND(B36419<>\"\",B36420<>\"\"),A36419+1,\"\")","v":""}]
[""]
[""]
[""]
[""]
[""]
[""]
[""]
[""]
[""]
[""]
[""]
[""]
[""]
[""]
[""]
[""]
[""]
[""]
[""]
[""]
[""]
[""]
[""]
[""]
[""]
[""]
[""]
[""]
[""]
[""]
[""]
[""]
[""]
[""]
[""]
[""]
[""]
[""]
[""]
[""]
[""]
[""]
[""]
[""]
[""]
[""]
[""]
[""]
[""]
[""]
[""]
[""]
[""]
[""]
[""]
[""]
[""]
[""]
[""]
[""]
[""]
[""]
[""]
[{"$f":"IF(AND(B36483<>\"\",B36484<>\"\"),A36483+1,\"\")","v":""}]
[""]
[""]
[""]
[""]
[""]
[""]
[""]
[""]
[""]
[""]
[""]
[""]
[""]
[""]
[""]
[""]
[""]
[""]
[""]
[""]
[""]
[""]
[""]
[""]
[""]
[""]
[""]
[""]
[""]
[""]
[""]
[""]
[""]
[""]
[""]
[""]
[""]
[""]
[""]
[""]
[""]
[""]
[""]
[""]
[""]
[""]
[""]
[""]
[""]
[""]
[""]
[""]
[""]
[""]
[""]
[""]
[""]
[""]
[""]
[""]
[""]
[""]
[""]
[{"$f":"IF(AND(B36547<>\"\",B36548<>\"\"),A36547+1,\"\")","v":""}]
[""]
[""]
[""]
[""]
[""]
[""]
[""]
[""]
[""]
[""]
[""]
[""]
[""]
[""]
[""]
[""]
[""]
[""]
[""]
[""]
[""]
[""]
[""]
[""]
[""]
[""]
[""]
[""]
[""]
[""]
[""]
[""]
[""]
[""]
[""]
[""]
[""]
[""]
[""]
[""]
[""]
[""]
[""]
[""]
[""]
[""]
[""]
[""]
[""]
[""]
[""]
[""]
[""]
[""]
[""]
[""]
[""]
[""]
[""]
[""]
[""]
[""]
[""]
[{"$f":"IF(AND(B36611<>\"\",B36612<>\"\"),A36611+1,\"\")","v":""}]
[""]
[""]
[""]
[""]
[""]
[""]
[""]
[""]
[""]
[""]
[""]
[""]
[""]
[""]
[""]
[""]
[""]
[""]
[""]
[""]
[""]
[""]
[""]
[""]
[""]
[""]
[""]
[""]
[""]
[""]
[""]
[""]
[""]
[""]
[""]
[""]
[""]
[""]
[""]
[""]
[""]
[""]
[""]
[""]
[""]
[""]
[""]
[""]
[""]
[""]
[""]
[""]
[""]
[""]
[""]
[""]
[""]
[""]
[""]
[""]
[""]
[""]
[""]
[{"$f":"IF(AND(B36675<>\"\",B36676<>\"\"),A36675+1,\"\")","v":""}]
[""]
[""]
[""]
[""]
[""]
[""]
[""]
[""]
[""]
[""]
[""]
[""]
[""]
[""]
[""]
[""]
[""]
[""]
[""]
[""]
[""]
[""]
[""]
[""]
[""]
[""]
[""]
[""]
[""]
[""]
[""]
[""]
[""]
[""]
[""]
[""]
[""]
[""]
[""]
[""]
[""]
[""]
[""]
[""]
[""]
[""]
[""]
[""]
[""]
[""]
[""]
[""]
[""]
[""]
[""]
[""]
[""]
[""]
[""]
[""]
[""]
[""]
[""]
[{"$f":"IF(AND(B36739<>\"\",B36740<>\"\"),A36739+1,\"\")","v":""}]
[""]
[""]
[""]
[""]
[""]
[""]
[""]
[""]
[""]
[""]
[""]
[""]
[""]
[""]
[""]
[""]
[""]
[""]
[""]
[""]
[""]
[""]
[""]
[""]
[""]
[""]
[""]
[""]
[""]
[""]
[""]
[""]
[""]
[""]
[""]
[""]
[""]
[""]
[""]
[""]
[""]
[""]
[""]
[""]
[""]
[""]
[""]
[""]
[""]
[""]
[""]
[""]
[""]
[""]
[""]
[""]
[""]
[""]
[""]
[""]
[""]
[""]
[""]
[{"$f":"IF(AND(B36803<>\"\",B36804<>\"\"),A36803+1,\"\")","v":""}]
[""]
[""]
[""]
[""]
[""]
[""]
[""]
[""]
[""]
[""]
[""]
[""]
[""]
[""]
[""]
[""]
[""]
[""]
[""]
[""]
[""]
[""]
[""]
[""]
[""]
[""]
[""]
[""]
[""]
[""]
[""]
[""]
[""]
[""]
[""]
[""]
[""]
[""]
[""]
[""]
[""]
[""]
[""]
[""]
[""]
[""]
[""]
[""]
[""]
[""]
[""]
[""]
[""]
[""]
[""]
[""]
[""]
[""]
[""]
[""]
[""]
[""]
[""]
[{"$f":"IF(AND(B36867<>\"\",B36868<>\"\"),A36867+1,\"\")","v":""}]
[""]
[""]
[""]
[""]
[""]
[""]
[""]
[""]
[""]
[""]
[""]
[""]
[""]
[""]
[""]
[""]
[""]
[""]
[""]
[""]
[""]
[""]
[""]
[""]
[""]
[""]
[""]
[""]
[""]
[""]
[""]
[""]
[""]
[""]
[""]
[""]
[""]
[""]
[""]
[""]
[""]
[""]
[""]
[""]
[""]
[""]
[""]
[""]
[""]
[""]
[""]
[""]
[""]
[""]
[""]
[""]
[""]
[""]
[""]
[""]
[""]
[""]
[""]
[{"$f":"IF(AND(B36931<>\"\",B36932<>\"\"),A36931+1,\"\")","v":""}]
[""]
[""]
[""]
[""]
[""]
[""]
[""]
[""]
[""]
[""]
[""]
[""]
[""]
[""]
[""]
[""]
[""]
[""]
[""]
[""]
[""]
[""]
[""]
[""]
[""]
[""]
[""]
[""]
[""]
[""]
[""]
[""]
[""]
[""]
[""]
[""]
[""]
[""]
[""]
[""]
[""]
[""]
[""]
[""]
[""]
[""]
[""]
[""]
[""]
[""]
[""]
[""]
[""]
[""]
[""]
[""]
[""]
[""]
[""]
[""]
[""]
[""]
[""]
[{"$f":"IF(AND(B36995<>\"\",B36996<>\"\"),A36995+1,\"\")","v":""}]
[""]
[""]
[""]
[""]
[""]
[""]
[""]
[""]
[""]
[""]
[""]
[""]
[""]
[""]
[""]
[""]
[""]
[""]
[""]
[""]
[""]
[""]
[""]
[""]
[""]
[""]
[""]
[""]
[""]
[""]
[""]
[""]
[""]
[""]
[""]
[""]
[""]
[""]
[""]
[""]
[""]
[""]
[""]
[""]
[""]
[""]
[""]
[""]
[""]
[""]
[""]
[""]
[""]
[""]
[""]
[""]
[""]
[""]
[""]
[""]
[""]
[""]
[""]
[{"$f":"IF(AND(B37059<>\"\",B37060<>\"\"),A37059+1,\"\")","v":""}]
[""]
[""]
[""]
[""]
[""]
[""]
[""]
[""]
[""]
[""]
[""]
[""]
[""]
[""]
[""]
[""]
[""]
[""]
[""]
[""]
[""]
[""]
[""]
[""]
[""]
[""]
[""]
[""]
[""]
[""]
[""]
[""]
[""]
[""]
[""]
[""]
[""]
[""]
[""]
[""]
[""]
[""]
[""]
[""]
[""]
[""]
[""]
[""]
[""]
[""]
[""]
[""]
[""]
[""]
[""]
[""]
[""]
[""]
[""]
[""]
[""]
[""]
[""]
[{"$f":"IF(AND(B37123<>\"\",B37124<>\"\"),A37123+1,\"\")","v":""}]
[""]
[""]
[""]
[""]
[""]
[""]
[""]
[""]
[""]
[""]
[""]
[""]
[""]
[""]
[""]
[""]
[""]
[""]
[""]
[""]
[""]
[""]
[""]
[""]
[""]
[""]
[""]
[""]
[""]
[""]
[""]
[""]
[""]
[""]
[""]
[""]
[""]
[""]
[""]
[""]
[""]
[""]
[""]
[""]
[""]
[""]
[""]
[""]
[""]
[""]
[""]
[""]
[""]
[""]
[""]
[""]
[""]
[""]
[""]
[""]
[""]
[""]
[""]
[{"$f":"IF(AND(B37187<>\"\",B37188<>\"\"),A37187+1,\"\")","v":""}]
[""]
[""]
[""]
[""]
[""]
[""]
[""]
[""]
[""]
[""]
[""]
[""]
[""]
[""]
[""]
[""]
[""]
[""]
[""]
[""]
[""]
[""]
[""]
[""]
[""]
[""]
[""]
[""]
[""]
[""]
[""]
[""]
[""]
[""]
[""]
[""]
[""]
[""]
[""]
[""]
[""]
[""]
[""]
[""]
[""]
[""]
[""]
[""]
[""]
[""]
[""]
[""]
[""]
[""]
[""]
[""]
[""]
[""]
[""]
[""]
[""]
[""]
[""]
[{"$f":"IF(AND(B37251<>\"\",B37252<>\"\"),A37251+1,\"\")","v":""}]
[""]
[""]
[""]
[""]
[""]
[""]
[""]
[""]
[""]
[""]
[""]
[""]
[""]
[""]
[""]
[""]
[""]
[""]
[""]
[""]
[""]
[""]
[""]
[""]
[""]
[""]
[""]
[""]
[""]
[""]
[""]
[""]
[""]
[""]
[""]
[""]
[""]
[""]
[""]
[""]
[""]
[""]
[""]
[""]
[""]
[""]
[""]
[""]
[""]
[""]
[""]
[""]
[""]
[""]
[""]
[""]
[""]
[""]
[""]
[""]
[""]
[""]
[""]
[{"$f":"IF(AND(B37315<>\"\",B37316<>\"\"),A37315+1,\"\")","v":""}]
[""]
[""]
[""]
[""]
[""]
[""]
[""]
[""]
[""]
[""]
[""]
[""]
[""]
[""]
[""]
[""]
[""]
[""]
[""]
[""]
[""]
[""]
[""]
[""]
[""]
[""]
[""]
[""]
[""]
[""]
[""]
[""]
[""]
[""]
[""]
[""]
[""]
[""]
[""]
[""]
[""]
[""]
[""]
[""]
[""]
[""]
[""]
[""]
[""]
[""]
[""]
[""]
[""]
[""]
[""]
[""]
[""]
[""]
[""]
[""]
[""]
[""]
[""]
[{"$f":"IF(AND(B37379<>\"\",B37380<>\"\"),A37379+1,\"\")","v":""}]
[""]
[""]
[""]
[""]
[""]
[""]
[""]
[""]
[""]
[""]
[""]
[""]
[""]
[""]
[""]
[""]
[""]
[""]
[""]
[""]
[""]
[""]
[""]
[""]
[""]
[""]
[""]
[""]
[""]
[""]
[""]
[""]
[""]
[""]
[""]
[""]
[""]
[""]
[""]
[""]
[""]
[""]
[""]
[""]
[""]
[""]
[""]
[""]
[""]
[""]
[""]
[""]
[""]
[""]
[""]
[""]
[""]
[""]
[""]
[""]
[""]
[""]
[""]
[{"$f":"IF(AND(B37443<>\"\",B37444<>\"\"),A37443+1,\"\")","v":""}]
[""]
[""]
[""]
[""]
[""]
[""]
[""]
[""]
[""]
[""]
[""]
[""]
[""]
[""]
[""]
[""]
[""]
[""]
[""]
[""]
[""]
[""]
[""]
[""]
[""]
[""]
[""]
[""]
[""]
[""]
[""]
[""]
[""]
[""]
[""]
[""]
[""]
[""]
[""]
[""]
[""]
[""]
[""]
[""]
[""]
[""]
[""]
[""]
[""]
[""]
[""]
[""]
[""]
[""]
[""]
[""]
[""]
[""]
[""]
[""]
[""]
[""]
[""]
[{"$f":"IF(AND(B37507<>\"\",B37508<>\"\"),A37507+1,\"\")","v":""}]
[""]
[""]
[""]
[""]
[""]
[""]
[""]
[""]
[""]
[""]
[""]
[""]
[""]
[""]
[""]
[""]
[""]
[""]
[""]
[""]
[""]
[""]
[""]
[""]
[""]
[""]
[""]
[""]
[""]
[""]
[""]
[""]
[""]
[""]
[""]
[""]
[""]
[""]
[""]
[""]
[""]
[""]
[""]
[""]
[""]
[""]
[""]
[""]
[""]
[""]
[""]
[""]
[""]
[""]
[""]
[""]
[""]
[""]
[""]
[""]
[""]
[""]
[""]
[{"$f":"IF(AND(B37571<>\"\",B37572<>\"\"),A37571+1,\"\")","v":""}]
[""]
[""]
[""]
[""]
[""]
[""]
[""]
[""]
[""]
[""]
[""]
[""]
[""]
[""]
[""]
[""]
[""]
[""]
[""]
[""]
[""]
[""]
[""]
[""]
[""]
[""]
[""]
[""]
[""]
[""]
[""]
[""]
[""]
[""]
[""]
[""]
[""]
[""]
[""]
[""]
[""]
[""]
[""]
[""]
[""]
[""]
[""]
[""]
[""]
[""]
[""]
[""]
[""]
[""]
[""]
[""]
[""]
[""]
[""]
[""]
[""]
[""]
[""]
[{"$f":"IF(AND(B37635<>\"\",B37636<>\"\"),A37635+1,\"\")","v":""}]
[""]
[""]
[""]
[""]
[""]
[""]
[""]
[""]
[""]
[""]
[""]
[""]
[""]
[""]
[""]
[""]
[""]
[""]
[""]
[""]
[""]
[""]
[""]
[""]
[""]
[""]
[""]
[""]
[""]
[""]
[""]
[""]
[""]
[""]
[""]
[""]
[""]
[""]
[""]
[""]
[""]
[""]
[""]
[""]
[""]
[""]
[""]
[""]
[""]
[""]
[""]
[""]
[""]
[""]
[""]
[""]
[""]
[""]
[""]
[""]
[""]
[""]
[""]
[{"$f":"IF(AND(B37699<>\"\",B37700<>\"\"),A37699+1,\"\")","v":""}]
[""]
[""]
[""]
[""]
[""]
[""]
[""]
[""]
[""]
[""]
[""]
[""]
[""]
[""]
[""]
[""]
[""]
[""]
[""]
[""]
[""]
[""]
[""]
[""]
[""]
[""]
[""]
[""]
[""]
[""]
[""]
[""]
[""]
[""]
[""]
[""]
[""]
[""]
[""]
[""]
[""]
[""]
[""]
[""]
[""]
[""]
[""]
[""]
[""]
[""]
[""]
[""]
[""]
[""]
[""]
[""]
[""]
[""]
[""]
[""]
[""]
[""]
[""]
[{"$f":"IF(AND(B37763<>\"\",B37764<>\"\"),A37763+1,\"\")","v":""}]
[""]
[""]
[""]
[""]
[""]
[""]
[""]
[""]
[""]
[""]
[""]
[""]
[""]
[""]
[""]
[""]
[""]
[""]
[""]
[""]
[""]
[""]
[""]
[""]
[""]
[""]
[""]
[""]
[""]
[""]
[""]
[""]
[""]
[""]
[""]
[""]
[""]
[""]
[""]
[""]
[""]
[""]
[""]
[""]
[""]
[""]
[""]
[""]
[""]
[""]
[""]
[""]
[""]
[""]
[""]
[""]
[""]
[""]
[""]
[""]
[""]
[""]
[""]
[{"$f":"IF(AND(B37827<>\"\",B37828<>\"\"),A37827+1,\"\")","v":""}]
[""]
[""]
[""]
[""]
[""]
[""]
[""]
[""]
[""]
[""]
[""]
[""]
[""]
[""]
[""]
[""]
[""]
[""]
[""]
[""]
[""]
[""]
[""]
[""]
[""]
[""]
[""]
[""]
[""]
[""]
[""]
[""]
[""]
[""]
[""]
[""]
[""]
[""]
[""]
[""]
[""]
[""]
[""]
[""]
[""]
[""]
[""]
[""]
[""]
[""]
[""]
[""]
[""]
[""]
[""]
[""]
[""]
[""]
[""]
[""]
[""]
[""]
[""]
[{"$f":"IF(AND(B37891<>\"\",B37892<>\"\"),A37891+1,\"\")","v":""}]
[""]
[""]
[""]
[""]
[""]
[""]
[""]
[""]
[""]
[""]
[""]
[""]
[""]
[""]
[""]
[""]
[""]
[""]
[""]
[""]
[""]
[""]
[""]
[""]
[""]
[""]
[""]
[""]
[""]
[""]
[""]
[""]
[""]
[""]
[""]
[""]
[""]
[""]
[""]
[""]
[""]
[""]
[""]
[""]
[""]
[""]
[""]
[""]
[""]
[""]
[""]
[""]
[""]
[""]
[""]
[""]
[""]
[""]
[""]
[""]
[""]
[""]
[""]
[{"$f":"IF(AND(B37955<>\"\",B37956<>\"\"),A37955+1,\"\")","v":""}]
[""]
[""]
[""]
[""]
[""]
[""]
[""]
[""]
[""]
[""]
[""]
[""]
[""]
[""]
[""]
[""]
[""]
[""]
[""]
[""]
[""]
[""]
[""]
[""]
[""]
[""]
[""]
[""]
[""]
[""]
[""]
[""]
[""]
[""]
[""]
[""]
[""]
[""]
[""]
[""]
[""]
[""]
[""]
[""]
[""]
[""]
[""]
[""]
[""]
[""]
[""]
[""]
[""]
[""]
[""]
[""]
[""]
[""]
[""]
[""]
[""]
[""]
[""]
[{"$f":"IF(AND(B38019<>\"\",B38020<>\"\"),A38019+1,\"\")","v":""}]
[""]
[""]
[""]
[""]
[""]
[""]
[""]
[""]
[""]
[""]
[""]
[""]
[""]
[""]
[""]
[""]
[""]
[""]
[""]
[""]
[""]
[""]
[""]
[""]
[""]
[""]
[""]
[""]
[""]
[""]
[""]
[""]
[""]
[""]
[""]
[""]
[""]
[""]
[""]
[""]
[""]
[""]
[""]
[""]
[""]
[""]
[""]
[""]
[""]
[""]
[""]
[""]
[""]
[""]
[""]
[""]
[""]
[""]
[""]
[""]
[""]
[""]
[""]
[{"$f":"IF(AND(B38083<>\"\",B38084<>\"\"),A38083+1,\"\")","v":""}]
[""]
[""]
[""]
[""]
[""]
[""]
[""]
[""]
[""]
[""]
[""]
[""]
[""]
[""]
[""]
[""]
[""]
[""]
[""]
[""]
[""]
[""]
[""]
[""]
[""]
[""]
[""]
[""]
[""]
[""]
[""]
[""]
[""]
[""]
[""]
[""]
[""]
[""]
[""]
[""]
[""]
[""]
[""]
[""]
[""]
[""]
[""]
[""]
[""]
[""]
[""]
[""]
[""]
[""]
[""]
[""]
[""]
[""]
[""]
[""]
[""]
[""]
[""]
[{"$f":"IF(AND(B38147<>\"\",B38148<>\"\"),A38147+1,\"\")","v":""}]
[""]
[""]
[""]
[""]
[""]
[""]
[""]
[""]
[""]
[""]
[""]
[""]
[""]
[""]
[""]
[""]
[""]
[""]
[""]
[""]
[""]
[""]
[""]
[""]
[""]
[""]
[""]
[""]
[""]
[""]
[""]
[""]
[""]
[""]
[""]
[""]
[""]
[""]
[""]
[""]
[""]
[""]
[""]
[""]
[""]
[""]
[""]
[""]
[""]
[""]
[""]
[""]
[""]
[""]
[""]
[""]
[""]
[""]
[""]
[""]
[""]
[""]
[""]
[{"$f":"IF(AND(B38211<>\"\",B38212<>\"\"),A38211+1,\"\")","v":""}]
[""]
[""]
[""]
[""]
[""]
[""]
[""]
[""]
[""]
[""]
[""]
[""]
[""]
[""]
[""]
[""]
[""]
[""]
[""]
[""]
[""]
[""]
[""]
[""]
[""]
[""]
[""]
[""]
[""]
[""]
[""]
[""]
[""]
[""]
[""]
[""]
[""]
[""]
[""]
[""]
[""]
[""]
[""]
[""]
[""]
[""]
[""]
[""]
[""]
[""]
[""]
[""]
[""]
[""]
[""]
[""]
[""]
[""]
[""]
[""]
[""]
[""]
[""]
[{"$f":"IF(AND(B38275<>\"\",B38276<>\"\"),A38275+1,\"\")","v":""}]
[""]
[""]
[""]
[""]
[""]
[""]
[""]
[""]
[""]
[""]
[""]
[""]
[""]
[""]
[""]
[""]
[""]
[""]
[""]
[""]
[""]
[""]
[""]
[""]
[""]
[""]
[""]
[""]
[""]
[""]
[""]
[""]
[""]
[""]
[""]
[""]
[""]
[""]
[""]
[""]
[""]
[""]
[""]
[""]
[""]
[""]
[""]
[""]
[""]
[""]
[""]
[""]
[""]
[""]
[""]
[""]
[""]
[""]
[""]
[""]
[""]
[""]
[""]
[{"$f":"IF(AND(B38339<>\"\",B38340<>\"\"),A38339+1,\"\")","v":""}]
[""]
[""]
[""]
[""]
[""]
[""]
[""]
[""]
[""]
[""]
[""]
[""]
[""]
[""]
[""]
[""]
[""]
[""]
[""]
[""]
[""]
[""]
[""]
[""]
[""]
[""]
[""]
[""]
[""]
[""]
[""]
[""]
[""]
[""]
[""]
[""]
[""]
[""]
[""]
[""]
[""]
[""]
[""]
[""]
[""]
[""]
[""]
[""]
[""]
[""]
[""]
[""]
[""]
[""]
[""]
[""]
[""]
[""]
[""]
[""]
[""]
[""]
[""]
[{"$f":"IF(AND(B38403<>\"\",B38404<>\"\"),A38403+1,\"\")","v":""}]
[""]
[""]
[""]
[""]
[""]
[""]
[""]
[""]
[""]
[""]
[""]
[""]
[""]
[""]
[""]
[""]
[""]
[""]
[""]
[""]
[""]
[""]
[""]
[""]
[""]
[""]
[""]
[""]
[""]
[""]
[""]
[""]
[""]
[""]
[""]
[""]
[""]
[""]
[""]
[""]
[""]
[""]
[""]
[""]
[""]
[""]
[""]
[""]
[""]
[""]
[""]
[""]
[""]
[""]
[""]
[""]
[""]
[""]
[""]
[""]
[""]
[""]
[""]
[{"$f":"IF(AND(B38467<>\"\",B38468<>\"\"),A38467+1,\"\")","v":""}]
[""]
[""]
[""]
[""]
[""]
[""]
[""]
[""]
[""]
[""]
[""]
[""]
[""]
[""]
[""]
[""]
[""]
[""]
[""]
[""]
[""]
[""]
[""]
[""]
[""]
[""]
[""]
[""]
[""]
[""]
[""]
[""]
[""]
[""]
[""]
[""]
[""]
[""]
[""]
[""]
[""]
[""]
[""]
[""]
[""]
[""]
[""]
[""]
[""]
[""]
[""]
[""]
[""]
[""]
[""]
[""]
[""]
[""]
[""]
[""]
[""]
[""]
[""]
[{"$f":"IF(AND(B38531<>\"\",B38532<>\"\"),A38531+1,\"\")","v":""}]
[""]
[""]
[""]
[""]
[""]
[""]
[""]
[""]
[""]
[""]
[""]
[""]
[""]
[""]
[""]
[""]
[""]
[""]
[""]
[""]
[""]
[""]
[""]
[""]
[""]
[""]
[""]
[""]
[""]
[""]
[""]
[""]
[""]
[""]
[""]
[""]
[""]
[""]
[""]
[""]
[""]
[""]
[""]
[""]
[""]
[""]
[""]
[""]
[""]
[""]
[""]
[""]
[""]
[""]
[""]
[""]
[""]
[""]
[""]
[""]
[""]
[""]
[""]
[{"$f":"IF(AND(B38595<>\"\",B38596<>\"\"),A38595+1,\"\")","v":""}]
[""]
[""]
[""]
[""]
[""]
[""]
[""]
[""]
[""]
[""]
[""]
[""]
[""]
[""]
[""]
[""]
[""]
[""]
[""]
[""]
[""]
[""]
[""]
[""]
[""]
[""]
[""]
[""]
[""]
[""]
[""]
[""]
[""]
[""]
[""]
[""]
[""]
[""]
[""]
[""]
[""]
[""]
[""]
[""]
[""]
[""]
[""]
[""]
[""]
[""]
[""]
[""]
[""]
[""]
[""]
[""]
[""]
[""]
[""]
[""]
[""]
[""]
[""]
[{"$f":"IF(AND(B38659<>\"\",B38660<>\"\"),A38659+1,\"\")","v":""}]
[""]
[""]
[""]
[""]
[""]
[""]
[""]
[""]
[""]
[""]
[""]
[""]
[""]
[""]
[""]
[""]
[""]
[""]
[""]
[""]
[""]
[""]
[""]
[""]
[""]
[""]
[""]
[""]
[""]
[""]
[""]
[""]
[""]
[""]
[""]
[""]
[""]
[""]
[""]
[""]
[""]
[""]
[""]
[""]
[""]
[""]
[""]
[""]
[""]
[""]
[""]
[""]
[""]
[""]
[""]
[""]
[""]
[""]
[""]
[""]
[""]
[""]
[""]
[{"$f":"IF(AND(B38723<>\"\",B38724<>\"\"),A38723+1,\"\")","v":""}]
[""]
[""]
[""]
[""]
[""]
[""]
[""]
[""]
[""]
[""]
[""]
[""]
[""]
[""]
[""]
[""]
[""]
[""]
[""]
[""]
[""]
[""]
[""]
[""]
[""]
[""]
[""]
[""]
[""]
[""]
[""]
[""]
[""]
[""]
[""]
[""]
[""]
[""]
[""]
[""]
[""]
[""]
[""]
[""]
[""]
[""]
[""]
[""]
[""]
[""]
[""]
[""]
[""]
[""]
[""]
[""]
[""]
[""]
[""]
[""]
[""]
[""]
[""]
[{"$f":"IF(AND(B38787<>\"\",B38788<>\"\"),A38787+1,\"\")","v":""}]
[""]
[""]
[""]
[""]
[""]
[""]
[""]
[""]
[""]
[""]
[""]
[""]
[""]
[""]
[""]
[""]
[""]
[""]
[""]
[""]
[""]
[""]
[""]
[""]
[""]
[""]
[""]
[""]
[""]
[""]
[""]
[""]
[""]
[""]
[""]
[""]
[""]
[""]
[""]
[""]
[""]
[""]
[""]
[""]
[""]
[""]
[""]
[""]
[""]
[""]
[""]
[""]
[""]
[""]
[""]
[""]
[""]
[""]
[""]
[""]
[""]
[""]
[""]
[{"$f":"IF(AND(B38851<>\"\",B38852<>\"\"),A38851+1,\"\")","v":""}]
[""]
[""]
[""]
[""]
[""]
[""]
[""]
[""]
[""]
[""]
[""]
[""]
[""]
[""]
[""]
[""]
[""]
[""]
[""]
[""]
[""]
[""]
[""]
[""]
[""]
[""]
[""]
[""]
[""]
[""]
[""]
[""]
[""]
[""]
[""]
[""]
[""]
[""]
[""]
[""]
[""]
[""]
[""]
[""]
[""]
[""]
[""]
[""]
[""]
[""]
[""]
[""]
[""]
[""]
[""]
[""]
[""]
[""]
[""]
[""]
[""]
[""]
[""]
[{"$f":"IF(AND(B38915<>\"\",B38916<>\"\"),A38915+1,\"\")","v":""}]
[""]
[""]
[""]
[""]
[""]
[""]
[""]
[""]
[""]
[""]
[""]
[""]
[""]
[""]
[""]
[""]
[""]
[""]
[""]
[""]
[""]
[""]
[""]
[""]
[""]
[""]
[""]
[""]
[""]
[""]
[""]
[""]
[""]
[""]
[""]
[""]
[""]
[""]
[""]
[""]
[""]
[""]
[""]
[""]
[""]
[""]
[""]
[""]
[""]
[""]
[""]
[""]
[""]
[""]
[""]
[""]
[""]
[""]
[""]
[""]
[""]
[""]
[""]
[{"$f":"IF(AND(B38979<>\"\",B38980<>\"\"),A38979+1,\"\")","v":""}]
[""]
[""]
[""]
[""]
[""]
[""]
[""]
[""]
[""]
[""]
[""]
[""]
[""]
[""]
[""]
[""]
[""]
[""]
[""]
[""]
[""]
[""]
[""]
[""]
[""]
[""]
[""]
[""]
[""]
[""]
[""]
[""]
[""]
[""]
[""]
[""]
[""]
[""]
[""]
[""]
[""]
[""]
[""]
[""]
[""]
[""]
[""]
[""]
[""]
[""]
[""]
[""]
[""]
[""]
[""]
[""]
[""]
[""]
[""]
[""]
[""]
[""]
[""]
[{"$f":"IF(AND(B39043<>\"\",B39044<>\"\"),A39043+1,\"\")","v":""}]
[""]
[""]
[""]
[""]
[""]
[""]
[""]
[""]
[""]
[""]
[""]
[""]
[""]
[""]
[""]
[""]
[""]
[""]
[""]
[""]
[""]
[""]
[""]
[""]
[""]
[""]
[""]
[""]
[""]
[""]
[""]
[""]
[""]
[""]
[""]
[""]
[""]
[""]
[""]
[""]
[""]
[""]
[""]
[""]
[""]
[""]
[""]
[""]
[""]
[""]
[""]
[""]
[""]
[""]
[""]
[""]
[""]
[""]
[""]
[""]
[""]
[""]
[""]
[{"$f":"IF(AND(B39107<>\"\",B39108<>\"\"),A39107+1,\"\")","v":""}]
[""]
[""]
[""]
[""]
[""]
[""]
[""]
[""]
[""]
[""]
[""]
[""]
[""]
[""]
[""]
[""]
[""]
[""]
[""]
[""]
[""]
[""]
[""]
[""]
[""]
[""]
[""]
[""]
[""]
[""]
[""]
[""]
[""]
[""]
[""]
[""]
[""]
[""]
[""]
[""]
[""]
[""]
[""]
[""]
[""]
[""]
[""]
[""]
[""]
[""]
[""]
[""]
[""]
[""]
[""]
[""]
[""]
[""]
[""]
[""]
[""]
[""]
[""]
[{"$f":"IF(AND(B39171<>\"\",B39172<>\"\"),A39171+1,\"\")","v":""}]
[""]
[""]
[""]
[""]
[""]
[""]
[""]
[""]
[""]
[""]
[""]
[""]
[""]
[""]
[""]
[""]
[""]
[""]
[""]
[""]
[""]
[""]
[""]
[""]
[""]
[""]
[""]
[""]
[""]
[""]
[""]
[""]
[""]
[""]
[""]
[""]
[""]
[""]
[""]
[""]
[""]
[""]
[""]
[""]
[""]
[""]
[""]
[""]
[""]
[""]
[""]
[""]
[""]
[""]
[""]
[""]
[""]
[""]
[""]
[""]
[""]
[""]
[""]
[{"$f":"IF(AND(B39235<>\"\",B39236<>\"\"),A39235+1,\"\")","v":""}]
[""]
[""]
[""]
[""]
[""]
[""]
[""]
[""]
[""]
[""]
[""]
[""]
[""]
[""]
[""]
[""]
[""]
[""]
[""]
[""]
[""]
[""]
[""]
[""]
[""]
[""]
[""]
[""]
[""]
[""]
[""]
[""]
[""]
[""]
[""]
[""]
[""]
[""]
[""]
[""]
[""]
[""]
[""]
[""]
[""]
[""]
[""]
[""]
[""]
[""]
[""]
[""]
[""]
[""]
[""]
[""]
[""]
[""]
[""]
[""]
[""]
[""]
[""]
[{"$f":"IF(AND(B39299<>\"\",B39300<>\"\"),A39299+1,\"\")","v":""}]
[""]
[""]
[""]
[""]
[""]
[""]
[""]
[""]
[""]
[""]
[""]
[""]
[""]
[""]
[""]
[""]
[""]
[""]
[""]
[""]
[""]
[""]
[""]
[""]
[""]
[""]
[""]
[""]
[""]
[""]
[""]
[""]
[""]
[""]
[""]
[""]
[""]
[""]
[""]
[""]
[""]
[""]
[""]
[""]
[""]
[""]
[""]
[""]
[""]
[""]
[""]
[""]
[""]
[""]
[""]
[""]
[""]
[""]
[""]
[""]
[""]
[""]
[""]
[{"$f":"IF(AND(B39363<>\"\",B39364<>\"\"),A39363+1,\"\")","v":""}]
[""]
[""]
[""]
[""]
[""]
[""]
[""]
[""]
[""]
[""]
[""]
[""]
[""]
[""]
[""]
[""]
[""]
[""]
[""]
[""]
[""]
[""]
[""]
[""]
[""]
[""]
[""]
[""]
[""]
[""]
[""]
[""]
[""]
[""]
[""]
[""]
[""]
[""]
[""]
[""]
[""]
[""]
[""]
[""]
[""]
[""]
[""]
[""]
[""]
[""]
[""]
[""]
[""]
[""]
[""]
[""]
[""]
[""]
[""]
[""]
[""]
[""]
[""]
[{"$f":"IF(AND(B39427<>\"\",B39428<>\"\"),A39427+1,\"\")","v":""}]
[""]
[""]
[""]
[""]
[""]
[""]
[""]
[""]
[""]
[""]
[""]
[""]
[""]
[""]
[""]
[""]
[""]
[""]
[""]
[""]
[""]
[""]
[""]
[""]
[""]
[""]
[""]
[""]
[""]
[""]
[""]
[""]
[""]
[""]
[""]
[""]
[""]
[""]
[""]
[""]
[""]
[""]
[""]
[""]
[""]
[""]
[""]
[""]
[""]
[""]
[""]
[""]
[""]
[""]
[""]
[""]
[""]
[""]
[""]
[""]
[""]
[""]
[""]
[{"$f":"IF(AND(B39491<>\"\",B39492<>\"\"),A39491+1,\"\")","v":""}]
[""]
[""]
[""]
[""]
[""]
[""]
[""]
[""]
[""]
[""]
[""]
[""]
[""]
[""]
[""]
[""]
[""]
[""]
[""]
[""]
[""]
[""]
[""]
[""]
[""]
[""]
[""]
[""]
[""]
[""]
[""]
[""]
[""]
[""]
[""]
[""]
[""]
[""]
[""]
[""]
[""]
[""]
[""]
[""]
[""]
[""]
[""]
[""]
[""]
[""]
[""]
[""]
[""]
[""]
[""]
[""]
[""]
[""]
[""]
[""]
[""]
[""]
[""]
[{"$f":"IF(AND(B39555<>\"\",B39556<>\"\"),A39555+1,\"\")","v":""}]
[""]
[""]
[""]
[""]
[""]
[""]
[""]
[""]
[""]
[""]
[""]
[""]
[""]
[""]
[""]
[""]
[""]
[""]
[""]
[""]
[""]
[""]
[""]
[""]
[""]
[""]
[""]
[""]
[""]
[""]
[""]
[""]
[""]
[""]
[""]
[""]
[""]
[""]
[""]
[""]
[""]
[""]
[""]
[""]
[""]
[""]
[""]
[""]
[""]
[""]
[""]
[""]
[""]
[""]
[""]
[""]
[""]
[""]
[""]
[""]
[""]
[""]
[""]
[{"$f":"IF(AND(B39619<>\"\",B39620<>\"\"),A39619+1,\"\")","v":""}]
[""]
[""]
[""]
[""]
[""]
[""]
[""]
[""]
[""]
[""]
[""]
[""]
[""]
[""]
[""]
[""]
[""]
[""]
[""]
[""]
[""]
[""]
[""]
[""]
[""]
[""]
[""]
[""]
[""]
[""]
[""]
[""]
[""]
[""]
[""]
[""]
[""]
[""]
[""]
[""]
[""]
[""]
[""]
[""]
[""]
[""]
[""]
[""]
[""]
[""]
[""]
[""]
[""]
[""]
[""]
[""]
[""]
[""]
[""]
[""]
[""]
[""]
[""]
[{"$f":"IF(AND(B39683<>\"\",B39684<>\"\"),A39683+1,\"\")","v":""}]
[""]
[""]
[""]
[""]
[""]
[""]
[""]
[""]
[""]
[""]
[""]
[""]
[""]
[""]
[""]
[""]
[""]
[""]
[""]
[""]
[""]
[""]
[""]
[""]
[""]
[""]
[""]
[""]
[""]
[""]
[""]
[""]
[""]
[""]
[""]
[""]
[""]
[""]
[""]
[""]
[""]
[""]
[""]
[""]
[""]
[""]
[""]
[""]
[""]
[""]
[""]
[""]
[""]
[""]
[""]
[""]
[""]
[""]
[""]
[""]
[""]
[""]
[""]
[{"$f":"IF(AND(B39747<>\"\",B39748<>\"\"),A39747+1,\"\")","v":""}]
[""]
[""]
[""]
[""]
[""]
[""]
[""]
[""]
[""]
[""]
[""]
[""]
[""]
[""]
[""]
[""]
[""]
[""]
[""]
[""]
[""]
[""]
[""]
[""]
[""]
[""]
[""]
[""]
[""]
[""]
[""]
[""]
[""]
[""]
[""]
[""]
[""]
[""]
[""]
[""]
[""]
[""]
[""]
[""]
[""]
[""]
[""]
[""]
[""]
[""]
[""]
[""]
[""]
[""]
[""]
[""]
[""]
[""]
[""]
[""]
[""]
[""]
[""]
[{"$f":"IF(AND(B39811<>\"\",B39812<>\"\"),A39811+1,\"\")","v":""}]
[""]
[""]
[""]
[""]
[""]
[""]
[""]
[""]
[""]
[""]
[""]
[""]
[""]
[""]
[""]
[""]
[""]
[""]
[""]
[""]
[""]
[""]
[""]
[""]
[""]
[""]
[""]
[""]
[""]
[""]
[""]
[""]
[""]
[""]
[""]
[""]
[""]
[""]
[""]
[""]
[""]
[""]
[""]
[""]
[""]
[""]
[""]
[""]
[""]
[""]
[""]
[""]
[""]
[""]
[""]
[""]
[""]
[""]
[""]
[""]
[""]
[""]
[""]
[{"$f":"IF(AND(B39875<>\"\",B39876<>\"\"),A39875+1,\"\")","v":""}]
[""]
[""]
[""]
[""]
[""]
[""]
[""]
[""]
[""]
[""]
[""]
[""]
[""]
[""]
[""]
[""]
[""]
[""]
[""]
[""]
[""]
[""]
[""]
[""]
[""]
[""]
[""]
[""]
[""]
[""]
[""]
[""]
[""]
[""]
[""]
[""]
[""]
[""]
[""]
[""]
[""]
[""]
[""]
[""]
[""]
[""]
[""]
[""]
[""]
[""]
[""]
[""]
[""]
[""]
[""]
[""]
[""]
[""]
[""]
[""]
[""]
[""]
[""]
[{"$f":"IF(AND(B39939<>\"\",B39940<>\"\"),A39939+1,\"\")","v":""}]
[""]
[""]
[""]
[""]
[""]
[""]
[""]
[""]
[""]
[""]
[""]
[""]
[""]
[""]
[""]
[""]
[""]
[""]
[""]
[""]
[""]
[""]
[""]
[""]
[""]
[""]
[""]
[""]
[""]
[""]
[""]
[""]
[""]
[""]
[""]
[""]
[""]
[""]
[""]
[""]
[""]
[""]
[""]
[""]
[""]
[""]
[""]
[""]
[""]
[""]
[""]
[""]
[""]
[""]
[""]
[""]
[""]
[""]
[""]
[""]
[""]
[""]
[""]
[{"$f":"IF(AND(B40003<>\"\",B40004<>\"\"),A40003+1,\"\")","v":""}]
[""]
[""]
[""]
[""]
[""]
[""]
[""]
[""]
[""]
[""]
[""]
[""]
[""]
[""]
[""]
[""]
[""]
[""]
[""]
[""]
[""]
[""]
[""]
[""]
[""]
[""]
[""]
[""]
[""]
[""]
[""]
[""]
[""]
[""]
[""]
[""]
[""]
[""]
[""]
[""]
[""]
[""]
[""]
[""]
[""]
[""]
[""]
[""]
[""]
[""]
[""]
[""]
[""]
[""]
[""]
[""]
[""]
[""]
[""]
[""]
[""]
[""]
[""]
[{"$f":"IF(AND(B40067<>\"\",B40068<>\"\"),A40067+1,\"\")","v":""}]
[""]
[""]
[""]
[""]
[""]
[""]
[""]
[""]
[""]
[""]
[""]
[""]
[""]
[""]
[""]
[""]
[""]
[""]
[""]
[""]
[""]
[""]
[""]
[""]
[""]
[""]
[""]
[""]
[""]
[""]
[""]
[""]
[""]
[""]
[""]
[""]
[""]
[""]
[""]
[""]
[""]
[""]
[""]
[""]
[""]
[""]
[""]
[""]
[""]
[""]
[""]
[""]
[""]
[""]
[""]
[""]
[""]
[""]
[""]
[""]
[""]
[""]
[""]
[{"$f":"IF(AND(B40131<>\"\",B40132<>\"\"),A40131+1,\"\")","v":""}]
[""]
[""]
[""]
[""]
[""]
[""]
[""]
[""]
[""]
[""]
[""]
[""]
[""]
[""]
[""]
[""]
[""]
[""]
[""]
[""]
[""]
[""]
[""]
[""]
[""]
[""]
[""]
[""]
[""]
[""]
[""]
[""]
[""]
[""]
[""]
[""]
[""]
[""]
[""]
[""]
[""]
[""]
[""]
[""]
[""]
[""]
[""]
[""]
[""]
[""]
[""]
[""]
[""]
[""]
[""]
[""]
[""]
[""]
[""]
[""]
[""]
[""]
[""]
[{"$f":"IF(AND(B40195<>\"\",B40196<>\"\"),A40195+1,\"\")","v":""}]
[""]
[""]
[""]
[""]
[""]
[""]
[""]
[""]
[""]
[""]
[""]
[""]
[""]
[""]
[""]
[""]
[""]
[""]
[""]
[""]
[""]
[""]
[""]
[""]
[""]
[""]
[""]
[""]
[""]
[""]
[""]
[""]
[""]
[""]
[""]
[""]
[""]
[""]
[""]
[""]
[""]
[""]
[""]
[""]
[""]
[""]
[""]
[""]
[""]
[""]
[""]
[""]
[""]
[""]
[""]
[""]
[""]
[""]
[""]
[""]
[""]
[""]
[""]
[{"$f":"IF(AND(B40259<>\"\",B40260<>\"\"),A40259+1,\"\")","v":""}]
[""]
[""]
[""]
[""]
[""]
[""]
[""]
[""]
[""]
[""]
[""]
[""]
[""]
[""]
[""]
[""]
[""]
[""]
[""]
[""]
[""]
[""]
[""]
[""]
[""]
[""]
[""]
[""]
[""]
[""]
[""]
[""]
[""]
[""]
[""]
[""]
[""]
[""]
[""]
[""]
[""]
[""]
[""]
[""]
[""]
[""]
[""]
[""]
[""]
[""]
[""]
[""]
[""]
[""]
[""]
[""]
[""]
[""]
[""]
[""]
[""]
[""]
[""]
[{"$f":"IF(AND(B40323<>\"\",B40324<>\"\"),A40323+1,\"\")","v":""}]
[""]
[""]
[""]
[""]
[""]
[""]
[""]
[""]
[""]
[""]
[""]
[""]
[""]
[""]
[""]
[""]
[""]
[""]
[""]
[""]
[""]
[""]
[""]
[""]
[""]
[""]
[""]
[""]
[""]
[""]
[""]
[""]
[""]
[""]
[""]
[""]
[""]
[""]
[""]
[""]
[""]
[""]
[""]
[""]
[""]
[""]
[""]
[""]
[""]
[""]
[""]
[""]
[""]
[""]
[""]
[""]
[""]
[""]
[""]
[""]
[""]
[""]
[""]
[{"$f":"IF(AND(B40387<>\"\",B40388<>\"\"),A40387+1,\"\")","v":""}]
[""]
[""]
[""]
[""]
[""]
[""]
[""]
[""]
[""]
[""]
[""]
[""]
[""]
[""]
[""]
[""]
[""]
[""]
[""]
[""]
[""]
[""]
[""]
[""]
[""]
[""]
[""]
[""]
[""]
[""]
[""]
[""]
[""]
[""]
[""]
[""]
[""]
[""]
[""]
[""]
[""]
[""]
[""]
[""]
[""]
[""]
[""]
[""]
[""]
[""]
[""]
[""]
[""]
[""]
[""]
[""]
[""]
[""]
[""]
[""]
[""]
[""]
[""]
[{"$f":"IF(AND(B40451<>\"\",B40452<>\"\"),A40451+1,\"\")","v":""}]
[""]
[""]
[""]
[""]
[""]
[""]
[""]
[""]
[""]
[""]
[""]
[""]
[""]
[""]
[""]
[""]
[""]
[""]
[""]
[""]
[""]
[""]
[""]
[""]
[""]
[""]
[""]
[""]
[""]
[""]
[""]
[""]
[""]
[""]
[""]
[""]
[""]
[""]
[""]
[""]
[""]
[""]
[""]
[""]
[""]
[""]
[""]
[""]
[""]
[""]
[""]
[""]
[""]
[""]
[""]
[""]
[""]
[""]
[""]
[""]
[""]
[""]
[""]
[{"$f":"IF(AND(B40515<>\"\",B40516<>\"\"),A40515+1,\"\")","v":""}]
[""]
[""]
[""]
[""]
[""]
[""]
[""]
[""]
[""]
[""]
[""]
[""]
[""]
[""]
[""]
[""]
[""]
[""]
[""]
[""]
[""]
[""]
[""]
[""]
[""]
[""]
[""]
[""]
[""]
[""]
[""]
[""]
[""]
[""]
[""]
[""]
[""]
[""]
[""]
[""]
[""]
[""]
[""]
[""]
[""]
[""]
[""]
[""]
[""]
[""]
[""]
[""]
[""]
[""]
[""]
[""]
[""]
[""]
[""]
[""]
[""]
[""]
[""]
[{"$f":"IF(AND(B40579<>\"\",B40580<>\"\"),A40579+1,\"\")","v":""}]
[""]
[""]
[""]
[""]
[""]
[""]
[""]
[""]
[""]
[""]
[""]
[""]
[""]
[""]
[""]
[""]
[""]
[""]
[""]
[""]
[""]
[""]
[""]
[""]
[""]
[""]
[""]
[""]
[""]
[""]
[""]
[""]
[""]
[""]
[""]
[""]
[""]
[""]
[""]
[""]
[""]
[""]
[""]
[""]
[""]
[""]
[""]
[""]
[""]
[""]
[""]
[""]
[""]
[""]
[""]
[""]
[""]
[""]
[""]
[""]
[""]
[""]
[""]
[{"$f":"IF(AND(B40643<>\"\",B40644<>\"\"),A40643+1,\"\")","v":""}]
[""]
[""]
[""]
[""]
[""]
[""]
[""]
[""]
[""]
[""]
[""]
[""]
[""]
[""]
[""]
[""]
[""]
[""]
[""]
[""]
[""]
[""]
[""]
[""]
[""]
[""]
[""]
[""]
[""]
[""]
[""]
[""]
[""]
[""]
[""]
[""]
[""]
[""]
[""]
[""]
[""]
[""]
[""]
[""]
[""]
[""]
[""]
[""]
[""]
[""]
[""]
[""]
[""]
[""]
[""]
[""]
[""]
[""]
[""]
[""]
[""]
[""]
[""]
[{"$f":"IF(AND(B40707<>\"\",B40708<>\"\"),A40707+1,\"\")","v":""}]
[""]
[""]
[""]
[""]
[""]
[""]
[""]
[""]
[""]
[""]
[""]
[""]
[""]
[""]
[""]
[""]
[""]
[""]
[""]
[""]
[""]
[""]
[""]
[""]
[""]
[""]
[""]
[""]
[""]
[""]
[""]
[""]
[""]
[""]
[""]
[""]
[""]
[""]
[""]
[""]
[""]
[""]
[""]
[""]
[""]
[""]
[""]
[""]
[""]
[""]
[""]
[""]
[""]
[""]
[""]
[""]
[""]
[""]
[""]
[""]
[""]
[""]
[""]
[{"$f":"IF(AND(B40771<>\"\",B40772<>\"\"),A40771+1,\"\")","v":""}]
[""]
[""]
[""]
[""]
[""]
[""]
[""]
[""]
[""]
[""]
[""]
[""]
[""]
[""]
[""]
[""]
[""]
[""]
[""]
[""]
[""]
[""]
[""]
[""]
[""]
[""]
[""]
[""]
[""]
[""]
[""]
[""]
[""]
[""]
[""]
[""]
[""]
[""]
[""]
[""]
[""]
[""]
[""]
[""]
[""]
[""]
[""]
[""]
[""]
[""]
[""]
[""]
[""]
[""]
[""]
[""]
[""]
[""]
[""]
[""]
[""]
[""]
[""]
[{"$f":"IF(AND(B40835<>\"\",B40836<>\"\"),A40835+1,\"\")","v":""}]
[""]
[""]
[""]
[""]
[""]
[""]
[""]
[""]
[""]
[""]
[""]
[""]
[""]
[""]
[""]
[""]
[""]
[""]
[""]
[""]
[""]
[""]
[""]
[""]
[""]
[""]
[""]
[""]
[""]
[""]
[""]
[""]
[""]
[""]
[""]
[""]
[""]
[""]
[""]
[""]
[""]
[""]
[""]
[""]
[""]
[""]
[""]
[""]
[""]
[""]
[""]
[""]
[""]
[""]
[""]
[""]
[""]
[""]
[""]
[""]
[""]
[""]
[""]
[{"$f":"IF(AND(B40899<>\"\",B40900<>\"\"),A40899+1,\"\")","v":""}]
[""]
[""]
[""]
[""]
[""]
[""]
[""]
[""]
[""]
[""]
[""]
[""]
[""]
[""]
[""]
[""]
[""]
[""]
[""]
[""]
[""]
[""]
[""]
[""]
[""]
[""]
[""]
[""]
[""]
[""]
[""]
[""]
[""]
[""]
[""]
[""]
[""]
[""]
[""]
[""]
[""]
[""]
[""]
[""]
[""]
[""]
[""]
[""]
[""]
[""]
[""]
[""]
[""]
[""]
[""]
[""]
[""]
[""]
[""]
[""]
[""]
[""]
[""]
[{"$f":"IF(AND(B40963<>\"\",B40964<>\"\"),A40963+1,\"\")","v":""}]
[""]
[""]
[""]
[""]
[""]
[""]
[""]
[""]
[""]
[""]
[""]
[""]
[""]
[""]
[""]
[""]
[""]
[""]
[""]
[""]
[""]
[""]
[""]
[""]
[""]
[""]
[""]
[""]
[""]
[""]
[""]
[""]
[""]
[""]
[""]
[""]
[""]
[""]
[""]
[""]
[""]
[""]
[""]
[""]
[""]
[""]
[""]
[""]
[""]
[""]
[""]
[""]
[""]
[""]
[""]
[""]
[""]
[""]
[""]
[""]
[""]
[""]
[""]
[{"$f":"IF(AND(B41027<>\"\",B41028<>\"\"),A41027+1,\"\")","v":""}]
[""]
[""]
[""]
[""]
[""]
[""]
[""]
[""]
[""]
[""]
[""]
[""]
[""]
[""]
[""]
[""]
[""]
[""]
[""]
[""]
[""]
[""]
[""]
[""]
[""]
[""]
[""]
[""]
[""]
[""]
[""]
[""]
[""]
[""]
[""]
[""]
[""]
[""]
[""]
[""]
[""]
[""]
[""]
[""]
[""]
[""]
[""]
[""]
[""]
[""]
[""]
[""]
[""]
[""]
[""]
[""]
[""]
[""]
[""]
[""]
[""]
[""]
[""]
[{"$f":"IF(AND(B41091<>\"\",B41092<>\"\"),A41091+1,\"\")","v":""}]
[""]
[""]
[""]
[""]
[""]
[""]
[""]
[""]
[""]
[""]
[""]
[""]
[""]
[""]
[""]
[""]
[""]
[""]
[""]
[""]
[""]
[""]
[""]
[""]
[""]
[""]
[""]
[""]
[""]
[""]
[""]
[""]
[""]
[""]
[""]
[""]
[""]
[""]
[""]
[""]
[""]
[""]
[""]
[""]
[""]
[""]
[""]
[""]
[""]
[""]
[""]
[""]
[""]
[""]
[""]
[""]
[""]
[""]
[""]
[""]
[""]
[""]
[""]
[{"$f":"IF(AND(B41155<>\"\",B41156<>\"\"),A41155+1,\"\")","v":""}]
[""]
[""]
[""]
[""]
[""]
[""]
[""]
[""]
[""]
[""]
[""]
[""]
[""]
[""]
[""]
[""]
[""]
[""]
[""]
[""]
[""]
[""]
[""]
[""]
[""]
[""]
[""]
[""]
[""]
[""]
[""]
[""]
[""]
[""]
[""]
[""]
[""]
[""]
[""]
[""]
[""]
[""]
[""]
[""]
[""]
[""]
[""]
[""]
[""]
[""]
[""]
[""]
[""]
[""]
[""]
[""]
[""]
[""]
[""]
[""]
[""]
[""]
[""]
[{"$f":"IF(AND(B41219<>\"\",B41220<>\"\"),A41219+1,\"\")","v":""}]
[""]
[""]
[""]
[""]
[""]
[""]
[""]
[""]
[""]
[""]
[""]
[""]
[""]
[""]
[""]
[""]
[""]
[""]
[""]
[""]
[""]
[""]
[""]
[""]
[""]
[""]
[""]
[""]
[""]
[""]
[""]
[""]
[""]
[""]
[""]
[""]
[""]
[""]
[""]
[""]
[""]
[""]
[""]
[""]
[""]
[""]
[""]
[""]
[""]
[""]
[""]
[""]
[""]
[""]
[""]
[""]
[""]
[""]
[""]
[""]
[""]
[""]
[""]
[{"$f":"IF(AND(B41283<>\"\",B41284<>\"\"),A41283+1,\"\")","v":""}]
[""]
[""]
[""]
[""]
[""]
[""]
[""]
[""]
[""]
[""]
[""]
[""]
[""]
[""]
[""]
[""]
[""]
[""]
[""]
[""]
[""]
[""]
[""]
[""]
[""]
[""]
[""]
[""]
[""]
[""]
[""]
[""]
[""]
[""]
[""]
[""]
[""]
[""]
[""]
[""]
[""]
[""]
[""]
[""]
[""]
[""]
[""]
[""]
[""]
[""]
[""]
[""]
[""]
[""]
[""]
[""]
[""]
[""]
[""]
[""]
[""]
[""]
[""]
[{"$f":"IF(AND(B41347<>\"\",B41348<>\"\"),A41347+1,\"\")","v":""}]
[""]
[""]
[""]
[""]
[""]
[""]
[""]
[""]
[""]
[""]
[""]
[""]
[""]
[""]
[""]
[""]
[""]
[""]
[""]
[""]
[""]
[""]
[""]
[""]
[""]
[""]
[""]
[""]
[""]
[""]
[""]
[""]
[""]
[""]
[""]
[""]
[""]
[""]
[""]
[""]
[""]
[""]
[""]
[""]
[""]
[""]
[""]
[""]
[""]
[""]
[""]
[""]
[""]
[""]
[""]
[""]
[""]
[""]
[""]
[""]
[""]
[""]
[""]
[{"$f":"IF(AND(B41411<>\"\",B41412<>\"\"),A41411+1,\"\")","v":""}]
[""]
[""]
[""]
[""]
[""]
[""]
[""]
[""]
[""]
[""]
[""]
[""]
[""]
[""]
[""]
[""]
[""]
[""]
[""]
[""]
[""]
[""]
[""]
[""]
[""]
[""]
[""]
[""]
[""]
[""]
[""]
[""]
[""]
[""]
[""]
[""]
[""]
[""]
[""]
[""]
[""]
[""]
[""]
[""]
[""]
[""]
[""]
[""]
[""]
[""]
[""]
[""]
[""]
[""]
[""]
[""]
[""]
[""]
[""]
[""]
[""]
[""]
[""]
[{"$f":"IF(AND(B41475<>\"\",B41476<>\"\"),A41475+1,\"\")","v":""}]
[""]
[""]
[""]
[""]
[""]
[""]
[""]
[""]
[""]
[""]
[""]
[""]
[""]
[""]
[""]
[""]
[""]
[""]
[""]
[""]
[""]
[""]
[""]
[""]
[""]
[""]
[""]
[""]
[""]
[""]
[""]
[""]
[""]
[""]
[""]
[""]
[""]
[""]
[""]
[""]
[""]
[""]
[""]
[""]
[""]
[""]
[""]
[""]
[""]
[""]
[""]
[""]
[""]
[""]
[""]
[""]
[""]
[""]
[""]
[""]
[""]
[""]
[""]
[{"$f":"IF(AND(B41539<>\"\",B41540<>\"\"),A41539+1,\"\")","v":""}]
[""]
[""]
[""]
[""]
[""]
[""]
[""]
[""]
[""]
[""]
[""]
[""]
[""]
[""]
[""]
[""]
[""]
[""]
[""]
[""]
[""]
[""]
[""]
[""]
[""]
[""]
[""]
[""]
[""]
[""]
[""]
[""]
[""]
[""]
[""]
[""]
[""]
[""]
[""]
[""]
[""]
[""]
[""]
[""]
[""]
[""]
[""]
[""]
[""]
[""]
[""]
[""]
[""]
[""]
[""]
[""]
[""]
[""]
[""]
[""]
[""]
[""]
[""]
[{"$f":"IF(AND(B41603<>\"\",B41604<>\"\"),A41603+1,\"\")","v":""}]
[""]
[""]
[""]
[""]
[""]
[""]
[""]
[""]
[""]
[""]
[""]
[""]
[""]
[""]
[""]
[""]
[""]
[""]
[""]
[""]
[""]
[""]
[""]
[""]
[""]
[""]
[""]
[""]
[""]
[""]
[""]
[""]
[""]
[""]
[""]
[""]
[""]
[""]
[""]
[""]
[""]
[""]
[""]
[""]
[""]
[""]
[""]
[""]
[""]
[""]
[""]
[""]
[""]
[""]
[""]
[""]
[""]
[""]
[""]
[""]
[""]
[""]
[""]
[{"$f":"IF(AND(B41667<>\"\",B41668<>\"\"),A41667+1,\"\")","v":""}]
[""]
[""]
[""]
[""]
[""]
[""]
[""]
[""]
[""]
[""]
[""]
[""]
[""]
[""]
[""]
[""]
[""]
[""]
[""]
[""]
[""]
[""]
[""]
[""]
[""]
[""]
[""]
[""]
[""]
[""]
[""]
[""]
[""]
[""]
[""]
[""]
[""]
[""]
[""]
[""]
[""]
[""]
[""]
[""]
[""]
[""]
[""]
[""]
[""]
[""]
[""]
[""]
[""]
[""]
[""]
[""]
[""]
[""]
[""]
[""]
[""]
[""]
[""]
[{"$f":"IF(AND(B41731<>\"\",B41732<>\"\"),A41731+1,\"\")","v":""}]
[""]
[""]
[""]
[""]
[""]
[""]
[""]
[""]
[""]
[""]
[""]
[""]
[""]
[""]
[""]
[""]
[""]
[""]
[""]
[""]
[""]
[""]
[""]
[""]
[""]
[""]
[""]
[""]
[""]
[""]
[""]
[""]
[""]
[""]
[""]
[""]
[""]
[""]
[""]
[""]
[""]
[""]
[""]
[""]
[""]
[""]
[""]
[""]
[""]
[""]
[""]
[""]
[""]
[""]
[""]
[""]
[""]
[""]
[""]
[""]
[""]
[""]
[""]
[{"$f":"IF(AND(B41795<>\"\",B41796<>\"\"),A41795+1,\"\")","v":""}]
[""]
[""]
[""]
[""]
[""]
[""]
[""]
[""]
[""]
[""]
[""]
[""]
[""]
[""]
[""]
[""]
[""]
[""]
[""]
[""]
[""]
[""]
[""]
[""]
[""]
[""]
[""]
[""]
[""]
[""]
[""]
[""]
[""]
[""]
[""]
[""]
[""]
[""]
[""]
[""]
[""]
[""]
[""]
[""]
[""]
[""]
[""]
[""]
[""]
[""]
[""]
[""]
[""]
[""]
[""]
[""]
[""]
[""]
[""]
[""]
[""]
[""]
[""]
[{"$f":"IF(AND(B41859<>\"\",B41860<>\"\"),A41859+1,\"\")","v":""}]
[""]
[""]
[""]
[""]
[""]
[""]
[""]
[""]
[""]
[""]
[""]
[""]
[""]
[""]
[""]
[""]
[""]
[""]
[""]
[""]
[""]
[""]
[""]
[""]
[""]
[""]
[""]
[""]
[""]
[""]
[""]
[""]
[""]
[""]
[""]
[""]
[""]
[""]
[""]
[""]
[""]
[""]
[""]
[""]
[""]
[""]
[""]
[""]
[""]
[""]
[""]
[""]
[""]
[""]
[""]
[""]
[""]
[""]
[""]
[""]
[""]
[""]
[""]
[{"$f":"IF(AND(B41923<>\"\",B41924<>\"\"),A41923+1,\"\")","v":""}]
[""]
[""]
[""]
[""]
[""]
[""]
[""]
[""]
[""]
[""]
[""]
[""]
[""]
[""]
[""]
[""]
[""]
[""]
[""]
[""]
[""]
[""]
[""]
[""]
[""]
[""]
[""]
[""]
[""]
[""]
[""]
[""]
[""]
[""]
[""]
[""]
[""]
[""]
[""]
[""]
[""]
[""]
[""]
[""]
[""]
[""]
[""]
[""]
[""]
[""]
[""]
[""]
[""]
[""]
[""]
[""]
[""]
[""]
[""]
[""]
[""]
[""]
[""]
[{"$f":"IF(AND(B41987<>\"\",B41988<>\"\"),A41987+1,\"\")","v":""}]
[""]
[""]
[""]
[""]
[""]
[""]
[""]
[""]
[""]
[""]
[""]
[""]
[""]
[""]
[""]
[""]
[""]
[""]
[""]
[""]
[""]
[""]
[""]
[""]
[""]
[""]
[""]
[""]
[""]
[""]
[""]
[""]
[""]
[""]
[""]
[""]
[""]
[""]
[""]
[""]
[""]
[""]
[""]
[""]
[""]
[""]
[""]
[""]
[""]
[""]
[""]
[""]
[""]
[""]
[""]
[""]
[""]
[""]
[""]
[""]
[""]
[""]
[""]
[{"$f":"IF(AND(B42051<>\"\",B42052<>\"\"),A42051+1,\"\")","v":""}]
[""]
[""]
[""]
[""]
[""]
[""]
[""]
[""]
[""]
[""]
[""]
[""]
[""]
[""]
[""]
[""]
[""]
[""]
[""]
[""]
[""]
[""]
[""]
[""]
[""]
[""]
[""]
[""]
[""]
[""]
[""]
[""]
[""]
[""]
[""]
[""]
[""]
[""]
[""]
[""]
[""]
[""]
[""]
[""]
[""]
[""]
[""]
[""]
[""]
[""]
[""]
[""]
[""]
[""]
[""]
[""]
[""]
[""]
[""]
[""]
[""]
[""]
[""]
[{"$f":"IF(AND(B42115<>\"\",B42116<>\"\"),A42115+1,\"\")","v":""}]
[""]
[""]
[""]
[""]
[""]
[""]
[""]
[""]
[""]
[""]
[""]
[""]
[""]
[""]
[""]
[""]
[""]
[""]
[""]
[""]
[""]
[""]
[""]
[""]
[""]
[""]
[""]
[""]
[""]
[""]
[""]
[""]
[""]
[""]
[""]
[""]
[""]
[""]
[""]
[""]
[""]
[""]
[""]
[""]
[""]
[""]
[""]
[""]
[""]
[""]
[""]
[""]
[""]
[""]
[""]
[""]
[""]
[""]
[""]
[""]
[""]
[""]
[""]
[{"$f":"IF(AND(B42179<>\"\",B42180<>\"\"),A42179+1,\"\")","v":""}]
[""]
[""]
[""]
[""]
[""]
[""]
[""]
[""]
[""]
[""]
[""]
[""]
[""]
[""]
[""]
[""]
[""]
[""]
[""]
[""]
[""]
[""]
[""]
[""]
[""]
[""]
[""]
[""]
[""]
[""]
[""]
[""]
[""]
[""]
[""]
[""]
[""]
[""]
[""]
[""]
[""]
[""]
[""]
[""]
[""]
[""]
[""]
[""]
[""]
[""]
[""]
[""]
[""]
[""]
[""]
[""]
[""]
[""]
[""]
[""]
[""]
[""]
[""]
[{"$f":"IF(AND(B42243<>\"\",B42244<>\"\"),A42243+1,\"\")","v":""}]
[""]
[""]
[""]
[""]
[""]
[""]
[""]
[""]
[""]
[""]
[""]
[""]
[""]
[""]
[""]
[""]
[""]
[""]
[""]
[""]
[""]
[""]
[""]
[""]
[""]
[""]
[""]
[""]
[""]
[""]
[""]
[""]
[""]
[""]
[""]
[""]
[""]
[""]
[""]
[""]
[""]
[""]
[""]
[""]
[""]
[""]
[""]
[""]
[""]
[""]
[""]
[""]
[""]
[""]
[""]
[""]
[""]
[""]
[""]
[""]
[""]
[""]
[""]
[{"$f":"IF(AND(B42307<>\"\",B42308<>\"\"),A42307+1,\"\")","v":""}]
[""]
[""]
[""]
[""]
[""]
[""]
[""]
[""]
[""]
[""]
[""]
[""]
[""]
[""]
[""]
[""]
[""]
[""]
[""]
[""]
[""]
[""]
[""]
[""]
[""]
[""]
[""]
[""]
[""]
[""]
[""]
[""]
[""]
[""]
[""]
[""]
[""]
[""]
[""]
[""]
[""]
[""]
[""]
[""]
[""]
[""]
[""]
[""]
[""]
[""]
[""]
[""]
[""]
[""]
[""]
[""]
[""]
[""]
[""]
[""]
[""]
[""]
[""]
[{"$f":"IF(AND(B42371<>\"\",B42372<>\"\"),A42371+1,\"\")","v":""}]
[""]
[""]
[""]
[""]
[""]
[""]
[""]
[""]
[""]
[""]
[""]
[""]
[""]
[""]
[""]
[""]
[""]
[""]
[""]
[""]
[""]
[""]
[""]
[""]
[""]
[""]
[""]
[""]
[""]
[""]
[""]
[""]
[""]
[""]
[""]
[""]
[""]
[""]
[""]
[""]
[""]
[""]
[""]
[""]
[""]
[""]
[""]
[""]
[""]
[""]
[""]
[""]
[""]
[""]
[""]
[""]
[""]
[""]
[""]
[""]
[""]
[""]
[""]
[{"$f":"IF(AND(B42435<>\"\",B42436<>\"\"),A42435+1,\"\")","v":""}]
[""]
[""]
[""]
[""]
[""]
[""]
[""]
[""]
[""]
[""]
[""]
[""]
[""]
[""]
[""]
[""]
[""]
[""]
[""]
[""]
[""]
[""]
[""]
[""]
[""]
[""]
[""]
[""]
[""]
[""]
[""]
[""]
[""]
[""]
[""]
[""]
[""]
[""]
[""]
[""]
[""]
[""]
[""]
[""]
[""]
[""]
[""]
[""]
[""]
[""]
[""]
[""]
[""]
[""]
[""]
[""]
[""]
[""]
[""]
[""]
[""]
[""]
[""]
[{"$f":"IF(AND(B42499<>\"\",B42500<>\"\"),A42499+1,\"\")","v":""}]
[""]
[""]
[""]
[""]
[""]
[""]
[""]
[""]
[""]
[""]
[""]
[""]
[""]
[""]
[""]
[""]
[""]
[""]
[""]
[""]
[""]
[""]
[""]
[""]
[""]
[""]
[""]
[""]
[""]
[""]
[""]
[""]
[""]
[""]
[""]
[""]
[""]
[""]
[""]
[""]
[""]
[""]
[""]
[""]
[""]
[""]
[""]
[""]
[""]
[""]
[""]
[""]
[""]
[""]
[""]
[""]
[""]
[""]
[""]
[""]
[""]
[""]
[""]
[{"$f":"IF(AND(B42563<>\"\",B42564<>\"\"),A42563+1,\"\")","v":""}]
[""]
[""]
[""]
[""]
[""]
[""]
[""]
[""]
[""]
[""]
[""]
[""]
[""]
[""]
[""]
[""]
[""]
[""]
[""]
[""]
[""]
[""]
[""]
[""]
[""]
[""]
[""]
[""]
[""]
[""]
[""]
[""]
[""]
[""]
[""]
[""]
[""]
[""]
[""]
[""]
[""]
[""]
[""]
[""]
[""]
[""]
[""]
[""]
[""]
[""]
[""]
[""]
[""]
[""]
[""]
[""]
[""]
[""]
[""]
[""]
[""]
[""]
[""]
[{"$f":"IF(AND(B42627<>\"\",B42628<>\"\"),A42627+1,\"\")","v":""}]
[""]
[""]
[""]
[""]
[""]
[""]
[""]
[""]
[""]
[""]
[""]
[""]
[""]
[""]
[""]
[""]
[""]
[""]
[""]
[""]
[""]
[""]
[""]
[""]
[""]
[""]
[""]
[""]
[""]
[""]
[""]
[""]
[""]
[""]
[""]
[""]
[""]
[""]
[""]
[""]
[""]
[""]
[""]
[""]
[""]
[""]
[""]
[""]
[""]
[""]
[""]
[""]
[""]
[""]
[""]
[""]
[""]
[""]
[""]
[""]
[""]
[""]
[""]
[{"$f":"IF(AND(B42691<>\"\",B42692<>\"\"),A42691+1,\"\")","v":""}]
[""]
[""]
[""]
[""]
[""]
[""]
[""]
[""]
[""]
[""]
[""]
[""]
[""]
[""]
[""]
[""]
[""]
[""]
[""]
[""]
[""]
[""]
[""]
[""]
[""]
[""]
[""]
[""]
[""]
[""]
[""]
[""]
[""]
[""]
[""]
[""]
[""]
[""]
[""]
[""]
[""]
[""]
[""]
[""]
[""]
[""]
[""]
[""]
[""]
[""]
[""]
[""]
[""]
[""]
[""]
[""]
[""]
[""]
[""]
[""]
[""]
[""]
[""]
[{"$f":"IF(AND(B42755<>\"\",B42756<>\"\"),A42755+1,\"\")","v":""}]
[""]
[""]
[""]
[""]
[""]
[""]
[""]
[""]
[""]
[""]
[""]
[""]
[""]
[""]
[""]
[""]
[""]
[""]
[""]
[""]
[""]
[""]
[""]
[""]
[""]
[""]
[""]
[""]
[""]
[""]
[""]
[""]
[""]
[""]
[""]
[""]
[""]
[""]
[""]
[""]
[""]
[""]
[""]
[""]
[""]
[""]
[""]
[""]
[""]
[""]
[""]
[""]
[""]
[""]
[""]
[""]
[""]
[""]
[""]
[""]
[""]
[""]
[""]
[{"$f":"IF(AND(B42819<>\"\",B42820<>\"\"),A42819+1,\"\")","v":""}]
[""]
[""]
[""]
[""]
[""]
[""]
[""]
[""]
[""]
[""]
[""]
[""]
[""]
[""]
[""]
[""]
[""]
[""]
[""]
[""]
[""]
[""]
[""]
[""]
[""]
[""]
[""]
[""]
[""]
[""]
[""]
[""]
[""]
[""]
[""]
[""]
[""]
[""]
[""]
[""]
[""]
[""]
[""]
[""]
[""]
[""]
[""]
[""]
[""]
[""]
[""]
[""]
[""]
[""]
[""]
[""]
[""]
[""]
[""]
[""]
[""]
[""]
[""]
[{"$f":"IF(AND(B42883<>\"\",B42884<>\"\"),A42883+1,\"\")","v":""}]
[""]
[""]
[""]
[""]
[""]
[""]
[""]
[""]
[""]
[""]
[""]
[""]
[""]
[""]
[""]
[""]
[""]
[""]
[""]
[""]
[""]
[""]
[""]
[""]
[""]
[""]
[""]
[""]
[""]
[""]
[""]
[""]
[""]
[""]
[""]
[""]
[""]
[""]
[""]
[""]
[""]
[""]
[""]
[""]
[""]
[""]
[""]
[""]
[""]
[""]
[""]
[""]
[""]
[""]
[""]
[""]
[""]
[""]
[""]
[""]
[""]
[""]
[""]
[{"$f":"IF(AND(B42947<>\"\",B42948<>\"\"),A42947+1,\"\")","v":""}]
[""]
[""]
[""]
[""]
[""]
[""]
[""]
[""]
[""]
[""]
[""]
[""]
[""]
[""]
[""]
[""]
[""]
[""]
[""]
[""]
[""]
[""]
[""]
[""]
[""]
[""]
[""]
[""]
[""]
[""]
[""]
[""]
[""]
[""]
[""]
[""]
[""]
[""]
[""]
[""]
[""]
[""]
[""]
[""]
[""]
[""]
[""]
[""]
[""]
[""]
[""]
[""]
[""]
[""]
[""]
[""]
[""]
[""]
[""]
[""]
[""]
[""]
[""]
[{"$f":"IF(AND(B43011<>\"\",B43012<>\"\"),A43011+1,\"\")","v":""}]
[""]
[""]
[""]
[""]
[""]
[""]
[""]
[""]
[""]
[""]
[""]
[""]
[""]
[""]
[""]
[""]
[""]
[""]
[""]
[""]
[""]
[""]
[""]
[""]
[""]
[""]
[""]
[""]
[""]
[""]
[""]
[""]
[""]
[""]
[""]
[""]
[""]
[""]
[""]
[""]
[""]
[""]
[""]
[""]
[""]
[""]
[""]
[""]
[""]
[""]
[""]
[""]
[""]
[""]
[""]
[""]
[""]
[""]
[""]
[""]
[""]
[""]
[""]
[{"$f":"IF(AND(B43075<>\"\",B43076<>\"\"),A43075+1,\"\")","v":""}]
[""]
[""]
[""]
[""]
[""]
[""]
[""]
[""]
[""]
[""]
[""]
[""]
[""]
[""]
[""]
[""]
[""]
[""]
[""]
[""]
[""]
[""]
[""]
[""]
[""]
[""]
[""]
[""]
[""]
[""]
[""]
[""]
[""]
[""]
[""]
[""]
[""]
[""]
[""]
[""]
[""]
[""]
[""]
[""]
[""]
[""]
[""]
[""]
[""]
[""]
[""]
[""]
[""]
[""]
[""]
[""]
[""]
[""]
[""]
[""]
[""]
[""]
[""]
[{"$f":"IF(AND(B43139<>\"\",B43140<>\"\"),A43139+1,\"\")","v":""}]
[""]
[""]
[""]
[""]
[""]
[""]
[""]
[""]
[""]
[""]
[""]
[""]
[""]
[""]
[""]
[""]
[""]
[""]
[""]
[""]
[""]
[""]
[""]
[""]
[""]
[""]
[""]
[""]
[""]
[""]
[""]
[""]
[""]
[""]
[""]
[""]
[""]
[""]
[""]
[""]
[""]
[""]
[""]
[""]
[""]
[""]
[""]
[""]
[""]
[""]
[""]
[""]
[""]
[""]
[""]
[""]
[""]
[""]
[""]
[""]
[""]
[""]
[""]
[{"$f":"IF(AND(B43203<>\"\",B43204<>\"\"),A43203+1,\"\")","v":""}]
[""]
[""]
[""]
[""]
[""]
[""]
[""]
[""]
[""]
[""]
[""]
[""]
[""]
[""]
[""]
[""]
[""]
[""]
[""]
[""]
[""]
[""]
[""]
[""]
[""]
[""]
[""]
[""]
[""]
[""]
[""]
[""]
[""]
[""]
[""]
[""]
[""]
[""]
[""]
[""]
[""]
[""]
[""]
[""]
[""]
[""]
[""]
[""]
[""]
[""]
[""]
[""]
[""]
[""]
[""]
[""]
[""]
[""]
[""]
[""]
[""]
[""]
[""]
[{"$f":"IF(AND(B43267<>\"\",B43268<>\"\"),A43267+1,\"\")","v":""}]
[""]
[""]
[""]
[""]
[""]
[""]
[""]
[""]
[""]
[""]
[""]
[""]
[""]
[""]
[""]
[""]
[""]
[""]
[""]
[""]
[""]
[""]
[""]
[""]
[""]
[""]
[""]
[""]
[""]
[""]
[""]
[""]
[""]
[""]
[""]
[""]
[""]
[""]
[""]
[""]
[""]
[""]
[""]
[""]
[""]
[""]
[""]
[""]
[""]
[""]
[""]
[""]
[""]
[""]
[""]
[""]
[""]
[""]
[""]
[""]
[""]
[""]
[""]
[{"$f":"IF(AND(B43331<>\"\",B43332<>\"\"),A43331+1,\"\")","v":""}]
[""]
[""]
[""]
[""]
[""]
[""]
[""]
[""]
[""]
[""]
[""]
[""]
[""]
[""]
[""]
[""]
[""]
[""]
[""]
[""]
[""]
[""]
[""]
[""]
[""]
[""]
[""]
[""]
[""]
[""]
[""]
[""]
[""]
[""]
[""]
[""]
[""]
[""]
[""]
[""]
[""]
[""]
[""]
[""]
[""]
[""]
[""]
[""]
[""]
[""]
[""]
[""]
[""]
[""]
[""]
[""]
[""]
[""]
[""]
[""]
[""]
[""]
[""]
[{"$f":"IF(AND(B43395<>\"\",B43396<>\"\"),A43395+1,\"\")","v":""}]
[""]
[""]
[""]
[""]
[""]
[""]
[""]
[""]
[""]
[""]
[""]
[""]
[""]
[""]
[""]
[""]
[""]
[""]
[""]
[""]
[""]
[""]
[""]
[""]
[""]
[""]
[""]
[""]
[""]
[""]
[""]
[""]
[""]
[""]
[""]
[""]
[""]
[""]
[""]
[""]
[""]
[""]
[""]
[""]
[""]
[""]
[""]
[""]
[""]
[""]
[""]
[""]
[""]
[""]
[""]
[""]
[""]
[""]
[""]
[""]
[""]
[""]
[""]
[{"$f":"IF(AND(B43459<>\"\",B43460<>\"\"),A43459+1,\"\")","v":""}]
[""]
[""]
[""]
[""]
[""]
[""]
[""]
[""]
[""]
[""]
[""]
[""]
[""]
[""]
[""]
[""]
[""]
[""]
[""]
[""]
[""]
[""]
[""]
[""]
[""]
[""]
[""]
[""]
[""]
[""]
[""]
[""]
[""]
[""]
[""]
[""]
[""]
[""]
[""]
[""]
[""]
[""]
[""]
[""]
[""]
[""]
[""]
[""]
[""]
[""]
[""]
[""]
[""]
[""]
[""]
[""]
[""]
[""]
[""]
[""]
[""]
[""]
[""]
[{"$f":"IF(AND(B43523<>\"\",B43524<>\"\"),A43523+1,\"\")","v":""}]
[""]
[""]
[""]
[""]
[""]
[""]
[""]
[""]
[""]
[""]
[""]
[""]
[""]
[""]
[""]
[""]
[""]
[""]
[""]
[""]
[""]
[""]
[""]
[""]
[""]
[""]
[""]
[""]
[""]
[""]
[""]
[""]
[""]
[""]
[""]
[""]
[""]
[""]
[""]
[""]
[""]
[""]
[""]
[""]
[""]
[""]
[""]
[""]
[""]
[""]
[""]
[""]
[""]
[""]
[""]
[""]
[""]
[""]
[""]
[""]
[""]
[""]
[""]
[{"$f":"IF(AND(B43587<>\"\",B43588<>\"\"),A43587+1,\"\")","v":""}]
[""]
[""]
[""]
[""]
[""]
[""]
[""]
[""]
[""]
[""]
[""]
[""]
[""]
[""]
[""]
[""]
[""]
[""]
[""]
[""]
[""]
[""]
[""]
[""]
[""]
[""]
[""]
[""]
[""]
[""]
[""]
[""]
[""]
[""]
[""]
[""]
[""]
[""]
[""]
[""]
[""]
[""]
[""]
[""]
[""]
[""]
[""]
[""]
[""]
[""]
[""]
[""]
[""]
[""]
[""]
[""]
[""]
[""]
[""]
[""]
[""]
[""]
[""]
[{"$f":"IF(AND(B43651<>\"\",B43652<>\"\"),A43651+1,\"\")","v":""}]
[""]
[""]
[""]
[""]
[""]
[""]
[""]
[""]
[""]
[""]
[""]
[""]
[""]
[""]
[""]
[""]
[""]
[""]
[""]
[""]
[""]
[""]
[""]
[""]
[""]
[""]
[""]
[""]
[""]
[""]
[""]
[""]
[""]
[""]
[""]
[""]
[""]
[""]
[""]
[""]
[""]
[""]
[""]
[""]
[""]
[""]
[""]
[""]
[""]
[""]
[""]
[""]
[""]
[""]
[""]
[""]
[""]
[""]
[""]
[""]
[""]
[""]
[""]
[{"$f":"IF(AND(B43715<>\"\",B43716<>\"\"),A43715+1,\"\")","v":""}]
[""]
[""]
[""]
[""]
[""]
[""]
[""]
[""]
[""]
[""]
[""]
[""]
[""]
[""]
[""]
[""]
[""]
[""]
[""]
[""]
[""]
[""]
[""]
[""]
[""]
[""]
[""]
[""]
[""]
[""]
[""]
[""]
[""]
[""]
[""]
[""]
[""]
[""]
[""]
[""]
[""]
[""]
[""]
[""]
[""]
[""]
[""]
[""]
[""]
[""]
[""]
[""]
[""]
[""]
[""]
[""]
[""]
[""]
[""]
[""]
[""]
[""]
[""]
[{"$f":"IF(AND(B43779<>\"\",B43780<>\"\"),A43779+1,\"\")","v":""}]
[""]
[""]
[""]
[""]
[""]
[""]
[""]
[""]
[""]
[""]
[""]
[""]
[""]
[""]
[""]
[""]
[""]
[""]
[""]
[""]
[""]
[""]
[""]
[""]
[""]
[""]
[""]
[""]
[""]
[""]
[""]
[""]
[""]
[""]
[""]
[""]
[""]
[""]
[""]
[""]
[""]
[""]
[""]
[""]
[""]
[""]
[""]
[""]
[""]
[""]
[""]
[""]
[""]
[""]
[""]
[""]
[""]
[""]
[""]
[""]
[""]
[""]
[""]
[{"$f":"IF(AND(B43843<>\"\",B43844<>\"\"),A43843+1,\"\")","v":""}]
[""]
[""]
[""]
[""]
[""]
[""]
[""]
[""]
[""]
[""]
[""]
[""]
[""]
[""]
[""]
[""]
[""]
[""]
[""]
[""]
[""]
[""]
[""]
[""]
[""]
[""]
[""]
[""]
[""]
[""]
[""]
[""]
[""]
[""]
[""]
[""]
[""]
[""]
[""]
[""]
[""]
[""]
[""]
[""]
[""]
[""]
[""]
[""]
[""]
[""]
[""]
[""]
[""]
[""]
[""]
[""]
[""]
[""]
[""]
[""]
[""]
[""]
[""]
[{"$f":"IF(AND(B43907<>\"\",B43908<>\"\"),A43907+1,\"\")","v":""}]
[""]
[""]
[""]
[""]
[""]
[""]
[""]
[""]
[""]
[""]
[""]
[""]
[""]
[""]
[""]
[""]
[""]
[""]
[""]
[""]
[""]
[""]
[""]
[""]
[""]
[""]
[""]
[""]
[""]
[""]
[""]
[""]
[""]
[""]
[""]
[""]
[""]
[""]
[""]
[""]
[""]
[""]
[""]
[""]
[""]
[""]
[""]
[""]
[""]
[""]
[""]
[""]
[""]
[""]
[""]
[""]
[""]
[""]
[""]
[""]
[""]
[""]
[""]
[{"$f":"IF(AND(B43971<>\"\",B43972<>\"\"),A43971+1,\"\")","v":""}]
[""]
[""]
[""]
[""]
[""]
[""]
[""]
[""]
[""]
[""]
[""]
[""]
[""]
[""]
[""]
[""]
[""]
[""]
[""]
[""]
[""]
[""]
[""]
[""]
[""]
[""]
[""]
[""]
[""]
[""]
[""]
[""]
[""]
[""]
[""]
[""]
[""]
[""]
[""]
[""]
[""]
[""]
[""]
[""]
[""]
[""]
[""]
[""]
[""]
[""]
[""]
[""]
[""]
[""]
[""]
[""]
[""]
[""]
[""]
[""]
[""]
[""]
[""]
[{"$f":"IF(AND(B44035<>\"\",B44036<>\"\"),A44035+1,\"\")","v":""}]
[""]
[""]
[""]
[""]
[""]
[""]
[""]
[""]
[""]
[""]
[""]
[""]
[""]
[""]
[""]
[""]
[""]
[""]
[""]
[""]
[""]
[""]
[""]
[""]
[""]
[""]
[""]
[""]
[""]
[""]
[""]
[""]
[""]
[""]
[""]
[""]
[""]
[""]
[""]
[""]
[""]
[""]
[""]
[""]
[""]
[""]
[""]
[""]
[""]
[""]
[""]
[""]
[""]
[""]
[""]
[""]
[""]
[""]
[""]
[""]
[""]
[""]
[""]
[{"$f":"IF(AND(B44099<>\"\",B44100<>\"\"),A44099+1,\"\")","v":""}]
[""]
[""]
[""]
[""]
[""]
[""]
[""]
[""]
[""]
[""]
[""]
[""]
[""]
[""]
[""]
[""]
[""]
[""]
[""]
[""]
[""]
[""]
[""]
[""]
[""]
[""]
[""]
[""]
[""]
[""]
[""]
[""]
[""]
[""]
[""]
[""]
[""]
[""]
[""]
[""]
[""]
[""]
[""]
[""]
[""]
[""]
[""]
[""]
[""]
[""]
[""]
[""]
[""]
[""]
[""]
[""]
[""]
[""]
[""]
[""]
[""]
[""]
[""]
[{"$f":"IF(AND(B44163<>\"\",B44164<>\"\"),A44163+1,\"\")","v":""}]
[""]
[""]
[""]
[""]
[""]
[""]
[""]
[""]
[""]
[""]
[""]
[""]
[""]
[""]
[""]
[""]
[""]
[""]
[""]
[""]
[""]
[""]
[""]
[""]
[""]
[""]
[""]
[""]
[""]
[""]
[""]
[""]
[""]
[""]
[""]
[""]
[""]
[""]
[""]
[""]
[""]
[""]
[""]
[""]
[""]
[""]
[""]
[""]
[""]
[""]
[""]
[""]
[""]
[""]
[""]
[""]
[""]
[""]
[""]
[""]
[""]
[""]
[""]
[{"$f":"IF(AND(B44227<>\"\",B44228<>\"\"),A44227+1,\"\")","v":""}]
[""]
[""]
[""]
[""]
[""]
[""]
[""]
[""]
[""]
[""]
[""]
[""]
[""]
[""]
[""]
[""]
[""]
[""]
[""]
[""]
[""]
[""]
[""]
[""]
[""]
[""]
[""]
[""]
[""]
[""]
[""]
[""]
[""]
[""]
[""]
[""]
[""]
[""]
[""]
[""]
[""]
[""]
[""]
[""]
[""]
[""]
[""]
[""]
[""]
[""]
[""]
[""]
[""]
[""]
[""]
[""]
[""]
[""]
[""]
[""]
[""]
[""]
[""]
[{"$f":"IF(AND(B44291<>\"\",B44292<>\"\"),A44291+1,\"\")","v":""}]
[""]
[""]
[""]
[""]
[""]
[""]
[""]
[""]
[""]
[""]
[""]
[""]
[""]
[""]
[""]
[""]
[""]
[""]
[""]
[""]
[""]
[""]
[""]
[""]
[""]
[""]
[""]
[""]
[""]
[""]
[""]
[""]
[""]
[""]
[""]
[""]
[""]
[""]
[""]
[""]
[""]
[""]
[""]
[""]
[""]
[""]
[""]
[""]
[""]
[""]
[""]
[""]
[""]
[""]
[""]
[""]
[""]
[""]
[""]
[""]
[""]
[""]
[""]
[{"$f":"IF(AND(B44355<>\"\",B44356<>\"\"),A44355+1,\"\")","v":""}]
[""]
[""]
[""]
[""]
[""]
[""]
[""]
[""]
[""]
[""]
[""]
[""]
[""]
[""]
[""]
[""]
[""]
[""]
[""]
[""]
[""]
[""]
[""]
[""]
[""]
[""]
[""]
[""]
[""]
[""]
[""]
[""]
[""]
[""]
[""]
[""]
[""]
[""]
[""]
[""]
[""]
[""]
[""]
[""]
[""]
[""]
[""]
[""]
[""]
[""]
[""]
[""]
[""]
[""]
[""]
[""]
[""]
[""]
[""]
[""]
[""]
[""]
[""]
[{"$f":"IF(AND(B44419<>\"\",B44420<>\"\"),A44419+1,\"\")","v":""}]
[""]
[""]
[""]
[""]
[""]
[""]
[""]
[""]
[""]
[""]
[""]
[""]
[""]
[""]
[""]
[""]
[""]
[""]
[""]
[""]
[""]
[""]
[""]
[""]
[""]
[""]
[""]
[""]
[""]
[""]
[""]
[""]
[""]
[""]
[""]
[""]
[""]
[""]
[""]
[""]
[""]
[""]
[""]
[""]
[""]
[""]
[""]
[""]
[""]
[""]
[""]
[""]
[""]
[""]
[""]
[""]
[""]
[""]
[""]
[""]
[""]
[""]
[""]
[{"$f":"IF(AND(B44483<>\"\",B44484<>\"\"),A44483+1,\"\")","v":""}]
[""]
[""]
[""]
[""]
[""]
[""]
[""]
[""]
[""]
[""]
[""]
[""]
[""]
[""]
[""]
[""]
[""]
[""]
[""]
[""]
[""]
[""]
[""]
[""]
[""]
[""]
[""]
[""]
[""]
[""]
[""]
[""]
[""]
[""]
[""]
[""]
[""]
[""]
[""]
[""]
[""]
[""]
[""]
[""]
[""]
[""]
[""]
[""]
[""]
[""]
[""]
[""]
[""]
[""]
[""]
[""]
[""]
[""]
[""]
[""]
[""]
[""]
[""]
[{"$f":"IF(AND(B44547<>\"\",B44548<>\"\"),A44547+1,\"\")","v":""}]
[""]
[""]
[""]
[""]
[""]
[""]
[""]
[""]
[""]
[""]
[""]
[""]
[""]
[""]
[""]
[""]
[""]
[""]
[""]
[""]
[""]
[""]
[""]
[""]
[""]
[""]
[""]
[""]
[""]
[""]
[""]
[""]
[""]
[""]
[""]
[""]
[""]
[""]
[""]
[""]
[""]
[""]
[""]
[""]
[""]
[""]
[""]
[""]
[""]
[""]
[""]
[""]
[""]
[""]
[""]
[""]
[""]
[""]
[""]
[""]
[""]
[""]
[""]
[{"$f":"IF(AND(B44611<>\"\",B44612<>\"\"),A44611+1,\"\")","v":""}]
[""]
[""]
[""]
[""]
[""]
[""]
[""]
[""]
[""]
[""]
[""]
[""]
[""]
[""]
[""]
[""]
[""]
[""]
[""]
[""]
[""]
[""]
[""]
[""]
[""]
[""]
[""]
[""]
[""]
[""]
[""]
[""]
[""]
[""]
[""]
[""]
[""]
[""]
[""]
[""]
[""]
[""]
[""]
[""]
[""]
[""]
[""]
[""]
[""]
[""]
[""]
[""]
[""]
[""]
[""]
[""]
[""]
[""]
[""]
[""]
[""]
[""]
[""]
[{"$f":"IF(AND(B44675<>\"\",B44676<>\"\"),A44675+1,\"\")","v":""}]
[""]
[""]
[""]
[""]
[""]
[""]
[""]
[""]
[""]
[""]
[""]
[""]
[""]
[""]
[""]
[""]
[""]
[""]
[""]
[""]
[""]
[""]
[""]
[""]
[""]
[""]
[""]
[""]
[""]
[""]
[""]
[""]
[""]
[""]
[""]
[""]
[""]
[""]
[""]
[""]
[""]
[""]
[""]
[""]
[""]
[""]
[""]
[""]
[""]
[""]
[""]
[""]
[""]
[""]
[""]
[""]
[""]
[""]
[""]
[""]
[""]
[""]
[""]
[{"$f":"IF(AND(B44739<>\"\",B44740<>\"\"),A44739+1,\"\")","v":""}]
[""]
[""]
[""]
[""]
[""]
[""]
[""]
[""]
[""]
[""]
[""]
[""]
[""]
[""]
[""]
[""]
[""]
[""]
[""]
[""]
[""]
[""]
[""]
[""]
[""]
[""]
[""]
[""]
[""]
[""]
[""]
[""]
[""]
[""]
[""]
[""]
[""]
[""]
[""]
[""]
[""]
[""]
[""]
[""]
[""]
[""]
[""]
[""]
[""]
[""]
[""]
[""]
[""]
[""]
[""]
[""]
[""]
[""]
[""]
[""]
[""]
[""]
[""]
[{"$f":"IF(AND(B44803<>\"\",B44804<>\"\"),A44803+1,\"\")","v":""}]
[""]
[""]
[""]
[""]
[""]
[""]
[""]
[""]
[""]
[""]
[""]
[""]
[""]
[""]
[""]
[""]
[""]
[""]
[""]
[""]
[""]
[""]
[""]
[""]
[""]
[""]
[""]
[""]
[""]
[""]
[""]
[""]
[""]
[""]
[""]
[""]
[""]
[""]
[""]
[""]
[""]
[""]
[""]
[""]
[""]
[""]
[""]
[""]
[""]
[""]
[""]
[""]
[""]
[""]
[""]
[""]
[""]
[""]
[""]
[""]
[""]
[""]
[""]
[{"$f":"IF(AND(B44867<>\"\",B44868<>\"\"),A44867+1,\"\")","v":""}]
[""]
[""]
[""]
[""]
[""]
[""]
[""]
[""]
[""]
[""]
[""]
[""]
[""]
[""]
[""]
[""]
[""]
[""]
[""]
[""]
[""]
[""]
[""]
[""]
[""]
[""]
[""]
[""]
[""]
[""]
[""]
[""]
[""]
[""]
[""]
[""]
[""]
[""]
[""]
[""]
[""]
[""]
[""]
[""]
[""]
[""]
[""]
[""]
[""]
[""]
[""]
[""]
[""]
[""]
[""]
[""]
[""]
[""]
[""]
[""]
[""]
[""]
[""]
[{"$f":"IF(AND(B44931<>\"\",B44932<>\"\"),A44931+1,\"\")","v":""}]
[""]
[""]
[""]
[""]
[""]
[""]
[""]
[""]
[""]
[""]
[""]
[""]
[""]
[""]
[""]
[""]
[""]
[""]
[""]
[""]
[""]
[""]
[""]
[""]
[""]
[""]
[""]
[""]
[""]
[""]
[""]
[""]
[""]
[""]
[""]
[""]
[""]
[""]
[""]
[""]
[""]
[""]
[""]
[""]
[""]
[""]
[""]
[""]
[""]
[""]
[""]
[""]
[""]
[""]
[""]
[""]
[""]
[""]
[""]
[""]
[""]
[""]
[""]
[{"$f":"IF(AND(B44995<>\"\",B44996<>\"\"),A44995+1,\"\")","v":""}]
[""]
[""]
[""]
[""]
[""]
[""]
[""]
[""]
[""]
[""]
[""]
[""]
[""]
[""]
[""]
[""]
[""]
[""]
[""]
[""]
[""]
[""]
[""]
[""]
[""]
[""]
[""]
[""]
[""]
[""]
[""]
[""]
[""]
[""]
[""]
[""]
[""]
[""]
[""]
[""]
[""]
[""]
[""]
[""]
[""]
[""]
[""]
[""]
[""]
[""]
[""]
[""]
[""]
[""]
[""]
[""]
[""]
[""]
[""]
[""]
[""]
[""]
[""]
[{"$f":"IF(AND(B45059<>\"\",B45060<>\"\"),A45059+1,\"\")","v":""}]
[""]
[""]
[""]
[""]
[""]
[""]
[""]
[""]
[""]
[""]
[""]
[""]
[""]
[""]
[""]
[""]
[""]
[""]
[""]
[""]
[""]
[""]
[""]
[""]
[""]
[""]
[""]
[""]
[""]
[""]
[""]
[""]
[""]
[""]
[""]
[""]
[""]
[""]
[""]
[""]
[""]
[""]
[""]
[""]
[""]
[""]
[""]
[""]
[""]
[""]
[""]
[""]
[""]
[""]
[""]
[""]
[""]
[""]
[""]
[""]
[""]
[""]
[""]
[{"$f":"IF(AND(B45123<>\"\",B45124<>\"\"),A45123+1,\"\")","v":""}]
[""]
[""]
[""]
[""]
[""]
[""]
[""]
[""]
[""]
[""]
[""]
[""]
[""]
[""]
[""]
[""]
[""]
[""]
[""]
[""]
[""]
[""]
[""]
[""]
[""]
[""]
[""]
[""]
[""]
[""]
[""]
[""]
[""]
[""]
[""]
[""]
[""]
[""]
[""]
[""]
[""]
[""]
[""]
[""]
[""]
[""]
[""]
[""]
[""]
[""]
[""]
[""]
[""]
[""]
[""]
[""]
[""]
[""]
[""]
[""]
[""]
[""]
[""]
[{"$f":"IF(AND(B45187<>\"\",B45188<>\"\"),A45187+1,\"\")","v":""}]
[""]
[""]
[""]
[""]
[""]
[""]
[""]
[""]
[""]
[""]
[""]
[""]
[""]
[""]
[""]
[""]
[""]
[""]
[""]
[""]
[""]
[""]
[""]
[""]
[""]
[""]
[""]
[""]
[""]
[""]
[""]
[""]
[""]
[""]
[""]
[""]
[""]
[""]
[""]
[""]
[""]
[""]
[""]
[""]
[""]
[""]
[""]
[""]
[""]
[""]
[""]
[""]
[""]
[""]
[""]
[""]
[""]
[""]
[""]
[""]
[""]
[""]
[""]
[{"$f":"IF(AND(B45251<>\"\",B45252<>\"\"),A45251+1,\"\")","v":""}]
[""]
[""]
[""]
[""]
[""]
[""]
[""]
[""]
[""]
[""]
[""]
[""]
[""]
[""]
[""]
[""]
[""]
[""]
[""]
[""]
[""]
[""]
[""]
[""]
[""]
[""]
[""]
[""]
[""]
[""]
[""]
[""]
[""]
[""]
[""]
[""]
[""]
[""]
[""]
[""]
[""]
[""]
[""]
[""]
[""]
[""]
[""]
[""]
[""]
[""]
[""]
[""]
[""]
[""]
[""]
[""]
[""]
[""]
[""]
[""]
[""]
[""]
[""]
[{"$f":"IF(AND(B45315<>\"\",B45316<>\"\"),A45315+1,\"\")","v":""}]
[""]
[""]
[""]
[""]
[""]
[""]
[""]
[""]
[""]
[""]
[""]
[""]
[""]
[""]
[""]
[""]
[""]
[""]
[""]
[""]
[""]
[""]
[""]
[""]
[""]
[""]
[""]
[""]
[""]
[""]
[""]
[""]
[""]
[""]
[""]
[""]
[""]
[""]
[""]
[""]
[""]
[""]
[""]
[""]
[""]
[""]
[""]
[""]
[""]
[""]
[""]
[""]
[""]
[""]
[""]
[""]
[""]
[""]
[""]
[""]
[""]
[""]
[""]
[{"$f":"IF(AND(B45379<>\"\",B45380<>\"\"),A45379+1,\"\")","v":""}]
[""]
[""]
[""]
[""]
[""]
[""]
[""]
[""]
[""]
[""]
[""]
[""]
[""]
[""]
[""]
[""]
[""]
[""]
[""]
[""]
[""]
[""]
[""]
[""]
[""]
[""]
[""]
[""]
[""]
[""]
[""]
[""]
[""]
[""]
[""]
[""]
[""]
[""]
[""]
[""]
[""]
[""]
[""]
[""]
[""]
[""]
[""]
[""]
[""]
[""]
[""]
[""]
[""]
[""]
[""]
[""]
[""]
[""]
[""]
[""]
[""]
[""]
[""]
[{"$f":"IF(AND(B45443<>\"\",B45444<>\"\"),A45443+1,\"\")","v":""}]
[""]
[""]
[""]
[""]
[""]
[""]
[""]
[""]
[""]
[""]
[""]
[""]
[""]
[""]
[""]
[""]
[""]
[""]
[""]
[""]
[""]
[""]
[""]
[""]
[""]
[""]
[""]
[""]
[""]
[""]
[""]
[""]
[""]
[""]
[""]
[""]
[""]
[""]
[""]
[""]
[""]
[""]
[""]
[""]
[""]
[""]
[""]
[""]
[""]
[""]
[""]
[""]
[""]
[""]
[""]
[""]
[""]
[""]
[""]
[""]
[""]
[""]
[""]
[{"$f":"IF(AND(B45507<>\"\",B45508<>\"\"),A45507+1,\"\")","v":""}]
[""]
[""]
[""]
[""]
[""]
[""]
[""]
[""]
[""]
[""]
[""]
[""]
[""]
[""]
[""]
[""]
[""]
[""]
[""]
[""]
[""]
[""]
[""]
[""]
[""]
[""]
[""]
[""]
[""]
[""]
[""]
[""]
[""]
[""]
[""]
[""]
[""]
[""]
[""]
[""]
[""]
[""]
[""]
[""]
[""]
[""]
[""]
[""]
[""]
[""]
[""]
[""]
[""]
[""]
[""]
[""]
[""]
[""]
[""]
[""]
[""]
[""]
[""]
[{"$f":"IF(AND(B45571<>\"\",B45572<>\"\"),A45571+1,\"\")","v":""}]
[""]
[""]
[""]
[""]
[""]
[""]
[""]
[""]
[""]
[""]
[""]
[""]
[""]
[""]
[""]
[""]
[""]
[""]
[""]
[""]
[""]
[""]
[""]
[""]
[""]
[""]
[""]
[""]
[""]
[""]
[""]
[""]
[""]
[""]
[""]
[""]
[""]
[""]
[""]
[""]
[""]
[""]
[""]
[""]
[""]
[""]
[""]
[""]
[""]
[""]
[""]
[""]
[""]
[""]
[""]
[""]
[""]
[""]
[""]
[""]
[""]
[""]
[""]
[{"$f":"IF(AND(B45635<>\"\",B45636<>\"\"),A45635+1,\"\")","v":""}]
[""]
[""]
[""]
[""]
[""]
[""]
[""]
[""]
[""]
[""]
[""]
[""]
[""]
[""]
[""]
[""]
[""]
[""]
[""]
[""]
[""]
[""]
[""]
[""]
[""]
[""]
[""]
[""]
[""]
[""]
[""]
[""]
[""]
[""]
[""]
[""]
[""]
[""]
[""]
[""]
[""]
[""]
[""]
[""]
[""]
[""]
[""]
[""]
[""]
[""]
[""]
[""]
[""]
[""]
[""]
[""]
[""]
[""]
[""]
[""]
[""]
[""]
[""]
[{"$f":"IF(AND(B45699<>\"\",B45700<>\"\"),A45699+1,\"\")","v":""}]
[""]
[""]
[""]
[""]
[""]
[""]
[""]
[""]
[""]
[""]
[""]
[""]
[""]
[""]
[""]
[""]
[""]
[""]
[""]
[""]
[""]
[""]
[""]
[""]
[""]
[""]
[""]
[""]
[""]
[""]
[""]
[""]
[""]
[""]
[""]
[""]
[""]
[""]
[""]
[""]
[""]
[""]
[""]
[""]
[""]
[""]
[""]
[""]
[""]
[""]
[""]
[""]
[""]
[""]
[""]
[""]
[""]
[""]
[""]
[""]
[""]
[""]
[""]
[{"$f":"IF(AND(B45763<>\"\",B45764<>\"\"),A45763+1,\"\")","v":""}]
[""]
[""]
[""]
[""]
[""]
[""]
[""]
[""]
[""]
[""]
[""]
[""]
[""]
[""]
[""]
[""]
[""]
[""]
[""]
[""]
[""]
[""]
[""]
[""]
[""]
[""]
[""]
[""]
[""]
[""]
[""]
[""]
[""]
[""]
[""]
[""]
[""]
[""]
[""]
[""]
[""]
[""]
[""]
[""]
[""]
[""]
[""]
[""]
[""]
[""]
[""]
[""]
[""]
[""]
[""]
[""]
[""]
[""]
[""]
[""]
[""]
[""]
[""]
[{"$f":"IF(AND(B45827<>\"\",B45828<>\"\"),A45827+1,\"\")","v":""}]
[""]
[""]
[""]
[""]
[""]
[""]
[""]
[""]
[""]
[""]
[""]
[""]
[""]
[""]
[""]
[""]
[""]
[""]
[""]
[""]
[""]
[""]
[""]
[""]
[""]
[""]
[""]
[""]
[""]
[""]
[""]
[""]
[""]
[""]
[""]
[""]
[""]
[""]
[""]
[""]
[""]
[""]
[""]
[""]
[""]
[""]
[""]
[""]
[""]
[""]
[""]
[""]
[""]
[""]
[""]
[""]
[""]
[""]
[""]
[""]
[""]
[""]
[""]
[{"$f":"IF(AND(B45891<>\"\",B45892<>\"\"),A45891+1,\"\")","v":""}]
[""]
[""]
[""]
[""]
[""]
[""]
[""]
[""]
[""]
[""]
[""]
[""]
[""]
[""]
[""]
[""]
[""]
[""]
[""]
[""]
[""]
[""]
[""]
[""]
[""]
[""]
[""]
[""]
[""]
[""]
[""]
[""]
[""]
[""]
[""]
[""]
[""]
[""]
[""]
[""]
[""]
[""]
[""]
[""]
[""]
[""]
[""]
[""]
[""]
[""]
[""]
[""]
[""]
[""]
[""]
[""]
[""]
[""]
[""]
[""]
[""]
[""]
[""]
[{"$f":"IF(AND(B45955<>\"\",B45956<>\"\"),A45955+1,\"\")","v":""}]
[""]
[""]
[""]
[""]
[""]
[""]
[""]
[""]
[""]
[""]
[""]
[""]
[""]
[""]
[""]
[""]
[""]
[""]
[""]
[""]
[""]
[""]
[""]
[""]
[""]
[""]
[""]
[""]
[""]
[""]
[""]
[""]
[""]
[""]
[""]
[""]
[""]
[""]
[""]
[""]
[""]
[""]
[""]
[""]
[""]
[""]
[""]
[""]
[""]
[""]
[""]
[""]
[""]
[""]
[""]
[""]
[""]
[""]
[""]
[""]
[""]
[""]
[""]
[{"$f":"IF(AND(B46019<>\"\",B46020<>\"\"),A46019+1,\"\")","v":""}]
[""]
[""]
[""]
[""]
[""]
[""]
[""]
[""]
[""]
[""]
[""]
[""]
[""]
[""]
[""]
[""]
[""]
[""]
[""]
[""]
[""]
[""]
[""]
[""]
[""]
[""]
[""]
[""]
[""]
[""]
[""]
[""]
[""]
[""]
[""]
[""]
[""]
[""]
[""]
[""]
[""]
[""]
[""]
[""]
[""]
[""]
[""]
[""]
[""]
[""]
[""]
[""]
[""]
[""]
[""]
[""]
[""]
[""]
[""]
[""]
[""]
[""]
[""]
[{"$f":"IF(AND(B46083<>\"\",B46084<>\"\"),A46083+1,\"\")","v":""}]
[""]
[""]
[""]
[""]
[""]
[""]
[""]
[""]
[""]
[""]
[""]
[""]
[""]
[""]
[""]
[""]
[""]
[""]
[""]
[""]
[""]
[""]
[""]
[""]
[""]
[""]
[""]
[""]
[""]
[""]
[""]
[""]
[""]
[""]
[""]
[""]
[""]
[""]
[""]
[""]
[""]
[""]
[""]
[""]
[""]
[""]
[""]
[""]
[""]
[""]
[""]
[""]
[""]
[""]
[""]
[""]
[""]
[""]
[""]
[""]
[""]
[""]
[""]
[{"$f":"IF(AND(B46147<>\"\",B46148<>\"\"),A46147+1,\"\")","v":""}]
[""]
[""]
[""]
[""]
[""]
[""]
[""]
[""]
[""]
[""]
[""]
[""]
[""]
[""]
[""]
[""]
[""]
[""]
[""]
[""]
[""]
[""]
[""]
[""]
[""]
[""]
[""]
[""]
[""]
[""]
[""]
[""]
[""]
[""]
[""]
[""]
[""]
[""]
[""]
[""]
[""]
[""]
[""]
[""]
[""]
[""]
[""]
[""]
[""]
[""]
[""]
[""]
[""]
[""]
[""]
[""]
[""]
[""]
[""]
[""]
[""]
[""]
[""]
[{"$f":"IF(AND(B46211<>\"\",B46212<>\"\"),A46211+1,\"\")","v":""}]
[""]
[""]
[""]
[""]
[""]
[""]
[""]
[""]
[""]
[""]
[""]
[""]
[""]
[""]
[""]
[""]
[""]
[""]
[""]
[""]
[""]
[""]
[""]
[""]
[""]
[""]
[""]
[""]
[""]
[""]
[""]
[""]
[""]
[""]
[""]
[""]
[""]
[""]
[""]
[""]
[""]
[""]
[""]
[""]
[""]
[""]
[""]
[""]
[""]
[""]
[""]
[""]
[""]
[""]
[""]
[""]
[""]
[""]
[""]
[""]
[""]
[""]
[""]
[{"$f":"IF(AND(B46275<>\"\",B46276<>\"\"),A46275+1,\"\")","v":""}]
[""]
[""]
[""]
[""]
[""]
[""]
[""]
[""]
[""]
[""]
[""]
[""]
[""]
[""]
[""]
[""]
[""]
[""]
[""]
[""]
[""]
[""]
[""]
[""]
[""]
[""]
[""]
[""]
[""]
[""]
[""]
[""]
[""]
[""]
[""]
[""]
[""]
[""]
[""]
[""]
[""]
[""]
[""]
[""]
[""]
[""]
[""]
[""]
[""]
[""]
[""]
[""]
[""]
[""]
[""]
[""]
[""]
[""]
[""]
[""]
[""]
[""]
[""]
[{"$f":"IF(AND(B46339<>\"\",B46340<>\"\"),A46339+1,\"\")","v":""}]
[""]
[""]
[""]
[""]
[""]
[""]
[""]
[""]
[""]
[""]
[""]
[""]
[""]
[""]
[""]
[""]
[""]
[""]
[""]
[""]
[""]
[""]
[""]
[""]
[""]
[""]
[""]
[""]
[""]
[""]
[""]
[""]
[""]
[""]
[""]
[""]
[""]
[""]
[""]
[""]
[""]
[""]
[""]
[""]
[""]
[""]
[""]
[""]
[""]
[""]
[""]
[""]
[""]
[""]
[""]
[""]
[""]
[""]
[""]
[""]
[""]
[""]
[""]
[{"$f":"IF(AND(B46403<>\"\",B46404<>\"\"),A46403+1,\"\")","v":""}]
[""]
[""]
[""]
[""]
[""]
[""]
[""]
[""]
[""]
[""]
[""]
[""]
[""]
[""]
[""]
[""]
[""]
[""]
[""]
[""]
[""]
[""]
[""]
[""]
[""]
[""]
[""]
[""]
[""]
[""]
[""]
[""]
[""]
[""]
[""]
[""]
[""]
[""]
[""]
[""]
[""]
[""]
[""]
[""]
[""]
[""]
[""]
[""]
[""]
[""]
[""]
[""]
[""]
[""]
[""]
[""]
[""]
[""]
[""]
[""]
[""]
[""]
[""]
[{"$f":"IF(AND(B46467<>\"\",B46468<>\"\"),A46467+1,\"\")","v":""}]
[""]
[""]
[""]
[""]
[""]
[""]
[""]
[""]
[""]
[""]
[""]
[""]
[""]
[""]
[""]
[""]
[""]
[""]
[""]
[""]
[""]
[""]
[""]
[""]
[""]
[""]
[""]
[""]
[""]
[""]
[""]
[""]
[""]
[""]
[""]
[""]
[""]
[""]
[""]
[""]
[""]
[""]
[""]
[""]
[""]
[""]
[""]
[""]
[""]
[""]
[""]
[""]
[""]
[""]
[""]
[""]
[""]
[""]
[""]
[""]
[""]
[""]
[""]
[{"$f":"IF(AND(B46531<>\"\",B46532<>\"\"),A46531+1,\"\")","v":""}]
[""]
[""]
[""]
[""]
[""]
[""]
[""]
[""]
[""]
[""]
[""]
[""]
[""]
[""]
[""]
[""]
[""]
[""]
[""]
[""]
[""]
[""]
[""]
[""]
[""]
[""]
[""]
[""]
[""]
[""]
[""]
[""]
[""]
[""]
[""]
[""]
[""]
[""]
[""]
[""]
[""]
[""]
[""]
[""]
[""]
[""]
[""]
[""]
[""]
[""]
[""]
[""]
[""]
[""]
[""]
[""]
[""]
[""]
[""]
[""]
[""]
[""]
[""]
[{"$f":"IF(AND(B46595<>\"\",B46596<>\"\"),A46595+1,\"\")","v":""}]
[""]
[""]
[""]
[""]
[""]
[""]
[""]
[""]
[""]
[""]
[""]
[""]
[""]
[""]
[""]
[""]
[""]
[""]
[""]
[""]
[""]
[""]
[""]
[""]
[""]
[""]
[""]
[""]
[""]
[""]
[""]
[""]
[""]
[""]
[""]
[""]
[""]
[""]
[""]
[""]
[""]
[""]
[""]
[""]
[""]
[""]
[""]
[""]
[""]
[""]
[""]
[""]
[""]
[""]
[""]
[""]
[""]
[""]
[""]
[""]
[""]
[""]
[""]
[{"$f":"IF(AND(B46659<>\"\",B46660<>\"\"),A46659+1,\"\")","v":""}]
[""]
[""]
[""]
[""]
[""]
[""]
[""]
[""]
[""]
[""]
[""]
[""]
[""]
[""]
[""]
[""]
[""]
[""]
[""]
[""]
[""]
[""]
[""]
[""]
[""]
[""]
[""]
[""]
[""]
[""]
[""]
[""]
[""]
[""]
[""]
[""]
[""]
[""]
[""]
[""]
[""]
[""]
[""]
[""]
[""]
[""]
[""]
[""]
[""]
[""]
[""]
[""]
[""]
[""]
[""]
[""]
[""]
[""]
[""]
[""]
[""]
[""]
[""]
[{"$f":"IF(AND(B46723<>\"\",B46724<>\"\"),A46723+1,\"\")","v":""}]
[""]
[""]
[""]
[""]
[""]
[""]
[""]
[""]
[""]
[""]
[""]
[""]
[""]
[""]
[""]
[""]
[""]
[""]
[""]
[""]
[""]
[""]
[""]
[""]
[""]
[""]
[""]
[""]
[""]
[""]
[""]
[""]
[""]
[""]
[""]
[""]
[""]
[""]
[""]
[""]
[""]
[""]
[""]
[""]
[""]
[""]
[""]
[""]
[""]
[""]
[""]
[""]
[""]
[""]
[""]
[""]
[""]
[""]
[""]
[""]
[""]
[""]
[""]
[{"$f":"IF(AND(B46787<>\"\",B46788<>\"\"),A46787+1,\"\")","v":""}]
[""]
[""]
[""]
[""]
[""]
[""]
[""]
[""]
[""]
[""]
[""]
[""]
[""]
[""]
[""]
[""]
[""]
[""]
[""]
[""]
[""]
[""]
[""]
[""]
[""]
[""]
[""]
[""]
[""]
[""]
[""]
[""]
[""]
[""]
[""]
[""]
[""]
[""]
[""]
[""]
[""]
[""]
[""]
[""]
[""]
[""]
[""]
[""]
[""]
[""]
[""]
[""]
[""]
[""]
[""]
[""]
[""]
[""]
[""]
[""]
[""]
[""]
[""]
[{"$f":"IF(AND(B46851<>\"\",B46852<>\"\"),A46851+1,\"\")","v":""}]
[""]
[""]
[""]
[""]
[""]
[""]
[""]
[""]
[""]
[""]
[""]
[""]
[""]
[""]
[""]
[""]
[""]
[""]
[""]
[""]
[""]
[""]
[""]
[""]
[""]
[""]
[""]
[""]
[""]
[""]
[""]
[""]
[""]
[""]
[""]
[""]
[""]
[""]
[""]
[""]
[""]
[""]
[""]
[""]
[""]
[""]
[""]
[""]
[""]
[""]
[""]
[""]
[""]
[""]
[""]
[""]
[""]
[""]
[""]
[""]
[""]
[""]
[""]
[{"$f":"IF(AND(B46915<>\"\",B46916<>\"\"),A46915+1,\"\")","v":""}]
[""]
[""]
[""]
[""]
[""]
[""]
[""]
[""]
[""]
[""]
[""]
[""]
[""]
[""]
[""]
[""]
[""]
[""]
[""]
[""]
[""]
[""]
[""]
[""]
[""]
[""]
[""]
[""]
[""]
[""]
[""]
[""]
[""]
[""]
[""]
[""]
[""]
[""]
[""]
[""]
[""]
[""]
[""]
[""]
[""]
[""]
[""]
[""]
[""]
[""]
[""]
[""]
[""]
[""]
[""]
[""]
[""]
[""]
[""]
[""]
[""]
[""]
[""]
[{"$f":"IF(AND(B46979<>\"\",B46980<>\"\"),A46979+1,\"\")","v":""}]
[""]
[""]
[""]
[""]
[""]
[""]
[""]
[""]
[""]
[""]
[""]
[""]
[""]
[""]
[""]
[""]
[""]
[""]
[""]
[""]
[""]
[""]
[""]
[""]
[""]
[""]
[""]
[""]
[""]
[""]
[""]
[""]
[""]
[""]
[""]
[""]
[""]
[""]
[""]
[""]
[""]
[""]
[""]
[""]
[""]
[""]
[""]
[""]
[""]
[""]
[""]
[""]
[""]
[""]
[""]
[""]
[""]
[""]
[""]
[""]
[""]
[""]
[""]
[{"$f":"IF(AND(B47043<>\"\",B47044<>\"\"),A47043+1,\"\")","v":""}]
[""]
[""]
[""]
[""]
[""]
[""]
[""]
[""]
[""]
[""]
[""]
[""]
[""]
[""]
[""]
[""]
[""]
[""]
[""]
[""]
[""]
[""]
[""]
[""]
[""]
[""]
[""]
[""]
[""]
[""]
[""]
[""]
[""]
[""]
[""]
[""]
[""]
[""]
[""]
[""]
[""]
[""]
[""]
[""]
[""]
[""]
[""]
[""]
[""]
[""]
[""]
[""]
[""]
[""]
[""]
[""]
[""]
[""]
[""]
[""]
[""]
[""]
[""]
[{"$f":"IF(AND(B47107<>\"\",B47108<>\"\"),A47107+1,\"\")","v":""}]
[""]
[""]
[""]
[""]
[""]
[""]
[""]
[""]
[""]
[""]
[""]
[""]
[""]
[""]
[""]
[""]
[""]
[""]
[""]
[""]
[""]
[""]
[""]
[""]
[""]
[""]
[""]
[""]
[""]
[""]
[""]
[""]
[""]
[""]
[""]
[""]
[""]
[""]
[""]
[""]
[""]
[""]
[""]
[""]
[""]
[""]
[""]
[""]
[""]
[""]
[""]
[""]
[""]
[""]
[""]
[""]
[""]
[""]
[""]
[""]
[""]
[""]
[""]
[{"$f":"IF(AND(B47171<>\"\",B47172<>\"\"),A47171+1,\"\")","v":""}]
[""]
[""]
[""]
[""]
[""]
[""]
[""]
[""]
[""]
[""]
[""]
[""]
[""]
[""]
[""]
[""]
[""]
[""]
[""]
[""]
[""]
[""]
[""]
[""]
[""]
[""]
[""]
[""]
[""]
[""]
[""]
[""]
[""]
[""]
[""]
[""]
[""]
[""]
[""]
[""]
[""]
[""]
[""]
[""]
[""]
[""]
[""]
[""]
[""]
[""]
[""]
[""]
[""]
[""]
[""]
[""]
[""]
[""]
[""]
[""]
[""]
[""]
[""]
[{"$f":"IF(AND(B47235<>\"\",B47236<>\"\"),A47235+1,\"\")","v":""}]
[""]
[""]
[""]
[""]
[""]
[""]
[""]
[""]
[""]
[""]
[""]
[""]
[""]
[""]
[""]
[""]
[""]
[""]
[""]
[""]
[""]
[""]
[""]
[""]
[""]
[""]
[""]
[""]
[""]
[""]
[""]
[""]
[""]
[""]
[""]
[""]
[""]
[""]
[""]
[""]
[""]
[""]
[""]
[""]
[""]
[""]
[""]
[""]
[""]
[""]
[""]
[""]
[""]
[""]
[""]
[""]
[""]
[""]
[""]
[""]
[""]
[""]
[""]
[{"$f":"IF(AND(B47299<>\"\",B47300<>\"\"),A47299+1,\"\")","v":""}]
[""]
[""]
[""]
[""]
[""]
[""]
[""]
[""]
[""]
[""]
[""]
[""]
[""]
[""]
[""]
[""]
[""]
[""]
[""]
[""]
[""]
[""]
[""]
[""]
[""]
[""]
[""]
[""]
[""]
[""]
[""]
[""]
[""]
[""]
[""]
[""]
[""]
[""]
[""]
[""]
[""]
[""]
[""]
[""]
[""]
[""]
[""]
[""]
[""]
[""]
[""]
[""]
[""]
[""]
[""]
[""]
[""]
[""]
[""]
[""]
[""]
[""]
[""]
[{"$f":"IF(AND(B47363<>\"\",B47364<>\"\"),A47363+1,\"\")","v":""}]
[""]
[""]
[""]
[""]
[""]
[""]
[""]
[""]
[""]
[""]
[""]
[""]
[""]
[""]
[""]
[""]
[""]
[""]
[""]
[""]
[""]
[""]
[""]
[""]
[""]
[""]
[""]
[""]
[""]
[""]
[""]
[""]
[""]
[""]
[""]
[""]
[""]
[""]
[""]
[""]
[""]
[""]
[""]
[""]
[""]
[""]
[""]
[""]
[""]
[""]
[""]
[""]
[""]
[""]
[""]
[""]
[""]
[""]
[""]
[""]
[""]
[""]
[""]
[{"$f":"IF(AND(B47427<>\"\",B47428<>\"\"),A47427+1,\"\")","v":""}]
[""]
[""]
[""]
[""]
[""]
[""]
[""]
[""]
[""]
[""]
[""]
[""]
[""]
[""]
[""]
[""]
[""]
[""]
[""]
[""]
[""]
[""]
[""]
[""]
[""]
[""]
[""]
[""]
[""]
[""]
[""]
[""]
[""]
[""]
[""]
[""]
[""]
[""]
[""]
[""]
[""]
[""]
[""]
[""]
[""]
[""]
[""]
[""]
[""]
[""]
[""]
[""]
[""]
[""]
[""]
[""]
[""]
[""]
[""]
[""]
[""]
[""]
[""]
[{"$f":"IF(AND(B47491<>\"\",B47492<>\"\"),A47491+1,\"\")","v":""}]
[""]
[""]
[""]
[""]
[""]
[""]
[""]
[""]
[""]
[""]
[""]
[""]
[""]
[""]
[""]
[""]
[""]
[""]
[""]
[""]
[""]
[""]
[""]
[""]
[""]
[""]
[""]
[""]
[""]
[""]
[""]
[""]
[""]
[""]
[""]
[""]
[""]
[""]
[""]
[""]
[""]
[""]
[""]
[""]
[""]
[""]
[""]
[""]
[""]
[""]
[""]
[""]
[""]
[""]
[""]
[""]
[""]
[""]
[""]
[""]
[""]
[""]
[""]
[{"$f":"IF(AND(B47555<>\"\",B47556<>\"\"),A47555+1,\"\")","v":""}]
[""]
[""]
[""]
[""]
[""]
[""]
[""]
[""]
[""]
[""]
[""]
[""]
[""]
[""]
[""]
[""]
[""]
[""]
[""]
[""]
[""]
[""]
[""]
[""]
[""]
[""]
[""]
[""]
[""]
[""]
[""]
[""]
[""]
[""]
[""]
[""]
[""]
[""]
[""]
[""]
[""]
[""]
[""]
[""]
[""]
[""]
[""]
[""]
[""]
[""]
[""]
[""]
[""]
[""]
[""]
[""]
[""]
[""]
[""]
[""]
[""]
[""]
[""]
[{"$f":"IF(AND(B47619<>\"\",B47620<>\"\"),A47619+1,\"\")","v":""}]
[""]
[""]
[""]
[""]
[""]
[""]
[""]
[""]
[""]
[""]
[""]
[""]
[""]
[""]
[""]
[""]
[""]
[""]
[""]
[""]
[""]
[""]
[""]
[""]
[""]
[""]
[""]
[""]
[""]
[""]
[""]
[""]
[""]
[""]
[""]
[""]
[""]
[""]
[""]
[""]
[""]
[""]
[""]
[""]
[""]
[""]
[""]
[""]
[""]
[""]
[""]
[""]
[""]
[""]
[""]
[""]
[""]
[""]
[""]
[""]
[""]
[""]
[""]
[{"$f":"IF(AND(B47683<>\"\",B47684<>\"\"),A47683+1,\"\")","v":""}]
[""]
[""]
[""]
[""]
[""]
[""]
[""]
[""]
[""]
[""]
[""]
[""]
[""]
[""]
[""]
[""]
[""]
[""]
[""]
[""]
[""]
[""]
[""]
[""]
[""]
[""]
[""]
[""]
[""]
[""]
[""]
[""]
[""]
[""]
[""]
[""]
[""]
[""]
[""]
[""]
[""]
[""]
[""]
[""]
[""]
[""]
[""]
[""]
[""]
[""]
[""]
[""]
[""]
[""]
[""]
[""]
[""]
[""]
[""]
[""]
[""]
[""]
[""]
[{"$f":"IF(AND(B47747<>\"\",B47748<>\"\"),A47747+1,\"\")","v":""}]
[""]
[""]
[""]
[""]
[""]
[""]
[""]
[""]
[""]
[""]
[""]
[""]
[""]
[""]
[""]
[""]
[""]
[""]
[""]
[""]
[""]
[""]
[""]
[""]
[""]
[""]
[""]
[""]
[""]
[""]
[""]
[""]
[""]
[""]
[""]
[""]
[""]
[""]
[""]
[""]
[""]
[""]
[""]
[""]
[""]
[""]
[""]
[""]
[""]
[""]
[""]
[""]
[""]
[""]
[""]
[""]
[""]
[""]
[""]
[""]
[""]
[""]
[""]
[{"$f":"IF(AND(B47811<>\"\",B47812<>\"\"),A47811+1,\"\")","v":""}]
[""]
[""]
[""]
[""]
[""]
[""]
[""]
[""]
[""]
[""]
[""]
[""]
[""]
[""]
[""]
[""]
[""]
[""]
[""]
[""]
[""]
[""]
[""]
[""]
[""]
[""]
[""]
[""]
[""]
[""]
[""]
[""]
[""]
[""]
[""]
[""]
[""]
[""]
[""]
[""]
[""]
[""]
[""]
[""]
[""]
[""]
[""]
[""]
[""]
[""]
[""]
[""]
[""]
[""]
[""]
[""]
[""]
[""]
[""]
[""]
[""]
[""]
[""]
[{"$f":"IF(AND(B47875<>\"\",B47876<>\"\"),A47875+1,\"\")","v":""}]
[""]
[""]
[""]
[""]
[""]
[""]
[""]
[""]
[""]
[""]
[""]
[""]
[""]
[""]
[""]
[""]
[""]
[""]
[""]
[""]
[""]
[""]
[""]
[""]
[""]
[""]
[""]
[""]
[""]
[""]
[""]
[""]
[""]
[""]
[""]
[""]
[""]
[""]
[""]
[""]
[""]
[""]
[""]
[""]
[""]
[""]
[""]
[""]
[""]
[""]
[""]
[""]
[""]
[""]
[""]
[""]
[""]
[""]
[""]
[""]
[""]
[""]
[""]
[{"$f":"IF(AND(B47939<>\"\",B47940<>\"\"),A47939+1,\"\")","v":""}]
[""]
[""]
[""]
[""]
[""]
[""]
[""]
[""]
[""]
[""]
[""]
[""]
[""]
[""]
[""]
[""]
[""]
[""]
[""]
[""]
[""]
[""]
[""]
[""]
[""]
[""]
[""]
[""]
[""]
[""]
[""]
[""]
[""]
[""]
[""]
[""]
[""]
[""]
[""]
[""]
[""]
[""]
[""]
[""]
[""]
[""]
[""]
[""]
[""]
[""]
[""]
[""]
[""]
[""]
[""]
[""]
[""]
[""]
[""]
[""]
[""]
[""]
[""]
[{"$f":"IF(AND(B48003<>\"\",B48004<>\"\"),A48003+1,\"\")","v":""}]
[""]
[""]
[""]
[""]
[""]
[""]
[""]
[""]
[""]
[""]
[""]
[""]
[""]
[""]
[""]
[""]
[""]
[""]
[""]
[""]
[""]
[""]
[""]
[""]
[""]
[""]
[""]
[""]
[""]
[""]
[""]
[""]
[""]
[""]
[""]
[""]
[""]
[""]
[""]
[""]
[""]
[""]
[""]
[""]
[""]
[""]
[""]
[""]
[""]
[""]
[""]
[""]
[""]
[""]
[""]
[""]
[""]
[""]
[""]
[""]
[""]
[""]
[""]
[{"$f":"IF(AND(B48067<>\"\",B48068<>\"\"),A48067+1,\"\")","v":""}]
[""]
[""]
[""]
[""]
[""]
[""]
[""]
[""]
[""]
[""]
[""]
[""]
[""]
[""]
[""]
[""]
[""]
[""]
[""]
[""]
[""]
[""]
[""]
[""]
[""]
[""]
[""]
[""]
[""]
[""]
[""]
[""]
[""]
[""]
[""]
[""]
[""]
[""]
[""]
[""]
[""]
[""]
[""]
[""]
[""]
[""]
[""]
[""]
[""]
[""]
[""]
[""]
[""]
[""]
[""]
[""]
[""]
[""]
[""]
[""]
[""]
[""]
[""]
[{"$f":"IF(AND(B48131<>\"\",B48132<>\"\"),A48131+1,\"\")","v":""}]
[""]
[""]
[""]
[""]
[""]
[""]
[""]
[""]
[""]
[""]
[""]
[""]
[""]
[""]
[""]
[""]
[""]
[""]
[""]
[""]
[""]
[""]
[""]
[""]
[""]
[""]
[""]
[""]
[""]
[""]
[""]
[""]
[""]
[""]
[""]
[""]
[""]
[""]
[""]
[""]
[""]
[""]
[""]
[""]
[""]
[""]
[""]
[""]
[""]
[""]
[""]
[""]
[""]
[""]
[""]
[""]
[""]
[""]
[""]
[""]
[""]
[""]
[""]
[{"$f":"IF(AND(B48195<>\"\",B48196<>\"\"),A48195+1,\"\")","v":""}]
[""]
[""]
[""]
[""]
[""]
[""]
[""]
[""]
[""]
[""]
[""]
[""]
[""]
[""]
[""]
[""]
[""]
[""]
[""]
[""]
[""]
[""]
[""]
[""]
[""]
[""]
[""]
[""]
[""]
[""]
[""]
[""]
[""]
[""]
[""]
[""]
[""]
[""]
[""]
[""]
[""]
[""]
[""]
[""]
[""]
[""]
[""]
[""]
[""]
[""]
[""]
[""]
[""]
[""]
[""]
[""]
[""]
[""]
[""]
[""]
[""]
[""]
[""]
[{"$f":"IF(AND(B48259<>\"\",B48260<>\"\"),A48259+1,\"\")","v":""}]
[""]
[""]
[""]
[""]
[""]
[""]
[""]
[""]
[""]
[""]
[""]
[""]
[""]
[""]
[""]
[""]
[""]
[""]
[""]
[""]
[""]
[""]
[""]
[""]
[""]
[""]
[""]
[""]
[""]
[""]
[""]
[""]
[""]
[""]
[""]
[""]
[""]
[""]
[""]
[""]
[""]
[""]
[""]
[""]
[""]
[""]
[""]
[""]
[""]
[""]
[""]
[""]
[""]
[""]
[""]
[""]
[""]
[""]
[""]
[""]
[""]
[""]
[""]
[{"$f":"IF(AND(B48323<>\"\",B48324<>\"\"),A48323+1,\"\")","v":""}]
[""]
[""]
[""]
[""]
[""]
[""]
[""]
[""]
[""]
[""]
[""]
[""]
[""]
[""]
[""]
[""]
[""]
[""]
[""]
[""]
[""]
[""]
[""]
[""]
[""]
[""]
[""]
[""]
[""]
[""]
[""]
[""]
[""]
[""]
[""]
[""]
[""]
[""]
[""]
[""]
[""]
[""]
[""]
[""]
[""]
[""]
[""]
[""]
[""]
[""]
[""]
[""]
[""]
[""]
[""]
[""]
[""]
[""]
[""]
[""]
[""]
[""]
[""]
[{"$f":"IF(AND(B48387<>\"\",B48388<>\"\"),A48387+1,\"\")","v":""}]
[""]
[""]
[""]
[""]
[""]
[""]
[""]
[""]
[""]
[""]
[""]
[""]
[""]
[""]
[""]
[""]
[""]
[""]
[""]
[""]
[""]
[""]
[""]
[""]
[""]
[""]
[""]
[""]
[""]
[""]
[""]
[""]
[""]
[""]
[""]
[""]
[""]
[""]
[""]
[""]
[""]
[""]
[""]
[""]
[""]
[""]
[""]
[""]
[""]
[""]
[""]
[""]
[""]
[""]
[""]
[""]
[""]
[""]
[""]
[""]
[""]
[""]
[""]
[{"$f":"IF(AND(B48451<>\"\",B48452<>\"\"),A48451+1,\"\")","v":""}]
[""]
[""]
[""]
[""]
[""]
[""]
[""]
[""]
[""]
[""]
[""]
[""]
[""]
[""]
[""]
[""]
[""]
[""]
[""]
[""]
[""]
[""]
[""]
[""]
[""]
[""]
[""]
[""]
[""]
[""]
[""]
[""]
[""]
[""]
[""]
[""]
[""]
[""]
[""]
[""]
[""]
[""]
[""]
[""]
[""]
[""]
[""]
[""]
[""]
[""]
[""]
[""]
[""]
[""]
[""]
[""]
[""]
[""]
[""]
[""]
[""]
[""]
[""]
[{"$f":"IF(AND(B48515<>\"\",B48516<>\"\"),A48515+1,\"\")","v":""}]
[""]
[""]
[""]
[""]
[""]
[""]
[""]
[""]
[""]
[""]
[""]
[""]
[""]
[""]
[""]
[""]
[""]
[""]
[""]
[""]
[""]
[""]
[""]
[""]
[""]
[""]
[""]
[""]
[""]
[""]
[""]
[""]
[""]
[""]
[""]
[""]
[""]
[""]
[""]
[""]
[""]
[""]
[""]
[""]
[""]
[""]
[""]
[""]
[""]
[""]
[""]
[""]
[""]
[""]
[""]
[""]
[""]
[""]
[""]
[""]
[""]
[""]
[""]
[{"$f":"IF(AND(B48579<>\"\",B48580<>\"\"),A48579+1,\"\")","v":""}]
[""]
[""]
[""]
[""]
[""]
[""]
[""]
[""]
[""]
[""]
[""]
[""]
[""]
[""]
[""]
[""]
[""]
[""]
[""]
[""]
[""]
[""]
[""]
[""]
[""]
[""]
[""]
[""]
[""]
[""]
[""]
[""]
[""]
[""]
[""]
[""]
[""]
[""]
[""]
[""]
[""]
[""]
[""]
[""]
[""]
[""]
[""]
[""]
[""]
[""]
[""]
[""]
[""]
[""]
[""]
[""]
[""]
[""]
[""]
[""]
[""]
[""]
[""]
[{"$f":"IF(AND(B48643<>\"\",B48644<>\"\"),A48643+1,\"\")","v":""}]
[""]
[""]
[""]
[""]
[""]
[""]
[""]
[""]
[""]
[""]
[""]
[""]
[""]
[""]
[""]
[""]
[""]
[""]
[""]
[""]
[""]
[""]
[""]
[""]
[""]
[""]
[""]
[""]
[""]
[""]
[""]
[""]
[""]
[""]
[""]
[""]
[""]
[""]
[""]
[""]
[""]
[""]
[""]
[""]
[""]
[""]
[""]
[""]
[""]
[""]
[""]
[""]
[""]
[""]
[""]
[""]
[""]
[""]
[""]
[""]
[""]
[""]
[""]
[{"$f":"IF(AND(B48707<>\"\",B48708<>\"\"),A48707+1,\"\")","v":""}]
[""]
[""]
[""]
[""]
[""]
[""]
[""]
[""]
[""]
[""]
[""]
[""]
[""]
[""]
[""]
[""]
[""]
[""]
[""]
[""]
[""]
[""]
[""]
[""]
[""]
[""]
[""]
[""]
[""]
[""]
[""]
[""]
[""]
[""]
[""]
[""]
[""]
[""]
[""]
[""]
[""]
[""]
[""]
[""]
[""]
[""]
[""]
[""]
[""]
[""]
[""]
[""]
[""]
[""]
[""]
[""]
[""]
[""]
[""]
[""]
[""]
[""]
[""]
[{"$f":"IF(AND(B48771<>\"\",B48772<>\"\"),A48771+1,\"\")","v":""}]
[""]
[""]
[""]
[""]
[""]
[""]
[""]
[""]
[""]
[""]
[""]
[""]
[""]
[""]
[""]
[""]
[""]
[""]
[""]
[""]
[""]
[""]
[""]
[""]
[""]
[""]
[""]
[""]
[""]
[""]
[""]
[""]
[""]
[""]
[""]
[""]
[""]
[""]
[""]
[""]
[""]
[""]
[""]
[""]
[""]
[""]
[""]
[""]
[""]
[""]
[""]
[""]
[""]
[""]
[""]
[""]
[""]
[""]
[""]
[""]
[""]
[""]
[""]
[{"$f":"IF(AND(B48835<>\"\",B48836<>\"\"),A48835+1,\"\")","v":""}]
[""]
[""]
[""]
[""]
[""]
[""]
[""]
[""]
[""]
[""]
[""]
[""]
[""]
[""]
[""]
[""]
[""]
[""]
[""]
[""]
[""]
[""]
[""]
[""]
[""]
[""]
[""]
[""]
[""]
[""]
[""]
[""]
[""]
[""]
[""]
[""]
[""]
[""]
[""]
[""]
[""]
[""]
[""]
[""]
[""]
[""]
[""]
[""]
[""]
[""]
[""]
[""]
[""]
[""]
[""]
[""]
[""]
[""]
[""]
[""]
[""]
[""]
[""]
[{"$f":"IF(AND(B48899<>\"\",B48900<>\"\"),A48899+1,\"\")","v":""}]
[""]
[""]
[""]
[""]
[""]
[""]
[""]
[""]
[""]
[""]
[""]
[""]
[""]
[""]
[""]
[""]
[""]
[""]
[""]
[""]
[""]
[""]
[""]
[""]
[""]
[""]
[""]
[""]
[""]
[""]
[""]
[""]
[""]
[""]
[""]
[""]
[""]
[""]
[""]
[""]
[""]
[""]
[""]
[""]
[""]
[""]
[""]
[""]
[""]
[""]
[""]
[""]
[""]
[""]
[""]
[""]
[""]
[""]
[""]
[""]
[""]
[""]
[""]
[{"$f":"IF(AND(B48963<>\"\",B48964<>\"\"),A48963+1,\"\")","v":""}]
[""]
[""]
[""]
[""]
[""]
[""]
[""]
[""]
[""]
[""]
[""]
[""]
[""]
[""]
[""]
[""]
[""]
[""]
[""]
[""]
[""]
[""]
[""]
[""]
[""]
[""]
[""]
[""]
[""]
[""]
[""]
[""]
[""]
[""]
[""]
[""]
[""]
[""]
[""]
[""]
[""]
[""]
[""]
[""]
[""]
[""]
[""]
[""]
[""]
[""]
[""]
[""]
[""]
[""]
[""]
[""]
[""]
[""]
[""]
[""]
[""]
[""]
[""]
[{"$f":"IF(AND(B49027<>\"\",B49028<>\"\"),A49027+1,\"\")","v":""}]
[""]
[""]
[""]
[""]
[""]
[""]
[""]
[""]
[""]
[""]
[""]
[""]
[""]
[""]
[""]
[""]
[""]
[""]
[""]
[""]
[""]
[""]
[""]
[""]
[""]
[""]
[""]
[""]
[""]
[""]
[""]
[""]
[""]
[""]
[""]
[""]
[""]
[""]
[""]
[""]
[""]
[""]
[""]
[""]
[""]
[""]
[""]
[""]
[""]
[""]
[""]
[""]
[""]
[""]
[""]
[""]
[""]
[""]
[""]
[""]
[""]
[""]
[""]
[{"$f":"IF(AND(B49091<>\"\",B49092<>\"\"),A49091+1,\"\")","v":""}]
[""]
[""]
[""]
[""]
[""]
[""]
[""]
[""]
[""]
[""]
[""]
[""]
[""]
[""]
[""]
[""]
[""]
[""]
[""]
[""]
[""]
[""]
[""]
[""]
[""]
[""]
[""]
[""]
[""]
[""]
[""]
[""]
[""]
[""]
[""]
[""]
[""]
[""]
[""]
[""]
[""]
[""]
[""]
[""]
[""]
[""]
[""]
[""]
[""]
[""]
[""]
[""]
[""]
[""]
[""]
[""]
[""]
[""]
[""]
[""]
[""]
[""]
[""]
[{"$f":"IF(AND(B49155<>\"\",B49156<>\"\"),A49155+1,\"\")","v":""}]
[""]
[""]
[""]
[""]
[""]
[""]
[""]
[""]
[""]
[""]
[""]
[""]
[""]
[""]
[""]
[""]
[""]
[""]
[""]
[""]
[""]
[""]
[""]
[""]
[""]
[""]
[""]
[""]
[""]
[""]
[""]
[""]
[""]
[""]
[""]
[""]
[""]
[""]
[""]
[""]
[""]
[""]
[""]
[""]
[""]
[""]
[""]
[""]
[""]
[""]
[""]
[""]
[""]
[""]
[""]
[""]
[""]
[""]
[""]
[""]
[""]
[""]
[""]
[{"$f":"IF(AND(B49219<>\"\",B49220<>\"\"),A49219+1,\"\")","v":""}]
[""]
[""]
[""]
[""]
[""]
[""]
[""]
[""]
[""]
[""]
[""]
[""]
[""]
[""]
[""]
[""]
[""]
[""]
[""]
[""]
[""]
[""]
[""]
[""]
[""]
[""]
[""]
[""]
[""]
[""]
[""]
[""]
[""]
[""]
[""]
[""]
[""]
[""]
[""]
[""]
[""]
[""]
[""]
[""]
[""]
[""]
[""]
[""]
[""]
[""]
[""]
[""]
[""]
[""]
[""]
[""]
[""]
[""]
[""]
[""]
[""]
[""]
[""]
[{"$f":"IF(AND(B49283<>\"\",B49284<>\"\"),A49283+1,\"\")","v":""}]
[""]
[""]
[""]
[""]
[""]
[""]
[""]
[""]
[""]
[""]
[""]
[""]
[""]
[""]
[""]
[""]
[""]
[""]
[""]
[""]
[""]
[""]
[""]
[""]
[""]
[""]
[""]
[""]
[""]
[""]
[""]
[""]
[""]
[""]
[""]
[""]
[""]
[""]
[""]
[""]
[""]
[""]
[""]
[""]
[""]
[""]
[""]
[""]
[""]
[""]
[""]
[""]
[""]
[""]
[""]
[""]
[""]
[""]
[""]
[""]
[""]
[""]
[""]
[{"$f":"IF(AND(B49347<>\"\",B49348<>\"\"),A49347+1,\"\")","v":""}]
[""]
[""]
[""]
[""]
[""]
[""]
[""]
[""]
[""]
[""]
[""]
[""]
[""]
[""]
[""]
[""]
[""]
[""]
[""]
[""]
[""]
[""]
[""]
[""]
[""]
[""]
[""]
[""]
[""]
[""]
[""]
[""]
[""]
[""]
[""]
[""]
[""]
[""]
[""]
[""]
[""]
[""]
[""]
[""]
[""]
[""]
[""]
[""]
[""]
[""]
[""]
[""]
[""]
[""]
[""]
[""]
[""]
[""]
[""]
[""]
[""]
[""]
[""]
[{"$f":"IF(AND(B49411<>\"\",B49412<>\"\"),A49411+1,\"\")","v":""}]
[""]
[""]
[""]
[""]
[""]
[""]
[""]
[""]
[""]
[""]
[""]
[""]
[""]
[""]
[""]
[""]
[""]
[""]
[""]
[""]
[""]
[""]
[""]
[""]
[""]
[""]
[""]
[""]
[""]
[""]
[""]
[""]
[""]
[""]
[""]
[""]
[""]
[""]
[""]
[""]
[""]
[""]
[""]
[""]
[""]
[""]
[""]
[""]
[""]
[""]
[""]
[""]
[""]
[""]
[""]
[""]
[""]
[""]
[""]
[""]
[""]
[""]
[""]
[{"$f":"IF(AND(B49475<>\"\",B49476<>\"\"),A49475+1,\"\")","v":""}]
[""]
[""]
[""]
[""]
[""]
[""]
[""]
[""]
[""]
[""]
[""]
[""]
[""]
[""]
[""]
[""]
[""]
[""]
[""]
[""]
[""]
[""]
[""]
[""]
[""]
[""]
[""]
[""]
[""]
[""]
[""]
[""]
[""]
[""]
[""]
[""]
[""]
[""]
[""]
[""]
[""]
[""]
[""]
[""]
[""]
[""]
[""]
[""]
[""]
[""]
[""]
[""]
[""]
[""]
[""]
[""]
[""]
[""]
[""]
[""]
[""]
[""]
[""]
[{"$f":"IF(AND(B49539<>\"\",B49540<>\"\"),A49539+1,\"\")","v":""}]
[""]
[""]
[""]
[""]
[""]
[""]
[""]
[""]
[""]
[""]
[""]
[""]
[""]
[""]
[""]
[""]
[""]
[""]
[""]
[""]
[""]
[""]
[""]
[""]
[""]
[""]
[""]
[""]
[""]
[""]
[""]
[""]
[""]
[""]
[""]
[""]
[""]
[""]
[""]
[""]
[""]
[""]
[""]
[""]
[""]
[""]
[""]
[""]
[""]
[""]
[""]
[""]
[""]
[""]
[""]
[""]
[""]
[""]
[""]
[""]
[""]
[""]
[""]
[{"$f":"IF(AND(B49603<>\"\",B49604<>\"\"),A49603+1,\"\")","v":""}]
[""]
[""]
[""]
[""]
[""]
[""]
[""]
[""]
[""]
[""]
[""]
[""]
[""]
[""]
[""]
[""]
[""]
[""]
[""]
[""]
[""]
[""]
[""]
[""]
[""]
[""]
[""]
[""]
[""]
[""]
[""]
[""]
[""]
[""]
[""]
[""]
[""]
[""]
[""]
[""]
[""]
[""]
[""]
[""]
[""]
[""]
[""]
[""]
[""]
[""]
[""]
[""]
[""]
[""]
[""]
[""]
[""]
[""]
[""]
[""]
[""]
[""]
[""]
[{"$f":"IF(AND(B49667<>\"\",B49668<>\"\"),A49667+1,\"\")","v":""}]
[""]
[""]
[""]
[""]
[""]
[""]
[""]
[""]
[""]
[""]
[""]
[""]
[""]
[""]
[""]
[""]
[""]
[""]
[""]
[""]
[""]
[""]
[""]
[""]
[""]
[""]
[""]
[""]
[""]
[""]
[""]
[""]
[""]
[""]
[""]
[""]
[""]
[""]
[""]
[""]
[""]
[""]
[""]
[""]
[""]
[""]
[""]
[""]
[""]
[""]
[""]
[""]
[""]
[""]
[""]
[""]
[""]
[""]
[""]
[""]
[""]
[""]
[""]
[{"$f":"IF(AND(B49731<>\"\",B49732<>\"\"),A49731+1,\"\")","v":""}]
[""]
[""]
[""]
[""]
[""]
[""]
[""]
[""]
[""]
[""]
[""]
[""]
[""]
[""]
[""]
[""]
[""]
[""]
[""]
[""]
[""]
[""]
[""]
[""]
[""]
[""]
[""]
[""]
[""]
[""]
[""]
[""]
[""]
[""]
[""]
[""]
[""]
[""]
[""]
[""]
[""]
[""]
[""]
[""]
[""]
[""]
[""]
[""]
[""]
[""]
[""]
[""]
[""]
[""]
[""]
[""]
[""]
[""]
[""]
[""]
[""]
[""]
[""]
[{"$f":"IF(AND(B49795<>\"\",B49796<>\"\"),A49795+1,\"\")","v":""}]
[""]
[""]
[""]
[""]
[""]
[""]
[""]
[""]
[""]
[""]
[""]
[""]
[""]
[""]
[""]
[""]
[""]
[""]
[""]
[""]
[""]
[""]
[""]
[""]
[""]
[""]
[""]
[""]
[""]
[""]
[""]
[""]
[""]
[""]
[""]
[""]
[""]
[""]
[""]
[""]
[""]
[""]
[""]
[""]
[""]
[""]
[""]
[""]
[""]
[""]
[""]
[""]
[""]
[""]
[""]
[""]
[""]
[""]
[""]
[""]
[""]
[""]
[""]
[{"$f":"IF(AND(B49859<>\"\",B49860<>\"\"),A49859+1,\"\")","v":""}]
[""]
[""]
[""]
[""]
[""]
[""]
[""]
[""]
[""]
[""]
[""]
[""]
[""]
[""]
[""]
[""]
[""]
[""]
[""]
[""]
[""]
[""]
[""]
[""]
[""]
[""]
[""]
[""]
[""]
[""]
[""]
[""]
[""]
[""]
[""]
[""]
[""]
[""]
[""]
[""]
[""]
[""]
[""]
[""]
[""]
[""]
[""]
[""]
[""]
[""]
[""]
[""]
[""]
[""]
[""]
[""]
[""]
[""]
[""]
[""]
[""]
[""]
[""]
[{"$f":"IF(AND(B49923<>\"\",B49924<>\"\"),A49923+1,\"\")","v":""}]
[""]
[""]
[""]
[""]
[""]
[""]
[""]
[""]
[""]
[""]
[""]
[""]
[""]
[""]
[""]
[""]
[""]
[""]
[""]
[""]
[""]
[""]
[""]
[""]
[""]
[""]
[""]
[""]
[""]
[""]
[""]
[""]
[""]
[""]
[""]
[""]
[""]
[""]
[""]
[""]
[""]
[""]
[""]
[""]
[""]
[""]
[""]
[""]
[""]
[""]
[""]
[""]
[""]
[""]
[""]
[""]
[""]
[""]
[""]
[""]
[""]
[""]
[""]
[{"$f":"IF(AND(B49987<>\"\",B49988<>\"\"),A49987+1,\"\")","v":""}]
[""]
[""]
[""]
[""]
[""]
[""]
[""]
[""]
[""]
[""]
[""]
[""]
[""]
[""]
[""]
[""]
[""]
[""]
[""]
[""]
[""]
[""]
[""]
[""]
[""]
[""]
[""]
[""]
[""]
[""]
[""]
[""]
[""]
[""]
[""]
[""]
[""]
[""]
[""]
[""]
[""]
[""]
[""]
[""]
[""]
[""]
[""]
[""]
[""]
[""]
[""]
[""]
[""]
[""]
[""]
[""]
[""]
[""]
[""]
[""]
[""]
[""]
[""]
[{"$f":"IF(AND(B50051<>\"\",B50052<>\"\"),A50051+1,\"\")","v":""}]
[""]
[""]
[""]
[""]
[""]
[""]
[""]
[""]
[""]
[""]
[""]
[""]
[""]
[""]
[""]
[""]
[""]
[""]
[""]
[""]
[""]
[""]
[""]
[""]
[""]
[""]
[""]
[""]
[""]
[""]
[""]
[""]
[""]
[""]
[""]
[""]
[""]
[""]
[""]
[""]
[""]
[""]
[""]
[""]
[""]
[""]
[""]
[""]
[""]
[""]
[""]
[""]
[""]
[""]
[""]
[""]
[""]
[""]
[""]
[""]
[""]
[""]
[""]
[{"$f":"IF(AND(B50115<>\"\",B50116<>\"\"),A50115+1,\"\")","v":""}]
[""]
[""]
[""]
[""]
[""]
[""]
[""]
[""]
[""]
[""]
[""]
[""]
[""]
[""]
[""]
[""]
[""]
[""]
[""]
[""]
[""]
[""]
[""]
[""]
[""]
[""]
[""]
[""]
[""]
[""]
[""]
[""]
[""]
[""]
[""]
[""]
[""]
[""]
[""]
[""]
[""]
[""]
[""]
[""]
[""]
[""]
[""]
[""]
[""]
[""]
[""]
[""]
[""]
[""]
[""]
[""]
[""]
[""]
[""]
[""]
[""]
[""]
[""]
[{"$f":"IF(AND(B50179<>\"\",B50180<>\"\"),A50179+1,\"\")","v":""}]
[""]
[""]
[""]
[""]
[""]
[""]
[""]
[""]
[""]
[""]
[""]
[""]
[""]
[""]
[""]
[""]
[""]
[""]
[""]
[""]
[""]
[""]
[""]
[""]
[""]
[""]
[""]
[""]
[""]
[""]
[""]
[""]
[""]
[""]
[""]
[""]
[""]
[""]
[""]
[""]
[""]
[""]
[""]
[""]
[""]
[""]
[""]
[""]
[""]
[""]
[""]
[""]
[""]
[""]
[""]
[""]
[""]
[""]
[""]
[""]
[""]
[""]
[""]
[{"$f":"IF(AND(B50243<>\"\",B50244<>\"\"),A50243+1,\"\")","v":""}]
[""]
[""]
[""]
[""]
[""]
[""]
[""]
[""]
[""]
[""]
[""]
[""]
[""]
[""]
[""]
[""]
[""]
[""]
[""]
[""]
[""]
[""]
[""]
[""]
[""]
[""]
[""]
[""]
[""]
[""]
[""]
[""]
[""]
[""]
[""]
[""]
[""]
[""]
[""]
[""]
[""]
[""]
[""]
[""]
[""]
[""]
[""]
[""]
[""]
[""]
[""]
[""]
[""]
[""]
[""]
[""]
[""]
[""]
[""]
[""]
[""]
[""]
[""]
[{"$f":"IF(AND(B50307<>\"\",B50308<>\"\"),A50307+1,\"\")","v":""}]
[""]
[""]
[""]
[""]
[""]
[""]
[""]
[""]
[""]
[""]
[""]
[""]
[""]
[""]
[""]
[""]
[""]
[""]
[""]
[""]
[""]
[""]
[""]
[""]
[""]
[""]
[""]
[""]
[""]
[""]
[""]
[""]
[""]
[""]
[""]
[""]
[""]
[""]
[""]
[""]
[""]
[""]
[""]
[""]
[""]
[""]
[""]
[""]
[""]
[""]
[""]
[""]
[""]
[""]
[""]
[""]
[""]
[""]
[""]
[""]
[""]
[""]
[""]
[{"$f":"IF(AND(B50371<>\"\",B50372<>\"\"),A50371+1,\"\")","v":""}]
[""]
[""]
[""]
[""]
[""]
[""]
[""]
[""]
[""]
[""]
[""]
[""]
[""]
[""]
[""]
[""]
[""]
[""]
[""]
[""]
[""]
[""]
[""]
[""]
[""]
[""]
[""]
[""]
[""]
[""]
[""]
[""]
[""]
[""]
[""]
[""]
[""]
[""]
[""]
[""]
[""]
[""]
[""]
[""]
[""]
[""]
[""]
[""]
[""]
[""]
[""]
[""]
[""]
[""]
[""]
[""]
[""]
[""]
[""]
[""]
[""]
[""]
[""]
[{"$f":"IF(AND(B50435<>\"\",B50436<>\"\"),A50435+1,\"\")","v":""}]
[""]
[""]
[""]
[""]
[""]
[""]
[""]
[""]
[""]
[""]
[""]
[""]
[""]
[""]
[""]
[""]
[""]
[""]
[""]
[""]
[""]
[""]
[""]
[""]
[""]
[""]
[""]
[""]
[""]
[""]
[""]
[""]
[""]
[""]
[""]
[""]
[""]
[""]
[""]
[""]
[""]
[""]
[""]
[""]
[""]
[""]
[""]
[""]
[""]
[""]
[""]
[""]
[""]
[""]
[""]
[""]
[""]
[""]
[""]
[""]
[""]
[""]
[""]
[{"$f":"IF(AND(B50499<>\"\",B50500<>\"\"),A50499+1,\"\")","v":""}]
[""]
[""]
[""]
[""]
[""]
[""]
[""]
[""]
[""]
[""]
[""]
[""]
[""]
[""]
[""]
[""]
[""]
[""]
[""]
[""]
[""]
[""]
[""]
[""]
[""]
[""]
[""]
[""]
[""]
[""]
[""]
[""]
[""]
[""]
[""]
[""]
[""]
[""]
[""]
[""]
[""]
[""]
[""]
[""]
[""]
[""]
[""]
[""]
[""]
[""]
[""]
[""]
[""]
[""]
[""]
[""]
[""]
[""]
[""]
[""]
[""]
[""]
[""]
[{"$f":"IF(AND(B50563<>\"\",B50564<>\"\"),A50563+1,\"\")","v":""}]
[""]
[""]
[""]
[""]
[""]
[""]
[""]
[""]
[""]
[""]
[""]
[""]
[""]
[""]
[""]
[""]
[""]
[""]
[""]
[""]
[""]
[""]
[""]
[""]
[""]
[""]
[""]
[""]
[""]
[""]
[""]
[""]
[""]
[""]
[""]
[""]
[""]
[""]
[""]
[""]
[""]
[""]
[""]
[""]
[""]
[""]
[""]
[""]
[""]
[""]
[""]
[""]
[""]
[""]
[""]
[""]
[""]
[""]
[""]
[""]
[""]
[""]
[""]
[{"$f":"IF(AND(B50627<>\"\",B50628<>\"\"),A50627+1,\"\")","v":""}]
[""]
[""]
[""]
[""]
[""]
[""]
[""]
[""]
[""]
[""]
[""]
[""]
[""]
[""]
[""]
[""]
[""]
[""]
[""]
[""]
[""]
[""]
[""]
[""]
[""]
[""]
[""]
[""]
[""]
[""]
[""]
[""]
[""]
[""]
[""]
[""]
[""]
[""]
[""]
[""]
[""]
[""]
[""]
[""]
[""]
[""]
[""]
[""]
[""]
[""]
[""]
[""]
[""]
[""]
[""]
[""]
[""]
[""]
[""]
[""]
[""]
[""]
[""]
[{"$f":"IF(AND(B50691<>\"\",B50692<>\"\"),A50691+1,\"\")","v":""}]
[""]
[""]
[""]
[""]
[""]
[""]
[""]
[""]
[""]
[""]
[""]
[""]
[""]
[""]
[""]
[""]
[""]
[""]
[""]
[""]
[""]
[""]
[""]
[""]
[""]
[""]
[""]
[""]
[""]
[""]
[""]
[""]
[""]
[""]
[""]
[""]
[""]
[""]
[""]
[""]
[""]
[""]
[""]
[""]
[""]
[""]
[""]
[""]
[""]
[""]
[""]
[""]
[""]
[""]
[""]
[""]
[""]
[""]
[""]
[""]
[""]
[""]
[""]
[{"$f":"IF(AND(B50755<>\"\",B50756<>\"\"),A50755+1,\"\")","v":""}]
[""]
[""]
[""]
[""]
[""]
[""]
[""]
[""]
[""]
[""]
[""]
[""]
[""]
[""]
[""]
[""]
[""]
[""]
[""]
[""]
[""]
[""]
[""]
[""]
[""]
[""]
[""]
[""]
[""]
[""]
[""]
[""]
[""]
[""]
[""]
[""]
[""]
[""]
[""]
[""]
[""]
[""]
[""]
[""]
[""]
[""]
[""]
[""]
[""]
[""]
[""]
[""]
[""]
[""]
[""]
[""]
[""]
[""]
[""]
[""]
[""]
[""]
[""]
[{"$f":"IF(AND(B50819<>\"\",B50820<>\"\"),A50819+1,\"\")","v":""}]
[""]
[""]
[""]
[""]
[""]
[""]
[""]
[""]
[""]
[""]
[""]
[""]
[""]
[""]
[""]
[""]
[""]
[""]
[""]
[""]
[""]
[""]
[""]
[""]
[""]
[""]
[""]
[""]
[""]
[""]
[""]
[""]
[""]
[""]
[""]
[""]
[""]
[""]
[""]
[""]
[""]
[""]
[""]
[""]
[""]
[""]
[""]
[""]
[""]
[""]
[""]
[""]
[""]
[""]
[""]
[""]
[""]
[""]
[""]
[""]
[""]
[""]
[""]
[{"$f":"IF(AND(B50883<>\"\",B50884<>\"\"),A50883+1,\"\")","v":""}]
[""]
[""]
[""]
[""]
[""]
[""]
[""]
[""]
[""]
[""]
[""]
[""]
[""]
[""]
[""]
[""]
[""]
[""]
[""]
[""]
[""]
[""]
[""]
[""]
[""]
[""]
[""]
[""]
[""]
[""]
[""]
[""]
[""]
[""]
[""]
[""]
[""]
[""]
[""]
[""]
[""]
[""]
[""]
[""]
[""]
[""]
[""]
[""]
[""]
[""]
[""]
[""]
[""]
[""]
[""]
[""]
[""]
[""]
[""]
[""]
[""]
[""]
[""]
[{"$f":"IF(AND(B50947<>\"\",B50948<>\"\"),A50947+1,\"\")","v":""}]
[""]
[""]
[""]
[""]
[""]
[""]
[""]
[""]
[""]
[""]
[""]
[""]
[""]
[""]
[""]
[""]
[""]
[""]
[""]
[""]
[""]
[""]
[""]
[""]
[""]
[""]
[""]
[""]
[""]
[""]
[""]
[""]
[""]
[""]
[""]
[""]
[""]
[""]
[""]
[""]
[""]
[""]
[""]
[""]
[""]
[""]
[""]
[""]
[""]
[""]
[""]
[""]
[""]
[""]
[""]
[""]
[""]
[""]
[""]
[""]
[""]
[""]
[""]
[{"$f":"IF(AND(B51011<>\"\",B51012<>\"\"),A51011+1,\"\")","v":""}]
[""]
[""]
[""]
[""]
[""]
[""]
[""]
[""]
[""]
[""]
[""]
[""]
[""]
[""]
[""]
[""]
[""]
[""]
[""]
[""]
[""]
[""]
[""]
[""]
[""]
[""]
[""]
[""]
[""]
[""]
[""]
[""]
[""]
[""]
[""]
[""]
[""]
[""]
[""]
[""]
[""]
[""]
[""]
[""]
[""]
[""]
[""]
[""]
[""]
[""]
[""]
[""]
[""]
[""]
[""]
[""]
[""]
[""]
[""]
[""]
[""]
[""]
[""]
[{"$f":"IF(AND(B51075<>\"\",B51076<>\"\"),A51075+1,\"\")","v":""}]
[""]
[""]
[""]
[""]
[""]
[""]
[""]
[""]
[""]
[""]
[""]
[""]
[""]
[""]
[""]
[""]
[""]
[""]
[""]
[""]
[""]
[""]
[""]
[""]
[""]
[""]
[""]
[""]
[""]
[""]
[""]
[""]
[""]
[""]
[""]
[""]
[""]
[""]
[""]
[""]
[""]
[""]
[""]
[""]
[""]
[""]
[""]
[""]
[""]
[""]
[""]
[""]
[""]
[""]
[""]
[""]
[""]
[""]
[""]
[""]
[""]
[""]
[""]
[{"$f":"IF(AND(B51139<>\"\",B51140<>\"\"),A51139+1,\"\")","v":""}]
[""]
[""]
[""]
[""]
[""]
[""]
[""]
[""]
[""]
[""]
[""]
[""]
[""]
[""]
[""]
[""]
[""]
[""]
[""]
[""]
[""]
[""]
[""]
[""]
[""]
[""]
[""]
[""]
[""]
[""]
[""]
[""]
[""]
[""]
[""]
[""]
[""]
[""]
[""]
[""]
[""]
[""]
[""]
[""]
[""]
[""]
[""]
[""]
[""]
[""]
[""]
[""]
[""]
[""]
[""]
[""]
[""]
[""]
[""]
[""]
[""]
[""]
[""]
[{"$f":"IF(AND(B51203<>\"\",B51204<>\"\"),A51203+1,\"\")","v":""}]
[""]
[""]
[""]
[""]
[""]
[""]
[""]
[""]
[""]
[""]
[""]
[""]
[""]
[""]
[""]
[""]
[""]
[""]
[""]
[""]
[""]
[""]
[""]
[""]
[""]
[""]
[""]
[""]
[""]
[""]
[""]
[""]
[""]
[""]
[""]
[""]
[""]
[""]
[""]
[""]
[""]
[""]
[""]
[""]
[""]
[""]
[""]
[""]
[""]
[""]
[""]
[""]
[""]
[""]
[""]
[""]
[""]
[""]
[""]
[""]
[""]
[""]
[""]
[{"$f":"IF(AND(B51267<>\"\",B51268<>\"\"),A51267+1,\"\")","v":""}]
[""]
[""]
[""]
[""]
[""]
[""]
[""]
[""]
[""]
[""]
[""]
[""]
[""]
[""]
[""]
[""]
[""]
[""]
[""]
[""]
[""]
[""]
[""]
[""]
[""]
[""]
[""]
[""]
[""]
[""]
[""]
[""]
[""]
[""]
[""]
[""]
[""]
[""]
[""]
[""]
[""]
[""]
[""]
[""]
[""]
[""]
[""]
[""]
[""]
[""]
[""]
[""]
[""]
[""]
[""]
[""]
[""]
[""]
[""]
[""]
[""]
[""]
[""]
[{"$f":"IF(AND(B51331<>\"\",B51332<>\"\"),A51331+1,\"\")","v":""}]
[""]
[""]
[""]
[""]
[""]
[""]
[""]
[""]
[""]
[""]
[""]
[""]
[""]
[""]
[""]
[""]
[""]
[""]
[""]
[""]
[""]
[""]
[""]
[""]
[""]
[""]
[""]
[""]
[""]
[""]
[""]
[""]
[""]
[""]
[""]
[""]
[""]
[""]
[""]
[""]
[""]
[""]
[""]
[""]
[""]
[""]
[""]
[""]
[""]
[""]
[""]
[""]
[""]
[""]
[""]
[""]
[""]
[""]
[""]
[""]
[""]
[""]
[""]
[{"$f":"IF(AND(B51395<>\"\",B51396<>\"\"),A51395+1,\"\")","v":""}]
[""]
[""]
[""]
[""]
[""]
[""]
[""]
[""]
[""]
[""]
[""]
[""]
[""]
[""]
[""]
[""]
[""]
[""]
[""]
[""]
[""]
[""]
[""]
[""]
[""]
[""]
[""]
[""]
[""]
[""]
[""]
[""]
[""]
[""]
[""]
[""]
[""]
[""]
[""]
[""]
[""]
[""]
[""]
[""]
[""]
[""]
[""]
[""]
[""]
[""]
[""]
[""]
[""]
[""]
[""]
[""]
[""]
[""]
[""]
[""]
[""]
[""]
[""]
[{"$f":"IF(AND(B51459<>\"\",B51460<>\"\"),A51459+1,\"\")","v":""}]
[""]
[""]
[""]
[""]
[""]
[""]
[""]
[""]
[""]
[""]
[""]
[""]
[""]
[""]
[""]
[""]
[""]
[""]
[""]
[""]
[""]
[""]
[""]
[""]
[""]
[""]
[""]
[""]
[""]
[""]
[""]
[""]
[""]
[""]
[""]
[""]
[""]
[""]
[""]
[""]
[""]
[""]
[""]
[""]
[""]
[""]
[""]
[""]
[""]
[""]
[""]
[""]
[""]
[""]
[""]
[""]
[""]
[""]
[""]
[""]
[""]
[""]
[""]
[{"$f":"IF(AND(B51523<>\"\",B51524<>\"\"),A51523+1,\"\")","v":""}]
[""]
[""]
[""]
[""]
[""]
[""]
[""]
[""]
[""]
[""]
[""]
[""]
[""]
[""]
[""]
[""]
[""]
[""]
[""]
[""]
[""]
[""]
[""]
[""]
[""]
[""]
[""]
[""]
[""]
[""]
[""]
[""]
[""]
[""]
[""]
[""]
[""]
[""]
[""]
[""]
[""]
[""]
[""]
[""]
[""]
[""]
[""]
[""]
[""]
[""]
[""]
[""]
[""]
[""]
[""]
[""]
[""]
[""]
[""]
[""]
[""]
[""]
[""]
[{"$f":"IF(AND(B51587<>\"\",B51588<>\"\"),A51587+1,\"\")","v":""}]
[""]
[""]
[""]
[""]
[""]
[""]
[""]
[""]
[""]
[""]
[""]
[""]
[""]
[""]
[""]
[""]
[""]
[""]
[""]
[""]
[""]
[""]
[""]
[""]
[""]
[""]
[""]
[""]
[""]
[""]
[""]
[""]
[""]
[""]
[""]
[""]
[""]
[""]
[""]
[""]
[""]
[""]
[""]
[""]
[""]
[""]
[""]
[""]
[""]
[""]
[""]
[""]
[""]
[""]
[""]
[""]
[""]
[""]
[""]
[""]
[""]
[""]
[""]
[{"$f":"IF(AND(B51651<>\"\",B51652<>\"\"),A51651+1,\"\")","v":""}]
[""]
[""]
[""]
[""]
[""]
[""]
[""]
[""]
[""]
[""]
[""]
[""]
[""]
[""]
[""]
[""]
[""]
[""]
[""]
[""]
[""]
[""]
[""]
[""]
[""]
[""]
[""]
[""]
[""]
[""]
[""]
[""]
[""]
[""]
[""]
[""]
[""]
[""]
[""]
[""]
[""]
[""]
[""]
[""]
[""]
[""]
[""]
[""]
[""]
[""]
[""]
[""]
[""]
[""]
[""]
[""]
[""]
[""]
[""]
[""]
[""]
[""]
[""]
[{"$f":"IF(AND(B51715<>\"\",B51716<>\"\"),A51715+1,\"\")","v":""}]
[""]
[""]
[""]
[""]
[""]
[""]
[""]
[""]
[""]
[""]
[""]
[""]
[""]
[""]
[""]
[""]
[""]
[""]
[""]
[""]
[""]
[""]
[""]
[""]
[""]
[""]
[""]
[""]
[""]
[""]
[""]
[""]
[""]
[""]
[""]
[""]
[""]
[""]
[""]
[""]
[""]
[""]
[""]
[""]
[""]
[""]
[""]
[""]
[""]
[""]
[""]
[""]
[""]
[""]
[""]
[""]
[""]
[""]
[""]
[""]
[""]
[""]
[""]
[{"$f":"IF(AND(B51779<>\"\",B51780<>\"\"),A51779+1,\"\")","v":""}]
[""]
[""]
[""]
[""]
[""]
[""]
[""]
[""]
[""]
[""]
[""]
[""]
[""]
[""]
[""]
[""]
[""]
[""]
[""]
[""]
[""]
[""]
[""]
[""]
[""]
[""]
[""]
[""]
[""]
[""]
[""]
[""]
[""]
[""]
[""]
[""]
[""]
[""]
[""]
[""]
[""]
[""]
[""]
[""]
[""]
[""]
[""]
[""]
[""]
[""]
[""]
[""]
[""]
[""]
[""]
[""]
[""]
[""]
[""]
[""]
[""]
[""]
[""]
[{"$f":"IF(AND(B51843<>\"\",B51844<>\"\"),A51843+1,\"\")","v":""}]
[""]
[""]
[""]
[""]
[""]
[""]
[""]
[""]
[""]
[""]
[""]
[""]
[""]
[""]
[""]
[""]
[""]
[""]
[""]
[""]
[""]
[""]
[""]
[""]
[""]
[""]
[""]
[""]
[""]
[""]
[""]
[""]
[""]
[""]
[""]
[""]
[""]
[""]
[""]
[""]
[""]
[""]
[""]
[""]
[""]
[""]
[""]
[""]
[""]
[""]
[""]
[""]
[""]
[""]
[""]
[""]
[""]
[""]
[""]
[""]
[""]
[""]
[""]
[{"$f":"IF(AND(B51907<>\"\",B51908<>\"\"),A51907+1,\"\")","v":""}]
[""]
[""]
[""]
[""]
[""]
[""]
[""]
[""]
[""]
[""]
[""]
[""]
[""]
[""]
[""]
[""]
[""]
[""]
[""]
[""]
[""]
[""]
[""]
[""]
[""]
[""]
[""]
[""]
[""]
[""]
[""]
[""]
[""]
[""]
[""]
[""]
[""]
[""]
[""]
[""]
[""]
[""]
[""]
[""]
[""]
[""]
[""]
[""]
[""]
[""]
[""]
[""]
[""]
[""]
[""]
[""]
[""]
[""]
[""]
[""]
[""]
[""]
[""]
[{"$f":"IF(AND(B51971<>\"\",B51972<>\"\"),A51971+1,\"\")","v":""}]
[""]
[""]
[""]
[""]
[""]
[""]
[""]
[""]
[""]
[""]
[""]
[""]
[""]
[""]
[""]
[""]
[""]
[""]
[""]
[""]
[""]
[""]
[""]
[""]
[""]
[""]
[""]
[""]
[""]
[""]
[""]
[""]
[""]
[""]
[""]
[""]
[""]
[""]
[""]
[""]
[""]
[""]
[""]
[""]
[""]
[""]
[""]
[""]
[""]
[""]
[""]
[""]
[""]
[""]
[""]
[""]
[""]
[""]
[""]
[""]
[""]
[""]
[""]
[{"$f":"IF(AND(B52035<>\"\",B52036<>\"\"),A52035+1,\"\")","v":""}]
[""]
[""]
[""]
[""]
[""]
[""]
[""]
[""]
[""]
[""]
[""]
[""]
[""]
[""]
[""]
[""]
[""]
[""]
[""]
[""]
[""]
[""]
[""]
[""]
[""]
[""]
[""]
[""]
[""]
[""]
[""]
[""]
[""]
[""]
[""]
[""]
[""]
[""]
[""]
[""]
[""]
[""]
[""]
[""]
[""]
[""]
[""]
[""]
[""]
[""]
[""]
[""]
[""]
[""]
[""]
[""]
[""]
[""]
[""]
[""]
[""]
[""]
[""]
[{"$f":"IF(AND(B52099<>\"\",B52100<>\"\"),A52099+1,\"\")","v":""}]
[""]
[""]
[""]
[""]
[""]
[""]
[""]
[""]
[""]
[""]
[""]
[""]
[""]
[""]
[""]
[""]
[""]
[""]
[""]
[""]
[""]
[""]
[""]
[""]
[""]
[""]
[""]
[""]
[""]
[""]
[""]
[""]
[""]
[""]
[""]
[""]
[""]
[""]
[""]
[""]
[""]
[""]
[""]
[""]
[""]
[""]
[""]
[""]
[""]
[""]
[""]
[""]
[""]
[""]
[""]
[""]
[""]
[""]
[""]
[""]
[""]
[""]
[""]
[{"$f":"IF(AND(B52163<>\"\",B52164<>\"\"),A52163+1,\"\")","v":""}]
[""]
[""]
[""]
[""]
[""]
[""]
[""]
[""]
[""]
[""]
[""]
[""]
[""]
[""]
[""]
[""]
[""]
[""]
[""]
[""]
[""]
[""]
[""]
[""]
[""]
[""]
[""]
[""]
[""]
[""]
[""]
[""]
[""]
[""]
[""]
[""]
[""]
[""]
[""]
[""]
[""]
[""]
[""]
[""]
[""]
[""]
[""]
[""]
[""]
[""]
[""]
[""]
[""]
[""]
[""]
[""]
[""]
[""]
[""]
[""]
[""]
[""]
[""]
[{"$f":"IF(AND(B52227<>\"\",B52228<>\"\"),A52227+1,\"\")","v":""}]
[""]
[""]
[""]
[""]
[""]
[""]
[""]
[""]
[""]
[""]
[""]
[""]
[""]
[""]
[""]
[""]
[""]
[""]
[""]
[""]
[""]
[""]
[""]
[""]
[""]
[""]
[""]
[""]
[""]
[""]
[""]
[""]
[""]
[""]
[""]
[""]
[""]
[""]
[""]
[""]
[""]
[""]
[""]
[""]
[""]
[""]
[""]
[""]
[""]
[""]
[""]
[""]
[""]
[""]
[""]
[""]
[""]
[""]
[""]
[""]
[""]
[""]
[""]
[{"$f":"IF(AND(B52291<>\"\",B52292<>\"\"),A52291+1,\"\")","v":""}]
[""]
[""]
[""]
[""]
[""]
[""]
[""]
[""]
[""]
[""]
[""]
[""]
[""]
[""]
[""]
[""]
[""]
[""]
[""]
[""]
[""]
[""]
[""]
[""]
[""]
[""]
[""]
[""]
[""]
[""]
[""]
[""]
[""]
[""]
[""]
[""]
[""]
[""]
[""]
[""]
[""]
[""]
[""]
[""]
[""]
[""]
[""]
[""]
[""]
[""]
[""]
[""]
[""]
[""]
[""]
[""]
[""]
[""]
[""]
[""]
[""]
[""]
[""]
[{"$f":"IF(AND(B52355<>\"\",B52356<>\"\"),A52355+1,\"\")","v":""}]
[""]
[""]
[""]
[""]
[""]
[""]
[""]
[""]
[""]
[""]
[""]
[""]
[""]
[""]
[""]
[""]
[""]
[""]
[""]
[""]
[""]
[""]
[""]
[""]
[""]
[""]
[""]
[""]
[""]
[""]
[""]
[""]
[""]
[""]
[""]
[""]
[""]
[""]
[""]
[""]
[""]
[""]
[""]
[""]
[""]
[""]
[""]
[""]
[""]
[""]
[""]
[""]
[""]
[""]
[""]
[""]
[""]
[""]
[""]
[""]
[""]
[""]
[""]
[{"$f":"IF(AND(B52419<>\"\",B52420<>\"\"),A52419+1,\"\")","v":""}]
[""]
[""]
[""]
[""]
[""]
[""]
[""]
[""]
[""]
[""]
[""]
[""]
[""]
[""]
[""]
[""]
[""]
[""]
[""]
[""]
[""]
[""]
[""]
[""]
[""]
[""]
[""]
[""]
[""]
[""]
[""]
[""]
[""]
[""]
[""]
[""]
[""]
[""]
[""]
[""]
[""]
[""]
[""]
[""]
[""]
[""]
[""]
[""]
[""]
[""]
[""]
[""]
[""]
[""]
[""]
[""]
[""]
[""]
[""]
[""]
[""]
[""]
[""]
[{"$f":"IF(AND(B52483<>\"\",B52484<>\"\"),A52483+1,\"\")","v":""}]
[""]
[""]
[""]
[""]
[""]
[""]
[""]
[""]
[""]
[""]
[""]
[""]
[""]
[""]
[""]
[""]
[""]
[""]
[""]
[""]
[""]
[""]
[""]
[""]
[""]
[""]
[""]
[""]
[""]
[""]
[""]
[""]
[""]
[""]
[""]
[""]
[""]
[""]
[""]
[""]
[""]
[""]
[""]
[""]
[""]
[""]
[""]
[""]
[""]
[""]
[""]
[""]
[""]
[""]
[""]
[""]
[""]
[""]
[""]
[""]
[""]
[""]
[""]
[{"$f":"IF(AND(B52547<>\"\",B52548<>\"\"),A52547+1,\"\")","v":""}]
[""]
[""]
[""]
[""]
[""]
[""]
[""]
[""]
[""]
[""]
[""]
[""]
[""]
[""]
[""]
[""]
[""]
[""]
[""]
[""]
[""]
[""]
[""]
[""]
[""]
[""]
[""]
[""]
[""]
[""]
[""]
[""]
[""]
[""]
[""]
[""]
[""]
[""]
[""]
[""]
[""]
[""]
[""]
[""]
[""]
[""]
[""]
[""]
[""]
[""]
[""]
[""]
[""]
[""]
[""]
[""]
[""]
[""]
[""]
[""]
[""]
[""]
[""]
[{"$f":"IF(AND(B52611<>\"\",B52612<>\"\"),A52611+1,\"\")","v":""}]
[""]
[""]
[""]
[""]
[""]
[""]
[""]
[""]
[""]
[""]
[""]
[""]
[""]
[""]
[""]
[""]
[""]
[""]
[""]
[""]
[""]
[""]
[""]
[""]
[""]
[""]
[""]
[""]
[""]
[""]
[""]
[""]
[""]
[""]
[""]
[""]
[""]
[""]
[""]
[""]
[""]
[""]
[""]
[""]
[""]
[""]
[""]
[""]
[""]
[""]
[""]
[""]
[""]
[""]
[""]
[""]
[""]
[""]
[""]
[""]
[""]
[""]
[""]
[{"$f":"IF(AND(B52675<>\"\",B52676<>\"\"),A52675+1,\"\")","v":""}]
[""]
[""]
[""]
[""]
[""]
[""]
[""]
[""]
[""]
[""]
[""]
[""]
[""]
[""]
[""]
[""]
[""]
[""]
[""]
[""]
[""]
[""]
[""]
[""]
[""]
[""]
[""]
[""]
[""]
[""]
[""]
[""]
[""]
[""]
[""]
[""]
[""]
[""]
[""]
[""]
[""]
[""]
[""]
[""]
[""]
[""]
[""]
[""]
[""]
[""]
[""]
[""]
[""]
[""]
[""]
[""]
[""]
[""]
[""]
[""]
[""]
[""]
[""]
[{"$f":"IF(AND(B52739<>\"\",B52740<>\"\"),A52739+1,\"\")","v":""}]
[""]
[""]
[""]
[""]
[""]
[""]
[""]
[""]
[""]
[""]
[""]
[""]
[""]
[""]
[""]
[""]
[""]
[""]
[""]
[""]
[""]
[""]
[""]
[""]
[""]
[""]
[""]
[""]
[""]
[""]
[""]
[""]
[""]
[""]
[""]
[""]
[""]
[""]
[""]
[""]
[""]
[""]
[""]
[""]
[""]
[""]
[""]
[""]
[""]
[""]
[""]
[""]
[""]
[""]
[""]
[""]
[""]
[""]
[""]
[""]
[""]
[""]
[""]
[{"$f":"IF(AND(B52803<>\"\",B52804<>\"\"),A52803+1,\"\")","v":""}]
[""]
[""]
[""]
[""]
[""]
[""]
[""]
[""]
[""]
[""]
[""]
[""]
[""]
[""]
[""]
[""]
[""]
[""]
[""]
[""]
[""]
[""]
[""]
[""]
[""]
[""]
[""]
[""]
[""]
[""]
[""]
[""]
[""]
[""]
[""]
[""]
[""]
[""]
[""]
[""]
[""]
[""]
[""]
[""]
[""]
[""]
[""]
[""]
[""]
[""]
[""]
[""]
[""]
[""]
[""]
[""]
[""]
[""]
[""]
[""]
[""]
[""]
[""]
[{"$f":"IF(AND(B52867<>\"\",B52868<>\"\"),A52867+1,\"\")","v":""}]
[""]
[""]
[""]
[""]
[""]
[""]
[""]
[""]
[""]
[""]
[""]
[""]
[""]
[""]
[""]
[""]
[""]
[""]
[""]
[""]
[""]
[""]
[""]
[""]
[""]
[""]
[""]
[""]
[""]
[""]
[""]
[""]
[""]
[""]
[""]
[""]
[""]
[""]
[""]
[""]
[""]
[""]
[""]
[""]
[""]
[""]
[""]
[""]
[""]
[""]
[""]
[""]
[""]
[""]
[""]
[""]
[""]
[""]
[""]
[""]
[""]
[""]
[""]
[{"$f":"IF(AND(B52931<>\"\",B52932<>\"\"),A52931+1,\"\")","v":""}]
[""]
[""]
[""]
[""]
[""]
[""]
[""]
[""]
[""]
[""]
[""]
[""]
[""]
[""]
[""]
[""]
[""]
[""]
[""]
[""]
[""]
[""]
[""]
[""]
[""]
[""]
[""]
[""]
[""]
[""]
[""]
[""]
[""]
[""]
[""]
[""]
[""]
[""]
[""]
[""]
[""]
[""]
[""]
[""]
[""]
[""]
[""]
[""]
[""]
[""]
[""]
[""]
[""]
[""]
[""]
[""]
[""]
[""]
[""]
[""]
[""]
[""]
[""]
[{"$f":"IF(AND(B52995<>\"\",B52996<>\"\"),A52995+1,\"\")","v":""}]
[""]
[""]
[""]
[""]
[""]
[""]
[""]
[""]
[""]
[""]
[""]
[""]
[""]
[""]
[""]
[""]
[""]
[""]
[""]
[""]
[""]
[""]
[""]
[""]
[""]
[""]
[""]
[""]
[""]
[""]
[""]
[""]
[""]
[""]
[""]
[""]
[""]
[""]
[""]
[""]
[""]
[""]
[""]
[""]
[""]
[""]
[""]
[""]
[""]
[""]
[""]
[""]
[""]
[""]
[""]
[""]
[""]
[""]
[""]
[""]
[""]
[""]
[""]
[{"$f":"IF(AND(B53059<>\"\",B53060<>\"\"),A53059+1,\"\")","v":""}]
[""]
[""]
[""]
[""]
[""]
[""]
[""]
[""]
[""]
[""]
[""]
[""]
[""]
[""]
[""]
[""]
[""]
[""]
[""]
[""]
[""]
[""]
[""]
[""]
[""]
[""]
[""]
[""]
[""]
[""]
[""]
[""]
[""]
[""]
[""]
[""]
[""]
[""]
[""]
[""]
[""]
[""]
[""]
[""]
[""]
[""]
[""]
[""]
[""]
[""]
[""]
[""]
[""]
[""]
[""]
[""]
[""]
[""]
[""]
[""]
[""]
[""]
[""]
[{"$f":"IF(AND(B53123<>\"\",B53124<>\"\"),A53123+1,\"\")","v":""}]
[""]
[""]
[""]
[""]
[""]
[""]
[""]
[""]
[""]
[""]
[""]
[""]
[""]
[""]
[""]
[""]
[""]
[""]
[""]
[""]
[""]
[""]
[""]
[""]
[""]
[""]
[""]
[""]
[""]
[""]
[""]
[""]
[""]
[""]
[""]
[""]
[""]
[""]
[""]
[""]
[""]
[""]
[""]
[""]
[""]
[""]
[""]
[""]
[""]
[""]
[""]
[""]
[""]
[""]
[""]
[""]
[""]
[""]
[""]
[""]
[""]
[""]
[""]
[{"$f":"IF(AND(B53187<>\"\",B53188<>\"\"),A53187+1,\"\")","v":""}]
[""]
[""]
[""]
[""]
[""]
[""]
[""]
[""]
[""]
[""]
[""]
[""]
[""]
[""]
[""]
[""]
[""]
[""]
[""]
[""]
[""]
[""]
[""]
[""]
[""]
[""]
[""]
[""]
[""]
[""]
[""]
[""]
[""]
[""]
[""]
[""]
[""]
[""]
[""]
[""]
[""]
[""]
[""]
[""]
[""]
[""]
[""]
[""]
[""]
[""]
[""]
[""]
[""]
[""]
[""]
[""]
[""]
[""]
[""]
[""]
[""]
[""]
[""]
[{"$f":"IF(AND(B53251<>\"\",B53252<>\"\"),A53251+1,\"\")","v":""}]
[""]
[""]
[""]
[""]
[""]
[""]
[""]
[""]
[""]
[""]
[""]
[""]
[""]
[""]
[""]
[""]
[""]
[""]
[""]
[""]
[""]
[""]
[""]
[""]
[""]
[""]
[""]
[""]
[""]
[""]
[""]
[""]
[""]
[""]
[""]
[""]
[""]
[""]
[""]
[""]
[""]
[""]
[""]
[""]
[""]
[""]
[""]
[""]
[""]
[""]
[""]
[""]
[""]
[""]
[""]
[""]
[""]
[""]
[""]
[""]
[""]
[""]
[""]
[{"$f":"IF(AND(B53315<>\"\",B53316<>\"\"),A53315+1,\"\")","v":""}]
[""]
[""]
[""]
[""]
[""]
[""]
[""]
[""]
[""]
[""]
[""]
[""]
[""]
[""]
[""]
[""]
[""]
[""]
[""]
[""]
[""]
[""]
[""]
[""]
[""]
[""]
[""]
[""]
[""]
[""]
[""]
[""]
[""]
[""]
[""]
[""]
[""]
[""]
[""]
[""]
[""]
[""]
[""]
[""]
[""]
[""]
[""]
[""]
[""]
[""]
[""]
[""]
[""]
[""]
[""]
[""]
[""]
[""]
[""]
[""]
[""]
[""]
[""]
[{"$f":"IF(AND(B53379<>\"\",B53380<>\"\"),A53379+1,\"\")","v":""}]
[""]
[""]
[""]
[""]
[""]
[""]
[""]
[""]
[""]
[""]
[""]
[""]
[""]
[""]
[""]
[""]
[""]
[""]
[""]
[""]
[""]
[""]
[""]
[""]
[""]
[""]
[""]
[""]
[""]
[""]
[""]
[""]
[""]
[""]
[""]
[""]
[""]
[""]
[""]
[""]
[""]
[""]
[""]
[""]
[""]
[""]
[""]
[""]
[""]
[""]
[""]
[""]
[""]
[""]
[""]
[""]
[""]
[""]
[""]
[""]
[""]
[""]
[""]
[{"$f":"IF(AND(B53443<>\"\",B53444<>\"\"),A53443+1,\"\")","v":""}]
[""]
[""]
[""]
[""]
[""]
[""]
[""]
[""]
[""]
[""]
[""]
[""]
[""]
[""]
[""]
[""]
[""]
[""]
[""]
[""]
[""]
[""]
[""]
[""]
[""]
[""]
[""]
[""]
[""]
[""]
[""]
[""]
[""]
[""]
[""]
[""]
[""]
[""]
[""]
[""]
[""]
[""]
[""]
[""]
[""]
[""]
[""]
[""]
[""]
[""]
[""]
[""]
[""]
[""]
[""]
[""]
[""]
[""]
[""]
[""]
[""]
[""]
[""]
[{"$f":"IF(AND(B53507<>\"\",B53508<>\"\"),A53507+1,\"\")","v":""}]
[""]
[""]
[""]
[""]
[""]
[""]
[""]
[""]
[""]
[""]
[""]
[""]
[""]
[""]
[""]
[""]
[""]
[""]
[""]
[""]
[""]
[""]
[""]
[""]
[""]
[""]
[""]
[""]
[""]
[""]
[""]
[""]
[""]
[""]
[""]
[""]
[""]
[""]
[""]
[""]
[""]
[""]
[""]
[""]
[""]
[""]
[""]
[""]
[""]
[""]
[""]
[""]
[""]
[""]
[""]
[""]
[""]
[""]
[""]
[""]
[""]
[""]
[""]
[{"$f":"IF(AND(B53571<>\"\",B53572<>\"\"),A53571+1,\"\")","v":""}]
[""]
[""]
[""]
[""]
[""]
[""]
[""]
[""]
[""]
[""]
[""]
[""]
[""]
[""]
[""]
[""]
[""]
[""]
[""]
[""]
[""]
[""]
[""]
[""]
[""]
[""]
[""]
[""]
[""]
[""]
[""]
[""]
[""]
[""]
[""]
[""]
[""]
[""]
[""]
[""]
[""]
[""]
[""]
[""]
[""]
[""]
[""]
[""]
[""]
[""]
[""]
[""]
[""]
[""]
[""]
[""]
[""]
[""]
[""]
[""]
[""]
[""]
[""]
[{"$f":"IF(AND(B53635<>\"\",B53636<>\"\"),A53635+1,\"\")","v":""}]
[""]
[""]
[""]
[""]
[""]
[""]
[""]
[""]
[""]
[""]
[""]
[""]
[""]
[""]
[""]
[""]
[""]
[""]
[""]
[""]
[""]
[""]
[""]
[""]
[""]
[""]
[""]
[""]
[""]
[""]
[""]
[""]
[""]
[""]
[""]
[""]
[""]
[""]
[""]
[""]
[""]
[""]
[""]
[""]
[""]
[""]
[""]
[""]
[""]
[""]
[""]
[""]
[""]
[""]
[""]
[""]
[""]
[""]
[""]
[""]
[""]
[""]
[""]
[{"$f":"IF(AND(B53699<>\"\",B53700<>\"\"),A53699+1,\"\")","v":""}]
[""]
[""]
[""]
[""]
[""]
[""]
[""]
[""]
[""]
[""]
[""]
[""]
[""]
[""]
[""]
[""]
[""]
[""]
[""]
[""]
[""]
[""]
[""]
[""]
[""]
[""]
[""]
[""]
[""]
[""]
[""]
[""]
[""]
[""]
[""]
[""]
[""]
[""]
[""]
[""]
[""]
[""]
[""]
[""]
[""]
[""]
[""]
[""]
[""]
[""]
[""]
[""]
[""]
[""]
[""]
[""]
[""]
[""]
[""]
[""]
[""]
[""]
[""]
[{"$f":"IF(AND(B53763<>\"\",B53764<>\"\"),A53763+1,\"\")","v":""}]
[""]
[""]
[""]
[""]
[""]
[""]
[""]
[""]
[""]
[""]
[""]
[""]
[""]
[""]
[""]
[""]
[""]
[""]
[""]
[""]
[""]
[""]
[""]
[""]
[""]
[""]
[""]
[""]
[""]
[""]
[""]
[""]
[""]
[""]
[""]
[""]
[""]
[""]
[""]
[""]
[""]
[""]
[""]
[""]
[""]
[""]
[""]
[""]
[""]
[""]
[""]
[""]
[""]
[""]
[""]
[""]
[""]
[""]
[""]
[""]
[""]
[""]
[""]
[{"$f":"IF(AND(B53827<>\"\",B53828<>\"\"),A53827+1,\"\")","v":""}]
[""]
[""]
[""]
[""]
[""]
[""]
[""]
[""]
[""]
[""]
[""]
[""]
[""]
[""]
[""]
[""]
[""]
[""]
[""]
[""]
[""]
[""]
[""]
[""]
[""]
[""]
[""]
[""]
[""]
[""]
[""]
[""]
[""]
[""]
[""]
[""]
[""]
[""]
[""]
[""]
[""]
[""]
[""]
[""]
[""]
[""]
[""]
[""]
[""]
[""]
[""]
[""]
[""]
[""]
[""]
[""]
[""]
[""]
[""]
[""]
[""]
[""]
[""]
[{"$f":"IF(AND(B53891<>\"\",B53892<>\"\"),A53891+1,\"\")","v":""}]
[""]
[""]
[""]
[""]
[""]
[""]
[""]
[""]
[""]
[""]
[""]
[""]
[""]
[""]
[""]
[""]
[""]
[""]
[""]
[""]
[""]
[""]
[""]
[""]
[""]
[""]
[""]
[""]
[""]
[""]
[""]
[""]
[""]
[""]
[""]
[""]
[""]
[""]
[""]
[""]
[""]
[""]
[""]
[""]
[""]
[""]
[""]
[""]
[""]
[""]
[""]
[""]
[""]
[""]
[""]
[""]
[""]
[""]
[""]
[""]
[""]
[""]
[""]
[{"$f":"IF(AND(B53955<>\"\",B53956<>\"\"),A53955+1,\"\")","v":""}]
[""]
[""]
[""]
[""]
[""]
[""]
[""]
[""]
[""]
[""]
[""]
[""]
[""]
[""]
[""]
[""]
[""]
[""]
[""]
[""]
[""]
[""]
[""]
[""]
[""]
[""]
[""]
[""]
[""]
[""]
[""]
[""]
[""]
[""]
[""]
[""]
[""]
[""]
[""]
[""]
[""]
[""]
[""]
[""]
[""]
[""]
[""]
[""]
[""]
[""]
[""]
[""]
[""]
[""]
[""]
[""]
[""]
[""]
[""]
[""]
[""]
[""]
[""]
[{"$f":"IF(AND(B54019<>\"\",B54020<>\"\"),A54019+1,\"\")","v":""}]
[""]
[""]
[""]
[""]
[""]
[""]
[""]
[""]
[""]
[""]
[""]
[""]
[""]
[""]
[""]
[""]
[""]
[""]
[""]
[""]
[""]
[""]
[""]
[""]
[""]
[""]
[""]
[""]
[""]
[""]
[""]
[""]
[""]
[""]
[""]
[""]
[""]
[""]
[""]
[""]
[""]
[""]
[""]
[""]
[""]
[""]
[""]
[""]
[""]
[""]
[""]
[""]
[""]
[""]
[""]
[""]
[""]
[""]
[""]
[""]
[""]
[""]
[""]
[{"$f":"IF(AND(B54083<>\"\",B54084<>\"\"),A54083+1,\"\")","v":""}]
[""]
[""]
[""]
[""]
[""]
[""]
[""]
[""]
[""]
[""]
[""]
[""]
[""]
[""]
[""]
[""]
[""]
[""]
[""]
[""]
[""]
[""]
[""]
[""]
[""]
[""]
[""]
[""]
[""]
[""]
[""]
[""]
[""]
[""]
[""]
[""]
[""]
[""]
[""]
[""]
[""]
[""]
[""]
[""]
[""]
[""]
[""]
[""]
[""]
[""]
[""]
[""]
[""]
[""]
[""]
[""]
[""]
[""]
[""]
[""]
[""]
[""]
[""]
[{"$f":"IF(AND(B54147<>\"\",B54148<>\"\"),A54147+1,\"\")","v":""}]
[""]
[""]
[""]
[""]
[""]
[""]
[""]
[""]
[""]
[""]
[""]
[""]
[""]
[""]
[""]
[""]
[""]
[""]
[""]
[""]
[""]
[""]
[""]
[""]
[""]
[""]
[""]
[""]
[""]
[""]
[""]
[""]
[""]
[""]
[""]
[""]
[""]
[""]
[""]
[""]
[""]
[""]
[""]
[""]
[""]
[""]
[""]
[""]
[""]
[""]
[""]
[""]
[""]
[""]
[""]
[""]
[""]
[""]
[""]
[""]
[""]
[""]
[""]
[{"$f":"IF(AND(B54211<>\"\",B54212<>\"\"),A54211+1,\"\")","v":""}]
[""]
[""]
[""]
[""]
[""]
[""]
[""]
[""]
[""]
[""]
[""]
[""]
[""]
[""]
[""]
[""]
[""]
[""]
[""]
[""]
[""]
[""]
[""]
[""]
[""]
[""]
[""]
[""]
[""]
[""]
[""]
[""]
[""]
[""]
[""]
[""]
[""]
[""]
[""]
[""]
[""]
[""]
[""]
[""]
[""]
[""]
[""]
[""]
[""]
[""]
[""]
[""]
[""]
[""]
[""]
[""]
[""]
[""]
[""]
[""]
[""]
[""]
[""]
[{"$f":"IF(AND(B54275<>\"\",B54276<>\"\"),A54275+1,\"\")","v":""}]
[""]
[""]
[""]
[""]
[""]
[""]
[""]
[""]
[""]
[""]
[""]
[""]
[""]
[""]
[""]
[""]
[""]
[""]
[""]
[""]
[""]
[""]
[""]
[""]
[""]
[""]
[""]
[""]
[""]
[""]
[""]
[""]
[""]
[""]
[""]
[""]
[""]
[""]
[""]
[""]
[""]
[""]
[""]
[""]
[""]
[""]
[""]
[""]
[""]
[""]
[""]
[""]
[""]
[""]
[""]
[""]
[""]
[""]
[""]
[""]
[""]
[""]
[""]
[{"$f":"IF(AND(B54339<>\"\",B54340<>\"\"),A54339+1,\"\")","v":""}]
[""]
[""]
[""]
[""]
[""]
[""]
[""]
[""]
[""]
[""]
[""]
[""]
[""]
[""]
[""]
[""]
[""]
[""]
[""]
[""]
[""]
[""]
[""]
[""]
[""]
[""]
[""]
[""]
[""]
[""]
[""]
[""]
[""]
[""]
[""]
[""]
[""]
[""]
[""]
[""]
[""]
[""]
[""]
[""]
[""]
[""]
[""]
[""]
[""]
[""]
[""]
[""]
[""]
[""]
[""]
[""]
[""]
[""]
[""]
[""]
[""]
[""]
[""]
[{"$f":"IF(AND(B54403<>\"\",B54404<>\"\"),A54403+1,\"\")","v":""}]
[""]
[""]
[""]
[""]
[""]
[""]
[""]
[""]
[""]
[""]
[""]
[""]
[""]
[""]
[""]
[""]
[""]
[""]
[""]
[""]
[""]
[""]
[""]
[""]
[""]
[""]
[""]
[""]
[""]
[""]
[""]
[""]
[""]
[""]
[""]
[""]
[""]
[""]
[""]
[""]
[""]
[""]
[""]
[""]
[""]
[""]
[""]
[""]
[""]
[""]
[""]
[""]
[""]
[""]
[""]
[""]
[""]
[""]
[""]
[""]
[""]
[""]
[""]
[{"$f":"IF(AND(B54467<>\"\",B54468<>\"\"),A54467+1,\"\")","v":""}]
[""]
[""]
[""]
[""]
[""]
[""]
[""]
[""]
[""]
[""]
[""]
[""]
[""]
[""]
[""]
[""]
[""]
[""]
[""]
[""]
[""]
[""]
[""]
[""]
[""]
[""]
[""]
[""]
[""]
[""]
[""]
[""]
[""]
[""]
[""]
[""]
[""]
[""]
[""]
[""]
[""]
[""]
[""]
[""]
[""]
[""]
[""]
[""]
[""]
[""]
[""]
[""]
[""]
[""]
[""]
[""]
[""]
[""]
[""]
[""]
[""]
[""]
[""]
[{"$f":"IF(AND(B54531<>\"\",B54532<>\"\"),A54531+1,\"\")","v":""}]
[""]
[""]
[""]
[""]
[""]
[""]
[""]
[""]
[""]
[""]
[""]
[""]
[""]
[""]
[""]
[""]
[""]
[""]
[""]
[""]
[""]
[""]
[""]
[""]
[""]
[""]
[""]
[""]
[""]
[""]
[""]
[""]
[""]
[""]
[""]
[""]
[""]
[""]
[""]
[""]
[""]
[""]
[""]
[""]
[""]
[""]
[""]
[""]
[""]
[""]
[""]
[""]
[""]
[""]
[""]
[""]
[""]
[""]
[""]
[""]
[""]
[""]
[""]
[{"$f":"IF(AND(B54595<>\"\",B54596<>\"\"),A54595+1,\"\")","v":""}]
[""]
[""]
[""]
[""]
[""]
[""]
[""]
[""]
[""]
[""]
[""]
[""]
[""]
[""]
[""]
[""]
[""]
[""]
[""]
[""]
[""]
[""]
[""]
[""]
[""]
[""]
[""]
[""]
[""]
[""]
[""]
[""]
[""]
[""]
[""]
[""]
[""]
[""]
[""]
[""]
[""]
[""]
[""]
[""]
[""]
[""]
[""]
[""]
[""]
[""]
[""]
[""]
[""]
[""]
[""]
[""]
[""]
[""]
[""]
[""]
[""]
[""]
[""]
[{"$f":"IF(AND(B54659<>\"\",B54660<>\"\"),A54659+1,\"\")","v":""}]
[""]
[""]
[""]
[""]
[""]
[""]
[""]
[""]
[""]
[""]
[""]
[""]
[""]
[""]
[""]
[""]
[""]
[""]
[""]
[""]
[""]
[""]
[""]
[""]
[""]
[""]
[""]
[""]
[""]
[""]
[""]
[""]
[""]
[""]
[""]
[""]
[""]
[""]
[""]
[""]
[""]
[""]
[""]
[""]
[""]
[""]
[""]
[""]
[""]
[""]
[""]
[""]
[""]
[""]
[""]
[""]
[""]
[""]
[""]
[""]
[""]
[""]
[""]
[{"$f":"IF(AND(B54723<>\"\",B54724<>\"\"),A54723+1,\"\")","v":""}]
[""]
[""]
[""]
[""]
[""]
[""]
[""]
[""]
[""]
[""]
[""]
[""]
[""]
[""]
[""]
[""]
[""]
[""]
[""]
[""]
[""]
[""]
[""]
[""]
[""]
[""]
[""]
[""]
[""]
[""]
[""]
[""]
[""]
[""]
[""]
[""]
[""]
[""]
[""]
[""]
[""]
[""]
[""]
[""]
[""]
[""]
[""]
[""]
[""]
[""]
[""]
[""]
[""]
[""]
[""]
[""]
[""]
[""]
[""]
[""]
[""]
[""]
[""]
[{"$f":"IF(AND(B54787<>\"\",B54788<>\"\"),A54787+1,\"\")","v":""}]
[""]
[""]
[""]
[""]
[""]
[""]
[""]
[""]
[""]
[""]
[""]
[""]
[""]
[""]
[""]
[""]
[""]
[""]
[""]
[""]
[""]
[""]
[""]
[""]
[""]
[""]
[""]
[""]
[""]
[""]
[""]
[""]
[""]
[""]
[""]
[""]
[""]
[""]
[""]
[""]
[""]
[""]
[""]
[""]
[""]
[""]
[""]
[""]
[""]
[""]
[""]
[""]
[""]
[""]
[""]
[""]
[""]
[""]
[""]
[""]
[""]
[""]
[""]
[{"$f":"IF(AND(B54851<>\"\",B54852<>\"\"),A54851+1,\"\")","v":""}]
[""]
[""]
[""]
[""]
[""]
[""]
[""]
[""]
[""]
[""]
[""]
[""]
[""]
[""]
[""]
[""]
[""]
[""]
[""]
[""]
[""]
[""]
[""]
[""]
[""]
[""]
[""]
[""]
[""]
[""]
[""]
[""]
[""]
[""]
[""]
[""]
[""]
[""]
[""]
[""]
[""]
[""]
[""]
[""]
[""]
[""]
[""]
[""]
[""]
[""]
[""]
[""]
[""]
[""]
[""]
[""]
[""]
[""]
[""]
[""]
[""]
[""]
[""]
[{"$f":"IF(AND(B54915<>\"\",B54916<>\"\"),A54915+1,\"\")","v":""}]
[""]
[""]
[""]
[""]
[""]
[""]
[""]
[""]
[""]
[""]
[""]
[""]
[""]
[""]
[""]
[""]
[""]
[""]
[""]
[""]
[""]
[""]
[""]
[""]
[""]
[""]
[""]
[""]
[""]
[""]
[""]
[""]
[""]
[""]
[""]
[""]
[""]
[""]
[""]
[""]
[""]
[""]
[""]
[""]
[""]
[""]
[""]
[""]
[""]
[""]
[""]
[""]
[""]
[""]
[""]
[""]
[""]
[""]
[""]
[""]
[""]
[""]
[""]
[{"$f":"IF(AND(B54979<>\"\",B54980<>\"\"),A54979+1,\"\")","v":""}]
[""]
[""]
[""]
[""]
[""]
[""]
[""]
[""]
[""]
[""]
[""]
[""]
[""]
[""]
[""]
[""]
[""]
[""]
[""]
[""]
[""]
[""]
[""]
[""]
[""]
[""]
[""]
[""]
[""]
[""]
[""]
[""]
[""]
[""]
[""]
[""]
[""]
[""]
[""]
[""]
[""]
[""]
[""]
[""]
[""]
[""]
[""]
[""]
[""]
[""]
[""]
[""]
[""]
[""]
[""]
[""]
[""]
[""]
[""]
[""]
[""]
[""]
[""]
[{"$f":"IF(AND(B55043<>\"\",B55044<>\"\"),A55043+1,\"\")","v":""}]
[""]
[""]
[""]
[""]
[""]
[""]
[""]
[""]
[""]
[""]
[""]
[""]
[""]
[""]
[""]
[""]
[""]
[""]
[""]
[""]
[""]
[""]
[""]
[""]
[""]
[""]
[""]
[""]
[""]
[""]
[""]
[""]
[""]
[""]
[""]
[""]
[""]
[""]
[""]
[""]
[""]
[""]
[""]
[""]
[""]
[""]
[""]
[""]
[""]
[""]
[""]
[""]
[""]
[""]
[""]
[""]
[""]
[""]
[""]
[""]
[""]
[""]
[""]
[{"$f":"IF(AND(B55107<>\"\",B55108<>\"\"),A55107+1,\"\")","v":""}]
[""]
[""]
[""]
[""]
[""]
[""]
[""]
[""]
[""]
[""]
[""]
[""]
[""]
[""]
[""]
[""]
[""]
[""]
[""]
[""]
[""]
[""]
[""]
[""]
[""]
[""]
[""]
[""]
[""]
[""]
[""]
[""]
[""]
[""]
[""]
[""]
[""]
[""]
[""]
[""]
[""]
[""]
[""]
[""]
[""]
[""]
[""]
[""]
[""]
[""]
[""]
[""]
[""]
[""]
[""]
[""]
[""]
[""]
[""]
[""]
[""]
[""]
[""]
[{"$f":"IF(AND(B55171<>\"\",B55172<>\"\"),A55171+1,\"\")","v":""}]
[""]
[""]
[""]
[""]
[""]
[""]
[""]
[""]
[""]
[""]
[""]
[""]
[""]
[""]
[""]
[""]
[""]
[""]
[""]
[""]
[""]
[""]
[""]
[""]
[""]
[""]
[""]
[""]
[""]
[""]
[""]
[""]
[""]
[""]
[""]
[""]
[""]
[""]
[""]
[""]
[""]
[""]
[""]
[""]
[""]
[""]
[""]
[""]
[""]
[""]
[""]
[""]
[""]
[""]
[""]
[""]
[""]
[""]
[""]
[""]
[""]
[""]
[""]
[{"$f":"IF(AND(B55235<>\"\",B55236<>\"\"),A55235+1,\"\")","v":""}]
[""]
[""]
[""]
[""]
[""]
[""]
[""]
[""]
[""]
[""]
[""]
[""]
[""]
[""]
[""]
[""]
[""]
[""]
[""]
[""]
[""]
[""]
[""]
[""]
[""]
[""]
[""]
[""]
[""]
[""]
[""]
[""]
[""]
[""]
[""]
[""]
[""]
[""]
[""]
[""]
[""]
[""]
[""]
[""]
[""]
[""]
[""]
[""]
[""]
[""]
[""]
[""]
[""]
[""]
[""]
[""]
[""]
[""]
[""]
[""]
[""]
[""]
[""]
[{"$f":"IF(AND(B55299<>\"\",B55300<>\"\"),A55299+1,\"\")","v":""}]
[""]
[""]
[""]
[""]
[""]
[""]
[""]
[""]
[""]
[""]
[""]
[""]
[""]
[""]
[""]
[""]
[""]
[""]
[""]
[""]
[""]
[""]
[""]
[""]
[""]
[""]
[""]
[""]
[""]
[""]
[""]
[""]
[""]
[""]
[""]
[""]
[""]
[""]
[""]
[""]
[""]
[""]
[""]
[""]
[""]
[""]
[""]
[""]
[""]
[""]
[""]
[""]
[""]
[""]
[""]
[""]
[""]
[""]
[""]
[""]
[""]
[""]
[""]
[{"$f":"IF(AND(B55363<>\"\",B55364<>\"\"),A55363+1,\"\")","v":""}]
[""]
[""]
[""]
[""]
[""]
[""]
[""]
[""]
[""]
[""]
[""]
[""]
[""]
[""]
[""]
[""]
[""]
[""]
[""]
[""]
[""]
[""]
[""]
[""]
[""]
[""]
[""]
[""]
[""]
[""]
[""]
[""]
[""]
[""]
[""]
[""]
[""]
[""]
[""]
[""]
[""]
[""]
[""]
[""]
[""]
[""]
[""]
[""]
[""]
[""]
[""]
[""]
[""]
[""]
[""]
[""]
[""]
[""]
[""]
[""]
[""]
[""]
[""]
[{"$f":"IF(AND(B55427<>\"\",B55428<>\"\"),A55427+1,\"\")","v":""}]
[""]
[""]
[""]
[""]
[""]
[""]
[""]
[""]
[""]
[""]
[""]
[""]
[""]
[""]
[""]
[""]
[""]
[""]
[""]
[""]
[""]
[""]
[""]
[""]
[""]
[""]
[""]
[""]
[""]
[""]
[""]
[""]
[""]
[""]
[""]
[""]
[""]
[""]
[""]
[""]
[""]
[""]
[""]
[""]
[""]
[""]
[""]
[""]
[""]
[""]
[""]
[""]
[""]
[""]
[""]
[""]
[""]
[""]
[""]
[""]
[""]
[""]
[""]
[{"$f":"IF(AND(B55491<>\"\",B55492<>\"\"),A55491+1,\"\")","v":""}]
[""]
[""]
[""]
[""]
[""]
[""]
[""]
[""]
[""]
[""]
[""]
[""]
[""]
[""]
[""]
[""]
[""]
[""]
[""]
[""]
[""]
[""]
[""]
[""]
[""]
[""]
[""]
[""]
[""]
[""]
[""]
[""]
[""]
[""]
[""]
[""]
[""]
[""]
[""]
[""]
[""]
[""]
[""]
[""]
[""]
[""]
[""]
[""]
[""]
[""]
[""]
[""]
[""]
[""]
[""]
[""]
[""]
[""]
[""]
[""]
[""]
[""]
[""]
[{"$f":"IF(AND(B55555<>\"\",B55556<>\"\"),A55555+1,\"\")","v":""}]
[""]
[""]
[""]
[""]
[""]
[""]
[""]
[""]
[""]
[""]
[""]
[""]
[""]
[""]
[""]
[""]
[""]
[""]
[""]
[""]
[""]
[""]
[""]
[""]
[""]
[""]
[""]
[""]
[""]
[""]
[""]
[""]
[""]
[""]
[""]
[""]
[""]
[""]
[""]
[""]
[""]
[""]
[""]
[""]
[""]
[""]
[""]
[""]
[""]
[""]
[""]
[""]
[""]
[""]
[""]
[""]
[""]
[""]
[""]
[""]
[""]
[""]
[""]
[{"$f":"IF(AND(B55619<>\"\",B55620<>\"\"),A55619+1,\"\")","v":""}]
[""]
[""]
[""]
[""]
[""]
[""]
[""]
[""]
[""]
[""]
[""]
[""]
[""]
[""]
[""]
[""]
[""]
[""]
[""]
[""]
[""]
[""]
[""]
[""]
[""]
[""]
[""]
[""]
[""]
[""]
[""]
[""]
[""]
[""]
[""]
[""]
[""]
[""]
[""]
[""]
[""]
[""]
[""]
[""]
[""]
[""]
[""]
[""]
[""]
[""]
[""]
[""]
[""]
[""]
[""]
[""]
[""]
[""]
[""]
[""]
[""]
[""]
[""]
[{"$f":"IF(AND(B55683<>\"\",B55684<>\"\"),A55683+1,\"\")","v":""}]
[""]
[""]
[""]
[""]
[""]
[""]
[""]
[""]
[""]
[""]
[""]
[""]
[""]
[""]
[""]
[""]
[""]
[""]
[""]
[""]
[""]
[""]
[""]
[""]
[""]
[""]
[""]
[""]
[""]
[""]
[""]
[""]
[""]
[""]
[""]
[""]
[""]
[""]
[""]
[""]
[""]
[""]
[""]
[""]
[""]
[""]
[""]
[""]
[""]
[""]
[""]
[""]
[""]
[""]
[""]
[""]
[""]
[""]
[""]
[""]
[""]
[""]
[""]
[{"$f":"IF(AND(B55747<>\"\",B55748<>\"\"),A55747+1,\"\")","v":""}]
[""]
[""]
[""]
[""]
[""]
[""]
[""]
[""]
[""]
[""]
[""]
[""]
[""]
[""]
[""]
[""]
[""]
[""]
[""]
[""]
[""]
[""]
[""]
[""]
[""]
[""]
[""]
[""]
[""]
[""]
[""]
[""]
[""]
[""]
[""]
[""]
[""]
[""]
[""]
[""]
[""]
[""]
[""]
[""]
[""]
[""]
[""]
[""]
[""]
[""]
[""]
[""]
[""]
[""]
[""]
[""]
[""]
[""]
[""]
[""]
[""]
[""]
[""]
[{"$f":"IF(AND(B55811<>\"\",B55812<>\"\"),A55811+1,\"\")","v":""}]
[""]
[""]
[""]
[""]
[""]
[""]
[""]
[""]
[""]
[""]
[""]
[""]
[""]
[""]
[""]
[""]
[""]
[""]
[""]
[""]
[""]
[""]
[""]
[""]
[""]
[""]
[""]
[""]
[""]
[""]
[""]
[""]
[""]
[""]
[""]
[""]
[""]
[""]
[""]
[""]
[""]
[""]
[""]
[""]
[""]
[""]
[""]
[""]
[""]
[""]
[""]
[""]
[""]
[""]
[""]
[""]
[""]
[""]
[""]
[""]
[""]
[""]
[""]
[{"$f":"IF(AND(B55875<>\"\",B55876<>\"\"),A55875+1,\"\")","v":""}]
[""]
[""]
[""]
[""]
[""]
[""]
[""]
[""]
[""]
[""]
[""]
[""]
[""]
[""]
[""]
[""]
[""]
[""]
[""]
[""]
[""]
[""]
[""]
[""]
[""]
[""]
[""]
[""]
[""]
[""]
[""]
[""]
[""]
[""]
[""]
[""]
[""]
[""]
[""]
[""]
[""]
[""]
[""]
[""]
[""]
[""]
[""]
[""]
[""]
[""]
[""]
[""]
[""]
[""]
[""]
[""]
[""]
[""]
[""]
[""]
[""]
[""]
[""]
[{"$f":"IF(AND(B55939<>\"\",B55940<>\"\"),A55939+1,\"\")","v":""}]
[""]
[""]
[""]
[""]
[""]
[""]
[""]
[""]
[""]
[""]
[""]
[""]
[""]
[""]
[""]
[""]
[""]
[""]
[""]
[""]
[""]
[""]
[""]
[""]
[""]
[""]
[""]
[""]
[""]
[""]
[""]
[""]
[""]
[""]
[""]
[""]
[""]
[""]
[""]
[""]
[""]
[""]
[""]
[""]
[""]
[""]
[""]
[""]
[""]
[""]
[""]
[""]
[""]
[""]
[""]
[""]
[""]
[""]
[""]
[""]
[""]
[""]
[""]
[{"$f":"IF(AND(B56003<>\"\",B56004<>\"\"),A56003+1,\"\")","v":""}]
[""]
[""]
[""]
[""]
[""]
[""]
[""]
[""]
[""]
[""]
[""]
[""]
[""]
[""]
[""]
[""]
[""]
[""]
[""]
[""]
[""]
[""]
[""]
[""]
[""]
[""]
[""]
[""]
[""]
[""]
[""]
[""]
[""]
[""]
[""]
[""]
[""]
[""]
[""]
[""]
[""]
[""]
[""]
[""]
[""]
[""]
[""]
[""]
[""]
[""]
[""]
[""]
[""]
[""]
[""]
[""]
[""]
[""]
[""]
[""]
[""]
[""]
[""]
[{"$f":"IF(AND(B56067<>\"\",B56068<>\"\"),A56067+1,\"\")","v":""}]
[""]
[""]
[""]
[""]
[""]
[""]
[""]
[""]
[""]
[""]
[""]
[""]
[""]
[""]
[""]
[""]
[""]
[""]
[""]
[""]
[""]
[""]
[""]
[""]
[""]
[""]
[""]
[""]
[""]
[""]
[""]
[""]
[""]
[""]
[""]
[""]
[""]
[""]
[""]
[""]
[""]
[""]
[""]
[""]
[""]
[""]
[""]
[""]
[""]
[""]
[""]
[""]
[""]
[""]
[""]
[""]
[""]
[""]
[""]
[""]
[""]
[""]
[""]
[{"$f":"IF(AND(B56131<>\"\",B56132<>\"\"),A56131+1,\"\")","v":""}]
[""]
[""]
[""]
[""]
[""]
[""]
[""]
[""]
[""]
[""]
[""]
[""]
[""]
[""]
[""]
[""]
[""]
[""]
[""]
[""]
[""]
[""]
[""]
[""]
[""]
[""]
[""]
[""]
[""]
[""]
[""]
[""]
[""]
[""]
[""]
[""]
[""]
[""]
[""]
[""]
[""]
[""]
[""]
[""]
[""]
[""]
[""]
[""]
[""]
[""]
[""]
[""]
[""]
[""]
[""]
[""]
[""]
[""]
[""]
[""]
[""]
[""]
[""]
[{"$f":"IF(AND(B56195<>\"\",B56196<>\"\"),A56195+1,\"\")","v":""}]
[""]
[""]
[""]
[""]
[""]
[""]
[""]
[""]
[""]
[""]
[""]
[""]
[""]
[""]
[""]
[""]
[""]
[""]
[""]
[""]
[""]
[""]
[""]
[""]
[""]
[""]
[""]
[""]
[""]
[""]
[""]
[""]
[""]
[""]
[""]
[""]
[""]
[""]
[""]
[""]
[""]
[""]
[""]
[""]
[""]
[""]
[""]
[""]
[""]
[""]
[""]
[""]
[""]
[""]
[""]
[""]
[""]
[""]
[""]
[""]
[""]
[""]
[""]
[{"$f":"IF(AND(B56259<>\"\",B56260<>\"\"),A56259+1,\"\")","v":""}]
[""]
[""]
[""]
[""]
[""]
[""]
[""]
[""]
[""]
[""]
[""]
[""]
[""]
[""]
[""]
[""]
[""]
[""]
[""]
[""]
[""]
[""]
[""]
[""]
[""]
[""]
[""]
[""]
[""]
[""]
[""]
[""]
[""]
[""]
[""]
[""]
[""]
[""]
[""]
[""]
[""]
[""]
[""]
[""]
[""]
[""]
[""]
[""]
[""]
[""]
[""]
[""]
[""]
[""]
[""]
[""]
[""]
[""]
[""]
[""]
[""]
[""]
[""]
[{"$f":"IF(AND(B56323<>\"\",B56324<>\"\"),A56323+1,\"\")","v":""}]
[""]
[""]
[""]
[""]
[""]
[""]
[""]
[""]
[""]
[""]
[""]
[""]
[""]
[""]
[""]
[""]
[""]
[""]
[""]
[""]
[""]
[""]
[""]
[""]
[""]
[""]
[""]
[""]
[""]
[""]
[""]
[""]
[""]
[""]
[""]
[""]
[""]
[""]
[""]
[""]
[""]
[""]
[""]
[""]
[""]
[""]
[""]
[""]
[""]
[""]
[""]
[""]
[""]
[""]
[""]
[""]
[""]
[""]
[""]
[""]
[""]
[""]
[""]
[{"$f":"IF(AND(B56387<>\"\",B56388<>\"\"),A56387+1,\"\")","v":""}]
[""]
[""]
[""]
[""]
[""]
[""]
[""]
[""]
[""]
[""]
[""]
[""]
[""]
[""]
[""]
[""]
[""]
[""]
[""]
[""]
[""]
[""]
[""]
[""]
[""]
[""]
[""]
[""]
[""]
[""]
[""]
[""]
[""]
[""]
[""]
[""]
[""]
[""]
[""]
[""]
[""]
[""]
[""]
[""]
[""]
[""]
[""]
[""]
[""]
[""]
[""]
[""]
[""]
[""]
[""]
[""]
[""]
[""]
[""]
[""]
[""]
[""]
[""]
[{"$f":"IF(AND(B56451<>\"\",B56452<>\"\"),A56451+1,\"\")","v":""}]
[""]
[""]
[""]
[""]
[""]
[""]
[""]
[""]
[""]
[""]
[""]
[""]
[""]
[""]
[""]
[""]
[""]
[""]
[""]
[""]
[""]
[""]
[""]
[""]
[""]
[""]
[""]
[""]
[""]
[""]
[""]
[""]
[""]
[""]
[""]
[""]
[""]
[""]
[""]
[""]
[""]
[""]
[""]
[""]
[""]
[""]
[""]
[""]
[""]
[""]
[""]
[""]
[""]
[""]
[""]
[""]
[""]
[""]
[""]
[""]
[""]
[""]
[""]
[{"$f":"IF(AND(B56515<>\"\",B56516<>\"\"),A56515+1,\"\")","v":""}]
[""]
[""]
[""]
[""]
[""]
[""]
[""]
[""]
[""]
[""]
[""]
[""]
[""]
[""]
[""]
[""]
[""]
[""]
[""]
[""]
[""]
[""]
[""]
[""]
[""]
[""]
[""]
[""]
[""]
[""]
[""]
[""]
[""]
[""]
[""]
[""]
[""]
[""]
[""]
[""]
[""]
[""]
[""]
[""]
[""]
[""]
[""]
[""]
[""]
[""]
[""]
[""]
[""]
[""]
[""]
[""]
[""]
[""]
[""]
[""]
[""]
[""]
[""]
[{"$f":"IF(AND(B56579<>\"\",B56580<>\"\"),A56579+1,\"\")","v":""}]
[""]
[""]
[""]
[""]
[""]
[""]
[""]
[""]
[""]
[""]
[""]
[""]
[""]
[""]
[""]
[""]
[""]
[""]
[""]
[""]
[""]
[""]
[""]
[""]
[""]
[""]
[""]
[""]
[""]
[""]
[""]
[""]
[""]
[""]
[""]
[""]
[""]
[""]
[""]
[""]
[""]
[""]
[""]
[""]
[""]
[""]
[""]
[""]
[""]
[""]
[""]
[""]
[""]
[""]
[""]
[""]
[""]
[""]
[""]
[""]
[""]
[""]
[""]
[{"$f":"IF(AND(B56643<>\"\",B56644<>\"\"),A56643+1,\"\")","v":""}]
[""]
[""]
[""]
[""]
[""]
[""]
[""]
[""]
[""]
[""]
[""]
[""]
[""]
[""]
[""]
[""]
[""]
[""]
[""]
[""]
[""]
[""]
[""]
[""]
[""]
[""]
[""]
[""]
[""]
[""]
[""]
[""]
[""]
[""]
[""]
[""]
[""]
[""]
[""]
[""]
[""]
[""]
[""]
[""]
[""]
[""]
[""]
[""]
[""]
[""]
[""]
[""]
[""]
[""]
[""]
[""]
[""]
[""]
[""]
[""]
[""]
[""]
[""]
[{"$f":"IF(AND(B56707<>\"\",B56708<>\"\"),A56707+1,\"\")","v":""}]
[""]
[""]
[""]
[""]
[""]
[""]
[""]
[""]
[""]
[""]
[""]
[""]
[""]
[""]
[""]
[""]
[""]
[""]
[""]
[""]
[""]
[""]
[""]
[""]
[""]
[""]
[""]
[""]
[""]
[""]
[""]
[""]
[""]
[""]
[""]
[""]
[""]
[""]
[""]
[""]
[""]
[""]
[""]
[""]
[""]
[""]
[""]
[""]
[""]
[""]
[""]
[""]
[""]
[""]
[""]
[""]
[""]
[""]
[""]
[""]
[""]
[""]
[""]
[{"$f":"IF(AND(B56771<>\"\",B56772<>\"\"),A56771+1,\"\")","v":""}]
[""]
[""]
[""]
[""]
[""]
[""]
[""]
[""]
[""]
[""]
[""]
[""]
[""]
[""]
[""]
[""]
[""]
[""]
[""]
[""]
[""]
[""]
[""]
[""]
[""]
[""]
[""]
[""]
[""]
[""]
[""]
[""]
[""]
[""]
[""]
[""]
[""]
[""]
[""]
[""]
[""]
[""]
[""]
[""]
[""]
[""]
[""]
[""]
[""]
[""]
[""]
[""]
[""]
[""]
[""]
[""]
[""]
[""]
[""]
[""]
[""]
[""]
[""]
[{"$f":"IF(AND(B56835<>\"\",B56836<>\"\"),A56835+1,\"\")","v":""}]
[""]
[""]
[""]
[""]
[""]
[""]
[""]
[""]
[""]
[""]
[""]
[""]
[""]
[""]
[""]
[""]
[""]
[""]
[""]
[""]
[""]
[""]
[""]
[""]
[""]
[""]
[""]
[""]
[""]
[""]
[""]
[""]
[""]
[""]
[""]
[""]
[""]
[""]
[""]
[""]
[""]
[""]
[""]
[""]
[""]
[""]
[""]
[""]
[""]
[""]
[""]
[""]
[""]
[""]
[""]
[""]
[""]
[""]
[""]
[""]
[""]
[""]
[""]
[{"$f":"IF(AND(B56899<>\"\",B56900<>\"\"),A56899+1,\"\")","v":""}]
[""]
[""]
[""]
[""]
[""]
[""]
[""]
[""]
[""]
[""]
[""]
[""]
[""]
[""]
[""]
[""]
[""]
[""]
[""]
[""]
[""]
[""]
[""]
[""]
[""]
[""]
[""]
[""]
[""]
[""]
[""]
[""]
[""]
[""]
[""]
[""]
[""]
[""]
[""]
[""]
[""]
[""]
[""]
[""]
[""]
[""]
[""]
[""]
[""]
[""]
[""]
[""]
[""]
[""]
[""]
[""]
[""]
[""]
[""]
[""]
[""]
[""]
[""]
[{"$f":"IF(AND(B56963<>\"\",B56964<>\"\"),A56963+1,\"\")","v":""}]
[""]
[""]
[""]
[""]
[""]
[""]
[""]
[""]
[""]
[""]
[""]
[""]
[""]
[""]
[""]
[""]
[""]
[""]
[""]
[""]
[""]
[""]
[""]
[""]
[""]
[""]
[""]
[""]
[""]
[""]
[""]
[""]
[""]
[""]
[""]
[""]
[""]
[""]
[""]
[""]
[""]
[""]
[""]
[""]
[""]
[""]
[""]
[""]
[""]
[""]
[""]
[""]
[""]
[""]
[""]
[""]
[""]
[""]
[""]
[""]
[""]
[""]
[""]
[{"$f":"IF(AND(B57027<>\"\",B57028<>\"\"),A57027+1,\"\")","v":""}]
[""]
[""]
[""]
[""]
[""]
[""]
[""]
[""]
[""]
[""]
[""]
[""]
[""]
[""]
[""]
[""]
[""]
[""]
[""]
[""]
[""]
[""]
[""]
[""]
[""]
[""]
[""]
[""]
[""]
[""]
[""]
[""]
[""]
[""]
[""]
[""]
[""]
[""]
[""]
[""]
[""]
[""]
[""]
[""]
[""]
[""]
[""]
[""]
[""]
[""]
[""]
[""]
[""]
[""]
[""]
[""]
[""]
[""]
[""]
[""]
[""]
[""]
[""]
[{"$f":"IF(AND(B57091<>\"\",B57092<>\"\"),A57091+1,\"\")","v":""}]
[""]
[""]
[""]
[""]
[""]
[""]
[""]
[""]
[""]
[""]
[""]
[""]
[""]
[""]
[""]
[""]
[""]
[""]
[""]
[""]
[""]
[""]
[""]
[""]
[""]
[""]
[""]
[""]
[""]
[""]
[""]
[""]
[""]
[""]
[""]
[""]
[""]
[""]
[""]
[""]
[""]
[""]
[""]
[""]
[""]
[""]
[""]
[""]
[""]
[""]
[""]
[""]
[""]
[""]
[""]
[""]
[""]
[""]
[""]
[""]
[""]
[""]
[""]
[{"$f":"IF(AND(B57155<>\"\",B57156<>\"\"),A57155+1,\"\")","v":""}]
[""]
[""]
[""]
[""]
[""]
[""]
[""]
[""]
[""]
[""]
[""]
[""]
[""]
[""]
[""]
[""]
[""]
[""]
[""]
[""]
[""]
[""]
[""]
[""]
[""]
[""]
[""]
[""]
[""]
[""]
[""]
[""]
[""]
[""]
[""]
[""]
[""]
[""]
[""]
[""]
[""]
[""]
[""]
[""]
[""]
[""]
[""]
[""]
[""]
[""]
[""]
[""]
[""]
[""]
[""]
[""]
[""]
[""]
[""]
[""]
[""]
[""]
[""]
[{"$f":"IF(AND(B57219<>\"\",B57220<>\"\"),A57219+1,\"\")","v":""}]
[""]
[""]
[""]
[""]
[""]
[""]
[""]
[""]
[""]
[""]
[""]
[""]
[""]
[""]
[""]
[""]
[""]
[""]
[""]
[""]
[""]
[""]
[""]
[""]
[""]
[""]
[""]
[""]
[""]
[""]
[""]
[""]
[""]
[""]
[""]
[""]
[""]
[""]
[""]
[""]
[""]
[""]
[""]
[""]
[""]
[""]
[""]
[""]
[""]
[""]
[""]
[""]
[""]
[""]
[""]
[""]
[""]
[""]
[""]
[""]
[""]
[""]
[""]
[{"$f":"IF(AND(B57283<>\"\",B57284<>\"\"),A57283+1,\"\")","v":""}]
[""]
[""]
[""]
[""]
[""]
[""]
[""]
[""]
[""]
[""]
[""]
[""]
[""]
[""]
[""]
[""]
[""]
[""]
[""]
[""]
[""]
[""]
[""]
[""]
[""]
[""]
[""]
[""]
[""]
[""]
[""]
[""]
[""]
[""]
[""]
[""]
[""]
[""]
[""]
[""]
[""]
[""]
[""]
[""]
[""]
[""]
[""]
[""]
[""]
[""]
[""]
[""]
[""]
[""]
[""]
[""]
[""]
[""]
[""]
[""]
[""]
[""]
[""]
[{"$f":"IF(AND(B57347<>\"\",B57348<>\"\"),A57347+1,\"\")","v":""}]
[""]
[""]
[""]
[""]
[""]
[""]
[""]
[""]
[""]
[""]
[""]
[""]
[""]
[""]
[""]
[""]
[""]
[""]
[""]
[""]
[""]
[""]
[""]
[""]
[""]
[""]
[""]
[""]
[""]
[""]
[""]
[""]
[""]
[""]
[""]
[""]
[""]
[""]
[""]
[""]
[""]
[""]
[""]
[""]
[""]
[""]
[""]
[""]
[""]
[""]
[""]
[""]
[""]
[""]
[""]
[""]
[""]
[""]
[""]
[""]
[""]
[""]
[""]
[{"$f":"IF(AND(B57411<>\"\",B57412<>\"\"),A57411+1,\"\")","v":""}]
[""]
[""]
[""]
[""]
[""]
[""]
[""]
[""]
[""]
[""]
[""]
[""]
[""]
[""]
[""]
[""]
[""]
[""]
[""]
[""]
[""]
[""]
[""]
[""]
[""]
[""]
[""]
[""]
[""]
[""]
[""]
[""]
[""]
[""]
[""]
[""]
[""]
[""]
[""]
[""]
[""]
[""]
[""]
[""]
[""]
[""]
[""]
[""]
[""]
[""]
[""]
[""]
[""]
[""]
[""]
[""]
[""]
[""]
[""]
[""]
[""]
[""]
[""]
[{"$f":"IF(AND(B57475<>\"\",B57476<>\"\"),A57475+1,\"\")","v":""}]
[""]
[""]
[""]
[""]
[""]
[""]
[""]
[""]
[""]
[""]
[""]
[""]
[""]
[""]
[""]
[""]
[""]
[""]
[""]
[""]
[""]
[""]
[""]
[""]
[""]
[""]
[""]
[""]
[""]
[""]
[""]
[""]
[""]
[""]
[""]
[""]
[""]
[""]
[""]
[""]
[""]
[""]
[""]
[""]
[""]
[""]
[""]
[""]
[""]
[""]
[""]
[""]
[""]
[""]
[""]
[""]
[""]
[""]
[""]
[""]
[""]
[""]
[""]
[{"$f":"IF(AND(B57539<>\"\",B57540<>\"\"),A57539+1,\"\")","v":""}]
[""]
[""]
[""]
[""]
[""]
[""]
[""]
[""]
[""]
[""]
[""]
[""]
[""]
[""]
[""]
[""]
[""]
[""]
[""]
[""]
[""]
[""]
[""]
[""]
[""]
[""]
[""]
[""]
[""]
[""]
[""]
[""]
[""]
[""]
[""]
[""]
[""]
[""]
[""]
[""]
[""]
[""]
[""]
[""]
[""]
[""]
[""]
[""]
[""]
[""]
[""]
[""]
[""]
[""]
[""]
[""]
[""]
[""]
[""]
[""]
[""]
[""]
[""]
[{"$f":"IF(AND(B57603<>\"\",B57604<>\"\"),A57603+1,\"\")","v":""}]
[""]
[""]
[""]
[""]
[""]
[""]
[""]
[""]
[""]
[""]
[""]
[""]
[""]
[""]
[""]
[""]
[""]
[""]
[""]
[""]
[""]
[""]
[""]
[""]
[""]
[""]
[""]
[""]
[""]
[""]
[""]
[""]
[""]
[""]
[""]
[""]
[""]
[""]
[""]
[""]
[""]
[""]
[""]
[""]
[""]
[""]
[""]
[""]
[""]
[""]
[""]
[""]
[""]
[""]
[""]
[""]
[""]
[""]
[""]
[""]
[""]
[""]
[""]
[{"$f":"IF(AND(B57667<>\"\",B57668<>\"\"),A57667+1,\"\")","v":""}]
[""]
[""]
[""]
[""]
[""]
[""]
[""]
[""]
[""]
[""]
[""]
[""]
[""]
[""]
[""]
[""]
[""]
[""]
[""]
[""]
[""]
[""]
[""]
[""]
[""]
[""]
[""]
[""]
[""]
[""]
[""]
[""]
[""]
[""]
[""]
[""]
[""]
[""]
[""]
[""]
[""]
[""]
[""]
[""]
[""]
[""]
[""]
[""]
[""]
[""]
[""]
[""]
[""]
[""]
[""]
[""]
[""]
[""]
[""]
[""]
[""]
[""]
[""]
[{"$f":"IF(AND(B57731<>\"\",B57732<>\"\"),A57731+1,\"\")","v":""}]
[""]
[""]
[""]
[""]
[""]
[""]
[""]
[""]
[""]
[""]
[""]
[""]
[""]
[""]
[""]
[""]
[""]
[""]
[""]
[""]
[""]
[""]
[""]
[""]
[""]
[""]
[""]
[""]
[""]
[""]
[""]
[""]
[""]
[""]
[""]
[""]
[""]
[""]
[""]
[""]
[""]
[""]
[""]
[""]
[""]
[""]
[""]
[""]
[""]
[""]
[""]
[""]
[""]
[""]
[""]
[""]
[""]
[""]
[""]
[""]
[""]
[""]
[""]
[{"$f":"IF(AND(B57795<>\"\",B57796<>\"\"),A57795+1,\"\")","v":""}]
[""]
[""]
[""]
[""]
[""]
[""]
[""]
[""]
[""]
[""]
[""]
[""]
[""]
[""]
[""]
[""]
[""]
[""]
[""]
[""]
[""]
[""]
[""]
[""]
[""]
[""]
[""]
[""]
[""]
[""]
[""]
[""]
[""]
[""]
[""]
[""]
[""]
[""]
[""]
[""]
[""]
[""]
[""]
[""]
[""]
[""]
[""]
[""]
[""]
[""]
[""]
[""]
[""]
[""]
[""]
[""]
[""]
[""]
[""]
[""]
[""]
[""]
[""]
[{"$f":"IF(AND(B57859<>\"\",B57860<>\"\"),A57859+1,\"\")","v":""}]
[""]
[""]
[""]
[""]
[""]
[""]
[""]
[""]
[""]
[""]
[""]
[""]
[""]
[""]
[""]
[""]
[""]
[""]
[""]
[""]
[""]
[""]
[""]
[""]
[""]
[""]
[""]
[""]
[""]
[""]
[""]
[""]
[""]
[""]
[""]
[""]
[""]
[""]
[""]
[""]
[""]
[""]
[""]
[""]
[""]
[""]
[""]
[""]
[""]
[""]
[""]
[""]
[""]
[""]
[""]
[""]
[""]
[""]
[""]
[""]
[""]
[""]
[""]
[{"$f":"IF(AND(B57923<>\"\",B57924<>\"\"),A57923+1,\"\")","v":""}]
[""]
[""]
[""]
[""]
[""]
[""]
[""]
[""]
[""]
[""]
[""]
[""]
[""]
[""]
[""]
[""]
[""]
[""]
[""]
[""]
[""]
[""]
[""]
[""]
[""]
[""]
[""]
[""]
[""]
[""]
[""]
[""]
[""]
[""]
[""]
[""]
[""]
[""]
[""]
[""]
[""]
[""]
[""]
[""]
[""]
[""]
[""]
[""]
[""]
[""]
[""]
[""]
[""]
[""]
[""]
[""]
[""]
[""]
[""]
[""]
[""]
[""]
[""]
[{"$f":"IF(AND(B57987<>\"\",B57988<>\"\"),A57987+1,\"\")","v":""}]
[""]
[""]
[""]
[""]
[""]
[""]
[""]
[""]
[""]
[""]
[""]
[""]
[""]
[""]
[""]
[""]
[""]
[""]
[""]
[""]
[""]
[""]
[""]
[""]
[""]
[""]
[""]
[""]
[""]
[""]
[""]
[""]
[""]
[""]
[""]
[""]
[""]
[""]
[""]
[""]
[""]
[""]
[""]
[""]
[""]
[""]
[""]
[""]
[""]
[""]
[""]
[""]
[""]
[""]
[""]
[""]
[""]
[""]
[""]
[""]
[""]
[""]
[""]
[{"$f":"IF(AND(B58051<>\"\",B58052<>\"\"),A58051+1,\"\")","v":""}]
[""]
[""]
[""]
[""]
[""]
[""]
[""]
[""]
[""]
[""]
[""]
[""]
[""]
[""]
[""]
[""]
[""]
[""]
[""]
[""]
[""]
[""]
[""]
[""]
[""]
[""]
[""]
[""]
[""]
[""]
[""]
[""]
[""]
[""]
[""]
[""]
[""]
[""]
[""]
[""]
[""]
[""]
[""]
[""]
[""]
[""]
[""]
[""]
[""]
[""]
[""]
[""]
[""]
[""]
[""]
[""]
[""]
[""]
[""]
[""]
[""]
[""]
[""]
[{"$f":"IF(AND(B58115<>\"\",B58116<>\"\"),A58115+1,\"\")","v":""}]
[""]
[""]
[""]
[""]
[""]
[""]
[""]
[""]
[""]
[""]
[""]
[""]
[""]
[""]
[""]
[""]
[""]
[""]
[""]
[""]
[""]
[""]
[""]
[""]
[""]
[""]
[""]
[""]
[""]
[""]
[""]
[""]
[""]
[""]
[""]
[""]
[""]
[""]
[""]
[""]
[""]
[""]
[""]
[""]
[""]
[""]
[""]
[""]
[""]
[""]
[""]
[""]
[""]
[""]
[""]
[""]
[""]
[""]
[""]
[""]
[""]
[""]
[""]
[{"$f":"IF(AND(B58179<>\"\",B58180<>\"\"),A58179+1,\"\")","v":""}]
[""]
[""]
[""]
[""]
[""]
[""]
[""]
[""]
[""]
[""]
[""]
[""]
[""]
[""]
[""]
[""]
[""]
[""]
[""]
[""]
[""]
[""]
[""]
[""]
[""]
[""]
[""]
[""]
[""]
[""]
[""]
[""]
[""]
[""]
[""]
[""]
[""]
[""]
[""]
[""]
[""]
[""]
[""]
[""]
[""]
[""]
[""]
[""]
[""]
[""]
[""]
[""]
[""]
[""]
[""]
[""]
[""]
[""]
[""]
[""]
[""]
[""]
[""]
[{"$f":"IF(AND(B58243<>\"\",B58244<>\"\"),A58243+1,\"\")","v":""}]
[""]
[""]
[""]
[""]
[""]
[""]
[""]
[""]
[""]
[""]
[""]
[""]
[""]
[""]
[""]
[""]
[""]
[""]
[""]
[""]
[""]
[""]
[""]
[""]
[""]
[""]
[""]
[""]
[""]
[""]
[""]
[""]
[""]
[""]
[""]
[""]
[""]
[""]
[""]
[""]
[""]
[""]
[""]
[""]
[""]
[""]
[""]
[""]
[""]
[""]
[""]
[""]
[""]
[""]
[""]
[""]
[""]
[""]
[""]
[""]
[""]
[""]
[""]
[{"$f":"IF(AND(B58307<>\"\",B58308<>\"\"),A58307+1,\"\")","v":""}]
[""]
[""]
[""]
[""]
[""]
[""]
[""]
[""]
[""]
[""]
[""]
[""]
[""]
[""]
[""]
[""]
[""]
[""]
[""]
[""]
[""]
[""]
[""]
[""]
[""]
[""]
[""]
[""]
[""]
[""]
[""]
[""]
[""]
[""]
[""]
[""]
[""]
[""]
[""]
[""]
[""]
[""]
[""]
[""]
[""]
[""]
[""]
[""]
[""]
[""]
[""]
[""]
[""]
[""]
[""]
[""]
[""]
[""]
[""]
[""]
[""]
[""]
[""]
[{"$f":"IF(AND(B58371<>\"\",B58372<>\"\"),A58371+1,\"\")","v":""}]
[""]
[""]
[""]
[""]
[""]
[""]
[""]
[""]
[""]
[""]
[""]
[""]
[""]
[""]
[""]
[""]
[""]
[""]
[""]
[""]
[""]
[""]
[""]
[""]
[""]
[""]
[""]
[""]
[""]
[""]
[""]
[""]
[""]
[""]
[""]
[""]
[""]
[""]
[""]
[""]
[""]
[""]
[""]
[""]
[""]
[""]
[""]
[""]
[""]
[""]
[""]
[""]
[""]
[""]
[""]
[""]
[""]
[""]
[""]
[""]
[""]
[""]
[""]
[{"$f":"IF(AND(B58435<>\"\",B58436<>\"\"),A58435+1,\"\")","v":""}]
[""]
[""]
[""]
[""]
[""]
[""]
[""]
[""]
[""]
[""]
[""]
[""]
[""]
[""]
[""]
[""]
[""]
[""]
[""]
[""]
[""]
[""]
[""]
[""]
[""]
[""]
[""]
[""]
[""]
[""]
[""]
[""]
[""]
[""]
[""]
[""]
[""]
[""]
[""]
[""]
[""]
[""]
[""]
[""]
[""]
[""]
[""]
[""]
[""]
[""]
[""]
[""]
[""]
[""]
[""]
[""]
[""]
[""]
[""]
[""]
[""]
[""]
[""]
[{"$f":"IF(AND(B58499<>\"\",B58500<>\"\"),A58499+1,\"\")","v":""}]
[""]
[""]
[""]
[""]
[""]
[""]
[""]
[""]
[""]
[""]
[""]
[""]
[""]
[""]
[""]
[""]
[""]
[""]
[""]
[""]
[""]
[""]
[""]
[""]
[""]
[""]
[""]
[""]
[""]
[""]
[""]
[""]
[""]
[""]
[""]
[""]
[""]
[""]
[""]
[""]
[""]
[""]
[""]
[""]
[""]
[""]
[""]
[""]
[""]
[""]
[""]
[""]
[""]
[""]
[""]
[""]
[""]
[""]
[""]
[""]
[""]
[""]
[""]
[{"$f":"IF(AND(B58563<>\"\",B58564<>\"\"),A58563+1,\"\")","v":""}]
[""]
[""]
[""]
[""]
[""]
[""]
[""]
[""]
[""]
[""]
[""]
[""]
[""]
[""]
[""]
[""]
[""]
[""]
[""]
[""]
[""]
[""]
[""]
[""]
[""]
[""]
[""]
[""]
[""]
[""]
[""]
[""]
[""]
[""]
[""]
[""]
[""]
[""]
[""]
[""]
[""]
[""]
[""]
[""]
[""]
[""]
[""]
[""]
[""]
[""]
[""]
[""]
[""]
[""]
[""]
[""]
[""]
[""]
[""]
[""]
[""]
[""]
[""]
[{"$f":"IF(AND(B58627<>\"\",B58628<>\"\"),A58627+1,\"\")","v":""}]
[""]
[""]
[""]
[""]
[""]
[""]
[""]
[""]
[""]
[""]
[""]
[""]
[""]
[""]
[""]
[""]
[""]
[""]
[""]
[""]
[""]
[""]
[""]
[""]
[""]
[""]
[""]
[""]
[""]
[""]
[""]
[""]
[""]
[""]
[""]
[""]
[""]
[""]
[""]
[""]
[""]
[""]
[""]
[""]
[""]
[""]
[""]
[""]
[""]
[""]
[""]
[""]
[""]
[""]
[""]
[""]
[""]
[""]
[""]
[""]
[""]
[""]
[""]
[{"$f":"IF(AND(B58691<>\"\",B58692<>\"\"),A58691+1,\"\")","v":""}]
[""]
[""]
[""]
[""]
[""]
[""]
[""]
[""]
[""]
[""]
[""]
[""]
[""]
[""]
[""]
[""]
[""]
[""]
[""]
[""]
[""]
[""]
[""]
[""]
[""]
[""]
[""]
[""]
[""]
[""]
[""]
[""]
[""]
[""]
[""]
[""]
[""]
[""]
[""]
[""]
[""]
[""]
[""]
[""]
[""]
[""]
[""]
[""]
[""]
[""]
[""]
[""]
[""]
[""]
[""]
[""]
[""]
[""]
[""]
[""]
[""]
[""]
[""]
[{"$f":"IF(AND(B58755<>\"\",B58756<>\"\"),A58755+1,\"\")","v":""}]
[""]
[""]
[""]
[""]
[""]
[""]
[""]
[""]
[""]
[""]
[""]
[""]
[""]
[""]
[""]
[""]
[""]
[""]
[""]
[""]
[""]
[""]
[""]
[""]
[""]
[""]
[""]
[""]
[""]
[""]
[""]
[""]
[""]
[""]
[""]
[""]
[""]
[""]
[""]
[""]
[""]
[""]
[""]
[""]
[""]
[""]
[""]
[""]
[""]
[""]
[""]
[""]
[""]
[""]
[""]
[""]
[""]
[""]
[""]
[""]
[""]
[""]
[""]
[{"$f":"IF(AND(B58819<>\"\",B58820<>\"\"),A58819+1,\"\")","v":""}]
[""]
[""]
[""]
[""]
[""]
[""]
[""]
[""]
[""]
[""]
[""]
[""]
[""]
[""]
[""]
[""]
[""]
[""]
[""]
[""]
[""]
[""]
[""]
[""]
[""]
[""]
[""]
[""]
[""]
[""]
[""]
[""]
[""]
[""]
[""]
[""]
[""]
[""]
[""]
[""]
[""]
[""]
[""]
[""]
[""]
[""]
[""]
[""]
[""]
[""]
[""]
[""]
[""]
[""]
[""]
[""]
[""]
[""]
[""]
[""]
[""]
[""]
[""]
[{"$f":"IF(AND(B58883<>\"\",B58884<>\"\"),A58883+1,\"\")","v":""}]
[""]
[""]
[""]
[""]
[""]
[""]
[""]
[""]
[""]
[""]
[""]
[""]
[""]
[""]
[""]
[""]
[""]
[""]
[""]
[""]
[""]
[""]
[""]
[""]
[""]
[""]
[""]
[""]
[""]
[""]
[""]
[""]
[""]
[""]
[""]
[""]
[""]
[""]
[""]
[""]
[""]
[""]
[""]
[""]
[""]
[""]
[""]
[""]
[""]
[""]
[""]
[""]
[""]
[""]
[""]
[""]
[""]
[""]
[""]
[""]
[""]
[""]
[""]
[{"$f":"IF(AND(B58947<>\"\",B58948<>\"\"),A58947+1,\"\")","v":""}]
[""]
[""]
[""]
[""]
[""]
[""]
[""]
[""]
[""]
[""]
[""]
[""]
[""]
[""]
[""]
[""]
[""]
[""]
[""]
[""]
[""]
[""]
[""]
[""]
[""]
[""]
[""]
[""]
[""]
[""]
[""]
[""]
[""]
[""]
[""]
[""]
[""]
[""]
[""]
[""]
[""]
[""]
[""]
[""]
[""]
[""]
[""]
[""]
[""]
[""]
[""]
[""]
[""]
[""]
[""]
[""]
[""]
[""]
[""]
[""]
[""]
[""]
[""]
[{"$f":"IF(AND(B59011<>\"\",B59012<>\"\"),A59011+1,\"\")","v":""}]
[""]
[""]
[""]
[""]
[""]
[""]
[""]
[""]
[""]
[""]
[""]
[""]
[""]
[""]
[""]
[""]
[""]
[""]
[""]
[""]
[""]
[""]
[""]
[""]
[""]
[""]
[""]
[""]
[""]
[""]
[""]
[""]
[""]
[""]
[""]
[""]
[""]
[""]
[""]
[""]
[""]
[""]
[""]
[""]
[""]
[""]
[""]
[""]
[""]
[""]
[""]
[""]
[""]
[""]
[""]
[""]
[""]
[""]
[""]
[""]
[""]
[""]
[""]
[{"$f":"IF(AND(B59075<>\"\",B59076<>\"\"),A59075+1,\"\")","v":""}]
[""]
[""]
[""]
[""]
[""]
[""]
[""]
[""]
[""]
[""]
[""]
[""]
[""]
[""]
[""]
[""]
[""]
[""]
[""]
[""]
[""]
[""]
[""]
[""]
[""]
[""]
[""]
[""]
[""]
[""]
[""]
[""]
[""]
[""]
[""]
[""]
[""]
[""]
[""]
[""]
[""]
[""]
[""]
[""]
[""]
[""]
[""]
[""]
[""]
[""]
[""]
[""]
[""]
[""]
[""]
[""]
[""]
[""]
[""]
[""]
[""]
[""]
[""]
[{"$f":"IF(AND(B59139<>\"\",B59140<>\"\"),A59139+1,\"\")","v":""}]
[""]
[""]
[""]
[""]
[""]
[""]
[""]
[""]
[""]
[""]
[""]
[""]
[""]
[""]
[""]
[""]
[""]
[""]
[""]
[""]
[""]
[""]
[""]
[""]
[""]
[""]
[""]
[""]
[""]
[""]
[""]
[""]
[""]
[""]
[""]
[""]
[""]
[""]
[""]
[""]
[""]
[""]
[""]
[""]
[""]
[""]
[""]
[""]
[""]
[""]
[""]
[""]
[""]
[""]
[""]
[""]
[""]
[""]
[""]
[""]
[""]
[""]
[""]
[{"$f":"IF(AND(B59203<>\"\",B59204<>\"\"),A59203+1,\"\")","v":""}]
[""]
[""]
[""]
[""]
[""]
[""]
[""]
[""]
[""]
[""]
[""]
[""]
[""]
[""]
[""]
[""]
[""]
[""]
[""]
[""]
[""]
[""]
[""]
[""]
[""]
[""]
[""]
[""]
[""]
[""]
[""]
[""]
[""]
[""]
[""]
[""]
[""]
[""]
[""]
[""]
[""]
[""]
[""]
[""]
[""]
[""]
[""]
[""]
[""]
[""]
[""]
[""]
[""]
[""]
[""]
[""]
[""]
[""]
[""]
[""]
[""]
[""]
[""]
[{"$f":"IF(AND(B59267<>\"\",B59268<>\"\"),A59267+1,\"\")","v":""}]
[""]
[""]
[""]
[""]
[""]
[""]
[""]
[""]
[""]
[""]
[""]
[""]
[""]
[""]
[""]
[""]
[""]
[""]
[""]
[""]
[""]
[""]
[""]
[""]
[""]
[""]
[""]
[""]
[""]
[""]
[""]
[""]
[""]
[""]
[""]
[""]
[""]
[""]
[""]
[""]
[""]
[""]
[""]
[""]
[""]
[""]
[""]
[""]
[""]
[""]
[""]
[""]
[""]
[""]
[""]
[""]
[""]
[""]
[""]
[""]
[""]
[""]
[""]
[{"$f":"IF(AND(B59331<>\"\",B59332<>\"\"),A59331+1,\"\")","v":""}]
[""]
[""]
[""]
[""]
[""]
[""]
[""]
[""]
[""]
[""]
[""]
[""]
[""]
[""]
[""]
[""]
[""]
[""]
[""]
[""]
[""]
[""]
[""]
[""]
[""]
[""]
[""]
[""]
[""]
[""]
[""]
[""]
[""]
[""]
[""]
[""]
[""]
[""]
[""]
[""]
[""]
[""]
[""]
[""]
[""]
[""]
[""]
[""]
[""]
[""]
[""]
[""]
[""]
[""]
[""]
[""]
[""]
[""]
[""]
[""]
[""]
[""]
[""]
[{"$f":"IF(AND(B59395<>\"\",B59396<>\"\"),A59395+1,\"\")","v":""}]
[""]
[""]
[""]
[""]
[""]
[""]
[""]
[""]
[""]
[""]
[""]
[""]
[""]
[""]
[""]
[""]
[""]
[""]
[""]
[""]
[""]
[""]
[""]
[""]
[""]
[""]
[""]
[""]
[""]
[""]
[""]
[""]
[""]
[""]
[""]
[""]
[""]
[""]
[""]
[""]
[""]
[""]
[""]
[""]
[""]
[""]
[""]
[""]
[""]
[""]
[""]
[""]
[""]
[""]
[""]
[""]
[""]
[""]
[""]
[""]
[""]
[""]
[""]
[{"$f":"IF(AND(B59459<>\"\",B59460<>\"\"),A59459+1,\"\")","v":""}]
[""]
[""]
[""]
[""]
[""]
[""]
[""]
[""]
[""]
[""]
[""]
[""]
[""]
[""]
[""]
[""]
[""]
[""]
[""]
[""]
[""]
[""]
[""]
[""]
[""]
[""]
[""]
[""]
[""]
[""]
[""]
[""]
[""]
[""]
[""]
[""]
[""]
[""]
[""]
[""]
[""]
[""]
[""]
[""]
[""]
[""]
[""]
[""]
[""]
[""]
[""]
[""]
[""]
[""]
[""]
[""]
[""]
[""]
[""]
[""]
[""]
[""]
[""]
[{"$f":"IF(AND(B59523<>\"\",B59524<>\"\"),A59523+1,\"\")","v":""}]
[""]
[""]
[""]
[""]
[""]
[""]
[""]
[""]
[""]
[""]
[""]
[""]
[""]
[""]
[""]
[""]
[""]
[""]
[""]
[""]
[""]
[""]
[""]
[""]
[""]
[""]
[""]
[""]
[""]
[""]
[""]
[""]
[""]
[""]
[""]
[""]
[""]
[""]
[""]
[""]
[""]
[""]
[""]
[""]
[""]
[""]
[""]
[""]
[""]
[""]
[""]
[""]
[""]
[""]
[""]
[""]
[""]
[""]
[""]
[""]
[""]
[""]
[""]
[{"$f":"IF(AND(B59587<>\"\",B59588<>\"\"),A59587+1,\"\")","v":""}]
[""]
[""]
[""]
[""]
[""]
[""]
[""]
[""]
[""]
[""]
[""]
[""]
[""]
[""]
[""]
[""]
[""]
[""]
[""]
[""]
[""]
[""]
[""]
[""]
[""]
[""]
[""]
[""]
[""]
[""]
[""]
[""]
[""]
[""]
[""]
[""]
[""]
[""]
[""]
[""]
[""]
[""]
[""]
[""]
[""]
[""]
[""]
[""]
[""]
[""]
[""]
[""]
[""]
[""]
[""]
[""]
[""]
[""]
[""]
[""]
[""]
[""]
[""]
[{"$f":"IF(AND(B59651<>\"\",B59652<>\"\"),A59651+1,\"\")","v":""}]
[""]
[""]
[""]
[""]
[""]
[""]
[""]
[""]
[""]
[""]
[""]
[""]
[""]
[""]
[""]
[""]
[""]
[""]
[""]
[""]
[""]
[""]
[""]
[""]
[""]
[""]
[""]
[""]
[""]
[""]
[""]
[""]
[""]
[""]
[""]
[""]
[""]
[""]
[""]
[""]
[""]
[""]
[""]
[""]
[""]
[""]
[""]
[""]
[""]
[""]
[""]
[""]
[""]
[""]
[""]
[""]
[""]
[""]
[""]
[""]
[""]
[""]
[""]
[{"$f":"IF(AND(B59715<>\"\",B59716<>\"\"),A59715+1,\"\")","v":""}]
[""]
[""]
[""]
[""]
[""]
[""]
[""]
[""]
[""]
[""]
[""]
[""]
[""]
[""]
[""]
[""]
[""]
[""]
[""]
[""]
[""]
[""]
[""]
[""]
[""]
[""]
[""]
[""]
[""]
[""]
[""]
[""]
[""]
[""]
[""]
[""]
[""]
[""]
[""]
[""]
[""]
[""]
[""]
[""]
[""]
[""]
[""]
[""]
[""]
[""]
[""]
[""]
[""]
[""]
[""]
[""]
[""]
[""]
[""]
[""]
[""]
[""]
[""]
[{"$f":"IF(AND(B59779<>\"\",B59780<>\"\"),A59779+1,\"\")","v":""}]
[""]
[""]
[""]
[""]
[""]
[""]
[""]
[""]
[""]
[""]
[""]
[""]
[""]
[""]
[""]
[""]
[""]
[""]
[""]
[""]
[""]
[""]
[""]
[""]
[""]
[""]
[""]
[""]
[""]
[""]
[""]
[""]
[""]
[""]
[""]
[""]
[""]
[""]
[""]
[""]
[""]
[""]
[""]
[""]
[""]
[""]
[""]
[""]
[""]
[""]
[""]
[""]
[""]
[""]
[""]
[""]
[""]
[""]
[""]
[""]
[""]
[""]
[""]
[{"$f":"IF(AND(B59843<>\"\",B59844<>\"\"),A59843+1,\"\")","v":""}]
[""]
[""]
[""]
[""]
[""]
[""]
[""]
[""]
[""]
[""]
[""]
[""]
[""]
[""]
[""]
[""]
[""]
[""]
[""]
[""]
[""]
[""]
[""]
[""]
[""]
[""]
[""]
[""]
[""]
[""]
[""]
[""]
[""]
[""]
[""]
[""]
[""]
[""]
[""]
[""]
[""]
[""]
[""]
[""]
[""]
[""]
[""]
[""]
[""]
[""]
[""]
[""]
[""]
[""]
[""]
[""]
[""]
[""]
[""]
[""]
[""]
[""]
[""]
[{"$f":"IF(AND(B59907<>\"\",B59908<>\"\"),A59907+1,\"\")","v":""}]
[""]
[""]
[""]
[""]
[""]
[""]
[""]
[""]
[""]
[""]
[""]
[""]
[""]
[""]
[""]
[""]
[""]
[""]
[""]
[""]
[""]
[""]
[""]
[""]
[""]
[""]
[""]
[""]
[""]
[""]
[""]
[""]
[""]
[""]
[""]
[""]
[""]
[""]
[""]
[""]
[""]
[""]
[""]
[""]
[""]
[""]
[""]
[""]
[""]
[""]
[""]
[""]
[""]
[""]
[""]
[""]
[""]
[""]
[""]
[""]
[""]
[""]
[""]
[{"$f":"IF(AND(B59971<>\"\",B59972<>\"\"),A59971+1,\"\")","v":""}]
[""]
[""]
[""]
[""]
[""]
[""]
[""]
[""]
[""]
[""]
[""]
[""]
[""]
[""]
[""]
[""]
[""]
[""]
[""]
[""]
[""]
[""]
[""]
[""]
[""]
[""]
[""]
[""]
[""]
[""]
[""]
[""]
[""]
[""]
[""]
[""]
[""]
[""]
[""]
[""]
[""]
[""]
[""]
[""]
[""]
[""]
[""]
[""]
[""]
[""]
[""]
[""]
[""]
[""]
[""]
[""]
[""]
[""]
[""]
[""]
[""]
[""]
[""]
[{"$f":"IF(AND(B60035<>\"\",B60036<>\"\"),A60035+1,\"\")","v":""}]
[""]
[""]
[""]
[""]
[""]
[""]
[""]
[""]
[""]
[""]
[""]
[""]
[""]
[""]
[""]
[""]
[""]
[""]
[""]
[""]
[""]
[""]
[""]
[""]
[""]
[""]
[""]
[""]
[""]
[""]
[""]
[""]
[""]
[""]
[""]
[""]
[""]
[""]
[""]
[""]
[""]
[""]
[""]
[""]
[""]
[""]
[""]
[""]
[""]
[""]
[""]
[""]
[""]
[""]
[""]
[""]
[""]
[""]
[""]
[""]
[""]
[""]
[""]
[{"$f":"IF(AND(B60099<>\"\",B60100<>\"\"),A60099+1,\"\")","v":""}]
[""]
[""]
[""]
[""]
[""]
[""]
[""]
[""]
[""]
[""]
[""]
[""]
[""]
[""]
[""]
[""]
[""]
[""]
[""]
[""]
[""]
[""]
[""]
[""]
[""]
[""]
[""]
[""]
[""]
[""]
[""]
[""]
[""]
[""]
[""]
[""]
[""]
[""]
[""]
[""]
[""]
[""]
[""]
[""]
[""]
[""]
[""]
[""]
[""]
[""]
[""]
[""]
[""]
[""]
[""]
[""]
[""]
[""]
[""]
[""]
[""]
[""]
[""]
[{"$f":"IF(AND(B60163<>\"\",B60164<>\"\"),A60163+1,\"\")","v":""}]
[""]
[""]
[""]
[""]
[""]
[""]
[""]
[""]
[""]
[""]
[""]
[""]
[""]
[""]
[""]
[""]
[""]
[""]
[""]
[""]
[""]
[""]
[""]
[""]
[""]
[""]
[""]
[""]
[""]
[""]
[""]
[""]
[""]
[""]
[""]
[""]
[""]
[""]
[""]
[""]
[""]
[""]
[""]
[""]
[""]
[""]
[""]
[""]
[""]
[""]
[""]
[""]
[""]
[""]
[""]
[""]
[""]
[""]
[""]
[""]
[""]
[""]
[""]
[{"$f":"IF(AND(B60227<>\"\",B60228<>\"\"),A60227+1,\"\")","v":""}]
[""]
[""]
[""]
[""]
[""]
[""]
[""]
[""]
[""]
[""]
[""]
[""]
[""]
[""]
[""]
[""]
[""]
[""]
[""]
[""]
[""]
[""]
[""]
[""]
[""]
[""]
[""]
[""]
[""]
[""]
[""]
[""]
[""]
[""]
[""]
[""]
[""]
[""]
[""]
[""]
[""]
[""]
[""]
[""]
[""]
[""]
[""]
[""]
[""]
[""]
[""]
[""]
[""]
[""]
[""]
[""]
[""]
[""]
[""]
[""]
[""]
[""]
[""]
[{"$f":"IF(AND(B60291<>\"\",B60292<>\"\"),A60291+1,\"\")","v":""}]
[""]
[""]
[""]
[""]
[""]
[""]
[""]
[""]
[""]
[""]
[""]
[""]
[""]
[""]
[""]
[""]
[""]
[""]
[""]
[""]
[""]
[""]
[""]
[""]
[""]
[""]
[""]
[""]
[""]
[""]
[""]
[""]
[""]
[""]
[""]
[""]
[""]
[""]
[""]
[""]
[""]
[""]
[""]
[""]
[""]
[""]
[""]
[""]
[""]
[""]
[""]
[""]
[""]
[""]
[""]
[""]
[""]
[""]
[""]
[""]
[""]
[""]
[""]
[{"$f":"IF(AND(B60355<>\"\",B60356<>\"\"),A60355+1,\"\")","v":""}]
[""]
[""]
[""]
[""]
[""]
[""]
[""]
[""]
[""]
[""]
[""]
[""]
[""]
[""]
[""]
[""]
[""]
[""]
[""]
[""]
[""]
[""]
[""]
[""]
[""]
[""]
[""]
[""]
[""]
[""]
[""]
[""]
[""]
[""]
[""]
[""]
[""]
[""]
[""]
[""]
[""]
[""]
[""]
[""]
[""]
[""]
[""]
[""]
[""]
[""]
[""]
[""]
[""]
[""]
[""]
[""]
[""]
[""]
[""]
[""]
[""]
[""]
[""]
[{"$f":"IF(AND(B60419<>\"\",B60420<>\"\"),A60419+1,\"\")","v":""}]
[""]
[""]
[""]
[""]
[""]
[""]
[""]
[""]
[""]
[""]
[""]
[""]
[""]
[""]
[""]
[""]
[""]
[""]
[""]
[""]
[""]
[""]
[""]
[""]
[""]
[""]
[""]
[""]
[""]
[""]
[""]
[""]
[""]
[""]
[""]
[""]
[""]
[""]
[""]
[""]
[""]
[""]
[""]
[""]
[""]
[""]
[""]
[""]
[""]
[""]
[""]
[""]
[""]
[""]
[""]
[""]
[""]
[""]
[""]
[""]
[""]
[""]
[""]
[{"$f":"IF(AND(B60483<>\"\",B60484<>\"\"),A60483+1,\"\")","v":""}]
[""]
[""]
[""]
[""]
[""]
[""]
[""]
[""]
[""]
[""]
[""]
[""]
[""]
[""]
[""]
[""]
[""]
[""]
[""]
[""]
[""]
[""]
[""]
[""]
[""]
[""]
[""]
[""]
[""]
[""]
[""]
[""]
[""]
[""]
[""]
[""]
[""]
[""]
[""]
[""]
[""]
[""]
[""]
[""]
[""]
[""]
[""]
[""]
[""]
[""]
[""]
[""]
[""]
[""]
[""]
[""]
[""]
[""]
[""]
[""]
[""]
[""]
[""]
[{"$f":"IF(AND(B60547<>\"\",B60548<>\"\"),A60547+1,\"\")","v":""}]
[""]
[""]
[""]
[""]
[""]
[""]
[""]
[""]
[""]
[""]
[""]
[""]
[""]
[""]
[""]
[""]
[""]
[""]
[""]
[""]
[""]
[""]
[""]
[""]
[""]
[""]
[""]
[""]
[""]
[""]
[""]
[""]
[""]
[""]
[""]
[""]
[""]
[""]
[""]
[""]
[""]
[""]
[""]
[""]
[""]
[""]
[""]
[""]
[""]
[""]
[""]
[""]
[""]
[""]
[""]
[""]
[""]
[""]
[""]
[""]
[""]
[""]
[""]
[{"$f":"IF(AND(B60611<>\"\",B60612<>\"\"),A60611+1,\"\")","v":""}]
[""]
[""]
[""]
[""]
[""]
[""]
[""]
[""]
[""]
[""]
[""]
[""]
[""]
[""]
[""]
[""]
[""]
[""]
[""]
[""]
[""]
[""]
[""]
[""]
[""]
[""]
[""]
[""]
[""]
[""]
[""]
[""]
[""]
[""]
[""]
[""]
[""]
[""]
[""]
[""]
[""]
[""]
[""]
[""]
[""]
[""]
[""]
[""]
[""]
[""]
[""]
[""]
[""]
[""]
[""]
[""]
[""]
[""]
[""]
[""]
[""]
[""]
[""]
[{"$f":"IF(AND(B60675<>\"\",B60676<>\"\"),A60675+1,\"\")","v":""}]
[""]
[""]
[""]
[""]
[""]
[""]
[""]
[""]
[""]
[""]
[""]
[""]
[""]
[""]
[""]
[""]
[""]
[""]
[""]
[""]
[""]
[""]
[""]
[""]
[""]
[""]
[""]
[""]
[""]
[""]
[""]
[""]
[""]
[""]
[""]
[""]
[""]
[""]
[""]
[""]
[""]
[""]
[""]
[""]
[""]
[""]
[""]
[""]
[""]
[""]
[""]
[""]
[""]
[""]
[""]
[""]
[""]
[""]
[""]
[""]
[""]
[""]
[""]
[{"$f":"IF(AND(B60739<>\"\",B60740<>\"\"),A60739+1,\"\")","v":""}]
[""]
[""]
[""]
[""]
[""]
[""]
[""]
[""]
[""]
[""]
[""]
[""]
[""]
[""]
[""]
[""]
[""]
[""]
[""]
[""]
[""]
[""]
[""]
[""]
[""]
[""]
[""]
[""]
[""]
[""]
[""]
[""]
[""]
[""]
[""]
[""]
[""]
[""]
[""]
[""]
[""]
[""]
[""]
[""]
[""]
[""]
[""]
[""]
[""]
[""]
[""]
[""]
[""]
[""]
[""]
[""]
[""]
[""]
[""]
[""]
[""]
[""]
[""]
[{"$f":"IF(AND(B60803<>\"\",B60804<>\"\"),A60803+1,\"\")","v":""}]
[""]
[""]
[""]
[""]
[""]
[""]
[""]
[""]
[""]
[""]
[""]
[""]
[""]
[""]
[""]
[""]
[""]
[""]
[""]
[""]
[""]
[""]
[""]
[""]
[""]
[""]
[""]
[""]
[""]
[""]
[""]
[""]
[""]
[""]
[""]
[""]
[""]
[""]
[""]
[""]
[""]
[""]
[""]
[""]
[""]
[""]
[""]
[""]
[""]
[""]
[""]
[""]
[""]
[""]
[""]
[""]
[""]
[""]
[""]
[""]
[""]
[""]
[""]
[{"$f":"IF(AND(B60867<>\"\",B60868<>\"\"),A60867+1,\"\")","v":""}]
[""]
[""]
[""]
[""]
[""]
[""]
[""]
[""]
[""]
[""]
[""]
[""]
[""]
[""]
[""]
[""]
[""]
[""]
[""]
[""]
[""]
[""]
[""]
[""]
[""]
[""]
[""]
[""]
[""]
[""]
[""]
[""]
[""]
[""]
[""]
[""]
[""]
[""]
[""]
[""]
[""]
[""]
[""]
[""]
[""]
[""]
[""]
[""]
[""]
[""]
[""]
[""]
[""]
[""]
[""]
[""]
[""]
[""]
[""]
[""]
[""]
[""]
[""]
[{"$f":"IF(AND(B60931<>\"\",B60932<>\"\"),A60931+1,\"\")","v":""}]
[""]
[""]
[""]
[""]
[""]
[""]
[""]
[""]
[""]
[""]
[""]
[""]
[""]
[""]
[""]
[""]
[""]
[""]
[""]
[""]
[""]
[""]
[""]
[""]
[""]
[""]
[""]
[""]
[""]
[""]
[""]
[""]
[""]
[""]
[""]
[""]
[""]
[""]
[""]
[""]
[""]
[""]
[""]
[""]
[""]
[""]
[""]
[""]
[""]
[""]
[""]
[""]
[""]
[""]
[""]
[""]
[""]
[""]
[""]
[""]
[""]
[""]
[""]
[{"$f":"IF(AND(B60995<>\"\",B60996<>\"\"),A60995+1,\"\")","v":""}]
[""]
[""]
[""]
[""]
[""]
[""]
[""]
[""]
[""]
[""]
[""]
[""]
[""]
[""]
[""]
[""]
[""]
[""]
[""]
[""]
[""]
[""]
[""]
[""]
[""]
[""]
[""]
[""]
[""]
[""]
[""]
[""]
[""]
[""]
[""]
[""]
[""]
[""]
[""]
[""]
[""]
[""]
[""]
[""]
[""]
[""]
[""]
[""]
[""]
[""]
[""]
[""]
[""]
[""]
[""]
[""]
[""]
[""]
[""]
[""]
[""]
[""]
[""]
[{"$f":"IF(AND(B61059<>\"\",B61060<>\"\"),A61059+1,\"\")","v":""}]
[""]
[""]
[""]
[""]
[""]
[""]
[""]
[""]
[""]
[""]
[""]
[""]
[""]
[""]
[""]
[""]
[""]
[""]
[""]
[""]
[""]
[""]
[""]
[""]
[""]
[""]
[""]
[""]
[""]
[""]
[""]
[""]
[""]
[""]
[""]
[""]
[""]
[""]
[""]
[""]
[""]
[""]
[""]
[""]
[""]
[""]
[""]
[""]
[""]
[""]
[""]
[""]
[""]
[""]
[""]
[""]
[""]
[""]
[""]
[""]
[""]
[""]
[""]
[{"$f":"IF(AND(B61123<>\"\",B61124<>\"\"),A61123+1,\"\")","v":""}]
[""]
[""]
[""]
[""]
[""]
[""]
[""]
[""]
[""]
[""]
[""]
[""]
[""]
[""]
[""]
[""]
[""]
[""]
[""]
[""]
[""]
[""]
[""]
[""]
[""]
[""]
[""]
[""]
[""]
[""]
[""]
[""]
[""]
[""]
[""]
[""]
[""]
[""]
[""]
[""]
[""]
[""]
[""]
[""]
[""]
[""]
[""]
[""]
[""]
[""]
[""]
[""]
[""]
[""]
[""]
[""]
[""]
[""]
[""]
[""]
[""]
[""]
[""]
[{"$f":"IF(AND(B61187<>\"\",B61188<>\"\"),A61187+1,\"\")","v":""}]
[""]
[""]
[""]
[""]
[""]
[""]
[""]
[""]
[""]
[""]
[""]
[""]
[""]
[""]
[""]
[""]
[""]
[""]
[""]
[""]
[""]
[""]
[""]
[""]
[""]
[""]
[""]
[""]
[""]
[""]
[""]
[""]
[""]
[""]
[""]
[""]
[""]
[""]
[""]
[""]
[""]
[""]
[""]
[""]
[""]
[""]
[""]
[""]
[""]
[""]
[""]
[""]
[""]
[""]
[""]
[""]
[""]
[""]
[""]
[""]
[""]
[""]
[""]
[{"$f":"IF(AND(B61251<>\"\",B61252<>\"\"),A61251+1,\"\")","v":""}]
[""]
[""]
[""]
[""]
[""]
[""]
[""]
[""]
[""]
[""]
[""]
[""]
[""]
[""]
[""]
[""]
[""]
[""]
[""]
[""]
[""]
[""]
[""]
[""]
[""]
[""]
[""]
[""]
[""]
[""]
[""]
[""]
[""]
[""]
[""]
[""]
[""]
[""]
[""]
[""]
[""]
[""]
[""]
[""]
[""]
[""]
[""]
[""]
[""]
[""]
[""]
[""]
[""]
[""]
[""]
[""]
[""]
[""]
[""]
[""]
[""]
[""]
[""]
[{"$f":"IF(AND(B61315<>\"\",B61316<>\"\"),A61315+1,\"\")","v":""}]
[""]
[""]
[""]
[""]
[""]
[""]
[""]
[""]
[""]
[""]
[""]
[""]
[""]
[""]
[""]
[""]
[""]
[""]
[""]
[""]
[""]
[""]
[""]
[""]
[""]
[""]
[""]
[""]
[""]
[""]
[""]
[""]
[""]
[""]
[""]
[""]
[""]
[""]
[""]
[""]
[""]
[""]
[""]
[""]
[""]
[""]
[""]
[""]
[""]
[""]
[""]
[""]
[""]
[""]
[""]
[""]
[""]
[""]
[""]
[""]
[""]
[""]
[""]
[{"$f":"IF(AND(B61379<>\"\",B61380<>\"\"),A61379+1,\"\")","v":""}]
[""]
[""]
[""]
[""]
[""]
[""]
[""]
[""]
[""]
[""]
[""]
[""]
[""]
[""]
[""]
[""]
[""]
[""]
[""]
[""]
[""]
[""]
[""]
[""]
[""]
[""]
[""]
[""]
[""]
[""]
[""]
[""]
[""]
[""]
[""]
[""]
[""]
[""]
[""]
[""]
[""]
[""]
[""]
[""]
[""]
[""]
[""]
[""]
[""]
[""]
[""]
[""]
[""]
[""]
[""]
[""]
[""]
[""]
[""]
[""]
[""]
[""]
[""]
[{"$f":"IF(AND(B61443<>\"\",B61444<>\"\"),A61443+1,\"\")","v":""}]
[""]
[""]
[""]
[""]
[""]
[""]
[""]
[""]
[""]
[""]
[""]
[""]
[""]
[""]
[""]
[""]
[""]
[""]
[""]
[""]
[""]
[""]
[""]
[""]
[""]
[""]
[""]
[""]
[""]
[""]
[""]
[""]
[""]
[""]
[""]
[""]
[""]
[""]
[""]
[""]
[""]
[""]
[""]
[""]
[""]
[""]
[""]
[""]
[""]
[""]
[""]
[""]
[""]
[""]
[""]
[""]
[""]
[""]
[""]
[""]
[""]
[""]
[""]
[{"$f":"IF(AND(B61507<>\"\",B61508<>\"\"),A61507+1,\"\")","v":""}]
[""]
[""]
[""]
[""]
[""]
[""]
[""]
[""]
[""]
[""]
[""]
[""]
[""]
[""]
[""]
[""]
[""]
[""]
[""]
[""]
[""]
[""]
[""]
[""]
[""]
[""]
[""]
[""]
[""]
[""]
[""]
[""]
[""]
[""]
[""]
[""]
[""]
[""]
[""]
[""]
[""]
[""]
[""]
[""]
[""]
[""]
[""]
[""]
[""]
[""]
[""]
[""]
[""]
[""]
[""]
[""]
[""]
[""]
[""]
[""]
[""]
[""]
[""]
[{"$f":"IF(AND(B61571<>\"\",B61572<>\"\"),A61571+1,\"\")","v":""}]
[""]
[""]
[""]
[""]
[""]
[""]
[""]
[""]
[""]
[""]
[""]
[""]
[""]
[""]
[""]
[""]
[""]
[""]
[""]
[""]
[""]
[""]
[""]
[""]
[""]
[""]
[""]
[""]
[""]
[""]
[""]
[""]
[""]
[""]
[""]
[""]
[""]
[""]
[""]
[""]
[""]
[""]
[""]
[""]
[""]
[""]
[""]
[""]
[""]
[""]
[""]
[""]
[""]
[""]
[""]
[""]
[""]
[""]
[""]
[""]
[""]
[""]
[""]
[{"$f":"IF(AND(B61635<>\"\",B61636<>\"\"),A61635+1,\"\")","v":""}]
[""]
[""]
[""]
[""]
[""]
[""]
[""]
[""]
[""]
[""]
[""]
[""]
[""]
[""]
[""]
[""]
[""]
[""]
[""]
[""]
[""]
[""]
[""]
[""]
[""]
[""]
[""]
[""]
[""]
[""]
[""]
[""]
[""]
[""]
[""]
[""]
[""]
[""]
[""]
[""]
[""]
[""]
[""]
[""]
[""]
[""]
[""]
[""]
[""]
[""]
[""]
[""]
[""]
[""]
[""]
[""]
[""]
[""]
[""]
[""]
[""]
[""]
[""]
[{"$f":"IF(AND(B61699<>\"\",B61700<>\"\"),A61699+1,\"\")","v":""}]
[""]
[""]
[""]
[""]
[""]
[""]
[""]
[""]
[""]
[""]
[""]
[""]
[""]
[""]
[""]
[""]
[""]
[""]
[""]
[""]
[""]
[""]
[""]
[""]
[""]
[""]
[""]
[""]
[""]
[""]
[""]
[""]
[""]
[""]
[""]
[""]
[""]
[""]
[""]
[""]
[""]
[""]
[""]
[""]
[""]
[""]
[""]
[""]
[""]
[""]
[""]
[""]
[""]
[""]
[""]
[""]
[""]
[""]
[""]
[""]
[""]
[""]
[""]
[{"$f":"IF(AND(B61763<>\"\",B61764<>\"\"),A61763+1,\"\")","v":""}]
[""]
[""]
[""]
[""]
[""]
[""]
[""]
[""]
[""]
[""]
[""]
[""]
[""]
[""]
[""]
[""]
[""]
[""]
[""]
[""]
[""]
[""]
[""]
[""]
[""]
[""]
[""]
[""]
[""]
[""]
[""]
[""]
[""]
[""]
[""]
[""]
[""]
[""]
[""]
[""]
[""]
[""]
[""]
[""]
[""]
[""]
[""]
[""]
[""]
[""]
[""]
[""]
[""]
[""]
[""]
[""]
[""]
[""]
[""]
[""]
[""]
[""]
[""]
[{"$f":"IF(AND(B61827<>\"\",B61828<>\"\"),A61827+1,\"\")","v":""}]
[""]
[""]
[""]
[""]
[""]
[""]
[""]
[""]
[""]
[""]
[""]
[""]
[""]
[""]
[""]
[""]
[""]
[""]
[""]
[""]
[""]
[""]
[""]
[""]
[""]
[""]
[""]
[""]
[""]
[""]
[""]
[""]
[""]
[""]
[""]
[""]
[""]
[""]
[""]
[""]
[""]
[""]
[""]
[""]
[""]
[""]
[""]
[""]
[""]
[""]
[""]
[""]
[""]
[""]
[""]
[""]
[""]
[""]
[""]
[""]
[""]
[""]
[""]
[{"$f":"IF(AND(B61891<>\"\",B61892<>\"\"),A61891+1,\"\")","v":""}]
[""]
[""]
[""]
[""]
[""]
[""]
[""]
[""]
[""]
[""]
[""]
[""]
[""]
[""]
[""]
[""]
[""]
[""]
[""]
[""]
[""]
[""]
[""]
[""]
[""]
[""]
[""]
[""]
[""]
[""]
[""]
[""]
[""]
[""]
[""]
[""]
[""]
[""]
[""]
[""]
[""]
[""]
[""]
[""]
[""]
[""]
[""]
[""]
[""]
[""]
[""]
[""]
[""]
[""]
[""]
[""]
[""]
[""]
[""]
[""]
[""]
[""]
[""]
[{"$f":"IF(AND(B61955<>\"\",B61956<>\"\"),A61955+1,\"\")","v":""}]
[""]
[""]
[""]
[""]
[""]
[""]
[""]
[""]
[""]
[""]
[""]
[""]
[""]
[""]
[""]
[""]
[""]
[""]
[""]
[""]
[""]
[""]
[""]
[""]
[""]
[""]
[""]
[""]
[""]
[""]
[""]
[""]
[""]
[""]
[""]
[""]
[""]
[""]
[""]
[""]
[""]
[""]
[""]
[""]
[""]
[""]
[""]
[""]
[""]
[""]
[""]
[""]
[""]
[""]
[""]
[""]
[""]
[""]
[""]
[""]
[""]
[""]
[""]
[{"$f":"IF(AND(B62019<>\"\",B62020<>\"\"),A62019+1,\"\")","v":""}]
[""]
[""]
[""]
[""]
[""]
[""]
[""]
[""]
[""]
[""]
[""]
[""]
[""]
[""]
[""]
[""]
[""]
[""]
[""]
[""]
[""]
[""]
[""]
[""]
[""]
[""]
[""]
[""]
[""]
[""]
[""]
[""]
[""]
[""]
[""]
[""]
[""]
[""]
[""]
[""]
[""]
[""]
[""]
[""]
[""]
[""]
[""]
[""]
[""]
[""]
[""]
[""]
[""]
[""]
[""]
[""]
[""]
[""]
[""]
[""]
[""]
[""]
[""]
[{"$f":"IF(AND(B62083<>\"\",B62084<>\"\"),A62083+1,\"\")","v":""}]
[""]
[""]
[""]
[""]
[""]
[""]
[""]
[""]
[""]
[""]
[""]
[""]
[""]
[""]
[""]
[""]
[""]
[""]
[""]
[""]
[""]
[""]
[""]
[""]
[""]
[""]
[""]
[""]
[""]
[""]
[""]
[""]
[""]
[""]
[""]
[""]
[""]
[""]
[""]
[""]
[""]
[""]
[""]
[""]
[""]
[""]
[""]
[""]
[""]
[""]
[""]
[""]
[""]
[""]
[""]
[""]
[""]
[""]
[""]
[""]
[""]
[""]
[""]
[{"$f":"IF(AND(B62147<>\"\",B62148<>\"\"),A62147+1,\"\")","v":""}]
[""]
[""]
[""]
[""]
[""]
[""]
[""]
[""]
[""]
[""]
[""]
[""]
[""]
[""]
[""]
[""]
[""]
[""]
[""]
[""]
[""]
[""]
[""]
[""]
[""]
[""]
[""]
[""]
[""]
[""]
[""]
[""]
[""]
[""]
[""]
[""]
[""]
[""]
[""]
[""]
[""]
[""]
[""]
[""]
[""]
[""]
[""]
[""]
[""]
[""]
[""]
[""]
[""]
[""]
[""]
[""]
[""]
[""]
[""]
[""]
[""]
[""]
[""]
[{"$f":"IF(AND(B62211<>\"\",B62212<>\"\"),A62211+1,\"\")","v":""}]
[""]
[""]
[""]
[""]
[""]
[""]
[""]
[""]
[""]
[""]
[""]
[""]
[""]
[""]
[""]
[""]
[""]
[""]
[""]
[""]
[""]
[""]
[""]
[""]
[""]
[""]
[""]
[""]
[""]
[""]
[""]
[""]
[""]
[""]
[""]
[""]
[""]
[""]
[""]
[""]
[""]
[""]
[""]
[""]
[""]
[""]
[""]
[""]
[""]
[""]
[""]
[""]
[""]
[""]
[""]
[""]
[""]
[""]
[""]
[""]
[""]
[""]
[""]
[{"$f":"IF(AND(B62275<>\"\",B62276<>\"\"),A62275+1,\"\")","v":""}]
[""]
[""]
[""]
[""]
[""]
[""]
[""]
[""]
[""]
[""]
[""]
[""]
[""]
[""]
[""]
[""]
[""]
[""]
[""]
[""]
[""]
[""]
[""]
[""]
[""]
[""]
[""]
[""]
[""]
[""]
[""]
[""]
[""]
[""]
[""]
[""]
[""]
[""]
[""]
[""]
[""]
[""]
[""]
[""]
[""]
[""]
[""]
[""]
[""]
[""]
[""]
[""]
[""]
[""]
[""]
[""]
[""]
[""]
[""]
[""]
[""]
[""]
[""]
[{"$f":"IF(AND(B62339<>\"\",B62340<>\"\"),A62339+1,\"\")","v":""}]
[""]
[""]
[""]
[""]
[""]
[""]
[""]
[""]
[""]
[""]
[""]
[""]
[""]
[""]
[""]
[""]
[""]
[""]
[""]
[""]
[""]
[""]
[""]
[""]
[""]
[""]
[""]
[""]
[""]
[""]
[""]
[""]
[""]
[""]
[""]
[""]
[""]
[""]
[""]
[""]
[""]
[""]
[""]
[""]
[""]
[""]
[""]
[""]
[""]
[""]
[""]
[""]
[""]
[""]
[""]
[""]
[""]
[""]
[""]
[""]
[""]
[""]
[""]
[{"$f":"IF(AND(B62403<>\"\",B62404<>\"\"),A62403+1,\"\")","v":""}]
[""]
[""]
[""]
[""]
[""]
[""]
[""]
[""]
[""]
[""]
[""]
[""]
[""]
[""]
[""]
[""]
[""]
[""]
[""]
[""]
[""]
[""]
[""]
[""]
[""]
[""]
[""]
[""]
[""]
[""]
[""]
[""]
[""]
[""]
[""]
[""]
[""]
[""]
[""]
[""]
[""]
[""]
[""]
[""]
[""]
[""]
[""]
[""]
[""]
[""]
[""]
[""]
[""]
[""]
[""]
[""]
[""]
[""]
[""]
[""]
[""]
[""]
[""]
[{"$f":"IF(AND(B62467<>\"\",B62468<>\"\"),A62467+1,\"\")","v":""}]
[""]
[""]
[""]
[""]
[""]
[""]
[""]
[""]
[""]
[""]
[""]
[""]
[""]
[""]
[""]
[""]
[""]
[""]
[""]
[""]
[""]
[""]
[""]
[""]
[""]
[""]
[""]
[""]
[""]
[""]
[""]
[""]
[""]
[""]
[""]
[""]
[""]
[""]
[""]
[""]
[""]
[""]
[""]
[""]
[""]
[""]
[""]
[""]
[""]
[""]
[""]
[""]
[""]
[""]
[""]
[""]
[""]
[""]
[""]
[""]
[""]
[""]
[""]
[{"$f":"IF(AND(B62531<>\"\",B62532<>\"\"),A62531+1,\"\")","v":""}]
[""]
[""]
[""]
[""]
[""]
[""]
[""]
[""]
[""]
[""]
[""]
[""]
[""]
[""]
[""]
[""]
[""]
[""]
[""]
[""]
[""]
[""]
[""]
[""]
[""]
[""]
[""]
[""]
[""]
[""]
[""]
[""]
[""]
[""]
[""]
[""]
[""]
[""]
[""]
[""]
[""]
[""]
[""]
[""]
[""]
[""]
[""]
[""]
[""]
[""]
[""]
[""]
[""]
[""]
[""]
[""]
[""]
[""]
[""]
[""]
[""]
[""]
[""]
[{"$f":"IF(AND(B62595<>\"\",B62596<>\"\"),A62595+1,\"\")","v":""}]
[""]
[""]
[""]
[""]
[""]
[""]
[""]
[""]
[""]
[""]
[""]
[""]
[""]
[""]
[""]
[""]
[""]
[""]
[""]
[""]
[""]
[""]
[""]
[""]
[""]
[""]
[""]
[""]
[""]
[""]
[""]
[""]
[""]
[""]
[""]
[""]
[""]
[""]
[""]
[""]
[""]
[""]
[""]
[""]
[""]
[""]
[""]
[""]
[""]
[""]
[""]
[""]
[""]
[""]
[""]
[""]
[""]
[""]
[""]
[""]
[""]
[""]
[""]
[{"$f":"IF(AND(B62659<>\"\",B62660<>\"\"),A62659+1,\"\")","v":""}]
[""]
[""]
[""]
[""]
[""]
[""]
[""]
[""]
[""]
[""]
[""]
[""]
[""]
[""]
[""]
[""]
[""]
[""]
[""]
[""]
[""]
[""]
[""]
[""]
[""]
[""]
[""]
[""]
[""]
[""]
[""]
[""]
[""]
[""]
[""]
[""]
[""]
[""]
[""]
[""]
[""]
[""]
[""]
[""]
[""]
[""]
[""]
[""]
[""]
[""]
[""]
[""]
[""]
[""]
[""]
[""]
[""]
[""]
[""]
[""]
[""]
[""]
[""]
[{"$f":"IF(AND(B62723<>\"\",B62724<>\"\"),A62723+1,\"\")","v":""}]
[""]
[""]
[""]
[""]
[""]
[""]
[""]
[""]
[""]
[""]
[""]
[""]
[""]
[""]
[""]
[""]
[""]
[""]
[""]
[""]
[""]
[""]
[""]
[""]
[""]
[""]
[""]
[""]
[""]
[""]
[""]
[""]
[""]
[""]
[""]
[""]
[""]
[""]
[""]
[""]
[""]
[""]
[""]
[""]
[""]
[""]
[""]
[""]
[""]
[""]
[""]
[""]
[""]
[""]
[""]
[""]
[""]
[""]
[""]
[""]
[""]
[""]
[""]
[{"$f":"IF(AND(B62787<>\"\",B62788<>\"\"),A62787+1,\"\")","v":""}]
[""]
[""]
[""]
[""]
[""]
[""]
[""]
[""]
[""]
[""]
[""]
[""]
[""]
[""]
[""]
[""]
[""]
[""]
[""]
[""]
[""]
[""]
[""]
[""]
[""]
[""]
[""]
[""]
[""]
[""]
[""]
[""]
[""]
[""]
[""]
[""]
[""]
[""]
[""]
[""]
[""]
[""]
[""]
[""]
[""]
[""]
[""]
[""]
[""]
[""]
[""]
[""]
[""]
[""]
[""]
[""]
[""]
[""]
[""]
[""]
[""]
[""]
[""]
[{"$f":"IF(AND(B62851<>\"\",B62852<>\"\"),A62851+1,\"\")","v":""}]
[""]
[""]
[""]
[""]
[""]
[""]
[""]
[""]
[""]
[""]
[""]
[""]
[""]
[""]
[""]
[""]
[""]
[""]
[""]
[""]
[""]
[""]
[""]
[""]
[""]
[""]
[""]
[""]
[""]
[""]
[""]
[""]
[""]
[""]
[""]
[""]
[""]
[""]
[""]
[""]
[""]
[""]
[""]
[""]
[""]
[""]
[""]
[""]
[""]
[""]
[""]
[""]
[""]
[""]
[""]
[""]
[""]
[""]
[""]
[""]
[""]
[""]
[""]
[{"$f":"IF(AND(B62915<>\"\",B62916<>\"\"),A62915+1,\"\")","v":""}]
[""]
[""]
[""]
[""]
[""]
[""]
[""]
[""]
[""]
[""]
[""]
[""]
[""]
[""]
[""]
[""]
[""]
[""]
[""]
[""]
[""]
[""]
[""]
[""]
[""]
[""]
[""]
[""]
[""]
[""]
[""]
[""]
[""]
[""]
[""]
[""]
[""]
[""]
[""]
[""]
[""]
[""]
[""]
[""]
[""]
[""]
[""]
[""]
[""]
[""]
[""]
[""]
[""]
[""]
[""]
[""]
[""]
[""]
[""]
[""]
[""]
[""]
[""]
[{"$f":"IF(AND(B62979<>\"\",B62980<>\"\"),A62979+1,\"\")","v":""}]
[""]
[""]
[""]
[""]
[""]
[""]
[""]
[""]
[""]
[""]
[""]
[""]
[""]
[""]
[""]
[""]
[""]
[""]
[""]
[""]
[""]
[""]
[""]
[""]
[""]
[""]
[""]
[""]
[""]
[""]
[""]
[""]
[""]
[""]
[""]
[""]
[""]
[""]
[""]
[""]
[""]
[""]
[""]
[""]
[""]
[""]
[""]
[""]
[""]
[""]
[""]
[""]
[""]
[""]
[""]
[""]
[""]
[""]
[""]
[""]
[""]
[""]
[""]
[{"$f":"IF(AND(B63043<>\"\",B63044<>\"\"),A63043+1,\"\")","v":""}]
[""]
[""]
[""]
[""]
[""]
[""]
[""]
[""]
[""]
[""]
[""]
[""]
[""]
[""]
[""]
[""]
[""]
[""]
[""]
[""]
[""]
[""]
[""]
[""]
[""]
[""]
[""]
[""]
[""]
[""]
[""]
[""]
[""]
[""]
[""]
[""]
[""]
[""]
[""]
[""]
[""]
[""]
[""]
[""]
[""]
[""]
[""]
[""]
[""]
[""]
[""]
[""]
[""]
[""]
[""]
[""]
[""]
[""]
[""]
[""]
[""]
[""]
[""]
[{"$f":"IF(AND(B63107<>\"\",B63108<>\"\"),A63107+1,\"\")","v":""}]
[""]
[""]
[""]
[""]
[""]
[""]
[""]
[""]
[""]
[""]
[""]
[""]
[""]
[""]
[""]
[""]
[""]
[""]
[""]
[""]
[""]
[""]
[""]
[""]
[""]
[""]
[""]
[""]
[""]
[""]
[""]
[""]
[""]
[""]
[""]
[""]
[""]
[""]
[""]
[""]
[""]
[""]
[""]
[""]
[""]
[""]
[""]
[""]
[""]
[""]
[""]
[""]
[""]
[""]
[""]
[""]
[""]
[""]
[""]
[""]
[""]
[""]
[""]
[{"$f":"IF(AND(B63171<>\"\",B63172<>\"\"),A63171+1,\"\")","v":""}]
[""]
[""]
[""]
[""]
[""]
[""]
[""]
[""]
[""]
[""]
[""]
[""]
[""]
[""]
[""]
[""]
[""]
[""]
[""]
[""]
[""]
[""]
[""]
[""]
[""]
[""]
[""]
[""]
[""]
[""]
[""]
[""]
[""]
[""]
[""]
[""]
[""]
[""]
[""]
[""]
[""]
[""]
[""]
[""]
[""]
[""]
[""]
[""]
[""]
[""]
[""]
[""]
[""]
[""]
[""]
[""]
[""]
[""]
[""]
[""]
[""]
[""]
[""]
[{"$f":"IF(AND(B63235<>\"\",B63236<>\"\"),A63235+1,\"\")","v":""}]
[""]
[""]
[""]
[""]
[""]
[""]
[""]
[""]
[""]
[""]
[""]
[""]
[""]
[""]
[""]
[""]
[""]
[""]
[""]
[""]
[""]
[""]
[""]
[""]
[""]
[""]
[""]
[""]
[""]
[""]
[""]
[""]
[""]
[""]
[""]
[""]
[""]
[""]
[""]
[""]
[""]
[""]
[""]
[""]
[""]
[""]
[""]
[""]
[""]
[""]
[""]
[""]
[""]
[""]
[""]
[""]
[""]
[""]
[""]
[""]
[""]
[""]
[""]
[{"$f":"IF(AND(B63299<>\"\",B63300<>\"\"),A63299+1,\"\")","v":""}]
[""]
[""]
[""]
[""]
[""]
[""]
[""]
[""]
[""]
[""]
[""]
[""]
[""]
[""]
[""]
[""]
[""]
[""]
[""]
[""]
[""]
[""]
[""]
[""]
[""]
[""]
[""]
[""]
[""]
[""]
[""]
[""]
[""]
[""]
[""]
[""]
[""]
[""]
[""]
[""]
[""]
[""]
[""]
[""]
[""]
[""]
[""]
[""]
[""]
[""]
[""]
[""]
[""]
[""]
[""]
[""]
[""]
[""]
[""]
[""]
[""]
[""]
[""]
[{"$f":"IF(AND(B63363<>\"\",B63364<>\"\"),A63363+1,\"\")","v":""}]
[""]
[""]
[""]
[""]
[""]
[""]
[""]
[""]
[""]
[""]
[""]
[""]
[""]
[""]
[""]
[""]
[""]
[""]
[""]
[""]
[""]
[""]
[""]
[""]
[""]
[""]
[""]
[""]
[""]
[""]
[""]
[""]
[""]
[""]
[""]
[""]
[""]
[""]
[""]
[""]
[""]
[""]
[""]
[""]
[""]
[""]
[""]
[""]
[""]
[""]
[""]
[""]
[""]
[""]
[""]
[""]
[""]
[""]
[""]
[""]
[""]
[""]
[""]
[{"$f":"IF(AND(B63427<>\"\",B63428<>\"\"),A63427+1,\"\")","v":""}]
[""]
[""]
[""]
[""]
[""]
[""]
[""]
[""]
[""]
[""]
[""]
[""]
[""]
[""]
[""]
[""]
[""]
[""]
[""]
[""]
[""]
[""]
[""]
[""]
[""]
[""]
[""]
[""]
[""]
[""]
[""]
[""]
[""]
[""]
[""]
[""]
[""]
[""]
[""]
[""]
[""]
[""]
[""]
[""]
[""]
[""]
[""]
[""]
[""]
[""]
[""]
[""]
[""]
[""]
[""]
[""]
[""]
[""]
[""]
[""]
[""]
[""]
[""]
[{"$f":"IF(AND(B63491<>\"\",B63492<>\"\"),A63491+1,\"\")","v":""}]
[""]
[""]
[""]
[""]
[""]
[""]
[""]
[""]
[""]
[""]
[""]
[""]
[""]
[""]
[""]
[""]
[""]
[""]
[""]
[""]
[""]
[""]
[""]
[""]
[""]
[""]
[""]
[""]
[""]
[""]
[""]
[""]
[""]
[""]
[""]
[""]
[""]
[""]
[""]
[""]
[""]
[""]
[""]
[""]
[""]
[""]
[""]
[""]
[""]
[""]
[""]
[""]
[""]
[""]
[""]
[""]
[""]
[""]
[""]
[""]
[""]
[""]
[""]
[{"$f":"IF(AND(B63555<>\"\",B63556<>\"\"),A63555+1,\"\")","v":""}]
[""]
[""]
[""]
[""]
[""]
[""]
[""]
[""]
[""]
[""]
[""]
[""]
[""]
[""]
[""]
[""]
[""]
[""]
[""]
[""]
[""]
[""]
[""]
[""]
[""]
[""]
[""]
[""]
[""]
[""]
[""]
[""]
[""]
[""]
[""]
[""]
[""]
[""]
[""]
[""]
[""]
[""]
[""]
[""]
[""]
[""]
[""]
[""]
[""]
[""]
[""]
[""]
[""]
[""]
[""]
[""]
[""]
[""]
[""]
[""]
[""]
[""]
[""]
[{"$f":"IF(AND(B63619<>\"\",B63620<>\"\"),A63619+1,\"\")","v":""}]
[""]
[""]
[""]
[""]
[""]
[""]
[""]
[""]
[""]
[""]
[""]
[""]
[""]
[""]
[""]
[""]
[""]
[""]
[""]
[""]
[""]
[""]
[""]
[""]
[""]
[""]
[""]
[""]
[""]
[""]
[""]
[""]
[""]
[""]
[""]
[""]
[""]
[""]
[""]
[""]
[""]
[""]
[""]
[""]
[""]
[""]
[""]
[""]
[""]
[""]
[""]
[""]
[""]
[""]
[""]
[""]
[""]
[""]
[""]
[""]
[""]
[""]
[""]
[{"$f":"IF(AND(B63683<>\"\",B63684<>\"\"),A63683+1,\"\")","v":""}]
[""]
[""]
[""]
[""]
[""]
[""]
[""]
[""]
[""]
[""]
[""]
[""]
[""]
[""]
[""]
[""]
[""]
[""]
[""]
[""]
[""]
[""]
[""]
[""]
[""]
[""]
[""]
[""]
[""]
[""]
[""]
[""]
[""]
[""]
[""]
[""]
[""]
[""]
[""]
[""]
[""]
[""]
[""]
[""]
[""]
[""]
[""]
[""]
[""]
[""]
[""]
[""]
[""]
[""]
[""]
[""]
[""]
[""]
[""]
[""]
[""]
[""]
[""]
[{"$f":"IF(AND(B63747<>\"\",B63748<>\"\"),A63747+1,\"\")","v":""}]
[""]
[""]
[""]
[""]
[""]
[""]
[""]
[""]
[""]
[""]
[""]
[""]
[""]
[""]
[""]
[""]
[""]
[""]
[""]
[""]
[""]
[""]
[""]
[""]
[""]
[""]
[""]
[""]
[""]
[""]
[""]
[""]
[""]
[""]
[""]
[""]
[""]
[""]
[""]
[""]
[""]
[""]
[""]
[""]
[""]
[""]
[""]
[""]
[""]
[""]
[""]
[""]
[""]
[""]
[""]
[""]
[""]
[""]
[""]
[""]
[""]
[""]
[""]
[{"$f":"IF(AND(B63811<>\"\",B63812<>\"\"),A63811+1,\"\")","v":""}]
[""]
[""]
[""]
[""]
[""]
[""]
[""]
[""]
[""]
[""]
[""]
[""]
[""]
[""]
[""]
[""]
[""]
[""]
[""]
[""]
[""]
[""]
[""]
[""]
[""]
[""]
[""]
[""]
[""]
[""]
[""]
[""]
[""]
[""]
[""]
[""]
[""]
[""]
[""]
[""]
[""]
[""]
[""]
[""]
[""]
[""]
[""]
[""]
[""]
[""]
[""]
[""]
[""]
[""]
[""]
[""]
[""]
[""]
[""]
[""]
[""]
[""]
[""]
[{"$f":"IF(AND(B63875<>\"\",B63876<>\"\"),A63875+1,\"\")","v":""}]
[""]
[""]
[""]
[""]
[""]
[""]
[""]
[""]
[""]
[""]
[""]
[""]
[""]
[""]
[""]
[""]
[""]
[""]
[""]
[""]
[""]
[""]
[""]
[""]
[""]
[""]
[""]
[""]
[""]
[""]
[""]
[""]
[""]
[""]
[""]
[""]
[""]
[""]
[""]
[""]
[""]
[""]
[""]
[""]
[""]
[""]
[""]
[""]
[""]
[""]
[""]
[""]
[""]
[""]
[""]
[""]
[""]
[""]
[""]
[""]
[""]
[""]
[""]
[{"$f":"IF(AND(B63939<>\"\",B63940<>\"\"),A63939+1,\"\")","v":""}]
[""]
[""]
[""]
[""]
[""]
[""]
[""]
[""]
[""]
[""]
[""]
[""]
[""]
[""]
[""]
[""]
[""]
[""]
[""]
[""]
[""]
[""]
[""]
[""]
[""]
[""]
[""]
[""]
[""]
[""]
[""]
[""]
[""]
[""]
[""]
[""]
[""]
[""]
[""]
[""]
[""]
[""]
[""]
[""]
[""]
[""]
[""]
[""]
[""]
[""]
[""]
[""]
[""]
[""]
[""]
[""]
[""]
[""]
[""]
[""]
[""]
[""]
[""]
[{"$f":"IF(AND(B64003<>\"\",B64004<>\"\"),A64003+1,\"\")","v":""}]
[""]
[""]
[""]
[""]
[""]
[""]
[""]
[""]
[""]
[""]
[""]
[""]
[""]
[""]
[""]
[""]
[""]
[""]
[""]
[""]
[""]
[""]
[""]
[""]
[""]
[""]
[""]
[""]
[""]
[""]
[""]
[""]
[""]
[""]
[""]
[""]
[""]
[""]
[""]
[""]
[""]
[""]
[""]
[""]
[""]
[""]
[""]
[""]
[""]
[""]
[""]
[""]
[""]
[""]
[""]
[""]
[""]
[""]
[""]
[""]
[""]
[""]
[""]
[{"$f":"IF(AND(B64067<>\"\",B64068<>\"\"),A64067+1,\"\")","v":""}]
[""]
[""]
[""]
[""]
[""]
[""]
[""]
[""]
[""]
[""]
[""]
[""]
[""]
[""]
[""]
[""]
[""]
[""]
[""]
[""]
[""]
[""]
[""]
[""]
[""]
[""]
[""]
[""]
[""]
[""]
[""]
[""]
[""]
[""]
[""]
[""]
[""]
[""]
[""]
[""]
[""]
[""]
[""]
[""]
[""]
[""]
[""]
[""]
[""]
[""]
[""]
[""]
[""]
[""]
[""]
[""]
[""]
[""]
[""]
[""]
[""]
[""]
[""]
[{"$f":"IF(AND(B64131<>\"\",B64132<>\"\"),A64131+1,\"\")","v":""}]
[""]
[""]
[""]
[""]
[""]
[""]
[""]
[""]
[""]
[""]
[""]
[""]
[""]
[""]
[""]
[""]
[""]
[""]
[""]
[""]
[""]
[""]
[""]
[""]
[""]
[""]
[""]
[""]
[""]
[""]
[""]
[""]
[""]
[""]
[""]
[""]
[""]
[""]
[""]
[""]
[""]
[""]
[""]
[""]
[""]
[""]
[""]
[""]
[""]
[""]
[""]
[""]
[""]
[""]
[""]
[""]
[""]
[""]
[""]
[""]
[""]
[""]
[""]
[{"$f":"IF(AND(B64195<>\"\",B64196<>\"\"),A64195+1,\"\")","v":""}]
[""]
[""]
[""]
[""]
[""]
[""]
[""]
[""]
[""]
[""]
[""]
[""]
[""]
[""]
[""]
[""]
[""]
[""]
[""]
[""]
[""]
[""]
[""]
[""]
[""]
[""]
[""]
[""]
[""]
[""]
[""]
[""]
[""]
[""]
[""]
[""]
[""]
[""]
[""]
[""]
[""]
[""]
[""]
[""]
[""]
[""]
[""]
[""]
[""]
[""]
[""]
[""]
[""]
[""]
[""]
[""]
[""]
[""]
[""]
[""]
[""]
[""]
[""]
[{"$f":"IF(AND(B64259<>\"\",B64260<>\"\"),A64259+1,\"\")","v":""}]
[""]
[""]
[""]
[""]
[""]
[""]
[""]
[""]
[""]
[""]
[""]
[""]
[""]
[""]
[""]
[""]
[""]
[""]
[""]
[""]
[""]
[""]
[""]
[""]
[""]
[""]
[""]
[""]
[""]
[""]
[""]
[""]
[""]
[""]
[""]
[""]
[""]
[""]
[""]
[""]
[""]
[""]
[""]
[""]
[""]
[""]
[""]
[""]
[""]
[""]
[""]
[""]
[""]
[""]
[""]
[""]
[""]
[""]
[""]
[""]
[""]
[""]
[""]
[{"$f":"IF(AND(B64323<>\"\",B64324<>\"\"),A64323+1,\"\")","v":""}]
[""]
[""]
[""]
[""]
[""]
[""]
[""]
[""]
[""]
[""]
[""]
[""]
[""]
[""]
[""]
[""]
[""]
[""]
[""]
[""]
[""]
[""]
[""]
[""]
[""]
[""]
[""]
[""]
[""]
[""]
[""]
[""]
[""]
[""]
[""]
[""]
[""]
[""]
[""]
[""]
[""]
[""]
[""]
[""]
[""]
[""]
[""]
[""]
[""]
[""]
[""]
[""]
[""]
[""]
[""]
[""]
[""]
[""]
[""]
[""]
[""]
[""]
[""]
[{"$f":"IF(AND(B64387<>\"\",B64388<>\"\"),A64387+1,\"\")","v":""}]
[""]
[""]
[""]
[""]
[""]
[""]
[""]
[""]
[""]
[""]
[""]
[""]
[""]
[""]
[""]
[""]
[""]
[""]
[""]
[""]
[""]
[""]
[""]
[""]
[""]
[""]
[""]
[""]
[""]
[""]
[""]
[""]
[""]
[""]
[""]
[""]
[""]
[""]
[""]
[""]
[""]
[""]
[""]
[""]
[""]
[""]
[""]
[""]
[""]
[""]
[""]
[""]
[""]
[""]
[""]
[""]
[""]
[""]
[""]
[""]
[""]
[""]
[""]
[{"$f":"IF(AND(B64451<>\"\",B64452<>\"\"),A64451+1,\"\")","v":""}]
[""]
[""]
[""]
[""]
[""]
[""]
[""]
[""]
[""]
[""]
[""]
[""]
[""]
[""]
[""]
[""]
[""]
[""]
[""]
[""]
[""]
[""]
[""]
[""]
[""]
[""]
[""]
[""]
[""]
[""]
[""]
[""]
[""]
[""]
[""]
[""]
[""]
[""]
[""]
[""]
[""]
[""]
[""]
[""]
[""]
[""]
[""]
[""]
[""]
[""]
[""]
[""]
[""]
[""]
[""]
[""]
[""]
[""]
[""]
[""]
[""]
[""]
[""]
[{"$f":"IF(AND(B64515<>\"\",B64516<>\"\"),A64515+1,\"\")","v":""}]
[""]
[""]
[""]
[""]
[""]
[""]
[""]
[""]
[""]
[""]
[""]
[""]
[""]
[""]
[""]
[""]
[""]
[""]
[""]
[""]
[""]
[""]
[""]
[""]
[""]
[""]
[""]
[""]
[""]
[""]
[""]
[""]
[""]
[""]
[""]
[""]
[""]
[""]
[""]
[""]
[""]
[""]
[""]
[""]
[""]
[""]
[""]
[""]
[""]
[""]
[""]
[""]
[""]
[""]
[""]
[""]
[""]
[""]
[""]
[""]
[""]
[""]
[""]
[{"$f":"IF(AND(B64579<>\"\",B64580<>\"\"),A64579+1,\"\")","v":""}]
[""]
[""]
[""]
[""]
[""]
[""]
[""]
[""]
[""]
[""]
[""]
[""]
[""]
[""]
[""]
[""]
[""]
[""]
[""]
[""]
[""]
[""]
[""]
[""]
[""]
[""]
[""]
[""]
[""]
[""]
[""]
[""]
[""]
[""]
[""]
[""]
[""]
[""]
[""]
[""]
[""]
[""]
[""]
[""]
[""]
[""]
[""]
[""]
[""]
[""]
[""]
[""]
[""]
[""]
[""]
[""]
[""]
[""]
[""]
[""]
[""]
[""]
[""]
[{"$f":"IF(AND(B64643<>\"\",B64644<>\"\"),A64643+1,\"\")","v":""}]
[""]
[""]
[""]
[""]
[""]
[""]
[""]
[""]
[""]
[""]
[""]
[""]
[""]
[""]
[""]
[""]
[""]
[""]
[""]
[""]
[""]
[""]
[""]
[""]
[""]
[""]
[""]
[""]
[""]
[""]
[""]
[""]
[""]
[""]
[""]
[""]
[""]
[""]
[""]
[""]
[""]
[""]
[""]
[""]
[""]
[""]
[""]
[""]
[""]
[""]
[""]
[""]
[""]
[""]
[""]
[""]
[""]
[""]
[""]
[""]
[""]
[""]
[""]
[{"$f":"IF(AND(B64707<>\"\",B64708<>\"\"),A64707+1,\"\")","v":""}]
[""]
[""]
[""]
[""]
[""]
[""]
[""]
[""]
[""]
[""]
[""]
[""]
[""]
[""]
[""]
[""]
[""]
[""]
[""]
[""]
[""]
[""]
[""]
[""]
[""]
[""]
[""]
[""]
[""]
[""]
[""]
[""]
[""]
[""]
[""]
[""]
[""]
[""]
[""]
[""]
[""]
[""]
[""]
[""]
[""]
[""]
[""]
[""]
[""]
[""]
[""]
[""]
[""]
[""]
[""]
[""]
[""]
[""]
[""]
[""]
[""]
[""]
[""]
[{"$f":"IF(AND(B64771<>\"\",B64772<>\"\"),A64771+1,\"\")","v":""}]
[""]
[""]
[""]
[""]
[""]
[""]
[""]
[""]
[""]
[""]
[""]
[""]
[""]
[""]
[""]
[""]
[""]
[""]
[""]
[""]
[""]
[""]
[""]
[""]
[""]
[""]
[""]
[""]
[""]
[""]
[""]
[""]
[""]
[""]
[""]
[""]
[""]
[""]
[""]
[""]
[""]
[""]
[""]
[""]
[""]
[""]
[""]
[""]
[""]
[""]
[""]
[""]
[""]
[""]
[""]
[""]
[""]
[""]
[""]
[""]
[""]
[""]
[""]
[{"$f":"IF(AND(B64835<>\"\",B64836<>\"\"),A64835+1,\"\")","v":""}]
[""]
[""]
[""]
[""]
[""]
[""]
[""]
[""]
[""]
[""]
[""]
[""]
[""]
[""]
[""]
[""]
[""]
[""]
[""]
[""]
[""]
[""]
[""]
[""]
[""]
[""]
[""]
[""]
[""]
[""]
[""]
[""]
[""]
[""]
[""]
[""]
[""]
[""]
[""]
[""]
[""]
[""]
[""]
[""]
[""]
[""]
[""]
[""]
[""]
[""]
[""]
[""]
[""]
[""]
[""]
[""]
[""]
[""]
[""]
[""]
[""]
[""]
[""]
[{"$f":"IF(AND(B64899<>\"\",B64900<>\"\"),A64899+1,\"\")","v":""}]
[""]
[""]
[""]
[""]
[""]
[""]
[""]
[""]
[""]
[""]
[""]
[""]
[""]
[""]
[""]
[""]
[""]
[""]
[""]
[""]
[""]
[""]
[""]
[""]
[""]
[""]
[""]
[""]
[""]
[""]
[""]
[""]
[""]
[""]
[""]
[""]
[""]
[""]
[""]
[""]
[""]
[""]
[""]
[""]
[""]
[""]
[""]
[""]
[""]
[""]
[""]
[""]
[""]
[""]
[""]
[""]
[""]
[""]
[""]
[""]
[""]
[""]
[""]
[{"$f":"IF(AND(B64963<>\"\",B64964<>\"\"),A64963+1,\"\")","v":""}]
[""]
[""]
[""]
[""]
[""]
[""]
[""]
[""]
[""]
[""]
[""]
[""]
[""]
[""]
[""]
[""]
[""]
[""]
[""]
[""]
[""]
[""]
[""]
[""]
[""]
[""]
[""]
[""]
[""]
[""]
[""]
[""]
[""]
[""]
[""]
[""]
[""]
[""]
[""]
[""]
[""]
[""]
[""]
[""]
[""]
[""]
[""]
[""]
[""]
[""]
[""]
[""]
[""]
[""]
[""]
[""]
[""]
[""]
[""]
[""]
[""]
[""]
[""]
[{"$f":"IF(AND(B65027<>\"\",B65028<>\"\"),A65027+1,\"\")","v":""}]
[""]
[""]
[""]
[""]
[""]
[""]
[""]
[""]
[""]
[""]
[""]
[""]
[""]
[""]
[""]
[""]
[""]
[""]
[""]
[""]
[""]
[""]
[""]
[""]
[""]
[""]
[""]
[""]
[""]
[""]
[""]
[""]
[""]
[""]
[""]
[""]
[""]
[""]
[""]
[""]
[""]
[""]
[""]
[""]
[""]
[""]
[""]
[""]
[""]
[""]
[""]
[""]
[""]
[""]
[""]
[""]
[""]
[""]
[""]
[""]
[""]
[""]
[""]
[{"$f":"IF(AND(B65091<>\"\",B65092<>\"\"),A65091+1,\"\")","v":""}]
[""]
[""]
[""]
[""]
[""]
[""]
[""]
[""]
[""]
[""]
[""]
[""]
[""]
[""]
[""]
[""]
[""]
[""]
[""]
[""]
[""]
[""]
[""]
[""]
[""]
[""]
[""]
[""]
[""]
[""]
[""]
[""]
[""]
[""]
[""]
[""]
[""]
[""]
[""]
[""]
[""]
[""]
[""]
[""]
[""]
[""]
[""]
[""]
[""]
[""]
[""]
[""]
[""]
[""]
[""]
[""]
[""]
[""]
[""]
[""]
[""]
[""]
[""]
[{"$f":"IF(AND(B65155<>\"\",B65156<>\"\"),A65155+1,\"\")","v":""}]
[""]
[""]
[""]
[""]
[""]
[""]
[""]
[""]
[""]
[""]
[""]
[""]
[""]
[""]
[""]
[""]
[""]
[""]
[""]
[""]
[""]
[""]
[""]
[""]
[""]
[""]
[""]
[""]
[""]
[""]
[""]
[""]
[""]
[""]
[""]
[""]
[""]
[""]
[""]
[""]
[""]
[""]
[""]
[""]
[""]
[""]
[""]
[""]
[""]
[""]
[""]
[""]
[""]
[""]
[""]
[""]
[""]
[""]
[""]
[""]
[""]
[""]
[""]
[{"$f":"IF(AND(B65219<>\"\",B65220<>\"\"),A65219+1,\"\")","v":""}]
[""]
[""]
[""]
[""]
[""]
[""]
[""]
[""]
[""]
[""]
[""]
[""]
[""]
[""]
[""]
[""]
[""]
[""]
[""]
[""]
[""]
[""]
[""]
[""]
[""]
[""]
[""]
[""]
[""]
[""]
[""]
[""]
[""]
[""]
[""]
[""]
[""]
[""]
[""]
[""]
[""]
[""]
[""]
[""]
[""]
[""]
[""]
[""]
[""]
[""]
[""]
[""]
[""]
[""]
[""]
[""]
[""]
[""]
[""]
[""]
[""]
[""]
[""]
[{"$f":"IF(AND(B65283<>\"\",B65284<>\"\"),A65283+1,\"\")","v":""}]
[""]
[""]
[""]
[""]
[""]
[""]
[""]
[""]
[""]
[""]
[""]
[""]
[""]
[""]
[""]
[""]
[""]
[""]
[""]
[""]
[""]
[""]
[""]
[""]
[""]
[""]
[""]
[""]
[""]
[""]
[""]
[""]
[""]
[""]
[""]
[""]
[""]
[""]
[""]
[""]
[""]
[""]
[""]
[""]
[""]
[""]
[""]
[""]
[""]
[""]
[""]
[""]
[""]
[""]
[""]
[""]
[""]
[""]
[""]
[""]
[""]
[""]
[""]
[{"$f":"IF(AND(B65347<>\"\",B65348<>\"\"),A65347+1,\"\")","v":""}]
[""]
[""]
[""]
[""]
[""]
[""]
[""]
[""]
[""]
[""]
[""]
[""]
[""]
[""]
[""]
[""]
[""]
[""]
[""]
[""]
[""]
[""]
[""]
[""]
[""]
[""]
[""]
[""]
[""]
[""]
[""]
[""]
[""]
[""]
[""]
[""]
[""]
[""]
[""]
[""]
[""]
[""]
[""]
[""]
[""]
[""]
[""]
[""]
[""]
[""]
[""]
[""]
[""]
[""]
[""]
[""]
[""]
[""]
[""]
[""]
[""]
[""]
[""]
[{"$f":"IF(AND(B65411<>\"\",B65412<>\"\"),A65411+1,\"\")","v":""}]
[""]
[""]
[""]
[""]
[""]
[""]
[""]
[""]
[""]
[""]
[""]
[""]
[""]
[""]
[""]
[""]
[""]
[""]
[""]
[""]
[""]
[""]
[""]
[""]
[""]
[""]
[""]
[""]
[""]
[""]
[""]
[""]
[""]
[""]
[""]
[""]
[""]
[""]
[""]
[""]
[""]
[""]
[""]
[""]
[""]
[""]
[""]
[""]
[""]
[""]
[""]
[""]
[""]
[""]
[""]
[""]
[""]
[""]
[""]
[""]
[""]
[""]
[""]
[{"$f":"IF(AND(B65475<>\"\",B65476<>\"\"),A65475+1,\"\")","v":""}]
[""]
[""]
[""]
[""]
[""]
[""]
[""]
[""]
[""]
[""]
[""]
[""]
[""]
[""]
[""]
[""]
[""]
[""]
[""]
[""]
[""]
[""]
[""]
[""]
[""]
[""]
[""]
[""]
[""]
[""]
[""]
[""]
[""]
[""]
[""]
[""]
[""]
[""]
[""]
[""]
[""]
[""]
[""]
[""]
[""]
[""]
[""]
[""]
[""]
[""]
[""]
[""]
[""]
[""]
[""]
[""]
[""]
[""]
[""]
[""]

{"sheet":"Presupuestación","index":3,"n_rows":33,"n_cols":25,"rows_kept":33,"cut":false,"hidden":false,"merged":[[0,0,1,19],[0,20,1,20],[0,21,1,21],[2,0,3,0],[2,1,3,1],[2,2,3,2],[2,3,3,3],[2,4,3,4],[2,5,2,10],[2,12,2,15],[2,21,3,21],[18,0,18,4],[20,0,20,3],[20,6,20,9],[2,17,3,17],[2,18,3,18],[2,19,3,19],[2,20,3,20],[22,0,22,4],[22,6,22,9],[24,0,24,3],[24,6,24,9],[30,0,30,4],[30,6,30,9],[26,0,26,4],[26,6,26,9],[28,0,28,3],[28,6,28,9]]}
[null,null,null,null,null,null,null,null,null,null,null,null,null,null,null,null,null,null,null,null,"Jornada Laboral",9,null,null,{"$f":"A18","v":0}]
[]
["Nº Item","Código","Tarea","Unidad","Cantidad","Costo",null,null,null,null,null,null,"% Incidencia",null,null,null,null,"Tiempo Unitario (Hs)","Nº Equipos","Tiempo Total (Hs)","Tiempo Total (Días)","% Incidencia"]
[null,null,null,null,null,"Unitario Tarea","Materiales","Mano de Obra","Herramientas y Equipos","Total Tarea","Total Rubro",null,"Materiales","Mano de Obra","Herramientas y Equipos","Total"]
[null,null,{"$f":"IF(B5<>\"\",VLOOKUP(B5,Fórmulas,2,FALSE),\"\")","v":""},{"$f":"IF(B5<>\"\",VLOOKUP(B5,Fórmulas,3,FALSE),\"\")","v":""},null,{"$f":"IF(AND(B5<>\"\",ISNUMBER(E5)),VLOOKUP(B5,Fórmulas,7,FALSE),\"\")","v":""},{"$f":"IF(AND(B5<>\"\",ISNUMBER(E5)),VLOOKUP(B5,Fórmulas,4,FALSE)*E5,\"\")","v":""},{"$f":"IF(AND(B5<>\"\",ISNUMBER(E5)),VLOOKUP(B5,Fórmulas,5,FALSE)*E5,\"\")","v":""},{"$f":"IF(AND(B5<>\"\",ISNUMBER(E5)),VLOOKUP(B5,Fórmulas,6,FALSE)*E5,\"\")","v":""},{"$f":"IF(AND(B5<>\"\",ISNUMBER(E5)),SUM(G5:I5),\"\")","v":""},null,null,{"$f":"IF(G5<>\"\",G5/$G$19,\"\")","v":""},{"$f":"IF(H5<>\"\",H5/$H$19,\"\")","v":""},{"$f":"IF(I5<>\"\",I5/$I$19,\"\")","v":""},{"$f":"IF(J5<>\"\",J5/$J$19,\"\")","v":""},null,{"$f":"IF(B5<>\"\",VLOOKUP(B5,Fórmulas,8,FALSE),\"\")","v":""},1,{"$f":"IF(R5<>\"\",E5*R5/S5,\"\")","v":""},{"$f":"IF(AND(T5<>\"\",$V$1<>\"\"),T5/$V$1,\"\")","v":""},{"$f":"IF(AND(T5<>\"\",R5>0),T5/$T$19,\"\")","v":""}]
[null,null,"","",null,"","","","","",null,null,"","","","",null,"",1,"","",""]
[null,null,"","",null,"","","","","",null,null,"","","","",null,"",1,"","",""]
[null,null,"","",null,"","","","","",null,null,"","","","",null,"",1,"","",""]
[null,null,"","",null,"","","","","",null,null,"","","","",null,"",1,"","",""]
[null,null,"","",null,"","","","","",null,null,"","","","",null,"",1,"","",""]
[null,null,"","",null,"","","","","",null,null,"","","","",null,"",1,"","",""]
[null,null,"","",null,"","","","","",null,null,"","","","",null,"",1,"","",""]
[null,null,"","",null,"","","","","",null,null,"","","","",null,"",1,"","",""]
[null,null,"","",null,"","","","","",null,null,"","","","",null,"",1,"","",""]
[null,null,"","",null,"","","","","",null,null,"","","","",null,"",1,"","",""]
[null,null,null,null,null,"","","","","",null,null,"","","","",null,"",1,"","",""]
[null,null,null,null,null,"","","","","",null,null,"","","","",null,"",1,"","",""]
[]
["Costo - Costo (Totales):",null,null,null,null,null,{"$f":"IF(COUNT(G5:G17)>0,SUM(G5:G17),\"\")","v":""},{"$f":"IF(COUNT(H5:H17)>0,SUM(H5:H17),\"\")","v":""},{"$f":"IF(COUNT(I5:I17)>0,SUM(I5:I17),\"\")","v":""},{"$f":"IF(COUNT(J5:J17)>0,SUM(J5:J17),\"\")","v":""},{"$f":"IF(COUNT(K5:K17)>0,SUM(K5:K17),\"\")","v":""},null,{"$f":"IF(COUNT(M5:M17)>0,SUM(M5:M17),\"\")","v":""},{"$f":"IF(COUNT(N5:N17)>0,SUM(N5:N17),\"\")","v":""},{"$f":"IF(COUNT(O5:O17)>0,SUM(O5:O17),\"\")","v":""},{"$f":"IF(COUNT(P5:P17)>0,SUM(P5:P17),\"\")","v":""},null,null,null,{"$f":"IF(COUNT(T5:T17)>0,SUM(T5:T17),\"\")","v":""},{"$f":"IF(COUNT(U5:U17)>0,SUM(U5:U17),\"\")","v":""},{"$f":"IF(COUNT(V5:V17)>0,SUM(V5:V17),\"\")","v":""}]
[]
["Gastos Generales:",null,null,null,0.15,null,{"$f":"IF(J19<>\"\",E21*J19,\"\")","v":""}]
[]
["Subtotal:",null,null,null,null,null,{"$f":"IF(J19<>\"\",J19+G21,\"\")","v":""}]
[]
["Beneficios:",null,null,null,0.1,null,{"$f":"IF(G23<>\"\",G23*E25,\"\")","v":""}]
[]
["Subtotal:",null,null,null,null,null,{"$f":"IF(G23<>\"\",G23+G25,\"\")","v":""}]
[]
["Impuestos: IVA 21% + Ingresos Brutos 3.4% Tasa Municipal 0.5%:",null,null,null,0.249,null,{"$f":"IF(G27<>\"\",G27*E29,\"\")","v":""}]
[]
["Totales:",null,null,null,null,null,{"$f":"IF(G27<>\"\",ROUNDUP(G27+G29,2),\"\")","v":""}]
[]
[{"$f":"IF(G31<>\"\",letras(G31,\"Son Pesos: \"),\"\")","v":""}]